{"text_format":"2","workbook":"xlsx","n_sheets":10,"sheets":["Resumo do Orçamento","Orçamento","CPU","Cronograma","Encargos","Mob_Desmob","Insumos Betuminosos","BDI - Material","Planilha2","BDI - Padrão"],"not_rendered":{"charts":0,"images":5,"macros":0,"external_links":0,"defined_names":9,"comments":0,"pivot_tables":0},"unopened":[],"bounds":{"document_bytes":16777216,"sheet_cells":100000,"run_cost":"one","rows_first":2000,"rows_last":500,"rows_between":2000,"halvings":0,"cell_chars":16384,"cell_head_chars":4096},"cells_cut":0,"cells_raw":0,"read":"whole","date_system":"1900"}

{"sheet":"Resumo do Orçamento","index":0,"n_rows":17,"n_cols":10,"rows_kept":17,"cut":false,"hidden":false,"merged":[[1,4,1,6],[1,7,1,9],[2,1,2,2],[2,7,2,9],[4,1,4,9],[5,2,5,7],[6,2,6,7],[7,2,7,7],[8,2,8,7],[9,2,9,7],[10,2,10,7],[11,2,11,7],[12,2,12,7],[13,2,13,7],[14,2,14,7],[15,2,15,7],[16,1,16,7],[17,5,17,6],[17,7,17,9],[18,5,18,6],[18,7,18,9],[19,5,19,6],[20,5,20,6],[20,7,20,9]]}
[]
[null,null,"Obra:","Bancos","B.D.I.",null,null,"Encargos Sociais"]
[null,"PROJETO EXECUTIVO PARA A COMPLEMENTAÇÃO DOS ESTUDOS PRELIMINARES E CONSOLIDAÇÃO DO PROJETO RODOVIÁRIO DO RAMAL DO MANGA, NO ESTADO DO AMAPÁ ",null,"SINAPI - 09/2023 - Amapá\nSBC - 11/2023 - Amapá\nSICRO3 - 07/2023 - Amapá\nORSE - 09/2023 - Sergipe\n","Padrão",{"$f":"'BDI - Padrão'!E19","v":0.2093},null,"Desonerado: embutido nos preços unitário dos insumos de mão de obra, de acordo com as bases."]
[null,null,"DATA BASE: NOV/2023",null,"Material",{"$f":"'BDI - Material'!E19","v":0.1415}]
[null,"Planilha Orçamentária Resumida"]
[null,"Item","Descrição",{"$nulls":5},"Total","Peso (%)"]
[null," 1 ","SERVIÇOS PRELIMINARES",{"$nulls":5},{"$f":"Orçamento!I8","v":752968.78763613},{"$f":"I7/$I$17","v":0.0582706637295108}]
[null," 2 ","ADMINISTRAÇÃO LOCAL",{"$nulls":5},{"$f":"Orçamento!I19","v":896462.67603},{"$f":"I8/$I$17","v":0.0693753526025904}]
[null," 3 ","MOBILIZAÇÃO E DESMOBILIZAÇÃO",{"$nulls":5},{"$f":"Orçamento!I21","v":470887.053516},0.0364409542607372]
[null," 4 ","TERRAPLANAGEM",{"$nulls":5},{"$f":"Orçamento!I23","v":2205834.40019796},0.170704864115877]
[null," 5 ","PAVIMENTAÇÃO",{"$nulls":5},{"$f":"Orçamento!I29","v":6500844.82118376},0.503086646821261]
[null," 6 ","RECAPEAMENTO - BR-156",{"$nulls":5},{"$f":"Orçamento!I51","v":396682.705671278},0.0306984365474838]
[null," 7 ","DRENAGEM SUPERFICIAL",{"$nulls":5},{"$f":"Orçamento!I60","v":492247.17735969},0.038093969118928]
[null," 8 ","PASSEIO PÚBLICO",{"$nulls":5},{"$f":"Orçamento!I71","v":160029.97184016},0.0123843814363356]
[null," 9 ","SINALIZAÇÃO",{"$nulls":5},{"$f":"Orçamento!I76","v":126045.26124201},0.00975437648031811]
[null," 10 ","DRENAGEM PROFUNDA",{"$nulls":5},{"$f":"Orçamento!I81","v":919915.98824832},0.0711903548869578]
[null,"Total Geral:",{"$nulls":6},{"$f":"SUM(I7:I16)","v":12921918.8429253}]

{"sheet":"Orçamento","index":1,"n_rows":95,"n_cols":11,"rows_kept":95,"cut":false,"hidden":false,"merged":[[1,4,1,5],[1,6,1,7],[1,8,1,9],[2,0,2,3],[2,4,2,5],[2,8,2,9],[4,0,4,1],[5,0,5,9],[94,0,94,2],[94,5,94,6],[94,7,94,9]]}
[]
[null,null,null,"Obra","Bancos",null,"B.D.I.",null,"Encargos Sociais"]
[{"$f":"'Resumo do Orçamento'!B3","v":"PROJETO EXECUTIVO PARA A COMPLEMENTAÇÃO DOS ESTUDOS PRELIMINARES E CONSOLIDAÇÃO DO PROJETO RODOVIÁRIO DO RAMAL DO MANGA, NO ESTADO DO AMAPÁ "},null,null,null,{"$f":"'Resumo do Orçamento'!D3","v":"SINAPI - 09/2023 - Amapá\nSBC - 11/2023 - Amapá\nSICRO3 - 07/2023 - Amapá\nORSE - 09/2023 - Sergipe\n"},null,"Padrão:\n\n",{"$f":"'BDI - Padrão'!E19","v":0.2093},"Desonerado: embutido nos preços unitário dos insumos de mão de obra, de acordo com as bases."]
[{"$nulls":6},"Material:",{"$f":"'BDI - Material'!E19","v":0.1415}]
[{"$f":"'Resumo do Orçamento'!C4","v":"DATA BASE: NOV/2023"}]
["Orçamento Sintético"]
["Item","Código","Banco","Descrição","Und","Quant.","Valor Unit","Valor Unit com BDI","Total","Peso (%)"]
[" 1 ",null,null,"SERVIÇOS PRELIMINARES",{"$nulls":4},{"$f":"SUM(I9:I18)","v":752968.78763613},{"$f":"SUM(J9:J18)","v":0.0582706637295108}]
[" 1.1 "," 74209/001 ","Próprio","PLACA DE OBRA EM CHAPA DE ACO GALVANIZADO","m²",12,350.73,{"$f":"G9*$H$3+G9","v":424.137789},{"$f":"H9*F9","v":5089.653468},{"$f":"I9/$H$95","v":0.000393877529325806}]
[" 1.2 "," 042675 ","SBC","ALUGUEL MENSAL DE BANHEIRO QUIMICO PADRAO STANDARD COM 3 LIMPEZAS SEMANAIS","UN",20,750,{"$f":"G10*$H$3+G10","v":906.975},{"$f":"H10*F10","v":18139.5},{"$f":"I10/$H$95","v":0.00140377758291922}]
[" 1.3 "," 121 ","Próprio","CANTEIRO DE OBRA","UND.",1,76350.62,{"$f":"G11*$H$3+G11","v":92330.804766},{"$f":"H11*F11","v":92330.804766},{"$f":"I11/$H$95","v":0.00714528591986558}]
[" 1.4 "," 0903810 ","SICRO3","Instalação da usina de asfalto a quente capacidade de 120 t/h","un",1,202055.35,{"$f":"G12*$H$3+G12","v":244345.534755},{"$f":"H12*F12","v":244345.534755},{"$f":"I12/$H$95","v":0.0189093847225931}]
[" 1.5 "," 0903808 ","SICRO3","Instalação da usina misturadora de solos com capacidade de 300 t/h","un",1,116444.94,140816.865942,140816.865942,0.0108975197610916]
[" 1.6 "," 5502985 ","SICRO3","Limpeza mecanizada da camada vegetal","m²",65062.76,0.49,0.592557,38553.39387732,0.00298356570304787]
[" 1.7 "," 5914655 ","SICRO3","Carga, manobra e descarga de materiais diversos em caminhão carroceria de 15 t - carga e descarga manuais","t",3220.61,31.9,38.57667,124240.4091687,0.00961470279135216]
[" 1.8 "," 5914479 ","SICRO3","Transporte com caminhão carroceria de 15 t - rodovia pavimentada","tkm",50241.52,0.71,0.858603,43137.51979656,0.00333832152336861]
[" 1.9 "," 5914464 ","SICRO3","Transporte com caminhão carroceria de 15 t - rodovia em revestimento primário","tkm",10628.01,0.91,1.100463,11695.73176863,0.000905107972801838]
[" 1.10 "," 78472 ","Próprio","SINAPI - 78472 - SERVICOS TOPOGRAFICOS PARA PAVIMENTACAO, INCLUSIVE NOTA DE SERVICOS, ACOMPANHAMENTO E GREIDE","m²",65062.76,0.44,0.532092,34619.37409392,0.00267912022314503]
[" 2 ",null,null,"ADMINISTRAÇÃO LOCAL",{"$nulls":4},{"$f":"I20","v":896462.67603},{"$f":"J20","v":0.0693753526025904}]
[" 2.1 "," 00000005 ","Próprio","ADMINISTRAÇÃO DE OBRA","MÊS",10,74130.71,{"$f":"G20*$H$3+G20","v":89646.267603},{"$f":"H20*F20","v":896462.67603},{"$f":"I20/$H$95","v":0.0693753526025904}]
[" 3 ",null,null,"MOBILIZAÇÃO E DESMOBIOLIZAÇÃO",{"$nulls":4},{"$f":"I22","v":470887.053516},{"$f":"J22","v":0.0364409542607372}]
[" 3.1 "," 101 ","Próprio","MOBILIZAÇÃO E DESMOBILIZAÇÃO DE PESSOAL, VEÍCULOS E EQUIPAMENTOS","Unid",2,194694.06,{"$f":"G22*$H$3+G22","v":235443.526758},{"$f":"H22*F22","v":470887.053516},{"$f":"I22/$H$95","v":0.0364409542607372}]
[" 4 ",null,null,"TERRAPLANAGEM",{"$nulls":4},{"$f":"SUM(I24:I28)","v":2205834.40019796},{"$f":"SUM(J24:J28)","v":0.170704864115877}]
[" 4.1 "," 5501886 ","SICRO3","Escavação, carga e transporte de material de 1ª categoria - DMT de 2.500 a 3.000 m - caminho de serviço em leito natural -com carregadeira e caminhão basculante de 14 m³","m³",89518.94,15.15,{"$f":"G24*$H$3+G24","v":18.320895},{"$f":"H24*F24","v":1640067.1002513},{"$f":"I24/$H$95","v":0.126921328030877}]
[" 4.2 "," 4016096 ","SICRO3","Escavação e carga de material de jazida com escavadeira hidráulica de 1,56 m³","m³",1054.03,1.53,{"$f":"G25*$H$3+G25","v":1.850229},{"$f":"H25*F25","v":1950.19687287},{"$f":"I25/$H$95","v":0.000150921615943883}]
[" 4.3 "," 5915321 ","SICRO3","Transporte com caminhão basculante de 14 m³ - rodovia pavimentada","tkm",21375.73,0.56,0.677208,14475.81536184,0.00112025276878793]
[" 4.4 "," 5915320 ","SICRO3","Transporte com caminhão basculante de 14 m³ - rodovia em revestimento primário","tkm",4521.79,0.71,0.858603,3882.42245937,0.000300452472002299]
[" 4.5 "," 5502978 ","SICRO3","Compactação de aterros a 100% do Proctor normal","m³",90572.97,4.98,6.022314,545458.86525258,0.0422119092282658]
[" 5 ",null,null,"PAVIMENTAÇÃO",{"$nulls":4},{"$f":"I30+I34+I38","v":6500844.82118376},{"$f":"J30+J34+J38","v":0.503086646821261}]
[" 5.1 ",null,null,"SUBBASE",{"$nulls":4},{"$f":"SUM(I31:I33)","v":467580.13511268},{"$f":"SUM(J31:J33)","v":0.0361850388318046}]
[" 5.1.1 "," 4011228 ","SICRO3","Sub-base estabilizada granulometricamente com mistura de solos na pista com material de jazida","m³",8737.41,12.8,{"$f":"G31*$H$3+G31","v":15.47904},{"$f":"H31*F31","v":135246.7188864},{"$f":"I31/$H$95","v":0.0104664578481273}]
[" 5.1.2 "," 5914389 ","SICRO3","Transporte com caminhão basculante de 10 m³ - rodovia pavimentada","tkm",281195.68,0.77,0.931161,{"$f":"H32*F32","v":261838.45058448},0.0202631245225499]
[" 5.1.3 "," 5914374 ","SICRO3","Transporte com caminhão basculante de 10 m³ - rodovia em revestimento primário","tkm",59483.7,0.98,1.185114,70494.9656418,0.00545545646112734]
[" 5.2 ",null,null,"BASE",{"$nulls":4},{"$f":"SUM(I35:I37)","v":650466.35692401},{"$f":"SUM(J35:J37)","v":0.0503382171665733}]
[" 5.2.1 "," 4011226 ","SICRO3","Base estabilizada granulometricamente com mistura solo areia (70% - 30%) em usina com material de jazida e areia extraída","m³",8636.22,30.83,37.282719,{"$f":"H35*F35","v":321981.76348218},0.02491748844704]
[" 5.2.2 "," 5914389 ","SICRO3","Transporte com caminhão basculante de 10 m³ - rodovia pavimentada","tkm",277939.09,0.77,0.931161,{"$f":"H36*F36","v":258806.04098349},0.0200284527498937]
[" 5.2.3 "," 5914374 ","SICRO3","Transporte com caminhão basculante de 10 m³ - rodovia em revestimento primário","tkm",58794.81,0.98,1.185114,69678.55245834,0.00539227596963965]
[" 5.3 ",null,null,"CBUQ",{"$nulls":4},{"$f":"SUM(I39:I50)","v":5382798.32914707},{"$f":"SUM(J39:J50)","v":0.416563390822883}]
[" 5.3.1 "," 4011351 ","Próprio","SICRO (4011351) - Imprimação com asfalto diluído","m²",57555.8,0.37,0.447441,{"$f":"H39*F39","v":25752.8247078},0.00199295669790556]
[" 5.3.2 "," Cot CM-30 ","Próprio","Asfalto diluído CM 30","KG",69066.96,{"$f":"'Insumos Betuminosos'!M54","v":6.10893599904928},{"$f":"G40*$H$4+G40","v":6.97335044291475},481628.116106776,0.0372721824027292]
[" 5.3.3 "," 5914622 ","SICRO3","Transporte de material betuminoso com caminhão tanque distribuidor - rodovia pavimentada","tkm",835.71,1.75,2.116275,{"$f":"H41*F41","v":1768.59218025},0.000136867612445832]
[" 5.3.4 "," 5914621 ","SICRO3","Transporte de material betuminoso com caminhão tanque distribuidor - rodovia em revestimento primário","tkm",227.92,2.23,2.696739,{"$f":"H42*F42","v":614.64075288},4.75657493559103e-5]
[" 5.3.5 "," 4011353 ","Próprio","SICRO (4011353) - Pintura de ligação","m²",57555.8,0.28,0.338604,19488.6241032,0.00150818344706366]
[" 5.3.6 "," Cot RR-1C ","Próprio","EMULSAO ASFALTICA CATIONICA RR-1C PARA USO EM PAVIMENTACAO ASFALTICA","KG",25900.11,{"$f":"'Insumos Betuminosos'!M55","v":5.059938728999},{"$f":"G44*$H$4+G44","v":5.77592005915236},149596.964883253,0.0115769930690407]
[" 5.3.7 "," 5914622 ","SICRO3","Transporte de material betuminoso com caminhão tanque distribuidor - rodovia pavimentada","tkm",313.39,1.75,2.116275,{"$f":"H45*F45","v":663.21942225},5.1325149949623e-5]
[" 5.3.8 "," 5914621 ","SICRO3","Transporte de material betuminoso com caminhão tanque distribuidor - rodovia em revestimento primário","tkm",85.47,2.23,2.696739,{"$f":"H46*F46","v":230.49028233},1.78371560084664e-5]
[" 5.3.9 "," 4011463 ","Próprio","SICRO (4011463) - Concreto asfáltico - faixa C - areia e brita comerciais","t",6763.4,231.96,280.509228,1897196.1126552,0.14681999908194]
[" 5.3.10 "," Cot CAP ","Próprio","CIMENTO ASFALTICO DE PETROLEO A GRANEL (CAP) 50/70","T",427.6,{"$f":"'Insumos Betuminosos'!L56","v":5735.17243027447},{"$f":"G48*$H$4+G48","v":6546.69932915831},2799368.63314809,0.216637224484716]
[" 5.3.11 "," 5914389 ","SICRO3","Transporte com caminhão basculante de 10 m³ - rodovia pavimentada","tkm",5173.98,0.77,0.931161,{"$f":"H49*F49","v":4817.80839078},0.000372840013108249]
[" 5.3.12 "," 5914374 ","SICRO3","Transporte com caminhão basculante de 10 m³ - rodovia em revestimento primário","tkm",1411.09,0.98,1.185114,{"$f":"H50*F50","v":1672.30251426},0.000129415958619457]
[" 6 ",null,null,"RECAPEAMENTO - BR-156",{"$nulls":4},{"$f":"SUM(I52:I59)","v":396682.705671278},{"$f":"SUM(J52:J59)","v":0.0306984365474838}]
[" 6.1 "," 4011353 ","Próprio","SICRO (4011353) - Pintura de ligação","m²",4527.33,0.28,0.338604,{"$f":"H52*F52","v":1532.97204732},0.000118633468136916]
[" 6.2 ",{"$f":"B44","v":" Cot RR-1C "},"Próprio",{"$f":"D44","v":"EMULSAO ASFALTICA CATIONICA RR-1C PARA USO EM PAVIMENTACAO ASFALTICA"},"KG",2037.3,{"$f":"G44","v":5.059938728999},{"$f":"G53*$H$4+G53","v":5.77592005915236},11767.2819365111,0.000910645089135012]
[" 6.3 "," 5914622 ","SICRO3","Transporte de material betuminoso com caminhão tanque distribuidor - rodovia pavimentada","tkm",24.65,1.75,2.116275,{"$f":"H54*F54","v":52.16617875},4.03703036554519e-6]
[" 6.4 "," 5914621 ","SICRO3","Transporte de material betuminoso com caminhão tanque distribuidor - rodovia em revestimento primário","tkm",6.72,2.23,2.696739,{"$f":"H55*F55","v":18.12208608},1.40242995643962e-6]
[" 6.5 "," 4011463 ","Próprio","SICRO (4011463) - Concreto asfáltico - faixa C - areia e brita comerciais","t",551.25,231.96,280.509228,154630.711935,0.0119665441189224]
[" 6.6 "," Cot CAP ","Próprio","CIMENTO ASFALTICO DE PETROLEO A GRANEL (CAP) 50/70","T",34.85,{"$f":"G48","v":5735.17243027447},{"$f":"G57*$H$4+G57","v":6546.69932915831},228152.471621167,0.0176562377766425]
[" 6.7 "," 5914389 ","SICRO3","Transporte com caminhão basculante de 10 m³ - rodovia pavimentada","tkm",421.71,0.77,0.931161,{"$f":"H58*F58","v":392.67990531},3.0388668283967e-5]
[" 6.8 "," 5914374 ","SICRO3","Transporte com caminhão basculante de 10 m³ - rodovia em revestimento primário","tkm",115.01,0.98,1.185114,{"$f":"H59*F59","v":136.29996114},1.05479660410206e-5]
[" 7 ",null,null,"DRENAGEM SUPERFICIAL",{"$nulls":4},{"$f":"SUM(I61:I70)","v":492247.17735969},{"$f":"SUM(J61:J70)","v":0.038093969118928}]
[" 7.1 "," 2003373 ","SICRO3","Meio-fio de concreto - MFC 03 - areia e brita comerciais - fôrma de madeira","m",1724.29,66.6,80.53938,{"$f":"H61*F61","v":138873.2475402},0.0107471072391259]
[" 7.2 "," 2003377 ","SICRO3","Meio-fio de concreto - MFC 05 - areia e brita comerciais - fôrma de madeira","m",3914.79,57.38,69.389634,{"$f":"H62*F62","v":271645.84528686},0.0210220980791552]
[" 7.3 "," 4016096 ","SICRO3","Escavação e carga de material de jazida com escavadeira hidráulica de 1,56 m³","m³",587.22,1.53,1.850229,1086.49147338,8.4081279768666e-5]
[" 7.4 "," 5901640 ","SICRO3","Transporte com caminhão basculante com caçamba estanque com capacidade de 14 m³ - rodovia pavimentada","tkm",11908.79,0.56,0.677208,{"$f":"H64*F64","v":8064.72785832},0.000624112251156522]
[" 7.5 "," 5901638 ","SICRO3","Transporte com caminhão basculante com caçamba estanque com capacidade de 14 m³ - rodovia em revestimento primário","tkm",2519.17,0.71,0.858603,2162.96691951,0.00016738744034863]
[" 7.6 "," 4805754 ","SICRO3","Compactação manual com soquete vibratório","m³",587.22,6.19,7.485567,4395.67465374,0.000340171975011793]
[" 7.7 "," 2003385 ","SICRO3","Entrada para descida d’água - EDA 01 - areia e brita comerciais","un",32,69.48,84.022164,2688.709248,0.000208073528450618]
[" 7.8 "," 2003387 ","SICRO3","Entrada para descida d’água - EDA 02 - areia e brita comerciais","un",12,86.55,104.664915,1255.97898,9.71975598413267e-5]
[" 7.9 "," 2003449 ","SICRO3","Dissipador de energia - DEB 01 - areia, brita e pedra de mão comerciais","un",44,495.06,598.676058,26341.746552,0.0020385321152533]
[" 7.10 "," 2003391 ","SICRO3","Descida d’água de aterros tipo rápido - DAR 02 - areia e brita comerciais","m",177.74,166.24,201.034032,35731.78884768,0.00276520765081596]
[" 8 ",null,null,"PASSEIO PÚBLICO",{"$nulls":4},{"$f":"SUM(I72:I75)","v":160029.97184016},{"$f":"SUM(J72:J75)","v":0.0123843814363356}]
[" 8.1 "," 4815671 ","SICRO3","Reaterro e compactação com soquete vibratório","m³",186.05,14.68,17.752524,{"$f":"H72*F72","v":3302.8570902},0.000255601132490342]
[" 8.2 "," 3108018 ","SICRO3","Guia de madeira de 2,5 x 7,0 cm - confecção e instalação","m",1819.42,4.02,4.861386,{"$f":"H73*F73","v":8844.90291612},0.000684488350657189]
[" 8.3 "," 1107892 ","SICRO3","Concreto fck = 20 MPa - confecção em betoneira e lançamento manual - areia e brita comerciais","m³",124.03,569.02,688.115886,85347.01334058,0.00660482505563073]
[" 8.4 "," 9418 ","Próprio","ORSE-9418 PISO TÁTIL DIRECIONAL E/OU ALERTA, DE CONCRETO, NA COR NATURAL, P/DEFICIENTES VISUAIS, DIMENSÕES 25X25CM, APLICADO COM ARGAMASSA INDUSTRIALIZADA AC-II, REJUNTADO, EXCLUSIVE REGULARIZAÇÃO DE BASE","m²",429.18,120.49,145.708557,62535.19849326,0.00483946689755738]
[" 9 ",null,null,"SINALIZAÇÃO",{"$nulls":4},{"$f":"SUM(I77:I80)","v":126045.26124201},{"$f":"SUM(J77:J80)","v":0.0097543764803181}]
[" 9.1 "," 5213417 ","SICRO3","Placa em aço nº 16 galvanizado com película retrorrefletiva tipo I + III - confecção","m²",24.51,456.68,552.263124,{"$f":"H77*F77","v":13535.96916924},0.00104752005749138]
[" 9.2 "," 5213351 ","SICRO3","Suporte polimérico ecológico maciço colapsível D = 6,5 cm para placa de sinalização - fornecimento e implantação","un",43,757.06,915.512658,{"$f":"H78*F78","v":39367.044294},0.00304653238985116]
[" 9.3 "," 5213403 ","SICRO3","Pintura de faixa com tinta acrílica emulsionada em água - espessura de 0,5 mm","m²",2613.89,21.13,25.552509,66791.44775001,0.00516884903565061]
[" 9.4 "," 5213407 ","SICRO3","Pintura de setas e zebrados com tinta acrílica emulsionada em água - espessura de 0,5 mm","m²",156.02,33.66,40.705038,6350.80002876,0.000491474997324955]
[" 10 ",null,null,"DRENAGEM PROFUNDA",{"$nulls":4},{"$f":"SUM(I82:I93)","v":919915.98824832},{"$f":"SUM(J82:J93)","v":0.0711903548869578}]
[" 10.1 "," 99063 ","SINAPI","LOCAÇÃO DE REDE DE ÁGUA OU ESGOTO. AF_10/2018","M",774,3.8,4.59534,{"$f":"H82*F82","v":3556.79316},0.0002752527084588]
[" 10.2 "," 4805757 ","SICRO3","Escavação mecânica de vala em material de 1ª categoria","m³",128.2,6.95,8.404635,{"$f":"H83*F83","v":1077.474207},8.33834525736796e-5]
[" 10.3 "," 1106057 ","SICRO3","Concreto magro - confecção em betoneira e lançamento manual - areia e brita comerciais","m³",259.17,554.16,670.145688,173681.65795896,0.0134408565840862]
[" 10.4 "," 4011465 ","Próprio","Tubo de concreto PA1 comercial para drenagem - D = 0,40 m - fornecimento e instalação","m",31,332.6,402.21318,12468.60858,0.000964919276429793]
[" 10.5 "," 2003822 ","SICRO3","Tubo de concreto PA1 comercial para drenagem - D = 0,60 m - fornecimento e instalação","m",11,257.91,311.890563,3430.796193,0.000265502069367844]
[" 10.6 "," 2003830 ","SICRO3","Tubo de concreto PA1 comercial para drenagem - D = 1,00 m - fornecimento e instalação","m",732,593.4,717.59862,525282.18984,0.0406504789439681]
[" 10.7 "," 2003618 ","SICRO3","Boca de lobo simples - BLS 01 - areia e brita comerciais","un",2,965.39,1167.446127,2334.892254,0.000180692378769918]
[" 10.8 "," 2003620 ","SICRO3","Boca de lobo simples - BLS 02 - areia e brita comerciais","un",4,1190.03,1439.103279,5756.413116,0.000445476649867029]
[" 10.9 "," 0804377 ","SICRO3","Boca de BSTC D = 0,60 m - esconsidade 0° - areia e brita comerciais - alas esconsas","un",4,1169.24,1413.961932,5655.847728,0.000437694106947325]
[" 10.10 "," 0804417 ","SICRO3","Boca de BDTC D = 1,00 m - esconsidade 0° - areia e brita comerciais - alas esconsas","un",30,4357.41,5269.415913,158082.47739,0.0122336689551761]
[" 10.11 "," 0804441 ","SICRO3","Boca de BTTC D = 1,00 m - esconsidade 0° - areia e brita comerciais - alas esconsas","un",4,5605.08,6778.223244,27112.892976,0.00209820950785836]
[" 10.12 "," 4815671 ","SICRO3","Reaterro e compactação com soquete vibratório","m³",83.14,14.68,17.752524,1475.94484536,0.000114220253454701,{"$f":"J81+J76+J71+J60+J51+J29+J23+J21+J19+J8","v":1}]
[]
[{"$nulls":5},"Total Geral:",null,{"$f":"I81+I76+I71+I60+I51+I29+I23+I21+I19+I8","v":12921918.8429253}]

{"sheet":"CPU","index":2,"n_rows":5297,"n_cols":10,"rows_kept":5297,"cut":false,"hidden":false,"merged":[[0,2,0,3],[0,4,0,5],[0,6,0,7],[0,8,0,9],[1,2,1,3],[1,4,1,5],[1,6,1,7],[1,8,1,9],[2,0,2,9],[3,0,3,9],[4,4,4,5],[5,4,5,5],[6,4,6,5],[7,4,7,5],[8,4,8,5],[9,4,9,5],[10,4,10,5],[11,4,11,5],[12,4,12,5],[14,7,14,8],[16,4,16,5],[17,4,17,5],[18,0,18,4],[18,5,18,8],[19,0,19,4],[19,5,19,8],[20,0,20,4],[20,5,20,8],[21,0,21,4],[21,5,21,8],[22,0,22,4],[22,5,22,8],[23,6,23,8],[24,6,24,8],[25,0,25,4],[25,5,25,8],[26,6,26,8],[27,6,27,8],[28,6,28,8],[29,6,29,8],[30,6,30,8],[31,6,31,8],[32,6,32,8],[33,6,33,8],[34,6,34,8],[35,6,35,8],[36,6,36,8],[37,6,37,8],[38,6,38,8],[39,6,39,8],[40,0,40,4],[40,5,40,8],[42,7,42,8],[44,4,44,5],[45,4,45,5],[46,0,46,4],[46,5,46,8],[47,0,47,4],[47,5,47,8],[48,0,48,4],[48,5,48,8],[49,0,49,4],[49,5,49,8],[50,0,50,4],[50,5,50,8],[51,6,51,8],[52,6,52,8],[53,6,53,8],[54,6,54,8],[55,6,55,8],[56,6,56,8],[57,6,57,8],[58,6,58,8],[59,0,59,4],[59,5,59,8],[61,7,61,8],[63,4,63,5],[64,4,64,5],[65,0,65,4],[65,5,65,8],[66,0,66,4],[66,5,66,8],[67,0,67,4],[67,5,67,8],[68,0,68,4],[68,5,68,8],[69,0,69,4],[69,5,69,8],[70,6,70,8],[71,6,71,8],[72,6,72,8],[73,6,73,8],[74,6,74,8],[75,6,75,8],[76,6,76,8],[77,6,77,8],[78,0,78,4],[78,5,78,8],[80,7,80,8],[82,4,82,5],[83,4,83,5],[84,5,84,6],[84,7,84,8],[87,0,87,4],[87,5,87,8],[88,5,88,8],[90,0,90,4],[90,5,90,8],[91,0,91,4],[91,5,91,8],[92,0,92,4],[92,5,92,8],[93,0,93,4],[93,5,93,8],[94,0,94,4],[94,5,94,8],[95,0,95,4],[95,5,95,8],[96,0,96,4],[96,5,96,8],[98,7,98,8],[100,4,100,5],[101,4,101,5],[102,5,102,6],[102,7,102,8],[105,0,105,4],[105,5,105,8],[106,5,106,8],[108,0,108,4],[108,5,108,8],[109,0,109,4],[109,5,109,8],[110,0,110,4],[110,5,110,8],[111,0,111,4],[111,5,111,8],[112,0,112,4],[112,5,112,8],[113,0,113,4],[113,5,113,8],[114,0,114,4],[114,5,114,8],[116,7,116,8],[118,4,118,5],[119,4,119,5],[120,5,120,6],[120,7,120,8],[123,0,123,4],[123,5,123,8],[124,0,124,4],[124,5,124,8],[125,0,125,4],[125,5,125,8],[126,0,126,4],[126,5,126,8],[127,0,127,4],[127,5,127,8],[128,0,128,4],[128,5,128,8],[130,7,130,8],[132,4,132,5],[133,4,133,5],[134,5,134,6],[134,7,134,8],[137,0,137,4],[137,5,137,8],[138,0,138,4],[138,5,138,8],[139,0,139,4],[139,5,139,8],[140,0,140,4],[140,5,140,8],[141,0,141,4],[141,5,141,8],[142,0,142,4],[142,5,142,8],[144,7,144,8],[146,4,146,5],[147,4,147,5],[148,4,148,5],[149,4,149,5],[150,4,150,5],[151,4,151,5],[152,4,152,5],[153,4,153,5],[154,4,154,5],[155,4,155,5],[157,7,157,8],[159,4,159,5],[160,4,160,5],[161,4,161,5],[162,4,162,5],[163,4,163,5],[164,4,164,5],[165,4,165,5],[166,4,166,5],[167,4,167,5],[168,4,168,5],[169,4,169,5],[171,7,171,8],[173,4,173,5],[174,4,174,5],[175,4,175,5],[177,7,177,8],[179,4,179,5],[180,4,180,5],[181,5,181,6],[181,7,181,8],[186,0,186,4],[186,5,186,8],[187,5,187,8],[189,0,189,4],[189,5,189,8],[190,0,190,4],[190,5,190,8],[191,0,191,4],[191,5,191,8],[192,0,192,4],[192,5,192,8],[193,0,193,4],[193,5,193,8],[194,0,194,4],[194,5,194,8],[195,0,195,4],[195,5,195,8],[197,7,197,8],[199,4,199,5],[200,4,200,5],[201,5,201,6],[201,7,201,8],[204,0,204,4],[204,5,204,8],[205,5,205,8],[207,0,207,4],[207,5,207,8],[208,0,208,4],[208,5,208,8],[209,0,209,4],[209,5,209,8],[210,0,210,4],[210,5,210,8],[211,0,211,4],[211,5,211,8],[212,0,212,4],[212,5,212,8],[213,0,213,4],[213,5,213,8],[215,7,215,8],[217,4,217,5],[218,4,218,5],[219,5,219,6],[219,7,219,8],[222,0,222,4],[222,5,222,8],[223,0,223,4],[223,5,223,8],[224,0,224,4],[224,5,224,8],[225,0,225,4],[225,5,225,8],[226,0,226,4],[226,5,226,8],[227,0,227,4],[227,5,227,8],[229,7,229,8],[231,4,231,5],[232,4,232,5],[233,5,233,6],[233,7,233,8],[236,0,236,4],[236,5,236,8],[237,0,237,4],[237,5,237,8],[238,0,238,4],[238,5,238,8],[239,0,239,4],[239,5,239,8],[240,0,240,4],[240,5,240,8],[241,0,241,4],[241,5,241,8],[243,7,243,8],[245,4,245,5],[246,4,246,5],[247,5,247,6],[247,7,247,8],[254,0,254,4],[254,5,254,8],[255,5,255,8],[257,0,257,4],[257,5,257,8],[258,0,258,4],[258,5,258,8],[259,0,259,4],[259,5,259,8],[260,0,260,4],[260,5,260,8],[261,0,261,4],[261,5,261,8],[262,0,262,4],[262,5,262,8],[263,0,263,4],[263,5,263,8],[265,7,265,8],[267,4,267,5],[268,4,268,5],[269,5,269,6],[269,7,269,8],[277,0,277,4],[277,5,277,8],[278,5,278,8],[280,0,280,4],[280,5,280,8],[281,0,281,4],[281,5,281,8],[282,0,282,4],[282,5,282,8],[283,0,283,4],[283,5,283,8],[284,0,284,4],[284,5,284,8],[285,0,285,4],[285,5,285,8],[286,0,286,4],[286,5,286,8],[287,6,287,8],[288,6,288,8],[289,0,289,4],[289,5,289,8],[290,7,290,8],[291,7,291,8],[292,0,292,4],[292,5,292,8],[293,6,293,8],[296,0,296,4],[296,5,296,8],[298,7,298,8],[300,4,300,5],[301,4,301,5],[302,5,302,6],[302,7,302,8],[305,0,305,4],[305,5,305,8],[306,0,306,4],[306,5,306,8],[307,0,307,4],[307,5,307,8],[308,0,308,4],[308,5,308,8],[309,0,309,4],[309,5,309,8],[310,0,310,4],[310,5,310,8],[312,7,312,8],[314,4,314,5],[315,4,315,5],[316,5,316,6],[316,7,316,8],[319,0,319,4],[319,5,319,8],[320,0,320,4],[320,5,320,8],[321,0,321,4],[321,5,321,8],[322,0,322,4],[322,5,322,8],[323,0,323,4],[323,5,323,8],[324,0,324,4],[324,5,324,8],[326,7,326,8],[328,4,328,5],[329,4,329,5],[330,5,330,6],[330,7,330,8],[336,0,336,4],[336,5,336,8],[337,5,337,8],[339,0,339,4],[339,5,339,8],[340,0,340,4],[340,5,340,8],[341,0,341,4],[341,5,341,8],[342,0,342,4],[342,5,342,8],[343,0,343,4],[343,5,343,8],[344,0,344,4],[344,5,344,8],[345,0,345,4],[345,5,345,8],[346,6,346,8],[347,6,347,8],[348,0,348,4],[348,5,348,8],[349,7,349,8],[350,7,350,8],[351,0,351,4],[351,5,351,8],[352,6,352,8],[355,0,355,4],[355,5,355,8],[357,7,357,8],[359,4,359,5],[360,4,360,5],[361,5,361,6],[361,7,361,8],[365,0,365,4],[365,5,365,8],[366,5,366,8],[368,0,368,4],[368,5,368,8],[369,0,369,4],[369,5,369,8],[370,0,370,4],[370,5,370,8],[371,0,371,4],[371,5,371,8],[372,0,372,4],[372,5,372,8],[373,0,373,4],[373,5,373,8],[374,6,374,8],[375,6,375,8],[376,0,376,4],[376,5,376,8],[377,6,377,8],[378,6,378,8],[379,6,379,8],[380,0,380,4],[380,5,380,8],[382,7,382,8],[384,4,384,5],[385,4,385,5],[386,5,386,6],[386,7,386,8],[389,0,389,4],[389,5,389,8],[390,0,390,4],[390,5,390,8],[391,0,391,4],[391,5,391,8],[392,0,392,4],[392,5,392,8],[393,0,393,4],[393,5,393,8],[394,0,394,4],[394,5,394,8],[396,7,396,8],[398,4,398,5],[399,4,399,5],[400,5,400,6],[400,7,400,8],[403,0,403,4],[403,5,403,8],[404,0,404,4],[404,5,404,8],[405,0,405,4],[405,5,405,8],[406,0,406,4],[406,5,406,8],[407,0,407,4],[407,5,407,8],[408,0,408,4],[408,5,408,8],[410,7,410,8],[412,4,412,5],[413,4,413,5],[414,5,414,6],[414,7,414,8],[418,0,418,4],[418,5,418,8],[419,5,419,8],[421,0,421,4],[421,5,421,8],[422,0,422,4],[422,5,422,8],[423,0,423,4],[423,5,423,8],[424,0,424,4],[424,5,424,8],[425,0,425,4],[425,5,425,8],[426,0,426,4],[426,5,426,8],[427,6,427,8],[428,6,428,8],[429,0,429,4],[429,5,429,8],[430,6,430,8],[431,6,431,8],[432,6,432,8],[433,0,433,4],[433,5,433,8],[435,7,435,8],[437,4,437,5],[438,4,438,5],[439,5,439,6],[439,7,439,8],[444,0,444,4],[444,5,444,8],[445,5,445,8],[447,0,447,4],[447,5,447,8],[448,0,448,4],[448,5,448,8],[449,0,449,4],[449,5,449,8],[450,0,450,4],[450,5,450,8],[451,0,451,4],[451,5,451,8],[452,0,452,4],[452,5,452,8],[453,6,453,8],[454,6,454,8],[455,6,455,8],[456,6,456,8],[457,0,457,4],[457,5,457,8],[458,7,458,8],[459,7,459,8],[460,0,460,4],[460,5,460,8],[462,7,462,8],[464,4,464,5],[465,4,465,5],[466,0,466,4],[466,5,466,8],[467,0,467,4],[467,5,467,8],[468,0,468,4],[468,5,468,8],[469,0,469,4],[469,5,469,8],[470,0,470,4],[470,5,470,8],[471,6,471,8],[472,6,472,8],[473,6,473,8],[474,6,474,8],[475,6,475,8],[476,0,476,4],[476,5,476,8],[478,7,478,8],[480,4,480,5],[481,4,481,5],[482,0,482,4],[482,5,482,8],[483,0,483,4],[483,5,483,8],[484,0,484,4],[484,5,484,8],[485,0,485,4],[485,5,485,8],[486,0,486,4],[486,5,486,8],[487,6,487,8],[488,6,488,8],[489,6,489,8],[490,6,490,8],[491,6,491,8],[492,0,492,4],[492,5,492,8],[494,7,494,8],[496,4,496,5],[497,4,497,5],[498,5,498,6],[498,7,498,8],[501,0,501,4],[501,5,501,8],[502,0,502,4],[502,5,502,8],[503,0,503,4],[503,5,503,8],[504,0,504,4],[504,5,504,8],[505,0,505,4],[505,5,505,8],[506,0,506,4],[506,5,506,8],[508,7,508,8],[510,4,510,5],[511,4,511,5],[512,5,512,6],[512,7,512,8],[515,0,515,4],[515,5,515,8],[516,0,516,4],[516,5,516,8],[517,0,517,4],[517,5,517,8],[518,0,518,4],[518,5,518,8],[519,0,519,4],[519,5,519,8],[520,0,520,4],[520,5,520,8],[522,7,522,8],[524,4,524,5],[525,4,525,5],[526,5,526,6],[526,7,526,8],[529,0,529,4],[529,5,529,8],[530,5,530,8],[532,0,532,4],[532,5,532,8],[533,0,533,4],[533,5,533,8],[534,0,534,4],[534,5,534,8],[535,0,535,4],[535,5,535,8],[536,0,536,4],[536,5,536,8],[537,0,537,4],[537,5,537,8],[538,0,538,4],[538,5,538,8],[540,7,540,8],[542,4,542,5],[543,4,543,5],[544,0,544,4],[544,5,544,8],[545,0,545,4],[545,5,545,8],[546,0,546,4],[546,5,546,8],[547,0,547,4],[547,5,547,8],[548,0,548,4],[548,5,548,8],[549,6,549,8],[550,6,550,8],[551,6,551,8],[552,0,552,4],[552,5,552,8],[554,7,554,8],[556,4,556,5],[557,4,557,5],[558,0,558,4],[558,5,558,8],[559,0,559,4],[559,5,559,8],[560,0,560,4],[560,5,560,8],[561,0,561,4],[561,5,561,8],[562,0,562,4],[562,5,562,8],[563,6,563,8],[564,6,564,8],[565,6,565,8],[566,0,566,4],[566,5,566,8],[568,7,568,8],[570,4,570,5],[571,4,571,5],[572,5,572,8],[574,0,574,4],[574,5,574,8],[575,0,575,4],[575,5,575,8],[576,0,576,4],[576,5,576,8],[577,0,577,4],[577,5,577,8],[578,0,578,4],[578,5,578,8],[579,0,579,4],[579,5,579,8],[580,0,580,4],[580,5,580,8],[581,6,581,8],[582,6,582,8],[583,0,583,4],[583,5,583,8],[584,6,584,8],[585,6,585,8],[586,6,586,8],[587,6,587,8],[588,0,588,4],[588,5,588,8],[589,7,589,8],[590,7,590,8],[591,0,591,4],[591,5,591,8],[592,6,592,8],[595,0,595,4],[595,5,595,8],[597,7,597,8],[599,4,599,5],[600,4,600,5],[601,5,601,8],[603,0,603,4],[603,5,603,8],[604,0,604,4],[604,5,604,8],[605,0,605,4],[605,5,605,8],[606,0,606,4],[606,5,606,8],[607,0,607,4],[607,5,607,8],[608,0,608,4],[608,5,608,8],[609,0,609,4],[609,5,609,8],[610,6,610,8],[611,6,611,8],[612,0,612,4],[612,5,612,8],[613,6,613,8],[614,6,614,8],[615,6,615,8],[616,6,616,8],[617,6,617,8],[618,0,618,4],[618,5,618,8],[620,7,620,8],[622,4,622,5],[623,4,623,5],[624,5,624,6],[624,7,624,8],[627,0,627,4],[627,5,627,8],[628,5,628,8],[630,0,630,4],[630,5,630,8],[631,0,631,4],[631,5,631,8],[632,0,632,4],[632,5,632,8],[633,0,633,4],[633,5,633,8],[634,0,634,4],[634,5,634,8],[635,0,635,4],[635,5,635,8],[636,0,636,4],[636,5,636,8],[638,7,638,8],[640,4,640,5],[641,4,641,5],[642,5,642,8],[645,0,645,4],[645,5,645,8],[646,0,646,4],[646,5,646,8],[647,0,647,4],[647,5,647,8],[648,0,648,4],[648,5,648,8],[649,0,649,4],[649,5,649,8],[650,0,650,4],[650,5,650,8],[651,0,651,4],[651,5,651,8],[652,6,652,8],[653,6,653,8],[654,0,654,4],[654,5,654,8],[655,7,655,8],[656,7,656,8],[657,0,657,4],[657,5,657,8],[658,6,658,8],[661,0,661,4],[661,5,661,8],[663,7,663,8],[665,4,665,5],[666,4,666,5],[667,5,667,6],[667,7,667,8],[673,0,673,4],[673,5,673,8],[674,5,674,8],[677,0,677,4],[677,5,677,8],[678,0,678,4],[678,5,678,8],[679,0,679,4],[679,5,679,8],[680,0,680,4],[680,5,680,8],[681,0,681,4],[681,5,681,8],[682,0,682,4],[682,5,682,8],[683,0,683,4],[683,5,683,8],[684,6,684,8],[685,6,685,8],[686,6,686,8],[687,6,687,8],[688,6,688,8],[689,6,689,8],[690,0,690,4],[690,5,690,8],[691,7,691,8],[692,7,692,8],[693,7,693,8],[694,7,694,8],[695,7,695,8],[696,7,696,8],[697,0,697,4],[697,5,697,8],[698,6,698,8],[705,0,705,4],[705,5,705,8],[707,7,707,8],[709,4,709,5],[710,4,710,5],[711,4,711,5],[712,4,712,5],[713,4,713,5],[714,4,714,5],[715,4,715,5],[717,7,717,8],[719,4,719,5],[720,4,720,5],[721,5,721,6],[721,7,721,8],[728,0,728,4],[728,5,728,8],[729,5,729,8],[734,0,734,4],[734,5,734,8],[735,0,735,4],[735,5,735,8],[736,0,736,4],[736,5,736,8],[737,0,737,4],[737,5,737,8],[738,0,738,4],[738,5,738,8],[739,0,739,4],[739,5,739,8],[740,0,740,4],[740,5,740,8],[741,6,741,8],[742,6,742,8],[743,6,743,8],[744,6,744,8],[745,0,745,4],[745,5,745,8],[746,6,746,8],[747,6,747,8],[748,0,748,4],[748,5,748,8],[749,7,749,8],[750,7,750,8],[751,7,751,8],[752,7,752,8],[753,0,753,4],[753,5,753,8],[754,6,754,8],[759,0,759,4],[759,5,759,8],[761,7,761,8],[763,4,763,5],[764,4,764,5],[765,5,765,6],[765,7,765,8],[768,0,768,4],[768,5,768,8],[769,5,769,8],[772,0,772,4],[772,5,772,8],[773,0,773,4],[773,5,773,8],[774,0,774,4],[774,5,774,8],[775,0,775,4],[775,5,775,8],[776,0,776,4],[776,5,776,8],[777,0,777,4],[777,5,777,8],[778,0,778,4],[778,5,778,8],[779,6,779,8],[780,6,780,8],[781,6,781,8],[782,0,782,4],[782,5,782,8],[783,6,783,8],[784,6,784,8],[785,6,785,8],[786,6,786,8],[787,0,787,4],[787,5,787,8],[788,7,788,8],[789,7,789,8],[790,7,790,8],[791,0,791,4],[791,5,791,8],[792,6,792,8],[796,0,796,4],[796,5,796,8],[798,7,798,8],[800,4,800,5],[801,4,801,5],[802,5,802,6],[802,7,802,8],[805,0,805,4],[805,5,805,8],[806,5,806,8],[809,0,809,4],[809,5,809,8],[810,0,810,4],[810,5,810,8],[811,0,811,4],[811,5,811,8],[812,0,812,4],[812,5,812,8],[813,0,813,4],[813,5,813,8],[814,0,814,4],[814,5,814,8],[815,0,815,4],[815,5,815,8],[816,6,816,8],[817,6,817,8],[818,6,818,8],[819,6,819,8],[820,6,820,8],[821,0,821,4],[821,5,821,8],[822,7,822,8],[823,7,823,8],[824,7,824,8],[825,7,825,8],[826,0,826,4],[826,5,826,8],[827,6,827,8],[832,0,832,4],[832,5,832,8],[834,7,834,8],[836,4,836,5],[837,4,837,5],[838,5,838,6],[838,7,838,8],[841,0,841,4],[841,5,841,8],[842,5,842,8],[845,0,845,4],[845,5,845,8],[846,0,846,4],[846,5,846,8],[847,0,847,4],[847,5,847,8],[848,0,848,4],[848,5,848,8],[849,0,849,4],[849,5,849,8],[850,0,850,4],[850,5,850,8],[851,0,851,4],[851,5,851,8],[852,6,852,8],[853,6,853,8],[854,6,854,8],[855,6,855,8],[856,6,856,8],[857,0,857,4],[857,5,857,8],[858,7,858,8],[859,7,859,8],[860,7,860,8],[861,7,861,8],[862,0,862,4],[862,5,862,8],[863,6,863,8],[868,0,868,4],[868,5,868,8],[870,7,870,8],[872,4,872,5],[873,4,873,5],[874,4,874,5],[876,7,876,8],[878,4,878,5],[879,4,879,5],[880,5,880,6],[880,7,880,8],[883,0,883,4],[883,5,883,8],[884,5,884,8],[886,0,886,4],[886,5,886,8],[887,0,887,4],[887,5,887,8],[888,0,888,4],[888,5,888,8],[889,0,889,4],[889,5,889,8],[890,0,890,4]],"merged_total":5671,"flags":["merged_cut"]}
[null,null,"Composições Analíticas com Preço Unitário",null,"Bancos",null,"B.D.I.",null,"Encargos Sociais"]
[null,null,{"$f":"Orçamento!A3","v":"PROJETO EXECUTIVO PARA A COMPLEMENTAÇÃO DOS ESTUDOS PRELIMINARES E CONSOLIDAÇÃO DO PROJETO RODOVIÁRIO DO RAMAL DO MANGA, NO ESTADO DO AMAPÁ "},null,{"$f":"'Resumo do Orçamento'!D3","v":"SINAPI - 09/2023 - Amapá\nSBC - 11/2023 - Amapá\nSICRO3 - 07/2023 - Amapá\nORSE - 09/2023 - Sergipe\n"},null,"Padrão - 20,93%\nMaterial - 14,15%\n",null,"Desonerado: embutido nos preços unitário dos insumos de mão de obra, de acordo com as bases."]
["Composições Analíticas com Preço Unitário"]
["Composições Principais"]
[" 1.1 ","Código","Banco","Descrição","Tipo",null,"Und","Quant.","Valor Unit","Total"]
["Composição"," 74209/001 ","Próprio","PLACA DE OBRA EM CHAPA DE ACO GALVANIZADO","SEDI - SERVIÇOS DIVERSOS",null,"m²",1,350.73,350.73]
["Composição Auxiliar"," 94962 ","SINAPI","CONCRETO MAGRO PARA LASTRO, TRAÇO 1:4,5:4,5 (EM MASSA SECA DE CIMENTO/ AREIA MÉDIA/ BRITA 1) - PREPARO MECÂNICO COM BETONEIRA 400 L. AF_05/2021","FUES - FUNDAÇÕES E ESTRUTURAS",null,"m³",0.01,531.81,5.32]
["Composição Auxiliar"," 88262 ","SINAPI","CARPINTEIRO DE FORMAS COM ENCARGOS COMPLEMENTARES","SEDI - SERVIÇOS DIVERSOS",null,"H",1,20.33,20.33]
["Composição Auxiliar"," 88316 ","SINAPI","SERVENTE COM ENCARGOS COMPLEMENTARES","SEDI - SERVIÇOS DIVERSOS",null,"H",2,15.36,30.72]
["Insumo"," 00005075 ","SINAPI","PREGO DE ACO POLIDO COM CABECA 18 X 30 (2 3/4 X 10)","Material",null,"KG",0.11,20.34,2.24]
["Insumo"," 00004813 ","SINAPI","PLACA DE OBRA (PARA CONSTRUCAO CIVIL) EM CHAPA GALVANIZADA *N. 22*, ADESIVADA, DE *2,4 X 1,2* M (SEM POSTES PARA FIXACAO)","Material",null,"m²",1,250,250]
["Insumo"," 00004491 ","SINAPI","PONTALETE *7,5 X 7,5* CM EM PINUS, MISTA OU EQUIVALENTE DA REGIAO - BRUTA","Material",null,"M",4,9.49,37.96]
["Insumo"," 00004417 ","SINAPI","SARRAFO NAO APARELHADO *2,5 X 7* CM, EM MACARANDUBA/MASSARANDUBA, ANGELIM, PEROBA-ROSA OU EQUIVALENTE DA REGIAO - BRUTA","Material",null,"M",1,4.16,4.16]
[{"$nulls":4},"MO sem LS =>",40.89,"LS =>",0,"MO com LS =>",40.89]
[{"$nulls":4},"Valor do BDI =>",53.08,null,"Valor com BDI =>",null,403.81]
[]
[" 1.3 ","Código","Banco","Descrição","Tipo",null,"Und","Quant.","Valor Unit","Total"]
["Composição"," 121 ","Próprio","CANTEIRO DE OBRA","CANT - CANTEIRO DE OBRAS",null,"UND.",1,76350.62,76350.62]
[{"$nulls":5},"Custo Horário de Execução =>",null,null,null,0]
[{"$nulls":5},"Fator de Influencia da Chuva - FIC =>",null,null,null,0]
[{"$nulls":5},"Custo do FIC =>",null,null,null,0]
[{"$nulls":5},"Produção de Equipe =>",null,null,null,1]
[{"$nulls":5},"Custo Unitário de Execução =>",null,null,null,0]
["C","Banco","Código","Material","Quantidade","Unidade","Preço Unitário",null,null,"Custo Horário"]
["Insumo","SINAPI",5059,"POSTE DE CONCRETO ARMADO DE SECAO CIRCULAR, EXTENSAO DE 9,00 M, RESISTENCIA DE 300 A 400 DAN, TIPO C-17",1,"UN",1057.23,null,null,1057.23]
[{"$nulls":5},"Custo Total do Material =>",null,null,null,1057.23]
["D","Banco","Código","Atividades Auxiliares","Quantidade","Unidade","Preço Unitário",null,null,"Custo Horário"]
["Atividade Auxiliar","SINAPI",93584,"EXECUÇÃO DE DEPÓSITO EM CANTEIRO DE OBRA EM CHAPA DE MADEIRA COMPENSADA, NÃO INCLUSO MOBILIÁRIO. AF_04/2016",13.8,"m²",747.52,null,null,10315.776]
["Atividade Auxiliar","SINAPI",93582,"EXECUÇÃO DE CENTRAL DE ARMADURA EM CANTEIRO DE OBRA, NÃO INCLUSO MOBILIÁRIO E EQUIPAMENTOS. AF_04/2016",13.8,"m²",256.03,null,null,3533.214]
["Atividade Auxiliar","SINAPI",93210,"EXECUÇÃO DE REFEITÓRIO EM CANTEIRO DE OBRA EM CHAPA DE MADEIRA COMPENSADA, NÃO INCLUSO MOBILIÁRIO E EQUIPAMENTOS. AF_02/2016",13.8,"m²",532.84,null,null,7353.192]
["Atividade Auxiliar","SINAPI",93212,"EXECUÇÃO DE SANITÁRIO E VESTIÁRIO EM CANTEIRO DE OBRA EM CHAPA DE MADEIRA COMPENSADA, NÃO INCLUSO MOBILIÁRIO. AF_02/2016",27.6,"m²",885.74,null,null,24446.424]
["Atividade Auxiliar","SINAPI",86931,"VASO SANITÁRIO SIFONADO COM CAIXA ACOPLADA LOUÇA BRANCA, INCLUSO ENGATE FLEXÍVEL EM PLÁSTICO BRANCO, 1/2  X 40CM - FORNECIMENTO E INSTALAÇÃO. AF_01/2020",8,"UN",472.47,null,null,3779.76]
["Atividade Auxiliar","Próprio","74209/001","PLACA DE OBRA EM CHAPA DE ACO GALVANIZADO",4.5,"m²",350.73,null,null,1578.285]
["Atividade Auxiliar","SINAPI",101489,"ENTRADA DE ENERGIA ELÉTRICA, AÉREA, MONOFÁSICA, COM CAIXA DE SOBREPOR, CABO DE 10 MM2 E DISJUNTOR DIN 50A (NÃO INCLUSO O POSTE DE CONCRETO). AF_07/2020_PS",1,"UN",1494.86,null,null,1494.86]
["Atividade Auxiliar","SINAPI",95636,"KIT CAVALETE PARA MEDIÇÃO DE ÁGUA - ENTRADA PRINCIPAL, EM AÇO GALVANIZADO DN 25 (1 )   FORNECIMENTO E INSTALAÇÃO (EXCLUSIVE HIDRÔMETRO). AF_11/2016",1,"UN",336.45,null,null,336.45]
["Atividade Auxiliar","SINAPI",98525,"LIMPEZA MECANIZADA DE CAMADA VEGETAL, VEGETAÇÃO E PEQUENAS ÁRVORES (DIÂMETRO DE TRONCO MENOR QUE 0,20 M), COM TRATOR DE ESTEIRAS.AF_05/2018",360,"m²",0.35,null,null,126]
["Atividade Auxiliar","SINAPI",89712,"TUBO PVC, SERIE NORMAL, ESGOTO PREDIAL, DN 50 MM, FORNECIDO E INSTALADO EM RAMAL DE DESCARGA OU RAMAL DE ESGOTO SANITÁRIO. AF_08/2022",45,"M",22.92,null,null,1031.4]
["Atividade Auxiliar","SINAPI",89402,"TUBO, PVC, SOLDÁVEL, DN 25MM, INSTALADO EM RAMAL DE DISTRIBUIÇÃO DE ÁGUA - FORNECIMENTO E INSTALAÇÃO. AF_06/2022",45,"M",10.24,null,null,460.8]
["Atividade Auxiliar","SINAPI",98459,"TAPUME COM TELHA METÁLICA. AF_05/2018",212.8,"m²",82.08,null,null,17466.624]
["Atividade Auxiliar","SINAPI",99059,"LOCACAO CONVENCIONAL DE OBRA, UTILIZANDO GABARITO DE TÁBUAS CORRIDAS PONTALETADAS A CADA 2,00M -  2 UTILIZAÇÕES. AF_10/2018",76,"M",44.35,null,null,3370.6]
[{"$nulls":5},"Custo Total das Atividades =>",null,null,null,75293.385]
[{"$nulls":4},"MO sem LS =>",14345.23,"LS =>",4.15,"MO com LS =>",14349.383]
[{"$nulls":4},"Valor do BDI =>",12001.13,null,"Valor com BDI =>",null,88351.75]
[]
[" 1.4 ","Código","Banco","Descrição","Tipo",null,"Und","Quant.","Valor Unit","Total"]
["Composição"," 0903810 ","SICRO3","Instalação da usina de asfalto a quente capacidade de 120 t/h","",null,"un",1,202055.35,202055.35]
[{"$nulls":5},"Custo Horário de Execução =>",null,null,null,0]
[{"$nulls":5},"Fator de Influencia da Chuva - FIC =>",null,null,null,0]
[{"$nulls":5},"Custo do FIC =>",null,null,null,0]
[{"$nulls":5},"Produção de Equipe =>",null,null,null,1]
[{"$nulls":5},"Custo Unitário de Execução =>",null,null,null,0]
["D","Banco","Código","Atividades Auxiliares","Quantidade","Unidade","Preço Unitário",null,null,"Custo Horário"]
["Atividade Auxiliar","SICRO3",903845,"Lastro de brita comercial - espalhamento mecânico",136.9743,"m³",207.02,null,null,28356.4196]
["Atividade Auxiliar","SICRO3",919013,"Montagem e desmontagem da usina de asfalto a quente com capacidade de 120 t/h - inclusive construção e demolição debases, rampas, depósitos de agregados e dique de contenção",1,"un",135716.06,null,null,135716.06]
["Atividade Auxiliar","SICRO3",3713608,"Cerca com 4 fios de arame farpado e mourão de madeira a cada 2,5 m e esticador a cada 50 m",334,"m",21.67,null,null,7237.78]
["Atividade Auxiliar","SICRO3",4011209,"Regularização do subleito",6592,"m²",1.16,null,null,7646.72]
["Atividade Auxiliar","SICRO3",4011211,"Reforço do subleito com material de jazida",1318.4,"m³",11.62,null,null,15319.808]
["Atividade Auxiliar","SICRO3",5502985,"Limpeza mecanizada da camada vegetal",6592,"m²",0.49,null,null,3230.08]
["Atividade Auxiliar","SICRO3",5502986,"Expurgo de jazida",1648,"m³",2.76,null,null,4548.48]
[{"$nulls":5},"Custo Total das Atividades =>",null,null,null,202055.3476]
[{"$nulls":4},"MO sem LS =>",41657.875386801,"LS =>",0,"MO com LS =>",41657.875386801]
[{"$nulls":4},"Valor do BDI =>",35077.53,null,"Valor com BDI =>",null,237132.88]
[]
[" 1.5 ","Código","Banco","Descrição","Tipo",null,"Und","Quant.","Valor Unit","Total"]
["Composição"," 0903808 ","SICRO3","Instalação da usina misturadora de solos com capacidade de 300 t/h","",null,"un",1,116444.94,116444.94]
[{"$nulls":5},"Custo Horário de Execução =>",null,null,null,0]
[{"$nulls":5},"Fator de Influencia da Chuva - FIC =>",null,null,null,0]
[{"$nulls":5},"Custo do FIC =>",null,null,null,0]
[{"$nulls":5},"Produção de Equipe =>",null,null,null,1]
[{"$nulls":5},"Custo Unitário de Execução =>",null,null,null,0]
["D","Banco","Código","Atividades Auxiliares","Quantidade","Unidade","Preço Unitário",null,null,"Custo Horário"]
["Atividade Auxiliar","SICRO3",903845,"Lastro de brita comercial - espalhamento mecânico",110.12926,"m³",207.02,null,null,22798.9594]
["Atividade Auxiliar","SICRO3",919012,"Montagem e desmontagem da usina misturadora de solos com capacidade de 300 t/h - inclusive construção e demolição debases, rampas e depósitos de agregados",1,"un",60936.6,null,null,60936.6]
["Atividade Auxiliar","SICRO3",3713608,"Cerca com 4 fios de arame farpado e mourão de madeira a cada 2,5 m e esticador a cada 50 m",302,"m",21.67,null,null,6544.34]
["Atividade Auxiliar","SICRO3",4011209,"Regularização do subleito",5610,"m²",1.16,null,null,6507.6]
["Atividade Auxiliar","SICRO3",4011211,"Reforço do subleito com material de jazida",1122,"m³",11.62,null,null,13037.64]
["Atividade Auxiliar","SICRO3",5502985,"Limpeza mecanizada da camada vegetal",5610,"m²",0.49,null,null,2748.9]
["Atividade Auxiliar","SICRO3",5502986,"Expurgo de jazida",1402.5,"m³",2.76,null,null,3870.9]
[{"$nulls":5},"Custo Total das Atividades =>",null,null,null,116444.9394]
[{"$nulls":4},"MO sem LS =>",22219.6693138665,"LS =>",0,"MO com LS =>",22219.6693138665]
[{"$nulls":4},"Valor do BDI =>",20402.56,null,"Valor com BDI =>",null,136847.5]
[]
[" 1.6 ","Código","Banco","Descrição","Tipo",null,"Und","Quant.","Valor Unit","Total"]
["Composição"," 5502985 ","SICRO3","Limpeza mecanizada da camada vegetal","",null,"m²",1,0.49,0.49]
["A","Código","Banco","Equipamentos","Quantidade","Utilização",null,"Custo Operacional",null,"Custo Horário"]
[{"$nulls":5},"Operativa","Improdutiva","Operativa","Improdutiva"]
["Insumo","E9540","SICRO3","Trator sobre esteiras com lâmina - 127 kW",1,1,0,266.8875,100.5727,266.8875]
[{"$nulls":5},"Custo Horário de Equipamentos =>",null,null,null,266.8875]
["B","Código","Banco","Mão de Obra","Quantidade","Salário Hora",null,null,null,"Custo Horário"]
["Insumo","P9824","SICRO3","Servente",1,null,null,null,18.5436,18.5436]
[{"$nulls":5},"Custo Horário da Mão de Obra =>",null,null,null,18.5436]
[{"$nulls":5},"Adc.M.O. - Ferramentas (0,0%) =>",null,null,null,0]
[{"$nulls":5},"Custo Horário de Execução =>",null,null,null,285.4311]
[{"$nulls":5},"Fator de Influencia da Chuva - FIC =>",null,null,null,0.0643]
[{"$nulls":5},"Custo do FIC =>",null,null,null,0.0295]
[{"$nulls":5},"Produção de Equipe =>",null,null,null,622.95]
[{"$nulls":5},"Custo Unitário de Execução =>",null,null,null,0.4582]
[{"$nulls":4},"MO sem LS =>",0.0297673970623646,"LS =>",0,"MO com LS =>",0.0297673970623646]
[{"$nulls":4},"Valor do BDI =>",0.1,null,"Valor com BDI =>",null,0.59]
[]
[" 1.7 ","Código","Banco","Descrição","Tipo",null,"Und","Quant.","Valor Unit","Total"]
["Composição"," 5914655 ","SICRO3","Carga, manobra e descarga de materiais diversos em caminhão carroceria de 15 t - carga e descarga manuais","",null,"t",1,31.9,31.9]
["A","Código","Banco","Equipamentos","Quantidade","Utilização",null,"Custo Operacional",null,"Custo Horário"]
[{"$nulls":5},"Operativa","Improdutiva","Operativa","Improdutiva"]
["Insumo","E9592","SICRO3","Caminhão carroceria com capacidade de 15 t - 188 kW",1,1,0,266.3866,77.4133,266.3866]
[{"$nulls":5},"Custo Horário de Equipamentos =>",null,null,null,266.3866]
["B","Código","Banco","Mão de Obra","Quantidade","Salário Hora",null,null,null,"Custo Horário"]
["Insumo","P9824","SICRO3","Servente",6,null,null,null,18.5436,111.2616]
[{"$nulls":5},"Custo Horário da Mão de Obra =>",null,null,null,111.2616]
[{"$nulls":5},"Adc.M.O. - Ferramentas (0,0%) =>",null,null,null,0]
[{"$nulls":5},"Custo Horário de Execução =>",null,null,null,377.6482]
[{"$nulls":5},"Fator de Influencia da Chuva - FIC =>",null,null,null,0]
[{"$nulls":5},"Custo do FIC =>",null,null,null,0]
[{"$nulls":5},"Produção de Equipe =>",null,null,null,11.84]
[{"$nulls":5},"Custo Unitário de Execução =>",null,null,null,31.896]
[{"$nulls":4},"MO sem LS =>",9.39709459459459,"LS =>",0,"MO com LS =>",9.39709459459459]
[{"$nulls":4},"Valor do BDI =>",6.67,null,"Valor com BDI =>",null,38.57]
[]
[" 1.8 ","Código","Banco","Descrição","Tipo",null,"Und","Quant.","Valor Unit","Total"]
["Composição"," 5914479 ","SICRO3","Transporte com caminhão carroceria de 15 t - rodovia pavimentada","",null,"tkm",1,0.71,0.71]
["A","Código","Banco","Equipamentos","Quantidade","Utilização",null,"Custo Operacional",null,"Custo Horário"]
[{"$nulls":5},"Operativa","Improdutiva","Operativa","Improdutiva"]
["Insumo","E9592","SICRO3","Caminhão carroceria com capacidade de 15 t - 188 kW",1,1,0,266.3866,77.4133,266.3866]
[{"$nulls":5},"Custo Horário de Equipamentos =>",null,null,null,266.3866]
[{"$nulls":5},"Custo Horário de Execução =>",null,null,null,266.3866]
[{"$nulls":5},"Fator de Influencia da Chuva - FIC =>",null,null,null,0]
[{"$nulls":5},"Custo do FIC =>",null,null,null,0]
[{"$nulls":5},"Produção de Equipe =>",null,null,null,372.88]
[{"$nulls":5},"Custo Unitário de Execução =>",null,null,null,0.7144]
[{"$nulls":4},"MO sem LS =>",0,"LS =>",0,"MO com LS =>",0]
[{"$nulls":4},"Valor do BDI =>",0.15,null,"Valor com BDI =>",null,0.86]
[]
[" 1.9 ","Código","Banco","Descrição","Tipo",null,"Und","Quant.","Valor Unit","Total"]
["Composição"," 5914464 ","SICRO3","Transporte com caminhão carroceria de 15 t - rodovia em revestimento primário","",null,"tkm",1,0.91,0.91]
["A","Código","Banco","Equipamentos","Quantidade","Utilização",null,"Custo Operacional",null,"Custo Horário"]
[{"$nulls":5},"Operativa","Improdutiva","Operativa","Improdutiva"]
["Insumo","E9592","SICRO3","Caminhão carroceria com capacidade de 15 t - 188 kW",1,1,0,266.3866,77.4133,266.3866]
[{"$nulls":5},"Custo Horário de Equipamentos =>",null,null,null,266.3866]
[{"$nulls":5},"Custo Horário de Execução =>",null,null,null,266.3866]
[{"$nulls":5},"Fator de Influencia da Chuva - FIC =>",null,null,null,0.0643]
[{"$nulls":5},"Custo do FIC =>",null,null,null,0.0551]
[{"$nulls":5},"Produção de Equipe =>",null,null,null,310.73]
[{"$nulls":5},"Custo Unitário de Execução =>",null,null,null,0.8573]
[{"$nulls":4},"MO sem LS =>",0,"LS =>",0,"MO com LS =>",0]
[{"$nulls":4},"Valor do BDI =>",0.18,null,"Valor com BDI =>",null,1.09]
[]
[" 1.10 ","Código","Banco","Descrição","Tipo",null,"Und","Quant.","Valor Unit","Total"]
["Composição"," 78472 ","Próprio","SINAPI - 78472 - SERVICOS TOPOGRAFICOS PARA PAVIMENTACAO, INCLUSIVE NOTA DE SERVICOS, ACOMPANHAMENTO E GREIDE","SEDI - SERVIÇOS DIVERSOS",null,"m²",1,0.44,0.44]
["Composição Auxiliar"," 5914479 ","SICRO3","Transporte com caminhão carroceria de 15 t - rodovia pavimentada","",null,"tkm",0.0002160171,0.71,0]
["Composição Auxiliar"," 5914464 ","SICRO3","Transporte com caminhão carroceria de 15 t - rodovia em revestimento primário","",null,"tkm",0.001060605,0.91,0]
["Insumo"," E9512 ","SICRO3","Veículo leve - 53 kW","Equipamento",null,"UN",0.001,57.0768,0.06]
["Insumo"," P9950 ","SICRO3","Auxiliar de topografia","Mão de Obra",null,"mês",1.42045454545455e-5,4021.6863,0.06]
["Insumo"," P9949 ","SICRO3","Topógrafo","Mão de Obra",null,"mês",1.42045454545455e-5,5654.0835,0.08]
["Insumo"," P9824 ","SICRO3","Servente","Mão de Obra",null,"h",0.0075,18.5436,0.14]
["Insumo"," P9848 ","SICRO3","Desenhista","Mão de Obra",null,"mês",1.13636363636364e-5,6836.6379,0.08]
["Insumo"," M0289 ","SICRO3","Tábua - E = 2,5 cm e L = 15 cm","Material",null,"m",0.002886,5.8904,0.02]
[{"$nulls":4},"MO sem LS =>",0.36,"LS =>",0,"MO com LS =>",0.36]
[{"$nulls":4},"Valor do BDI =>",0.09,null,"Valor com BDI =>",null,0.53]
[]
[" 2.1 ","Código","Banco","Descrição","Tipo",null,"Und","Quant.","Valor Unit","Total"]
["Composição"," 00000005 ","Próprio","ADMINISTRAÇÃO DE OBRA","SERT - SERVIÇOS TÉCNICOS",null,"MÊS",1,74130.71,74130.71]
["Insumo"," P9819 ","SICRO3","Engenheiro supervisor","Mão de Obra",null,"mês",1,19564.0397,19564.04]
["Insumo"," P9840 ","SICRO3","Encarregado geral","Mão de Obra",null,"mês",1,9521.5987,9521.6]
["Insumo"," P9897 ","SICRO3","Técnico de meio ambiente","Mão de Obra",null,"mês",1,6600.2853,6600.29]
["Insumo"," P9878 ","SICRO3","Secretária","Mão de Obra",null,"mês",1,5483.1093,5483.11]
["Insumo"," P9903 ","SICRO3","Auxiliar técnico","Mão de Obra",null,"mês",2,4185.6602,8371.32]
["Insumo"," P9827 ","SICRO3","Vigia","Mão de Obra",null,"mês",2,4086.4676,8172.94]
["Insumo"," P9948 ","SICRO3","Motorista de veículo leve - mensalista","Mão de Obra",null,"mês",1,4304.4824,4304.48]
["Insumo"," P9806 ","SICRO3","Auxiliar administrativo","Mão de Obra",null,"mês",2,4217.3887,8434.78]
["Insumo"," P9842 ","SICRO3","Faxineiro","Mão de Obra",null,"mês",1,3678.149,3678.15]
[{"$nulls":4},"MO sem LS =>",74130.71,"LS =>",0,"MO com LS =>",74130.71]
[{"$nulls":4},"Valor do BDI =>",15515.56,null,"Valor com BDI =>",null,89646.27]
[]
[" 3.1 ","Código","Banco","Descrição","Tipo",null,"Und","Quant.","Valor Unit","Total"]
["Composição"," 101 ","Próprio","MOBILIZAÇÃO E DESMOBILIZAÇÃO DE PESSOAL, VEÍCULOS E EQUIPAMENTOS","CHOR - CUSTOS HORÁRIOS DE MÁQUINAS E EQUIPAMENTOS",null,"Unid",1,194694.06,194694.06]
["Insumo"," MOB/DESM - 01 ","Próprio","MOBILIZAÇÃO E DESMOBILIZAÇÃO DE PESSOAL, VEÍCULOS E EQUIPAMENTOS PESADOS","Serviços",null,"Und.",1,194694.06,194694.06]
[{"$nulls":4},"MO sem LS =>",0,"LS =>",0,"MO com LS =>",0]
[{"$nulls":4},"Valor do BDI =>",40749.47,null,"Valor com BDI =>",null,235443.53]
[]
[" 4.1 ","Código","Banco","Descrição","Tipo",null,"Und","Quant.","Valor Unit","Total"]
["Composição"," 5501886 ","SICRO3","Escavação, carga e transporte de material de 1ª categoria - DMT de 2.500 a 3.000 m - caminho de serviço em leito natural -com carregadeira e caminhão basculante de 14 m³","",null,"m³",1,15.15,15.15]
["A","Código","Banco","Equipamentos","Quantidade","Utilização",null,"Custo Operacional",null,"Custo Horário"]
[{"$nulls":5},"Operativa","Improdutiva","Operativa","Improdutiva"]
["Insumo","E9667","SICRO3","Caminhão basculante com capacidade de 14 m³ - 188 kW",8,0.95,0.05,292.4578,92.1982,2259.5586]
["Insumo","E9511","SICRO3","Carregadeira de pneus com capacidade de 3,40 m³ - 195 kW",1,1,0,427.0724,204.5992,427.0724]
["Insumo","E9541","SICRO3","Trator sobre esteiras com lâmina - 259 kW",1,1,0,765.8403,301.7262,765.8403]
[{"$nulls":5},"Custo Horário de Equipamentos =>",null,null,null,3452.4713]
["B","Código","Banco","Mão de Obra","Quantidade","Salário Hora",null,null,null,"Custo Horário"]
["Insumo","P9824","SICRO3","Servente",1,null,null,null,18.5436,18.5436]
[{"$nulls":5},"Custo Horário da Mão de Obra =>",null,null,null,18.5436]
[{"$nulls":5},"Adc.M.O. - Ferramentas (0,0%) =>",null,null,null,0]
[{"$nulls":5},"Custo Horário de Execução =>",null,null,null,3471.0149]
[{"$nulls":5},"Fator de Influencia da Chuva - FIC =>",null,null,null,0.0643]
[{"$nulls":5},"Custo do FIC =>",null,null,null,0.9152]
[{"$nulls":5},"Produção de Equipe =>",null,null,null,243.82]
[{"$nulls":5},"Custo Unitário de Execução =>",null,null,null,14.236]
[{"$nulls":4},"MO sem LS =>",0.0760544664096465,"LS =>",0,"MO com LS =>",0.0760544664096465]
[{"$nulls":4},"Valor do BDI =>",3.05,null,"Valor com BDI =>",null,18.2]
[]
[" 4.2 ","Código","Banco","Descrição","Tipo",null,"Und","Quant.","Valor Unit","Total"]
["Composição"," 4016096 ","SICRO3","Escavação e carga de material de jazida com escavadeira hidráulica de 1,56 m³","",null,"m³",1,1.53,1.53]
["A","Código","Banco","Equipamentos","Quantidade","Utilização",null,"Custo Operacional",null,"Custo Horário"]
[{"$nulls":5},"Operativa","Improdutiva","Operativa","Improdutiva"]
["Insumo","E9515","SICRO3","Escavadeira hidráulica sobre esteiras com caçamba com capacidade de 1,56 m³ - 118 kW",1,1,0,313.0892,141.725,313.0892]
[{"$nulls":5},"Custo Horário de Equipamentos =>",null,null,null,313.0892]
["B","Código","Banco","Mão de Obra","Quantidade","Salário Hora",null,null,null,"Custo Horário"]
["Insumo","P9824","SICRO3","Servente",1,null,null,null,18.5436,18.5436]
[{"$nulls":5},"Custo Horário da Mão de Obra =>",null,null,null,18.5436]
[{"$nulls":5},"Adc.M.O. - Ferramentas (0,0%) =>",null,null,null,0]
[{"$nulls":5},"Custo Horário de Execução =>",null,null,null,331.6328]
[{"$nulls":5},"Fator de Influencia da Chuva - FIC =>",null,null,null,0.0643]
[{"$nulls":5},"Custo do FIC =>",null,null,null,0.0926]
[{"$nulls":5},"Produção de Equipe =>",null,null,null,230.19]
[{"$nulls":5},"Custo Unitário de Execução =>",null,null,null,1.4407]
[{"$nulls":4},"MO sem LS =>",0.08,"LS =>",0,"MO com LS =>",0.0805578000781963]
[{"$nulls":4},"Valor do BDI =>",0.3,null,"Valor com BDI =>",null,1.83]
[]
[" 4.3 ","Código","Banco","Descrição","Tipo",null,"Und","Quant.","Valor Unit","Total"]
["Composição"," 5915321 ","SICRO3","Transporte com caminhão basculante de 14 m³ - rodovia pavimentada","",null,"tkm",1,0.56,0.56]
["A","Código","Banco","Equipamentos","Quantidade","Utilização",null,"Custo Operacional",null,"Custo Horário"]
[{"$nulls":5},"Operativa","Improdutiva","Operativa","Improdutiva"]
["Insumo","E9667","SICRO3","Caminhão basculante com capacidade de 14 m³ - 188 kW",1,1,0,292.4578,92.1982,292.4578]
[{"$nulls":5},"Custo Horário de Equipamentos =>",null,null,null,292.4578]
[{"$nulls":5},"Custo Horário de Execução =>",null,null,null,292.4578]
[{"$nulls":5},"Fator de Influencia da Chuva - FIC =>",null,null,null,0]
[{"$nulls":5},"Custo do FIC =>",null,null,null,0]
[{"$nulls":5},"Produção de Equipe =>",null,null,null,522.9]
[{"$nulls":5},"Custo Unitário de Execução =>",null,null,null,0.5593]
[{"$nulls":4},"MO sem LS =>",0,"LS =>",0,"MO com LS =>",0]
[{"$nulls":4},"Valor do BDI =>",0.12,null,"Valor com BDI =>",null,0.68]
[]
[" 4.4 ","Código","Banco","Descrição","Tipo",null,"Und","Quant.","Valor Unit","Total"]
["Composição"," 5915320 ","SICRO3","Transporte com caminhão basculante de 14 m³ - rodovia em revestimento primário","",null,"tkm",1,0.71,0.71]
["A","Código","Banco","Equipamentos","Quantidade","Utilização",null,"Custo Operacional",null,"Custo Horário"]
[{"$nulls":5},"Operativa","Improdutiva","Operativa","Improdutiva"]
["Insumo","E9667","SICRO3","Caminhão basculante com capacidade de 14 m³ - 188 kW",1,1,0,292.4578,92.1982,292.4578]
[{"$nulls":5},"Custo Horário de Equipamentos =>",null,null,null,292.4578]
[{"$nulls":5},"Custo Horário de Execução =>",null,null,null,292.4578]
[{"$nulls":5},"Fator de Influencia da Chuva - FIC =>",null,null,null,0.0643]
[{"$nulls":5},"Custo do FIC =>",null,null,null,0.0432]
[{"$nulls":5},"Produção de Equipe =>",null,null,null,435.75]
[{"$nulls":5},"Custo Unitário de Execução =>",null,null,null,0.6712]
[{"$nulls":4},"MO sem LS =>",0,"LS =>",0,"MO com LS =>",0]
[{"$nulls":4},"Valor do BDI =>",0.14,null,"Valor com BDI =>",null,0.85]
[]
[" 4.5 ","Código","Banco","Descrição","Tipo",null,"Und","Quant.","Valor Unit","Total"]
["Composição"," 5502978 ","SICRO3","Compactação de aterros a 100% do Proctor normal","",null,"m³",1,4.98,4.98]
["A","Código","Banco","Equipamentos","Quantidade","Utilização",null,"Custo Operacional",null,"Custo Horário"]
[{"$nulls":5},"Operativa","Improdutiva","Operativa","Improdutiva"]
["Insumo","E9571","SICRO3","Caminhão tanque com capacidade de 10.000 l - 188 kW",1,0.9,0.1,325.4515,82.4957,301.1559]
["Insumo","E9518","SICRO3","Grade de 24 discos rebocável de D = 60 cm (24”)",1,0.52,0.48,4.9411,3.4409,4.221]
["Insumo","E9524","SICRO3","Motoniveladora - 93 kW",1,0.29,0.71,284.019,121.3244,168.5058]
["Insumo","E9685","SICRO3","Rolo compactador pé de carneiro vibratório autopropelido por pneus de 11,6 t - 82 kW",1,1,0,204.3191,87.6996,204.3191]
["Insumo","E9577","SICRO3","Trator agrícola sobre pneus - 77 kW",1,0.52,0.48,132.5229,44.2475,90.1507]
[{"$nulls":5},"Custo Horário de Equipamentos =>",null,null,null,768.3525]
["B","Código","Banco","Mão de Obra","Quantidade","Salário Hora",null,null,null,"Custo Horário"]
["Insumo","P9824","SICRO3","Servente",1,null,null,null,18.5436,18.5436]
[{"$nulls":5},"Custo Horário da Mão de Obra =>",null,null,null,18.5436]
[{"$nulls":5},"Adc.M.O. - Ferramentas (0,0%) =>",null,null,null,0]
[{"$nulls":5},"Custo Horário de Execução =>",null,null,null,786.8961]
[{"$nulls":5},"Fator de Influencia da Chuva - FIC =>",null,null,null,0.0643]
[{"$nulls":5},"Custo do FIC =>",null,null,null,0.3008]
[{"$nulls":5},"Produção de Equipe =>",null,null,null,168.2]
[{"$nulls":5},"Custo Unitário de Execução =>",null,null,null,4.6783]
[{"$nulls":4},"MO sem LS =>",0.11,"LS =>",0,"MO com LS =>",0.110247324613555]
[{"$nulls":4},"Valor do BDI =>",1.21,null,"Valor com BDI =>",null,6.19]
[]
[" 5.1.1 ","Código","Banco","Descrição","Tipo",null,"Und","Quant.","Valor Unit","Total"]
["Composição"," 4011228 ","SICRO3","Sub-base estabilizada granulometricamente com mistura de solos na pista com material de jazida","",null,"m³",1,12.8,12.8]
["A","Código","Banco","Equipamentos","Quantidade","Utilização",null,"Custo Operacional",null,"Custo Horário"]
[{"$nulls":5},"Operativa","Improdutiva","Operativa","Improdutiva"]
["Insumo","E9571","SICRO3","Caminhão tanque com capacidade de 10.000 l - 188 kW",1,0.83,0.17,325.4515,82.4957,284.149]
["Insumo","E9518","SICRO3","Grade de 24 discos rebocável de D = 60 cm (24”)",1,0.62,0.38,4.9411,3.4409,4.371]
["Insumo","E9524","SICRO3","Motoniveladora - 93 kW",1,1,0,284.019,121.3244,284.019]
["Insumo","E9762","SICRO3","Rolo compactador de pneus autopropelido de 27 t - 85 kW",1,0.65,0.35,244.2479,116.2009,199.4315]
["Insumo","E9685","SICRO3","Rolo compactador pé de carneiro vibratório autopropelido por pneus de 11,6 t - 82 kW",1,0.67,0.33,204.3191,87.6996,165.8347]
["Insumo","E9577","SICRO3","Trator agrícola sobre pneus - 77 kW",1,0.62,0.38,132.5229,44.2475,98.9782]
[{"$nulls":5},"Custo Horário de Equipamentos =>",null,null,null,1036.7834]
["B","Código","Banco","Mão de Obra","Quantidade","Salário Hora",null,null,null,"Custo Horário"]
["Insumo","P9824","SICRO3","Servente",1,null,null,null,18.5436,18.5436]
[{"$nulls":5},"Custo Horário da Mão de Obra =>",null,null,null,18.5436]
[{"$nulls":5},"Adc.M.O. - Ferramentas (0,0%) =>",null,null,null,0]
[{"$nulls":5},"Custo Horário de Execução =>",null,null,null,1055.327]
[{"$nulls":5},"Fator de Influencia da Chuva - FIC =>",null,null,null,0.0643]
[{"$nulls":5},"Custo do FIC =>",null,null,null,0.4497]
[{"$nulls":5},"Produção de Equipe =>",null,null,null,150.88]
[{"$nulls":5},"Custo Unitário de Execução =>",null,null,null,6.9945]
["D","Banco","Código","Atividades Auxiliares","Quantidade","Unidade","Preço Unitário",null,null,"Custo Horário"]
["Atividade Auxiliar","SICRO3",4016096,"Escavação e carga de material de jazida com escavadeira hidráulica de 1,56 m³",1.10027,"m³",1.53,null,null,1.6834]
[{"$nulls":5},"Custo Total das Atividades =>",null,null,null,1.6834]
["E","Banco","Insumo","Tempos Fixos","Código","Quantidade","Unidade","Preço Unitário",null,"Custo Horário"]
["Tempo Fixo","SICRO3",4016096,"Carga, manobra e descarga de agregados ou solos em caminhão basculante de 10 m³ - carga com escavadeira de 1,56 m³(exclusa) e descarga livre",5914354,2.06301,"t",1.78,null,3.6722]
[{"$nulls":5},"Custo Total dos Tempos Fixos =>",null,null,null,3.6722]
["F","Banco","Insumo","Momento de Transporte","Quantidade","Unidade","Distância Média de Transporte (DMT)",null,null,"Custo Horário"]
[{"$nulls":6},"LN","RP","P"]
["Momento de Transporte","SICRO3",4016096,"Escavação e carga de material de jazida com escavadeira hidráulica de 1,56 m³ - Caminhão basculante com capacidade de 10 m³ - 188 kW",2.06301,"tkm","5914359\n0,000\nR$ 1,23","5914374\n0,000\nR$ 0,98","5914389\n0,000\nR$ 0,77",0]
[{"$nulls":5},"Custo total dos Momentos de Transportes =>",null,null,null,0]
[{"$nulls":4},"MO sem LS =>",0.21,"LS =>",0,"MO com LS =>",0.211538299939121]
[{"$nulls":4},"Valor do BDI =>",2.88,null,"Valor com BDI =>",null,15.68]
[]
[" 5.1.2 ","Código","Banco","Descrição","Tipo",null,"Und","Quant.","Valor Unit","Total"]
["Composição"," 5914389 ","SICRO3","Transporte com caminhão basculante de 10 m³ - rodovia pavimentada","",null,"tkm",1,0.77,0.77]
["A","Código","Banco","Equipamentos","Quantidade","Utilização",null,"Custo Operacional",null,"Custo Horário"]
[{"$nulls":5},"Operativa","Improdutiva","Operativa","Improdutiva"]
["Insumo","E9579","SICRO3","Caminhão basculante com capacidade de 10 m³ - 188 kW",1,1,0,287.9617,88.3516,287.9617]
[{"$nulls":5},"Custo Horário de Equipamentos =>",null,null,null,287.9617]
[{"$nulls":5},"Custo Horário de Execução =>",null,null,null,287.9617]
[{"$nulls":5},"Fator de Influencia da Chuva - FIC =>",null,null,null,0]
[{"$nulls":5},"Custo do FIC =>",null,null,null,0]
[{"$nulls":5},"Produção de Equipe =>",null,null,null,373.5]
[{"$nulls":5},"Custo Unitário de Execução =>",null,null,null,0.771]
[{"$nulls":4},"MO sem LS =>",0,"LS =>",0,"MO com LS =>",0]
[{"$nulls":4},"Valor do BDI =>",0.16,null,"Valor com BDI =>",null,0.93]
[]
[" 5.1.3 ","Código","Banco","Descrição","Tipo",null,"Und","Quant.","Valor Unit","Total"]
["Composição"," 5914374 ","SICRO3","Transporte com caminhão basculante de 10 m³ - rodovia em revestimento primário","",null,"tkm",1,0.98,0.98]
["A","Código","Banco","Equipamentos","Quantidade","Utilização",null,"Custo Operacional",null,"Custo Horário"]
[{"$nulls":5},"Operativa","Improdutiva","Operativa","Improdutiva"]
["Insumo","E9579","SICRO3","Caminhão basculante com capacidade de 10 m³ - 188 kW",1,1,0,287.9617,88.3516,287.9617]
[{"$nulls":5},"Custo Horário de Equipamentos =>",null,null,null,287.9617]
[{"$nulls":5},"Custo Horário de Execução =>",null,null,null,287.9617]
[{"$nulls":5},"Fator de Influencia da Chuva - FIC =>",null,null,null,0.0643]
[{"$nulls":5},"Custo do FIC =>",null,null,null,0.0595]
[{"$nulls":5},"Produção de Equipe =>",null,null,null,311.25]
[{"$nulls":5},"Custo Unitário de Execução =>",null,null,null,0.9252]
[{"$nulls":4},"MO sem LS =>",0,"LS =>",0,"MO com LS =>",0]
[{"$nulls":4},"Valor do BDI =>",0.19,null,"Valor com BDI =>",null,1.17]
[]
[" 5.2.1 ","Código","Banco","Descrição","Tipo",null,"Und","Quant.","Valor Unit","Total"]
["Composição"," 4011226 ","SICRO3","Base estabilizada granulometricamente com mistura solo areia (70% - 30%) em usina com material de jazida e areia extraída","",null,"m³",1,30.83,30.83]
["A","Código","Banco","Equipamentos","Quantidade","Utilização",null,"Custo Operacional",null,"Custo Horário"]
[{"$nulls":5},"Operativa","Improdutiva","Operativa","Improdutiva"]
["Insumo","E9571","SICRO3","Caminhão tanque com capacidade de 10.000 l - 188 kW",1,0.36,0.64,325.4515,82.4957,169.9598]
["Insumo","E9514","SICRO3","Distribuidor de agregados sobre pneus autopropelido - 130 kW",1,1,0,274.3285,96.9544,274.3285]
["Insumo","E9762","SICRO3","Rolo compactador de pneus autopropelido de 27 t - 85 kW",1,0.69,0.31,244.2479,116.2009,204.5533]
["Insumo","E9685","SICRO3","Rolo compactador pé de carneiro vibratório autopropelido por pneus de 11,6 t - 82 kW",1,0.72,0.28,204.3191,87.6996,171.6656]
[{"$nulls":5},"Custo Horário de Equipamentos =>",null,null,null,820.5072]
["B","Código","Banco","Mão de Obra","Quantidade","Salário Hora",null,null,null,"Custo Horário"]
["Insumo","P9824","SICRO3","Servente",1,null,null,null,18.5436,18.5436]
[{"$nulls":5},"Custo Horário da Mão de Obra =>",null,null,null,18.5436]
[{"$nulls":5},"Adc.M.O. - Ferramentas (0,0%) =>",null,null,null,0]
[{"$nulls":5},"Custo Horário de Execução =>",null,null,null,839.0508]
[{"$nulls":5},"Fator de Influencia da Chuva - FIC =>",null,null,null,0.0643]
[{"$nulls":5},"Custo do FIC =>",null,null,null,0.4469]
[{"$nulls":5},"Produção de Equipe =>",null,null,null,120.7]
[{"$nulls":5},"Custo Unitário de Execução =>",null,null,null,6.9515]
["D","Banco","Código","Atividades Auxiliares","Quantidade","Unidade","Preço Unitário",null,null,"Custo Horário"]
["Atividade Auxiliar","SICRO3",6416153,"Usinagem de solo areia (70% - 30%) - material de jazida e areia extraída",1,"m³",16.66,null,null,16.66]
[{"$nulls":5},"Custo Total das Atividades =>",null,null,null,16.66]
["E","Banco","Insumo","Tempos Fixos","Código","Quantidade","Unidade","Preço Unitário",null,"Custo Horário"]
["Tempo Fixo","SICRO3",6416153,"Carga, manobra e descarga de agregados ou solos em caminhão basculante de 10 m³ - carga em usina de solos de 300 t/h e",5914652,2.063,"t",3.28,null,6.7666]
[{"$nulls":5},"Custo Total dos Tempos Fixos =>",null,null,null,6.7666]
["F","Banco","Insumo","Momento de Transporte","Quantidade","Unidade","Distância Média de Transporte (DMT)",null,null,"Custo Horário"]
[{"$nulls":6},"LN","RP","P"]
["Momento de Transporte","SICRO3",6416153,"Usinagem de solo areia (70% - 30%) - material de jazida e areia extraída - Caminhão basculante com capacidade de 10 m³ - 188 kW",2.063,"tkm","5914359\n0,000\nR$ 1,23","5914374\n0,000\nR$ 0,98","5914389\n0,000\nR$ 0,77",0]
[{"$nulls":5},"Custo total dos Momentos de Transportes =>",null,null,null,0]
[{"$nulls":4},"MO sem LS =>",1.69672527130983,"LS =>",0,"MO com LS =>",1.69672527130983]
[{"$nulls":4},"Valor do BDI =>",7.1,null,"Valor com BDI =>",null,37.93]
[]
[" 5.3.1 ","Código","Banco","Descrição","Tipo",null,"Und","Quant.","Valor Unit","Total"]
["Composição"," 4011351 ","Próprio","SICRO (4011351) - Imprimação com asfalto diluído","URBA - URBANIZAÇÃO",null,"m²",1,0.37,0.37]
["A","Código","Banco","Equipamentos","Quantidade","Utilização",null,"Custo Operacional",null,"Custo Horário"]
[{"$nulls":5},"Operativa","Improdutiva","Operativa","Improdutiva"]
["Insumo","E9509","SICRO3","Caminhão tanque distribuidor de asfalto com capacidade de 6.000 l - 7 kW/136 kW",1,1,0,260.7414,72.7935,260.7414]
["Insumo","E9558","SICRO3","Tanque de estocagem de asfalto com capacidade de 30.000 l",2,1,0,57.8953,39.5467,115.7906]
[{"$nulls":5},"Custo Horário de Equipamentos =>",null,null,null,376.532]
["B","Código","Banco","Mão de Obra","Quantidade","Salário Hora",null,null,null,"Custo Horário"]
["Insumo","P9824","SICRO3","Servente",2,null,null,null,18.5436,37.0872]
[{"$nulls":5},"Custo Horário da Mão de Obra =>",null,null,null,37.0872]
[{"$nulls":5},"Custo Horário de Execução =>",null,null,null,413.6192]
[{"$nulls":5},"Fator de Influencia da Chuva - FIC =>",null,null,null,0]
[{"$nulls":5},"Custo do FIC =>",null,null,null,0]
[{"$nulls":5},"Produção de Equipe =>",null,null,null,1125]
[{"$nulls":5},"Custo Unitário de Execução =>",null,null,null,0.3677]
["C","Banco","Código","Material","Quantidade","Unidade","Preço Unitário",null,null,"Custo Horário"]
["Insumo","SICRO3","M0104","Asfalto diluído de petróleo - CM-30",0.0001,"t",4.0432,null,null,0.0004]
[{"$nulls":5},"Custo Total do Material =>",null,null,null,0.0004]
["D","Banco","Código","Atividades Auxiliares","Quantidade","Unidade","Preço Unitário",null,null,"Custo Horário"]
["Atividade Auxiliar","SICRO3",5914622,"Transporte de material betuminoso com caminhão tanque distribuidor - rodovia pavimentada",0,"tkm",1.75,null,null,0]
["Atividade Auxiliar","SICRO3",5914621,"Transporte de material betuminoso com caminhão tanque distribuidor - rodovia em revestimento primário",0,"tkm",2.23,null,null,0]
[{"$nulls":5},"Custo Total das Atividades =>",null,null,null,0]
[{"$nulls":4},"MO sem LS =>",0.03,"LS =>",0,"MO com LS =>",0.0329664]
[{"$nulls":4},"Valor do BDI =>",0.08,null,"Valor com BDI =>",null,0.45]
[]
[" 5.3.3 ","Código","Banco","Descrição","Tipo",null,"Und","Quant.","Valor Unit","Total"]
["Composição"," 5914622 ","SICRO3","Transporte de material betuminoso com caminhão tanque distribuidor - rodovia pavimentada","",null,"tkm",1,1.75,1.75]
["A","Código","Banco","Equipamentos","Quantidade","Utilização",null,"Custo Operacional",null,"Custo Horário"]
[{"$nulls":5},"Operativa","Improdutiva","Operativa","Improdutiva"]
["Insumo","E9509","SICRO3","Caminhão tanque distribuidor de asfalto com capacidade de 6.000 l - 7 kW/136 kW",1,1,0,260.7414,72.7935,260.7414]
[{"$nulls":5},"Custo Horário de Equipamentos =>",null,null,null,260.7414]
[{"$nulls":5},"Custo Horário de Execução =>",null,null,null,260.7414]
[{"$nulls":5},"Fator de Influencia da Chuva - FIC =>",null,null,null,0]
[{"$nulls":5},"Custo do FIC =>",null,null,null,0]
[{"$nulls":5},"Produção de Equipe =>",null,null,null,149.4]
[{"$nulls":5},"Custo Unitário de Execução =>",null,null,null,1.7453]
[{"$nulls":4},"MO sem LS =>",0,"LS =>",0,"MO com LS =>",0]
[{"$nulls":4},"Valor do BDI =>",0.37,null,"Valor com BDI =>",null,2.12]
[]
[" 5.3.4 ","Código","Banco","Descrição","Tipo",null,"Und","Quant.","Valor Unit","Total"]
["Composição"," 5914621 ","SICRO3","Transporte de material betuminoso com caminhão tanque distribuidor - rodovia em revestimento primário","",null,"tkm",1,2.23,2.23]
["A","Código","Banco","Equipamentos","Quantidade","Utilização",null,"Custo Operacional",null,"Custo Horário"]
[{"$nulls":5},"Operativa","Improdutiva","Operativa","Improdutiva"]
["Insumo","E9509","SICRO3","Caminhão tanque distribuidor de asfalto com capacidade de 6.000 l - 7 kW/136 kW",1,1,0,260.7414,72.7935,260.7414]
[{"$nulls":5},"Custo Horário de Equipamentos =>",null,null,null,260.7414]
[{"$nulls":5},"Custo Horário de Execução =>",null,null,null,260.7414]
[{"$nulls":5},"Fator de Influencia da Chuva - FIC =>",null,null,null,0.0643]
[{"$nulls":5},"Custo do FIC =>",null,null,null,0.1346]
[{"$nulls":5},"Produção de Equipe =>",null,null,null,124.5]
[{"$nulls":5},"Custo Unitário de Execução =>",null,null,null,2.0943]
[{"$nulls":4},"MO sem LS =>",0,"LS =>",0,"MO com LS =>",0]
[{"$nulls":4},"Valor do BDI =>",0.44,null,"Valor com BDI =>",null,2.67]
[]
[" 5.3.5 ","Código","Banco","Descrição","Tipo",null,"Und","Quant.","Valor Unit","Total"]
["Composição"," 4011353 ","Próprio","SICRO (4011353) - Pintura de ligação","URBA - URBANIZAÇÃO",null,"m²",1,0.28,0.28]
["A","Código","Banco","Equipamentos","Quantidade","Utilização",null,"Custo Operacional",null,"Custo Horário"]
[{"$nulls":5},"Operativa","Improdutiva","Operativa","Improdutiva"]
["Insumo","E9509","SICRO3","Caminhão tanque distribuidor de asfalto com capacidade de 6.000 l - 7 kW/136 kW",1,1,0,260.7414,72.7935,260.7414]
["Insumo","E9558","SICRO3","Tanque de estocagem de asfalto com capacidade de 30.000 l",2,1,0,57.8953,39.5467,115.7906]
[{"$nulls":5},"Custo Horário de Equipamentos =>",null,null,null,376.532]
["B","Código","Banco","Mão de Obra","Quantidade","Salário Hora",null,null,null,"Custo Horário"]
["Insumo","P9824","SICRO3","Servente",2,null,null,null,18.5436,37.0872]
[{"$nulls":5},"Custo Horário da Mão de Obra =>",null,null,null,37.0872]
[{"$nulls":5},"Custo Horário de Execução =>",null,null,null,413.6192]
[{"$nulls":5},"Fator de Influencia da Chuva - FIC =>",null,null,null,0]
[{"$nulls":5},"Custo do FIC =>",null,null,null,0]
[{"$nulls":5},"Produção de Equipe =>",null,null,null,1500]
[{"$nulls":5},"Custo Unitário de Execução =>",null,null,null,0.2757]
["C","Banco","Código","Material","Quantidade","Unidade","Preço Unitário",null,null,"Custo Horário"]
["Insumo","SICRO3","M1946","Emulsão asfáltica - RR-1C",0.00045,"t",3.9179,null,null,0.0018]
[{"$nulls":5},"Custo Total do Material =>",null,null,null,0.0018]
["D","Banco","Código","Atividades Auxiliares","Quantidade","Unidade","Preço Unitário",null,null,"Custo Horário"]
["Atividade Auxiliar","SICRO3",5914622,"Transporte de material betuminoso com caminhão tanque distribuidor - rodovia pavimentada",0,"tkm",1.75,null,null,0]
["Atividade Auxiliar","SICRO3",5914618,"Transporte de água com caminhão tanque de 13.000 l - rodovia em revestimento primário",0,"tkm",1.29,null,null,0]
[{"$nulls":5},"Custo Total das Atividades =>",null,null,null,0]
[{"$nulls":4},"MO sem LS =>",0.02,"LS =>",0,"MO com LS =>",0.0247248]
[{"$nulls":4},"Valor do BDI =>",0.06,null,"Valor com BDI =>",null,0.34]
[]
[" 5.3.9 ","Código","Banco","Descrição","Tipo",null,"Und","Quant.","Valor Unit","Total"]
["Composição"," 4011463 ","Próprio","SICRO (4011463) - Concreto asfáltico - faixa C - areia e brita comerciais","URBA - URBANIZAÇÃO",null,"t",1,231.96,231.96]
["A","Código","Banco","Equipamentos","Quantidade","Utilização",null,"Custo Operacional",null,"Custo Horário"]
[{"$nulls":5},"Operativa","Improdutiva","Operativa","Improdutiva"]
["Insumo","E9762","SICRO3","Rolo compactador de pneus autopropelido de 27 t - 85 kW",1,0.71,0.29,244.2479,116.2009,207.1143]
["Insumo","E9681","SICRO3","Rolo compactador liso tandem vibratório autopropelido de 10,4 t - 82 kW",1,0.82,0.18,265.9752,95.3397,235.2608]
["Insumo","E9545","SICRO3","Vibroacabadora de asfalto sobre esteiras - 82 kW",1,1,0,448.1705,204.8971,448.1705]
[{"$nulls":5},"Custo Horário de Equipamentos =>",null,null,null,890.5456]
["B","Código","Banco","Mão de Obra","Quantidade","Salário Hora",null,null,null,"Custo Horário"]
["Insumo","P9824","SICRO3","Servente",8,null,null,null,18.5436,148.3488]
[{"$nulls":5},"Custo Horário da Mão de Obra =>",null,null,null,148.3488]
[{"$nulls":5},"Custo Horário de Execução =>",null,null,null,1038.8944]
[{"$nulls":5},"Fator de Influencia da Chuva - FIC =>",null,null,null,0]
[{"$nulls":5},"Custo do FIC =>",null,null,null,0]
[{"$nulls":5},"Produção de Equipe =>",null,null,null,99.6]
[{"$nulls":5},"Custo Unitário de Execução =>",null,null,null,10.4307]
["D","Banco","Código","Atividades Auxiliares","Quantidade","Unidade","Preço Unitário",null,null,"Custo Horário"]
["Atividade Auxiliar","SICRO3",6416078,"Usinagem de concreto asfáltico - faixa C - areia e brita comerciais",1.02,"t",209.66,null,null,213.8532]
["Atividade Auxiliar","SICRO3",5914622,"Transporte de material betuminoso com caminhão tanque distribuidor - rodovia pavimentada",0,"tkm",1.75,null,null,0]
["Atividade Auxiliar","SICRO3",5914621,"Transporte de material betuminoso com caminhão tanque distribuidor - rodovia em revestimento primário",0,"tkm",2.23,null,null,0]
[{"$nulls":5},"Custo Total das Atividades =>",null,null,null,213.8532]
["E","Banco","Insumo","Tempos Fixos","Código","Quantidade","Unidade","Preço Unitário",null,"Custo Horário"]
["Tempo Fixo","SICRO3",6416078,"Carga, manobra e descarga de mistura betuminosa a quente em caminhão basculante de 10 m³ - carga em usina de asfalto100/140 t/h e descarga em vibroacabadora",5914649,1.02,"t",7.53,null,7.6806]
[{"$nulls":5},"Custo Total dos Tempos Fixos =>",null,null,null,7.6806]
[{"$nulls":4},"MO sem LS =>",2.24906313253012,"LS =>",0,"MO com LS =>",2.24906313253012]
[{"$nulls":4},"Valor do BDI =>",36.36,null,"Valor com BDI =>",null,268.32]
[]
[" 7.1 ","Código","Banco","Descrição","Tipo",null,"Und","Quant.","Valor Unit","Total"]
["Composição"," 2003373 ","SICRO3","Meio-fio de concreto - MFC 03 - areia e brita comerciais - fôrma de madeira","",null,"m",1,66.6,66.6]
[{"$nulls":5},"Custo Horário de Execução =>",null,null,null,0]
[{"$nulls":5},"Fator de Influencia da Chuva - FIC =>",null,null,null,0]
[{"$nulls":5},"Custo do FIC =>",null,null,null,0]
[{"$nulls":5},"Produção de Equipe =>",null,null,null,1]
[{"$nulls":5},"Custo Unitário de Execução =>",null,null,null,0]
["D","Banco","Código","Atividades Auxiliares","Quantidade","Unidade","Preço Unitário",null,null,"Custo Horário"]
["Atividade Auxiliar","SICRO3",1107892,"Concreto fck = 20 MPa - confecção em betoneira e lançamento manual - areia e brita comerciais",0.042,"m³",569.02,null,null,23.8988]
["Atividade Auxiliar","SICRO3",2003842,"Enchimento de junta de concreto com argamassa asfáltica de densidade 1.700 kg/m³ - espessura de 1 cm",0.0595,"kg",63.87,null,null,3.8003]
["Atividade Auxiliar","SICRO3",3103302,"Fôrmas de tábuas de pinho para dispositivos de drenagem - utilização de 3 vezes - confecção, instalação e retirada",0.5475,"m²",68.88,null,null,37.7118]
["Atividade Auxiliar","SICRO3",4805750,"Escavação manual em material de 1ª categoria na profundidade de até 1 m",0.03,"m³",39.47,null,null,1.1841]
[{"$nulls":5},"Custo Total das Atividades =>",null,null,null,66.595]
[{"$nulls":4},"MO sem LS =>",26.7770624522207,"LS =>",0,"MO com LS =>",26.7770624522207]
[{"$nulls":4},"Valor do BDI =>",11.43,null,"Valor com BDI =>",null,78.03]
[]
[" 7.2 ","Código","Banco","Descrição","Tipo",null,"Und","Quant.","Valor Unit","Total"]
["Composição"," 2003377 ","SICRO3","Meio-fio de concreto - MFC 05 - areia e brita comerciais - fôrma de madeira","",null,"m",1,57.38,57.38]
[{"$nulls":5},"Custo Horário de Execução =>",null,null,null,0]
[{"$nulls":5},"Fator de Influencia da Chuva - FIC =>",null,null,null,0]
[{"$nulls":5},"Custo do FIC =>",null,null,null,0]
[{"$nulls":5},"Produção de Equipe =>",null,null,null,1]
[{"$nulls":5},"Custo Unitário de Execução =>",null,null,null,0]
["D","Banco","Código","Atividades Auxiliares","Quantidade","Unidade","Preço Unitário",null,null,"Custo Horário"]
["Atividade Auxiliar","SICRO3",1107892,"Concreto fck = 20 MPa - confecção em betoneira e lançamento manual - areia e brita comerciais",0.0334,"m³",569.02,null,null,19.0053]
["Atividade Auxiliar","SICRO3",2003842,"Enchimento de junta de concreto com argamassa asfáltica de densidade 1.700 kg/m³ - espessura de 1 cm",0.0473,"kg",63.87,null,null,3.0211]
["Atividade Auxiliar","SICRO3",3103302,"Fôrmas de tábuas de pinho para dispositivos de drenagem - utilização de 3 vezes - confecção, instalação e retirada",0.5029,"m²",68.88,null,null,34.6398]
["Atividade Auxiliar","SICRO3",4805750,"Escavação manual em material de 1ª categoria na profundidade de até 1 m",0.018,"m³",39.47,null,null,0.7105]
[{"$nulls":5},"Custo Total das Atividades =>",null,null,null,57.3767]
[{"$nulls":4},"MO sem LS =>",23.7,"LS =>",0,"MO com LS =>",23.704451010757]
[{"$nulls":4},"Valor do BDI =>",9.9,null,"Valor com BDI =>",null,67.28]
[]
[" 7.4 ","Código","Banco","Descrição","Tipo",null,"Und","Quant.","Valor Unit","Total"]
["Composição"," 5901640 ","SICRO3","Transporte com caminhão basculante com caçamba estanque com capacidade de 14 m³ - rodovia pavimentada","",null,"tkm",1,0.56,0.56]
["A","Código","Banco","Equipamentos","Quantidade","Utilização",null,"Custo Operacional",null,"Custo Horário"]
[{"$nulls":5},"Operativa","Improdutiva","Operativa","Improdutiva"]
["Insumo","E9575","SICRO3","Caminhão basculante com caçamba estanque com capacidade de 14 m³ - 188 kW",1,1,0,292.5449,92.2439,292.5449]
[{"$nulls":5},"Custo Horário de Equipamentos =>",null,null,null,292.5449]
[{"$nulls":5},"Custo Horário de Execução =>",null,null,null,292.5449]
[{"$nulls":5},"Fator de Influencia da Chuva - FIC =>",null,null,null,0]
[{"$nulls":5},"Custo do FIC =>",null,null,null,0]
[{"$nulls":5},"Produção de Equipe =>",null,null,null,522.9]
[{"$nulls":5},"Custo Unitário de Execução =>",null,null,null,0.5595]
[{"$nulls":4},"MO sem LS =>",0,"LS =>",0,"MO com LS =>",0]
[{"$nulls":4},"Valor do BDI =>",0.12,null,"Valor com BDI =>",null,0.68]
[]
[" 7.5 ","Código","Banco","Descrição","Tipo",null,"Und","Quant.","Valor Unit","Total"]
["Composição"," 5901638 ","SICRO3","Transporte com caminhão basculante com caçamba estanque com capacidade de 14 m³ - rodovia em revestimento primário","",null,"tkm",1,0.71,0.71]
["A","Código","Banco","Equipamentos","Quantidade","Utilização",null,"Custo Operacional",null,"Custo Horário"]
[{"$nulls":5},"Operativa","Improdutiva","Operativa","Improdutiva"]
["Insumo","E9575","SICRO3","Caminhão basculante com caçamba estanque com capacidade de 14 m³ - 188 kW",1,1,0,292.5449,92.2439,292.5449]
[{"$nulls":5},"Custo Horário de Equipamentos =>",null,null,null,292.5449]
[{"$nulls":5},"Custo Horário de Execução =>",null,null,null,292.5449]
[{"$nulls":5},"Fator de Influencia da Chuva - FIC =>",null,null,null,0.0643]
[{"$nulls":5},"Custo do FIC =>",null,null,null,0.0432]
[{"$nulls":5},"Produção de Equipe =>",null,null,null,435.75]
[{"$nulls":5},"Custo Unitário de Execução =>",null,null,null,0.6714]
[{"$nulls":4},"MO sem LS =>",0,"LS =>",0,"MO com LS =>",0]
[{"$nulls":4},"Valor do BDI =>",0.14,null,"Valor com BDI =>",null,0.85]
[]
[" 7.6 ","Código","Banco","Descrição","Tipo",null,"Und","Quant.","Valor Unit","Total"]
["Composição"," 4805754 ","SICRO3","Compactação manual com soquete vibratório","",null,"m³",1,6.19,6.19]
["A","Código","Banco","Equipamentos","Quantidade","Utilização",null,"Custo Operacional",null,"Custo Horário"]
[{"$nulls":5},"Operativa","Improdutiva","Operativa","Improdutiva"]
["Insumo","E9647","SICRO3","Compactador manual com soquete vibratório - 4,10 kW",1,1,0,8.6131,1.0989,8.6131]
[{"$nulls":5},"Custo Horário de Equipamentos =>",null,null,null,8.6131]
["B","Código","Banco","Mão de Obra","Quantidade","Salário Hora",null,null,null,"Custo Horário"]
["Insumo","P9824","SICRO3","Servente",1,null,null,null,18.5436,18.5436]
[{"$nulls":5},"Custo Horário da Mão de Obra =>",null,null,null,18.5436]
[{"$nulls":5},"Adc.M.O. - Ferramentas (0,0%) =>",null,null,null,0]
[{"$nulls":5},"Custo Horário de Execução =>",null,null,null,27.1567]
[{"$nulls":5},"Fator de Influencia da Chuva - FIC =>",null,null,null,0.0643]
[{"$nulls":5},"Custo do FIC =>",null,null,null,0.374]
[{"$nulls":5},"Produção de Equipe =>",null,null,null,4.6688]
[{"$nulls":5},"Custo Unitário de Execução =>",null,null,null,5.8167]
[{"$nulls":4},"MO sem LS =>",3.97,"LS =>",0,"MO com LS =>",3.97185542168675]
[{"$nulls":4},"Valor do BDI =>",1.22,null,"Valor com BDI =>",null,7.41]
[]
[" 7.7 ","Código","Banco","Descrição","Tipo",null,"Und","Quant.","Valor Unit","Total"]
["Composição"," 2003385 ","SICRO3","Entrada para descida d’água - EDA 01 - areia e brita comerciais","",null,"un",1,69.48,69.48]
[{"$nulls":5},"Custo Horário de Execução =>",null,null,null,0]
[{"$nulls":5},"Fator de Influencia da Chuva - FIC =>",null,null,null,0]
[{"$nulls":5},"Custo do FIC =>",null,null,null,0]
[{"$nulls":5},"Produção de Equipe =>",null,null,null,1]
[{"$nulls":5},"Custo Unitário de Execução =>",null,null,null,0]
["D","Banco","Código","Atividades Auxiliares","Quantidade","Unidade","Preço Unitário",null,null,"Custo Horário"]
["Atividade Auxiliar","SICRO3",1107892,"Concreto fck = 20 MPa - confecção em betoneira e lançamento manual - areia e brita comerciais",0.11,"m³",569.02,null,null,62.5922]
["Atividade Auxiliar","SICRO3",3103302,"Fôrmas de tábuas de pinho para dispositivos de drenagem - utilização de 3 vezes - confecção, instalação e retirada",0.1,"m²",68.88,null,null,6.888]
[{"$nulls":5},"Custo Total das Atividades =>",null,null,null,69.4802]
[{"$nulls":4},"MO sem LS =>",9.5,"LS =>",0,"MO com LS =>",9.50368391349667]
[{"$nulls":4},"Valor do BDI =>",10.59,null,"Valor com BDI =>",null,80.07]
[]
[" 7.8 ","Código","Banco","Descrição","Tipo",null,"Und","Quant.","Valor Unit","Total"]
["Composição"," 2003387 ","SICRO3","Entrada para descida d’água - EDA 02 - areia e brita comerciais","",null,"un",1,86.55,86.55]
[{"$nulls":5},"Custo Horário de Execução =>",null,null,null,0]
[{"$nulls":5},"Fator de Influencia da Chuva - FIC =>",null,null,null,0]
[{"$nulls":5},"Custo do FIC =>",null,null,null,0]
[{"$nulls":5},"Produção de Equipe =>",null,null,null,1]
[{"$nulls":5},"Custo Unitário de Execução =>",null,null,null,0]
["D","Banco","Código","Atividades Auxiliares","Quantidade","Unidade","Preço Unitário",null,null,"Custo Horário"]
["Atividade Auxiliar","SICRO3",1107892,"Concreto fck = 20 MPa - confecção em betoneira e lançamento manual - areia e brita comerciais",0.14,"m³",569.02,null,null,79.6628]
["Atividade Auxiliar","SICRO3",3103302,"Fôrmas de tábuas de pinho para dispositivos de drenagem - utilização de 3 vezes - confecção, instalação e retirada",0.1,"m²",68.88,null,null,6.888]
[{"$nulls":5},"Custo Total das Atividades =>",null,null,null,86.5508]
[{"$nulls":4},"MO sem LS =>",11.03,"LS =>",0,"MO com LS =>",11.0338295896039]
[{"$nulls":4},"Valor do BDI =>",13.13,null,"Valor com BDI =>",null,99.68]
[]
[" 7.9 ","Código","Banco","Descrição","Tipo",null,"Und","Quant.","Valor Unit","Total"]
["Composição"," 2003449 ","SICRO3","Dissipador de energia - DEB 01 - areia, brita e pedra de mão comerciais","",null,"un",1,495.06,495.06]
["B","Código","Banco","Mão de Obra","Quantidade","Salário Hora",null,null,null,"Custo Horário"]
["Insumo","P9824","SICRO3","Servente",0.28,null,null,null,18.5436,5.1922]
[{"$nulls":5},"Custo Horário da Mão de Obra =>",null,null,null,5.1922]
[{"$nulls":5},"Adc.M.O. - Ferramentas (0,0%) =>",null,null,null,0]
[{"$nulls":5},"Custo Horário de Execução =>",null,null,null,5.1922]
[{"$nulls":5},"Fator de Influencia da Chuva - FIC =>",null,null,null,0]
[{"$nulls":5},"Custo do FIC =>",null,null,null,0]
[{"$nulls":5},"Produção de Equipe =>",null,null,null,1]
[{"$nulls":5},"Custo Unitário de Execução =>",null,null,null,5.1922]
["C","Banco","Código","Material","Quantidade","Unidade","Preço Unitário",null,null,"Custo Horário"]
["Insumo","SICRO3","M1097","Pedra de mão ou rachão",0.21,"m³",177.3103,null,null,37.2352]
[{"$nulls":5},"Custo Total do Material =>",null,null,null,37.2352]
["D","Banco","Código","Atividades Auxiliares","Quantidade","Unidade","Preço Unitário",null,null,"Custo Horário"]
["Atividade Auxiliar","SICRO3",1107892,"Concreto fck = 20 MPa - confecção em betoneira e lançamento manual - areia e brita comerciais",0.42,"m³",569.02,null,null,238.9884]
["Atividade Auxiliar","SICRO3",3103302,"Fôrmas de tábuas de pinho para dispositivos de drenagem - utilização de 3 vezes - confecção, instalação e retirada",2.71,"m²",68.88,null,null,186.6648]
["Atividade Auxiliar","SICRO3",4805750,"Escavação manual em material de 1ª categoria na profundidade de até 1 m",0.67,"m³",39.47,null,null,26.4449]
[{"$nulls":5},"Custo Total das Atividades =>",null,null,null,452.0981]
["E","Banco","Insumo","Tempos Fixos","Código","Quantidade","Unidade","Preço Unitário",null,"Custo Horário"]
["Tempo Fixo","SICRO3","M1097","Carga, manobra e descarga de agregados ou solos em caminhão basculante de 10 m³ - carga com carregadeira de 3,40 m³(exclusa) e descarga livre",5914647,0.315,"t",1.71,null,0.5387]
[{"$nulls":5},"Custo Total dos Tempos Fixos =>",null,null,null,0.5387]
["F","Banco","Insumo","Momento de Transporte","Quantidade","Unidade","Distância Média de Transporte (DMT)",null,null,"Custo Horário"]
[{"$nulls":6},"LN","RP","P"]
["Momento de Transporte","SICRO3","M1097","Pedra de mão ou rachão - Caminhão basculante com capacidade de 10 m³ - 188 kW",0.315,"tkm","5914359\n0,000\nR$ 1,23","5914374\n0,000\nR$ 0,98","5914389\n0,000\nR$ 0,77",0]
[{"$nulls":5},"Custo total dos Momentos de Transportes =>",null,null,null,0]
[{"$nulls":4},"MO sem LS =>",156.967030172075,"LS =>",0,"MO com LS =>",156.967030172075]
[{"$nulls":4},"Valor do BDI =>",81.66,null,"Valor com BDI =>",null,576.72]
[]
[" 7.10 ","Código","Banco","Descrição","Tipo",null,"Und","Quant.","Valor Unit","Total"]
["Composição"," 2003391 ","SICRO3","Descida d’água de aterros tipo rápido - DAR 02 - areia e brita comerciais","",null,"m",1,166.24,166.24]
["B","Código","Banco","Mão de Obra","Quantidade","Salário Hora",null,null,null,"Custo Horário"]
["Insumo","P9824","SICRO3","Servente",0.024,null,null,null,18.5436,0.445]
[{"$nulls":5},"Custo Horário da Mão de Obra =>",null,null,null,0.445]
[{"$nulls":5},"Adc.M.O. - Ferramentas (0,0%) =>",null,null,null,0]
[{"$nulls":5},"Custo Horário de Execução =>",null,null,null,0.445]
[{"$nulls":5},"Fator de Influencia da Chuva - FIC =>",null,null,null,0]
[{"$nulls":5},"Custo do FIC =>",null,null,null,0]
[{"$nulls":5},"Produção de Equipe =>",null,null,null,1]
[{"$nulls":5},"Custo Unitário de Execução =>",null,null,null,0.445]
["C","Banco","Código","Material","Quantidade","Unidade","Preço Unitário",null,null,"Custo Horário"]
["Insumo","SICRO3","M1943","Cimento asfáltico de petróleo - CAP 50/70",0.00033,"t",3.7236,null,null,0.0012]
[{"$nulls":5},"Custo Total do Material =>",null,null,null,0.0012]
["D","Banco","Código","Atividades Auxiliares","Quantidade","Unidade","Preço Unitário",null,null,"Custo Horário"]
["Atividade Auxiliar","SICRO3",1107892,"Concreto fck = 20 MPa - confecção em betoneira e lançamento manual - areia e brita comerciais",0.137,"m³",569.02,null,null,77.9557]
["Atividade Auxiliar","SICRO3",3103302,"Fôrmas de tábuas de pinho para dispositivos de drenagem - utilização de 3 vezes - confecção, instalação e retirada",1.1,"m²",68.88,null,null,75.768]
["Atividade Auxiliar","SICRO3",4805750,"Escavação manual em material de 1ª categoria na profundidade de até 1 m",0.2,"m³",39.47,null,null,7.894]
["Atividade Auxiliar","SICRO3",4805755,"Apiloamento manual",0.15,"m³",27.82,null,null,4.173]
[{"$nulls":5},"Custo Total das Atividades =>",null,null,null,165.7907]
[{"$nulls":4},"MO sem LS =>",61.8470882382502,"LS =>",0,"MO com LS =>",61.8470882382502]
[{"$nulls":4},"Valor do BDI =>",28.09,null,"Valor com BDI =>",null,194.33]
[]
[" 8.1 ","Código","Banco","Descrição","Tipo",null,"Und","Quant.","Valor Unit","Total"]
["Composição"," 4815671 ","SICRO3","Reaterro e compactação com soquete vibratório","",null,"m³",1,14.68,14.68]
["A","Código","Banco","Equipamentos","Quantidade","Utilização",null,"Custo Operacional",null,"Custo Horário"]
[{"$nulls":5},"Operativa","Improdutiva","Operativa","Improdutiva"]
["Insumo","E9647","SICRO3","Compactador manual com soquete vibratório - 4,10 kW",1,1,0,8.6131,1.0989,8.6131]
[{"$nulls":5},"Custo Horário de Equipamentos =>",null,null,null,8.6131]
["B","Código","Banco","Mão de Obra","Quantidade","Salário Hora",null,null,null,"Custo Horário"]
["Insumo","P9824","SICRO3","Servente",2,null,null,null,18.5436,37.0872]
[{"$nulls":5},"Custo Horário da Mão de Obra =>",null,null,null,37.0872]
[{"$nulls":5},"Adc.M.O. - Ferramentas (0,0%) =>",null,null,null,0]
[{"$nulls":5},"Custo Horário de Execução =>",null,null,null,45.7003]
[{"$nulls":5},"Fator de Influencia da Chuva - FIC =>",null,null,null,0]
[{"$nulls":5},"Custo do FIC =>",null,null,null,0]
[{"$nulls":5},"Produção de Equipe =>",null,null,null,3.1125]
[{"$nulls":5},"Custo Unitário de Execução =>",null,null,null,14.6828]
[{"$nulls":4},"MO sem LS =>",11.9155662650602,"LS =>",0,"MO com LS =>",11.9155662650602]
[{"$nulls":4},"Valor do BDI =>",3.07,null,"Valor com BDI =>",null,17.75]
[]
[" 8.2 ","Código","Banco","Descrição","Tipo",null,"Und","Quant.","Valor Unit","Total"]
["Composição"," 3108018 ","SICRO3","Guia de madeira de 2,5 x 7,0 cm - confecção e instalação","",null,"m",1,4.02,4.02]
["B","Código","Banco","Mão de Obra","Quantidade","Salário Hora",null,null,null,"Custo Horário"]
["Insumo","P9801","SICRO3","Ajudante",1,null,null,null,20.0513,20.0513]
["Insumo","P9808","SICRO3","Carpinteiro",1,null,null,null,23.0682,23.0682]
[{"$nulls":5},"Custo Horário da Mão de Obra =>",null,null,null,43.1195]
[{"$nulls":5},"Adc.M.O. - Ferramentas (0,0%) =>",null,null,null,0]
[{"$nulls":5},"Custo Horário de Execução =>",null,null,null,43.1195]
[{"$nulls":5},"Fator de Influencia da Chuva - FIC =>",null,null,null,0]
[{"$nulls":5},"Custo do FIC =>",null,null,null,0]
[{"$nulls":5},"Produção de Equipe =>",null,null,null,100]
[{"$nulls":5},"Custo Unitário de Execução =>",null,null,null,0.4312]
["C","Banco","Código","Material","Quantidade","Unidade","Preço Unitário",null,null,"Custo Horário"]
["Insumo","SICRO3","M1429","Tábua de pinho de terceira - E = 2,5 cm",0.0735,"m²",48.0338,null,null,3.5305]
[{"$nulls":5},"Custo Total do Material =>",null,null,null,3.5305]
["E","Banco","Insumo","Tempos Fixos","Código","Quantidade","Unidade","Preço Unitário",null,"Custo Horário"]
["Tempo Fixo","SICRO3","M1429","Carga, manobra e descarga de materiais diversos em caminhão carroceria de 15 t - carga e descarga manuais",5914655,0.00184,"t",31.9,null,0.0587]
[{"$nulls":5},"Custo Total dos Tempos Fixos =>",null,null,null,0.0587]
["F","Banco","Insumo","Momento de Transporte","Quantidade","Unidade","Distância Média de Transporte (DMT)",null,null,"Custo Horário"]
[{"$nulls":6},"LN","RP","P"]
["Momento de Transporte","SICRO3","M1429","Tábua de pinho de terceira - E = 2,5 cm - Caminhão carroceria com capacidade de 15 t - 188 kW",0.00184,"tkm","5914449\n0,000\nR$ 1,14","5914464\n0,000\nR$ 0,91","5914479\n0,000\nR$ 0,71",0]
[{"$nulls":5},"Custo total dos Momentos de Transportes =>",null,null,null,0]
[{"$nulls":4},"MO sem LS =>",0.448485654054054,"LS =>",0,"MO com LS =>",0.448485654054054]
[{"$nulls":4},"Valor do BDI =>",0.6,null,"Valor com BDI =>",null,4.62]
[]
[" 8.3 ","Código","Banco","Descrição","Tipo",null,"Und","Quant.","Valor Unit","Total"]
["Composição"," 1107892 ","SICRO3","Concreto fck = 20 MPa - confecção em betoneira e lançamento manual - areia e brita comerciais","",null,"m³",1,569.02,569.02]
["A","Código","Banco","Equipamentos","Quantidade","Utilização",null,"Custo Operacional",null,"Custo Horário"]
[{"$nulls":5},"Operativa","Improdutiva","Operativa","Improdutiva"]
["Insumo","E9010","SICRO3","Balança plataforma digital à bateria, com mesa de 75 x 75 cm e capacidade de 500 kg",1,1,0,1.3189,0.886,1.3189]
["Insumo","E9519","SICRO3","Betoneira com motor a gasolina com capacidade de 600 l - 10 kW",1,1,0,45.6167,27.0434,45.6167]
["Insumo","E9071","SICRO3","Transportador manual carrinho de mão com capacidade de 80 l",4,0.9,0.1,0.7908,0.5376,3.0619]
["Insumo","E9064","SICRO3","Transportador manual gerica com capacidade de 180 l",3,0.41,0.59,1.676,1.1394,4.0782]
[{"$nulls":5},"Custo Horário de Equipamentos =>",null,null,null,54.0757]
["B","Código","Banco","Mão de Obra","Quantidade","Salário Hora",null,null,null,"Custo Horário"]
["Insumo","P9821","SICRO3","Pedreiro",1,null,null,null,23.0565,23.0565]
["Insumo","P9824","SICRO3","Servente",9,null,null,null,18.5436,166.8924]
[{"$nulls":5},"Custo Horário da Mão de Obra =>",null,null,null,189.9489]
[{"$nulls":5},"Adc.M.O. - Ferramentas (0,0%) =>",null,null,null,0]
[{"$nulls":5},"Custo Horário de Execução =>",null,null,null,244.0246]
[{"$nulls":5},"Fator de Influencia da Chuva - FIC =>",null,null,null,0]
[{"$nulls":5},"Custo do FIC =>",null,null,null,0]
[{"$nulls":5},"Produção de Equipe =>",null,null,null,3.929]
[{"$nulls":5},"Custo Unitário de Execução =>",null,null,null,62.1087]
["C","Banco","Código","Material","Quantidade","Unidade","Preço Unitário",null,null,"Custo Horário"]
["Insumo","SICRO3","M0030","Aditivo plastificante e retardador de pega para concreto e argamassa",0.84646,"kg",7.2224,null,null,6.1135]
["Insumo","SICRO3","M0082","Areia média lavada",0.63334,"m³",155.2535,null,null,98.3283]
["Insumo","SICRO3","M0191","Brita 1",0.36754,"m³",197.5941,null,null,72.6237]
["Insumo","SICRO3","M0192","Brita 2",0.36754,"m³",193.3035,null,null,71.0468]
["Insumo","SICRO3","M0424","Cimento Portland CP II - 32 - saco",282.15207,"kg",0.8728,null,null,246.2623]
[{"$nulls":5},"Custo Total do Material =>",null,null,null,494.3746]
["E","Banco","Insumo","Tempos Fixos","Código","Quantidade","Unidade","Preço Unitário",null,"Custo Horário"]
["Tempo Fixo","SICRO3","M0030","Carga, manobra e descarga de materiais diversos em caminhão carroceria de 15 t - carga e descarga manuais",5914655,0.00085,"t",31.9,null,0.0271]
["Tempo Fixo","SICRO3","M0082","Carga, manobra e descarga de agregados ou solos em caminhão basculante de 10 m³ - carga com carregadeira de 3,40 m³(exclusa) e descarga livre",5914647,0.95001,"t",1.71,null,1.6245]
["Tempo Fixo","SICRO3","M0191","Carga, manobra e descarga de agregados ou solos em caminhão basculante de 10 m³ - carga com carregadeira de 3,40 m³(exclusa) e descarga livre",5914647,0.55131,"t",1.71,null,0.9427]
["Tempo Fixo","SICRO3","M0192","Carga, manobra e descarga de agregados ou solos em caminhão basculante de 10 m³ - carga com carregadeira de 3,40 m³(exclusa) e descarga livre",5914647,0.55131,"t",1.71,null,0.9427]
["Tempo Fixo","SICRO3","M0424","Carga, manobra e descarga de materiais diversos em caminhão carroceria de 15 t - carga e descarga manuais",5914655,0.28215,"t",31.9,null,9.0006]
[{"$nulls":5},"Custo Total dos Tempos Fixos =>",null,null,null,12.5376]
["F","Banco","Insumo","Momento de Transporte","Quantidade","Unidade","Distância Média de Transporte (DMT)",null,null,"Custo Horário"]
[{"$nulls":6},"LN","RP","P"]
["Momento de Transporte","SICRO3","M0030","Aditivo plastificante e retardador de pega para concreto e argamassa - Caminhão carroceria com capacidade de 15 t - 188 kW",0.00085,"tkm","5914449\n0,000\nR$ 1,14","5914464\n0,000\nR$ 0,91","5914479\n0,000\nR$ 0,71",0]
["Momento de Transporte","SICRO3","M0082","Areia média lavada - Caminhão basculante com capacidade de 10 m³ - 188 kW",0.95001,"tkm","5914359\n0,000\nR$ 1,23","5914374\n0,000\nR$ 0,98","5914389\n0,000\nR$ 0,77",0]
["Momento de Transporte","SICRO3","M0191","Brita 1 - Caminhão basculante com capacidade de 10 m³ - 188 kW",0.55131,"tkm","5914359\n0,000\nR$ 1,23","5914374\n0,000\nR$ 0,98","5914389\n0,000\nR$ 0,77",0]
["Momento de Transporte","SICRO3","M0192","Brita 2 - Caminhão basculante com capacidade de 10 m³ - 188 kW",0.55131,"tkm","5914359\n0,000\nR$ 1,23","5914374\n0,000\nR$ 0,98","5914389\n0,000\nR$ 0,77",0]
["Momento de Transporte","SICRO3","M0424","Cimento Portland CP II - 32 - saco - Caminhão carroceria com capacidade de 15 t - 188 kW",0.28215,"tkm","5914449\n0,000\nR$ 1,14","5914464\n0,000\nR$ 0,91","5914479\n0,000\nR$ 0,71",0]
[{"$nulls":5},"Custo total dos Momentos de Transportes =>",null,null,null,0]
[{"$nulls":4},"MO sem LS =>",51,"LS =>",0,"MO com LS =>",51.00485587024]
[{"$nulls":4},"Valor do BDI =>",84.73,null,"Valor com BDI =>",null,653.75]
[]
[" 8.4 ","Código","Banco","Descrição","Tipo",null,"Und","Quant.","Valor Unit","Total"]
["Composição"," 9418 ","Próprio","ORSE-9418 PISO TÁTIL DIRECIONAL E/OU ALERTA, DE CONCRETO, NA COR NATURAL, P/DEFICIENTES VISUAIS, DIMENSÕES 25X25CM, APLICADO COM ARGAMASSA INDUSTRIALIZADA AC-II, REJUNTADO, EXCLUSIVE REGULARIZAÇÃO DE BASE","SEDI - SERVIÇOS DIVERSOS",null,"m²",1,120.49,120.49]
["Composição Auxiliar"," 88309 ","SINAPI","PEDREIRO COM ENCARGOS COMPLEMENTARES","SEDI - SERVIÇOS DIVERSOS",null,"H",0.5,20.68,10.34]
["Composição Auxiliar"," 88316 ","SINAPI","SERVENTE COM ENCARGOS COMPLEMENTARES","SEDI - SERVIÇOS DIVERSOS",null,"H",1.2,15.36,18.43]
["Insumo"," 00034357 ","SINAPI","REJUNTE CIMENTICIO, QUALQUER COR","Material",null,"KG",0.52,6.28,3.27]
["Insumo"," 00000371 ","SINAPI","ARGAMASSA INDUSTRIALIZADA MULTIUSO, PARA REVESTIMENTO INTERNO E EXTERNO E ASSENTAMENTO DE BLOCOS DIVERSOS","Material",null,"KG",4,1.16,4.64]
["Insumo"," 9758 ","ORSE","Piso tátil direcional e/ou alerta, de concreto, na cor natural, dim 25x25 cm  - para deficiente visual m2","Material",null,"m²",1.05,79.82,83.81]
[{"$nulls":4},"MO sem LS =>",22.67,"LS =>",0,"MO com LS =>",22.67]
[{"$nulls":4},"Valor do BDI =>",18.96,null,"Valor com BDI =>",null,139.45]
[]
[" 9.1 ","Código","Banco","Descrição","Tipo",null,"Und","Quant.","Valor Unit","Total"]
["Composição"," 5213417 ","SICRO3","Placa em aço nº 16 galvanizado com película retrorrefletiva tipo I + III - confecção","",null,"m²",1,456.68,456.68]
["A","Código","Banco","Equipamentos","Quantidade","Utilização",null,"Custo Operacional",null,"Custo Horário"]
[{"$nulls":5},"Operativa","Improdutiva","Operativa","Improdutiva"]
["Insumo","E9568","SICRO3","Furadeira de impacto de 12,5 mm - 0,80 kW",0.1506,1,0,0.2057,0.1364,0.031]
["Insumo","E9753","SICRO3","Grupo gerador - 23 kVA",0.48193,1,0,26.5783,5.4832,12.8089]
["Insumo","E9623","SICRO3","Máquina de bancada guilhotina - 4,00 kW",0.2008,1,0,15.1909,9.6562,3.0503]
["Insumo","E9622","SICRO3","Máquina de bancada universal para corte de chapa - 1,50 kW",0.48193,1,0,11.8303,7.52,5.7014]
["Insumo","E9507","SICRO3","Plotadora de recorte com computador e programa computacional",0.48193,1,0,23.6759,14.9254,11.4101]
[{"$nulls":5},"Custo Horário de Equipamentos =>",null,null,null,33.0017]
["B","Código","Banco","Mão de Obra","Quantidade","Salário Hora",null,null,null,"Custo Horário"]
["Insumo","P9801","SICRO3","Ajudante",2,null,null,null,20.0513,40.1026]
["Insumo","P9830","SICRO3","Montador",1,null,null,null,24.8574,24.8574]
["Insumo","P9823","SICRO3","Serralheiro",1,null,null,null,25.3054,25.3054]
["Insumo","P9824","SICRO3","Servente",2,null,null,null,18.5436,37.0872]
[{"$nulls":5},"Custo Horário da Mão de Obra =>",null,null,null,127.3526]
[{"$nulls":5},"Adc.M.O. - Ferramentas (0,0%) =>",null,null,null,0]
[{"$nulls":5},"Custo Horário de Execução =>",null,null,null,160.3543]
[{"$nulls":5},"Fator de Influencia da Chuva - FIC =>",null,null,null,0]
[{"$nulls":5},"Custo do FIC =>",null,null,null,0]
[{"$nulls":5},"Produção de Equipe =>",null,null,null,4]
[{"$nulls":5},"Custo Unitário de Execução =>",null,null,null,40.0886]
["C","Banco","Código","Material","Quantidade","Unidade","Preço Unitário",null,null,"Custo Horário"]
["Insumo","SICRO3","M1367","Chapa fina em aço galvanizado",11.775,"kg",12.6704,null,null,149.194]
["Insumo","SICRO3","M3235","Película retrorrefletiva tipo I",1,"m²",151.6847,null,null,151.6847]
["Insumo","SICRO3","M3237","Película retrorrefletiva tipo III",0.4,"m²",244.6251,null,null,97.85]
[{"$nulls":5},"Custo Total do Material =>",null,null,null,398.7287]
["D","Banco","Código","Atividades Auxiliares","Quantidade","Unidade","Preço Unitário",null,null,"Custo Horário"]
["Atividade Auxiliar","SICRO3",5212552,"Pintura eletrostática a pó com tinta poliéster em chapa de aço",1,"m²",17.46,null,null,17.46]
[{"$nulls":5},"Custo Total das Atividades =>",null,null,null,17.46]
["E","Banco","Insumo","Tempos Fixos","Código","Quantidade","Unidade","Preço Unitário",null,"Custo Horário"]
["Tempo Fixo","SICRO3","M1367","Carga, manobra e descarga de materiais diversos em caminhão carroceria de 15 t - carga e descarga com caminhãoguindauto de 20 t.m",5914333,0.01178,"t",32.62,null,0.3843]
["Tempo Fixo","SICRO3","M3235","Carga, manobra e descarga de materiais diversos em caminhão carroceria de 15 t - carga e descarga manuais",5914655,0.00044,"t",31.9,null,0.014]
["Tempo Fixo","SICRO3","M3237","Carga, manobra e descarga de materiais diversos em caminhão carroceria de 15 t - carga e descarga manuais",5914655,0.00019,"t",31.9,null,0.0061]
[{"$nulls":5},"Custo Total dos Tempos Fixos =>",null,null,null,0.4044]
["F","Banco","Insumo","Momento de Transporte","Quantidade","Unidade","Distância Média de Transporte (DMT)",null,null,"Custo Horário"]
[{"$nulls":6},"LN","RP","P"]
["Momento de Transporte","SICRO3","M1367","Chapa fina em aço galvanizado - Caminhão carroceria com capacidade de 15 t - 188 kW",0.01178,"tkm","5914449\n0,000\nR$ 1,14","5914464\n0,000\nR$ 0,91","5914479\n0,000\nR$ 0,71",0]
["Momento de Transporte","SICRO3","M3235","Película retrorrefletiva tipo I - Caminhão carroceria com capacidade de 15 t - 188 kW",0.00044,"tkm","5914449\n0,000\nR$ 1,14","5914464\n0,000\nR$ 0,91","5914479\n0,000\nR$ 0,71",0]
["Momento de Transporte","SICRO3","M3237","Película retrorrefletiva tipo III - Caminhão carroceria com capacidade de 15 t - 188 kW",0.00019,"tkm","5914449\n0,000\nR$ 1,14","5914464\n0,000\nR$ 0,91","5914479\n0,000\nR$ 0,71",0]
[{"$nulls":5},"Custo total dos Momentos de Transportes =>",null,null,null,0]
[{"$nulls":4},"MO sem LS =>",35.4491874868947,"LS =>",0,"MO com LS =>",35.4491874868947]
[{"$nulls":4},"Valor do BDI =>",67.84,null,"Valor com BDI =>",null,524.52]
[]
[" 9.2 ","Código","Banco","Descrição","Tipo",null,"Und","Quant.","Valor Unit","Total"]
["Composição"," 5213351 ","SICRO3","Suporte polimérico ecológico maciço colapsível D = 6,5 cm para placa de sinalização - fornecimento e implantação","",null,"un",1,757.06,757.06]
["A","Código","Banco","Equipamentos","Quantidade","Utilização",null,"Custo Operacional",null,"Custo Horário"]
[{"$nulls":5},"Operativa","Improdutiva","Operativa","Improdutiva"]
["Insumo","E9687","SICRO3","Caminhão carroceria com capacidade de 5 t - 115 kW",1,0.3,0.7,148.1784,57.0942,84.4195]
[{"$nulls":5},"Custo Horário de Equipamentos =>",null,null,null,84.4195]
["B","Código","Banco","Mão de Obra","Quantidade","Salário Hora",null,null,null,"Custo Horário"]
["Insumo","P9830","SICRO3","Montador",1,null,null,null,24.8574,24.8574]
["Insumo","P9824","SICRO3","Servente",1,null,null,null,18.5436,18.5436]
[{"$nulls":5},"Custo Horário da Mão de Obra =>",null,null,null,43.401]
[{"$nulls":5},"Adc.M.O. - Ferramentas (0,0%) =>",null,null,null,0]
[{"$nulls":5},"Custo Horário de Execução =>",null,null,null,127.8205]
[{"$nulls":5},"Fator de Influencia da Chuva - FIC =>",null,null,null,0]
[{"$nulls":5},"Custo do FIC =>",null,null,null,0]
[{"$nulls":5},"Produção de Equipe =>",null,null,null,6]
[{"$nulls":5},"Custo Unitário de Execução =>",null,null,null,21.3034]
["C","Banco","Código","Material","Quantidade","Unidade","Preço Unitário",null,null,"Custo Horário"]
["Insumo","SICRO3","M0789","Conjunto para fixação de placas em aço galvanizado composto por barra chata, abraçadeira, parafusos,",0.697,"kg",28.9907,null,null,20.2065]
["Insumo","SICRO3","M1591","Suporte polimérico ecológico maciço colapsível para placa de sinalização - D = 6,4 cm",3.6,"m",195.7836,null,null,704.821]
[{"$nulls":5},"Custo Total do Material =>",null,null,null,725.0275]
["D","Banco","Código","Atividades Auxiliares","Quantidade","Unidade","Preço Unitário",null,null,"Custo Horário"]
["Atividade Auxiliar","SICRO3",1106165,"Concreto ciclópico fck = 20 MPa - confecção em betoneira e lançamento manual - areia, brita e pedra de mão comerciais",0.01414,"m³",502.37,null,null,7.1035]
["Atividade Auxiliar","SICRO3",4805750,"Escavação manual em material de 1ª categoria na profundidade de até 1 m",0.06362,"m³",39.47,null,null,2.5111]
["Atividade Auxiliar","SICRO3",4815671,"Reaterro e compactação com soquete vibratório",0.04948,"m³",14.68,null,null,0.7264]
[{"$nulls":5},"Custo Total das Atividades =>",null,null,null,10.341]
["E","Banco","Insumo","Tempos Fixos","Código","Quantidade","Unidade","Preço Unitário",null,"Custo Horário"]
["Tempo Fixo","SICRO3","M0789","Carga, manobra e descarga de materiais diversos em caminhão carroceria de 15 t - carga e descarga manuais",5914655,0.0007,"t",31.9,null,0.0223]
["Tempo Fixo","SICRO3","M1591","Carga, manobra e descarga de materiais diversos em caminhão carroceria de 15 t - carga e descarga manuais",5914655,0.01159,"t",31.9,null,0.3697]
[{"$nulls":5},"Custo Total dos Tempos Fixos =>",null,null,null,0.392]
["F","Banco","Insumo","Momento de Transporte","Quantidade","Unidade","Distância Média de Transporte (DMT)",null,null,"Custo Horário"]
[{"$nulls":6},"LN","RP","P"]
["Momento de Transporte","SICRO3","M0789","Conjunto para fixação de placas em aço galvanizado composto por barra chata, abraçadeira, parafusos, - Caminhão carroceria com capacidade de 15 t - 188 kW",0.0007,"tkm","5914449\n0,000\nR$ 1,14","5914464\n0,000\nR$ 0,91","5914479\n0,000\nR$ 0,71",0]
["Momento de Transporte","SICRO3","M1591","Suporte polimérico ecológico maciço colapsível para placa de sinalização - D = 6,4 cm - Caminhão carroceria com capacidade de 15 t - 188 kW",0.01159,"tkm","5914449\n0,000\nR$ 1,14","5914464\n0,000\nR$ 0,91","5914479\n0,000\nR$ 0,71",0]
[{"$nulls":5},"Custo total dos Momentos de Transportes =>",null,null,null,0]
[{"$nulls":4},"MO sem LS =>",10.936378965345,"LS =>",0,"MO com LS =>",10.936378965345]
[{"$nulls":4},"Valor do BDI =>",111.04,null,"Valor com BDI =>",null,868.1]
[]
[" 9.3 ","Código","Banco","Descrição","Tipo",null,"Und","Quant.","Valor Unit","Total"]
["Composição"," 5213403 ","SICRO3","Pintura de faixa com tinta acrílica emulsionada em água - espessura de 0,5 mm","",null,"m²",1,21.13,21.13]
["A","Código","Banco","Equipamentos","Quantidade","Utilização",null,"Custo Operacional",null,"Custo Horário"]
[{"$nulls":5},"Operativa","Improdutiva","Operativa","Improdutiva"]
["Insumo","E9644","SICRO3","Caminhão demarcador de faixas com sistema de pintura a frio - 28 kW/115 kW",1,1,0,369.9012,151.767,369.9012]
[{"$nulls":5},"Custo Horário de Equipamentos =>",null,null,null,369.9012]
["B","Código","Banco","Mão de Obra","Quantidade","Salário Hora",null,null,null,"Custo Horário"]
["Insumo","P9853","SICRO3","Pré-marcador",1,null,null,null,19.7794,19.7794]
["Insumo","P9824","SICRO3","Servente",4,null,null,null,18.5436,74.1744]
[{"$nulls":5},"Custo Horário da Mão de Obra =>",null,null,null,93.9538]
[{"$nulls":5},"Adc.M.O. - Ferramentas (0,0%) =>",null,null,null,0]
[{"$nulls":5},"Custo Horário de Execução =>",null,null,null,463.855]
[{"$nulls":5},"Fator de Influencia da Chuva - FIC =>",null,null,null,0]
[{"$nulls":5},"Custo do FIC =>",null,null,null,0]
[{"$nulls":5},"Produção de Equipe =>",null,null,null,163.23]
[{"$nulls":5},"Custo Unitário de Execução =>",null,null,null,2.8417]
["C","Banco","Código","Material","Quantidade","Unidade","Preço Unitário",null,null,"Custo Horário"]
["Insumo","SICRO3","M2037","Microesferas refletivas de vidro tipo I-B",0.1,"kg",10.8782,null,null,1.0878]
["Insumo","SICRO3","M2038","Microesferas refletivas de vidro tipo II-A",0.35,"kg",12.3482,null,null,4.3219]
["Insumo","SICRO3","M2036","Tinta à base de resina acrílica emulsionada em água para demarcação viária",0.5,"l",25.632,null,null,12.816]
["Insumo","SICRO3","M2044","Tinta à base de resina acrílica emulsionada em água para pré-marcação viária",0.00097,"l",25.632,null,null,0.0249]
[{"$nulls":5},"Custo Total do Material =>",null,null,null,18.2506]
["E","Banco","Insumo","Tempos Fixos","Código","Quantidade","Unidade","Preço Unitário",null,"Custo Horário"]
["Tempo Fixo","SICRO3","M2037","Carga, manobra e descarga de materiais diversos em caminhão carroceria de 15 t - carga e descarga manuais",5914655,0.0001,"t",31.9,null,0.0032]
["Tempo Fixo","SICRO3","M2038","Carga, manobra e descarga de materiais diversos em caminhão carroceria de 15 t - carga e descarga manuais",5914655,0.00035,"t",31.9,null,0.0112]
["Tempo Fixo","SICRO3","M2036","Carga, manobra e descarga de materiais diversos em caminhão carroceria de 15 t - carga e descarga manuais",5914655,0.0008,"t",31.9,null,0.0255]
[{"$nulls":5},"Custo Total dos Tempos Fixos =>",null,null,null,0.0399]
["F","Banco","Insumo","Momento de Transporte","Quantidade","Unidade","Distância Média de Transporte (DMT)",null,null,"Custo Horário"]
[{"$nulls":6},"LN","RP","P"]
["Momento de Transporte","SICRO3","M2037","Microesferas refletivas de vidro tipo I-B - Caminhão carroceria com capacidade de 15 t - 188 kW",0.0001,"tkm","5914449\n0,000\nR$ 1,14","5914464\n0,000\nR$ 0,91","5914479\n0,000\nR$ 0,71",0]
["Momento de Transporte","SICRO3","M2038","Microesferas refletivas de vidro tipo II-A - Caminhão carroceria com capacidade de 15 t - 188 kW",0.00035,"tkm","5914449\n0,000\nR$ 1,14","5914464\n0,000\nR$ 0,91","5914479\n0,000\nR$ 0,71",0]
["Momento de Transporte","SICRO3","M2036","Tinta à base de resina acrílica emulsionada em água para demarcação viária - Caminhão carroceria com capacidade de 15 t - 188 kW",0.0008,"tkm","5914449\n0,000\nR$ 1,14","5914464\n0,000\nR$ 0,91","5914479\n0,000\nR$ 0,71",0]
[{"$nulls":5},"Custo total dos Momentos de Transportes =>",null,null,null,0]
[{"$nulls":4},"MO sem LS =>",0.587337864904396,"LS =>",0,"MO com LS =>",0.587337864904396]
[{"$nulls":4},"Valor do BDI =>",3.19,null,"Valor com BDI =>",null,24.32]
[]
[" 9.4 ","Código","Banco","Descrição","Tipo",null,"Und","Quant.","Valor Unit","Total"]
["Composição"," 5213407 ","SICRO3","Pintura de setas e zebrados com tinta acrílica emulsionada em água - espessura de 0,5 mm","",null,"m²",1,33.66,33.66]
["A","Código","Banco","Equipamentos","Quantidade","Utilização",null,"Custo Operacional",null,"Custo Horário"]
[{"$nulls":5},"Operativa","Improdutiva","Operativa","Improdutiva"]
["Insumo","E9644","SICRO3","Caminhão demarcador de faixas com sistema de pintura a frio - 28 kW/115 kW",1,1,0,369.9012,151.767,369.9012]
[{"$nulls":5},"Custo Horário de Equipamentos =>",null,null,null,369.9012]
["B","Código","Banco","Mão de Obra","Quantidade","Salário Hora",null,null,null,"Custo Horário"]
["Insumo","P9853","SICRO3","Pré-marcador",1,null,null,null,19.7794,19.7794]
["Insumo","P9824","SICRO3","Servente",4,null,null,null,18.5436,74.1744]
[{"$nulls":5},"Custo Horário da Mão de Obra =>",null,null,null,93.9538]
[{"$nulls":5},"Adc.M.O. - Ferramentas (0,0%) =>",null,null,null,0]
[{"$nulls":5},"Custo Horário de Execução =>",null,null,null,463.855]
[{"$nulls":5},"Fator de Influencia da Chuva - FIC =>",null,null,null,0]
[{"$nulls":5},"Custo do FIC =>",null,null,null,0]
[{"$nulls":5},"Produção de Equipe =>",null,null,null,30.18]
[{"$nulls":5},"Custo Unitário de Execução =>",null,null,null,15.3696]
["C","Banco","Código","Material","Quantidade","Unidade","Preço Unitário",null,null,"Custo Horário"]
["Insumo","SICRO3","M2037","Microesferas refletivas de vidro tipo I-B",0.1,"kg",10.8782,null,null,1.0878]
["Insumo","SICRO3","M2038","Microesferas refletivas de vidro tipo II-A",0.35,"kg",12.3482,null,null,4.3219]
["Insumo","SICRO3","M2036","Tinta à base de resina acrílica emulsionada em água para demarcação viária",0.5,"l",25.632,null,null,12.816]
["Insumo","SICRO3","M2044","Tinta à base de resina acrílica emulsionada em água para pré-marcação viária",0.00097,"l",25.632,null,null,0.0249]
[{"$nulls":5},"Custo Total do Material =>",null,null,null,18.2506]
["E","Banco","Insumo","Tempos Fixos","Código","Quantidade","Unidade","Preço Unitário",null,"Custo Horário"]
["Tempo Fixo","SICRO3","M2037","Carga, manobra e descarga de materiais diversos em caminhão carroceria de 15 t - carga e descarga manuais",5914655,0.0001,"t",31.9,null,0.0032]
["Tempo Fixo","SICRO3","M2038","Carga, manobra e descarga de materiais diversos em caminhão carroceria de 15 t - carga e descarga manuais",5914655,0.00035,"t",31.9,null,0.0112]
["Tempo Fixo","SICRO3","M2036","Carga, manobra e descarga de materiais diversos em caminhão carroceria de 15 t - carga e descarga manuais",5914655,0.0008,"t",31.9,null,0.0255]
[{"$nulls":5},"Custo Total dos Tempos Fixos =>",null,null,null,0.0399]
["F","Banco","Insumo","Momento de Transporte","Quantidade","Unidade","Distância Média de Transporte (DMT)",null,null,"Custo Horário"]
[{"$nulls":6},"LN","RP","P"]
["Momento de Transporte","SICRO3","M2037","Microesferas refletivas de vidro tipo I-B - Caminhão carroceria com capacidade de 15 t - 188 kW",0.0001,"tkm","5914449\n0,000\nR$ 1,14","5914464\n0,000\nR$ 0,91","5914479\n0,000\nR$ 0,71",0]
["Momento de Transporte","SICRO3","M2038","Microesferas refletivas de vidro tipo II-A - Caminhão carroceria com capacidade de 15 t - 188 kW",0.00035,"tkm","5914449\n0,000\nR$ 1,14","5914464\n0,000\nR$ 0,91","5914479\n0,000\nR$ 0,71",0]
["Momento de Transporte","SICRO3","M2036","Tinta à base de resina acrílica emulsionada em água para demarcação viária - Caminhão carroceria com capacidade de 15 t - 188 kW",0.0008,"tkm","5914449\n0,000\nR$ 1,14","5914464\n0,000\nR$ 0,91","5914479\n0,000\nR$ 0,71",0]
[{"$nulls":5},"Custo total dos Momentos de Transportes =>",null,null,null,0]
[{"$nulls":4},"MO sem LS =>",3.12,"LS =>",0,"MO com LS =>",3.12486101370381]
[{"$nulls":4},"Valor do BDI =>",5.81,null,"Valor com BDI =>",null,39.47]
[]
[" 10.1 ","Código","Banco","Descrição","Tipo",null,"Und","Quant.","Valor Unit","Total"]
["Composição"," 99063 ","SINAPI","LOCAÇÃO DE REDE DE ÁGUA OU ESGOTO. AF_10/2018","SERT - SERVIÇOS TÉCNICOS",null,"M",1,3.8,3.8]
["Composição Auxiliar"," 99061 ","SINAPI","LOCAÇÃO COM CAVALETE COM ALTURA DE 0,50 M - 2 UTILIZAÇÕES. AF_10/2018","SERT - SERVIÇOS TÉCNICOS",null,"UN",0.05,76.05,3.8]
[{"$nulls":4},"MO sem LS =>",1.99,"LS =>",0,"MO com LS =>",1.99]
[{"$nulls":4},"Valor do BDI =>",0.7,null,"Valor com BDI =>",null,4.5]
[]
[" 10.2 ","Código","Banco","Descrição","Tipo",null,"Und","Quant.","Valor Unit","Total"]
["Composição"," 4805757 ","SICRO3","Escavação mecânica de vala em material de 1ª categoria","",null,"m³",1,6.95,6.95]
["A","Código","Banco","Equipamentos","Quantidade","Utilização",null,"Custo Operacional",null,"Custo Horário"]
[{"$nulls":5},"Operativa","Improdutiva","Operativa","Improdutiva"]
["Insumo","E9526","SICRO3","Retroescavadeira de pneus - capacidade da caçamba da pá-carregadeira de 0,76 m³ e da",1,1,0,151.2491,74.5329,151.2491]
[{"$nulls":5},"Custo Horário de Equipamentos =>",null,null,null,151.2491]
["B","Código","Banco","Mão de Obra","Quantidade","Salário Hora",null,null,null,"Custo Horário"]
["Insumo","P9824","SICRO3","Servente",1,null,null,null,18.5436,18.5436]
[{"$nulls":5},"Custo Horário da Mão de Obra =>",null,null,null,18.5436]
[{"$nulls":5},"Adc.M.O. - Ferramentas (0,0%) =>",null,null,null,0]
[{"$nulls":5},"Custo Horário de Execução =>",null,null,null,169.7927]
[{"$nulls":5},"Fator de Influencia da Chuva - FIC =>",null,null,null,0.0643]
[{"$nulls":5},"Custo do FIC =>",null,null,null,0.4198]
[{"$nulls":5},"Produção de Equipe =>",null,null,null,26]
[{"$nulls":5},"Custo Unitário de Execução =>",null,null,null,6.5305]
[{"$nulls":4},"MO sem LS =>",0.71,"LS =>",0,"MO com LS =>",0.713215384615385]
[{"$nulls":4},"Valor do BDI =>",1.37,null,"Valor com BDI =>",null,8.32]
[]
[" 10.3 ","Código","Banco","Descrição","Tipo",null,"Und","Quant.","Valor Unit","Total"]
["Composição"," 1106057 ","SICRO3","Concreto magro - confecção em betoneira e lançamento manual - areia e brita comerciais","",null,"m³",1,554.16,554.16]
["A","Código","Banco","Equipamentos","Quantidade","Utilização",null,"Custo Operacional",null,"Custo Horário"]
[{"$nulls":5},"Operativa","Improdutiva","Operativa","Improdutiva"]
["Insumo","E9519","SICRO3","Betoneira com motor a gasolina com capacidade de 600 l - 10 kW",1,1,0,45.6167,27.0434,45.6167]
["Insumo","E9071","SICRO3","Transportador manual carrinho de mão com capacidade de 80 l",4,0.88,0.12,0.7908,0.5376,3.0417]
["Insumo","E9064","SICRO3","Transportador manual gerica com capacidade de 180 l",3,0.41,0.59,1.676,1.1394,4.0782]
[{"$nulls":5},"Custo Horário de Equipamentos =>",null,null,null,52.7366]
["B","Código","Banco","Mão de Obra","Quantidade","Salário Hora",null,null,null,"Custo Horário"]
["Insumo","P9821","SICRO3","Pedreiro",1,null,null,null,23.0565,23.0565]
["Insumo","P9824","SICRO3","Servente",9,null,null,null,18.5436,166.8924]
[{"$nulls":5},"Custo Horário da Mão de Obra =>",null,null,null,189.9489]
[{"$nulls":5},"Adc.M.O. - Ferramentas (0,0%) =>",null,null,null,0]
[{"$nulls":5},"Custo Horário de Execução =>",null,null,null,242.6855]
[{"$nulls":5},"Fator de Influencia da Chuva - FIC =>",null,null,null,0]
[{"$nulls":5},"Custo do FIC =>",null,null,null,0]
[{"$nulls":5},"Produção de Equipe =>",null,null,null,3.929]
[{"$nulls":5},"Custo Unitário de Execução =>",null,null,null,61.7679]
["C","Banco","Código","Material","Quantidade","Unidade","Preço Unitário",null,null,"Custo Horário"]
["Insumo","SICRO3","M0082","Areia média lavada",0.59948,"m³",155.2535,null,null,93.0714]
["Insumo","SICRO3","M0192","Brita 2",0.73508,"m³",193.3035,null,null,142.0935]
["Insumo","SICRO3","M0424","Cimento Portland CP II - 32 - saco",280.53418,"kg",0.8728,null,null,244.8502]
[{"$nulls":5},"Custo Total do Material =>",null,null,null,480.0151]
["E","Banco","Insumo","Tempos Fixos","Código","Quantidade","Unidade","Preço Unitário",null,"Custo Horário"]
["Tempo Fixo","SICRO3","M0082","Carga, manobra e descarga de agregados ou solos em caminhão basculante de 10 m³ - carga com carregadeira de 3,40 m³(exclusa) e descarga livre",5914647,0.89922,"t",1.71,null,1.5377]
["Tempo Fixo","SICRO3","M0192","Carga, manobra e descarga de agregados ou solos em caminhão basculante de 10 m³ - carga com carregadeira de 3,40 m³(exclusa) e descarga livre",5914647,1.10262,"t",1.71,null,1.8855]
["Tempo Fixo","SICRO3","M0424","Carga, manobra e descarga de materiais diversos em caminhão carroceria de 15 t - carga e descarga manuais",5914655,0.28053,"t",31.9,null,8.9489]
[{"$nulls":5},"Custo Total dos Tempos Fixos =>",null,null,null,12.3721]
["F","Banco","Insumo","Momento de Transporte","Quantidade","Unidade","Distância Média de Transporte (DMT)",null,null,"Custo Horário"]
[{"$nulls":6},"LN","RP","P"]
["Momento de Transporte","SICRO3","M0082","Areia média lavada - Caminhão basculante com capacidade de 10 m³ - 188 kW",0.89922,"tkm","5914359\n0,000\nR$ 1,23","5914374\n0,000\nR$ 0,98","5914389\n0,000\nR$ 0,77",0]
["Momento de Transporte","SICRO3","M0192","Brita 2 - Caminhão basculante com capacidade de 10 m³ - 188 kW",1.10262,"tkm","5914359\n0,000\nR$ 1,23","5914374\n0,000\nR$ 0,98","5914389\n0,000\nR$ 0,77",0]
["Momento de Transporte","SICRO3","M0424","Cimento Portland CP II - 32 - saco - Caminhão carroceria com capacidade de 15 t - 188 kW",0.28053,"tkm","5914449\n0,000\nR$ 1,14","5914464\n0,000\nR$ 0,91","5914479\n0,000\nR$ 0,71",0]
[{"$nulls":5},"Custo total dos Momentos de Transportes =>",null,null,null,0]
[{"$nulls":4},"MO sem LS =>",50.98,"LS =>",0,"MO com LS =>",50.9816450465913]
[{"$nulls":4},"Valor do BDI =>",82.6,null,"Valor com BDI =>",null,636.76]
[]
[" 10.4 ","Código","Banco","Descrição","Tipo",null,"Und","Quant.","Valor Unit","Total"]
["Composição"," 4011465 ","Próprio","Tubo de concreto PA1 comercial para drenagem - D = 0,40 m - fornecimento e instalação","URBA - URBANIZAÇÃO",null,"m",1,332.6,332.6]
["A","Código","Banco","Equipamentos","Quantidade","Utilização",null,"Custo Operacional",null,"Custo Horário"]
[{"$nulls":5},"Operativa","Improdutiva","Operativa","Improdutiva"]
["Insumo","E9686","SICRO3","Caminhão carroceria com guindauto com capacidade de 20 t.m - 136 kW",1,1,0,304.9047,112.6425,304.9047]
[{"$nulls":5},"Custo Horário de Equipamentos =>",null,null,null,304.9047]
["B","Código","Banco","Mão de Obra","Quantidade","Salário Hora",null,null,null,"Custo Horário"]
["Insumo","P9821","SICRO3","Pedreiro",1,null,null,null,23.0565,23.0565]
["Insumo","P9824","SICRO3","Servente",3,null,null,null,18.5436,55.6308]
[{"$nulls":5},"Custo Horário da Mão de Obra =>",null,null,null,78.6873]
[{"$nulls":5},"Custo Horário de Execução =>",null,null,null,383.592]
[{"$nulls":5},"Fator de Influencia da Chuva - FIC =>",null,null,null,0]
[{"$nulls":5},"Custo do FIC =>",null,null,null,0]
[{"$nulls":5},"Produção de Equipe =>",null,null,null,8.3]
[{"$nulls":5},"Custo Unitário de Execução =>",null,null,null,46.2159]
["C","Banco","Código","Material","Quantidade","Unidade","Preço Unitário",null,null,"Custo Horário"]
["Insumo","SICRO3","M2163","Tubo de concreto armado PA1 - D = 0,40 m",1,"m",122.8014,null,null,122.8014]
[{"$nulls":5},"Custo Total do Material =>",null,null,null,122.8014]
["D","Banco","Código","Atividades Auxiliares","Quantidade","Unidade","Preço Unitário",null,null,"Custo Horário"]
["Atividade Auxiliar","SICRO3",1109669,"Argamassa de cimento e areia 1:3 - confecção em betoneira e lançamento manual - areia comercial",0.0043,"m³",625.8,null,null,2.6909]
["Atividade Auxiliar","SICRO3",5914614,"Transporte com caminhão carroceria com capacidade de 7 t e com guindauto de 20 t.m - rodovia pavimentada",71.45,"tkm",1.73,null,null,123.6085]
["Atividade Auxiliar","SICRO3",5914599,"Transporte com caminhão carroceria com capacidade de 7 t e com guindauto de 20 t.m - rodovia em revestimento primário",16.87,"tkm",2.21,null,null,37.2827]
[{"$nulls":5},"Custo Total das Atividades =>",null,null,null,163.5821]
[{"$nulls":4},"MO sem LS =>",9.67,"LS =>",0,"MO com LS =>",9.67354525153337]
[{"$nulls":4},"Valor do BDI =>",60.42,null,"Valor com BDI =>",null,393.02]
[]
[" 10.5 ","Código","Banco","Descrição","Tipo",null,"Und","Quant.","Valor Unit","Total"]
["Composição"," 2003822 ","SICRO3","Tubo de concreto PA1 comercial para drenagem - D = 0,60 m - fornecimento e instalação","",null,"m",1,257.91,257.91]
["A","Código","Banco","Equipamentos","Quantidade","Utilização",null,"Custo Operacional",null,"Custo Horário"]
[{"$nulls":5},"Operativa","Improdutiva","Operativa","Improdutiva"]
["Insumo","E9686","SICRO3","Caminhão carroceria com guindauto com capacidade de 20 t.m - 136 kW",1,1,0,304.9047,112.6425,304.9047]
[{"$nulls":5},"Custo Horário de Equipamentos =>",null,null,null,304.9047]
["B","Código","Banco","Mão de Obra","Quantidade","Salário Hora",null,null,null,"Custo Horário"]
["Insumo","P9821","SICRO3","Pedreiro",1,null,null,null,23.0565,23.0565]
["Insumo","P9824","SICRO3","Servente",3,null,null,null,18.5436,55.6308]
[{"$nulls":5},"Custo Horário da Mão de Obra =>",null,null,null,78.6873]
[{"$nulls":5},"Adc.M.O. - Ferramentas (0,0%) =>",null,null,null,0]
[{"$nulls":5},"Custo Horário de Execução =>",null,null,null,383.592]
[{"$nulls":5},"Fator de Influencia da Chuva - FIC =>",null,null,null,0]
[{"$nulls":5},"Custo do FIC =>",null,null,null,0]
[{"$nulls":5},"Produção de Equipe =>",null,null,null,8.3]
[{"$nulls":5},"Custo Unitário de Execução =>",null,null,null,46.2159]
["C","Banco","Código","Material","Quantidade","Unidade","Preço Unitário",null,null,"Custo Horário"]
["Insumo","SICRO3","M2167","Tubo de concreto armado PA1 - D = 0,60 m",1,"m",209,null,null,209]
[{"$nulls":5},"Custo Total do Material =>",null,null,null,209]
["D","Banco","Código","Atividades Auxiliares","Quantidade","Unidade","Preço Unitário",null,null,"Custo Horário"]
["Atividade Auxiliar","SICRO3",1109669,"Argamassa de cimento e areia 1:3 - confecção em betoneira e lançamento manual - areia comercial",0.0043,"m³",625.8,null,null,2.6909]
[{"$nulls":5},"Custo Total das Atividades =>",null,null,null,2.6909]
["F","Banco","Insumo","Momento de Transporte","Quantidade","Unidade","Distância Média de Transporte (DMT)",null,null,"Custo Horário"]
[{"$nulls":6},"LN","RP","P"]
["Momento de Transporte","SICRO3","M2167","Tubo de concreto armado PA1 - D = 0,60 m - Caminhão carroceria com guindauto com capacidade de 20 t.m - 136 kW",0.354,"tkm","5914584\n0,000\nR$ 2,76","5914599\n0,000\nR$ 2,21","5914614\n0,000\nR$ 1,73",0]
[{"$nulls":5},"Custo total dos Momentos de Transportes =>",null,null,null,0]
[{"$nulls":4},"MO sem LS =>",9.67,"LS =>",0,"MO com LS =>",9.67354525153337]
[{"$nulls":4},"Valor do BDI =>",39.64,null,"Valor com BDI =>",null,297.55]
[]
[" 10.6 ","Código","Banco","Descrição","Tipo",null,"Und","Quant.","Valor Unit","Total"]
["Composição"," 2003830 ","SICRO3","Tubo de concreto PA1 comercial para drenagem - D = 1,00 m - fornecimento e instalação","",null,"m",1,593.4,593.4]
["A","Código","Banco","Equipamentos","Quantidade","Utilização",null,"Custo Operacional",null,"Custo Horário"]
[{"$nulls":5},"Operativa","Improdutiva","Operativa","Improdutiva"]
["Insumo","E9686","SICRO3","Caminhão carroceria com guindauto com capacidade de 20 t.m - 136 kW",1,1,0,304.9047,112.6425,304.9047]
[{"$nulls":5},"Custo Horário de Equipamentos =>",null,null,null,304.9047]
["B","Código","Banco","Mão de Obra","Quantidade","Salário Hora",null,null,null,"Custo Horário"]
["Insumo","P9821","SICRO3","Pedreiro",1,null,null,null,23.0565,23.0565]
["Insumo","P9824","SICRO3","Servente",3,null,null,null,18.5436,55.6308]
[{"$nulls":5},"Custo Horário da Mão de Obra =>",null,null,null,78.6873]
[{"$nulls":5},"Adc.M.O. - Ferramentas (0,0%) =>",null,null,null,0]
[{"$nulls":5},"Custo Horário de Execução =>",null,null,null,383.592]
[{"$nulls":5},"Fator de Influencia da Chuva - FIC =>",null,null,null,0]
[{"$nulls":5},"Custo do FIC =>",null,null,null,0]
[{"$nulls":5},"Produção de Equipe =>",null,null,null,4.98]
[{"$nulls":5},"Custo Unitário de Execução =>",null,null,null,77.0265]
["C","Banco","Código","Material","Quantidade","Unidade","Preço Unitário",null,null,"Custo Horário"]
["Insumo","SICRO3","M2175","Tubo de concreto armado PA1 - D = 1,00 m",1,"m",511.7783,null,null,511.7783]
[{"$nulls":5},"Custo Total do Material =>",null,null,null,511.7783]
["D","Banco","Código","Atividades Auxiliares","Quantidade","Unidade","Preço Unitário",null,null,"Custo Horário"]
["Atividade Auxiliar","SICRO3",1109669,"Argamassa de cimento e areia 1:3 - confecção em betoneira e lançamento manual - areia comercial",0.00735,"m³",625.8,null,null,4.5996]
[{"$nulls":5},"Custo Total das Atividades =>",null,null,null,4.5996]
["F","Banco","Insumo","Momento de Transporte","Quantidade","Unidade","Distância Média de Transporte (DMT)",null,null,"Custo Horário"]
[{"$nulls":6},"LN","RP","P"]
["Momento de Transporte","SICRO3","M2175","Tubo de concreto armado PA1 - D = 1,00 m - Caminhão carroceria com guindauto com capacidade de 20 t.m - 136 kW",0.78667,"tkm","5914584\n0,000\nR$ 2,76","5914599\n0,000\nR$ 2,21","5914614\n0,000\nR$ 1,73",0]
[{"$nulls":5},"Custo total dos Momentos de Transportes =>",null,null,null,0]
[{"$nulls":4},"MO sem LS =>",16.13,"LS =>",0,"MO com LS =>",16.1308103970242]
[{"$nulls":4},"Valor do BDI =>",89.22,null,"Valor com BDI =>",null,682.62]
[]
[" 10.7 ","Código","Banco","Descrição","Tipo",null,"Und","Quant.","Valor Unit","Total"]
["Composição"," 2003618 ","SICRO3","Boca de lobo simples - BLS 01 - areia e brita comerciais","",null,"un",1,965.39,965.39]
["B","Código","Banco","Mão de Obra","Quantidade","Salário Hora",null,null,null,"Custo Horário"]
["Insumo","P9824","SICRO3","Servente",0.2,null,null,null,18.5436,3.7087]
[{"$nulls":5},"Custo Horário da Mão de Obra =>",null,null,null,3.7087]
[{"$nulls":5},"Adc.M.O. - Ferramentas (0,0%) =>",null,null,null,0]
[{"$nulls":5},"Custo Horário de Execução =>",null,null,null,3.7087]
[{"$nulls":5},"Fator de Influencia da Chuva - FIC =>",null,null,null,0]
[{"$nulls":5},"Custo do FIC =>",null,null,null,0]
[{"$nulls":5},"Produção de Equipe =>",null,null,null,1]
[{"$nulls":5},"Custo Unitário de Execução =>",null,null,null,3.7087]
["C","Banco","Código","Material","Quantidade","Unidade","Preço Unitário",null,null,"Custo Horário"]
["Insumo","SICRO3","M0224","Guia-chapéu pré-moldada - C = 120 cm",1,"un",61.1392,null,null,61.1392]
[{"$nulls":5},"Custo Total do Material =>",null,null,null,61.1392]
["D","Banco","Código","Atividades Auxiliares","Quantidade","Unidade","Preço Unitário",null,null,"Custo Horário"]
["Atividade Auxiliar","SICRO3",407819,"Armação em aço CA-50 - fornecimento, preparo e colocação",4.1,"kg",12.12,null,null,49.692]
["Atividade Auxiliar","SICRO3",1107892,"Concreto fck = 20 MPa - confecção em betoneira e lançamento manual - areia e brita comerciais",0.25,"m³",569.02,null,null,142.255]
["Atividade Auxiliar","SICRO3",1107896,"Concreto fck = 25 MPa - confecção em betoneira e lançamento manual - areia e brita comerciais",0.06,"m³",597.38,null,null,35.8428]
["Atividade Auxiliar","SICRO3",1109669,"Argamassa de cimento e areia 1:3 - confecção em betoneira e lançamento manual - areia comercial",0.06,"m³",625.8,null,null,37.548]
["Atividade Auxiliar","SICRO3",2009619,"Alvenaria de blocos de concreto 19 x 19 x 39 cm com espessura de 20 cm - areia comercial",3.81,"m²",110.09,null,null,419.4429]
["Atividade Auxiliar","SICRO3",3103302,"Fôrmas de tábuas de pinho para dispositivos de drenagem - utilização de 3 vezes - confecção, instalação e retirada",3.1,"m²",68.88,null,null,213.528]
[{"$nulls":5},"Custo Total das Atividades =>",null,null,null,898.3087]
["E","Banco","Insumo","Tempos Fixos","Código","Quantidade","Unidade","Preço Unitário",null,"Custo Horário"]
["Tempo Fixo","SICRO3","M0224","Carga, manobra e descarga de materiais diversos em caminhão carroceria de 15 t - carga e descarga manuais",5914655,0.07,"t",31.9,null,2.233]
[{"$nulls":5},"Custo Total dos Tempos Fixos =>",null,null,null,2.233]
["F","Banco","Insumo","Momento de Transporte","Quantidade","Unidade","Distância Média de Transporte (DMT)",null,null,"Custo Horário"]
[{"$nulls":6},"LN","RP","P"]
["Momento de Transporte","SICRO3","M0224","Guia-chapéu pré-moldada - C = 120 cm - Caminhão carroceria com capacidade de 15 t - 188 kW",0.07,"tkm","5914449\n0,000\nR$ 1,14","5914464\n0,000\nR$ 0,91","5914479\n0,000\nR$ 0,71",0]
[{"$nulls":5},"Custo total dos Momentos de Transportes =>",null,null,null,0]
[{"$nulls":4},"MO sem LS =>",328.51671405328,"LS =>",0,"MO com LS =>",328.51671405328]
[{"$nulls":4},"Valor do BDI =>",161.68,null,"Valor com BDI =>",null,1127.07]
[]
[" 10.8 ","Código","Banco","Descrição","Tipo",null,"Und","Quant.","Valor Unit","Total"]
["Composição"," 2003620 ","SICRO3","Boca de lobo simples - BLS 02 - areia e brita comerciais","",null,"un",1,1190.03,1190.03]
["B","Código","Banco","Mão de Obra","Quantidade","Salário Hora",null,null,null,"Custo Horário"]
["Insumo","P9824","SICRO3","Servente",0.2,null,null,null,18.5436,3.7087]
[{"$nulls":5},"Custo Horário da Mão de Obra =>",null,null,null,3.7087]
[{"$nulls":5},"Adc.M.O. - Ferramentas (0,0%) =>",null,null,null,0]
[{"$nulls":5},"Custo Horário de Execução =>",null,null,null,3.7087]
[{"$nulls":5},"Fator de Influencia da Chuva - FIC =>",null,null,null,0]
[{"$nulls":5},"Custo do FIC =>",null,null,null,0]
[{"$nulls":5},"Produção de Equipe =>",null,null,null,1]
[{"$nulls":5},"Custo Unitário de Execução =>",null,null,null,3.7087]
["C","Banco","Código","Material","Quantidade","Unidade","Preço Unitário",null,null,"Custo Horário"]
["Insumo","SICRO3","M0224","Guia-chapéu pré-moldada - C = 120 cm",1,"un",61.1392,null,null,61.1392]
[{"$nulls":5},"Custo Total do Material =>",null,null,null,61.1392]
["D","Banco","Código","Atividades Auxiliares","Quantidade","Unidade","Preço Unitário",null,null,"Custo Horário"]
["Atividade Auxiliar","SICRO3",407819,"Armação em aço CA-50 - fornecimento, preparo e colocação",4.1,"kg",12.12,null,null,49.692]
["Atividade Auxiliar","SICRO3",1107892,"Concreto fck = 20 MPa - confecção em betoneira e lançamento manual - areia e brita comerciais",0.25,"m³",569.02,null,null,142.255]
["Atividade Auxiliar","SICRO3",1107896,"Concreto fck = 25 MPa - confecção em betoneira e lançamento manual - areia e brita comerciais",0.06,"m³",597.38,null,null,35.8428]
["Atividade Auxiliar","SICRO3",1109669,"Argamassa de cimento e areia 1:3 - confecção em betoneira e lançamento manual - areia comercial",0.09,"m³",625.8,null,null,56.322]
["Atividade Auxiliar","SICRO3",2009619,"Alvenaria de blocos de concreto 19 x 19 x 39 cm com espessura de 20 cm - areia comercial",5.68,"m²",110.09,null,null,625.3112]
["Atividade Auxiliar","SICRO3",3103302,"Fôrmas de tábuas de pinho para dispositivos de drenagem - utilização de 3 vezes - confecção, instalação e retirada",3.1,"m²",68.88,null,null,213.528]
[{"$nulls":5},"Custo Total das Atividades =>",null,null,null,1122.951]
["E","Banco","Insumo","Tempos Fixos","Código","Quantidade","Unidade","Preço Unitário",null,"Custo Horário"]
["Tempo Fixo","SICRO3","M0224","Carga, manobra e descarga de materiais diversos em caminhão carroceria de 15 t - carga e descarga manuais",5914655,0.07,"t",31.9,null,2.233]
[{"$nulls":5},"Custo Total dos Tempos Fixos =>",null,null,null,2.233]
["F","Banco","Insumo","Momento de Transporte","Quantidade","Unidade","Distância Média de Transporte (DMT)",null,null,"Custo Horário"]
[{"$nulls":6},"LN","RP","P"]
["Momento de Transporte","SICRO3","M0224","Guia-chapéu pré-moldada - C = 120 cm - Caminhão carroceria com capacidade de 15 t - 188 kW",0.07,"tkm","5914449\n0,000\nR$ 1,14","5914464\n0,000\nR$ 0,91","5914479\n0,000\nR$ 0,71",0]
[{"$nulls":5},"Custo total dos Momentos de Transportes =>",null,null,null,0]
[{"$nulls":4},"MO sem LS =>",412.587173122048,"LS =>",0,"MO com LS =>",412.587173122048]
[{"$nulls":4},"Valor do BDI =>",199.91,null,"Valor com BDI =>",null,1389.94]
[]
[" 10.9 ","Código","Banco","Descrição","Tipo",null,"Und","Quant.","Valor Unit","Total"]
["Composição"," 0804377 ","SICRO3","Boca de BSTC D = 0,60 m - esconsidade 0° - areia e brita comerciais - alas esconsas","",null,"un",1,1169.24,1169.24]
[{"$nulls":5},"Custo Horário de Execução =>",null,null,null,0]
[{"$nulls":5},"Fator de Influencia da Chuva - FIC =>",null,null,null,0]
[{"$nulls":5},"Custo do FIC =>",null,null,null,0]
[{"$nulls":5},"Produção de Equipe =>",null,null,null,1]
[{"$nulls":5},"Custo Unitário de Execução =>",null,null,null,0]
["D","Banco","Código","Atividades Auxiliares","Quantidade","Unidade","Preço Unitário",null,null,"Custo Horário"]
["Atividade Auxiliar","SICRO3",1107892,"Concreto fck = 20 MPa - confecção em betoneira e lançamento manual - areia e brita comerciais",1.153,"m³",569.02,null,null,656.0801]
["Atividade Auxiliar","SICRO3",3103302,"Fôrmas de tábuas de pinho para dispositivos de drenagem - utilização de 3 vezes - confecção, instalação e retirada",7.45,"m²",68.88,null,null,513.156]
[{"$nulls":5},"Custo Total das Atividades =>",null,null,null,1169.2361]
[{"$nulls":4},"MO sem LS =>",348.848256517272,"LS =>",0,"MO com LS =>",348.848256517272]
[{"$nulls":4},"Valor do BDI =>",192.23,null,"Valor com BDI =>",null,1361.47]
[]
[" 10.10 ","Código","Banco","Descrição","Tipo",null,"Und","Quant.","Valor Unit","Total"]
["Composição"," 0804417 ","SICRO3","Boca de BDTC D = 1,00 m - esconsidade 0° - areia e brita comerciais - alas esconsas","",null,"un",1,4357.41,4357.41]
[{"$nulls":5},"Custo Horário de Execução =>",null,null,null,0]
[{"$nulls":5},"Fator de Influencia da Chuva - FIC =>",null,null,null,0]
[{"$nulls":5},"Custo do FIC =>",null,null,null,0]
[{"$nulls":5},"Produção de Equipe =>",null,null,null,1]
[{"$nulls":5},"Custo Unitário de Execução =>",null,null,null,0]
["D","Banco","Código","Atividades Auxiliares","Quantidade","Unidade","Preço Unitário",null,null,"Custo Horário"]
["Atividade Auxiliar","SICRO3",1107892,"Concreto fck = 20 MPa - confecção em betoneira e lançamento manual - areia e brita comerciais",5.106,"m³",569.02,null,null,2905.4161]
["Atividade Auxiliar","SICRO3",3103302,"Fôrmas de tábuas de pinho para dispositivos de drenagem - utilização de 3 vezes - confecção, instalação e retirada",21.08,"m²",68.88,null,null,1451.9904]
[{"$nulls":5},"Custo Total das Atividades =>",null,null,null,4357.4065]
[{"$nulls":4},"MO sem LS =>",1081.10676511942,"LS =>",0,"MO com LS =>",1081.10676511942]
[{"$nulls":4},"Valor do BDI =>",700.14,null,"Valor com BDI =>",null,5057.55]
[]
[" 10.11 ","Código","Banco","Descrição","Tipo",null,"Und","Quant.","Valor Unit","Total"]
["Composição"," 0804441 ","SICRO3","Boca de BTTC D = 1,00 m - esconsidade 0° - areia e brita comerciais - alas esconsas","",null,"un",1,5605.08,5605.08]
[{"$nulls":5},"Custo Horário de Execução =>",null,null,null,0]
[{"$nulls":5},"Fator de Influencia da Chuva - FIC =>",null,null,null,0]
[{"$nulls":5},"Custo do FIC =>",null,null,null,0]
[{"$nulls":5},"Produção de Equipe =>",null,null,null,1]
[{"$nulls":5},"Custo Unitário de Execução =>",null,null,null,0]
["D","Banco","Código","Atividades Auxiliares","Quantidade","Unidade","Preço Unitário",null,null,"Custo Horário"]
["Atividade Auxiliar","SICRO3",1107892,"Concreto fck = 20 MPa - confecção em betoneira e lançamento manual - areia e brita comerciais",6.645,"m³",569.02,null,null,3781.1379]
["Atividade Auxiliar","SICRO3",3103302,"Fôrmas de tábuas de pinho para dispositivos de drenagem - utilização de 3 vezes - confecção, instalação e retirada",26.48,"m²",68.88,null,null,1823.9424]
[{"$nulls":5},"Custo Total das Atividades =>",null,null,null,5605.0803]
[{"$nulls":4},"MO sem LS =>",1369.83,"LS =>",0,"MO com LS =>",1369.83332576331]
[{"$nulls":4},"Valor do BDI =>",899.06,null,"Valor com BDI =>",null,6504.14]
[]
["Composições Auxiliares"]
[null,"Código","Banco","Descrição","Tipo",null,"Und","Quant.","Valor Unit","Total"]
["Composição"," 5915407 ","SICRO3","Carga, manobra e descarga de agregados ou solos em caminhão basculante de 10 m³ - carga com carregadeira de 3,40 m³ edescarga livre","",null,"t",1,2.64,2.64]
["A","Código","Banco","Equipamentos","Quantidade","Utilização",null,"Custo Operacional",null,"Custo Horário"]
[{"$nulls":5},"Operativa","Improdutiva","Operativa","Improdutiva"]
["Insumo","E9579","SICRO3","Caminhão basculante com capacidade de 10 m³ - 188 kW",3,0.86,0.14,287.9617,88.3516,780.0489]
["Insumo","E9511","SICRO3","Carregadeira de pneus com capacidade de 3,40 m³ - 195 kW",1,1,0,427.0724,204.5992,427.0724]
[{"$nulls":5},"Custo Horário de Equipamentos =>",null,null,null,1207.1213]
[{"$nulls":5},"Custo Horário de Execução =>",null,null,null,1207.1213]
[{"$nulls":5},"Fator de Influencia da Chuva - FIC =>",null,null,null,0]
[{"$nulls":5},"Custo do FIC =>",null,null,null,0]
[{"$nulls":5},"Produção de Equipe =>",null,null,null,457.16]
[{"$nulls":5},"Custo Unitário de Execução =>",null,null,null,2.6405]
[{"$nulls":4},"MO sem LS =>",0,"LS =>",0,"MO com LS =>",0]
[{"$nulls":4},"Valor do BDI =>",0.59,null,"Valor com BDI =>",null,3.23]
[]
[null,"Código","Banco","Descrição","Tipo",null,"Und","Quant.","Valor Unit","Total"]
["Composição"," 5914647 ","SICRO3","Carga, manobra e descarga de agregados ou solos em caminhão basculante de 10 m³ - carga com carregadeira de 3,40 m³(exclusa) e descarga livre","",null,"t",1,1.71,1.71]
["A","Código","Banco","Equipamentos","Quantidade","Utilização",null,"Custo Operacional",null,"Custo Horário"]
[{"$nulls":5},"Operativa","Improdutiva","Operativa","Improdutiva"]
["Insumo","E9579","SICRO3","Caminhão basculante com capacidade de 10 m³ - 188 kW",3,0.86,0.14,287.9617,88.3516,780.0489]
[{"$nulls":5},"Custo Horário de Equipamentos =>",null,null,null,780.0489]
[{"$nulls":5},"Custo Horário de Execução =>",null,null,null,780.0489]
[{"$nulls":5},"Fator de Influencia da Chuva - FIC =>",null,null,null,0]
[{"$nulls":5},"Custo do FIC =>",null,null,null,0]
[{"$nulls":5},"Produção de Equipe =>",null,null,null,457.16]
[{"$nulls":5},"Custo Unitário de Execução =>",null,null,null,1.7063]
[{"$nulls":4},"MO sem LS =>",0,"LS =>",0,"MO com LS =>",0]
[{"$nulls":4},"Valor do BDI =>",0.4,null,"Valor com BDI =>",null,2.11]
[]
[null,"Código","Banco","Descrição","Tipo",null,"Und","Quant.","Valor Unit","Total"]
["Composição"," 5914647 ","SICRO3","Carga, manobra e descarga de agregados ou solos em caminhão basculante de 10 m³ - carga com carregadeira de 3,40 m³(exclusa) e descarga livre","",null,"t",1,1.71,1.71]
["A","Código","Banco","Equipamentos","Quantidade","Utilização",null,"Custo Operacional",null,"Custo Horário"]
[{"$nulls":5},"Operativa","Improdutiva","Operativa","Improdutiva"]
["Insumo","E9579","SICRO3","Caminhão basculante com capacidade de 10 m³ - 188 kW",3,0.86,0.14,287.9617,88.3516,780.0489]
[{"$nulls":5},"Custo Horário de Equipamentos =>",null,null,null,780.0489]
[{"$nulls":5},"Custo Horário de Execução =>",null,null,null,780.0489]
[{"$nulls":5},"Fator de Influencia da Chuva - FIC =>",null,null,null,0]
[{"$nulls":5},"Custo do FIC =>",null,null,null,0]
[{"$nulls":5},"Produção de Equipe =>",null,null,null,457.16]
[{"$nulls":5},"Custo Unitário de Execução =>",null,null,null,1.7063]
[{"$nulls":4},"MO sem LS =>",0,"LS =>",0,"MO com LS =>",0]
[{"$nulls":4},"Valor do BDI =>",0.4,null,"Valor com BDI =>",null,2.11]
[]
[null,"Código","Banco","Descrição","Tipo",null,"Und","Quant.","Valor Unit","Total"]
["Composição"," 5914354 ","SICRO3","Carga, manobra e descarga de agregados ou solos em caminhão basculante de 10 m³ - carga com escavadeira de 1,56 m³(exclusa) e descarga livre","",null,"t",1,1.78,1.78]
["A","Código","Banco","Equipamentos","Quantidade","Utilização",null,"Custo Operacional",null,"Custo Horário"]
[{"$nulls":5},"Operativa","Improdutiva","Operativa","Improdutiva"]
["Insumo","E9579","SICRO3","Caminhão basculante com capacidade de 10 m³ - 188 kW",3,0.84,0.16,287.9617,88.3516,768.0723]
[{"$nulls":5},"Custo Horário de Equipamentos =>",null,null,null,768.0723]
[{"$nulls":5},"Custo Horário de Execução =>",null,null,null,768.0723]
[{"$nulls":5},"Fator de Influencia da Chuva - FIC =>",null,null,null,0]
[{"$nulls":5},"Custo do FIC =>",null,null,null,0]
[{"$nulls":5},"Produção de Equipe =>",null,null,null,431.6]
[{"$nulls":5},"Custo Unitário de Execução =>",null,null,null,1.7796]
[{"$nulls":4},"MO sem LS =>",0,"LS =>",0,"MO com LS =>",0]
[{"$nulls":4},"Valor do BDI =>",0.42,null,"Valor com BDI =>",null,2.2]
[]
[null,"Código","Banco","Descrição","Tipo",null,"Und","Quant.","Valor Unit","Total"]
["Composição"," 5914333 ","SICRO3","Carga, manobra e descarga de materiais diversos em caminhão carroceria de 15 t - carga e descarga com caminhãoguindauto de 20 t.m","",null,"t",1,32.62,32.62]
["A","Código","Banco","Equipamentos","Quantidade","Utilização",null,"Custo Operacional",null,"Custo Horário"]
[{"$nulls":5},"Operativa","Improdutiva","Operativa","Improdutiva"]
["Insumo","E9592","SICRO3","Caminhão carroceria com capacidade de 15 t - 188 kW",2,0.53,0.47,266.3866,77.4133,355.1383]
["Insumo","E9686","SICRO3","Caminhão carroceria com guindauto com capacidade de 20 t.m - 136 kW",1,1,0,304.9047,112.6425,304.9047]
[{"$nulls":5},"Custo Horário de Equipamentos =>",null,null,null,660.043]
["B","Código","Banco","Mão de Obra","Quantidade","Salário Hora",null,null,null,"Custo Horário"]
["Insumo","P9824","SICRO3","Servente",2,null,null,null,18.5436,37.0872]
[{"$nulls":5},"Custo Horário da Mão de Obra =>",null,null,null,37.0872]
[{"$nulls":5},"Adc.M.O. - Ferramentas (0,0%) =>",null,null,null,0]
[{"$nulls":5},"Custo Horário de Execução =>",null,null,null,697.1302]
[{"$nulls":5},"Fator de Influencia da Chuva - FIC =>",null,null,null,0]
[{"$nulls":5},"Custo do FIC =>",null,null,null,0]
[{"$nulls":5},"Produção de Equipe =>",null,null,null,21.37]
[{"$nulls":5},"Custo Unitário de Execução =>",null,null,null,32.6219]
[{"$nulls":4},"MO sem LS =>",1.73547964436125,"LS =>",0,"MO com LS =>",1.73547964436125]
[{"$nulls":4},"Valor do BDI =>",8.57,null,"Valor com BDI =>",null,41.19]
[]
[null,"Código","Banco","Descrição","Tipo",null,"Und","Quant.","Valor Unit","Total"]
["Composição"," 5914675 ","SICRO3","Carga, manobra e descarga de material demolido em caminhão basculante de 6 m³ - carga com carregadeira de 1,72 m³ edescarga livre","",null,"t",1,2.97,2.97]
["A","Código","Banco","Equipamentos","Quantidade","Utilização",null,"Custo Operacional",null,"Custo Horário"]
[{"$nulls":5},"Operativa","Improdutiva","Operativa","Improdutiva"]
["Insumo","E9506","SICRO3","Caminhão basculante com capacidade de 6 m³ - 136 kW",2,0.97,0.03,185.7572,70.6163,364.6059]
["Insumo","E9584","SICRO3","Carregadeira de pneus com capacidade de 1,72 m³ - 113 kW",1,1,0,191.3272,92.4548,191.3272]
[{"$nulls":5},"Custo Horário de Equipamentos =>",null,null,null,555.9331]
[{"$nulls":5},"Custo Horário de Execução =>",null,null,null,555.9331]
[{"$nulls":5},"Fator de Influencia da Chuva - FIC =>",null,null,null,0]
[{"$nulls":5},"Custo do FIC =>",null,null,null,0]
[{"$nulls":5},"Produção de Equipe =>",null,null,null,186.89]
[{"$nulls":5},"Custo Unitário de Execução =>",null,null,null,2.9747]
[{"$nulls":4},"MO sem LS =>",0,"LS =>",0,"MO com LS =>",0]
[{"$nulls":4},"Valor do BDI =>",0.63,null,"Valor com BDI =>",null,3.6]
[]
[null,"Código","Banco","Descrição","Tipo",null,"Und","Quant.","Valor Unit","Total"]
["Composição"," 5914649 ","SICRO3","Carga, manobra e descarga de mistura betuminosa a quente em caminhão basculante de 10 m³ - carga em usina de asfalto100/140 t/h e descarga em vibroacabadora","",null,"t",1,7.53,7.53]
["A","Código","Banco","Equipamentos","Quantidade","Utilização",null,"Custo Operacional",null,"Custo Horário"]
[{"$nulls":5},"Operativa","Improdutiva","Operativa","Improdutiva"]
["Insumo","E9579","SICRO3","Caminhão basculante com capacidade de 10 m³ - 188 kW",3,0.81,0.19,287.9617,88.3516,750.1073]
[{"$nulls":5},"Custo Horário de Equipamentos =>",null,null,null,750.1073]
[{"$nulls":5},"Custo Horário de Execução =>",null,null,null,750.1073]
[{"$nulls":5},"Fator de Influencia da Chuva - FIC =>",null,null,null,0]
[{"$nulls":5},"Custo do FIC =>",null,null,null,0]
[{"$nulls":5},"Produção de Equipe =>",null,null,null,99.6]
[{"$nulls":5},"Custo Unitário de Execução =>",null,null,null,7.5312]
[{"$nulls":4},"MO sem LS =>",0,"LS =>",0,"MO com LS =>",0]
[{"$nulls":4},"Valor do BDI =>",1.82,null,"Valor com BDI =>",null,9.35]
[]
[null,"Código","Banco","Descrição","Tipo",null,"Und","Quant.","Valor Unit","Total"]
["Composição"," 0919013 ","SICRO3","Montagem e desmontagem da usina de asfalto a quente com capacidade de 120 t/h - inclusive construção e demolição debases, rampas, depósitos de agregados e dique de contenção","",null,"un",1,135716.06,135716.06]
["A","Código","Banco","Equipamentos","Quantidade","Utilização",null,"Custo Operacional",null,"Custo Horário"]
[{"$nulls":5},"Operativa","Improdutiva","Operativa","Improdutiva"]
["Insumo","E9785","SICRO3","Guindaste móvel sobre pneus com 2 eixos com capacidade máxima de 55 t - 186 kW",0.42836,1,0,380.0269,190.8819,162.7883]
[{"$nulls":5},"Custo Horário de Equipamentos =>",null,null,null,162.7883]
["B","Código","Banco","Mão de Obra","Quantidade","Salário Hora",null,null,null,"Custo Horário"]
["Insumo","P9801","SICRO3","Ajudante",4,null,null,null,20.0513,80.2052]
["Insumo","P9802","SICRO3","Ajudante especializado",2,null,null,null,23.3638,46.7276]
["Insumo","P9810","SICRO3","Eletricista",0.05844,null,null,null,26.3175,1.538]
["Insumo","P9830","SICRO3","Montador",1,null,null,null,24.8574,24.8574]
[{"$nulls":5},"Custo Horário da Mão de Obra =>",null,null,null,153.3282]
[{"$nulls":5},"Adc.M.O. - Ferramentas (0,0%) =>",null,null,null,0]
[{"$nulls":5},"Custo Horário de Execução =>",null,null,null,316.1165]
[{"$nulls":5},"Fator de Influencia da Chuva - FIC =>",null,null,null,0]
[{"$nulls":5},"Custo do FIC =>",null,null,null,0]
[{"$nulls":5},"Produção de Equipe =>",null,null,null,0.0195]
[{"$nulls":5},"Custo Unitário de Execução =>",null,null,null,16227.7464]
["D","Banco","Código","Atividades Auxiliares","Quantidade","Unidade","Preço Unitário",null,null,"Custo Horário"]
["Atividade Auxiliar","SICRO3",407819,"Armação em aço CA-50 - fornecimento, preparo e colocação",545.31643,"kg",12.12,null,null,6609.2351]
["Atividade Auxiliar","SICRO3",3807864,"Chumbador de expansão controlada por torque para concreto D = 16 mm - fornecimento e instalação",140,"un",18.12,null,null,2536.8]
["Atividade Auxiliar","SICRO3",1107892,"Concreto fck = 20 MPa - confecção em betoneira e lançamento manual - areia e brita comerciais",18.28817,"m³",569.02,null,null,10406.3345]
["Atividade Auxiliar","SICRO3",1106057,"Concreto magro - confecção em betoneira e lançamento manual - areia e brita comerciais",3.11175,"m³",554.16,null,null,1724.4074]
["Atividade Auxiliar","SICRO3",1619004,"Demolição mecânica de alvenaria com carregadeira de pneus",30.488,"m³",7.24,null,null,220.7331]
["Atividade Auxiliar","SICRO3",1619003,"Demolição mecânica de concreto armado com escavadeira hidráulica",21.39992,"m³",77.61,null,null,1660.8478]
["Atividade Auxiliar","SICRO3",919079,"Dique de contenção para usina de asfalto a quente - inclusive demolição",324,"m²",127.59,null,null,41339.16]
["Atividade Auxiliar","SICRO3",4805751,"Escavação manual em material de 1ª categoria na profundidade de 1 a 2 m",12.00245,"m³",49.34,null,null,592.2009]
["Atividade Auxiliar","SICRO3",3107997,"Fôrmas de compensado resinado 10 mm - uso geral - utilização de 3 vezes - confecção, instalação e retirada",92.1888,"m²",72.72,null,null,6703.9695]
["Atividade Auxiliar","SICRO3",903848,"Muro em alvenaria de blocos de concreto com espessura de 0,20 m h = 1,0 m",152.44,"m",165.52,null,null,25231.8688]
["Atividade Auxiliar","SICRO3",909617,"Rampa para acesso do misturador de agregados para usina de asfalto a quente - inclusive demolição",1,"un",22415.63,null,null,22415.63]
["Atividade Auxiliar","SICRO3",4815671,"Reaterro e compactação com soquete vibratório",3.2104,"m³",14.68,null,null,47.1287]
[{"$nulls":5},"Custo Total das Atividades =>",null,null,null,119488.3158]
[{"$nulls":4},"MO sem LS =>",38335.6382321286,"LS =>",0,"MO com LS =>",38335.6382321286]
[{"$nulls":4},"Valor do BDI =>",22895.07,null,"Valor com BDI =>",null,158611.13]
[]
[null,"Código","Banco","Descrição","Tipo",null,"Und","Quant.","Valor Unit","Total"]
["Composição"," 0919012 ","SICRO3","Montagem e desmontagem da usina misturadora de solos com capacidade de 300 t/h - inclusive construção e demolição debases, rampas e depósitos de agregados","",null,"un",1,60936.6,60936.6]
["A","Código","Banco","Equipamentos","Quantidade","Utilização",null,"Custo Operacional",null,"Custo Horário"]
[{"$nulls":5},"Operativa","Improdutiva","Operativa","Improdutiva"]
["Insumo","E9041","SICRO3","Caminhão carroceria com guindauto com capacidade de 45 t.m - 188 kW",0.13642,1,0,394.6682,132.7061,53.8406]
[{"$nulls":5},"Custo Horário de Equipamentos =>",null,null,null,53.8406]
["B","Código","Banco","Mão de Obra","Quantidade","Salário Hora",null,null,null,"Custo Horário"]
["Insumo","P9801","SICRO3","Ajudante",2,null,null,null,20.0513,40.1026]
["Insumo","P9802","SICRO3","Ajudante especializado",1,null,null,null,23.3638,23.3638]
["Insumo","P9810","SICRO3","Eletricista",0.04547,null,null,null,26.3175,1.1967]
["Insumo","P9830","SICRO3","Montador",1,null,null,null,24.8574,24.8574]
[{"$nulls":5},"Custo Horário da Mão de Obra =>",null,null,null,89.5205]
[{"$nulls":5},"Adc.M.O. - Ferramentas (0,0%) =>",null,null,null,0]
[{"$nulls":5},"Custo Horário de Execução =>",null,null,null,143.3611]
[{"$nulls":5},"Fator de Influencia da Chuva - FIC =>",null,null,null,0]
[{"$nulls":5},"Custo do FIC =>",null,null,null,0]
[{"$nulls":5},"Produção de Equipe =>",null,null,null,0.091]
[{"$nulls":5},"Custo Unitário de Execução =>",null,null,null,1576.2628]
["D","Banco","Código","Atividades Auxiliares","Quantidade","Unidade","Preço Unitário",null,null,"Custo Horário"]
["Atividade Auxiliar","SICRO3",407819,"Armação em aço CA-50 - fornecimento, preparo e colocação",222.71187,"kg",12.12,null,null,2699.2679]
["Atividade Auxiliar","SICRO3",407740,"Chumbador tipo espera em aço CA-25 para fixação de estrutura metálica em concreto - fornecimento e instalação",91.31083,"kg",14.54,null,null,1327.6595]
["Atividade Auxiliar","SICRO3",1107892,"Concreto fck = 20 MPa - confecção em betoneira e lançamento manual - areia e brita comerciais",4.084,"m³",569.02,null,null,2323.8777]
["Atividade Auxiliar","SICRO3",1106057,"Concreto magro - confecção em betoneira e lançamento manual - areia e brita comerciais",1.827,"m³",554.16,null,null,1012.4503]
["Atividade Auxiliar","SICRO3",1619004,"Demolição mecânica de alvenaria com carregadeira de pneus",38.8,"m³",7.24,null,null,280.912]
["Atividade Auxiliar","SICRO3",1619003,"Demolição mecânica de concreto armado com escavadeira hidráulica",5.911,"m³",77.61,null,null,458.7527]
["Atividade Auxiliar","SICRO3",4805751,"Escavação manual em material de 1ª categoria na profundidade de 1 a 2 m",6.547,"m³",49.34,null,null,323.029]
["Atividade Auxiliar","SICRO3",3107997,"Fôrmas de compensado resinado 10 mm - uso geral - utilização de 3 vezes - confecção, instalação e retirada",21.36,"m²",72.72,null,null,1553.2992]
["Atividade Auxiliar","SICRO3",903848,"Muro em alvenaria de blocos de concreto com espessura de 0,20 m h = 1,0 m",194,"m",165.52,null,null,32110.88]
["Atividade Auxiliar","SICRO3",909615,"Rampa para acesso do misturador de agregados para usina de solos - inclusive demolição",1,"un",17251.18,null,null,17251.18]
["Atividade Auxiliar","SICRO3",4815671,"Reaterro e compactação com soquete vibratório",1.296,"m³",14.68,null,null,19.0253]
[{"$nulls":5},"Custo Total das Atividades =>",null,null,null,59360.3336]
[{"$nulls":4},"MO sem LS =>",19259.85,"LS =>",0,"MO com LS =>",19259.8531759337]
[{"$nulls":4},"Valor do BDI =>",10162.16,null,"Valor com BDI =>",null,71098.76]
[]
[null,"Código","Banco","Descrição","Tipo",null,"Und","Quant.","Valor Unit","Total"]
["Composição"," 89173 ","SINAPI","(COMPOSIÇÃO REPRESENTATIVA) DO SERVIÇO DE EMBOÇO/MASSA ÚNICA, APLICADO MANUALMENTE, TRAÇO 1:2:8, EM BETONEIRA DE 400L, PAREDES INTERNAS, COM EXECUÇÃO DE TALISCAS, EDIFICAÇÃO HABITACIONAL UNIFAMILIAR (CASAS) E EDIFICAÇÃO PÚBLICA PADRÃO. AF_12/2014","REVE - REVESTIMENTO E TRATAMENTO DE SUPERFÍCIES",null,"m²",1,34.69,34.69]
["Composição Auxiliar"," 87527 ","SINAPI","EMBOÇO, PARA RECEBIMENTO DE CERÂMICA, EM ARGAMASSA TRAÇO 1:2:8, PREPARO MECÂNICO COM BETONEIRA 400L, APLICADO MANUALMENTE EM FACES INTERNAS DE PAREDES, PARA AMBIENTE COM ÁREA MENOR QUE 5M2, ESPESSURA DE 20MM, COM EXECUÇÃO DE TALISCAS. AF_06/2014","REVE - REVESTIMENTO E TRATAMENTO DE SUPERFÍCIES",null,"m²",0.1121,37.41,4.19]
["Composição Auxiliar"," 87529 ","SINAPI","MASSA ÚNICA, PARA RECEBIMENTO DE PINTURA, EM ARGAMASSA TRAÇO 1:2:8, PREPARO MECÂNICO COM BETONEIRA 400L, APLICADA MANUALMENTE EM FACES INTERNAS DE PAREDES, ESPESSURA DE 20MM, COM EXECUÇÃO DE TALISCAS. AF_06/2014","REVE - REVESTIMENTO E TRATAMENTO DE SUPERFÍCIES",null,"m²",0.7339,34.53,25.34]
["Composição Auxiliar"," 87531 ","SINAPI","EMBOÇO, PARA RECEBIMENTO DE CERÂMICA, EM ARGAMASSA TRAÇO 1:2:8, PREPARO MECÂNICO COM BETONEIRA 400L, APLICADO MANUALMENTE EM FACES INTERNAS DE PAREDES, PARA AMBIENTE COM ÁREA ENTRE 5M2 E 10M2, ESPESSURA DE 20MM, COM EXECUÇÃO DE TALISCAS. AF_06/2014","REVE - REVESTIMENTO E TRATAMENTO DE SUPERFÍCIES",null,"m²",0.154,33.5,5.16]
[{"$nulls":4},"MO sem LS =>",12.16,"LS =>",0,"MO com LS =>",12.16]
[{"$nulls":4},"Valor do BDI =>",5.91,null,"Valor com BDI =>",null,40.6]
[]
[null,"Código","Banco","Descrição","Tipo",null,"Und","Quant.","Valor Unit","Total"]
["Composição"," 89171 ","SINAPI","(COMPOSIÇÃO REPRESENTATIVA) DO SERVIÇO DE REVESTIMENTO CERÂMICO PARA PISO COM PLACAS TIPO ESMALTADA EXTRA DE DIMENSÕES 35X35 CM, PARA EDIFICAÇÃO HABITACIONAL UNIFAMILIAR (CASA) E EDIFICAÇÃO PÚBLICA PADRÃO. AF_11/2014","PISO - PISOS",null,"m²",1,69.33,69.33]
["Composição Auxiliar"," 87246 ","SINAPI","REVESTIMENTO CERÂMICO PARA PISO COM PLACAS TIPO ESMALTADA EXTRA DE DIMENSÕES 35X35 CM APLICADA EM AMBIENTES DE ÁREA MENOR QUE 5 M2. AF_02/2023_PE","PISO - PISOS",null,"m²",0.0548,78.98,4.33]
["Composição Auxiliar"," 87247 ","SINAPI","REVESTIMENTO CERÂMICO PARA PISO COM PLACAS TIPO ESMALTADA EXTRA DE DIMENSÕES 35X35 CM APLICADA EM AMBIENTES DE ÁREA ENTRE 5 M2 E 10 M2. AF_02/2023_PE","PISO - PISOS",null,"m²",0.3365,72.77,24.49]
["Composição Auxiliar"," 87248 ","SINAPI","REVESTIMENTO CERÂMICO PARA PISO COM PLACAS TIPO ESMALTADA EXTRA DE DIMENSÕES 35X35 CM APLICADA EM AMBIENTES DE ÁREA MAIOR QUE 10 M2. AF_02/2023_PE","PISO - PISOS",null,"m²",0.6087,66.55,40.51]
[{"$nulls":4},"MO sem LS =>",8.57,"LS =>",0,"MO com LS =>",8.57]
[{"$nulls":4},"Valor do BDI =>",10.5,null,"Valor com BDI =>",null,79.83]
[]
[null,"Código","Banco","Descrição","Tipo",null,"Und","Quant.","Valor Unit","Total"]
["Composição"," 89383 ","SINAPI","ADAPTADOR CURTO COM BOLSA E ROSCA PARA REGISTRO, PVC, SOLDÁVEL, DN 25MM X 3/4 , INSTALADO EM RAMAL OU SUB-RAMAL DE ÁGUA - FORNECIMENTO E INSTALAÇÃO. AF_06/2022","INHI - INSTALAÇÕES HIDROS SANITÁRIAS",null,"UN",1,5.24,5.24]
["Composição Auxiliar"," 88248 ","SINAPI","AUXILIAR DE ENCANADOR OU BOMBEIRO HIDRÁULICO COM ENCARGOS COMPLEMENTARES","SEDI - SERVIÇOS DIVERSOS",null,"H",0.0944,16.46,1.55]
["Composição Auxiliar"," 88267 ","SINAPI","ENCANADOR OU BOMBEIRO HIDRÁULICO COM ENCARGOS COMPLEMENTARES","SEDI - SERVIÇOS DIVERSOS",null,"H",0.0944,19.94,1.88]
["Insumo"," 00000065 ","SINAPI","ADAPTADOR PVC SOLDAVEL CURTO COM BOLSA E ROSCA, 25 MM X 3/4\", PARA AGUA FRIA","Material",null,"UN",1,0.89,0.89]
["Insumo"," 00000122 ","SINAPI","ADESIVO PLASTICO PARA PVC, FRASCO COM *850* GR","Material",null,"UN",0.0059,60.47,0.36]
["Insumo"," 00020083 ","SINAPI","SOLUCAO PREPARADORA / LIMPADORA PARA PVC, FRASCO COM 1000 CM3","Material",null,"UN",0.007,68.52,0.48]
["Insumo"," 00038383 ","SINAPI","LIXA D'AGUA EM FOLHA, GRAO 100","Material",null,"UN",0.0315,2.48,0.08]
[{"$nulls":4},"MO sem LS =>",2.86,"LS =>",0.01,"MO com LS =>",2.87]
[{"$nulls":4},"Valor do BDI =>",0.98,null,"Valor com BDI =>",null,6.22]
[]
[null,"Código","Banco","Descrição","Tipo",null,"Und","Quant.","Valor Unit","Total"]
["Composição"," 88238 ","SINAPI","AJUDANTE DE ARMADOR COM ENCARGOS COMPLEMENTARES","SEDI - SERVIÇOS DIVERSOS",null,"H",1,15.41,15.41]
["Composição Auxiliar"," 95308 ","SINAPI","CURSO DE CAPACITAÇÃO PARA AJUDANTE DE ARMADOR (ENCARGOS COMPLEMENTARES) - HORISTA","SEDI - SERVIÇOS DIVERSOS",null,"H",1,0.14,0.14]
["Insumo"," 00006114 ","SINAPI","AJUDANTE DE ARMADOR (HORISTA)","Mão de Obra",null,"H",1,11.56,11.56]
["Insumo"," 00037370 ","SINAPI","ALIMENTACAO - HORISTA (COLETADO CAIXA - ENCARGOS COMPLEMENTARES)","Outros",null,"H",1,0.01,0.01]
["Insumo"," 00037371 ","SINAPI","TRANSPORTE - HORISTA (COLETADO CAIXA - ENCARGOS COMPLEMENTARES)","Serviços",null,"H",1,0.54,0.54]
["Insumo"," 00037372 ","SINAPI","EXAMES - HORISTA (COLETADO CAIXA - ENCARGOS COMPLEMENTARES)","Outros",null,"H",1,1.14,1.14]
["Insumo"," 00037373 ","SINAPI","SEGURO - HORISTA (COLETADO CAIXA - ENCARGOS COMPLEMENTARES)","Taxas",null,"H",1,0.01,0.01]
["Insumo"," 00043465 ","SINAPI","FERRAMENTAS - FAMILIA PEDREIRO - HORISTA (ENCARGOS COMPLEMENTARES - COLETADO CAIXA)","Equipamento",null,"H",1,0.84,0.84]
["Insumo"," 00043489 ","SINAPI","EPI - FAMILIA PEDREIRO - HORISTA (ENCARGOS COMPLEMENTARES - COLETADO CAIXA)","Equipamento",null,"H",1,1.17,1.17]
[{"$nulls":4},"MO sem LS =>",11.7,"LS =>",0,"MO com LS =>",11.7]
[{"$nulls":4},"Valor do BDI =>",3.22,null,"Valor com BDI =>",null,18.63]
[]
[null,"Código","Banco","Descrição","Tipo",null,"Und","Quant.","Valor Unit","Total"]
["Composição"," 88239 ","SINAPI","AJUDANTE DE CARPINTEIRO COM ENCARGOS COMPLEMENTARES","SEDI - SERVIÇOS DIVERSOS",null,"H",1,16.91,16.91]
["Composição Auxiliar"," 95309 ","SINAPI","CURSO DE CAPACITAÇÃO PARA AJUDANTE DE CARPINTEIRO (ENCARGOS COMPLEMENTARES) - HORISTA","SEDI - SERVIÇOS DIVERSOS",null,"H",1,0.2,0.2]
["Insumo"," 00006117 ","SINAPI","CARPINTEIRO AUXILIAR (HORISTA)","Mão de Obra",null,"H",1,13.18,13.18]
["Insumo"," 00037370 ","SINAPI","ALIMENTACAO - HORISTA (COLETADO CAIXA - ENCARGOS COMPLEMENTARES)","Outros",null,"H",1,0.01,0.01]
["Insumo"," 00037371 ","SINAPI","TRANSPORTE - HORISTA (COLETADO CAIXA - ENCARGOS COMPLEMENTARES)","Serviços",null,"H",1,0.54,0.54]
["Insumo"," 00037372 ","SINAPI","EXAMES - HORISTA (COLETADO CAIXA - ENCARGOS COMPLEMENTARES)","Outros",null,"H",1,1.14,1.14]
["Insumo"," 00037373 ","SINAPI","SEGURO - HORISTA (COLETADO CAIXA - ENCARGOS COMPLEMENTARES)","Taxas",null,"H",1,0.01,0.01]
["Insumo"," 00043459 ","SINAPI","FERRAMENTAS - FAMILIA CARPINTEIRO DE FORMAS - HORISTA (ENCARGOS COMPLEMENTARES - COLETADO CAIXA)","Equipamento",null,"H",1,0.49,0.49]
["Insumo"," 00043483 ","SINAPI","EPI - FAMILIA CARPINTEIRO DE FORMAS - HORISTA (ENCARGOS COMPLEMENTARES - COLETADO CAIXA)","Equipamento",null,"H",1,1.34,1.34]
[{"$nulls":4},"MO sem LS =>",13.38,"LS =>",0,"MO com LS =>",13.38]
[{"$nulls":4},"Valor do BDI =>",3.53,null,"Valor com BDI =>",null,20.44]
[]
[null,"Código","Banco","Descrição","Tipo",null,"Und","Quant.","Valor Unit","Total"]
["Composição"," 101165 ","SINAPI","ALVENARIA DE EMBASAMENTO COM BLOCO ESTRUTURAL DE CONCRETO, DE 14X19X29CM E ARGAMASSA DE ASSENTAMENTO COM PREPARO EM BETONEIRA. AF_05/2020","FUES - FUNDAÇÕES E ESTRUTURAS",null,"m³",1,889.85,889.85]
["Composição Auxiliar"," 87292 ","SINAPI","ARGAMASSA TRAÇO 1:2:8 (EM VOLUME DE CIMENTO, CAL E AREIA MÉDIA ÚMIDA) PARA EMBOÇO/MASSA ÚNICA/ASSENTAMENTO DE ALVENARIA DE VEDAÇÃO, PREPARO MECÂNICO COM BETONEIRA 400 L. AF_08/2019","SEDI - SERVIÇOS DIVERSOS",null,"m³",0.13,589.91,76.69]
["Composição Auxiliar"," 88309 ","SINAPI","PEDREIRO COM ENCARGOS COMPLEMENTARES","SEDI - SERVIÇOS DIVERSOS",null,"H",10.263,20.68,212.24]
["Composição Auxiliar"," 88316 ","SINAPI","SERVENTE COM ENCARGOS COMPLEMENTARES","SEDI - SERVIÇOS DIVERSOS",null,"H",5.132,15.36,78.83]
["Insumo"," 00034566 ","SINAPI","BLOCO DE CONCRETO ESTRUTURAL 14 X 19 X 29 CM, FBK 6 MPA (NBR 6136)","Material",null,"UN",122.27,4.27,522.09]
[{"$nulls":4},"MO sem LS =>",241.82,"LS =>",0,"MO com LS =>",241.82]
[{"$nulls":4},"Valor do BDI =>",145.53,null,"Valor com BDI =>",null,1035.38]
[]
[null,"Código","Banco","Descrição","Tipo",null,"Und","Quant.","Valor Unit","Total"]
["Composição"," 103328 ","SINAPI","ALVENARIA DE VEDAÇÃO DE BLOCOS CERÂMICOS FURADOS NA HORIZONTAL DE 9X19X19 CM (ESPESSURA 9 CM) E ARGAMASSA DE ASSENTAMENTO COM PREPARO EM BETONEIRA. AF_12/2021","PARE - PAREDES/PAINEIS",null,"m²",1,78.46,78.46]
["Composição Auxiliar"," 87292 ","SINAPI","ARGAMASSA TRAÇO 1:2:8 (EM VOLUME DE CIMENTO, CAL E AREIA MÉDIA ÚMIDA) PARA EMBOÇO/MASSA ÚNICA/ASSENTAMENTO DE ALVENARIA DE VEDAÇÃO, PREPARO MECÂNICO COM BETONEIRA 400 L. AF_08/2019","SEDI - SERVIÇOS DIVERSOS",null,"m³",0.0091,589.91,5.37]
["Composição Auxiliar"," 88309 ","SINAPI","PEDREIRO COM ENCARGOS COMPLEMENTARES","SEDI - SERVIÇOS DIVERSOS",null,"H",1.61,20.68,33.29]
["Composição Auxiliar"," 88316 ","SINAPI","SERVENTE COM ENCARGOS COMPLEMENTARES","SEDI - SERVIÇOS DIVERSOS",null,"H",0.805,15.36,12.36]
["Insumo"," 00007271 ","SINAPI","BLOCO CERAMICO / TIJOLO VAZADO PARA ALVENARIA DE VEDACAO, 8 FUROS NA HORIZONTAL, DE 9 X 19 X 19 CM (L XA X C)","Material",null,"UN",28.31,0.93,26.33]
["Insumo"," 00034557 ","SINAPI","TELA DE ACO SOLDADA GALVANIZADA/ZINCADA PARA ALVENARIA, FIO D = *1,20 A 1,70* MM, MALHA 15 X 15 MM, (C X L) *50 X 7,5* CM","Material",null,"M",0.42,2.19,0.92]
["Insumo"," 00037395 ","SINAPI","PINO DE ACO COM FURO, HASTE = 27 MM (ACAO DIRETA)","Material",null,"CENTO",0.005,38.74,0.19]
[{"$nulls":4},"MO sem LS =>",37.33,"LS =>",0,"MO com LS =>",37.33]
[{"$nulls":4},"Valor do BDI =>",14.17,null,"Valor com BDI =>",null,92.63]
[]
[null,"Código","Banco","Descrição","Tipo",null,"Und","Quant.","Valor Unit","Total"]
["Composição"," 87393 ","SINAPI","ARGAMASSA INDUSTRIALIZADA PARA CHAPISCO ROLADO, PREPARO COM MISTURADOR DE EIXO HORIZONTAL DE 300 KG. AF_08/2019","SEDI - SERVIÇOS DIVERSOS",null,"m³",1,7032.26,7032.26]
["Composição Auxiliar"," 88377 ","SINAPI","OPERADOR DE BETONEIRA ESTACIONÁRIA/MISTURADOR COM ENCARGOS COMPLEMENTARES","SEDI - SERVIÇOS DIVERSOS",null,"H",4.72,14.5,68.44]
["Composição Auxiliar"," 88386 ","SINAPI","MISTURADOR DE ARGAMASSA, EIXO HORIZONTAL, CAPACIDADE DE MISTURA 300 KG, MOTOR ELÉTRICO POTÊNCIA 5 CV - CHP DIURNO. AF_05/2023","CHOR - CUSTOS HORÁRIOS DE MÁQUINAS E EQUIPAMENTOS",null,"CHP",1.1,5.06,5.57]
["Composição Auxiliar"," 88392 ","SINAPI","MISTURADOR DE ARGAMASSA, EIXO HORIZONTAL, CAPACIDADE DE MISTURA 300 KG, MOTOR ELÉTRICO POTÊNCIA 5 CV - CHI DIURNO. AF_05/2023","CHOR - CUSTOS HORÁRIOS DE MÁQUINAS E EQUIPAMENTOS",null,"CHI",3.62,1.14,4.13]
["Insumo"," 00037552 ","SINAPI","ARGAMASSA INDUSTRIALIZADA PARA CHAPISCO ROLADO","Material",null,"KG",1981.23,3.51,6954.12]
[{"$nulls":4},"MO sem LS =>",56.5,"LS =>",0,"MO com LS =>",56.5]
[{"$nulls":4},"Valor do BDI =>",1006.7,null,"Valor com BDI =>",null,8038.96]
[]
[null,"Código","Banco","Descrição","Tipo",null,"Und","Quant.","Valor Unit","Total"]
["Composição"," 87367 ","SINAPI","ARGAMASSA TRAÇO 1:1:6 (EM VOLUME DE CIMENTO, CAL E AREIA MÉDIA ÚMIDA) PARA EMBOÇO/MASSA ÚNICA/ASSENTAMENTO DE ALVENARIA DE VEDAÇÃO, PREPARO MANUAL. AF_08/2019","SEDI - SERVIÇOS DIVERSOS",null,"m³",1,699.34,699.34]
["Composição Auxiliar"," 88316 ","SINAPI","SERVENTE COM ENCARGOS COMPLEMENTARES","SEDI - SERVIÇOS DIVERSOS",null,"H",11.23,15.36,172.49]
["Insumo"," 00000370 ","SINAPI","AREIA MEDIA - POSTO JAZIDA/FORNECEDOR (RETIRADO NA JAZIDA, SEM TRANSPORTE)","Material",null,"m³",1.16,110,127.6]
["Insumo"," 00001106 ","SINAPI","CAL HIDRATADA CH-I PARA ARGAMASSAS","Material",null,"KG",116.4,1.09,126.88]
["Insumo"," 00001379 ","SINAPI","CIMENTO PORTLAND COMPOSTO CP II-32","Material",null,"KG",261.89,1.04,272.37]
[{"$nulls":4},"MO sem LS =>",132.74,"LS =>",0,"MO com LS =>",132.74]
[{"$nulls":4},"Valor do BDI =>",110.74,null,"Valor com BDI =>",null,810.08]
[]
[null,"Código","Banco","Descrição","Tipo",null,"Und","Quant.","Valor Unit","Total"]
["Composição"," 87369 ","SINAPI","ARGAMASSA TRAÇO 1:2:8 (EM VOLUME DE CIMENTO, CAL E AREIA MÉDIA ÚMIDA) PARA EMBOÇO/MASSA ÚNICA/ASSENTAMENTO DE ALVENARIA DE VEDAÇÃO, PREPARO MANUAL. AF_08/2019","SEDI - SERVIÇOS DIVERSOS",null,"m³",1,682.65,682.65]
["Composição Auxiliar"," 88316 ","SINAPI","SERVENTE COM ENCARGOS COMPLEMENTARES","SEDI - SERVIÇOS DIVERSOS",null,"H",11.1,15.36,170.5]
["Insumo"," 00000370 ","SINAPI","AREIA MEDIA - POSTO JAZIDA/FORNECEDOR (RETIRADO NA JAZIDA, SEM TRANSPORTE)","Material",null,"m³",1.14,110,125.4]
["Insumo"," 00001106 ","SINAPI","CAL HIDRATADA CH-I PARA ARGAMASSAS","Material",null,"KG",171.13,1.09,186.53]
["Insumo"," 00001379 ","SINAPI","CIMENTO PORTLAND COMPOSTO CP II-32","Material",null,"KG",192.52,1.04,200.22]
[{"$nulls":4},"MO sem LS =>",131.2,"LS =>",0,"MO com LS =>",131.2]
[{"$nulls":4},"Valor do BDI =>",107.82,null,"Valor com BDI =>",null,790.47]
[]
[null,"Código","Banco","Descrição","Tipo",null,"Und","Quant.","Valor Unit","Total"]
["Composição"," 87292 ","SINAPI","ARGAMASSA TRAÇO 1:2:8 (EM VOLUME DE CIMENTO, CAL E AREIA MÉDIA ÚMIDA) PARA EMBOÇO/MASSA ÚNICA/ASSENTAMENTO DE ALVENARIA DE VEDAÇÃO, PREPARO MECÂNICO COM BETONEIRA 400 L. AF_08/2019","SEDI - SERVIÇOS DIVERSOS",null,"m³",1,589.91,589.91]
["Composição Auxiliar"," 88377 ","SINAPI","OPERADOR DE BETONEIRA ESTACIONÁRIA/MISTURADOR COM ENCARGOS COMPLEMENTARES","SEDI - SERVIÇOS DIVERSOS",null,"H",4.5,14.5,65.25]
["Composição Auxiliar"," 88830 ","SINAPI","BETONEIRA CAPACIDADE NOMINAL DE 400 L, CAPACIDADE DE MISTURA 280 L, MOTOR ELÉTRICO TRIFÁSICO POTÊNCIA DE 2 CV, SEM CARREGADOR - CHP DIURNO. AF_05/2023","CHOR - CUSTOS HORÁRIOS DE MÁQUINAS E EQUIPAMENTOS",null,"CHP",1.05,1.98,2.08]
["Composição Auxiliar"," 88831 ","SINAPI","BETONEIRA CAPACIDADE NOMINAL DE 400 L, CAPACIDADE DE MISTURA 280 L, MOTOR ELÉTRICO TRIFÁSICO POTÊNCIA DE 2 CV, SEM CARREGADOR - CHI DIURNO. AF_05/2023","CHOR - CUSTOS HORÁRIOS DE MÁQUINAS E EQUIPAMENTOS",null,"CHI",3.45,0.44,1.52]
["Insumo"," 00000370 ","SINAPI","AREIA MEDIA - POSTO JAZIDA/FORNECEDOR (RETIRADO NA JAZIDA, SEM TRANSPORTE)","Material",null,"m³",1.16,110,127.6]
["Insumo"," 00001106 ","SINAPI","CAL HIDRATADA CH-I PARA ARGAMASSAS","Material",null,"KG",174.1,1.09,189.77]
["Insumo"," 00001379 ","SINAPI","CIMENTO PORTLAND COMPOSTO CP II-32","Material",null,"KG",195.86,1.04,203.69]
[{"$nulls":4},"MO sem LS =>",53.87,"LS =>",0,"MO com LS =>",53.87]
[{"$nulls":4},"Valor do BDI =>",87.8,null,"Valor com BDI =>",null,677.71]
[]
[null,"Código","Banco","Descrição","Tipo",null,"Und","Quant.","Valor Unit","Total"]
["Composição"," 100475 ","SINAPI","ARGAMASSA TRAÇO 1:3 (EM VOLUME DE CIMENTO E AREIA MÉDIA ÚMIDA) COM ADIÇÃO DE IMPERMEABILIZANTE, PREPARO MECÂNICO COM BETONEIRA 400 L. AF_08/2019","SEDI - SERVIÇOS DIVERSOS",null,"m³",1,952.41,952.41]
["Composição Auxiliar"," 88377 ","SINAPI","OPERADOR DE BETONEIRA ESTACIONÁRIA/MISTURADOR COM ENCARGOS COMPLEMENTARES","SEDI - SERVIÇOS DIVERSOS",null,"H",3.75,14.5,54.38]
["Composição Auxiliar"," 88830 ","SINAPI","BETONEIRA CAPACIDADE NOMINAL DE 400 L, CAPACIDADE DE MISTURA 280 L, MOTOR ELÉTRICO TRIFÁSICO POTÊNCIA DE 2 CV, SEM CARREGADOR - CHP DIURNO. AF_05/2023","CHOR - CUSTOS HORÁRIOS DE MÁQUINAS E EQUIPAMENTOS",null,"CHP",0.87,1.98,1.72]
["Composição Auxiliar"," 88831 ","SINAPI","BETONEIRA CAPACIDADE NOMINAL DE 400 L, CAPACIDADE DE MISTURA 280 L, MOTOR ELÉTRICO TRIFÁSICO POTÊNCIA DE 2 CV, SEM CARREGADOR - CHI DIURNO. AF_05/2023","CHOR - CUSTOS HORÁRIOS DE MÁQUINAS E EQUIPAMENTOS",null,"CHI",2.88,0.44,1.27]
["Insumo"," 00000123 ","SINAPI","ADITIVO IMPERMEABILIZANTE DE PEGA NORMAL PARA ARGAMASSAS E CONCRETOS SEM ARMACAO, LIQUIDO E ISENTO DE CLORETOS","Material",null,"L",19.44,13.93,270.8]
["Insumo"," 00000370 ","SINAPI","AREIA MEDIA - POSTO JAZIDA/FORNECEDOR (RETIRADO NA JAZIDA, SEM TRANSPORTE)","Material",null,"m³",1.08,110,118.8]
["Insumo"," 00001379 ","SINAPI","CIMENTO PORTLAND COMPOSTO CP II-32","Material",null,"KG",486,1.04,505.44]
[{"$nulls":4},"MO sem LS =>",44.89,"LS =>",0,"MO com LS =>",44.89]
[{"$nulls":4},"Valor do BDI =>",139.88,null,"Valor com BDI =>",null,1092.29]
[]
[null,"Código","Banco","Descrição","Tipo",null,"Und","Quant.","Valor Unit","Total"]
["Composição"," 87298 ","SINAPI","ARGAMASSA TRAÇO 1:3 (EM VOLUME DE CIMENTO E AREIA MÉDIA ÚMIDA) PARA CONTRAPISO, PREPARO MECÂNICO COM BETONEIRA 400 L. AF_08/2019","SEDI - SERVIÇOS DIVERSOS",null,"m³",1,803.87,803.87]
["Composição Auxiliar"," 88377 ","SINAPI","OPERADOR DE BETONEIRA ESTACIONÁRIA/MISTURADOR COM ENCARGOS COMPLEMENTARES","SEDI - SERVIÇOS DIVERSOS",null,"H",4.42,14.5,64.09]
["Composição Auxiliar"," 88830 ","SINAPI","BETONEIRA CAPACIDADE NOMINAL DE 400 L, CAPACIDADE DE MISTURA 280 L, MOTOR ELÉTRICO TRIFÁSICO POTÊNCIA DE 2 CV, SEM CARREGADOR - CHP DIURNO. AF_05/2023","CHOR - CUSTOS HORÁRIOS DE MÁQUINAS E EQUIPAMENTOS",null,"CHP",1.03,1.98,2.04]
["Composição Auxiliar"," 88831 ","SINAPI","BETONEIRA CAPACIDADE NOMINAL DE 400 L, CAPACIDADE DE MISTURA 280 L, MOTOR ELÉTRICO TRIFÁSICO POTÊNCIA DE 2 CV, SEM CARREGADOR - CHI DIURNO. AF_05/2023","CHOR - CUSTOS HORÁRIOS DE MÁQUINAS E EQUIPAMENTOS",null,"CHI",3.39,0.44,1.49]
["Insumo"," 00000370 ","SINAPI","AREIA MEDIA - POSTO JAZIDA/FORNECEDOR (RETIRADO NA JAZIDA, SEM TRANSPORTE)","Material",null,"m³",1.27,110,139.7]
["Insumo"," 00001379 ","SINAPI","CIMENTO PORTLAND COMPOSTO CP II-32","Material",null,"KG",573.61,1.04,596.55]
[{"$nulls":4},"MO sem LS =>",52.91,"LS =>",0,"MO com LS =>",52.91]
[{"$nulls":4},"Valor do BDI =>",119.81,null,"Valor com BDI =>",null,923.68]
[]
[null,"Código","Banco","Descrição","Tipo",null,"Und","Quant.","Valor Unit","Total"]
["Composição"," 88629 ","SINAPI","ARGAMASSA TRAÇO 1:3 (EM VOLUME DE CIMENTO E AREIA MÉDIA ÚMIDA), PREPARO MANUAL. AF_08/2019","SEDI - SERVIÇOS DIVERSOS",null,"m³",1,751.62,751.62]
["Composição Auxiliar"," 88316 ","SINAPI","SERVENTE COM ENCARGOS COMPLEMENTARES","SEDI - SERVIÇOS DIVERSOS",null,"H",8.57,15.36,131.64]
["Insumo"," 00000370 ","SINAPI","AREIA MEDIA - POSTO JAZIDA/FORNECEDOR (RETIRADO NA JAZIDA, SEM TRANSPORTE)","Material",null,"m³",1.07,110,117.7]
["Insumo"," 00001379 ","SINAPI","CIMENTO PORTLAND COMPOSTO CP II-32","Material",null,"KG",482.96,1.04,502.28]
[{"$nulls":4},"MO sem LS =>",101.3,"LS =>",0,"MO com LS =>",101.3]
[{"$nulls":4},"Valor do BDI =>",116.53,null,"Valor com BDI =>",null,868.15]
[]
[null,"Código","Banco","Descrição","Tipo",null,"Und","Quant.","Valor Unit","Total"]
["Composição"," 87316 ","SINAPI","ARGAMASSA TRAÇO 1:4 (EM VOLUME DE CIMENTO E AREIA GROSSA ÚMIDA) PARA CHAPISCO CONVENCIONAL, PREPARO MECÂNICO COM BETONEIRA 400 L. AF_08/2019","SEDI - SERVIÇOS DIVERSOS",null,"m³",1,541.91,541.91]
["Composição Auxiliar"," 88377 ","SINAPI","OPERADOR DE BETONEIRA ESTACIONÁRIA/MISTURADOR COM ENCARGOS COMPLEMENTARES","SEDI - SERVIÇOS DIVERSOS",null,"H",4.64,14.5,67.28]
["Composição Auxiliar"," 88830 ","SINAPI","BETONEIRA CAPACIDADE NOMINAL DE 400 L, CAPACIDADE DE MISTURA 280 L, MOTOR ELÉTRICO TRIFÁSICO POTÊNCIA DE 2 CV, SEM CARREGADOR - CHP DIURNO. AF_05/2023","CHOR - CUSTOS HORÁRIOS DE MÁQUINAS E EQUIPAMENTOS",null,"CHP",1.08,1.98,2.14]
["Composição Auxiliar"," 88831 ","SINAPI","BETONEIRA CAPACIDADE NOMINAL DE 400 L, CAPACIDADE DE MISTURA 280 L, MOTOR ELÉTRICO TRIFÁSICO POTÊNCIA DE 2 CV, SEM CARREGADOR - CHI DIURNO. AF_05/2023","CHOR - CUSTOS HORÁRIOS DE MÁQUINAS E EQUIPAMENTOS",null,"CHI",3.56,0.44,1.57]
["Insumo"," 00000367 ","SINAPI","AREIA GROSSA - POSTO JAZIDA/FORNECEDOR (RETIRADO NA JAZIDA, SEM TRANSPORTE)","Material",null,"m³",1.02,111.43,113.66]
["Insumo"," 00001379 ","SINAPI","CIMENTO PORTLAND COMPOSTO CP II-32","Material",null,"KG",343.52,1.04,357.26]
[{"$nulls":4},"MO sem LS =>",55.54,"LS =>",0,"MO com LS =>",55.54]
[{"$nulls":4},"Valor do BDI =>",82.3,null,"Valor com BDI =>",null,624.21]
[]
[null,"Código","Banco","Descrição","Tipo",null,"Und","Quant.","Valor Unit","Total"]
["Composição"," 88245 ","SINAPI","ARMADOR COM ENCARGOS COMPLEMENTARES","SEDI - SERVIÇOS DIVERSOS",null,"H",1,20.51,20.51]
["Composição Auxiliar"," 95314 ","SINAPI","CURSO DE CAPACITAÇÃO PARA ARMADOR (ENCARGOS COMPLEMENTARES) - HORISTA","SEDI - SERVIÇOS DIVERSOS",null,"H",1,0.2,0.2]
["Insumo"," 00000378 ","SINAPI","ARMADOR (HORISTA)","Mão de Obra",null,"H",1,16.6,16.6]
["Insumo"," 00037370 ","SINAPI","ALIMENTACAO - HORISTA (COLETADO CAIXA - ENCARGOS COMPLEMENTARES)","Outros",null,"H",1,0.01,0.01]
["Insumo"," 00037371 ","SINAPI","TRANSPORTE - HORISTA (COLETADO CAIXA - ENCARGOS COMPLEMENTARES)","Serviços",null,"H",1,0.54,0.54]
["Insumo"," 00037372 ","SINAPI","EXAMES - HORISTA (COLETADO CAIXA - ENCARGOS COMPLEMENTARES)","Outros",null,"H",1,1.14,1.14]
["Insumo"," 00037373 ","SINAPI","SEGURO - HORISTA (COLETADO CAIXA - ENCARGOS COMPLEMENTARES)","Taxas",null,"H",1,0.01,0.01]
["Insumo"," 00043465 ","SINAPI","FERRAMENTAS - FAMILIA PEDREIRO - HORISTA (ENCARGOS COMPLEMENTARES - COLETADO CAIXA)","Equipamento",null,"H",1,0.84,0.84]
["Insumo"," 00043489 ","SINAPI","EPI - FAMILIA PEDREIRO - HORISTA (ENCARGOS COMPLEMENTARES - COLETADO CAIXA)","Equipamento",null,"H",1,1.17,1.17]
[{"$nulls":4},"MO sem LS =>",16.8,"LS =>",0,"MO com LS =>",16.8]
[{"$nulls":4},"Valor do BDI =>",4.28,null,"Valor com BDI =>",null,24.79]
[]
[null,"Código","Banco","Descrição","Tipo",null,"Und","Quant.","Valor Unit","Total"]
["Composição"," 92767 ","SINAPI","ARMAÇÃO DE LAJE DE ESTRUTURA CONVENCIONAL DE CONCRETO ARMADO UTILIZANDO AÇO CA-60 DE 4,2 MM - MONTAGEM. AF_06/2022","FUES - FUNDAÇÕES E ESTRUTURAS",null,"KG",1,16.62,16.62]
["Composição Auxiliar"," 88238 ","SINAPI","AJUDANTE DE ARMADOR COM ENCARGOS COMPLEMENTARES","SEDI - SERVIÇOS DIVERSOS",null,"H",0.0172,15.41,0.27]
["Composição Auxiliar"," 88245 ","SINAPI","ARMADOR COM ENCARGOS COMPLEMENTARES","SEDI - SERVIÇOS DIVERSOS",null,"H",0.1055,20.51,2.16]
["Composição Auxiliar"," 92799 ","SINAPI","CORTE E DOBRA DE AÇO CA-60, DIÂMETRO DE 4,2 MM. AF_06/2022","FUES - FUNDAÇÕES E ESTRUTURAS",null,"KG",1,12.8,12.8]
["Insumo"," 00039017 ","SINAPI","ESPACADOR / DISTANCIADOR CIRCULAR COM ENTRADA LATERAL, EM PLASTICO, PARA VERGALHAO *4,2 A 12,5* MM, COBRIMENTO 20 MM","Material",null,"UN",2.816,0.22,0.62]
["Insumo"," 00043132 ","SINAPI","ARAME RECOZIDO 16 BWG, D = 1,65 MM (0,016 KG/M) OU 18 BWG, D = 1,25 MM (0,01 KG/M)","Material",null,"KG",0.025,30.9,0.77]
[{"$nulls":4},"MO sem LS =>",3.72,"LS =>",0,"MO com LS =>",3.72]
[{"$nulls":4},"Valor do BDI =>",2.66,null,"Valor com BDI =>",null,19.28]
[]
[null,"Código","Banco","Descrição","Tipo",null,"Und","Quant.","Valor Unit","Total"]
["Composição"," 100578 ","SINAPI","ASSENTAMENTO DE POSTE DE CONCRETO COM COMPRIMENTO NOMINAL DE 9 M, CARGA NOMINAL MENOR OU IGUAL A 1000 DAN, ENGASTAMENTO SIMPLES COM 1,5 M DE SOLO (NÃO INCLUI FORNECIMENTO). AF_11/2019","INEL - INSTALAÇÃO ELÉTRICA/ELETRIFICAÇÃO E ILUMINAÇÃO EXTERNA",null,"UN",1,534.97,534.97]
["Composição Auxiliar"," 5928 ","SINAPI","GUINDAUTO HIDRÁULICO, CAPACIDADE MÁXIMA DE CARGA 6200 KG, MOMENTO MÁXIMO DE CARGA 11,7 TM, ALCANCE MÁXIMO HORIZONTAL 9,70 M, INCLUSIVE CAMINHÃO TOCO PBT 16.000 KG, POTÊNCIA DE 189 CV - CHP DIURNO. AF_06/2014","CHOR - CUSTOS HORÁRIOS DE MÁQUINAS E EQUIPAMENTOS",null,"CHP",0.077,291.75,22.46]
["Composição Auxiliar"," 88247 ","SINAPI","AUXILIAR DE ELETRICISTA COM ENCARGOS COMPLEMENTARES","SEDI - SERVIÇOS DIVERSOS",null,"H",1.233,20.5,25.28]
["Composição Auxiliar"," 88264 ","SINAPI","ELETRICISTA COM ENCARGOS COMPLEMENTARES","SEDI - SERVIÇOS DIVERSOS",null,"H",4.008,22.56,90.42]
["Insumo"," 00000863 ","SINAPI","CABO DE COBRE NU 35 MM2 MEIO-DURO","Material",null,"M",9,44.09,396.81]
[{"$nulls":4},"MO sem LS =>",97.76,"LS =>",0,"MO com LS =>",97.76]
[{"$nulls":4},"Valor do BDI =>",84.1,null,"Valor com BDI =>",null,619.07]
[]
[null,"Código","Banco","Descrição","Tipo",null,"Und","Quant.","Valor Unit","Total"]
["Composição"," 88247 ","SINAPI","AUXILIAR DE ELETRICISTA COM ENCARGOS COMPLEMENTARES","SEDI - SERVIÇOS DIVERSOS",null,"H",1,20.5,20.5]
["Composição Auxiliar"," 95316 ","SINAPI","CURSO DE CAPACITAÇÃO PARA AUXILIAR DE ELETRICISTA (ENCARGOS COMPLEMENTARES) - HORISTA","SEDI - SERVIÇOS DIVERSOS",null,"H",1,0.63,0.63]
["Insumo"," 00000247 ","SINAPI","AJUDANTE DE ELETRICISTA (HORISTA)","Mão de Obra",null,"H",1,16.17,16.17]
["Insumo"," 00037370 ","SINAPI","ALIMENTACAO - HORISTA (COLETADO CAIXA - ENCARGOS COMPLEMENTARES)","Outros",null,"H",1,0.01,0.01]
["Insumo"," 00037371 ","SINAPI","TRANSPORTE - HORISTA (COLETADO CAIXA - ENCARGOS COMPLEMENTARES)","Serviços",null,"H",1,0.54,0.54]
["Insumo"," 00037372 ","SINAPI","EXAMES - HORISTA (COLETADO CAIXA - ENCARGOS COMPLEMENTARES)","Outros",null,"H",1,1.14,1.14]
["Insumo"," 00037373 ","SINAPI","SEGURO - HORISTA (COLETADO CAIXA - ENCARGOS COMPLEMENTARES)","Taxas",null,"H",1,0.01,0.01]
["Insumo"," 00043460 ","SINAPI","FERRAMENTAS - FAMILIA ELETRICISTA - HORISTA (ENCARGOS COMPLEMENTARES - COLETADO CAIXA)","Equipamento",null,"H",1,0.86,0.86]
["Insumo"," 00043484 ","SINAPI","EPI - FAMILIA ELETRICISTA - HORISTA (ENCARGOS COMPLEMENTARES - COLETADO CAIXA)","Equipamento",null,"H",1,1.14,1.14]
[{"$nulls":4},"MO sem LS =>",16.8,"LS =>",0,"MO com LS =>",16.8]
[{"$nulls":4},"Valor do BDI =>",4.28,null,"Valor com BDI =>",null,24.78]
[]
[null,"Código","Banco","Descrição","Tipo",null,"Und","Quant.","Valor Unit","Total"]
["Composição"," 88248 ","SINAPI","AUXILIAR DE ENCANADOR OU BOMBEIRO HIDRÁULICO COM ENCARGOS COMPLEMENTARES","SEDI - SERVIÇOS DIVERSOS",null,"H",1,16.46,16.46]
["Composição Auxiliar"," 95317 ","SINAPI","CURSO DE CAPACITAÇÃO PARA AUXILIAR DE ENCANADOR OU BOMBEIRO HIDRÁULICO (ENCARGOS COMPLEMENTARES) - HORISTA","SEDI - SERVIÇOS DIVERSOS",null,"H",1,0.25,0.25]
["Insumo"," 00000246 ","SINAPI","AUXILIAR DE ENCANADOR OU BOMBEIRO HIDRAULICO (HORISTA)","Mão de Obra",null,"H",1,13.18,13.18]
["Insumo"," 00037370 ","SINAPI","ALIMENTACAO - HORISTA (COLETADO CAIXA - ENCARGOS COMPLEMENTARES)","Outros",null,"H",1,0.01,0.01]
["Insumo"," 00037371 ","SINAPI","TRANSPORTE - HORISTA (COLETADO CAIXA - ENCARGOS COMPLEMENTARES)","Serviços",null,"H",1,0.54,0.54]
["Insumo"," 00037372 ","SINAPI","EXAMES - HORISTA (COLETADO CAIXA - ENCARGOS COMPLEMENTARES)","Outros",null,"H",1,1.14,1.14]
["Insumo"," 00037373 ","SINAPI","SEGURO - HORISTA (COLETADO CAIXA - ENCARGOS COMPLEMENTARES)","Taxas",null,"H",1,0.01,0.01]
["Insumo"," 00043461 ","SINAPI","FERRAMENTAS - FAMILIA ENCANADOR - HORISTA (ENCARGOS COMPLEMENTARES - COLETADO CAIXA)","Equipamento",null,"H",1,0.32,0.32]
["Insumo"," 00043485 ","SINAPI","EPI - FAMILIA ENCANADOR - HORISTA (ENCARGOS COMPLEMENTARES - COLETADO CAIXA)","Equipamento",null,"H",1,1.01,1.01]
[{"$nulls":4},"MO sem LS =>",13.43,"LS =>",0,"MO com LS =>",13.43]
[{"$nulls":4},"Valor do BDI =>",3.44,null,"Valor com BDI =>",null,19.9]
[]
[null,"Código","Banco","Descrição","Tipo",null,"Und","Quant.","Valor Unit","Total"]
["Composição"," 88256 ","SINAPI","AZULEJISTA OU LADRILHISTA COM ENCARGOS COMPLEMENTARES","SEDI - SERVIÇOS DIVERSOS",null,"H",1,23.74,23.74]
["Composição Auxiliar"," 95324 ","SINAPI","CURSO DE CAPACITAÇÃO PARA AZULEJISTA OU LADRILHISTA (ENCARGOS COMPLEMENTARES) - HORISTA","SEDI - SERVIÇOS DIVERSOS",null,"H",1,0.31,0.31]
["Insumo"," 00004760 ","SINAPI","AZULEJISTA OU LADRILHEIRO (HORISTA)","Mão de Obra",null,"H",1,19.72,19.72]
["Insumo"," 00037370 ","SINAPI","ALIMENTACAO - HORISTA (COLETADO CAIXA - ENCARGOS COMPLEMENTARES)","Outros",null,"H",1,0.01,0.01]
["Insumo"," 00037371 ","SINAPI","TRANSPORTE - HORISTA (COLETADO CAIXA - ENCARGOS COMPLEMENTARES)","Serviços",null,"H",1,0.54,0.54]
["Insumo"," 00037372 ","SINAPI","EXAMES - HORISTA (COLETADO CAIXA - ENCARGOS COMPLEMENTARES)","Outros",null,"H",1,1.14,1.14]
["Insumo"," 00037373 ","SINAPI","SEGURO - HORISTA (COLETADO CAIXA - ENCARGOS COMPLEMENTARES)","Taxas",null,"H",1,0.01,0.01]
["Insumo"," 00043465 ","SINAPI","FERRAMENTAS - FAMILIA PEDREIRO - HORISTA (ENCARGOS COMPLEMENTARES - COLETADO CAIXA)","Equipamento",null,"H",1,0.84,0.84]
["Insumo"," 00043489 ","SINAPI","EPI - FAMILIA PEDREIRO - HORISTA (ENCARGOS COMPLEMENTARES - COLETADO CAIXA)","Equipamento",null,"H",1,1.17,1.17]
[{"$nulls":4},"MO sem LS =>",20.03,"LS =>",0,"MO com LS =>",20.03]
[{"$nulls":4},"Valor do BDI =>",4.96,null,"Valor com BDI =>",null,28.7]
[]
[null,"Código","Banco","Descrição","Tipo",null,"Und","Quant.","Valor Unit","Total"]
["Composição"," 2009619 ","SICRO3","Alvenaria de blocos de concreto 19 x 19 x 39 cm com espessura de 20 cm - areia comercial","",null,"m²",1,110.09,110.09]
["B","Código","Banco","Mão de Obra","Quantidade","Salário Hora",null,null,null,"Custo Horário"]
["Insumo","P9821","SICRO3","Pedreiro",1,null,null,null,23.0565,23.0565]
["Insumo","P9824","SICRO3","Servente",1,null,null,null,18.5436,18.5436]
[{"$nulls":5},"Custo Horário da Mão de Obra =>",null,null,null,41.6001]
[{"$nulls":5},"Adc.M.O. - Ferramentas (0,0%) =>",null,null,null,0]
[{"$nulls":5},"Custo Horário de Execução =>",null,null,null,41.6001]
[{"$nulls":5},"Fator de Influencia da Chuva - FIC =>",null,null,null,0]
[{"$nulls":5},"Custo do FIC =>",null,null,null,0]
[{"$nulls":5},"Produção de Equipe =>",null,null,null,1]
[{"$nulls":5},"Custo Unitário de Execução =>",null,null,null,41.6001]
["C","Banco","Código","Material","Quantidade","Unidade","Preço Unitário",null,null,"Custo Horário"]
["Insumo","SICRO3","M0156","Bloco de concreto - L = 19 cm, A = 19 cm e C = 39 cm",13,"un",4.2784,null,null,55.6192]
[{"$nulls":5},"Custo Total do Material =>",null,null,null,55.6192]
["D","Banco","Código","Atividades Auxiliares","Quantidade","Unidade","Preço Unitário",null,null,"Custo Horário"]
["Atividade Auxiliar","SICRO3",1109697,"Argamassa de cimento, cal hidratada e areia 1:0,5:8 - confecção em betoneira e lançamento manual - areia comercial",0.015,"m³",410.11,null,null,6.1517]
[{"$nulls":5},"Custo Total das Atividades =>",null,null,null,6.1517]
["E","Banco","Insumo","Tempos Fixos","Código","Quantidade","Unidade","Preço Unitário",null,"Custo Horário"]
["Tempo Fixo","SICRO3","M0156","Carga, manobra e descarga de materiais diversos em caminhão carroceria de 15 t - carga e descarga manuais",5914655,0.2106,"t",31.9,null,6.7181]
[{"$nulls":5},"Custo Total dos Tempos Fixos =>",null,null,null,6.7181]
["F","Banco","Insumo","Momento de Transporte","Quantidade","Unidade","Distância Média de Transporte (DMT)",null,null,"Custo Horário"]
[{"$nulls":6},"LN","RP","P"]
["Momento de Transporte","SICRO3","M0156","Bloco de concreto - L = 19 cm, A = 19 cm e C = 39 cm - Caminhão carroceria com capacidade de 15 t - 188 kW",0.2106,"tkm","5914449\n0,000\nR$ 1,14","5914464\n0,000\nR$ 0,91","5914479\n0,000\nR$ 0,71",0]
[{"$nulls":5},"Custo total dos Momentos de Transportes =>",null,null,null,0]
[{"$nulls":4},"MO sem LS =>",44.2368541425873,"LS =>",0,"MO com LS =>",44.2368541425873]
[{"$nulls":4},"Valor do BDI =>",18.97,null,"Valor com BDI =>",null,129.06]
[]
[null,"Código","Banco","Descrição","Tipo",null,"Und","Quant.","Valor Unit","Total"]
["Composição"," 0909620 ","SICRO3","Alvenaria de blocos de concreto 19 x 19 x 39 cm com espessura de 20 cm com argamassa traço 1:0,5:3,5 - areia comercial","",null,"m²",1,112.48,112.48]
["B","Código","Banco","Mão de Obra","Quantidade","Salário Hora",null,null,null,"Custo Horário"]
["Insumo","P9821","SICRO3","Pedreiro",1,null,null,null,23.0565,23.0565]
["Insumo","P9824","SICRO3","Servente",1,null,null,null,18.5436,18.5436]
[{"$nulls":5},"Custo Horário da Mão de Obra =>",null,null,null,41.6001]
[{"$nulls":5},"Adc.M.O. - Ferramentas (0,0%) =>",null,null,null,0]
[{"$nulls":5},"Custo Horário de Execução =>",null,null,null,41.6001]
[{"$nulls":5},"Fator de Influencia da Chuva - FIC =>",null,null,null,0]
[{"$nulls":5},"Custo do FIC =>",null,null,null,0]
[{"$nulls":5},"Produção de Equipe =>",null,null,null,1]
[{"$nulls":5},"Custo Unitário de Execução =>",null,null,null,41.6001]
["C","Banco","Código","Material","Quantidade","Unidade","Preço Unitário",null,null,"Custo Horário"]
["Insumo","SICRO3","M0156","Bloco de concreto - L = 19 cm, A = 19 cm e C = 39 cm",13,"un",4.2784,null,null,55.6192]
[{"$nulls":5},"Custo Total do Material =>",null,null,null,55.6192]
["D","Banco","Código","Atividades Auxiliares","Quantidade","Unidade","Preço Unitário",null,null,"Custo Horário"]
["Atividade Auxiliar","SICRO3",1109622,"Argamassa de cimento, cal hidratada e areia 1:0,5:3,5 - confecção em betoneira e lançamento manual - areia comercial",0.015,"m³",569.17,null,null,8.5376]
[{"$nulls":5},"Custo Total das Atividades =>",null,null,null,8.5376]
["E","Banco","Insumo","Tempos Fixos","Código","Quantidade","Unidade","Preço Unitário",null,"Custo Horário"]
["Tempo Fixo","SICRO3","M0156","Carga, manobra e descarga de materiais diversos em caminhão carroceria de 15 t - carga e descarga manuais",5914655,0.2106,"t",31.9,null,6.7181]
[{"$nulls":5},"Custo Total dos Tempos Fixos =>",null,null,null,6.7181]
["F","Banco","Insumo","Momento de Transporte","Quantidade","Unidade","Distância Média de Transporte (DMT)",null,null,"Custo Horário"]
[{"$nulls":6},"LN","RP","P"]
["Momento de Transporte","SICRO3","M0156","Bloco de concreto - L = 19 cm, A = 19 cm e C = 39 cm - Caminhão carroceria com capacidade de 15 t - 188 kW",0.2106,"tkm","5914449\n0,000\nR$ 1,14","5914464\n0,000\nR$ 0,91","5914479\n0,000\nR$ 0,71",0]
[{"$nulls":5},"Custo total dos Momentos de Transportes =>",null,null,null,0]
[{"$nulls":4},"MO sem LS =>",44.3096364422469,"LS =>",0,"MO com LS =>",44.3096364422469]
[{"$nulls":4},"Valor do BDI =>",19.31,null,"Valor com BDI =>",null,131.79]
[]
[null,"Código","Banco","Descrição","Tipo",null,"Und","Quant.","Valor Unit","Total"]
["Composição"," 4805755 ","SICRO3","Apiloamento manual","",null,"m³",1,27.82,27.82]
["B","Código","Banco","Mão de Obra","Quantidade","Salário Hora",null,null,null,"Custo Horário"]
["Insumo","P9824","SICRO3","Servente",1,null,null,null,18.5436,18.5436]
[{"$nulls":5},"Custo Horário da Mão de Obra =>",null,null,null,18.5436]
[{"$nulls":5},"Adc.M.O. - Ferramentas (0,0%) =>",null,null,null,0]
[{"$nulls":5},"Custo Horário de Execução =>",null,null,null,18.5436]
[{"$nulls":5},"Fator de Influencia da Chuva - FIC =>",null,null,null,0]
[{"$nulls":5},"Custo do FIC =>",null,null,null,0]
[{"$nulls":5},"Produção de Equipe =>",null,null,null,0.6667]
[{"$nulls":5},"Custo Unitário de Execução =>",null,null,null,27.8153]
[{"$nulls":4},"MO sem LS =>",27.8152609236954,"LS =>",0,"MO com LS =>",27.8152609236954]
[{"$nulls":4},"Valor do BDI =>",5.82,null,"Valor com BDI =>",null,33.64]
[]
[null,"Código","Banco","Descrição","Tipo",null,"Und","Quant.","Valor Unit","Total"]
["Composição"," 4816020 ","SICRO3","Areia extraída com draga de sucção tipo bomba","",null,"m³",1,11.41,11.41]
["A","Código","Banco","Equipamentos","Quantidade","Utilização",null,"Custo Operacional",null,"Custo Horário"]
[{"$nulls":5},"Operativa","Improdutiva","Operativa","Improdutiva"]
["Insumo","E9584","SICRO3","Carregadeira de pneus com capacidade de 1,72 m³ - 113 kW",1,0.19,0.81,191.3272,92.4548,111.2406]
["Insumo","E9609","SICRO3","Draga de sucção para extração de areia com tubo de descarga de 150 mm - 100 kW",1,1,0,135.744,44.5225,135.744]
[{"$nulls":5},"Custo Horário de Equipamentos =>",null,null,null,246.9846]
["B","Código","Banco","Mão de Obra","Quantidade","Salário Hora",null,null,null,"Custo Horário"]
["Insumo","P9824","SICRO3","Servente",4,null,null,null,18.5436,74.1744]
[{"$nulls":5},"Custo Horário da Mão de Obra =>",null,null,null,74.1744]
[{"$nulls":5},"Adc.M.O. - Ferramentas (0,0%) =>",null,null,null,0]
[{"$nulls":5},"Custo Horário de Execução =>",null,null,null,321.159]
[{"$nulls":5},"Fator de Influencia da Chuva - FIC =>",null,null,null,0.0643]
[{"$nulls":5},"Custo do FIC =>",null,null,null,0.6882]
[{"$nulls":5},"Produção de Equipe =>",null,null,null,30]
[{"$nulls":5},"Custo Unitário de Execução =>",null,null,null,10.7053]
["C","Banco","Código","Material","Quantidade","Unidade","Preço Unitário",null,null,"Custo Horário"]
["Insumo","SICRO3","M0067","Tubo PEAD PE 100 PN 10 com flanges - D = 160 mm",6e-5,"m",199.8382,null,null,0.012]
[{"$nulls":5},"Custo Total do Material =>",null,null,null,0.012]
[{"$nulls":4},"MO sem LS =>",2.47,"LS =>",0,"MO com LS =>",2.47248]
[{"$nulls":4},"Valor do BDI =>",2.8,null,"Valor com BDI =>",null,14.21]
[]
[null,"Código","Banco","Descrição","Tipo",null,"Und","Quant.","Valor Unit","Total"]
["Composição"," 1109669 ","SICRO3","Argamassa de cimento e areia 1:3 - confecção em betoneira e lançamento manual - areia comercial","",null,"m³",1,625.8,625.8]
["A","Código","Banco","Equipamentos","Quantidade","Utilização",null,"Custo Operacional",null,"Custo Horário"]
[{"$nulls":5},"Operativa","Improdutiva","Operativa","Improdutiva"]
["Insumo","E9519","SICRO3","Betoneira com motor a gasolina com capacidade de 600 l - 10 kW",1,1,0,45.6167,27.0434,45.6167]
["Insumo","E9071","SICRO3","Transportador manual carrinho de mão com capacidade de 80 l",3,0.95,0.05,0.7908,0.5376,2.3344]
["Insumo","E9064","SICRO3","Transportador manual gerica com capacidade de 180 l",3,0.38,0.62,1.676,1.1394,4.0299]
[{"$nulls":5},"Custo Horário de Equipamentos =>",null,null,null,51.981]
["B","Código","Banco","Mão de Obra","Quantidade","Salário Hora",null,null,null,"Custo Horário"]
["Insumo","P9821","SICRO3","Pedreiro",1,null,null,null,23.0565,23.0565]
["Insumo","P9824","SICRO3","Servente",8,null,null,null,18.5436,148.3488]
[{"$nulls":5},"Custo Horário da Mão de Obra =>",null,null,null,171.4053]
[{"$nulls":5},"Adc.M.O. - Ferramentas (0,0%) =>",null,null,null,0]
[{"$nulls":5},"Custo Horário de Execução =>",null,null,null,223.3863]
[{"$nulls":5},"Fator de Influencia da Chuva - FIC =>",null,null,null,0]
[{"$nulls":5},"Custo do FIC =>",null,null,null,0]
[{"$nulls":5},"Produção de Equipe =>",null,null,null,4.2203]
[{"$nulls":5},"Custo Unitário de Execução =>",null,null,null,52.9309]
["C","Banco","Código","Material","Quantidade","Unidade","Preço Unitário",null,null,"Custo Horário"]
["Insumo","SICRO3","M0082","Areia média lavada",1.00435,"m³",155.2535,null,null,155.9289]
["Insumo","SICRO3","M0424","Cimento Portland CP II - 32 - saco",458.01187,"kg",0.8728,null,null,399.7528]
[{"$nulls":5},"Custo Total do Material =>",null,null,null,555.6817]
["E","Banco","Insumo","Tempos Fixos","Código","Quantidade","Unidade","Preço Unitário",null,"Custo Horário"]
["Tempo Fixo","SICRO3","M0082","Carga, manobra e descarga de agregados ou solos em caminhão basculante de 10 m³ - carga com carregadeira de 3,40 m³(exclusa) e descarga livre",5914647,1.50653,"t",1.71,null,2.5762]
["Tempo Fixo","SICRO3","M0424","Carga, manobra e descarga de materiais diversos em caminhão carroceria de 15 t - carga e descarga manuais",5914655,0.45801,"t",31.9,null,14.6105]
[{"$nulls":5},"Custo Total dos Tempos Fixos =>",null,null,null,17.1867]
["F","Banco","Insumo","Momento de Transporte","Quantidade","Unidade","Distância Média de Transporte (DMT)",null,null,"Custo Horário"]
[{"$nulls":6},"LN","RP","P"]
["Momento de Transporte","SICRO3","M0082","Areia média lavada - Caminhão basculante com capacidade de 10 m³ - 188 kW",1.50653,"tkm","5914359\n0,000\nR$ 1,23","5914374\n0,000\nR$ 0,98","5914389\n0,000\nR$ 0,77",0]
["Momento de Transporte","SICRO3","M0424","Cimento Portland CP II - 32 - saco - Caminhão carroceria com capacidade de 15 t - 188 kW",0.45801,"tkm","5914449\n0,000\nR$ 1,14","5914464\n0,000\nR$ 0,91","5914479\n0,000\nR$ 0,71",0]
[{"$nulls":5},"Custo total dos Momentos de Transportes =>",null,null,null,0]
[{"$nulls":4},"MO sem LS =>",44.9180607376564,"LS =>",0,"MO com LS =>",44.9180607376564]
[{"$nulls":4},"Valor do BDI =>",91.82,null,"Valor com BDI =>",null,717.62]
[]
[null,"Código","Banco","Descrição","Tipo",null,"Und","Quant.","Valor Unit","Total"]
["Composição"," 1109669 ","SICRO3","Argamassa de cimento e areia 1:3 - confecção em betoneira e lançamento manual - areia comercial","",null,"m³",1,625.8,625.8]
["A","Código","Banco","Equipamentos","Quantidade","Utilização",null,"Custo Operacional",null,"Custo Horário"]
[{"$nulls":5},"Operativa","Improdutiva","Operativa","Improdutiva"]
["Insumo","E9519","SICRO3","Betoneira com motor a gasolina com capacidade de 600 l - 10 kW",1,1,0,45.6167,27.0434,45.6167]
["Insumo","E9071","SICRO3","Transportador manual carrinho de mão com capacidade de 80 l",3,0.95,0.05,0.7908,0.5376,2.3344]
["Insumo","E9064","SICRO3","Transportador manual gerica com capacidade de 180 l",3,0.38,0.62,1.676,1.1394,4.0299]
[{"$nulls":5},"Custo Horário de Equipamentos =>",null,null,null,51.981]
["B","Código","Banco","Mão de Obra","Quantidade","Salário Hora",null,null,null,"Custo Horário"]
["Insumo","P9821","SICRO3","Pedreiro",1,null,null,null,23.0565,23.0565]
["Insumo","P9824","SICRO3","Servente",8,null,null,null,18.5436,148.3488]
[{"$nulls":5},"Custo Horário da Mão de Obra =>",null,null,null,171.4053]
[{"$nulls":5},"Adc.M.O. - Ferramentas (0,0%) =>",null,null,null,0]
[{"$nulls":5},"Custo Horário de Execução =>",null,null,null,223.3863]
[{"$nulls":5},"Fator de Influencia da Chuva - FIC =>",null,null,null,0]
[{"$nulls":5},"Custo do FIC =>",null,null,null,0]
[{"$nulls":5},"Produção de Equipe =>",null,null,null,4.2203]
[{"$nulls":5},"Custo Unitário de Execução =>",null,null,null,52.9309]
["C","Banco","Código","Material","Quantidade","Unidade","Preço Unitário",null,null,"Custo Horário"]
["Insumo","SICRO3","M0082","Areia média lavada",1.00435,"m³",155.2535,null,null,155.9289]
["Insumo","SICRO3","M0424","Cimento Portland CP II - 32 - saco",458.01187,"kg",0.8728,null,null,399.7528]
[{"$nulls":5},"Custo Total do Material =>",null,null,null,555.6817]
["E","Banco","Insumo","Tempos Fixos","Código","Quantidade","Unidade","Preço Unitário",null,"Custo Horário"]
["Tempo Fixo","SICRO3","M0082","Carga, manobra e descarga de agregados ou solos em caminhão basculante de 10 m³ - carga com carregadeira de 3,40 m³(exclusa) e descarga livre",5914647,1.50653,"t",1.71,null,2.5762]
["Tempo Fixo","SICRO3","M0424","Carga, manobra e descarga de materiais diversos em caminhão carroceria de 15 t - carga e descarga manuais",5914655,0.45801,"t",31.9,null,14.6105]
[{"$nulls":5},"Custo Total dos Tempos Fixos =>",null,null,null,17.1867]
["F","Banco","Insumo","Momento de Transporte","Quantidade","Unidade","Distância Média de Transporte (DMT)",null,null,"Custo Horário"]
[{"$nulls":6},"LN","RP","P"]
["Momento de Transporte","SICRO3","M0082","Areia média lavada - Caminhão basculante com capacidade de 10 m³ - 188 kW",1.50653,"tkm","5914359\n0,000\nR$ 1,23","5914374\n0,000\nR$ 0,98","5914389\n0,000\nR$ 0,77",0]
["Momento de Transporte","SICRO3","M0424","Cimento Portland CP II - 32 - saco - Caminhão carroceria com capacidade de 15 t - 188 kW",0.45801,"tkm","5914449\n0,000\nR$ 1,14","5914464\n0,000\nR$ 0,91","5914479\n0,000\nR$ 0,71",0]
[{"$nulls":5},"Custo total dos Momentos de Transportes =>",null,null,null,0]
[{"$nulls":4},"MO sem LS =>",44.9180607376564,"LS =>",0,"MO com LS =>",44.9180607376564]
[{"$nulls":4},"Valor do BDI =>",91.82,null,"Valor com BDI =>",null,717.62]
[]
[null,"Código","Banco","Descrição","Tipo",null,"Und","Quant.","Valor Unit","Total"]
["Composição"," 1109622 ","SICRO3","Argamassa de cimento, cal hidratada e areia 1:0,5:3,5 - confecção em betoneira e lançamento manual - areia comercial","",null,"m³",1,569.17,569.17]
["A","Código","Banco","Equipamentos","Quantidade","Utilização",null,"Custo Operacional",null,"Custo Horário"]
[{"$nulls":5},"Operativa","Improdutiva","Operativa","Improdutiva"]
["Insumo","E9519","SICRO3","Betoneira com motor a gasolina com capacidade de 600 l - 10 kW",1,1,0,45.6167,27.0434,45.6167]
["Insumo","E9071","SICRO3","Transportador manual carrinho de mão com capacidade de 80 l",3,0.7,0.3,0.7908,0.5376,2.1445]
["Insumo","E9064","SICRO3","Transportador manual gerica com capacidade de 180 l",3,0.3,0.7,1.676,1.1394,3.9011]
[{"$nulls":5},"Custo Horário de Equipamentos =>",null,null,null,51.6623]
["B","Código","Banco","Mão de Obra","Quantidade","Salário Hora",null,null,null,"Custo Horário"]
["Insumo","P9821","SICRO3","Pedreiro",1,null,null,null,23.0565,23.0565]
["Insumo","P9824","SICRO3","Servente",8,null,null,null,18.5436,148.3488]
[{"$nulls":5},"Custo Horário da Mão de Obra =>",null,null,null,171.4053]
[{"$nulls":5},"Adc.M.O. - Ferramentas (0,0%) =>",null,null,null,0]
[{"$nulls":5},"Custo Horário de Execução =>",null,null,null,223.0676]
[{"$nulls":5},"Fator de Influencia da Chuva - FIC =>",null,null,null,0]
[{"$nulls":5},"Custo do FIC =>",null,null,null,0]
[{"$nulls":5},"Produção de Equipe =>",null,null,null,3.8234]
[{"$nulls":5},"Custo Unitário de Execução =>",null,null,null,58.3424]
["C","Banco","Código","Material","Quantidade","Unidade","Preço Unitário",null,null,"Custo Horário"]
["Insumo","SICRO3","M0082","Areia média lavada",0.8207,"m³",155.2535,null,null,127.4165]
["Insumo","SICRO3","M0345","Cal hidratada - saco",62.40095,"kg",1.0123,null,null,63.1685]
["Insumo","SICRO3","M0424","Cimento Portland CP II - 32 - saco",349.44532,"kg",0.8728,null,null,304.9959]
[{"$nulls":5},"Custo Total do Material =>",null,null,null,495.5809]
["E","Banco","Insumo","Tempos Fixos","Código","Quantidade","Unidade","Preço Unitário",null,"Custo Horário"]
["Tempo Fixo","SICRO3","M0082","Carga, manobra e descarga de agregados ou solos em caminhão basculante de 10 m³ - carga com carregadeira de 3,40 m³(exclusa) e descarga livre",5914647,1.23105,"t",1.71,null,2.1051]
["Tempo Fixo","SICRO3","M0345","Carga, manobra e descarga de materiais diversos em caminhão carroceria de 15 t - carga e descarga manuais",5914655,0.0624,"t",31.9,null,1.9906]
["Tempo Fixo","SICRO3","M0424","Carga, manobra e descarga de materiais diversos em caminhão carroceria de 15 t - carga e descarga manuais",5914655,0.34945,"t",31.9,null,11.1475]
[{"$nulls":5},"Custo Total dos Tempos Fixos =>",null,null,null,15.2432]
["F","Banco","Insumo","Momento de Transporte","Quantidade","Unidade","Distância Média de Transporte (DMT)",null,null,"Custo Horário"]
[{"$nulls":6},"LN","RP","P"]
["Momento de Transporte","SICRO3","M0082","Areia média lavada - Caminhão basculante com capacidade de 10 m³ - 188 kW",1.23105,"tkm","5914359\n0,000\nR$ 1,23","5914374\n0,000\nR$ 0,98","5914389\n0,000\nR$ 0,77",0]
["Momento de Transporte","SICRO3","M0345","Cal hidratada - saco - Caminhão carroceria com capacidade de 15 t - 188 kW",0.0624,"tkm","5914449\n0,000\nR$ 1,14","5914464\n0,000\nR$ 0,91","5914479\n0,000\nR$ 0,71",0]
["Momento de Transporte","SICRO3","M0424","Cimento Portland CP II - 32 - saco - Caminhão carroceria com capacidade de 15 t - 188 kW",0.34945,"tkm","5914449\n0,000\nR$ 1,14","5914464\n0,000\nR$ 0,91","5914479\n0,000\nR$ 0,71",0]
[{"$nulls":5},"Custo total dos Momentos de Transportes =>",null,null,null,0]
[{"$nulls":4},"MO sem LS =>",48.7,"LS =>",0,"MO com LS =>",48.7005547083533]
[{"$nulls":4},"Valor do BDI =>",84.23,null,"Valor com BDI =>",null,653.4]
[]
[null,"Código","Banco","Descrição","Tipo",null,"Und","Quant.","Valor Unit","Total"]
["Composição"," 1109697 ","SICRO3","Argamassa de cimento, cal hidratada e areia 1:0,5:8 - confecção em betoneira e lançamento manual - areia comercial","",null,"m³",1,410.11,410.11]
["A","Código","Banco","Equipamentos","Quantidade","Utilização",null,"Custo Operacional",null,"Custo Horário"]
[{"$nulls":5},"Operativa","Improdutiva","Operativa","Improdutiva"]
["Insumo","E9519","SICRO3","Betoneira com motor a gasolina com capacidade de 600 l - 10 kW",1,1,0,45.6167,27.0434,45.6167]
["Insumo","E9071","SICRO3","Transportador manual carrinho de mão com capacidade de 80 l",3,0.95,0.05,0.7908,0.5376,2.3344]
["Insumo","E9064","SICRO3","Transportador manual gerica com capacidade de 180 l",3,0.32,0.68,1.676,1.1394,3.9333]
[{"$nulls":5},"Custo Horário de Equipamentos =>",null,null,null,51.8844]
["B","Código","Banco","Mão de Obra","Quantidade","Salário Hora",null,null,null,"Custo Horário"]
["Insumo","P9821","SICRO3","Pedreiro",1,null,null,null,23.0565,23.0565]
["Insumo","P9824","SICRO3","Servente",8,null,null,null,18.5436,148.3488]
[{"$nulls":5},"Custo Horário da Mão de Obra =>",null,null,null,171.4053]
[{"$nulls":5},"Adc.M.O. - Ferramentas (0,0%) =>",null,null,null,0]
[{"$nulls":5},"Custo Horário de Execução =>",null,null,null,223.2897]
[{"$nulls":5},"Fator de Influencia da Chuva - FIC =>",null,null,null,0]
[{"$nulls":5},"Custo do FIC =>",null,null,null,0]
[{"$nulls":5},"Produção de Equipe =>",null,null,null,4.0904]
[{"$nulls":5},"Custo Unitário de Execução =>",null,null,null,54.5894]
["C","Banco","Código","Material","Quantidade","Unidade","Preço Unitário",null,null,"Custo Horário"]
["Insumo","SICRO3","M0082","Areia média lavada",1.03939,"m³",155.2535,null,null,161.3689]
["Insumo","SICRO3","M0345","Cal hidratada - saco",31.33705,"kg",1.0123,null,null,31.7225]
["Insumo","SICRO3","M0424","Cimento Portland CP II - 32 - saco",175.48747,"kg",0.8728,null,null,153.1655]
[{"$nulls":5},"Custo Total do Material =>",null,null,null,346.2569]
["E","Banco","Insumo","Tempos Fixos","Código","Quantidade","Unidade","Preço Unitário",null,"Custo Horário"]
["Tempo Fixo","SICRO3","M0082","Carga, manobra e descarga de agregados ou solos em caminhão basculante de 10 m³ - carga com carregadeira de 3,40 m³(exclusa) e descarga livre",5914647,1.55909,"t",1.71,null,2.666]
["Tempo Fixo","SICRO3","M0345","Carga, manobra e descarga de materiais diversos em caminhão carroceria de 15 t - carga e descarga manuais",5914655,0.03134,"t",31.9,null,0.9997]
["Tempo Fixo","SICRO3","M0424","Carga, manobra e descarga de materiais diversos em caminhão carroceria de 15 t - carga e descarga manuais",5914655,0.17549,"t",31.9,null,5.5981]
[{"$nulls":5},"Custo Total dos Tempos Fixos =>",null,null,null,9.2638]
["F","Banco","Insumo","Momento de Transporte","Quantidade","Unidade","Distância Média de Transporte (DMT)",null,null,"Custo Horário"]
[{"$nulls":6},"LN","RP","P"]
["Momento de Transporte","SICRO3","M0082","Areia média lavada - Caminhão basculante com capacidade de 10 m³ - 188 kW",1.55909,"tkm","5914359\n0,000\nR$ 1,23","5914374\n0,000\nR$ 0,98","5914389\n0,000\nR$ 0,77",0]
["Momento de Transporte","SICRO3","M0345","Cal hidratada - saco - Caminhão carroceria com capacidade de 15 t - 188 kW",0.03134,"tkm","5914449\n0,000\nR$ 1,14","5914464\n0,000\nR$ 0,91","5914479\n0,000\nR$ 0,71",0]
["Momento de Transporte","SICRO3","M0424","Cimento Portland CP II - 32 - saco - Caminhão carroceria com capacidade de 15 t - 188 kW",0.17549,"tkm","5914449\n0,000\nR$ 1,14","5914464\n0,000\nR$ 0,91","5914479\n0,000\nR$ 0,71",0]
[{"$nulls":5},"Custo total dos Momentos de Transportes =>",null,null,null,0]
[{"$nulls":4},"MO sem LS =>",43.8484013977108,"LS =>",0,"MO com LS =>",43.8484013977108]
[{"$nulls":4},"Valor do BDI =>",61.77,null,"Valor com BDI =>",null,471.88]
[]
[null,"Código","Banco","Descrição","Tipo",null,"Und","Quant.","Valor Unit","Total"]
["Composição"," 1109675 ","SICRO3","Argamassa de cimento, cal hidratada e areia 1:2:8 - confecção em betoneira e lançamento manual - areia comercial","",null,"m³",1,480.55,480.55]
["A","Código","Banco","Equipamentos","Quantidade","Utilização",null,"Custo Operacional",null,"Custo Horário"]
[{"$nulls":5},"Operativa","Improdutiva","Operativa","Improdutiva"]
["Insumo","E9519","SICRO3","Betoneira com motor a gasolina com capacidade de 600 l - 10 kW",1,1,0,45.6167,27.0434,45.6167]
["Insumo","E9071","SICRO3","Transportador manual carrinho de mão com capacidade de 80 l",3,0.83,0.17,0.7908,0.5376,2.2433]
["Insumo","E9064","SICRO3","Transportador manual gerica com capacidade de 180 l",3,0.3,0.7,1.676,1.1394,3.9011]
[{"$nulls":5},"Custo Horário de Equipamentos =>",null,null,null,51.7611]
["B","Código","Banco","Mão de Obra","Quantidade","Salário Hora",null,null,null,"Custo Horário"]
["Insumo","P9821","SICRO3","Pedreiro",1,null,null,null,23.0565,23.0565]
["Insumo","P9824","SICRO3","Servente",8,null,null,null,18.5436,148.3488]
[{"$nulls":5},"Custo Horário da Mão de Obra =>",null,null,null,171.4053]
[{"$nulls":5},"Adc.M.O. - Ferramentas (0,0%) =>",null,null,null,0]
[{"$nulls":5},"Custo Horário de Execução =>",null,null,null,223.1664]
[{"$nulls":5},"Fator de Influencia da Chuva - FIC =>",null,null,null,0]
[{"$nulls":5},"Custo do FIC =>",null,null,null,0]
[{"$nulls":5},"Produção de Equipe =>",null,null,null,3.8755]
[{"$nulls":5},"Custo Unitário de Execução =>",null,null,null,57.584]
["C","Banco","Código","Material","Quantidade","Unidade","Preço Unitário",null,null,"Custo Horário"]
["Insumo","SICRO3","M0082","Areia média lavada",0.9591,"m³",155.2535,null,null,148.9036]
["Insumo","SICRO3","M0345","Cal hidratada - saco",117.53731,"kg",1.0123,null,null,118.983]
["Insumo","SICRO3","M0424","Cimento Portland CP II - 32 - saco",164.55224,"kg",0.8728,null,null,143.6212]
[{"$nulls":5},"Custo Total do Material =>",null,null,null,411.5078]
["E","Banco","Insumo","Tempos Fixos","Código","Quantidade","Unidade","Preço Unitário",null,"Custo Horário"]
["Tempo Fixo","SICRO3","M0082","Carga, manobra e descarga de agregados ou solos em caminhão basculante de 10 m³ - carga com carregadeira de 3,40 m³(exclusa) e descarga livre",5914647,1.43865,"t",1.71,null,2.4601]
["Tempo Fixo","SICRO3","M0345","Carga, manobra e descarga de materiais diversos em caminhão carroceria de 15 t - carga e descarga manuais",5914655,0.11754,"t",31.9,null,3.7495]
["Tempo Fixo","SICRO3","M0424","Carga, manobra e descarga de materiais diversos em caminhão carroceria de 15 t - carga e descarga manuais",5914655,0.16455,"t",31.9,null,5.2491]
[{"$nulls":5},"Custo Total dos Tempos Fixos =>",null,null,null,11.4587]
["F","Banco","Insumo","Momento de Transporte","Quantidade","Unidade","Distância Média de Transporte (DMT)",null,null,"Custo Horário"]
[{"$nulls":6},"LN","RP","P"]
["Momento de Transporte","SICRO3","M0082","Areia média lavada - Caminhão basculante com capacidade de 10 m³ - 188 kW",1.43865,"tkm","5914359\n0,000\nR$ 1,23","5914374\n0,000\nR$ 0,98","5914389\n0,000\nR$ 0,77",0]
["Momento de Transporte","SICRO3","M0345","Cal hidratada - saco - Caminhão carroceria com capacidade de 15 t - 188 kW",0.11754,"tkm","5914449\n0,000\nR$ 1,14","5914464\n0,000\nR$ 0,91","5914479\n0,000\nR$ 0,71",0]
["Momento de Transporte","SICRO3","M0424","Cimento Portland CP II - 32 - saco - Caminhão carroceria com capacidade de 15 t - 188 kW",0.16455,"tkm","5914449\n0,000\nR$ 1,14","5914464\n0,000\nR$ 0,91","5914479\n0,000\nR$ 0,71",0]
[{"$nulls":5},"Custo total dos Momentos de Transportes =>",null,null,null,0]
[{"$nulls":4},"MO sem LS =>",46.8788595145197,"LS =>",0,"MO com LS =>",46.8788595145197]
[{"$nulls":4},"Valor do BDI =>",71.85,null,"Valor com BDI =>",null,552.4]
[]
[null,"Código","Banco","Descrição","Tipo",null,"Und","Quant.","Valor Unit","Total"]
["Composição"," 0407819 ","SICRO3","Armação em aço CA-50 - fornecimento, preparo e colocação","",null,"kg",1,12.12,12.12]
["B","Código","Banco","Mão de Obra","Quantidade","Salário Hora",null,null,null,"Custo Horário"]
["Insumo","P9801","SICRO3","Ajudante",0.09,null,null,null,20.0513,1.8046]
["Insumo","P9805","SICRO3","Armador",0.09,null,null,null,24.1846,2.1766]
[{"$nulls":5},"Custo Horário da Mão de Obra =>",null,null,null,3.9812]
[{"$nulls":5},"Adc.M.O. - Ferramentas (0,0%) =>",null,null,null,0]
[{"$nulls":5},"Custo Horário de Execução =>",null,null,null,3.9812]
[{"$nulls":5},"Fator de Influencia da Chuva - FIC =>",null,null,null,0]
[{"$nulls":5},"Custo do FIC =>",null,null,null,0]
[{"$nulls":5},"Produção de Equipe =>",null,null,null,1]
[{"$nulls":5},"Custo Unitário de Execução =>",null,null,null,3.9812]
["C","Banco","Código","Material","Quantidade","Unidade","Preço Unitário",null,null,"Custo Horário"]
["Insumo","SICRO3","M0004","Aço CA 50",1.1,"kg",7.2144,null,null,7.9358]
["Insumo","SICRO3","M0075","Arame liso recozido em aço-carbono - D = 1,24 mm (18 BWG)",0.015,"kg",11.2205,null,null,0.1683]
[{"$nulls":5},"Custo Total do Material =>",null,null,null,8.1041]
["E","Banco","Insumo","Tempos Fixos","Código","Quantidade","Unidade","Preço Unitário",null,"Custo Horário"]
["Tempo Fixo","SICRO3","M0004","Carga, manobra e descarga de materiais diversos em caminhão carroceria de 15 t - carga e descarga manuais",5914655,0.0011,"t",31.9,null,0.0351]
["Tempo Fixo","SICRO3","M0075","Carga, manobra e descarga de materiais diversos em caminhão carroceria de 15 t - carga e descarga manuais",5914655,2e-5,"t",31.9,null,0.0006]
[{"$nulls":5},"Custo Total dos Tempos Fixos =>",null,null,null,0.0357]
["F","Banco","Insumo","Momento de Transporte","Quantidade","Unidade","Distância Média de Transporte (DMT)",null,null,"Custo Horário"]
[{"$nulls":6},"LN","RP","P"]
["Momento de Transporte","SICRO3","M0004","Aço CA 50 - Caminhão carroceria com capacidade de 15 t - 188 kW",0.0011,"tkm","5914449\n0,000\nR$ 1,14","5914464\n0,000\nR$ 0,91","5914479\n0,000\nR$ 0,71",0]
["Momento de Transporte","SICRO3","M0075","Arame liso recozido em aço-carbono - D = 1,24 mm (18 BWG) - Caminhão carroceria com capacidade de 15 t - 188 kW",2e-5,"tkm","5914449\n0,000\nR$ 1,14","5914464\n0,000\nR$ 0,91","5914479\n0,000\nR$ 0,71",0]
[{"$nulls":5},"Custo total dos Momentos de Transportes =>",null,null,null,0]
[{"$nulls":4},"MO sem LS =>",3.99,"LS =>",0,"MO com LS =>",3.99175574594595]
[{"$nulls":4},"Valor do BDI =>",1.99,null,"Valor com BDI =>",null,14.11]
[]
[null,"Código","Banco","Descrição","Tipo",null,"Und","Quant.","Valor Unit","Total"]
["Composição"," 86934 ","SINAPI","BANCADA DE MÁRMORE SINTÉTICO 120 X 60CM, COM CUBA INTEGRADA, INCLUSO SIFÃO TIPO FLEXÍVEL EM PVC, VÁLVULA EM PLÁSTICO CROMADO TIPO AMERICANA E TORNEIRA CROMADA LONGA, DE PAREDE, PADRÃO POPULAR - FORNECIMENTO E INSTALAÇÃO. AF_01/2020","INHI - INSTALAÇÕES HIDROS SANITÁRIAS",null,"UN",1,494.99,494.99]
["Composição Auxiliar"," 86880 ","SINAPI","VÁLVULA EM PLÁSTICO CROMADO TIPO AMERICANA 3.1/2\u0094 X 1.1/2\u0094 SEM ADAPTADOR PARA PIA - FORNECIMENTO E INSTALAÇÃO. AF_01/2020","INHI - INSTALAÇÕES HIDROS SANITÁRIAS",null,"UN",1,27.04,27.04]
["Composição Auxiliar"," 86883 ","SINAPI","SIFÃO DO TIPO FLEXÍVEL EM PVC 1  X 1.1/2  - FORNECIMENTO E INSTALAÇÃO. AF_01/2020","INHI - INSTALAÇÕES HIDROS SANITÁRIAS",null,"UN",1,12.11,12.11]
["Composição Auxiliar"," 86894 ","SINAPI","BANCADA DE MÁRMORE SINTÉTICO, DE 120 X 60CM, COM CUBA INTEGRADA - FORNECIMENTO E INSTALAÇÃO. AF_01/2020","INHI - INSTALAÇÕES HIDROS SANITÁRIAS",null,"UN",1,324.13,324.13]
["Composição Auxiliar"," 86911 ","SINAPI","TORNEIRA CROMADA LONGA, DE PAREDE, 1/2\u0094 OU 3/4\u0094, PARA PIA DE COZINHA, PADRÃO POPULAR - FORNECIMENTO E INSTALAÇÃO. AF_01/2020","INHI - INSTALAÇÕES HIDROS SANITÁRIAS",null,"UN",1,131.71,131.71]
[{"$nulls":4},"MO sem LS =>",28.15,"LS =>",0.01,"MO com LS =>",28.16]
[{"$nulls":4},"Valor do BDI =>",72.36,null,"Valor com BDI =>",null,567.35]
[]
[null,"Código","Banco","Descrição","Tipo",null,"Und","Quant.","Valor Unit","Total"]
["Composição"," 86894 ","SINAPI","BANCADA DE MÁRMORE SINTÉTICO, DE 120 X 60CM, COM CUBA INTEGRADA - FORNECIMENTO E INSTALAÇÃO. AF_01/2020","INHI - INSTALAÇÕES HIDROS SANITÁRIAS",null,"UN",1,324.13,324.13]
["Composição Auxiliar"," 88267 ","SINAPI","ENCANADOR OU BOMBEIRO HIDRÁULICO COM ENCARGOS COMPLEMENTARES","SEDI - SERVIÇOS DIVERSOS",null,"H",0.8254,19.94,16.46]
["Composição Auxiliar"," 88316 ","SINAPI","SERVENTE COM ENCARGOS COMPLEMENTARES","SEDI - SERVIÇOS DIVERSOS",null,"H",0.6359,15.36,9.77]
["Insumo"," 00000541 ","SINAPI","BANCADA DE MARMORE SINTETICO COM UMA CUBA, 120 X *60* CM","Material",null,"UN",1,239,239]
["Insumo"," 00004823 ","SINAPI","MASSA PLASTICA PARA MARMORE/GRANITO","Material",null,"KG",0.0692,51.08,3.53]
["Insumo"," 00007568 ","SINAPI","BUCHA DE NYLON SEM ABA S10, COM PARAFUSO DE 6,10 X 65 MM EM ACO ZINCADO COM ROSCA SOBERBA, CABECA CHATA E FENDA PHILLIPS","Material",null,"UN",4,0.61,2.44]
["Insumo"," 00037329 ","SINAPI","REJUNTE EPOXI, QUALQUER COR","Material",null,"KG",0.0936,132.33,12.39]
["Insumo"," 00037591 ","SINAPI","SUPORTE MAO-FRANCESA EM ACO, ABAS IGUAIS 40 CM, CAPACIDADE MINIMA 70 KG, BRANCO","Material",null,"UN",2,20.27,40.54]
[{"$nulls":4},"MO sem LS =>",21.47,"LS =>",0.01,"MO com LS =>",21.48]
[{"$nulls":4},"Valor do BDI =>",47.65,null,"Valor com BDI =>",null,371.78]
[]
[null,"Código","Banco","Descrição","Tipo",null,"Und","Quant.","Valor Unit","Total"]
["Composição"," 88831 ","SINAPI","BETONEIRA CAPACIDADE NOMINAL DE 400 L, CAPACIDADE DE MISTURA 280 L, MOTOR ELÉTRICO TRIFÁSICO POTÊNCIA DE 2 CV, SEM CARREGADOR - CHI DIURNO. AF_05/2023","CHOR - CUSTOS HORÁRIOS DE MÁQUINAS E EQUIPAMENTOS",null,"CHI",1,0.44,0.44]
["Composição Auxiliar"," 88826 ","SINAPI","BETONEIRA CAPACIDADE NOMINAL DE 400 L, CAPACIDADE DE MISTURA 280 L, MOTOR ELÉTRICO TRIFÁSICO POTÊNCIA DE 2 CV, SEM CARREGADOR - DEPRECIAÇÃO. AF_05/2023","CHOR - CUSTOS HORÁRIOS DE MÁQUINAS E EQUIPAMENTOS",null,"H",1,0.35,0.35]
["Composição Auxiliar"," 88827 ","SINAPI","BETONEIRA CAPACIDADE NOMINAL DE 400 L, CAPACIDADE DE MISTURA 280 L, MOTOR ELÉTRICO TRIFÁSICO POTÊNCIA DE 2 CV, SEM CARREGADOR - JUROS. AF_05/2023","CHOR - CUSTOS HORÁRIOS DE MÁQUINAS E EQUIPAMENTOS",null,"H",1,0.09,0.09]
[{"$nulls":4},"MO sem LS =>",0,"LS =>",0,"MO com LS =>",0]
[{"$nulls":4},"Valor do BDI =>",0.09,null,"Valor com BDI =>",null,0.53]
[]
[null,"Código","Banco","Descrição","Tipo",null,"Und","Quant.","Valor Unit","Total"]
["Composição"," 88830 ","SINAPI","BETONEIRA CAPACIDADE NOMINAL DE 400 L, CAPACIDADE DE MISTURA 280 L, MOTOR ELÉTRICO TRIFÁSICO POTÊNCIA DE 2 CV, SEM CARREGADOR - CHP DIURNO. AF_05/2023","CHOR - CUSTOS HORÁRIOS DE MÁQUINAS E EQUIPAMENTOS",null,"CHP",1,1.98,1.98]
["Composição Auxiliar"," 88826 ","SINAPI","BETONEIRA CAPACIDADE NOMINAL DE 400 L, CAPACIDADE DE MISTURA 280 L, MOTOR ELÉTRICO TRIFÁSICO POTÊNCIA DE 2 CV, SEM CARREGADOR - DEPRECIAÇÃO. AF_05/2023","CHOR - CUSTOS HORÁRIOS DE MÁQUINAS E EQUIPAMENTOS",null,"H",1,0.35,0.35]
["Composição Auxiliar"," 88827 ","SINAPI","BETONEIRA CAPACIDADE NOMINAL DE 400 L, CAPACIDADE DE MISTURA 280 L, MOTOR ELÉTRICO TRIFÁSICO POTÊNCIA DE 2 CV, SEM CARREGADOR - JUROS. AF_05/2023","CHOR - CUSTOS HORÁRIOS DE MÁQUINAS E EQUIPAMENTOS",null,"H",1,0.09,0.09]
["Composição Auxiliar"," 88828 ","SINAPI","BETONEIRA CAPACIDADE NOMINAL DE 400 L, CAPACIDADE DE MISTURA 280 L, MOTOR ELÉTRICO TRIFÁSICO POTÊNCIA DE 2 CV, SEM CARREGADOR - MANUTENÇÃO. AF_05/2023","CHOR - CUSTOS HORÁRIOS DE MÁQUINAS E EQUIPAMENTOS",null,"H",1,0.4,0.4]
["Composição Auxiliar"," 88829 ","SINAPI","BETONEIRA CAPACIDADE NOMINAL DE 400 L, CAPACIDADE DE MISTURA 280 L, MOTOR ELÉTRICO TRIFÁSICO POTÊNCIA DE 2 CV, SEM CARREGADOR - MATERIAIS NA OPERAÇÃO. AF_05/2023","CHOR - CUSTOS HORÁRIOS DE MÁQUINAS E EQUIPAMENTOS",null,"H",1,1.14,1.14]
[{"$nulls":4},"MO sem LS =>",0,"LS =>",0,"MO com LS =>",0]
[{"$nulls":4},"Valor do BDI =>",0.33,null,"Valor com BDI =>",null,2.31]
[]
[null,"Código","Banco","Descrição","Tipo",null,"Und","Quant.","Valor Unit","Total"]
["Composição"," 88826 ","SINAPI","BETONEIRA CAPACIDADE NOMINAL DE 400 L, CAPACIDADE DE MISTURA 280 L, MOTOR ELÉTRICO TRIFÁSICO POTÊNCIA DE 2 CV, SEM CARREGADOR - DEPRECIAÇÃO. AF_05/2023","CHOR - CUSTOS HORÁRIOS DE MÁQUINAS E EQUIPAMENTOS",null,"H",1,0.35,0.35]
["Insumo"," 00010535 ","SINAPI","BETONEIRA CAPACIDADE NOMINAL 400 L, CAPACIDADE DE MISTURA  280 L, MOTOR ELETRICO TRIFASICO 220/380 V POTENCIA 2 CV, SEM CARREGADOR","Equipamento",null,"UN",6e-5,5750,0.35]
[{"$nulls":4},"MO sem LS =>",0,"LS =>",0,"MO com LS =>",0]
[{"$nulls":4},"Valor do BDI =>",0.07,null,"Valor com BDI =>",null,0.42]
[]
[null,"Código","Banco","Descrição","Tipo",null,"Und","Quant.","Valor Unit","Total"]
["Composição"," 88827 ","SINAPI","BETONEIRA CAPACIDADE NOMINAL DE 400 L, CAPACIDADE DE MISTURA 280 L, MOTOR ELÉTRICO TRIFÁSICO POTÊNCIA DE 2 CV, SEM CARREGADOR - JUROS. AF_05/2023","CHOR - CUSTOS HORÁRIOS DE MÁQUINAS E EQUIPAMENTOS",null,"H",1,0.09,0.09]
["Insumo"," 00010535 ","SINAPI","BETONEIRA CAPACIDADE NOMINAL 400 L, CAPACIDADE DE MISTURA  280 L, MOTOR ELETRICO TRIFASICO 220/380 V POTENCIA 2 CV, SEM CARREGADOR","Equipamento",null,"UN",1.48e-5,5750,0.09]
[{"$nulls":4},"MO sem LS =>",0,"LS =>",0,"MO com LS =>",0]
[{"$nulls":4},"Valor do BDI =>",0.02,null,"Valor com BDI =>",null,0.11]
[]
[null,"Código","Banco","Descrição","Tipo",null,"Und","Quant.","Valor Unit","Total"]
["Composição"," 88828 ","SINAPI","BETONEIRA CAPACIDADE NOMINAL DE 400 L, CAPACIDADE DE MISTURA 280 L, MOTOR ELÉTRICO TRIFÁSICO POTÊNCIA DE 2 CV, SEM CARREGADOR - MANUTENÇÃO. AF_05/2023","CHOR - CUSTOS HORÁRIOS DE MÁQUINAS E EQUIPAMENTOS",null,"H",1,0.4,0.4]
["Insumo"," 00010535 ","SINAPI","BETONEIRA CAPACIDADE NOMINAL 400 L, CAPACIDADE DE MISTURA  280 L, MOTOR ELETRICO TRIFASICO 220/380 V POTENCIA 2 CV, SEM CARREGADOR","Equipamento",null,"UN",7e-5,5750,0.4]
[{"$nulls":4},"MO sem LS =>",0,"LS =>",0,"MO com LS =>",0]
[{"$nulls":4},"Valor do BDI =>",0.08,null,"Valor com BDI =>",null,0.48]
[]
[null,"Código","Banco","Descrição","Tipo",null,"Und","Quant.","Valor Unit","Total"]
["Composição"," 88829 ","SINAPI","BETONEIRA CAPACIDADE NOMINAL DE 400 L, CAPACIDADE DE MISTURA 280 L, MOTOR ELÉTRICO TRIFÁSICO POTÊNCIA DE 2 CV, SEM CARREGADOR - MATERIAIS NA OPERAÇÃO. AF_05/2023","CHOR - CUSTOS HORÁRIOS DE MÁQUINAS E EQUIPAMENTOS",null,"H",1,1.14,1.14]
["Insumo"," 00002705 ","SINAPI","ENERGIA ELETRICA ATE 2000 KWH INDUSTRIAL, SEM DEMANDA","Material",null,"KWH",1.2512,0.91,1.14]
[{"$nulls":4},"MO sem LS =>",0,"LS =>",0,"MO com LS =>",0]
[{"$nulls":4},"Valor do BDI =>",0.16,null,"Valor com BDI =>",null,1.3]
[]
[null,"Código","Banco","Descrição","Tipo",null,"Und","Quant.","Valor Unit","Total"]
["Composição"," 89226 ","SINAPI","BETONEIRA CAPACIDADE NOMINAL DE 600 L, CAPACIDADE DE MISTURA 360 L, MOTOR ELÉTRICO TRIFÁSICO POTÊNCIA DE 4 CV, SEM CARREGADOR - CHI DIURNO. AF_05/2023","CHOR - CUSTOS HORÁRIOS DE MÁQUINAS E EQUIPAMENTOS",null,"CHI",1,1.75,1.75]
["Composição Auxiliar"," 89221 ","SINAPI","BETONEIRA CAPACIDADE NOMINAL DE 600 L, CAPACIDADE DE MISTURA 360 L, MOTOR ELÉTRICO TRIFÁSICO POTÊNCIA DE 4 CV, SEM CARREGADOR - DEPRECIAÇÃO. AF_05/2023","CHOR - CUSTOS HORÁRIOS DE MÁQUINAS E EQUIPAMENTOS",null,"H",1,1.4,1.4]
["Composição Auxiliar"," 89222 ","SINAPI","BETONEIRA CAPACIDADE NOMINAL DE 600 L, CAPACIDADE DE MISTURA 360 L, MOTOR ELÉTRICO TRIFÁSICO POTÊNCIA DE 4 CV, SEM CARREGADOR - JUROS. AF_05/2023","CHOR - CUSTOS HORÁRIOS DE MÁQUINAS E EQUIPAMENTOS",null,"H",1,0.35,0.35]
[{"$nulls":4},"MO sem LS =>",0,"LS =>",0,"MO com LS =>",0]
[{"$nulls":4},"Valor do BDI =>",0.36,null,"Valor com BDI =>",null,2.11]
[]
[null,"Código","Banco","Descrição","Tipo",null,"Und","Quant.","Valor Unit","Total"]
["Composição"," 89225 ","SINAPI","BETONEIRA CAPACIDADE NOMINAL DE 600 L, CAPACIDADE DE MISTURA 360 L, MOTOR ELÉTRICO TRIFÁSICO POTÊNCIA DE 4 CV, SEM CARREGADOR - CHP DIURNO. AF_05/2023","CHOR - CUSTOS HORÁRIOS DE MÁQUINAS E EQUIPAMENTOS",null,"CHP",1,5.67,5.67]
["Composição Auxiliar"," 89221 ","SINAPI","BETONEIRA CAPACIDADE NOMINAL DE 600 L, CAPACIDADE DE MISTURA 360 L, MOTOR ELÉTRICO TRIFÁSICO POTÊNCIA DE 4 CV, SEM CARREGADOR - DEPRECIAÇÃO. AF_05/2023","CHOR - CUSTOS HORÁRIOS DE MÁQUINAS E EQUIPAMENTOS",null,"H",1,1.4,1.4]
["Composição Auxiliar"," 89222 ","SINAPI","BETONEIRA CAPACIDADE NOMINAL DE 600 L, CAPACIDADE DE MISTURA 360 L, MOTOR ELÉTRICO TRIFÁSICO POTÊNCIA DE 4 CV, SEM CARREGADOR - JUROS. AF_05/2023","CHOR - CUSTOS HORÁRIOS DE MÁQUINAS E EQUIPAMENTOS",null,"H",1,0.35,0.35]
["Composição Auxiliar"," 89223 ","SINAPI","BETONEIRA CAPACIDADE NOMINAL DE 600 L, CAPACIDADE DE MISTURA 360 L, MOTOR ELÉTRICO TRIFÁSICO POTÊNCIA DE 4 CV, SEM CARREGADOR - MANUTENÇÃO. AF_05/2023","CHOR - CUSTOS HORÁRIOS DE MÁQUINAS E EQUIPAMENTOS",null,"H",1,1.64,1.64]
["Composição Auxiliar"," 89224 ","SINAPI","BETONEIRA CAPACIDADE NOMINAL DE 600 L, CAPACIDADE DE MISTURA 360 L, MOTOR ELÉTRICO TRIFÁSICO POTÊNCIA DE 4 CV, SEM CARREGADOR - MATERIAIS NA OPERAÇÃO. AF_05/2023","CHOR - CUSTOS HORÁRIOS DE MÁQUINAS E EQUIPAMENTOS",null,"H",1,2.28,2.28]
[{"$nulls":4},"MO sem LS =>",0,"LS =>",0,"MO com LS =>",0]
[{"$nulls":4},"Valor do BDI =>",1.03,null,"Valor com BDI =>",null,6.7]
[]
[null,"Código","Banco","Descrição","Tipo",null,"Und","Quant.","Valor Unit","Total"]
["Composição"," 89221 ","SINAPI","BETONEIRA CAPACIDADE NOMINAL DE 600 L, CAPACIDADE DE MISTURA 360 L, MOTOR ELÉTRICO TRIFÁSICO POTÊNCIA DE 4 CV, SEM CARREGADOR - DEPRECIAÇÃO. AF_05/2023","CHOR - CUSTOS HORÁRIOS DE MÁQUINAS E EQUIPAMENTOS",null,"H",1,1.4,1.4]
["Insumo"," 00036397 ","SINAPI","BETONEIRA, CAPACIDADE NOMINAL 600 L, CAPACIDADE DE MISTURA  360L, MOTOR ELETRICO TRIFASICO 220/380V, POTENCIA 4CV, EXCLUSO CARREGADOR","Equipamento",null,"UN",6e-5,23389.83,1.4]
[{"$nulls":4},"MO sem LS =>",0,"LS =>",0,"MO com LS =>",0]
[{"$nulls":4},"Valor do BDI =>",0.29,null,"Valor com BDI =>",null,1.69]
[]
[null,"Código","Banco","Descrição","Tipo",null,"Und","Quant.","Valor Unit","Total"]
["Composição"," 89222 ","SINAPI","BETONEIRA CAPACIDADE NOMINAL DE 600 L, CAPACIDADE DE MISTURA 360 L, MOTOR ELÉTRICO TRIFÁSICO POTÊNCIA DE 4 CV, SEM CARREGADOR - JUROS. AF_05/2023","CHOR - CUSTOS HORÁRIOS DE MÁQUINAS E EQUIPAMENTOS",null,"H",1,0.35,0.35]
["Insumo"," 00036397 ","SINAPI","BETONEIRA, CAPACIDADE NOMINAL 600 L, CAPACIDADE DE MISTURA  360L, MOTOR ELETRICO TRIFASICO 220/380V, POTENCIA 4CV, EXCLUSO CARREGADOR","Equipamento",null,"UN",1.48e-5,23389.83,0.35]
[{"$nulls":4},"MO sem LS =>",0,"LS =>",0,"MO com LS =>",0]
[{"$nulls":4},"Valor do BDI =>",0.07,null,"Valor com BDI =>",null,0.42]
[]
[null,"Código","Banco","Descrição","Tipo",null,"Und","Quant.","Valor Unit","Total"]
["Composição"," 89223 ","SINAPI","BETONEIRA CAPACIDADE NOMINAL DE 600 L, CAPACIDADE DE MISTURA 360 L, MOTOR ELÉTRICO TRIFÁSICO POTÊNCIA DE 4 CV, SEM CARREGADOR - MANUTENÇÃO. AF_05/2023","CHOR - CUSTOS HORÁRIOS DE MÁQUINAS E EQUIPAMENTOS",null,"H",1,1.64,1.64]
["Insumo"," 00036397 ","SINAPI","BETONEIRA, CAPACIDADE NOMINAL 600 L, CAPACIDADE DE MISTURA  360L, MOTOR ELETRICO TRIFASICO 220/380V, POTENCIA 4CV, EXCLUSO CARREGADOR","Equipamento",null,"UN",7e-5,23389.83,1.64]
[{"$nulls":4},"MO sem LS =>",0,"LS =>",0,"MO com LS =>",0]
[{"$nulls":4},"Valor do BDI =>",0.34,null,"Valor com BDI =>",null,1.98]
[]
[null,"Código","Banco","Descrição","Tipo",null,"Und","Quant.","Valor Unit","Total"]
["Composição"," 89224 ","SINAPI","BETONEIRA CAPACIDADE NOMINAL DE 600 L, CAPACIDADE DE MISTURA 360 L, MOTOR ELÉTRICO TRIFÁSICO POTÊNCIA DE 4 CV, SEM CARREGADOR - MATERIAIS NA OPERAÇÃO. AF_05/2023","CHOR - CUSTOS HORÁRIOS DE MÁQUINAS E EQUIPAMENTOS",null,"H",1,2.28,2.28]
["Insumo"," 00002705 ","SINAPI","ENERGIA ELETRICA ATE 2000 KWH INDUSTRIAL, SEM DEMANDA","Material",null,"KWH",2.50239,0.91,2.28]
[{"$nulls":4},"MO sem LS =>",0,"LS =>",0,"MO com LS =>",0]
[{"$nulls":4},"Valor do BDI =>",0.33,null,"Valor com BDI =>",null,2.61]
[]
[null,"Código","Banco","Descrição","Tipo",null,"Und","Quant.","Valor Unit","Total"]
["Composição"," 91924 ","SINAPI","CABO DE COBRE FLEXÍVEL ISOLADO, 1,5 MM², ANTI-CHAMA 450/750 V, PARA CIRCUITOS TERMINAIS - FORNECIMENTO E INSTALAÇÃO. AF_03/2023","INEL - INSTALAÇÃO ELÉTRICA/ELETRIFICAÇÃO E ILUMINAÇÃO EXTERNA",null,"M",1,3.19,3.19]
["Composição Auxiliar"," 88247 ","SINAPI","AUXILIAR DE ELETRICISTA COM ENCARGOS COMPLEMENTARES","SEDI - SERVIÇOS DIVERSOS",null,"H",0.023,20.5,0.47]
["Composição Auxiliar"," 88264 ","SINAPI","ELETRICISTA COM ENCARGOS COMPLEMENTARES","SEDI - SERVIÇOS DIVERSOS",null,"H",0.023,22.56,0.52]
["Insumo"," 00001013 ","SINAPI","CABO DE COBRE, FLEXIVEL, CLASSE 4 OU 5, ISOLACAO EM PVC/A, ANTICHAMA BWF-B, 1 CONDUTOR, 450/750 V, SECAO NOMINAL 1,5 MM2","Material",null,"M",1.2434,1.68,2.09]
["Insumo"," 00021127 ","SINAPI","FITA ISOLANTE ADESIVA ANTICHAMA, USO ATE 750 V, EM ROLO DE 19 MM X 5 M","Material",null,"UN",0.0094,11.34,0.11]
[{"$nulls":4},"MO sem LS =>",0.82,"LS =>",0,"MO com LS =>",0.82]
[{"$nulls":4},"Valor do BDI =>",0.52,null,"Valor com BDI =>",null,3.71]
[]
[null,"Código","Banco","Descrição","Tipo",null,"Und","Quant.","Valor Unit","Total"]
["Composição"," 91933 ","SINAPI","CABO DE COBRE FLEXÍVEL ISOLADO, 10 MM², ANTI-CHAMA 0,6/1,0 KV, PARA CIRCUITOS TERMINAIS - FORNECIMENTO E INSTALAÇÃO. AF_03/2023","INEL - INSTALAÇÃO ELÉTRICA/ELETRIFICAÇÃO E ILUMINAÇÃO EXTERNA",null,"M",1,17.78,17.78]
["Composição Auxiliar"," 88247 ","SINAPI","AUXILIAR DE ELETRICISTA COM ENCARGOS COMPLEMENTARES","SEDI - SERVIÇOS DIVERSOS",null,"H",0.076,20.5,1.56]
["Composição Auxiliar"," 88264 ","SINAPI","ELETRICISTA COM ENCARGOS COMPLEMENTARES","SEDI - SERVIÇOS DIVERSOS",null,"H",0.076,22.56,1.71]
["Insumo"," 00001020 ","SINAPI","CABO DE COBRE, FLEXIVEL, CLASSE 4 OU 5, ISOLACAO EM PVC/A, ANTICHAMA BWF-B, COBERTURA PVC-ST1, ANTICHAMA BWF-B, 1 CONDUTOR, 0,6/1 KV, SECAO NOMINAL 10 MM2","Material",null,"M",1.2434,11.58,14.4]
["Insumo"," 00021127 ","SINAPI","FITA ISOLANTE ADESIVA ANTICHAMA, USO ATE 750 V, EM ROLO DE 19 MM X 5 M","Material",null,"UN",0.0094,11.34,0.11]
[{"$nulls":4},"MO sem LS =>",2.71,"LS =>",0,"MO com LS =>",2.71]
[{"$nulls":4},"Valor do BDI =>",2.74,null,"Valor com BDI =>",null,20.52]
[]
[null,"Código","Banco","Descrição","Tipo",null,"Und","Quant.","Valor Unit","Total"]
["Composição"," 92981 ","SINAPI","CABO DE COBRE FLEXÍVEL ISOLADO, 16 MM², ANTI-CHAMA 450/750 V, PARA DISTRIBUIÇÃO - FORNECIMENTO E INSTALAÇÃO. AF_12/2015","INEL - INSTALAÇÃO ELÉTRICA/ELETRIFICAÇÃO E ILUMINAÇÃO EXTERNA",null,"M",1,18.49,18.49]
["Composição Auxiliar"," 88247 ","SINAPI","AUXILIAR DE ELETRICISTA COM ENCARGOS COMPLEMENTARES","SEDI - SERVIÇOS DIVERSOS",null,"H",0.013,20.5,0.27]
["Composição Auxiliar"," 88264 ","SINAPI","ELETRICISTA COM ENCARGOS COMPLEMENTARES","SEDI - SERVIÇOS DIVERSOS",null,"H",0.013,22.56,0.29]
["Insumo"," 00000979 ","SINAPI","CABO DE COBRE, FLEXIVEL, CLASSE 4 OU 5, ISOLACAO EM PVC/A, ANTICHAMA BWF-B, 1 CONDUTOR, 450/750 V, SECAO NOMINAL 16 MM2","Material",null,"M",1.027,17.35,17.82]
["Insumo"," 00021127 ","SINAPI","FITA ISOLANTE ADESIVA ANTICHAMA, USO ATE 750 V, EM ROLO DE 19 MM X 5 M","Material",null,"UN",0.01,11.34,0.11]
[{"$nulls":4},"MO sem LS =>",0.46,"LS =>",0.01,"MO com LS =>",0.47]
[{"$nulls":4},"Valor do BDI =>",2.66,null,"Valor com BDI =>",null,21.15]
[]
[null,"Código","Banco","Descrição","Tipo",null,"Und","Quant.","Valor Unit","Total"]
["Composição"," 91926 ","SINAPI","CABO DE COBRE FLEXÍVEL ISOLADO, 2,5 MM², ANTI-CHAMA 450/750 V, PARA CIRCUITOS TERMINAIS - FORNECIMENTO E INSTALAÇÃO. AF_03/2023","INEL - INSTALAÇÃO ELÉTRICA/ELETRIFICAÇÃO E ILUMINAÇÃO EXTERNA",null,"M",1,4.67,4.67]
["Composição Auxiliar"," 88247 ","SINAPI","AUXILIAR DE ELETRICISTA COM ENCARGOS COMPLEMENTARES","SEDI - SERVIÇOS DIVERSOS",null,"H",0.029,20.5,0.59]
["Composição Auxiliar"," 88264 ","SINAPI","ELETRICISTA COM ENCARGOS COMPLEMENTARES","SEDI - SERVIÇOS DIVERSOS",null,"H",0.029,22.56,0.65]
["Insumo"," 00001014 ","SINAPI","CABO DE COBRE, FLEXIVEL, CLASSE 4 OU 5, ISOLACAO EM PVC/A, ANTICHAMA BWF-B, 1 CONDUTOR, 450/750 V, SECAO NOMINAL 2,5 MM2","Material",null,"M",1.2434,2.67,3.32]
["Insumo"," 00021127 ","SINAPI","FITA ISOLANTE ADESIVA ANTICHAMA, USO ATE 750 V, EM ROLO DE 19 MM X 5 M","Material",null,"UN",0.0094,11.34,0.11]
[{"$nulls":4},"MO sem LS =>",1.03,"LS =>",0.01,"MO com LS =>",1.04]
[{"$nulls":4},"Valor do BDI =>",0.75,null,"Valor com BDI =>",null,5.42]
[]
[null,"Código","Banco","Descrição","Tipo",null,"Und","Quant.","Valor Unit","Total"]
["Composição"," 91928 ","SINAPI","CABO DE COBRE FLEXÍVEL ISOLADO, 4 MM², ANTI-CHAMA 450/750 V, PARA CIRCUITOS TERMINAIS - FORNECIMENTO E INSTALAÇÃO. AF_03/2023","INEL - INSTALAÇÃO ELÉTRICA/ELETRIFICAÇÃO E ILUMINAÇÃO EXTERNA",null,"M",1,7.29,7.29]
["Composição Auxiliar"," 88247 ","SINAPI","AUXILIAR DE ELETRICISTA COM ENCARGOS COMPLEMENTARES","SEDI - SERVIÇOS DIVERSOS",null,"H",0.039,20.5,0.8]
["Composição Auxiliar"," 88264 ","SINAPI","ELETRICISTA COM ENCARGOS COMPLEMENTARES","SEDI - SERVIÇOS DIVERSOS",null,"H",0.039,22.56,0.88]
["Insumo"," 00000981 ","SINAPI","CABO DE COBRE, FLEXIVEL, CLASSE 4 OU 5, ISOLACAO EM PVC/A, ANTICHAMA BWF-B, 1 CONDUTOR, 450/750 V, SECAO NOMINAL 4 MM2","Material",null,"M",1.2434,4.42,5.5]
["Insumo"," 00021127 ","SINAPI","FITA ISOLANTE ADESIVA ANTICHAMA, USO ATE 750 V, EM ROLO DE 19 MM X 5 M","Material",null,"UN",0.0094,11.34,0.11]
[{"$nulls":4},"MO sem LS =>",1.39,"LS =>",0.01,"MO com LS =>",1.4]
[{"$nulls":4},"Valor do BDI =>",1.15,null,"Valor com BDI =>",null,8.44]
[]
[null,"Código","Banco","Descrição","Tipo",null,"Und","Quant.","Valor Unit","Total"]
["Composição"," 98102 ","SINAPI","CAIXA DE GORDURA SIMPLES, CIRCULAR, EM CONCRETO PRÉ-MOLDADO, DIÂMETRO INTERNO = 0,4 M, ALTURA INTERNA = 0,4 M. AF_12/2020","INHI - INSTALAÇÕES HIDROS SANITÁRIAS",null,"UN",1,176.2,176.2]
["Composição Auxiliar"," 101618 ","SINAPI","PREPARO DE FUNDO DE VALA COM LARGURA MENOR QUE 1,5 M, COM CAMADA DE AREIA, LANÇAMENTO MANUAL. AF_08/2020","MOVT - MOVIMENTO DE TERRA",null,"m³",0.0192,212.4,4.08]
["Composição Auxiliar"," 5678 ","SINAPI","RETROESCAVADEIRA SOBRE RODAS COM CARREGADEIRA, TRAÇÃO 4X4, POTÊNCIA LÍQ. 88 HP, CAÇAMBA CARREG. CAP. MÍN. 1 M3, CAÇAMBA RETRO CAP. 0,26 M3, PESO OPERACIONAL MÍN. 6.674 KG, PROFUNDIDADE ESCAVAÇÃO MÁX. 4,37 M - CHP DIURNO. AF_06/2014","CHOR - CUSTOS HORÁRIOS DE MÁQUINAS E EQUIPAMENTOS",null,"CHP",0.0155,139.32,2.16]
["Composição Auxiliar"," 5679 ","SINAPI","RETROESCAVADEIRA SOBRE RODAS COM CARREGADEIRA, TRAÇÃO 4X4, POTÊNCIA LÍQ. 88 HP, CAÇAMBA CARREG. CAP. MÍN. 1 M3, CAÇAMBA RETRO CAP. 0,26 M3, PESO OPERACIONAL MÍN. 6.674 KG, PROFUNDIDADE ESCAVAÇÃO MÁX. 4,37 M - CHI DIURNO. AF_06/2014","CHOR - CUSTOS HORÁRIOS DE MÁQUINAS E EQUIPAMENTOS",null,"CHI",0.0315,50.15,1.58]
["Composição Auxiliar"," 88309 ","SINAPI","PEDREIRO COM ENCARGOS COMPLEMENTARES","SEDI - SERVIÇOS DIVERSOS",null,"H",0.0415,20.68,0.86]
["Composição Auxiliar"," 88316 ","SINAPI","SERVENTE COM ENCARGOS COMPLEMENTARES","SEDI - SERVIÇOS DIVERSOS",null,"H",0.0326,15.36,0.5]
["Insumo"," 00011881 ","SINAPI","CAIXA DE GORDURA CILINDRICA EM CONCRETO SIMPLES,  PRE-MOLDADA, COM DIAMETRO DE 40 CM E ALTURA DE 45 CM, COM TAMPA","Material",null,"UN",1,167.02,167.02]
[{"$nulls":4},"MO sem LS =>",3.27,"LS =>",0,"MO com LS =>",3.27]
[{"$nulls":4},"Valor do BDI =>",25.33,null,"Valor com BDI =>",null,201.53]
[]
[null,"Código","Banco","Descrição","Tipo",null,"Und","Quant.","Valor Unit","Total"]
["Composição"," 97886 ","SINAPI","CAIXA ENTERRADA ELÉTRICA RETANGULAR, EM ALVENARIA COM TIJOLOS CERÂMICOS MACIÇOS, FUNDO COM BRITA, DIMENSÕES INTERNAS: 0,3X0,3X0,3 M. AF_12/2020","INEL - INSTALAÇÃO ELÉTRICA/ELETRIFICAÇÃO E ILUMINAÇÃO EXTERNA",null,"UN",1,165.35,165.35]
["Composição Auxiliar"," 100475 ","SINAPI","ARGAMASSA TRAÇO 1:3 (EM VOLUME DE CIMENTO E AREIA MÉDIA ÚMIDA) COM ADIÇÃO DE IMPERMEABILIZANTE, PREPARO MECÂNICO COM BETONEIRA 400 L. AF_08/2019","SEDI - SERVIÇOS DIVERSOS",null,"m³",0.0278,952.41,26.48]
["Composição Auxiliar"," 101619 ","SINAPI","PREPARO DE FUNDO DE VALA COM LARGURA MENOR QUE 1,5 M, COM CAMADA DE BRITA, LANÇAMENTO MANUAL. AF_08/2020","MOVT - MOVIMENTO DE TERRA",null,"m³",0.036,465.76,16.77]
["Composição Auxiliar"," 87316 ","SINAPI","ARGAMASSA TRAÇO 1:4 (EM VOLUME DE CIMENTO E AREIA GROSSA ÚMIDA) PARA CHAPISCO CONVENCIONAL, PREPARO MECÂNICO COM BETONEIRA 400 L. AF_08/2019","SEDI - SERVIÇOS DIVERSOS",null,"m³",0.0039,541.91,2.11]
["Composição Auxiliar"," 88309 ","SINAPI","PEDREIRO COM ENCARGOS COMPLEMENTARES","SEDI - SERVIÇOS DIVERSOS",null,"H",1.2686,20.68,26.23]
["Composição Auxiliar"," 88316 ","SINAPI","SERVENTE COM ENCARGOS COMPLEMENTARES","SEDI - SERVIÇOS DIVERSOS",null,"H",0.9967,15.36,15.31]
["Composição Auxiliar"," 97734 ","SINAPI","PEÇA RETANGULAR PRÉ-MOLDADA, VOLUME DE CONCRETO DE 10 A 30 LITROS, TAXA DE AÇO APROXIMADA DE 30KG/M³. AF_01/2018","FUES - FUNDAÇÕES E ESTRUTURAS",null,"m³",0.0175,2735.78,47.88]
["Insumo"," 00007258 ","SINAPI","TIJOLO CERAMICO MACICO COMUM *5 X 10 X 20* CM (L X A X C)","Material",null,"UN",38.691,0.79,30.57]
[{"$nulls":4},"MO sem LS =>",58.72,"LS =>",0.01,"MO com LS =>",58.73]
[{"$nulls":4},"Valor do BDI =>",28.34,null,"Valor com BDI =>",null,193.69]
[]
[null,"Código","Banco","Descrição","Tipo",null,"Und","Quant.","Valor Unit","Total"]
["Composição"," 97906 ","SINAPI","CAIXA ENTERRADA HIDRÁULICA RETANGULAR, EM ALVENARIA COM BLOCOS DE CONCRETO, DIMENSÕES INTERNAS: 0,6X0,6X0,6 M PARA REDE DE ESGOTO. AF_12/2020","INHI - INSTALAÇÕES HIDROS SANITÁRIAS",null,"UN",1,425.52,425.52]
["Composição Auxiliar"," 100475 ","SINAPI","ARGAMASSA TRAÇO 1:3 (EM VOLUME DE CIMENTO E AREIA MÉDIA ÚMIDA) COM ADIÇÃO DE IMPERMEABILIZANTE, PREPARO MECÂNICO COM BETONEIRA 400 L. AF_08/2019","SEDI - SERVIÇOS DIVERSOS",null,"m³",0.0728,952.41,69.34]
["Composição Auxiliar"," 101616 ","SINAPI","PREPARO DE FUNDO DE VALA COM LARGURA MENOR QUE 1,5 M (ACERTO DO SOLO NATURAL). AF_08/2020","MOVT - MOVIMENTO DE TERRA",null,"m²",0.81,4.62,3.74]
["Composição Auxiliar"," 5678 ","SINAPI","RETROESCAVADEIRA SOBRE RODAS COM CARREGADEIRA, TRAÇÃO 4X4, POTÊNCIA LÍQ. 88 HP, CAÇAMBA CARREG. CAP. MÍN. 1 M3, CAÇAMBA RETRO CAP. 0,26 M3, PESO OPERACIONAL MÍN. 6.674 KG, PROFUNDIDADE ESCAVAÇÃO MÁX. 4,37 M - CHP DIURNO. AF_06/2014","CHOR - CUSTOS HORÁRIOS DE MÁQUINAS E EQUIPAMENTOS",null,"CHP",0.0087,139.32,1.21]
["Composição Auxiliar"," 5679 ","SINAPI","RETROESCAVADEIRA SOBRE RODAS COM CARREGADEIRA, TRAÇÃO 4X4, POTÊNCIA LÍQ. 88 HP, CAÇAMBA CARREG. CAP. MÍN. 1 M3, CAÇAMBA RETRO CAP. 0,26 M3, PESO OPERACIONAL MÍN. 6.674 KG, PROFUNDIDADE ESCAVAÇÃO MÁX. 4,37 M - CHI DIURNO. AF_06/2014","CHOR - CUSTOS HORÁRIOS DE MÁQUINAS E EQUIPAMENTOS",null,"CHI",0.0178,50.15,0.89]
["Composição Auxiliar"," 87316 ","SINAPI","ARGAMASSA TRAÇO 1:4 (EM VOLUME DE CIMENTO E AREIA GROSSA ÚMIDA) PARA CHAPISCO CONVENCIONAL, PREPARO MECÂNICO COM BETONEIRA 400 L. AF_08/2019","SEDI - SERVIÇOS DIVERSOS",null,"m³",0.0148,541.91,8.02]
["Composição Auxiliar"," 88309 ","SINAPI","PEDREIRO COM ENCARGOS COMPLEMENTARES","SEDI - SERVIÇOS DIVERSOS",null,"H",3.5684,20.68,73.79]
["Composição Auxiliar"," 88316 ","SINAPI","SERVENTE COM ENCARGOS COMPLEMENTARES","SEDI - SERVIÇOS DIVERSOS",null,"H",2.8038,15.36,43.07]
["Composição Auxiliar"," 94970 ","SINAPI","CONCRETO FCK = 20MPA, TRAÇO 1:2,7:3 (EM MASSA SECA DE CIMENTO/ AREIA MÉDIA/ BRITA 1) - PREPARO MECÂNICO COM BETONEIRA 600 L. AF_05/2021","FUES - FUNDAÇÕES E ESTRUTURAS",null,"m³",0.0744,640.99,47.69]
["Composição Auxiliar"," 97735 ","SINAPI","PEÇA RETANGULAR PRÉ-MOLDADA, VOLUME DE CONCRETO DE 30 A 100 LITROS, TAXA DE AÇO APROXIMADA DE 30KG/M³. AF_01/2018","FUES - FUNDAÇÕES E ESTRUTURAS",null,"m³",0.0448,2358.84,105.68]
["Insumo"," 00000650 ","SINAPI","BLOCO DE VEDACAO DE CONCRETO, 9 X 19 X 39 CM (CLASSE C - NBR 6136)","Material",null,"UN",20.7615,3.15,65.4]
["Insumo"," 00002692 ","SINAPI","DESMOLDANTE PROTETOR PARA FORMAS DE MADEIRA, DE BASE OLEOSA EMULSIONADA EM AGUA","Material",null,"L",0.0054,13.39,0.07]
["Insumo"," 00004491 ","SINAPI","PONTALETE *7,5 X 7,5* CM EM PINUS, MISTA OU EQUIVALENTE DA REGIAO - BRUTA","Material",null,"M",0.1184,9.49,1.12]
["Insumo"," 00004517 ","SINAPI","SARRAFO *2,5 X 7,5* CM EM PINUS, MISTA OU EQUIVALENTE DA REGIAO - BRUTA","Material",null,"M",0.1408,3.32,0.47]
["Insumo"," 00005069 ","SINAPI","PREGO DE ACO POLIDO COM CABECA 17 X 27 (2 1/2 X 11)","Material",null,"KG",0.0125,20.74,0.26]
["Insumo"," 00006193 ","SINAPI","TABUA NAO APARELHADA *2,5 X 20* CM, EM MACARANDUBA/MASSARANDUBA, ANGELIM OU EQUIVALENTE DA REGIAO - BRUTA","Material",null,"M",0.4416,10.81,4.77]
[{"$nulls":4},"MO sem LS =>",144.03,"LS =>",0.01,"MO com LS =>",144.04]
[{"$nulls":4},"Valor do BDI =>",72.75,null,"Valor com BDI =>",null,498.27]
[]
[null,"Código","Banco","Descrição","Tipo",null,"Und","Quant.","Valor Unit","Total"]
["Composição"," 91937 ","SINAPI","CAIXA OCTOGONAL 3\" X 3\", PVC, INSTALADA EM LAJE - FORNECIMENTO E INSTALAÇÃO. AF_03/2023","INEL - INSTALAÇÃO ELÉTRICA/ELETRIFICAÇÃO E ILUMINAÇÃO EXTERNA",null,"UN",1,14.25,14.25]
["Composição Auxiliar"," 88247 ","SINAPI","AUXILIAR DE ELETRICISTA COM ENCARGOS COMPLEMENTARES","SEDI - SERVIÇOS DIVERSOS",null,"H",0.222,20.5,4.55]
["Composição Auxiliar"," 88264 ","SINAPI","ELETRICISTA COM ENCARGOS COMPLEMENTARES","SEDI - SERVIÇOS DIVERSOS",null,"H",0.222,22.56,5.01]
["Insumo"," 00001871 ","SINAPI","CAIXA OCTOGONAL DE FUNDO MOVEL, EM PVC, DE 3\" X 3\", PARA ELETRODUTO FLEXIVEL CORRUGADO","Material",null,"UN",1,4.69,4.69]
[{"$nulls":4},"MO sem LS =>",7.92,"LS =>",0,"MO com LS =>",7.92]
[{"$nulls":4},"Valor do BDI =>",2.66,null,"Valor com BDI =>",null,16.91]
[]
[null,"Código","Banco","Descrição","Tipo",null,"Und","Quant.","Valor Unit","Total"]
["Composição"," 5903 ","SINAPI","CAMINHÃO PIPA 10.000 L TRUCADO, PESO BRUTO TOTAL 23.000 KG, CARGA ÚTIL MÁXIMA 15.935 KG, DISTÂNCIA ENTRE EIXOS 4,8 M, POTÊNCIA 230 CV, INCLUSIVE TANQUE DE AÇO PARA TRANSPORTE DE ÁGUA - CHI DIURNO. AF_06/2014","CHOR - CUSTOS HORÁRIOS DE MÁQUINAS E EQUIPAMENTOS",null,"CHI",1,65.15,65.15]
["Composição Auxiliar"," 88282 ","SINAPI","MOTORISTA DE CAMINHÃO COM ENCARGOS COMPLEMENTARES","SEDI - SERVIÇOS DIVERSOS",null,"H",1,19.22,19.22]
["Composição Auxiliar"," 91396 ","SINAPI","CAMINHÃO PIPA 10.000 L TRUCADO, PESO BRUTO TOTAL 23.000 KG, CARGA ÚTIL MÁXIMA 15.935 KG, DISTÂNCIA ENTRE EIXOS 4,8 M, POTÊNCIA 230 CV, INCLUSIVE TANQUE DE AÇO PARA TRANSPORTE DE ÁGUA - DEPRECIAÇÃO. AF_06/2014","CHOR - CUSTOS HORÁRIOS DE MÁQUINAS E EQUIPAMENTOS",null,"H",1,29.74,29.74]
["Composição Auxiliar"," 91397 ","SINAPI","CAMINHÃO PIPA 10.000 L TRUCADO, PESO BRUTO TOTAL 23.000 KG, CARGA ÚTIL MÁXIMA 15.935 KG, DISTÂNCIA ENTRE EIXOS 4,8 M, POTÊNCIA 230 CV, INCLUSIVE TANQUE DE AÇO PARA TRANSPORTE DE ÁGUA - JUROS. AF_06/2014","CHOR - CUSTOS HORÁRIOS DE MÁQUINAS E EQUIPAMENTOS",null,"H",1,11.53,11.53]
["Composição Auxiliar"," 91398 ","SINAPI","CAMINHÃO PIPA 10.000 L TRUCADO, PESO BRUTO TOTAL 23.000 KG, CARGA ÚTIL MÁXIMA 15.935 KG, DISTÂNCIA ENTRE EIXOS 4,8 M, POTÊNCIA 230 CV, INCLUSIVE TANQUE DE AÇO PARA TRANSPORTE DE ÁGUA - IMPOSTOS E SEGUROS. AF_06/2014","CHOR - CUSTOS HORÁRIOS DE MÁQUINAS E EQUIPAMENTOS",null,"H",1,4.66,4.66]
[{"$nulls":4},"MO sem LS =>",16.69,"LS =>",0,"MO com LS =>",16.69]
[{"$nulls":4},"Valor do BDI =>",13.19,null,"Valor com BDI =>",null,78.34]
[]
[null,"Código","Banco","Descrição","Tipo",null,"Und","Quant.","Valor Unit","Total"]
["Composição"," 5901 ","SINAPI","CAMINHÃO PIPA 10.000 L TRUCADO, PESO BRUTO TOTAL 23.000 KG, CARGA ÚTIL MÁXIMA 15.935 KG, DISTÂNCIA ENTRE EIXOS 4,8 M, POTÊNCIA 230 CV, INCLUSIVE TANQUE DE AÇO PARA TRANSPORTE DE ÁGUA - CHP DIURNO. AF_06/2014","CHOR - CUSTOS HORÁRIOS DE MÁQUINAS E EQUIPAMENTOS",null,"CHP",1,339.28,339.28]
["Composição Auxiliar"," 53831 ","SINAPI","CAMINHÃO PIPA 10.000 L TRUCADO, PESO BRUTO TOTAL 23.000 KG, CARGA ÚTIL MÁXIMA 15.935 KG, DISTÂNCIA ENTRE EIXOS 4,8 M, POTÊNCIA 230 CV, INCLUSIVE TANQUE DE AÇO PARA TRANSPORTE DE ÁGUA - MATERIAIS NA OPERAÇÃO. AF_06/2014","CHOR - CUSTOS HORÁRIOS DE MÁQUINAS E EQUIPAMENTOS",null,"H",1,221.26,221.26]
["Composição Auxiliar"," 5763 ","SINAPI","CAMINHÃO PIPA 10.000 L TRUCADO, PESO BRUTO TOTAL 23.000 KG, CARGA ÚTIL MÁXIMA 15.935 KG, DISTÂNCIA ENTRE EIXOS 4,8 M, POTÊNCIA 230 CV, INCLUSIVE TANQUE DE AÇO PARA TRANSPORTE DE ÁGUA - MANUTENÇÃO. AF_06/2014","CHOR - CUSTOS HORÁRIOS DE MÁQUINAS E EQUIPAMENTOS",null,"H",1,52.87,52.87]
["Composição Auxiliar"," 88282 ","SINAPI","MOTORISTA DE CAMINHÃO COM ENCARGOS COMPLEMENTARES","SEDI - SERVIÇOS DIVERSOS",null,"H",1,19.22,19.22]
["Composição Auxiliar"," 91396 ","SINAPI","CAMINHÃO PIPA 10.000 L TRUCADO, PESO BRUTO TOTAL 23.000 KG, CARGA ÚTIL MÁXIMA 15.935 KG, DISTÂNCIA ENTRE EIXOS 4,8 M, POTÊNCIA 230 CV, INCLUSIVE TANQUE DE AÇO PARA TRANSPORTE DE ÁGUA - DEPRECIAÇÃO. AF_06/2014","CHOR - CUSTOS HORÁRIOS DE MÁQUINAS E EQUIPAMENTOS",null,"H",1,29.74,29.74]
["Composição Auxiliar"," 91397 ","SINAPI","CAMINHÃO PIPA 10.000 L TRUCADO, PESO BRUTO TOTAL 23.000 KG, CARGA ÚTIL MÁXIMA 15.935 KG, DISTÂNCIA ENTRE EIXOS 4,8 M, POTÊNCIA 230 CV, INCLUSIVE TANQUE DE AÇO PARA TRANSPORTE DE ÁGUA - JUROS. AF_06/2014","CHOR - CUSTOS HORÁRIOS DE MÁQUINAS E EQUIPAMENTOS",null,"H",1,11.53,11.53]
["Composição Auxiliar"," 91398 ","SINAPI","CAMINHÃO PIPA 10.000 L TRUCADO, PESO BRUTO TOTAL 23.000 KG, CARGA ÚTIL MÁXIMA 15.935 KG, DISTÂNCIA ENTRE EIXOS 4,8 M, POTÊNCIA 230 CV, INCLUSIVE TANQUE DE AÇO PARA TRANSPORTE DE ÁGUA - IMPOSTOS E SEGUROS. AF_06/2014","CHOR - CUSTOS HORÁRIOS DE MÁQUINAS E EQUIPAMENTOS",null,"H",1,4.66,4.66]
[{"$nulls":4},"MO sem LS =>",16.69,"LS =>",0,"MO com LS =>",16.69]
[{"$nulls":4},"Valor do BDI =>",55.07,null,"Valor com BDI =>",null,394.35]
[]
[null,"Código","Banco","Descrição","Tipo",null,"Und","Quant.","Valor Unit","Total"]
["Composição"," 91396 ","SINAPI","CAMINHÃO PIPA 10.000 L TRUCADO, PESO BRUTO TOTAL 23.000 KG, CARGA ÚTIL MÁXIMA 15.935 KG, DISTÂNCIA ENTRE EIXOS 4,8 M, POTÊNCIA 230 CV, INCLUSIVE TANQUE DE AÇO PARA TRANSPORTE DE ÁGUA - DEPRECIAÇÃO. AF_06/2014","CHOR - CUSTOS HORÁRIOS DE MÁQUINAS E EQUIPAMENTOS",null,"H",1,29.74,29.74]
["Insumo"," 00037736 ","SINAPI","TANQUE DE ACO CARBONO NAO REVESTIDO, PARA TRANSPORTE DE AGUA COM CAPACIDADE DE 10 M3, COM BOMBA CENTRIFUGA POR TOMADA DE FORCA, VAZAO MAXIMA *75* M3/H (INCLUI MONTAGEM, NAO INCLUI CAMINHAO)","Material",null,"UN",5.51e-5,83450,4.6]
["Insumo"," 00037758 ","SINAPI","CAMINHAO TRUCADO, PESO BRUTO TOTAL 23000 KG, CARGA UTIL MAXIMA 15285 KG, DISTANCIA ENTRE EIXOS 4,80 M, POTENCIA 326 CV (INCLUI CABINE E CHASSI, NAO INCLUI CARROCERIA)","Equipamento",null,"UN",3.43e-5,732840.52,25.14]
[{"$nulls":4},"MO sem LS =>",0,"LS =>",0,"MO com LS =>",0]
[{"$nulls":4},"Valor do BDI =>",5.91,null,"Valor com BDI =>",null,35.65]
[]
[null,"Código","Banco","Descrição","Tipo",null,"Und","Quant.","Valor Unit","Total"]
["Composição"," 91398 ","SINAPI","CAMINHÃO PIPA 10.000 L TRUCADO, PESO BRUTO TOTAL 23.000 KG, CARGA ÚTIL MÁXIMA 15.935 KG, DISTÂNCIA ENTRE EIXOS 4,8 M, POTÊNCIA 230 CV, INCLUSIVE TANQUE DE AÇO PARA TRANSPORTE DE ÁGUA - IMPOSTOS E SEGUROS. AF_06/2014","CHOR - CUSTOS HORÁRIOS DE MÁQUINAS E EQUIPAMENTOS",null,"H",1,4.66,4.66]
["Insumo"," 00037736 ","SINAPI","TANQUE DE ACO CARBONO NAO REVESTIDO, PARA TRANSPORTE DE AGUA COM CAPACIDADE DE 10 M3, COM BOMBA CENTRIFUGA POR TOMADA DE FORCA, VAZAO MAXIMA *75* M3/H (INCLUI MONTAGEM, NAO INCLUI CAMINHAO)","Material",null,"UN",5.8e-6,83450,0.48]
["Insumo"," 00037758 ","SINAPI","CAMINHAO TRUCADO, PESO BRUTO TOTAL 23000 KG, CARGA UTIL MAXIMA 15285 KG, DISTANCIA ENTRE EIXOS 4,80 M, POTENCIA 326 CV (INCLUI CABINE E CHASSI, NAO INCLUI CARROCERIA)","Equipamento",null,"UN",5.7e-6,732840.52,4.18]
[{"$nulls":4},"MO sem LS =>",0,"LS =>",0,"MO com LS =>",0]
[{"$nulls":4},"Valor do BDI =>",0.94,null,"Valor com BDI =>",null,5.6]
[]
[null,"Código","Banco","Descrição","Tipo",null,"Und","Quant.","Valor Unit","Total"]
["Composição"," 91397 ","SINAPI","CAMINHÃO PIPA 10.000 L TRUCADO, PESO BRUTO TOTAL 23.000 KG, CARGA ÚTIL MÁXIMA 15.935 KG, DISTÂNCIA ENTRE EIXOS 4,8 M, POTÊNCIA 230 CV, INCLUSIVE TANQUE DE AÇO PARA TRANSPORTE DE ÁGUA - JUROS. AF_06/2014","CHOR - CUSTOS HORÁRIOS DE MÁQUINAS E EQUIPAMENTOS",null,"H",1,11.53,11.53]
["Insumo"," 00037736 ","SINAPI","TANQUE DE ACO CARBONO NAO REVESTIDO, PARA TRANSPORTE DE AGUA COM CAPACIDADE DE 10 M3, COM BOMBA CENTRIFUGA POR TOMADA DE FORCA, VAZAO MAXIMA *75* M3/H (INCLUI MONTAGEM, NAO INCLUI CAMINHAO)","Material",null,"UN",1.44e-5,83450,1.2]
["Insumo"," 00037758 ","SINAPI","CAMINHAO TRUCADO, PESO BRUTO TOTAL 23000 KG, CARGA UTIL MAXIMA 15285 KG, DISTANCIA ENTRE EIXOS 4,80 M, POTENCIA 326 CV (INCLUI CABINE E CHASSI, NAO INCLUI CARROCERIA)","Equipamento",null,"UN",1.41e-5,732840.52,10.33]
[{"$nulls":4},"MO sem LS =>",0,"LS =>",0,"MO com LS =>",0]
[{"$nulls":4},"Valor do BDI =>",2.33,null,"Valor com BDI =>",null,13.86]
[]
[null,"Código","Banco","Descrição","Tipo",null,"Und","Quant.","Valor Unit","Total"]
["Composição"," 5763 ","SINAPI","CAMINHÃO PIPA 10.000 L TRUCADO, PESO BRUTO TOTAL 23.000 KG, CARGA ÚTIL MÁXIMA 15.935 KG, DISTÂNCIA ENTRE EIXOS 4,8 M, POTÊNCIA 230 CV, INCLUSIVE TANQUE DE AÇO PARA TRANSPORTE DE ÁGUA - MANUTENÇÃO. AF_06/2014","CHOR - CUSTOS HORÁRIOS DE MÁQUINAS E EQUIPAMENTOS",null,"H",1,52.87,52.87]
["Insumo"," 00037736 ","SINAPI","TANQUE DE ACO CARBONO NAO REVESTIDO, PARA TRANSPORTE DE AGUA COM CAPACIDADE DE 10 M3, COM BOMBA CENTRIFUGA POR TOMADA DE FORCA, VAZAO MAXIMA *75* M3/H (INCLUI MONTAGEM, NAO INCLUI CAMINHAO)","Material",null,"UN",6.89e-5,83450,5.75]
["Insumo"," 00037758 ","SINAPI","CAMINHAO TRUCADO, PESO BRUTO TOTAL 23000 KG, CARGA UTIL MAXIMA 15285 KG, DISTANCIA ENTRE EIXOS 4,80 M, POTENCIA 326 CV (INCLUI CABINE E CHASSI, NAO INCLUI CARROCERIA)","Equipamento",null,"UN",6.43e-5,732840.52,47.12]
[{"$nulls":4},"MO sem LS =>",0,"LS =>",0,"MO com LS =>",0]
[{"$nulls":4},"Valor do BDI =>",10.68,null,"Valor com BDI =>",null,63.55]
[]
[null,"Código","Banco","Descrição","Tipo",null,"Und","Quant.","Valor Unit","Total"]
["Composição"," 53831 ","SINAPI","CAMINHÃO PIPA 10.000 L TRUCADO, PESO BRUTO TOTAL 23.000 KG, CARGA ÚTIL MÁXIMA 15.935 KG, DISTÂNCIA ENTRE EIXOS 4,8 M, POTÊNCIA 230 CV, INCLUSIVE TANQUE DE AÇO PARA TRANSPORTE DE ÁGUA - MATERIAIS NA OPERAÇÃO. AF_06/2014","CHOR - CUSTOS HORÁRIOS DE MÁQUINAS E EQUIPAMENTOS",null,"H",1,221.26,221.26]
["Insumo"," 00004221 ","SINAPI","OLEO DIESEL COMBUSTIVEL COMUM","Material",null,"L",32.16,6.88,221.26]
[{"$nulls":4},"MO sem LS =>",0,"LS =>",0,"MO com LS =>",0]
[{"$nulls":4},"Valor do BDI =>",31.2,null,"Valor com BDI =>",null,252.46]
[]
[null,"Código","Banco","Descrição","Tipo",null,"Und","Quant.","Valor Unit","Total"]
["Composição"," 88261 ","SINAPI","CARPINTEIRO DE ESQUADRIA COM ENCARGOS COMPLEMENTARES","SEDI - SERVIÇOS DIVERSOS",null,"H",1,19.39,19.39]
["Composição Auxiliar"," 95329 ","SINAPI","CURSO DE CAPACITAÇÃO PARA CARPINTEIRO DE ESQUADRIA (ENCARGOS COMPLEMENTARES) - HORISTA","SEDI - SERVIÇOS DIVERSOS",null,"H",1,0.24,0.24]
["Insumo"," 00001214 ","SINAPI","CARPINTEIRO DE ESQUADRIAS (HORISTA)","Mão de Obra",null,"H",1,15.62,15.62]
["Insumo"," 00037370 ","SINAPI","ALIMENTACAO - HORISTA (COLETADO CAIXA - ENCARGOS COMPLEMENTARES)","Outros",null,"H",1,0.01,0.01]
["Insumo"," 00037371 ","SINAPI","TRANSPORTE - HORISTA (COLETADO CAIXA - ENCARGOS COMPLEMENTARES)","Serviços",null,"H",1,0.54,0.54]
["Insumo"," 00037372 ","SINAPI","EXAMES - HORISTA (COLETADO CAIXA - ENCARGOS COMPLEMENTARES)","Outros",null,"H",1,1.14,1.14]
["Insumo"," 00037373 ","SINAPI","SEGURO - HORISTA (COLETADO CAIXA - ENCARGOS COMPLEMENTARES)","Taxas",null,"H",1,0.01,0.01]
["Insumo"," 00043459 ","SINAPI","FERRAMENTAS - FAMILIA CARPINTEIRO DE FORMAS - HORISTA (ENCARGOS COMPLEMENTARES - COLETADO CAIXA)","Equipamento",null,"H",1,0.49,0.49]
["Insumo"," 00043483 ","SINAPI","EPI - FAMILIA CARPINTEIRO DE FORMAS - HORISTA (ENCARGOS COMPLEMENTARES - COLETADO CAIXA)","Equipamento",null,"H",1,1.34,1.34]
[{"$nulls":4},"MO sem LS =>",15.86,"LS =>",0,"MO com LS =>",15.86]
[{"$nulls":4},"Valor do BDI =>",4.05,null,"Valor com BDI =>",null,23.44]
[]
[null,"Código","Banco","Descrição","Tipo",null,"Und","Quant.","Valor Unit","Total"]
["Composição"," 88262 ","SINAPI","CARPINTEIRO DE FORMAS COM ENCARGOS COMPLEMENTARES","SEDI - SERVIÇOS DIVERSOS",null,"H",1,20.33,20.33]
["Composição Auxiliar"," 95330 ","SINAPI","CURSO DE CAPACITAÇÃO PARA CARPINTEIRO DE FÔRMAS (ENCARGOS COMPLEMENTARES) - HORISTA","SEDI - SERVIÇOS DIVERSOS",null,"H",1,0.2,0.2]
["Insumo"," 00001213 ","SINAPI","CARPINTEIRO DE FORMAS (HORISTA)","Mão de Obra",null,"H",1,16.6,16.6]
["Insumo"," 00037370 ","SINAPI","ALIMENTACAO - HORISTA (COLETADO CAIXA - ENCARGOS COMPLEMENTARES)","Outros",null,"H",1,0.01,0.01]
["Insumo"," 00037371 ","SINAPI","TRANSPORTE - HORISTA (COLETADO CAIXA - ENCARGOS COMPLEMENTARES)","Serviços",null,"H",1,0.54,0.54]
["Insumo"," 00037372 ","SINAPI","EXAMES - HORISTA (COLETADO CAIXA - ENCARGOS COMPLEMENTARES)","Outros",null,"H",1,1.14,1.14]
["Insumo"," 00037373 ","SINAPI","SEGURO - HORISTA (COLETADO CAIXA - ENCARGOS COMPLEMENTARES)","Taxas",null,"H",1,0.01,0.01]
["Insumo"," 00043459 ","SINAPI","FERRAMENTAS - FAMILIA CARPINTEIRO DE FORMAS - HORISTA (ENCARGOS COMPLEMENTARES - COLETADO CAIXA)","Equipamento",null,"H",1,0.49,0.49]
["Insumo"," 00043483 ","SINAPI","EPI - FAMILIA CARPINTEIRO DE FORMAS - HORISTA (ENCARGOS COMPLEMENTARES - COLETADO CAIXA)","Equipamento",null,"H",1,1.34,1.34]
[{"$nulls":4},"MO sem LS =>",16.8,"LS =>",0,"MO com LS =>",16.8]
[{"$nulls":4},"Valor do BDI =>",4.24,null,"Valor com BDI =>",null,24.57]
[]
[null,"Código","Banco","Descrição","Tipo",null,"Und","Quant.","Valor Unit","Total"]
["Composição"," 87903 ","SINAPI","CHAPISCO APLICADO EM ALVENARIA (COM PRESENÇA DE VÃOS) E ESTRUTURAS DE CONCRETO DE FACHADA, COM ROLO PARA TEXTURA ACRÍLICA.  ARGAMASSA INDUSTRIALIZADA COM PREPARO EM MISTURADOR 300 KG. AF_10/2022","REVE - REVESTIMENTO E TRATAMENTO DE SUPERFÍCIES",null,"m²",1,13.32,13.32]
["Composição Auxiliar"," 87393 ","SINAPI","ARGAMASSA INDUSTRIALIZADA PARA CHAPISCO ROLADO, PREPARO COM MISTURADOR DE EIXO HORIZONTAL DE 300 KG. AF_08/2019","SEDI - SERVIÇOS DIVERSOS",null,"m³",0.0015,7032.26,10.55]
["Composição Auxiliar"," 88309 ","SINAPI","PEDREIRO COM ENCARGOS COMPLEMENTARES","SEDI - SERVIÇOS DIVERSOS",null,"H",0.1074,20.68,2.22]
["Composição Auxiliar"," 88316 ","SINAPI","SERVENTE COM ENCARGOS COMPLEMENTARES","SEDI - SERVIÇOS DIVERSOS",null,"H",0.0358,15.36,0.55]
[{"$nulls":4},"MO sem LS =>",2.32,"LS =>",0,"MO com LS =>",2.32]
[{"$nulls":4},"Valor do BDI =>",2.09,null,"Valor com BDI =>",null,15.41]
[]
[null,"Código","Banco","Descrição","Tipo",null,"Und","Quant.","Valor Unit","Total"]
["Composição"," 87885 ","SINAPI","CHAPISCO APLICADO NO TETO OU EM ALVENARIA E ESTRUTURA, COM ROLO PARA TEXTURA ACRÍLICA. ARGAMASSA INDUSTRIALIZADA COM PREPARO EM MISTURADOR 300 KG. AF_10/2022","REVE - REVESTIMENTO E TRATAMENTO DE SUPERFÍCIES",null,"m²",1,11.57,11.57]
["Composição Auxiliar"," 87393 ","SINAPI","ARGAMASSA INDUSTRIALIZADA PARA CHAPISCO ROLADO, PREPARO COM MISTURADOR DE EIXO HORIZONTAL DE 300 KG. AF_08/2019","SEDI - SERVIÇOS DIVERSOS",null,"m³",0.0015,7032.26,10.55]
["Composição Auxiliar"," 88309 ","SINAPI","PEDREIRO COM ENCARGOS COMPLEMENTARES","SEDI - SERVIÇOS DIVERSOS",null,"H",0.0389,20.68,0.8]
["Composição Auxiliar"," 88316 ","SINAPI","SERVENTE COM ENCARGOS COMPLEMENTARES","SEDI - SERVIÇOS DIVERSOS",null,"H",0.0146,15.36,0.22]
[{"$nulls":4},"MO sem LS =>",0.91,"LS =>",0,"MO com LS =>",0.91]
[{"$nulls":4},"Valor do BDI =>",1.72,null,"Valor com BDI =>",null,13.29]
[]
[null,"Código","Banco","Descrição","Tipo",null,"Und","Quant.","Valor Unit","Total"]
["Composição"," 90466 ","SINAPI","CHUMBAMENTO LINEAR EM ALVENARIA PARA RAMAIS/DISTRIBUIÇÃO COM DIÂMETROS MENORES OU IGUAIS A 40 MM. AF_05/2015","INHI - INSTALAÇÕES HIDROS SANITÁRIAS",null,"M",1,12.48,12.48]
["Composição Auxiliar"," 88248 ","SINAPI","AUXILIAR DE ENCANADOR OU BOMBEIRO HIDRÁULICO COM ENCARGOS COMPLEMENTARES","SEDI - SERVIÇOS DIVERSOS",null,"H",0.083,16.46,1.37]
["Composição Auxiliar"," 88267 ","SINAPI","ENCANADOR OU BOMBEIRO HIDRÁULICO COM ENCARGOS COMPLEMENTARES","SEDI - SERVIÇOS DIVERSOS",null,"H",0.365,19.94,7.28]
["Composição Auxiliar"," 88629 ","SINAPI","ARGAMASSA TRAÇO 1:3 (EM VOLUME DE CIMENTO E AREIA MÉDIA ÚMIDA), PREPARO MANUAL. AF_08/2019","SEDI - SERVIÇOS DIVERSOS",null,"m³",0.0051,751.62,3.83]
[{"$nulls":4},"MO sem LS =>",7.8,"LS =>",0,"MO com LS =>",7.8]
[{"$nulls":4},"Valor do BDI =>",2.4,null,"Valor com BDI =>",null,14.88]
[]
[null,"Código","Banco","Descrição","Tipo",null,"Und","Quant.","Valor Unit","Total"]
["Composição"," 100860 ","SINAPI","CHUVEIRO ELÉTRICO COMUM CORPO PLÁSTICO, TIPO DUCHA \u0096 FORNECIMENTO E INSTALAÇÃO. AF_01/2020","INHI - INSTALAÇÕES HIDROS SANITÁRIAS",null,"UN",1,87.45,87.45]
["Composição Auxiliar"," 88267 ","SINAPI","ENCANADOR OU BOMBEIRO HIDRÁULICO COM ENCARGOS COMPLEMENTARES","SEDI - SERVIÇOS DIVERSOS",null,"H",0.4467,19.94,8.91]
["Composição Auxiliar"," 88316 ","SINAPI","SERVENTE COM ENCARGOS COMPLEMENTARES","SEDI - SERVIÇOS DIVERSOS",null,"H",0.1407,15.36,2.16]
["Insumo"," 00001368 ","SINAPI","CHUVEIRO COMUM EM PLASTICO BRANCO, COM CANO, 3 TEMPERATURAS, 5500 W (110/220 V)","Material",null,"UN",1,76.3,76.3]
["Insumo"," 00003146 ","SINAPI","FITA VEDA ROSCA EM ROLOS DE 18 MM X 10 M (L X C)","Material",null,"UN",0.021,3.6,0.08]
[{"$nulls":4},"MO sem LS =>",9.21,"LS =>",0,"MO com LS =>",9.21]
[{"$nulls":4},"Valor do BDI =>",13.12,null,"Valor com BDI =>",null,100.57]
[]
[null,"Código","Banco","Descrição","Tipo",null,"Und","Quant.","Valor Unit","Total"]
["Composição"," 91534 ","SINAPI","COMPACTADOR DE SOLOS DE PERCUSSÃO (SOQUETE) COM MOTOR A GASOLINA 4 TEMPOS, POTÊNCIA 4 CV - CHI DIURNO. AF_08/2015","CHOR - CUSTOS HORÁRIOS DE MÁQUINAS E EQUIPAMENTOS",null,"CHI",1,18.21,18.21]
["Composição Auxiliar"," 88297 ","SINAPI","OPERADOR DE MÁQUINAS E EQUIPAMENTOS COM ENCARGOS COMPLEMENTARES","SEDI - SERVIÇOS DIVERSOS",null,"H",1,17.33,17.33]
["Composição Auxiliar"," 91529 ","SINAPI","COMPACTADOR DE SOLOS DE PERCUSSÃO (SOQUETE) COM MOTOR A GASOLINA 4 TEMPOS, POTÊNCIA 4 CV - DEPRECIAÇÃO. AF_08/2015","CHOR - CUSTOS HORÁRIOS DE MÁQUINAS E EQUIPAMENTOS",null,"H",1,0.69,0.69]
["Composição Auxiliar"," 91530 ","SINAPI","COMPACTADOR DE SOLOS DE PERCUSSÃO (SOQUETE) COM MOTOR A GASOLINA 4 TEMPOS, POTÊNCIA 4 CV - JUROS. AF_08/2015","CHOR - CUSTOS HORÁRIOS DE MÁQUINAS E EQUIPAMENTOS",null,"H",1,0.19,0.19]
[{"$nulls":4},"MO sem LS =>",14.8,"LS =>",0,"MO com LS =>",14.8]
[{"$nulls":4},"Valor do BDI =>",3.8,null,"Valor com BDI =>",null,22.01]
[]
[null,"Código","Banco","Descrição","Tipo",null,"Und","Quant.","Valor Unit","Total"]
["Composição"," 91533 ","SINAPI","COMPACTADOR DE SOLOS DE PERCUSSÃO (SOQUETE) COM MOTOR A GASOLINA 4 TEMPOS, POTÊNCIA 4 CV - CHP DIURNO. AF_08/2015","CHOR - CUSTOS HORÁRIOS DE MÁQUINAS E EQUIPAMENTOS",null,"CHP",1,24.92,24.92]
["Composição Auxiliar"," 88297 ","SINAPI","OPERADOR DE MÁQUINAS E EQUIPAMENTOS COM ENCARGOS COMPLEMENTARES","SEDI - SERVIÇOS DIVERSOS",null,"H",1,17.33,17.33]
["Composição Auxiliar"," 91529 ","SINAPI","COMPACTADOR DE SOLOS DE PERCUSSÃO (SOQUETE) COM MOTOR A GASOLINA 4 TEMPOS, POTÊNCIA 4 CV - DEPRECIAÇÃO. AF_08/2015","CHOR - CUSTOS HORÁRIOS DE MÁQUINAS E EQUIPAMENTOS",null,"H",1,0.69,0.69]
["Composição Auxiliar"," 91530 ","SINAPI","COMPACTADOR DE SOLOS DE PERCUSSÃO (SOQUETE) COM MOTOR A GASOLINA 4 TEMPOS, POTÊNCIA 4 CV - JUROS. AF_08/2015","CHOR - CUSTOS HORÁRIOS DE MÁQUINAS E EQUIPAMENTOS",null,"H",1,0.19,0.19]
["Composição Auxiliar"," 91531 ","SINAPI","COMPACTADOR DE SOLOS DE PERCUSSÃO (SOQUETE) COM MOTOR A GASOLINA 4 TEMPOS, POTÊNCIA 4 CV - MANUTENÇÃO. AF_08/2015","CHOR - CUSTOS HORÁRIOS DE MÁQUINAS E EQUIPAMENTOS",null,"H",1,0.87,0.87]
["Composição Auxiliar"," 91532 ","SINAPI","COMPACTADOR DE SOLOS DE PERCUSSÃO (SOQUETE) COM MOTOR A GASOLINA 4 TEMPOS, POTÊNCIA 4 CV - MATERIAIS NA OPERAÇÃO. AF_08/2015","CHOR - CUSTOS HORÁRIOS DE MÁQUINAS E EQUIPAMENTOS",null,"H",1,5.84,5.84]
[{"$nulls":4},"MO sem LS =>",14.8,"LS =>",0,"MO com LS =>",14.8]
[{"$nulls":4},"Valor do BDI =>",4.8,null,"Valor com BDI =>",null,29.72]
[]
[null,"Código","Banco","Descrição","Tipo",null,"Und","Quant.","Valor Unit","Total"]
["Composição"," 91529 ","SINAPI","COMPACTADOR DE SOLOS DE PERCUSSÃO (SOQUETE) COM MOTOR A GASOLINA 4 TEMPOS, POTÊNCIA 4 CV - DEPRECIAÇÃO. AF_08/2015","CHOR - CUSTOS HORÁRIOS DE MÁQUINAS E EQUIPAMENTOS",null,"H",1,0.69,0.69]
["Insumo"," 00013458 ","SINAPI","COMPACTADOR DE SOLOS DE PERCURSAO (SOQUETE) COM MOTOR A GASOLINA 4 TEMPOS DE 4 HP (4 CV)","Equipamento",null,"UN",5.33e-5,12973.01,0.69]
[{"$nulls":4},"MO sem LS =>",0,"LS =>",0,"MO com LS =>",0]
[{"$nulls":4},"Valor do BDI =>",0.14,null,"Valor com BDI =>",null,0.83]
[]
[null,"Código","Banco","Descrição","Tipo",null,"Und","Quant.","Valor Unit","Total"]
["Composição"," 91530 ","SINAPI","COMPACTADOR DE SOLOS DE PERCUSSÃO (SOQUETE) COM MOTOR A GASOLINA 4 TEMPOS, POTÊNCIA 4 CV - JUROS. AF_08/2015","CHOR - CUSTOS HORÁRIOS DE MÁQUINAS E EQUIPAMENTOS",null,"H",1,0.19,0.19]
["Insumo"," 00013458 ","SINAPI","COMPACTADOR DE SOLOS DE PERCURSAO (SOQUETE) COM MOTOR A GASOLINA 4 TEMPOS DE 4 HP (4 CV)","Equipamento",null,"UN",1.43e-5,12973.01,0.19]
[{"$nulls":4},"MO sem LS =>",0,"LS =>",0,"MO com LS =>",0]
[{"$nulls":4},"Valor do BDI =>",0.04,null,"Valor com BDI =>",null,0.23]
[]
[null,"Código","Banco","Descrição","Tipo",null,"Und","Quant.","Valor Unit","Total"]
["Composição"," 91531 ","SINAPI","COMPACTADOR DE SOLOS DE PERCUSSÃO (SOQUETE) COM MOTOR A GASOLINA 4 TEMPOS, POTÊNCIA 4 CV - MANUTENÇÃO. AF_08/2015","CHOR - CUSTOS HORÁRIOS DE MÁQUINAS E EQUIPAMENTOS",null,"H",1,0.87,0.87]
["Insumo"," 00013458 ","SINAPI","COMPACTADOR DE SOLOS DE PERCURSAO (SOQUETE) COM MOTOR A GASOLINA 4 TEMPOS DE 4 HP (4 CV)","Equipamento",null,"UN",6.67e-5,12973.01,0.87]
[{"$nulls":4},"MO sem LS =>",0,"LS =>",0,"MO com LS =>",0]
[{"$nulls":4},"Valor do BDI =>",0.18,null,"Valor com BDI =>",null,1.05]
[]
[null,"Código","Banco","Descrição","Tipo",null,"Und","Quant.","Valor Unit","Total"]
["Composição"," 91532 ","SINAPI","COMPACTADOR DE SOLOS DE PERCUSSÃO (SOQUETE) COM MOTOR A GASOLINA 4 TEMPOS, POTÊNCIA 4 CV - MATERIAIS NA OPERAÇÃO. AF_08/2015","CHOR - CUSTOS HORÁRIOS DE MÁQUINAS E EQUIPAMENTOS",null,"H",1,5.84,5.84]
["Insumo"," 00004222 ","SINAPI","GASOLINA COMUM","Material",null,"L",1.03,5.67,5.84]
[{"$nulls":4},"MO sem LS =>",0,"LS =>",0,"MO com LS =>",0]
[{"$nulls":4},"Valor do BDI =>",0.82,null,"Valor com BDI =>",null,6.66]
[]
[null,"Código","Banco","Descrição","Tipo",null,"Und","Quant.","Valor Unit","Total"]
["Composição"," 94970 ","SINAPI","CONCRETO FCK = 20MPA, TRAÇO 1:2,7:3 (EM MASSA SECA DE CIMENTO/ AREIA MÉDIA/ BRITA 1) - PREPARO MECÂNICO COM BETONEIRA 600 L. AF_05/2021","FUES - FUNDAÇÕES E ESTRUTURAS",null,"m³",1,640.99,640.99]
["Composição Auxiliar"," 88316 ","SINAPI","SERVENTE COM ENCARGOS COMPLEMENTARES","SEDI - SERVIÇOS DIVERSOS",null,"H",2.0267,15.36,31.13]
["Composição Auxiliar"," 88377 ","SINAPI","OPERADOR DE BETONEIRA ESTACIONÁRIA/MISTURADOR COM ENCARGOS COMPLEMENTARES","SEDI - SERVIÇOS DIVERSOS",null,"H",1.2768,14.5,18.51]
["Composição Auxiliar"," 89225 ","SINAPI","BETONEIRA CAPACIDADE NOMINAL DE 600 L, CAPACIDADE DE MISTURA 360 L, MOTOR ELÉTRICO TRIFÁSICO POTÊNCIA DE 4 CV, SEM CARREGADOR - CHP DIURNO. AF_05/2023","CHOR - CUSTOS HORÁRIOS DE MÁQUINAS E EQUIPAMENTOS",null,"CHP",0.6572,5.67,3.73]
["Composição Auxiliar"," 89226 ","SINAPI","BETONEIRA CAPACIDADE NOMINAL DE 600 L, CAPACIDADE DE MISTURA 360 L, MOTOR ELÉTRICO TRIFÁSICO POTÊNCIA DE 4 CV, SEM CARREGADOR - CHI DIURNO. AF_05/2023","CHOR - CUSTOS HORÁRIOS DE MÁQUINAS E EQUIPAMENTOS",null,"CHI",0.6197,1.75,1.08]
["Insumo"," 00000370 ","SINAPI","AREIA MEDIA - POSTO JAZIDA/FORNECEDOR (RETIRADO NA JAZIDA, SEM TRANSPORTE)","Material",null,"m³",0.7609,110,83.7]
["Insumo"," 00001379 ","SINAPI","CIMENTO PORTLAND COMPOSTO CP II-32","Material",null,"KG",325.1589,1.04,338.17]
["Insumo"," 00004721 ","SINAPI","PEDRA BRITADA N. 1 (9,5 a 19 MM) POSTO PEDREIRA/FORNECEDOR, SEM FRETE","Material",null,"m³",0.5912,278.53,164.67]
[{"$nulls":4},"MO sem LS =>",39.24,"LS =>",0,"MO com LS =>",39.24]
[{"$nulls":4},"Valor do BDI =>",95.16,null,"Valor com BDI =>",null,736.15]
[]
[null,"Código","Banco","Descrição","Tipo",null,"Und","Quant.","Valor Unit","Total"]
["Composição"," 94971 ","SINAPI","CONCRETO FCK = 25MPA, TRAÇO 1:2,3:2,7 (EM MASSA SECA DE CIMENTO/ AREIA MÉDIA/ BRITA 1) - PREPARO MECÂNICO COM BETONEIRA 600 L. AF_05/2021","FUES - FUNDAÇÕES E ESTRUTURAS",null,"m³",1,679.15,679.15]
["Composição Auxiliar"," 88316 ","SINAPI","SERVENTE COM ENCARGOS COMPLEMENTARES","SEDI - SERVIÇOS DIVERSOS",null,"H",1.9792,15.36,30.4]
["Composição Auxiliar"," 88377 ","SINAPI","OPERADOR DE BETONEIRA ESTACIONÁRIA/MISTURADOR COM ENCARGOS COMPLEMENTARES","SEDI - SERVIÇOS DIVERSOS",null,"H",1.2501,14.5,18.13]
["Composição Auxiliar"," 89225 ","SINAPI","BETONEIRA CAPACIDADE NOMINAL DE 600 L, CAPACIDADE DE MISTURA 360 L, MOTOR ELÉTRICO TRIFÁSICO POTÊNCIA DE 4 CV, SEM CARREGADOR - CHP DIURNO. AF_05/2023","CHOR - CUSTOS HORÁRIOS DE MÁQUINAS E EQUIPAMENTOS",null,"CHP",0.6434,5.67,3.65]
["Composição Auxiliar"," 89226 ","SINAPI","BETONEIRA CAPACIDADE NOMINAL DE 600 L, CAPACIDADE DE MISTURA 360 L, MOTOR ELÉTRICO TRIFÁSICO POTÊNCIA DE 4 CV, SEM CARREGADOR - CHI DIURNO. AF_05/2023","CHOR - CUSTOS HORÁRIOS DE MÁQUINAS E EQUIPAMENTOS",null,"CHI",0.6067,1.75,1.06]
["Insumo"," 00000370 ","SINAPI","AREIA MEDIA - POSTO JAZIDA/FORNECEDOR (RETIRADO NA JAZIDA, SEM TRANSPORTE)","Material",null,"m³",0.7275,110,80.03]
["Insumo"," 00001379 ","SINAPI","CIMENTO PORTLAND COMPOSTO CP II-32","Material",null,"KG",364.9433,1.04,379.54]
["Insumo"," 00004721 ","SINAPI","PEDRA BRITADA N. 1 (9,5 a 19 MM) POSTO PEDREIRA/FORNECEDOR, SEM FRETE","Material",null,"m³",0.5972,278.53,166.34]
[{"$nulls":4},"MO sem LS =>",38.35,"LS =>",0,"MO com LS =>",38.35]
[{"$nulls":4},"Valor do BDI =>",100.59,null,"Valor com BDI =>",null,779.74]
[]
[null,"Código","Banco","Descrição","Tipo",null,"Und","Quant.","Valor Unit","Total"]
["Composição"," 94972 ","SINAPI","CONCRETO FCK = 30MPA, TRAÇO 1:2,1:2,5 (EM MASSA SECA DE CIMENTO/ AREIA MÉDIA/ BRITA 1) - PREPARO MECÂNICO COM BETONEIRA 600 L. AF_05/2021","FUES - FUNDAÇÕES E ESTRUTURAS",null,"m³",1,703.01,703.01]
["Composição Auxiliar"," 88316 ","SINAPI","SERVENTE COM ENCARGOS COMPLEMENTARES","SEDI - SERVIÇOS DIVERSOS",null,"H",1.9633,15.36,30.16]
["Composição Auxiliar"," 88377 ","SINAPI","OPERADOR DE BETONEIRA ESTACIONÁRIA/MISTURADOR COM ENCARGOS COMPLEMENTARES","SEDI - SERVIÇOS DIVERSOS",null,"H",1.24,14.5,17.98]
["Composição Auxiliar"," 89225 ","SINAPI","BETONEIRA CAPACIDADE NOMINAL DE 600 L, CAPACIDADE DE MISTURA 360 L, MOTOR ELÉTRICO TRIFÁSICO POTÊNCIA DE 4 CV, SEM CARREGADOR - CHP DIURNO. AF_05/2023","CHOR - CUSTOS HORÁRIOS DE MÁQUINAS E EQUIPAMENTOS",null,"CHP",0.6382,5.67,3.62]
["Composição Auxiliar"," 89226 ","SINAPI","BETONEIRA CAPACIDADE NOMINAL DE 600 L, CAPACIDADE DE MISTURA 360 L, MOTOR ELÉTRICO TRIFÁSICO POTÊNCIA DE 4 CV, SEM CARREGADOR - CHI DIURNO. AF_05/2023","CHOR - CUSTOS HORÁRIOS DE MÁQUINAS E EQUIPAMENTOS",null,"CHI",0.6018,1.75,1.05]
["Insumo"," 00000370 ","SINAPI","AREIA MEDIA - POSTO JAZIDA/FORNECEDOR (RETIRADO NA JAZIDA, SEM TRANSPORTE)","Material",null,"m³",0.7119,110,78.31]
["Insumo"," 00001379 ","SINAPI","CIMENTO PORTLAND COMPOSTO CP II-32","Material",null,"KG",391.1663,1.04,406.81]
["Insumo"," 00004721 ","SINAPI","PEDRA BRITADA N. 1 (9,5 a 19 MM) POSTO PEDREIRA/FORNECEDOR, SEM FRETE","Material",null,"m³",0.5927,278.53,165.08]
[{"$nulls":4},"MO sem LS =>",38.05,"LS =>",0,"MO com LS =>",38.05]
[{"$nulls":4},"Valor do BDI =>",104.02,null,"Valor com BDI =>",null,807.03]
[]
[null,"Código","Banco","Descrição","Tipo",null,"Und","Quant.","Valor Unit","Total"]
["Composição"," 94974 ","SINAPI","CONCRETO MAGRO PARA LASTRO, TRAÇO 1:4,5:4,5 (EM MASSA SECA DE CIMENTO/ AREIA MÉDIA/ BRITA 1) - PREPARO MANUAL. AF_05/2021","FUES - FUNDAÇÕES E ESTRUTURAS",null,"m³",1,584.47,584.47]
["Composição Auxiliar"," 88316 ","SINAPI","SERVENTE COM ENCARGOS COMPLEMENTARES","SEDI - SERVIÇOS DIVERSOS",null,"H",6.2858,15.36,96.55]
["Insumo"," 00000370 ","SINAPI","AREIA MEDIA - POSTO JAZIDA/FORNECEDOR (RETIRADO NA JAZIDA, SEM TRANSPORTE)","Material",null,"m³",0.8538,110,93.92]
["Insumo"," 00001379 ","SINAPI","CIMENTO PORTLAND COMPOSTO CP II-32","Material",null,"KG",218.93,1.04,227.69]
["Insumo"," 00004721 ","SINAPI","PEDRA BRITADA N. 1 (9,5 a 19 MM) POSTO PEDREIRA/FORNECEDOR, SEM FRETE","Material",null,"m³",0.5971,278.53,166.31]
[{"$nulls":4},"MO sem LS =>",74.3,"LS =>",0,"MO com LS =>",74.3]
[{"$nulls":4},"Valor do BDI =>",89.78,null,"Valor com BDI =>",null,674.25]
[]
[null,"Código","Banco","Descrição","Tipo",null,"Und","Quant.","Valor Unit","Total"]
["Composição"," 94962 ","SINAPI","CONCRETO MAGRO PARA LASTRO, TRAÇO 1:4,5:4,5 (EM MASSA SECA DE CIMENTO/ AREIA MÉDIA/ BRITA 1) - PREPARO MECÂNICO COM BETONEIRA 400 L. AF_05/2021","FUES - FUNDAÇÕES E ESTRUTURAS",null,"m³",1,531.81,531.81]
["Composição Auxiliar"," 88316 ","SINAPI","SERVENTE COM ENCARGOS COMPLEMENTARES","SEDI - SERVIÇOS DIVERSOS",null,"H",2.3433,15.36,35.99]
["Composição Auxiliar"," 88377 ","SINAPI","OPERADOR DE BETONEIRA ESTACIONÁRIA/MISTURADOR COM ENCARGOS COMPLEMENTARES","SEDI - SERVIÇOS DIVERSOS",null,"H",1.4811,14.5,21.48]
["Composição Auxiliar"," 88830 ","SINAPI","BETONEIRA CAPACIDADE NOMINAL DE 400 L, CAPACIDADE DE MISTURA 280 L, MOTOR ELÉTRICO TRIFÁSICO POTÊNCIA DE 2 CV, SEM CARREGADOR - CHP DIURNO. AF_05/2023","CHOR - CUSTOS HORÁRIOS DE MÁQUINAS E EQUIPAMENTOS",null,"CHP",0.7623,1.98,1.51]
["Composição Auxiliar"," 88831 ","SINAPI","BETONEIRA CAPACIDADE NOMINAL DE 400 L, CAPACIDADE DE MISTURA 280 L, MOTOR ELÉTRICO TRIFÁSICO POTÊNCIA DE 2 CV, SEM CARREGADOR - CHI DIURNO. AF_05/2023","CHOR - CUSTOS HORÁRIOS DE MÁQUINAS E EQUIPAMENTOS",null,"CHI",0.7188,0.44,0.32]
["Insumo"," 00000370 ","SINAPI","AREIA MEDIA - POSTO JAZIDA/FORNECEDOR (RETIRADO NA JAZIDA, SEM TRANSPORTE)","Material",null,"m³",0.8269,110,90.96]
["Insumo"," 00001379 ","SINAPI","CIMENTO PORTLAND COMPOSTO CP II-32","Material",null,"KG",212.0194,1.04,220.5]
["Insumo"," 00004721 ","SINAPI","PEDRA BRITADA N. 1 (9,5 a 19 MM) POSTO PEDREIRA/FORNECEDOR, SEM FRETE","Material",null,"m³",0.5782,278.53,161.05]
[{"$nulls":4},"MO sem LS =>",45.43,"LS =>",0,"MO com LS =>",45.43]
[{"$nulls":4},"Valor do BDI =>",79.75,null,"Valor com BDI =>",null,611.56]
[]
[null,"Código","Banco","Descrição","Tipo",null,"Und","Quant.","Valor Unit","Total"]
["Composição"," 94968 ","SINAPI","CONCRETO MAGRO PARA LASTRO, TRAÇO 1:4,5:4,5 (EM MASSA SECA DE CIMENTO/ AREIA MÉDIA/ BRITA 1) - PREPARO MECÂNICO COM BETONEIRA 600 L. AF_05/2021","FUES - FUNDAÇÕES E ESTRUTURAS",null,"m³",1,532.38,532.38]
["Composição Auxiliar"," 88316 ","SINAPI","SERVENTE COM ENCARGOS COMPLEMENTARES","SEDI - SERVIÇOS DIVERSOS",null,"H",2.1058,15.36,32.35]
["Composição Auxiliar"," 88377 ","SINAPI","OPERADOR DE BETONEIRA ESTACIONÁRIA/MISTURADOR COM ENCARGOS COMPLEMENTARES","SEDI - SERVIÇOS DIVERSOS",null,"H",1.3315,14.5,19.31]
["Composição Auxiliar"," 89225 ","SINAPI","BETONEIRA CAPACIDADE NOMINAL DE 600 L, CAPACIDADE DE MISTURA 360 L, MOTOR ELÉTRICO TRIFÁSICO POTÊNCIA DE 4 CV, SEM CARREGADOR - CHP DIURNO. AF_05/2023","CHOR - CUSTOS HORÁRIOS DE MÁQUINAS E EQUIPAMENTOS",null,"CHP",0.6853,5.67,3.89]
["Composição Auxiliar"," 89226 ","SINAPI","BETONEIRA CAPACIDADE NOMINAL DE 600 L, CAPACIDADE DE MISTURA 360 L, MOTOR ELÉTRICO TRIFÁSICO POTÊNCIA DE 4 CV, SEM CARREGADOR - CHI DIURNO. AF_05/2023","CHOR - CUSTOS HORÁRIOS DE MÁQUINAS E EQUIPAMENTOS",null,"CHI",0.6462,1.75,1.13]
["Insumo"," 00000370 ","SINAPI","AREIA MEDIA - POSTO JAZIDA/FORNECEDOR (RETIRADO NA JAZIDA, SEM TRANSPORTE)","Material",null,"m³",0.8325,110,91.58]
["Insumo"," 00001379 ","SINAPI","CIMENTO PORTLAND COMPOSTO CP II-32","Material",null,"KG",213.4531,1.04,221.99]
["Insumo"," 00004721 ","SINAPI","PEDRA BRITADA N. 1 (9,5 a 19 MM) POSTO PEDREIRA/FORNECEDOR, SEM FRETE","Material",null,"m³",0.5821,278.53,162.13]
[{"$nulls":4},"MO sem LS =>",40.83,"LS =>",0,"MO com LS =>",40.83]
[{"$nulls":4},"Valor do BDI =>",79.62,null,"Valor com BDI =>",null,612]
[]
[null,"Código","Banco","Descrição","Tipo",null,"Und","Quant.","Valor Unit","Total"]
["Composição"," 95805 ","SINAPI","CONDULETE DE PVC, TIPO B, PARA ELETRODUTO DE PVC SOLDÁVEL DN 25 MM (3/4''), APARENTE - FORNECIMENTO E INSTALAÇÃO. AF_10/2022","INEL - INSTALAÇÃO ELÉTRICA/ELETRIFICAÇÃO E ILUMINAÇÃO EXTERNA",null,"UN",1,21.74,21.74]
["Composição Auxiliar"," 88247 ","SINAPI","AUXILIAR DE ELETRICISTA COM ENCARGOS COMPLEMENTARES","SEDI - SERVIÇOS DIVERSOS",null,"H",0.2397,20.5,4.91]
["Composição Auxiliar"," 88264 ","SINAPI","ELETRICISTA COM ENCARGOS COMPLEMENTARES","SEDI - SERVIÇOS DIVERSOS",null,"H",0.2397,22.56,5.41]
["Insumo"," 00011950 ","SINAPI","BUCHA DE NYLON SEM ABA S6, COM PARAFUSO DE 4,20 X 40 MM EM ACO ZINCADO COM ROSCA SOBERBA, CABECA CHATA E FENDA PHILLIPS","Material",null,"UN",2,0.2,0.4]
["Insumo"," 00012010 ","SINAPI","CONDULETE EM PVC, TIPO \"B\", SEM TAMPA, DE 1/2\" OU 3/4\"","Material",null,"UN",1,11.02,11.02]
[{"$nulls":4},"MO sem LS =>",8.55,"LS =>",0,"MO com LS =>",8.55]
[{"$nulls":4},"Valor do BDI =>",3.78,null,"Valor com BDI =>",null,25.52]
[]
[null,"Código","Banco","Descrição","Tipo",null,"Und","Quant.","Valor Unit","Total"]
["Composição"," 95811 ","SINAPI","CONDULETE DE PVC, TIPO LB, PARA ELETRODUTO DE PVC SOLDÁVEL DN 25 MM (3/4''), APARENTE - FORNECIMENTO E INSTALAÇÃO. AF_10/2022","INEL - INSTALAÇÃO ELÉTRICA/ELETRIFICAÇÃO E ILUMINAÇÃO EXTERNA",null,"UN",1,18.9,18.9]
["Composição Auxiliar"," 88247 ","SINAPI","AUXILIAR DE ELETRICISTA COM ENCARGOS COMPLEMENTARES","SEDI - SERVIÇOS DIVERSOS",null,"H",0.157,20.5,3.22]
["Composição Auxiliar"," 88264 ","SINAPI","ELETRICISTA COM ENCARGOS COMPLEMENTARES","SEDI - SERVIÇOS DIVERSOS",null,"H",0.157,22.56,3.54]
["Insumo"," 00012016 ","SINAPI","CONDULETE EM PVC, TIPO \"LB\", SEM TAMPA, DE 1/2\" OU 3/4\"","Material",null,"UN",1,12.14,12.14]
[{"$nulls":4},"MO sem LS =>",5.6,"LS =>",0,"MO com LS =>",5.6]
[{"$nulls":4},"Valor do BDI =>",3.13,null,"Valor com BDI =>",null,22.03]
[]
[null,"Código","Banco","Descrição","Tipo",null,"Und","Quant.","Valor Unit","Total"]
["Composição"," 96977 ","SINAPI","CORDOALHA DE COBRE NU 50 MM², ENTERRADA - FORNECIMENTO E INSTALAÇÃO. AF_08/2023","INEL - INSTALAÇÃO ELÉTRICA/ELETRIFICAÇÃO E ILUMINAÇÃO EXTERNA",null,"M",1,67.38,67.38]
["Composição Auxiliar"," 88247 ","SINAPI","AUXILIAR DE ELETRICISTA COM ENCARGOS COMPLEMENTARES","SEDI - SERVIÇOS DIVERSOS",null,"H",0.0331,20.5,0.68]
["Composição Auxiliar"," 88264 ","SINAPI","ELETRICISTA COM ENCARGOS COMPLEMENTARES","SEDI - SERVIÇOS DIVERSOS",null,"H",0.0331,22.56,0.75]
["Insumo"," 00000867 ","SINAPI","CABO DE COBRE NU 50 MM2 MEIO-DURO","Material",null,"M",1.05,62.81,65.95]
[{"$nulls":4},"MO sem LS =>",1.18,"LS =>",0,"MO com LS =>",1.18]
[{"$nulls":4},"Valor do BDI =>",9.63,null,"Valor com BDI =>",null,77.01]
[]
[null,"Código","Banco","Descrição","Tipo",null,"Und","Quant.","Valor Unit","Total"]
["Composição"," 92799 ","SINAPI","CORTE E DOBRA DE AÇO CA-60, DIÂMETRO DE 4,2 MM. AF_06/2022","FUES - FUNDAÇÕES E ESTRUTURAS",null,"KG",1,12.8,12.8]
["Composição Auxiliar"," 88238 ","SINAPI","AJUDANTE DE ARMADOR COM ENCARGOS COMPLEMENTARES","SEDI - SERVIÇOS DIVERSOS",null,"H",0.0152,15.41,0.23]
["Composição Auxiliar"," 88245 ","SINAPI","ARMADOR COM ENCARGOS COMPLEMENTARES","SEDI - SERVIÇOS DIVERSOS",null,"H",0.0933,20.51,1.91]
["Insumo"," 00043059 ","SINAPI","ACO CA-60, 4,2 MM, OU 5,0 MM, OU 6,0 MM, OU 7,0 MM, VERGALHAO","Material",null,"KG",1.07,9.96,10.66]
[{"$nulls":4},"MO sem LS =>",1.75,"LS =>",0,"MO com LS =>",1.75]
[{"$nulls":4},"Valor do BDI =>",1.96,null,"Valor com BDI =>",null,14.76]
[]
[null,"Código","Banco","Descrição","Tipo",null,"Und","Quant.","Valor Unit","Total"]
["Composição"," 95308 ","SINAPI","CURSO DE CAPACITAÇÃO PARA AJUDANTE DE ARMADOR (ENCARGOS COMPLEMENTARES) - HORISTA","SEDI - SERVIÇOS DIVERSOS",null,"H",1,0.14,0.14]
["Insumo"," 00006114 ","SINAPI","AJUDANTE DE ARMADOR (HORISTA)","Mão de Obra",null,"H",0.01211,11.56,0.14]
[{"$nulls":4},"MO sem LS =>",0.14,"LS =>",0,"MO com LS =>",0.14]
[{"$nulls":4},"Valor do BDI =>",0.03,null,"Valor com BDI =>",null,0.17]
[]
[null,"Código","Banco","Descrição","Tipo",null,"Und","Quant.","Valor Unit","Total"]
["Composição"," 95309 ","SINAPI","CURSO DE CAPACITAÇÃO PARA AJUDANTE DE CARPINTEIRO (ENCARGOS COMPLEMENTARES) - HORISTA","SEDI - SERVIÇOS DIVERSOS",null,"H",1,0.2,0.2]
["Insumo"," 00006117 ","SINAPI","CARPINTEIRO AUXILIAR (HORISTA)","Mão de Obra",null,"H",0.01549,13.18,0.2]
[{"$nulls":4},"MO sem LS =>",0.2,"LS =>",0,"MO com LS =>",0.2]
[{"$nulls":4},"Valor do BDI =>",0.04,null,"Valor com BDI =>",null,0.24]
[]
[null,"Código","Banco","Descrição","Tipo",null,"Und","Quant.","Valor Unit","Total"]
["Composição"," 95314 ","SINAPI","CURSO DE CAPACITAÇÃO PARA ARMADOR (ENCARGOS COMPLEMENTARES) - HORISTA","SEDI - SERVIÇOS DIVERSOS",null,"H",1,0.2,0.2]
["Insumo"," 00000378 ","SINAPI","ARMADOR (HORISTA)","Mão de Obra",null,"H",0.01211,16.6,0.2]
[{"$nulls":4},"MO sem LS =>",0.2,"LS =>",0,"MO com LS =>",0.2]
[{"$nulls":4},"Valor do BDI =>",0.04,null,"Valor com BDI =>",null,0.24]
[]
[null,"Código","Banco","Descrição","Tipo",null,"Und","Quant.","Valor Unit","Total"]
["Composição"," 95316 ","SINAPI","CURSO DE CAPACITAÇÃO PARA AUXILIAR DE ELETRICISTA (ENCARGOS COMPLEMENTARES) - HORISTA","SEDI - SERVIÇOS DIVERSOS",null,"H",1,0.63,0.63]
["Insumo"," 00000247 ","SINAPI","AJUDANTE DE ELETRICISTA (HORISTA)","Mão de Obra",null,"H",0.03916,16.17,0.63]
[{"$nulls":4},"MO sem LS =>",0.63,"LS =>",0,"MO com LS =>",0.63]
[{"$nulls":4},"Valor do BDI =>",0.13,null,"Valor com BDI =>",null,0.76]
[]
[null,"Código","Banco","Descrição","Tipo",null,"Und","Quant.","Valor Unit","Total"]
["Composição"," 95317 ","SINAPI","CURSO DE CAPACITAÇÃO PARA AUXILIAR DE ENCANADOR OU BOMBEIRO HIDRÁULICO (ENCARGOS COMPLEMENTARES) - HORISTA","SEDI - SERVIÇOS DIVERSOS",null,"H",1,0.25,0.25]
["Insumo"," 00000246 ","SINAPI","AUXILIAR DE ENCANADOR OU BOMBEIRO HIDRAULICO (HORISTA)","Mão de Obra",null,"H",0.01887,13.18,0.25]
[{"$nulls":4},"MO sem LS =>",0.25,"LS =>",0,"MO com LS =>",0.25]
[{"$nulls":4},"Valor do BDI =>",0.05,null,"Valor com BDI =>",null,0.3]
[]
[null,"Código","Banco","Descrição","Tipo",null,"Und","Quant.","Valor Unit","Total"]
["Composição"," 95324 ","SINAPI","CURSO DE CAPACITAÇÃO PARA AZULEJISTA OU LADRILHISTA (ENCARGOS COMPLEMENTARES) - HORISTA","SEDI - SERVIÇOS DIVERSOS",null,"H",1,0.31,0.31]
["Insumo"," 00004760 ","SINAPI","AZULEJISTA OU LADRILHEIRO (HORISTA)","Mão de Obra",null,"H",0.01549,19.72,0.31]
[{"$nulls":4},"MO sem LS =>",0.31,"LS =>",0,"MO com LS =>",0.31]
[{"$nulls":4},"Valor do BDI =>",0.06,null,"Valor com BDI =>",null,0.37]
[]
[null,"Código","Banco","Descrição","Tipo",null,"Und","Quant.","Valor Unit","Total"]
["Composição"," 95329 ","SINAPI","CURSO DE CAPACITAÇÃO PARA CARPINTEIRO DE ESQUADRIA (ENCARGOS COMPLEMENTARES) - HORISTA","SEDI - SERVIÇOS DIVERSOS",null,"H",1,0.24,0.24]
["Insumo"," 00001214 ","SINAPI","CARPINTEIRO DE ESQUADRIAS (HORISTA)","Mão de Obra",null,"H",0.01549,15.62,0.24]
[{"$nulls":4},"MO sem LS =>",0.24,"LS =>",0,"MO com LS =>",0.24]
[{"$nulls":4},"Valor do BDI =>",0.05,null,"Valor com BDI =>",null,0.29]
[]
[null,"Código","Banco","Descrição","Tipo",null,"Und","Quant.","Valor Unit","Total"]
["Composição"," 95330 ","SINAPI","CURSO DE CAPACITAÇÃO PARA CARPINTEIRO DE FÔRMAS (ENCARGOS COMPLEMENTARES) - HORISTA","SEDI - SERVIÇOS DIVERSOS",null,"H",1,0.2,0.2]
["Insumo"," 00001213 ","SINAPI","CARPINTEIRO DE FORMAS (HORISTA)","Mão de Obra",null,"H",0.01211,16.6,0.2]
[{"$nulls":4},"MO sem LS =>",0.2,"LS =>",0,"MO com LS =>",0.2]
[{"$nulls":4},"Valor do BDI =>",0.04,null,"Valor com BDI =>",null,0.24]
[]
[null,"Código","Banco","Descrição","Tipo",null,"Und","Quant.","Valor Unit","Total"]
["Composição"," 95332 ","SINAPI","CURSO DE CAPACITAÇÃO PARA ELETRICISTA (ENCARGOS COMPLEMENTARES) - HORISTA","SEDI - SERVIÇOS DIVERSOS",null,"H",1,0.71,0.71]
["Insumo"," 00002436 ","SINAPI","ELETRICISTA (HORISTA)","Mão de Obra",null,"H",0.03916,18.15,0.71]
[{"$nulls":4},"MO sem LS =>",0.71,"LS =>",0,"MO com LS =>",0.71]
[{"$nulls":4},"Valor do BDI =>",0.15,null,"Valor com BDI =>",null,0.86]
[]
[null,"Código","Banco","Descrição","Tipo",null,"Und","Quant.","Valor Unit","Total"]
["Composição"," 95335 ","SINAPI","CURSO DE CAPACITAÇÃO PARA ENCANADOR OU BOMBEIRO HIDRÁULICO (ENCARGOS COMPLEMENTARES) - HORISTA","SEDI - SERVIÇOS DIVERSOS",null,"H",1,0.31,0.31]
["Insumo"," 00002696 ","SINAPI","ENCANADOR OU BOMBEIRO HIDRAULICO (HORISTA)","Mão de Obra",null,"H",0.01887,16.6,0.31]
[{"$nulls":4},"MO sem LS =>",0.31,"LS =>",0,"MO com LS =>",0.31]
[{"$nulls":4},"Valor do BDI =>",0.07,null,"Valor com BDI =>",null,0.38]
[]
[null,"Código","Banco","Descrição","Tipo",null,"Und","Quant.","Valor Unit","Total"]
["Composição"," 95390 ","SINAPI","CURSO DE CAPACITAÇÃO PARA JARDINEIRO (ENCARGOS COMPLEMENTARES) - HORISTA","SEDI - SERVIÇOS DIVERSOS",null,"H",1,0.06,0.06]
["Insumo"," 00044503 ","SINAPI","JARDINEIRO (HORISTA)","Mão de Obra",null,"H",0.00534,11.48,0.06]
[{"$nulls":4},"MO sem LS =>",0.06,"LS =>",0,"MO com LS =>",0.06]
[{"$nulls":4},"Valor do BDI =>",0.01,null,"Valor com BDI =>",null,0.07]
[]
[null,"Código","Banco","Descrição","Tipo",null,"Und","Quant.","Valor Unit","Total"]
["Composição"," 95347 ","SINAPI","CURSO DE CAPACITAÇÃO PARA MOTORISTA DE CAMINHÃO (ENCARGOS COMPLEMENTARES) - HORISTA","SEDI - SERVIÇOS DIVERSOS",null,"H",1,0.09,0.09]
["Insumo"," 00004093 ","SINAPI","MOTORISTA DE CAMINHAO (HORISTA)","Mão de Obra",null,"H",0.00534,16.6,0.09]
[{"$nulls":4},"MO sem LS =>",0.09,"LS =>",0,"MO com LS =>",0.09]
[{"$nulls":4},"Valor do BDI =>",0.02,null,"Valor com BDI =>",null,0.11]
[]
[null,"Código","Banco","Descrição","Tipo",null,"Und","Quant.","Valor Unit","Total"]
["Composição"," 95351 ","SINAPI","CURSO DE CAPACITAÇÃO PARA MOTORISTA OPERADOR DE MUNCK (ENCARGOS COMPLEMENTARES) - HORISTA","SEDI - SERVIÇOS DIVERSOS",null,"H",1,0.32,0.32]
["Insumo"," 00004096 ","SINAPI","MOTORISTA OPERADOR DE CAMINHAO COM MUNCK (HORISTA)","Mão de Obra",null,"H",0.01718,18.61,0.32]
[{"$nulls":4},"MO sem LS =>",0.32,"LS =>",0,"MO com LS =>",0.32]
[{"$nulls":4},"Valor do BDI =>",0.07,null,"Valor com BDI =>",null,0.39]
[]
[null,"Código","Banco","Descrição","Tipo",null,"Und","Quant.","Valor Unit","Total"]
["Composição"," 95389 ","SINAPI","CURSO DE CAPACITAÇÃO PARA OPERADOR DE BETONEIRA ESTACIONÁRIA/MISTURADOR (ENCARGOS COMPLEMENTARES) - HORISTA","SEDI - SERVIÇOS DIVERSOS",null,"H",1,0.1,0.1]
["Insumo"," 00037666 ","SINAPI","OPERADOR DE BETONEIRA ESTACIONARIA / MISTURADOR","Mão de Obra",null,"H",0.00872,11.87,0.1]
[{"$nulls":4},"MO sem LS =>",0.1,"LS =>",0,"MO com LS =>",0.1]
[{"$nulls":4},"Valor do BDI =>",0.02,null,"Valor com BDI =>",null,0.12]
[]
[null,"Código","Banco","Descrição","Tipo",null,"Und","Quant.","Valor Unit","Total"]
["Composição"," 95357 ","SINAPI","CURSO DE CAPACITAÇÃO PARA OPERADOR DE ESCAVADEIRA (ENCARGOS COMPLEMENTARES) - HORISTA","SEDI - SERVIÇOS DIVERSOS",null,"H",1,0.2,0.2]
["Insumo"," 00004234 ","SINAPI","OPERADOR DE ESCAVADEIRA","Mão de Obra",null,"H",0.01211,16.6,0.2]
[{"$nulls":4},"MO sem LS =>",0.2,"LS =>",0,"MO com LS =>",0.2]
[{"$nulls":4},"Valor do BDI =>",0.04,null,"Valor com BDI =>",null,0.24]
[]
[null,"Código","Banco","Descrição","Tipo",null,"Und","Quant.","Valor Unit","Total"]
["Composição"," 95358 ","SINAPI","CURSO DE CAPACITAÇÃO PARA OPERADOR DE GUINCHO (ENCARGOS COMPLEMENTARES) - HORISTA","SEDI - SERVIÇOS DIVERSOS",null,"H",1,0.21,0.21]
["Insumo"," 00004253 ","SINAPI","OPERADOR DE GUINCHO OU GUINCHEIRO","Mão de Obra",null,"H",0.01718,12.13,0.21]
[{"$nulls":4},"MO sem LS =>",0.21,"LS =>",0,"MO com LS =>",0.21]
[{"$nulls":4},"Valor do BDI =>",0.04,null,"Valor com BDI =>",null,0.25]
[]
[null,"Código","Banco","Descrição","Tipo",null,"Und","Quant.","Valor Unit","Total"]
["Composição"," 95360 ","SINAPI","CURSO DE CAPACITAÇÃO PARA OPERADOR DE MÁQUINAS E EQUIPAMENTOS (ENCARGOS COMPLEMENTARES) - HORISTA","SEDI - SERVIÇOS DIVERSOS",null,"H",1,0.18,0.18]
["Insumo"," 00004230 ","SINAPI","OPERADOR DE MAQUINAS E TRATORES DIVERSOS (TERRAPLANAGEM)","Mão de Obra",null,"H",0.01211,14.62,0.18]
[{"$nulls":4},"MO sem LS =>",0.18,"LS =>",0,"MO com LS =>",0.18]
[{"$nulls":4},"Valor do BDI =>",0.04,null,"Valor com BDI =>",null,0.22]
[]
[null,"Código","Banco","Descrição","Tipo",null,"Und","Quant.","Valor Unit","Total"]
["Composição"," 95371 ","SINAPI","CURSO DE CAPACITAÇÃO PARA PEDREIRO (ENCARGOS COMPLEMENTARES) - HORISTA","SEDI - SERVIÇOS DIVERSOS",null,"H",1,0.37,0.37]
["Insumo"," 00004750 ","SINAPI","PEDREIRO (HORISTA)","Mão de Obra",null,"H",0.02225,16.6,0.37]
[{"$nulls":4},"MO sem LS =>",0.37,"LS =>",0,"MO com LS =>",0.37]
[{"$nulls":4},"Valor do BDI =>",0.08,null,"Valor com BDI =>",null,0.45]
[]
[null,"Código","Banco","Descrição","Tipo",null,"Und","Quant.","Valor Unit","Total"]
["Composição"," 95372 ","SINAPI","CURSO DE CAPACITAÇÃO PARA PINTOR (ENCARGOS COMPLEMENTARES) - HORISTA","SEDI - SERVIÇOS DIVERSOS",null,"H",1,0.26,0.26]
["Insumo"," 00004783 ","SINAPI","PINTOR (HORISTA)","Mão de Obra",null,"H",0.01549,16.6,0.26]
[{"$nulls":4},"MO sem LS =>",0.26,"LS =>",0,"MO com LS =>",0.26]
[{"$nulls":4},"Valor do BDI =>",0.05,null,"Valor com BDI =>",null,0.31]
[]
[null,"Código","Banco","Descrição","Tipo",null,"Und","Quant.","Valor Unit","Total"]
["Composição"," 95378 ","SINAPI","CURSO DE CAPACITAÇÃO PARA SERVENTE (ENCARGOS COMPLEMENTARES) - HORISTA","SEDI - SERVIÇOS DIVERSOS",null,"H",1,0.26,0.26]
["Insumo"," 00006111 ","SINAPI","SERVENTE DE OBRAS","Mão de Obra",null,"H",0.02225,11.56,0.26]
[{"$nulls":4},"MO sem LS =>",0.26,"LS =>",0,"MO com LS =>",0.26]
[{"$nulls":4},"Valor do BDI =>",0.05,null,"Valor com BDI =>",null,0.31]
[]
[null,"Código","Banco","Descrição","Tipo",null,"Und","Quant.","Valor Unit","Total"]
["Composição"," 95385 ","SINAPI","CURSO DE CAPACITAÇÃO PARA TELHADISTA (ENCARGOS COMPLEMENTARES) - HORISTA","SEDI - SERVIÇOS DIVERSOS",null,"H",1,0.2,0.2]
["Insumo"," 00012869 ","SINAPI","TELHADOR (HORISTA)","Mão de Obra",null,"H",0.01211,16.39,0.2]
[{"$nulls":4},"MO sem LS =>",0.2,"LS =>",0,"MO com LS =>",0.2]
[{"$nulls":4},"Valor do BDI =>",0.04,null,"Valor com BDI =>",null,0.24]
[]
[null,"Código","Banco","Descrição","Tipo",null,"Und","Quant.","Valor Unit","Total"]
["Composição"," 95386 ","SINAPI","CURSO DE CAPACITAÇÃO PARA TRATORISTA (ENCARGOS COMPLEMENTARES) - HORISTA","SEDI - SERVIÇOS DIVERSOS",null,"H",1,0.16,0.16]
["Insumo"," 00004237 ","SINAPI","OPERADOR DE TRATOR - EXCLUSIVE AGROPECUARIA","Mão de Obra",null,"H",0.01211,13.44,0.16]
[{"$nulls":4},"MO sem LS =>",0.16,"LS =>",0,"MO com LS =>",0.16]
[{"$nulls":4},"Valor do BDI =>",0.03,null,"Valor com BDI =>",null,0.19]
[]
[null,"Código","Banco","Descrição","Tipo",null,"Und","Quant.","Valor Unit","Total"]
["Composição"," 91919 ","SINAPI","CURVA 180 GRAUS PARA ELETRODUTO, PVC, ROSCÁVEL, DN 32 MM (1\"), PARA CIRCUITOS TERMINAIS, INSTALADA EM PAREDE - FORNECIMENTO E INSTALAÇÃO. AF_03/2023","INEL - INSTALAÇÃO ELÉTRICA/ELETRIFICAÇÃO E ILUMINAÇÃO EXTERNA",null,"UN",1,20.93,20.93]
["Composição Auxiliar"," 88247 ","SINAPI","AUXILIAR DE ELETRICISTA COM ENCARGOS COMPLEMENTARES","SEDI - SERVIÇOS DIVERSOS",null,"H",0.328,20.5,6.72]
["Composição Auxiliar"," 88264 ","SINAPI","ELETRICISTA COM ENCARGOS COMPLEMENTARES","SEDI - SERVIÇOS DIVERSOS",null,"H",0.328,22.56,7.4]
["Insumo"," 00039276 ","SINAPI","CURVA 180 GRAUS, DE PVC RIGIDO ROSCAVEL, DE 1\", PARA ELETRODUTO","Material",null,"UN",1,6.81,6.81]
[{"$nulls":4},"MO sem LS =>",11.7,"LS =>",0,"MO com LS =>",11.7]
[{"$nulls":4},"Valor do BDI =>",3.91,null,"Valor com BDI =>",null,24.84]
[]
[null,"Código","Banco","Descrição","Tipo",null,"Und","Quant.","Valor Unit","Total"]
["Composição"," 91911 ","SINAPI","CURVA 90 GRAUS PARA ELETRODUTO, PVC, ROSCÁVEL, DN 20 MM (1/2\"), PARA CIRCUITOS TERMINAIS, INSTALADA EM PAREDE - FORNECIMENTO E INSTALAÇÃO. AF_03/2023","INEL - INSTALAÇÃO ELÉTRICA/ELETRIFICAÇÃO E ILUMINAÇÃO EXTERNA",null,"UN",1,14.72,14.72]
["Composição Auxiliar"," 88247 ","SINAPI","AUXILIAR DE ELETRICISTA COM ENCARGOS COMPLEMENTARES","SEDI - SERVIÇOS DIVERSOS",null,"H",0.272,20.5,5.58]
["Composição Auxiliar"," 88264 ","SINAPI","ELETRICISTA COM ENCARGOS COMPLEMENTARES","SEDI - SERVIÇOS DIVERSOS",null,"H",0.272,22.56,6.14]
["Insumo"," 00001870 ","SINAPI","CURVA 90 GRAUS, LONGA, DE PVC RIGIDO ROSCAVEL, DE 1/2\", PARA ELETRODUTO","Material",null,"UN",1,3,3]
[{"$nulls":4},"MO sem LS =>",9.7,"LS =>",0,"MO com LS =>",9.7]
[{"$nulls":4},"Valor do BDI =>",2.87,null,"Valor com BDI =>",null,17.59]
[]
[null,"Código","Banco","Descrição","Tipo",null,"Und","Quant.","Valor Unit","Total"]
["Composição"," 91890 ","SINAPI","CURVA 90 GRAUS PARA ELETRODUTO, PVC, ROSCÁVEL, DN 25 MM (3/4\"), PARA CIRCUITOS TERMINAIS, INSTALADA EM FORRO - FORNECIMENTO E INSTALAÇÃO. AF_03/2023","INEL - INSTALAÇÃO ELÉTRICA/ELETRIFICAÇÃO E ILUMINAÇÃO EXTERNA",null,"UN",1,11.91,11.91]
["Composição Auxiliar"," 88247 ","SINAPI","AUXILIAR DE ELETRICISTA COM ENCARGOS COMPLEMENTARES","SEDI - SERVIÇOS DIVERSOS",null,"H",0.206,20.5,4.22]
["Composição Auxiliar"," 88264 ","SINAPI","ELETRICISTA COM ENCARGOS COMPLEMENTARES","SEDI - SERVIÇOS DIVERSOS",null,"H",0.206,22.56,4.65]
["Insumo"," 00001879 ","SINAPI","CURVA 90 GRAUS, LONGA, DE PVC RIGIDO ROSCAVEL, DE 3/4\", PARA ELETRODUTO","Material",null,"UN",1,3.04,3.04]
[{"$nulls":4},"MO sem LS =>",7.35,"LS =>",0,"MO com LS =>",7.35]
[{"$nulls":4},"Valor do BDI =>",2.28,null,"Valor com BDI =>",null,14.19]
[]
[null,"Código","Banco","Descrição","Tipo",null,"Und","Quant.","Valor Unit","Total"]
["Composição"," 91917 ","SINAPI","CURVA 90 GRAUS PARA ELETRODUTO, PVC, ROSCÁVEL, DN 32 MM (1\"), PARA CIRCUITOS TERMINAIS, INSTALADA EM PAREDE - FORNECIMENTO E INSTALAÇÃO. AF_03/2023","INEL - INSTALAÇÃO ELÉTRICA/ELETRIFICAÇÃO E ILUMINAÇÃO EXTERNA",null,"UN",1,18.72,18.72]
["Composição Auxiliar"," 88247 ","SINAPI","AUXILIAR DE ELETRICISTA COM ENCARGOS COMPLEMENTARES","SEDI - SERVIÇOS DIVERSOS",null,"H",0.328,20.5,6.72]
["Composição Auxiliar"," 88264 ","SINAPI","ELETRICISTA COM ENCARGOS COMPLEMENTARES","SEDI - SERVIÇOS DIVERSOS",null,"H",0.328,22.56,7.4]
["Insumo"," 00001884 ","SINAPI","CURVA 90 GRAUS, LONGA, DE PVC RIGIDO ROSCAVEL, DE 1\", PARA ELETRODUTO","Material",null,"UN",1,4.6,4.6]
[{"$nulls":4},"MO sem LS =>",11.7,"LS =>",0,"MO com LS =>",11.7]
[{"$nulls":4},"Valor do BDI =>",3.6,null,"Valor com BDI =>",null,22.32]
[]
[null,"Código","Banco","Descrição","Tipo",null,"Und","Quant.","Valor Unit","Total"]
["Composição"," 89748 ","SINAPI","CURVA CURTA 90 GRAUS, PVC, SERIE NORMAL, ESGOTO PREDIAL, DN 100 MM, JUNTA ELÁSTICA, FORNECIDO E INSTALADO EM RAMAL DE DESCARGA OU RAMAL DE ESGOTO SANITÁRIO. AF_08/2022","INHI - INSTALAÇÕES HIDROS SANITÁRIAS",null,"UN",1,41.04,41.04]
["Composição Auxiliar"," 88248 ","SINAPI","AUXILIAR DE ENCANADOR OU BOMBEIRO HIDRÁULICO COM ENCARGOS COMPLEMENTARES","SEDI - SERVIÇOS DIVERSOS",null,"H",0.1926,16.46,3.17]
["Composição Auxiliar"," 88267 ","SINAPI","ENCANADOR OU BOMBEIRO HIDRÁULICO COM ENCARGOS COMPLEMENTARES","SEDI - SERVIÇOS DIVERSOS",null,"H",0.1926,19.94,3.84]
["Insumo"," 00000301 ","SINAPI","ANEL BORRACHA PARA TUBO ESGOTO PREDIAL, DN 100 MM (NBR 5688)","Material",null,"UN",2,3.97,7.94]
["Insumo"," 00001966 ","SINAPI","CURVA PVC CURTA 90 GRAUS, DN 100 MM, PARA ESGOTO PREDIAL","Material",null,"UN",1,23.22,23.22]
["Insumo"," 00020078 ","SINAPI","PASTA LUBRIFICANTE PARA TUBOS E CONEXOES COM JUNTA ELASTICA, EMBALAGEM DE *400* GR (USO EM PVC, ACO, POLIETILENO E OUTROS)","Material",null,"UN",0.115,24.96,2.87]
[{"$nulls":4},"MO sem LS =>",5.84,"LS =>",0.01,"MO com LS =>",5.85]
[{"$nulls":4},"Valor do BDI =>",6.28,null,"Valor com BDI =>",null,47.32]
[]
[null,"Código","Banco","Descrição","Tipo",null,"Und","Quant.","Valor Unit","Total"]
["Composição"," 5914652 ","SICRO3","Carga, manobra e descarga de agregados ou solos em caminhão basculante de 10 m³ - carga em usina de solos de 300 t/h e","",null,"t",1,3.28,3.28]
["A","Código","Banco","Equipamentos","Quantidade","Utilização",null,"Custo Operacional",null,"Custo Horário"]
[{"$nulls":5},"Operativa","Improdutiva","Operativa","Improdutiva"]
["Insumo","E9579","SICRO3","Caminhão basculante com capacidade de 10 m³ - 188 kW",3,0.92,0.08,287.9617,88.3516,815.9787]
[{"$nulls":5},"Custo Horário de Equipamentos =>",null,null,null,815.9787]
[{"$nulls":5},"Custo Horário de Execução =>",null,null,null,815.9787]
[{"$nulls":5},"Fator de Influencia da Chuva - FIC =>",null,null,null,0]
[{"$nulls":5},"Custo do FIC =>",null,null,null,0]
[{"$nulls":5},"Produção de Equipe =>",null,null,null,249]
[{"$nulls":5},"Custo Unitário de Execução =>",null,null,null,3.277]
[{"$nulls":4},"MO sem LS =>",0,"LS =>",0,"MO com LS =>",0]
[{"$nulls":4},"Valor do BDI =>",0.73,null,"Valor com BDI =>",null,4.01]
[]
[null,"Código","Banco","Descrição","Tipo",null,"Und","Quant.","Valor Unit","Total"]
["Composição"," 5914363 ","SICRO3","Carga, manobra e descarga de cimento ou cal hidratada a granel em caminhão silo de 30 m³","",null,"t",1,17.41,17.41]
["A","Código","Banco","Equipamentos","Quantidade","Utilização",null,"Custo Operacional",null,"Custo Horário"]
[{"$nulls":5},"Operativa","Improdutiva","Operativa","Improdutiva"]
["Insumo","E9146","SICRO3","Caminhão silo com capacidade de 30 m³ - 265 kW",1,1,0,455.2289,110.3061,455.2289]
[{"$nulls":5},"Custo Horário de Equipamentos =>",null,null,null,455.2289]
[{"$nulls":5},"Custo Horário de Execução =>",null,null,null,455.2289]
[{"$nulls":5},"Fator de Influencia da Chuva - FIC =>",null,null,null,0]
[{"$nulls":5},"Custo do FIC =>",null,null,null,0]
[{"$nulls":5},"Produção de Equipe =>",null,null,null,26.15]
[{"$nulls":5},"Custo Unitário de Execução =>",null,null,null,17.4084]
[{"$nulls":4},"MO sem LS =>",0,"LS =>",0,"MO com LS =>",0]
[{"$nulls":4},"Valor do BDI =>",3.64,null,"Valor com BDI =>",null,21.05]
[]
[null,"Código","Banco","Descrição","Tipo",null,"Und","Quant.","Valor Unit","Total"]
["Composição"," 5914655 ","SICRO3","Carga, manobra e descarga de materiais diversos em caminhão carroceria de 15 t - carga e descarga manuais","",null,"t",1,31.9,31.9]
["A","Código","Banco","Equipamentos","Quantidade","Utilização",null,"Custo Operacional",null,"Custo Horário"]
[{"$nulls":5},"Operativa","Improdutiva","Operativa","Improdutiva"]
["Insumo","E9592","SICRO3","Caminhão carroceria com capacidade de 15 t - 188 kW",1,1,0,266.3866,77.4133,266.3866]
[{"$nulls":5},"Custo Horário de Equipamentos =>",null,null,null,266.3866]
["B","Código","Banco","Mão de Obra","Quantidade","Salário Hora",null,null,null,"Custo Horário"]
["Insumo","P9824","SICRO3","Servente",6,null,null,null,18.5436,111.2616]
[{"$nulls":5},"Custo Horário da Mão de Obra =>",null,null,null,111.2616]
[{"$nulls":5},"Adc.M.O. - Ferramentas (0,0%) =>",null,null,null,0]
[{"$nulls":5},"Custo Horário de Execução =>",null,null,null,377.6482]
[{"$nulls":5},"Fator de Influencia da Chuva - FIC =>",null,null,null,0]
[{"$nulls":5},"Custo do FIC =>",null,null,null,0]
[{"$nulls":5},"Produção de Equipe =>",null,null,null,11.84]
[{"$nulls":5},"Custo Unitário de Execução =>",null,null,null,31.896]
[{"$nulls":4},"MO sem LS =>",9.39709459459459,"LS =>",0,"MO com LS =>",9.39709459459459]
[{"$nulls":4},"Valor do BDI =>",6.67,null,"Valor com BDI =>",null,38.57]
[]
[null,"Código","Banco","Descrição","Tipo",null,"Und","Quant.","Valor Unit","Total"]
["Composição"," 3713608 ","SICRO3","Cerca com 4 fios de arame farpado e mourão de madeira a cada 2,5 m e esticador a cada 50 m","",null,"m",1,21.67,21.67]
["B","Código","Banco","Mão de Obra","Quantidade","Salário Hora",null,null,null,"Custo Horário"]
["Insumo","P9824","SICRO3","Servente",4,null,null,null,18.5436,74.1744]
[{"$nulls":5},"Custo Horário da Mão de Obra =>",null,null,null,74.1744]
[{"$nulls":5},"Adc.M.O. - Ferramentas (0,0%) =>",null,null,null,0]
[{"$nulls":5},"Custo Horário de Execução =>",null,null,null,74.1744]
[{"$nulls":5},"Fator de Influencia da Chuva - FIC =>",null,null,null,0]
[{"$nulls":5},"Custo do FIC =>",null,null,null,0]
[{"$nulls":5},"Produção de Equipe =>",null,null,null,10]
[{"$nulls":5},"Custo Unitário de Execução =>",null,null,null,7.4174]
["C","Banco","Código","Material","Quantidade","Unidade","Preço Unitário",null,null,"Custo Horário"]
["Insumo","SICRO3","M0069","Arame farpado em aço galvanizado - D = 1,60 mm",4,"m",0.926,null,null,3.704]
["Insumo","SICRO3","M0745","Grampo em aço galvanizado para cerca - C = 25,4 mm e E = 3,76 mm (1” x 9 BWG)",0.00825,"kg",16.3652,null,null,0.135]
["Insumo","SICRO3","M1638","Mourão de madeira - H = 2,10 m e D = 0,10 m",0.42,"un",22.0412,null,null,9.2573]
["Insumo","SICRO3","M1639","Mourão de madeira - H = 2,20 m e D = 0,15 m",0.02,"un",45.2351,null,null,0.9047]
[{"$nulls":5},"Custo Total do Material =>",null,null,null,14.001]
["E","Banco","Insumo","Tempos Fixos","Código","Quantidade","Unidade","Preço Unitário",null,"Custo Horário"]
["Tempo Fixo","SICRO3","M0069","Carga, manobra e descarga de materiais diversos em caminhão carroceria de 15 t - carga e descarga manuais",5914655,0.0002,"t",31.9,null,0.0064]
["Tempo Fixo","SICRO3","M0745","Carga, manobra e descarga de materiais diversos em caminhão carroceria de 15 t - carga e descarga manuais",5914655,1e-5,"t",31.9,null,0.0003]
["Tempo Fixo","SICRO3","M1638","Carga, manobra e descarga de materiais diversos em caminhão carroceria de 15 t - carga e descarga manuais",5914655,0.00693,"t",31.9,null,0.2211]
["Tempo Fixo","SICRO3","M1639","Carga, manobra e descarga de materiais diversos em caminhão carroceria de 15 t - carga e descarga manuais",5914655,0.00078,"t",31.9,null,0.0249]
[{"$nulls":5},"Custo Total dos Tempos Fixos =>",null,null,null,0.2527]
["F","Banco","Insumo","Momento de Transporte","Quantidade","Unidade","Distância Média de Transporte (DMT)",null,null,"Custo Horário"]
[{"$nulls":6},"LN","RP","P"]
["Momento de Transporte","SICRO3","M0069","Arame farpado em aço galvanizado - D = 1,60 mm - Caminhão carroceria com capacidade de 15 t - 188 kW",0.0002,"tkm","5914449\n0,000\nR$ 1,14","5914464\n0,000\nR$ 0,91","5914479\n0,000\nR$ 0,71",0]
["Momento de Transporte","SICRO3","M0745","Grampo em aço galvanizado para cerca - C = 25,4 mm e E = 3,76 mm (1” x 9 BWG) - Caminhão carroceria com capacidade de 15 t - 188 kW",1e-5,"tkm","5914449\n0,000\nR$ 1,14","5914464\n0,000\nR$ 0,91","5914479\n0,000\nR$ 0,71",0]
["Momento de Transporte","SICRO3","M1638","Mourão de madeira - H = 2,10 m e D = 0,10 m - Caminhão carroceria com capacidade de 15 t - 188 kW",0.00693,"tkm","5914449\n0,000\nR$ 1,14","5914464\n0,000\nR$ 0,91","5914479\n0,000\nR$ 0,71",0]
["Momento de Transporte","SICRO3","M1639","Mourão de madeira - H = 2,20 m e D = 0,15 m - Caminhão carroceria com capacidade de 15 t - 188 kW",0.00078,"tkm","5914449\n0,000\nR$ 1,14","5914464\n0,000\nR$ 0,91","5914479\n0,000\nR$ 0,71",0]
[{"$nulls":5},"Custo total dos Momentos de Transportes =>",null,null,null,0]
[{"$nulls":4},"MO sem LS =>",7.49,"LS =>",0,"MO com LS =>",7.49186498918919]
[{"$nulls":4},"Valor do BDI =>",3.58,null,"Valor com BDI =>",null,25.25]
[]
[null,"Código","Banco","Descrição","Tipo",null,"Und","Quant.","Valor Unit","Total"]
["Composição"," 0903788 ","SICRO3","Chapisco com argamassa de cimento e areia 1:3 - aplicação manual","",null,"m²",1,4.37,4.37]
["B","Código","Banco","Mão de Obra","Quantidade","Salário Hora",null,null,null,"Custo Horário"]
["Insumo","P9821","SICRO3","Pedreiro",0.07,null,null,null,23.0565,1.614]
["Insumo","P9824","SICRO3","Servente",0.007,null,null,null,18.5436,0.1298]
[{"$nulls":5},"Custo Horário da Mão de Obra =>",null,null,null,1.7438]
[{"$nulls":5},"Adc.M.O. - Ferramentas (0,0%) =>",null,null,null,0]
[{"$nulls":5},"Custo Horário de Execução =>",null,null,null,1.7438]
[{"$nulls":5},"Fator de Influencia da Chuva - FIC =>",null,null,null,0]
[{"$nulls":5},"Custo do FIC =>",null,null,null,0]
[{"$nulls":5},"Produção de Equipe =>",null,null,null,1]
[{"$nulls":5},"Custo Unitário de Execução =>",null,null,null,1.7438]
["D","Banco","Código","Atividades Auxiliares","Quantidade","Unidade","Preço Unitário",null,null,"Custo Horário"]
["Atividade Auxiliar","SICRO3",1109669,"Argamassa de cimento e areia 1:3 - confecção em betoneira e lançamento manual - areia comercial",0.0042,"m³",625.8,null,null,2.6284]
[{"$nulls":5},"Custo Total das Atividades =>",null,null,null,2.6284]
[{"$nulls":4},"MO sem LS =>",1.93,"LS =>",0,"MO com LS =>",1.93241605509816]
[{"$nulls":4},"Valor do BDI =>",0.75,null,"Valor com BDI =>",null,5.12]
[]
[null,"Código","Banco","Descrição","Tipo",null,"Und","Quant.","Valor Unit","Total"]
["Composição"," 3807864 ","SICRO3","Chumbador de expansão controlada por torque para concreto D = 16 mm - fornecimento e instalação","",null,"un",1,18.12,18.12]
["A","Código","Banco","Equipamentos","Quantidade","Utilização",null,"Custo Operacional",null,"Custo Horário"]
[{"$nulls":5},"Operativa","Improdutiva","Operativa","Improdutiva"]
["Insumo","E9764","SICRO3","Grupo gerador - 7,2 kVA",1,1,0,9.4744,0.524,9.4744]
["Insumo","E9675","SICRO3","Martelete perfurador/rompedor elétrico - 1,50 kW",1,1,0,0.8745,0.4826,0.8745]
[{"$nulls":5},"Custo Horário de Equipamentos =>",null,null,null,10.3489]
["B","Código","Banco","Mão de Obra","Quantidade","Salário Hora",null,null,null,"Custo Horário"]
["Insumo","P9801","SICRO3","Ajudante",1,null,null,null,20.0513,20.0513]
[{"$nulls":5},"Custo Horário da Mão de Obra =>",null,null,null,20.0513]
[{"$nulls":5},"Adc.M.O. - Ferramentas (0,0%) =>",null,null,null,0]
[{"$nulls":5},"Custo Horário de Execução =>",null,null,null,30.4002]
[{"$nulls":5},"Fator de Influencia da Chuva - FIC =>",null,null,null,0]
[{"$nulls":5},"Custo do FIC =>",null,null,null,0]
[{"$nulls":5},"Produção de Equipe =>",null,null,null,12.94]
[{"$nulls":5},"Custo Unitário de Execução =>",null,null,null,2.3493]
["C","Banco","Código","Material","Quantidade","Unidade","Preço Unitário",null,null,"Custo Horário"]
["Insumo","SICRO3","M2388","Broca de widia - D = 16 mm e C = 150 mm",0.00431,"un",48.009,null,null,0.2069]
["Insumo","SICRO3","M0412","Chumbador de expansão controlada por torque em aço zincado para concreto - D = 16,0 mm",1,"un",15.5559,null,null,15.5559]
[{"$nulls":5},"Custo Total do Material =>",null,null,null,15.7628]
["E","Banco","Insumo","Tempos Fixos","Código","Quantidade","Unidade","Preço Unitário",null,"Custo Horário"]
["Tempo Fixo","SICRO3","M0412","Carga, manobra e descarga de materiais diversos em caminhão carroceria de 15 t - carga e descarga manuais",5914655,0.0002,"t",31.9,null,0.0064]
[{"$nulls":5},"Custo Total dos Tempos Fixos =>",null,null,null,0.0064]
["F","Banco","Insumo","Momento de Transporte","Quantidade","Unidade","Distância Média de Transporte (DMT)",null,null,"Custo Horário"]
[{"$nulls":6},"LN","RP","P"]
["Momento de Transporte","SICRO3","M0412","Chumbador de expansão controlada por torque em aço zincado para concreto - D = 16,0 mm - Caminhão carroceria com capacidade de 15 t - 188 kW",0.0002,"tkm","5914449\n0,000\nR$ 1,14","5914464\n0,000\nR$ 0,91","5914479\n0,000\nR$ 0,71",0]
[{"$nulls":5},"Custo total dos Momentos de Transportes =>",null,null,null,0]
[{"$nulls":4},"MO sem LS =>",1.55,"LS =>",0,"MO com LS =>",1.5514389243285]
[{"$nulls":4},"Valor do BDI =>",2.72,null,"Valor com BDI =>",null,20.84]
[]
[null,"Código","Banco","Descrição","Tipo",null,"Und","Quant.","Valor Unit","Total"]
["Composição"," 0407740 ","SICRO3","Chumbador tipo espera em aço CA-25 para fixação de estrutura metálica em concreto - fornecimento e instalação","",null,"kg",1,14.54,14.54]
["B","Código","Banco","Mão de Obra","Quantidade","Salário Hora",null,null,null,"Custo Horário"]
["Insumo","P9801","SICRO3","Ajudante",0.15,null,null,null,20.0513,3.0077]
["Insumo","P9805","SICRO3","Armador",0.15,null,null,null,24.1846,3.6277]
[{"$nulls":5},"Custo Horário da Mão de Obra =>",null,null,null,6.6354]
[{"$nulls":5},"Adc.M.O. - Ferramentas (0,0%) =>",null,null,null,0]
[{"$nulls":5},"Custo Horário de Execução =>",null,null,null,6.6354]
[{"$nulls":5},"Fator de Influencia da Chuva - FIC =>",null,null,null,0]
[{"$nulls":5},"Custo do FIC =>",null,null,null,0]
[{"$nulls":5},"Produção de Equipe =>",null,null,null,1]
[{"$nulls":5},"Custo Unitário de Execução =>",null,null,null,6.6354]
["C","Banco","Código","Material","Quantidade","Unidade","Preço Unitário",null,null,"Custo Horário"]
["Insumo","SICRO3","M2979","Chumbador em aço CA 25",1,"kg",7.8742,null,null,7.8742]
[{"$nulls":5},"Custo Total do Material =>",null,null,null,7.8742]
["E","Banco","Insumo","Tempos Fixos","Código","Quantidade","Unidade","Preço Unitário",null,"Custo Horário"]
["Tempo Fixo","SICRO3","M2979","Carga, manobra e descarga de materiais diversos em caminhão carroceria de 15 t - carga e descarga manuais",5914655,0.001,"t",31.9,null,0.0319]
[{"$nulls":5},"Custo Total dos Tempos Fixos =>",null,null,null,0.0319]
["F","Banco","Insumo","Momento de Transporte","Quantidade","Unidade","Distância Média de Transporte (DMT)",null,null,"Custo Horário"]
[{"$nulls":6},"LN","RP","P"]
["Momento de Transporte","SICRO3","M2979","Chumbador em aço CA 25 - Caminhão carroceria com capacidade de 15 t - 188 kW",0.001,"tkm","5914449\n0,000\nR$ 1,14","5914464\n0,000\nR$ 0,91","5914479\n0,000\nR$ 0,71",0]
[{"$nulls":5},"Custo total dos Momentos de Transportes =>",null,null,null,0]
[{"$nulls":4},"MO sem LS =>",6.64,"LS =>",0,"MO com LS =>",6.64478209459459]
[{"$nulls":4},"Valor do BDI =>",2.51,null,"Valor com BDI =>",null,17.05]
[]
[null,"Código","Banco","Descrição","Tipo",null,"Und","Quant.","Valor Unit","Total"]
["Composição"," 4805754 ","SICRO3","Compactação manual com soquete vibratório","",null,"m³",1,6.19,6.19]
["A","Código","Banco","Equipamentos","Quantidade","Utilização",null,"Custo Operacional",null,"Custo Horário"]
[{"$nulls":5},"Operativa","Improdutiva","Operativa","Improdutiva"]
["Insumo","E9647","SICRO3","Compactador manual com soquete vibratório - 4,10 kW",1,1,0,8.6131,1.0989,8.6131]
[{"$nulls":5},"Custo Horário de Equipamentos =>",null,null,null,8.6131]
["B","Código","Banco","Mão de Obra","Quantidade","Salário Hora",null,null,null,"Custo Horário"]
["Insumo","P9824","SICRO3","Servente",1,null,null,null,18.5436,18.5436]
[{"$nulls":5},"Custo Horário da Mão de Obra =>",null,null,null,18.5436]
[{"$nulls":5},"Adc.M.O. - Ferramentas (0,0%) =>",null,null,null,0]
[{"$nulls":5},"Custo Horário de Execução =>",null,null,null,27.1567]
[{"$nulls":5},"Fator de Influencia da Chuva - FIC =>",null,null,null,0.0643]
[{"$nulls":5},"Custo do FIC =>",null,null,null,0.374]
[{"$nulls":5},"Produção de Equipe =>",null,null,null,4.6688]
[{"$nulls":5},"Custo Unitário de Execução =>",null,null,null,5.8167]
[{"$nulls":4},"MO sem LS =>",3.97,"LS =>",0,"MO com LS =>",3.97185542168675]
[{"$nulls":4},"Valor do BDI =>",1.22,null,"Valor com BDI =>",null,7.41]
[]
[null,"Código","Banco","Descrição","Tipo",null,"Und","Quant.","Valor Unit","Total"]
["Composição"," 1106165 ","SICRO3","Concreto ciclópico fck = 20 MPa - confecção em betoneira e lançamento manual - areia, brita e pedra de mão comerciais","",null,"m³",1,502.37,502.37]
["B","Código","Banco","Mão de Obra","Quantidade","Salário Hora",null,null,null,"Custo Horário"]
["Insumo","P9824","SICRO3","Servente",2,null,null,null,18.5436,37.0872]
[{"$nulls":5},"Custo Horário da Mão de Obra =>",null,null,null,37.0872]
[{"$nulls":5},"Adc.M.O. - Ferramentas (0,0%) =>",null,null,null,0]
[{"$nulls":5},"Custo Horário de Execução =>",null,null,null,37.0872]
[{"$nulls":5},"Fator de Influencia da Chuva - FIC =>",null,null,null,0]
[{"$nulls":5},"Custo do FIC =>",null,null,null,0]
[{"$nulls":5},"Produção de Equipe =>",null,null,null,3.929]
[{"$nulls":5},"Custo Unitário de Execução =>",null,null,null,9.4394]
["C","Banco","Código","Material","Quantidade","Unidade","Preço Unitário",null,null,"Custo Horário"]
["Insumo","SICRO3","M1097","Pedra de mão ou rachão",0.526,"m³",177.3103,null,null,93.2652]
[{"$nulls":5},"Custo Total do Material =>",null,null,null,93.2652]
["D","Banco","Código","Atividades Auxiliares","Quantidade","Unidade","Preço Unitário",null,null,"Custo Horário"]
["Atividade Auxiliar","SICRO3",1107892,"Concreto fck = 20 MPa - confecção em betoneira e lançamento manual - areia e brita comerciais",0.7,"m³",569.02,null,null,398.314]
[{"$nulls":5},"Custo Total das Atividades =>",null,null,null,398.314]
["E","Banco","Insumo","Tempos Fixos","Código","Quantidade","Unidade","Preço Unitário",null,"Custo Horário"]
["Tempo Fixo","SICRO3","M1097","Carga, manobra e descarga de agregados ou solos em caminhão basculante de 10 m³ - carga com carregadeira de 3,40 m³(exclusa) e descarga livre",5914647,0.789,"t",1.71,null,1.3492]
[{"$nulls":5},"Custo Total dos Tempos Fixos =>",null,null,null,1.3492]
["F","Banco","Insumo","Momento de Transporte","Quantidade","Unidade","Distância Média de Transporte (DMT)",null,null,"Custo Horário"]
[{"$nulls":6},"LN","RP","P"]
["Momento de Transporte","SICRO3","M1097","Pedra de mão ou rachão - Caminhão basculante com capacidade de 10 m³ - 188 kW",0.789,"tkm","5914359\n0,000\nR$ 1,23","5914374\n0,000\nR$ 0,98","5914389\n0,000\nR$ 0,77",0]
[{"$nulls":5},"Custo total dos Momentos de Transportes =>",null,null,null,0]
[{"$nulls":4},"MO sem LS =>",45.14,"LS =>",0,"MO com LS =>",45.1427715687568]
[{"$nulls":4},"Valor do BDI =>",74.8,null,"Valor com BDI =>",null,577.17]
[]
[null,"Código","Banco","Descrição","Tipo",null,"Und","Quant.","Valor Unit","Total"]
["Composição"," 1107892 ","SICRO3","Concreto fck = 20 MPa - confecção em betoneira e lançamento manual - areia e brita comerciais","",null,"m³",1,569.02,569.02]
["A","Código","Banco","Equipamentos","Quantidade","Utilização",null,"Custo Operacional",null,"Custo Horário"]
[{"$nulls":5},"Operativa","Improdutiva","Operativa","Improdutiva"]
["Insumo","E9010","SICRO3","Balança plataforma digital à bateria, com mesa de 75 x 75 cm e capacidade de 500 kg",1,1,0,1.3189,0.886,1.3189]
["Insumo","E9519","SICRO3","Betoneira com motor a gasolina com capacidade de 600 l - 10 kW",1,1,0,45.6167,27.0434,45.6167]
["Insumo","E9071","SICRO3","Transportador manual carrinho de mão com capacidade de 80 l",4,0.9,0.1,0.7908,0.5376,3.0619]
["Insumo","E9064","SICRO3","Transportador manual gerica com capacidade de 180 l",3,0.41,0.59,1.676,1.1394,4.0782]
[{"$nulls":5},"Custo Horário de Equipamentos =>",null,null,null,54.0757]
["B","Código","Banco","Mão de Obra","Quantidade","Salário Hora",null,null,null,"Custo Horário"]
["Insumo","P9821","SICRO3","Pedreiro",1,null,null,null,23.0565,23.0565]
["Insumo","P9824","SICRO3","Servente",9,null,null,null,18.5436,166.8924]
[{"$nulls":5},"Custo Horário da Mão de Obra =>",null,null,null,189.9489]
[{"$nulls":5},"Adc.M.O. - Ferramentas (0,0%) =>",null,null,null,0]
[{"$nulls":5},"Custo Horário de Execução =>",null,null,null,244.0246]
[{"$nulls":5},"Fator de Influencia da Chuva - FIC =>",null,null,null,0]
[{"$nulls":5},"Custo do FIC =>",null,null,null,0]
[{"$nulls":5},"Produção de Equipe =>",null,null,null,3.929]
[{"$nulls":5},"Custo Unitário de Execução =>",null,null,null,62.1087]
["C","Banco","Código","Material","Quantidade","Unidade","Preço Unitário",null,null,"Custo Horário"]
["Insumo","SICRO3","M0030","Aditivo plastificante e retardador de pega para concreto e argamassa",0.84646,"kg",7.2224,null,null,6.1135]
["Insumo","SICRO3","M0082","Areia média lavada",0.63334,"m³",155.2535,null,null,98.3283]
["Insumo","SICRO3","M0191","Brita 1",0.36754,"m³",197.5941,null,null,72.6237]
["Insumo","SICRO3","M0192","Brita 2",0.36754,"m³",193.3035,null,null,71.0468]
["Insumo","SICRO3","M0424","Cimento Portland CP II - 32 - saco",282.15207,"kg",0.8728,null,null,246.2623]
[{"$nulls":5},"Custo Total do Material =>",null,null,null,494.3746]
["E","Banco","Insumo","Tempos Fixos","Código","Quantidade","Unidade","Preço Unitário",null,"Custo Horário"]
["Tempo Fixo","SICRO3","M0030","Carga, manobra e descarga de materiais diversos em caminhão carroceria de 15 t - carga e descarga manuais",5914655,0.00085,"t",31.9,null,0.0271]
["Tempo Fixo","SICRO3","M0082","Carga, manobra e descarga de agregados ou solos em caminhão basculante de 10 m³ - carga com carregadeira de 3,40 m³(exclusa) e descarga livre",5914647,0.95001,"t",1.71,null,1.6245]
["Tempo Fixo","SICRO3","M0191","Carga, manobra e descarga de agregados ou solos em caminhão basculante de 10 m³ - carga com carregadeira de 3,40 m³(exclusa) e descarga livre",5914647,0.55131,"t",1.71,null,0.9427]
["Tempo Fixo","SICRO3","M0192","Carga, manobra e descarga de agregados ou solos em caminhão basculante de 10 m³ - carga com carregadeira de 3,40 m³(exclusa) e descarga livre",5914647,0.55131,"t",1.71,null,0.9427]
["Tempo Fixo","SICRO3","M0424","Carga, manobra e descarga de materiais diversos em caminhão carroceria de 15 t - carga e descarga manuais",5914655,0.28215,"t",31.9,null,9.0006]
[{"$nulls":5},"Custo Total dos Tempos Fixos =>",null,null,null,12.5376]
["F","Banco","Insumo","Momento de Transporte","Quantidade","Unidade","Distância Média de Transporte (DMT)",null,null,"Custo Horário"]
[{"$nulls":6},"LN","RP","P"]
["Momento de Transporte","SICRO3","M0030","Aditivo plastificante e retardador de pega para concreto e argamassa - Caminhão carroceria com capacidade de 15 t - 188 kW",0.00085,"tkm","5914449\n0,000\nR$ 1,14","5914464\n0,000\nR$ 0,91","5914479\n0,000\nR$ 0,71",0]
["Momento de Transporte","SICRO3","M0082","Areia média lavada - Caminhão basculante com capacidade de 10 m³ - 188 kW",0.95001,"tkm","5914359\n0,000\nR$ 1,23","5914374\n0,000\nR$ 0,98","5914389\n0,000\nR$ 0,77",0]
["Momento de Transporte","SICRO3","M0191","Brita 1 - Caminhão basculante com capacidade de 10 m³ - 188 kW",0.55131,"tkm","5914359\n0,000\nR$ 1,23","5914374\n0,000\nR$ 0,98","5914389\n0,000\nR$ 0,77",0]
["Momento de Transporte","SICRO3","M0192","Brita 2 - Caminhão basculante com capacidade de 10 m³ - 188 kW",0.55131,"tkm","5914359\n0,000\nR$ 1,23","5914374\n0,000\nR$ 0,98","5914389\n0,000\nR$ 0,77",0]
["Momento de Transporte","SICRO3","M0424","Cimento Portland CP II - 32 - saco - Caminhão carroceria com capacidade de 15 t - 188 kW",0.28215,"tkm","5914449\n0,000\nR$ 1,14","5914464\n0,000\nR$ 0,91","5914479\n0,000\nR$ 0,71",0]
[{"$nulls":5},"Custo total dos Momentos de Transportes =>",null,null,null,0]
[{"$nulls":4},"MO sem LS =>",51,"LS =>",0,"MO com LS =>",51.00485587024]
[{"$nulls":4},"Valor do BDI =>",84.73,null,"Valor com BDI =>",null,653.75]
[]
[null,"Código","Banco","Descrição","Tipo",null,"Und","Quant.","Valor Unit","Total"]
["Composição"," 1107896 ","SICRO3","Concreto fck = 25 MPa - confecção em betoneira e lançamento manual - areia e brita comerciais","",null,"m³",1,597.38,597.38]
["A","Código","Banco","Equipamentos","Quantidade","Utilização",null,"Custo Operacional",null,"Custo Horário"]
[{"$nulls":5},"Operativa","Improdutiva","Operativa","Improdutiva"]
["Insumo","E9010","SICRO3","Balança plataforma digital à bateria, com mesa de 75 x 75 cm e capacidade de 500 kg",1,1,0,1.3189,0.886,1.3189]
["Insumo","E9519","SICRO3","Betoneira com motor a gasolina com capacidade de 600 l - 10 kW",1,1,0,45.6167,27.0434,45.6167]
["Insumo","E9071","SICRO3","Transportador manual carrinho de mão com capacidade de 80 l",4,0.88,0.12,0.7908,0.5376,3.0417]
["Insumo","E9064","SICRO3","Transportador manual gerica com capacidade de 180 l",3,0.4,0.6,1.676,1.1394,4.0621]
[{"$nulls":5},"Custo Horário de Equipamentos =>",null,null,null,54.0394]
["B","Código","Banco","Mão de Obra","Quantidade","Salário Hora",null,null,null,"Custo Horário"]
["Insumo","P9821","SICRO3","Pedreiro",1,null,null,null,23.0565,23.0565]
["Insumo","P9824","SICRO3","Servente",9,null,null,null,18.5436,166.8924]
[{"$nulls":5},"Custo Horário da Mão de Obra =>",null,null,null,189.9489]
[{"$nulls":5},"Adc.M.O. - Ferramentas (0,0%) =>",null,null,null,0]
[{"$nulls":5},"Custo Horário de Execução =>",null,null,null,243.9883]
[{"$nulls":5},"Fator de Influencia da Chuva - FIC =>",null,null,null,0]
[{"$nulls":5},"Custo do FIC =>",null,null,null,0]
[{"$nulls":5},"Produção de Equipe =>",null,null,null,3.8906]
[{"$nulls":5},"Custo Unitário de Execução =>",null,null,null,62.7118]
["C","Banco","Código","Material","Quantidade","Unidade","Preço Unitário",null,null,"Custo Horário"]
["Insumo","SICRO3","M0030","Aditivo plastificante e retardador de pega para concreto e argamassa",0.94593,"kg",7.2224,null,null,6.8319]
["Insumo","SICRO3","M0082","Areia média lavada",0.61459,"m³",155.2535,null,null,95.4172]
["Insumo","SICRO3","M0191","Brita 1",0.36754,"m³",197.5941,null,null,72.6237]
["Insumo","SICRO3","M0192","Brita 2",0.36754,"m³",193.3035,null,null,71.0468]
["Insumo","SICRO3","M0424","Cimento Portland CP II - 32 - saco",315.31031,"kg",0.8728,null,null,275.2028]
[{"$nulls":5},"Custo Total do Material =>",null,null,null,521.1224]
["E","Banco","Insumo","Tempos Fixos","Código","Quantidade","Unidade","Preço Unitário",null,"Custo Horário"]
["Tempo Fixo","SICRO3","M0030","Carga, manobra e descarga de materiais diversos em caminhão carroceria de 15 t - carga e descarga manuais",5914655,0.00095,"t",31.9,null,0.0303]
["Tempo Fixo","SICRO3","M0082","Carga, manobra e descarga de agregados ou solos em caminhão basculante de 10 m³ - carga com carregadeira de 3,40 m³(exclusa) e descarga livre",5914647,0.92189,"t",1.71,null,1.5764]
["Tempo Fixo","SICRO3","M0191","Carga, manobra e descarga de agregados ou solos em caminhão basculante de 10 m³ - carga com carregadeira de 3,40 m³(exclusa) e descarga livre",5914647,0.55131,"t",1.71,null,0.9427]
["Tempo Fixo","SICRO3","M0192","Carga, manobra e descarga de agregados ou solos em caminhão basculante de 10 m³ - carga com carregadeira de 3,40 m³(exclusa) e descarga livre",5914647,0.55131,"t",1.71,null,0.9427]
["Tempo Fixo","SICRO3","M0424","Carga, manobra e descarga de materiais diversos em caminhão carroceria de 15 t - carga e descarga manuais",5914655,0.31531,"t",31.9,null,10.0584]
[{"$nulls":5},"Custo Total dos Tempos Fixos =>",null,null,null,13.5505]
["F","Banco","Insumo","Momento de Transporte","Quantidade","Unidade","Distância Média de Transporte (DMT)",null,null,"Custo Horário"]
[{"$nulls":6},"LN","RP","P"]
["Momento de Transporte","SICRO3","M0030","Aditivo plastificante e retardador de pega para concreto e argamassa - Caminhão carroceria com capacidade de 15 t - 188 kW",0.00095,"tkm","5914449\n0,000\nR$ 1,14","5914464\n0,000\nR$ 0,91","5914479\n0,000\nR$ 0,71",0]
["Momento de Transporte","SICRO3","M0082","Areia média lavada - Caminhão basculante com capacidade de 10 m³ - 188 kW",0.92189,"tkm","5914359\n0,000\nR$ 1,23","5914374\n0,000\nR$ 0,98","5914389\n0,000\nR$ 0,77",0]
["Momento de Transporte","SICRO3","M0191","Brita 1 - Caminhão basculante com capacidade de 10 m³ - 188 kW",0.55131,"tkm","5914359\n0,000\nR$ 1,23","5914374\n0,000\nR$ 0,98","5914389\n0,000\nR$ 0,77",0]
["Momento de Transporte","SICRO3","M0192","Brita 2 - Caminhão basculante com capacidade de 10 m³ - 188 kW",0.55131,"tkm","5914359\n0,000\nR$ 1,23","5914374\n0,000\nR$ 0,98","5914389\n0,000\nR$ 0,77",0]
["Momento de Transporte","SICRO3","M0424","Cimento Portland CP II - 32 - saco - Caminhão carroceria com capacidade de 15 t - 188 kW",0.31531,"tkm","5914449\n0,000\nR$ 1,14","5914464\n0,000\nR$ 0,91","5914479\n0,000\nR$ 0,71",0]
[{"$nulls":5},"Custo total dos Momentos de Transportes =>",null,null,null,0]
[{"$nulls":4},"MO sem LS =>",51.79,"LS =>",0,"MO com LS =>",51.7940696220839]
[{"$nulls":4},"Valor do BDI =>",88.74,null,"Valor com BDI =>",null,686.12]
[]
[null,"Código","Banco","Descrição","Tipo",null,"Und","Quant.","Valor Unit","Total"]
["Composição"," 1106057 ","SICRO3","Concreto magro - confecção em betoneira e lançamento manual - areia e brita comerciais","",null,"m³",1,554.16,554.16]
["A","Código","Banco","Equipamentos","Quantidade","Utilização",null,"Custo Operacional",null,"Custo Horário"]
[{"$nulls":5},"Operativa","Improdutiva","Operativa","Improdutiva"]
["Insumo","E9519","SICRO3","Betoneira com motor a gasolina com capacidade de 600 l - 10 kW",1,1,0,45.6167,27.0434,45.6167]
["Insumo","E9071","SICRO3","Transportador manual carrinho de mão com capacidade de 80 l",4,0.88,0.12,0.7908,0.5376,3.0417]
["Insumo","E9064","SICRO3","Transportador manual gerica com capacidade de 180 l",3,0.41,0.59,1.676,1.1394,4.0782]
[{"$nulls":5},"Custo Horário de Equipamentos =>",null,null,null,52.7366]
["B","Código","Banco","Mão de Obra","Quantidade","Salário Hora",null,null,null,"Custo Horário"]
["Insumo","P9821","SICRO3","Pedreiro",1,null,null,null,23.0565,23.0565]
["Insumo","P9824","SICRO3","Servente",9,null,null,null,18.5436,166.8924]
[{"$nulls":5},"Custo Horário da Mão de Obra =>",null,null,null,189.9489]
[{"$nulls":5},"Adc.M.O. - Ferramentas (0,0%) =>",null,null,null,0]
[{"$nulls":5},"Custo Horário de Execução =>",null,null,null,242.6855]
[{"$nulls":5},"Fator de Influencia da Chuva - FIC =>",null,null,null,0]
[{"$nulls":5},"Custo do FIC =>",null,null,null,0]
[{"$nulls":5},"Produção de Equipe =>",null,null,null,3.929]
[{"$nulls":5},"Custo Unitário de Execução =>",null,null,null,61.7679]
["C","Banco","Código","Material","Quantidade","Unidade","Preço Unitário",null,null,"Custo Horário"]
["Insumo","SICRO3","M0082","Areia média lavada",0.59948,"m³",155.2535,null,null,93.0714]
["Insumo","SICRO3","M0192","Brita 2",0.73508,"m³",193.3035,null,null,142.0935]
["Insumo","SICRO3","M0424","Cimento Portland CP II - 32 - saco",280.53418,"kg",0.8728,null,null,244.8502]
[{"$nulls":5},"Custo Total do Material =>",null,null,null,480.0151]
["E","Banco","Insumo","Tempos Fixos","Código","Quantidade","Unidade","Preço Unitário",null,"Custo Horário"]
["Tempo Fixo","SICRO3","M0082","Carga, manobra e descarga de agregados ou solos em caminhão basculante de 10 m³ - carga com carregadeira de 3,40 m³(exclusa) e descarga livre",5914647,0.89922,"t",1.71,null,1.5377]
["Tempo Fixo","SICRO3","M0192","Carga, manobra e descarga de agregados ou solos em caminhão basculante de 10 m³ - carga com carregadeira de 3,40 m³(exclusa) e descarga livre",5914647,1.10262,"t",1.71,null,1.8855]
["Tempo Fixo","SICRO3","M0424","Carga, manobra e descarga de materiais diversos em caminhão carroceria de 15 t - carga e descarga manuais",5914655,0.28053,"t",31.9,null,8.9489]
[{"$nulls":5},"Custo Total dos Tempos Fixos =>",null,null,null,12.3721]
["F","Banco","Insumo","Momento de Transporte","Quantidade","Unidade","Distância Média de Transporte (DMT)",null,null,"Custo Horário"]
[{"$nulls":6},"LN","RP","P"]
["Momento de Transporte","SICRO3","M0082","Areia média lavada - Caminhão basculante com capacidade de 10 m³ - 188 kW",0.89922,"tkm","5914359\n0,000\nR$ 1,23","5914374\n0,000\nR$ 0,98","5914389\n0,000\nR$ 0,77",0]
["Momento de Transporte","SICRO3","M0192","Brita 2 - Caminhão basculante com capacidade de 10 m³ - 188 kW",1.10262,"tkm","5914359\n0,000\nR$ 1,23","5914374\n0,000\nR$ 0,98","5914389\n0,000\nR$ 0,77",0]
["Momento de Transporte","SICRO3","M0424","Cimento Portland CP II - 32 - saco - Caminhão carroceria com capacidade de 15 t - 188 kW",0.28053,"tkm","5914449\n0,000\nR$ 1,14","5914464\n0,000\nR$ 0,91","5914479\n0,000\nR$ 0,71",0]
[{"$nulls":5},"Custo total dos Momentos de Transportes =>",null,null,null,0]
[{"$nulls":4},"MO sem LS =>",50.98,"LS =>",0,"MO com LS =>",50.9816450465913]
[{"$nulls":4},"Valor do BDI =>",82.6,null,"Valor com BDI =>",null,636.76]
[]
[null,"Código","Banco","Descrição","Tipo",null,"Und","Quant.","Valor Unit","Total"]
["Composição"," 1416201 ","SICRO3","Corte de barras de aço CA-50 com maçarico oxiacetileno","",null,"cm²",1,0.21,0.21]
["A","Código","Banco","Equipamentos","Quantidade","Utilização",null,"Custo Operacional",null,"Custo Horário"]
[{"$nulls":5},"Operativa","Improdutiva","Operativa","Improdutiva"]
["Insumo","E9662","SICRO3","Equipamento para solda e corte com oxiacetileno",1,1,0,1.0786,0.5952,1.0786]
[{"$nulls":5},"Custo Horário de Equipamentos =>",null,null,null,1.0786]
["B","Código","Banco","Mão de Obra","Quantidade","Salário Hora",null,null,null,"Custo Horário"]
["Insumo","P9825","SICRO3","Soldador",1,null,null,null,28.6158,28.6158]
[{"$nulls":5},"Custo Horário da Mão de Obra =>",null,null,null,28.6158]
[{"$nulls":5},"Adc.M.O. - Ferramentas (0,0%) =>",null,null,null,0]
[{"$nulls":5},"Custo Horário de Execução =>",null,null,null,29.6944]
[{"$nulls":5},"Fator de Influencia da Chuva - FIC =>",null,null,null,0]
[{"$nulls":5},"Custo do FIC =>",null,null,null,0]
[{"$nulls":5},"Produção de Equipe =>",null,null,null,498]
[{"$nulls":5},"Custo Unitário de Execução =>",null,null,null,0.0596]
["C","Banco","Código","Material","Quantidade","Unidade","Preço Unitário",null,null,"Custo Horário"]
["Insumo","SICRO3","M1796","Gás acetileno",0.00079,"kg",84.7371,null,null,0.0669]
["Insumo","SICRO3","M1795","Gás oxigênio",0.00473,"m³",17.4655,null,null,0.0826]
[{"$nulls":5},"Custo Total do Material =>",null,null,null,0.1495]
[{"$nulls":4},"MO sem LS =>",0.0574614457831325,"LS =>",0,"MO com LS =>",0.0574614457831325]
[{"$nulls":4},"Valor do BDI =>",0.03,null,"Valor com BDI =>",null,0.24]
[]
[null,"Código","Banco","Descrição","Tipo",null,"Und","Quant.","Valor Unit","Total"]
["Composição"," 93659 ","SINAPI","DISJUNTOR MONOPOLAR TIPO DIN, CORRENTE NOMINAL DE 50A - FORNECIMENTO E INSTALAÇÃO. AF_10/2020","INEL - INSTALAÇÃO ELÉTRICA/ELETRIFICAÇÃO E ILUMINAÇÃO EXTERNA",null,"UN",1,25.76,25.76]
["Composição Auxiliar"," 88247 ","SINAPI","AUXILIAR DE ELETRICISTA COM ENCARGOS COMPLEMENTARES","SEDI - SERVIÇOS DIVERSOS",null,"H",0.1892,20.5,3.88]
["Composição Auxiliar"," 88264 ","SINAPI","ELETRICISTA COM ENCARGOS COMPLEMENTARES","SEDI - SERVIÇOS DIVERSOS",null,"H",0.1892,22.56,4.27]
["Insumo"," 00001575 ","SINAPI","TERMINAL A COMPRESSAO EM COBRE ESTANHADO PARA CABO 16 MM2, 1 FURO E 1 COMPRESSAO, PARA PARAFUSO DE FIXACAO M6","Material",null,"UN",1,2.73,2.73]
["Insumo"," 00034686 ","SINAPI","DISJUNTOR TIPO DIN / IEC, MONOPOLAR DE 40  ATE 50A","Material",null,"UN",1,14.88,14.88]
[{"$nulls":4},"MO sem LS =>",6.75,"LS =>",0,"MO com LS =>",6.75]
[{"$nulls":4},"Valor do BDI =>",4.2,null,"Valor com BDI =>",null,29.96]
[]
[null,"Código","Banco","Descrição","Tipo",null,"Und","Quant.","Valor Unit","Total"]
["Composição"," 101891 ","SINAPI","DISJUNTOR MONOPOLAR TIPO NEMA, CORRENTE NOMINAL DE 35 ATÉ 50A - FORNECIMENTO E INSTALAÇÃO. AF_10/2020","INEL - INSTALAÇÃO ELÉTRICA/ELETRIFICAÇÃO E ILUMINAÇÃO EXTERNA",null,"UN",1,29.93,29.93]
["Composição Auxiliar"," 88247 ","SINAPI","AUXILIAR DE ELETRICISTA COM ENCARGOS COMPLEMENTARES","SEDI - SERVIÇOS DIVERSOS",null,"H",0.1352,20.5,2.77]
["Composição Auxiliar"," 88264 ","SINAPI","ELETRICISTA COM ENCARGOS COMPLEMENTARES","SEDI - SERVIÇOS DIVERSOS",null,"H",0.1352,22.56,3.05]
["Insumo"," 00001574 ","SINAPI","TERMINAL A COMPRESSAO EM COBRE ESTANHADO PARA CABO 10 MM2, 1 FURO E 1 COMPRESSAO, PARA PARAFUSO DE FIXACAO M6","Material",null,"UN",1,2.3,2.3]
["Insumo"," 00002386 ","SINAPI","DISJUNTOR TIPO NEMA, MONOPOLAR 35  ATE  50 A, TENSAO MAXIMA DE 240 V","Material",null,"UN",1,21.81,21.81]
[{"$nulls":4},"MO sem LS =>",4.82,"LS =>",0,"MO com LS =>",4.82]
[{"$nulls":4},"Valor do BDI =>",4.64,null,"Valor com BDI =>",null,34.57]
[]
[null,"Código","Banco","Descrição","Tipo",null,"Und","Quant.","Valor Unit","Total"]
["Composição"," 1619004 ","SICRO3","Demolição mecânica de alvenaria com carregadeira de pneus","",null,"m³",1,7.24,7.24]
["A","Código","Banco","Equipamentos","Quantidade","Utilização",null,"Custo Operacional",null,"Custo Horário"]
[{"$nulls":5},"Operativa","Improdutiva","Operativa","Improdutiva"]
["Insumo","E9584","SICRO3","Carregadeira de pneus com capacidade de 1,72 m³ - 113 kW",1,1,0,191.3272,92.4548,191.3272]
[{"$nulls":5},"Custo Horário de Equipamentos =>",null,null,null,191.3272]
[{"$nulls":5},"Custo Horário de Execução =>",null,null,null,191.3272]
[{"$nulls":5},"Fator de Influencia da Chuva - FIC =>",null,null,null,0]
[{"$nulls":5},"Custo do FIC =>",null,null,null,0]
[{"$nulls":5},"Produção de Equipe =>",null,null,null,68.65]
[{"$nulls":5},"Custo Unitário de Execução =>",null,null,null,2.787]
["E","Banco","Insumo","Tempos Fixos","Código","Quantidade","Unidade","Preço Unitário",null,"Custo Horário"]
["Tempo Fixo","SICRO3","M3510","Carga, manobra e descarga de material demolido em caminhão basculante de 6 m³ - carga com carregadeira de 1,72 m³ edescarga livre",5914675,1.5,"t",2.97,null,4.455]
[{"$nulls":5},"Custo Total dos Tempos Fixos =>",null,null,null,4.455]
["F","Banco","Insumo","Momento de Transporte","Quantidade","Unidade","Distância Média de Transporte (DMT)",null,null,"Custo Horário"]
[{"$nulls":6},"LN","RP","P"]
["Momento de Transporte","SICRO3","M3510","Material demolido - alvenaria - Caminhão basculante com capacidade de 6 m³ - 136 kW",1.5,"tkm","5914314\n0,000\nR$ 1,32","5914329\n0,000\nR$ 1,06","5914344\n0,000\nR$ 0,83",0]
[{"$nulls":5},"Custo total dos Momentos de Transportes =>",null,null,null,0]
[{"$nulls":4},"MO sem LS =>",0,"LS =>",0,"MO com LS =>",0]
[{"$nulls":4},"Valor do BDI =>",1.53,null,"Valor com BDI =>",null,8.77]
[]
[null,"Código","Banco","Descrição","Tipo",null,"Und","Quant.","Valor Unit","Total"]
["Composição"," 1619003 ","SICRO3","Demolição mecânica de concreto armado com escavadeira hidráulica","",null,"m³",1,77.61,77.61]
["A","Código","Banco","Equipamentos","Quantidade","Utilização",null,"Custo Operacional",null,"Custo Horário"]
[{"$nulls":5},"Operativa","Improdutiva","Operativa","Improdutiva"]
["Insumo","E9127","SICRO3","Escavadeira hidráulica com martelo hidráulico de 520 kg - 75 kW",1,1,0,478.171,220.9963,478.171]
[{"$nulls":5},"Custo Horário de Equipamentos =>",null,null,null,478.171]
[{"$nulls":5},"Custo Horário de Execução =>",null,null,null,478.171]
[{"$nulls":5},"Fator de Influencia da Chuva - FIC =>",null,null,null,0]
[{"$nulls":5},"Custo do FIC =>",null,null,null,0]
[{"$nulls":5},"Produção de Equipe =>",null,null,null,8.3025]
[{"$nulls":5},"Custo Unitário de Execução =>",null,null,null,57.5935]
["C","Banco","Código","Material","Quantidade","Unidade","Preço Unitário",null,null,"Custo Horário"]
["Insumo","SICRO3","M0603","Ponteiro para rompedor hidráulico de 520 kg",0.00071,"un",5910.4763,null,null,4.1964]
[{"$nulls":5},"Custo Total do Material =>",null,null,null,4.1964]
["D","Banco","Código","Atividades Auxiliares","Quantidade","Unidade","Preço Unitário",null,null,"Custo Horário"]
["Atividade Auxiliar","SICRO3",1416201,"Corte de barras de aço CA-50 com maçarico oxiacetileno",40,"cm²",0.21,null,null,8.4]
[{"$nulls":5},"Custo Total das Atividades =>",null,null,null,8.4]
["E","Banco","Insumo","Tempos Fixos","Código","Quantidade","Unidade","Preço Unitário",null,"Custo Horário"]
["Tempo Fixo","SICRO3","M3512","Carga, manobra e descarga de material demolido em caminhão basculante de 6 m³ - carga com carregadeira de 1,72 m³ edescarga livre",5914675,2.5,"t",2.97,null,7.425]
[{"$nulls":5},"Custo Total dos Tempos Fixos =>",null,null,null,7.425]
["F","Banco","Insumo","Momento de Transporte","Quantidade","Unidade","Distância Média de Transporte (DMT)",null,null,"Custo Horário"]
[{"$nulls":6},"LN","RP","P"]
["Momento de Transporte","SICRO3","M3512","Material demolido - concreto armado - Caminhão basculante com capacidade de 6 m³ - 136 kW",2.5,"tkm","5914314\n0,000\nR$ 1,32","5914329\n0,000\nR$ 1,06","5914344\n0,000\nR$ 0,83",0]
[{"$nulls":5},"Custo total dos Momentos de Transportes =>",null,null,null,0]
[{"$nulls":4},"MO sem LS =>",2.2984578313253,"LS =>",0,"MO com LS =>",2.2984578313253]
[{"$nulls":4},"Valor do BDI =>",15.42,null,"Valor com BDI =>",null,93.03]
[]
[null,"Código","Banco","Descrição","Tipo",null,"Und","Quant.","Valor Unit","Total"]
["Composição"," 0919079 ","SICRO3","Dique de contenção para usina de asfalto a quente - inclusive demolição","",null,"m²",1,127.59,127.59]
[{"$nulls":5},"Custo Horário de Execução =>",null,null,null,0]
[{"$nulls":5},"Fator de Influencia da Chuva - FIC =>",null,null,null,0]
[{"$nulls":5},"Custo do FIC =>",null,null,null,0]
[{"$nulls":5},"Produção de Equipe =>",null,null,null,1]
[{"$nulls":5},"Custo Unitário de Execução =>",null,null,null,0]
["D","Banco","Código","Atividades Auxiliares","Quantidade","Unidade","Preço Unitário",null,null,"Custo Horário"]
["Atividade Auxiliar","SICRO3",2009619,"Alvenaria de blocos de concreto 19 x 19 x 39 cm com espessura de 20 cm - areia comercial",0.1019,"m²",110.09,null,null,11.2182]
["Atividade Auxiliar","SICRO3",903788,"Chapisco com argamassa de cimento e areia 1:3 - aplicação manual",0.24456,"m²",4.37,null,null,1.0687]
["Atividade Auxiliar","SICRO3",1107892,"Concreto fck = 20 MPa - confecção em betoneira e lançamento manual - areia e brita comerciais",0.1,"m³",569.02,null,null,56.902]
["Atividade Auxiliar","SICRO3",1106057,"Concreto magro - confecção em betoneira e lançamento manual - areia e brita comerciais",0.05,"m³",554.16,null,null,27.708]
["Atividade Auxiliar","SICRO3",1619004,"Demolição mecânica de alvenaria com carregadeira de pneus",0.02038,"m³",7.24,null,null,0.1476]
["Atividade Auxiliar","SICRO3",1619003,"Demolição mecânica de concreto armado com escavadeira hidráulica",0.15,"m³",77.61,null,null,11.6415]
["Atividade Auxiliar","SICRO3",903789,"Emboço com argamassa de cimento, cal hidratada e areia 1:2:8 com espessura de 2 cm - aplicação manual",0.24456,"m²",32.08,null,null,7.8455]
["Atividade Auxiliar","SICRO3",4805751,"Escavação manual em material de 1ª categoria na profundidade de 1 a 2 m",0.15,"m³",49.34,null,null,7.401]
["Atividade Auxiliar","SICRO3",903860,"Selador acrílico - camada de fundo com aplicação manual",0.24456,"m²",2.7,null,null,0.6603]
["Atividade Auxiliar","SICRO3",903818,"Tinta látex - duas camadas com aplicação manual",0.24456,"m²",12.25,null,null,2.9959]
[{"$nulls":5},"Custo Total das Atividades =>",null,null,null,127.5887]
[{"$nulls":4},"MO sem LS =>",26.51,"LS =>",0,"MO com LS =>",26.5146507947609]
[{"$nulls":4},"Valor do BDI =>",20.6,null,"Valor com BDI =>",null,148.19]
[]
[null,"Código","Banco","Descrição","Tipo",null,"Und","Quant.","Valor Unit","Total"]
["Composição"," 88264 ","SINAPI","ELETRICISTA COM ENCARGOS COMPLEMENTARES","SEDI - SERVIÇOS DIVERSOS",null,"H",1,22.56,22.56]
["Composição Auxiliar"," 95332 ","SINAPI","CURSO DE CAPACITAÇÃO PARA ELETRICISTA (ENCARGOS COMPLEMENTARES) - HORISTA","SEDI - SERVIÇOS DIVERSOS",null,"H",1,0.71,0.71]
["Insumo"," 00002436 ","SINAPI","ELETRICISTA (HORISTA)","Mão de Obra",null,"H",1,18.15,18.15]
["Insumo"," 00037370 ","SINAPI","ALIMENTACAO - HORISTA (COLETADO CAIXA - ENCARGOS COMPLEMENTARES)","Outros",null,"H",1,0.01,0.01]
["Insumo"," 00037371 ","SINAPI","TRANSPORTE - HORISTA (COLETADO CAIXA - ENCARGOS COMPLEMENTARES)","Serviços",null,"H",1,0.54,0.54]
["Insumo"," 00037372 ","SINAPI","EXAMES - HORISTA (COLETADO CAIXA - ENCARGOS COMPLEMENTARES)","Outros",null,"H",1,1.14,1.14]
["Insumo"," 00037373 ","SINAPI","SEGURO - HORISTA (COLETADO CAIXA - ENCARGOS COMPLEMENTARES)","Taxas",null,"H",1,0.01,0.01]
["Insumo"," 00043460 ","SINAPI","FERRAMENTAS - FAMILIA ELETRICISTA - HORISTA (ENCARGOS COMPLEMENTARES - COLETADO CAIXA)","Equipamento",null,"H",1,0.86,0.86]
["Insumo"," 00043484 ","SINAPI","EPI - FAMILIA ELETRICISTA - HORISTA (ENCARGOS COMPLEMENTARES - COLETADO CAIXA)","Equipamento",null,"H",1,1.14,1.14]
[{"$nulls":4},"MO sem LS =>",18.86,"LS =>",0,"MO com LS =>",18.86]
[{"$nulls":4},"Valor do BDI =>",4.72,null,"Valor com BDI =>",null,27.28]
[]
[null,"Código","Banco","Descrição","Tipo",null,"Und","Quant.","Valor Unit","Total"]
["Composição"," 91852 ","SINAPI","ELETRODUTO FLEXÍVEL CORRUGADO, PVC, DN 20 MM (1/2\"), PARA CIRCUITOS TERMINAIS, INSTALADO EM PAREDE - FORNECIMENTO E INSTALAÇÃO. AF_03/2023","INEL - INSTALAÇÃO ELÉTRICA/ELETRIFICAÇÃO E ILUMINAÇÃO EXTERNA",null,"M",1,8.16,8.16]
["Composição Auxiliar"," 88247 ","SINAPI","AUXILIAR DE ELETRICISTA COM ENCARGOS COMPLEMENTARES","SEDI - SERVIÇOS DIVERSOS",null,"H",0.124,20.5,2.54]
["Composição Auxiliar"," 88264 ","SINAPI","ELETRICISTA COM ENCARGOS COMPLEMENTARES","SEDI - SERVIÇOS DIVERSOS",null,"H",0.124,22.56,2.8]
["Insumo"," 00002689 ","SINAPI","ELETRODUTO PVC FLEXIVEL CORRUGADO, COR AMARELA, DE 20 MM","Material",null,"M",1.017,2.77,2.82]
[{"$nulls":4},"MO sem LS =>",4.42,"LS =>",0,"MO com LS =>",4.42]
[{"$nulls":4},"Valor do BDI =>",1.51,null,"Valor com BDI =>",null,9.67]
[]
[null,"Código","Banco","Descrição","Tipo",null,"Und","Quant.","Valor Unit","Total"]
["Composição"," 91862 ","SINAPI","ELETRODUTO RÍGIDO ROSCÁVEL, PVC, DN 20 MM (1/2\"), PARA CIRCUITOS TERMINAIS, INSTALADO EM FORRO - FORNECIMENTO E INSTALAÇÃO. AF_03/2023","INEL - INSTALAÇÃO ELÉTRICA/ELETRIFICAÇÃO E ILUMINAÇÃO EXTERNA",null,"M",1,9.19,9.19]
["Composição Auxiliar"," 88247 ","SINAPI","AUXILIAR DE ELETRICISTA COM ENCARGOS COMPLEMENTARES","SEDI - SERVIÇOS DIVERSOS",null,"H",0.105,20.5,2.15]
["Composição Auxiliar"," 88264 ","SINAPI","ELETRICISTA COM ENCARGOS COMPLEMENTARES","SEDI - SERVIÇOS DIVERSOS",null,"H",0.105,22.56,2.37]
["Insumo"," 00002673 ","SINAPI","ELETRODUTO DE PVC RIGIDO ROSCAVEL DE 1/2 \", SEM LUVA","Material",null,"M",1.017,4.59,4.67]
[{"$nulls":4},"MO sem LS =>",3.74,"LS =>",0,"MO com LS =>",3.74]
[{"$nulls":4},"Valor do BDI =>",1.61,null,"Valor com BDI =>",null,10.8]
[]
[null,"Código","Banco","Descrição","Tipo",null,"Und","Quant.","Valor Unit","Total"]
["Composição"," 91870 ","SINAPI","ELETRODUTO RÍGIDO ROSCÁVEL, PVC, DN 20 MM (1/2\"), PARA CIRCUITOS TERMINAIS, INSTALADO EM PAREDE - FORNECIMENTO E INSTALAÇÃO. AF_03/2023","INEL - INSTALAÇÃO ELÉTRICA/ELETRIFICAÇÃO E ILUMINAÇÃO EXTERNA",null,"M",1,11.69,11.69]
["Composição Auxiliar"," 88247 ","SINAPI","AUXILIAR DE ELETRICISTA COM ENCARGOS COMPLEMENTARES","SEDI - SERVIÇOS DIVERSOS",null,"H",0.163,20.5,3.34]
["Composição Auxiliar"," 88264 ","SINAPI","ELETRICISTA COM ENCARGOS COMPLEMENTARES","SEDI - SERVIÇOS DIVERSOS",null,"H",0.163,22.56,3.68]
["Insumo"," 00002673 ","SINAPI","ELETRODUTO DE PVC RIGIDO ROSCAVEL DE 1/2 \", SEM LUVA","Material",null,"M",1.017,4.59,4.67]
[{"$nulls":4},"MO sem LS =>",5.81,"LS =>",0,"MO com LS =>",5.81]
[{"$nulls":4},"Valor do BDI =>",2.13,null,"Valor com BDI =>",null,13.82]
[]
[null,"Código","Banco","Descrição","Tipo",null,"Und","Quant.","Valor Unit","Total"]
["Composição"," 91863 ","SINAPI","ELETRODUTO RÍGIDO ROSCÁVEL, PVC, DN 25 MM (3/4\"), PARA CIRCUITOS TERMINAIS, INSTALADO EM FORRO - FORNECIMENTO E INSTALAÇÃO. AF_03/2023","INEL - INSTALAÇÃO ELÉTRICA/ELETRIFICAÇÃO E ILUMINAÇÃO EXTERNA",null,"M",1,10.93,10.93]
["Composição Auxiliar"," 88247 ","SINAPI","AUXILIAR DE ELETRICISTA COM ENCARGOS COMPLEMENTARES","SEDI - SERVIÇOS DIVERSOS",null,"H",0.119,20.5,2.44]
["Composição Auxiliar"," 88264 ","SINAPI","ELETRICISTA COM ENCARGOS COMPLEMENTARES","SEDI - SERVIÇOS DIVERSOS",null,"H",0.119,22.56,2.68]
["Insumo"," 00002674 ","SINAPI","ELETRODUTO DE PVC RIGIDO ROSCAVEL DE 3/4 \", SEM LUVA","Material",null,"M",1.017,5.71,5.81]
[{"$nulls":4},"MO sem LS =>",4.24,"LS =>",0,"MO com LS =>",4.24]
[{"$nulls":4},"Valor do BDI =>",1.89,null,"Valor com BDI =>",null,12.82]
[]
[null,"Código","Banco","Descrição","Tipo",null,"Und","Quant.","Valor Unit","Total"]
["Composição"," 91871 ","SINAPI","ELETRODUTO RÍGIDO ROSCÁVEL, PVC, DN 25 MM (3/4\"), PARA CIRCUITOS TERMINAIS, INSTALADO EM PAREDE - FORNECIMENTO E INSTALAÇÃO. AF_03/2023","INEL - INSTALAÇÃO ELÉTRICA/ELETRIFICAÇÃO E ILUMINAÇÃO EXTERNA",null,"M",1,13.43,13.43]
["Composição Auxiliar"," 88247 ","SINAPI","AUXILIAR DE ELETRICISTA COM ENCARGOS COMPLEMENTARES","SEDI - SERVIÇOS DIVERSOS",null,"H",0.177,20.5,3.63]
["Composição Auxiliar"," 88264 ","SINAPI","ELETRICISTA COM ENCARGOS COMPLEMENTARES","SEDI - SERVIÇOS DIVERSOS",null,"H",0.177,22.56,3.99]
["Insumo"," 00002674 ","SINAPI","ELETRODUTO DE PVC RIGIDO ROSCAVEL DE 3/4 \", SEM LUVA","Material",null,"M",1.017,5.71,5.81]
[{"$nulls":4},"MO sem LS =>",6.31,"LS =>",0,"MO com LS =>",6.31]
[{"$nulls":4},"Valor do BDI =>",2.42,null,"Valor com BDI =>",null,15.85]
[]
[null,"Código","Banco","Descrição","Tipo",null,"Und","Quant.","Valor Unit","Total"]
["Composição"," 91872 ","SINAPI","ELETRODUTO RÍGIDO ROSCÁVEL, PVC, DN 32 MM (1\"), PARA CIRCUITOS TERMINAIS, INSTALADO EM PAREDE - FORNECIMENTO E INSTALAÇÃO. AF_03/2023","INEL - INSTALAÇÃO ELÉTRICA/ELETRIFICAÇÃO E ILUMINAÇÃO EXTERNA",null,"M",1,17.56,17.56]
["Composição Auxiliar"," 88247 ","SINAPI","AUXILIAR DE ELETRICISTA COM ENCARGOS COMPLEMENTARES","SEDI - SERVIÇOS DIVERSOS",null,"H",0.197,20.5,4.04]
["Composição Auxiliar"," 88264 ","SINAPI","ELETRICISTA COM ENCARGOS COMPLEMENTARES","SEDI - SERVIÇOS DIVERSOS",null,"H",0.197,22.56,4.44]
["Insumo"," 00002685 ","SINAPI","ELETRODUTO DE PVC RIGIDO ROSCAVEL DE 1 \", SEM LUVA","Material",null,"M",1.017,8.93,9.08]
[{"$nulls":4},"MO sem LS =>",7.03,"LS =>",0,"MO com LS =>",7.03]
[{"$nulls":4},"Valor do BDI =>",3.05,null,"Valor com BDI =>",null,20.61]
[]
[null,"Código","Banco","Descrição","Tipo",null,"Und","Quant.","Valor Unit","Total"]
["Composição"," 87777 ","SINAPI","EMBOÇO OU MASSA ÚNICA EM ARGAMASSA TRAÇO 1:2:8, PREPARO MANUAL, APLICADA MANUALMENTE EM PANOS DE FACHADA COM PRESENÇA DE VÃOS, ESPESSURA DE 25 MM. AF_08/2022","REVE - REVESTIMENTO E TRATAMENTO DE SUPERFÍCIES",null,"m²",1,48.13,48.13]
["Composição Auxiliar"," 87369 ","SINAPI","ARGAMASSA TRAÇO 1:2:8 (EM VOLUME DE CIMENTO, CAL E AREIA MÉDIA ÚMIDA) PARA EMBOÇO/MASSA ÚNICA/ASSENTAMENTO DE ALVENARIA DE VEDAÇÃO, PREPARO MANUAL. AF_08/2019","SEDI - SERVIÇOS DIVERSOS",null,"m³",0.0314,682.65,21.44]
["Composição Auxiliar"," 88309 ","SINAPI","PEDREIRO COM ENCARGOS COMPLEMENTARES","SEDI - SERVIÇOS DIVERSOS",null,"H",0.679,20.68,14.04]
["Composição Auxiliar"," 88316 ","SINAPI","SERVENTE COM ENCARGOS COMPLEMENTARES","SEDI - SERVIÇOS DIVERSOS",null,"H",0.679,15.36,10.43]
["Insumo"," 00037411 ","SINAPI","TELA DE ACO SOLDADA GALVANIZADA/ZINCADA PARA ALVENARIA, FIO D = *1,24 MM, MALHA 25 X 25 MM","Material",null,"m²",0.1388,16.01,2.22]
[{"$nulls":4},"MO sem LS =>",23.67,"LS =>",0,"MO com LS =>",23.67]
[{"$nulls":4},"Valor do BDI =>",8.81,null,"Valor com BDI =>",null,56.94]
[]
[null,"Código","Banco","Descrição","Tipo",null,"Und","Quant.","Valor Unit","Total"]
["Composição"," 87531 ","SINAPI","EMBOÇO, PARA RECEBIMENTO DE CERÂMICA, EM ARGAMASSA TRAÇO 1:2:8, PREPARO MECÂNICO COM BETONEIRA 400L, APLICADO MANUALMENTE EM FACES INTERNAS DE PAREDES, PARA AMBIENTE COM ÁREA ENTRE 5M2 E 10M2, ESPESSURA DE 20MM, COM EXECUÇÃO DE TALISCAS. AF_06/2014","REVE - REVESTIMENTO E TRATAMENTO DE SUPERFÍCIES",null,"m²",1,33.5,33.5]
["Composição Auxiliar"," 87292 ","SINAPI","ARGAMASSA TRAÇO 1:2:8 (EM VOLUME DE CIMENTO, CAL E AREIA MÉDIA ÚMIDA) PARA EMBOÇO/MASSA ÚNICA/ASSENTAMENTO DE ALVENARIA DE VEDAÇÃO, PREPARO MECÂNICO COM BETONEIRA 400 L. AF_08/2019","SEDI - SERVIÇOS DIVERSOS",null,"m³",0.0376,589.91,22.18]
["Composição Auxiliar"," 88309 ","SINAPI","PEDREIRO COM ENCARGOS COMPLEMENTARES","SEDI - SERVIÇOS DIVERSOS",null,"H",0.43,20.68,8.89]
["Composição Auxiliar"," 88316 ","SINAPI","SERVENTE COM ENCARGOS COMPLEMENTARES","SEDI - SERVIÇOS DIVERSOS",null,"H",0.158,15.36,2.43]
[{"$nulls":4},"MO sem LS =>",11.19,"LS =>",0.01,"MO com LS =>",11.2]
[{"$nulls":4},"Valor do BDI =>",5.66,null,"Valor com BDI =>",null,39.16]
[]
[null,"Código","Banco","Descrição","Tipo",null,"Und","Quant.","Valor Unit","Total"]
["Composição"," 87527 ","SINAPI","EMBOÇO, PARA RECEBIMENTO DE CERÂMICA, EM ARGAMASSA TRAÇO 1:2:8, PREPARO MECÂNICO COM BETONEIRA 400L, APLICADO MANUALMENTE EM FACES INTERNAS DE PAREDES, PARA AMBIENTE COM ÁREA MENOR QUE 5M2, ESPESSURA DE 20MM, COM EXECUÇÃO DE TALISCAS. AF_06/2014","REVE - REVESTIMENTO E TRATAMENTO DE SUPERFÍCIES",null,"m²",1,37.41,37.41]
["Composição Auxiliar"," 87292 ","SINAPI","ARGAMASSA TRAÇO 1:2:8 (EM VOLUME DE CIMENTO, CAL E AREIA MÉDIA ÚMIDA) PARA EMBOÇO/MASSA ÚNICA/ASSENTAMENTO DE ALVENARIA DE VEDAÇÃO, PREPARO MECÂNICO COM BETONEIRA 400 L. AF_08/2019","SEDI - SERVIÇOS DIVERSOS",null,"m³",0.0376,589.91,22.18]
["Composição Auxiliar"," 88309 ","SINAPI","PEDREIRO COM ENCARGOS COMPLEMENTARES","SEDI - SERVIÇOS DIVERSOS",null,"H",0.58,20.68,11.99]
["Composição Auxiliar"," 88316 ","SINAPI","SERVENTE COM ENCARGOS COMPLEMENTARES","SEDI - SERVIÇOS DIVERSOS",null,"H",0.211,15.36,3.24]
[{"$nulls":4},"MO sem LS =>",14.36,"LS =>",0,"MO com LS =>",14.36]
[{"$nulls":4},"Valor do BDI =>",6.48,null,"Valor com BDI =>",null,43.89]
[]
[null,"Código","Banco","Descrição","Tipo",null,"Und","Quant.","Valor Unit","Total"]
["Composição"," 88267 ","SINAPI","ENCANADOR OU BOMBEIRO HIDRÁULICO COM ENCARGOS COMPLEMENTARES","SEDI - SERVIÇOS DIVERSOS",null,"H",1,19.94,19.94]
["Composição Auxiliar"," 95335 ","SINAPI","CURSO DE CAPACITAÇÃO PARA ENCANADOR OU BOMBEIRO HIDRÁULICO (ENCARGOS COMPLEMENTARES) - HORISTA","SEDI - SERVIÇOS DIVERSOS",null,"H",1,0.31,0.31]
["Insumo"," 00002696 ","SINAPI","ENCANADOR OU BOMBEIRO HIDRAULICO (HORISTA)","Mão de Obra",null,"H",1,16.6,16.6]
["Insumo"," 00037370 ","SINAPI","ALIMENTACAO - HORISTA (COLETADO CAIXA - ENCARGOS COMPLEMENTARES)","Outros",null,"H",1,0.01,0.01]
["Insumo"," 00037371 ","SINAPI","TRANSPORTE - HORISTA (COLETADO CAIXA - ENCARGOS COMPLEMENTARES)","Serviços",null,"H",1,0.54,0.54]
["Insumo"," 00037372 ","SINAPI","EXAMES - HORISTA (COLETADO CAIXA - ENCARGOS COMPLEMENTARES)","Outros",null,"H",1,1.14,1.14]
["Insumo"," 00037373 ","SINAPI","SEGURO - HORISTA (COLETADO CAIXA - ENCARGOS COMPLEMENTARES)","Taxas",null,"H",1,0.01,0.01]
["Insumo"," 00043461 ","SINAPI","FERRAMENTAS - FAMILIA ENCANADOR - HORISTA (ENCARGOS COMPLEMENTARES - COLETADO CAIXA)","Equipamento",null,"H",1,0.32,0.32]
["Insumo"," 00043485 ","SINAPI","EPI - FAMILIA ENCANADOR - HORISTA (ENCARGOS COMPLEMENTARES - COLETADO CAIXA)","Equipamento",null,"H",1,1.01,1.01]
[{"$nulls":4},"MO sem LS =>",16.91,"LS =>",0,"MO com LS =>",16.91]
[{"$nulls":4},"Valor do BDI =>",4.17,null,"Valor com BDI =>",null,24.11]
[]
[null,"Código","Banco","Descrição","Tipo",null,"Und","Quant.","Valor Unit","Total"]
["Composição"," 86884 ","SINAPI","ENGATE FLEXÍVEL EM PLÁSTICO BRANCO, 1/2\u0094 X 30CM - FORNECIMENTO E INSTALAÇÃO. AF_01/2020","INHI - INSTALAÇÕES HIDROS SANITÁRIAS",null,"UN",1,9.85,9.85]
["Composição Auxiliar"," 88267 ","SINAPI","ENCANADOR OU BOMBEIRO HIDRÁULICO COM ENCARGOS COMPLEMENTARES","SEDI - SERVIÇOS DIVERSOS",null,"H",0.1525,19.94,3.04]
["Composição Auxiliar"," 88316 ","SINAPI","SERVENTE COM ENCARGOS COMPLEMENTARES","SEDI - SERVIÇOS DIVERSOS",null,"H",0.0481,15.36,0.74]
["Insumo"," 00003146 ","SINAPI","FITA VEDA ROSCA EM ROLOS DE 18 MM X 10 M (L X C)","Material",null,"UN",0.021,3.6,0.08]
["Insumo"," 00006141 ","SINAPI","ENGATE/RABICHO FLEXIVEL PLASTICO (PVC OU ABS) BRANCO 1/2 \" X 30 CM","Material",null,"UN",1,5.99,5.99]
[{"$nulls":4},"MO sem LS =>",3.15,"LS =>",0,"MO com LS =>",3.15]
[{"$nulls":4},"Valor do BDI =>",1.65,null,"Valor com BDI =>",null,11.5]
[]
[null,"Código","Banco","Descrição","Tipo",null,"Und","Quant.","Valor Unit","Total"]
["Composição"," 86885 ","SINAPI","ENGATE FLEXÍVEL EM PLÁSTICO BRANCO, 1/2\u0094 X 40CM - FORNECIMENTO E INSTALAÇÃO. AF_01/2020","INHI - INSTALAÇÕES HIDROS SANITÁRIAS",null,"UN",1,11.41,11.41]
["Composição Auxiliar"," 88267 ","SINAPI","ENCANADOR OU BOMBEIRO HIDRÁULICO COM ENCARGOS COMPLEMENTARES","SEDI - SERVIÇOS DIVERSOS",null,"H",0.1525,19.94,3.04]
["Composição Auxiliar"," 88316 ","SINAPI","SERVENTE COM ENCARGOS COMPLEMENTARES","SEDI - SERVIÇOS DIVERSOS",null,"H",0.0481,15.36,0.74]
["Insumo"," 00003146 ","SINAPI","FITA VEDA ROSCA EM ROLOS DE 18 MM X 10 M (L X C)","Material",null,"UN",0.021,3.6,0.08]
["Insumo"," 00011681 ","SINAPI","ENGATE/RABICHO FLEXIVEL PLASTICO (PVC OU ABS) BRANCO 1/2 \" X 40 CM","Material",null,"UN",1,7.55,7.55]
[{"$nulls":4},"MO sem LS =>",3.15,"LS =>",0,"MO com LS =>",3.15]
[{"$nulls":4},"Valor do BDI =>",1.87,null,"Valor com BDI =>",null,13.28]
[]
[null,"Código","Banco","Descrição","Tipo",null,"Und","Quant.","Valor Unit","Total"]
["Composição"," 101489 ","SINAPI","ENTRADA DE ENERGIA ELÉTRICA, AÉREA, MONOFÁSICA, COM CAIXA DE SOBREPOR, CABO DE 10 MM2 E DISJUNTOR DIN 50A (NÃO INCLUSO O POSTE DE CONCRETO). AF_07/2020_PS","INEL - INSTALAÇÃO ELÉTRICA/ELETRIFICAÇÃO E ILUMINAÇÃO EXTERNA",null,"UN",1,1494.86,1494.86]
["Composição Auxiliar"," 100578 ","SINAPI","ASSENTAMENTO DE POSTE DE CONCRETO COM COMPRIMENTO NOMINAL DE 9 M, CARGA NOMINAL MENOR OU IGUAL A 1000 DAN, ENGASTAMENTO SIMPLES COM 1,5 M DE SOLO (NÃO INCLUI FORNECIMENTO). AF_11/2019","INEL - INSTALAÇÃO ELÉTRICA/ELETRIFICAÇÃO E ILUMINAÇÃO EXTERNA",null,"UN",1,534.97,534.97]
["Composição Auxiliar"," 88247 ","SINAPI","AUXILIAR DE ELETRICISTA COM ENCARGOS COMPLEMENTARES","SEDI - SERVIÇOS DIVERSOS",null,"H",0.3897,20.5,7.99]
["Composição Auxiliar"," 88264 ","SINAPI","ELETRICISTA COM ENCARGOS COMPLEMENTARES","SEDI - SERVIÇOS DIVERSOS",null,"H",3.5078,22.56,79.14]
["Composição Auxiliar"," 91872 ","SINAPI","ELETRODUTO RÍGIDO ROSCÁVEL, PVC, DN 32 MM (1\"), PARA CIRCUITOS TERMINAIS, INSTALADO EM PAREDE - FORNECIMENTO E INSTALAÇÃO. AF_03/2023","INEL - INSTALAÇÃO ELÉTRICA/ELETRIFICAÇÃO E ILUMINAÇÃO EXTERNA",null,"M",6.05,17.56,106.24]
["Composição Auxiliar"," 91885 ","SINAPI","LUVA PARA ELETRODUTO, PVC, ROSCÁVEL, DN 32 MM (1\"), PARA CIRCUITOS TERMINAIS, INSTALADA EM PAREDE - FORNECIMENTO E INSTALAÇÃO. AF_03/2023","INEL - INSTALAÇÃO ELÉTRICA/ELETRIFICAÇÃO E ILUMINAÇÃO EXTERNA",null,"UN",1,11.27,11.27]
["Composição Auxiliar"," 91917 ","SINAPI","CURVA 90 GRAUS PARA ELETRODUTO, PVC, ROSCÁVEL, DN 32 MM (1\"), PARA CIRCUITOS TERMINAIS, INSTALADA EM PAREDE - FORNECIMENTO E INSTALAÇÃO. AF_03/2023","INEL - INSTALAÇÃO ELÉTRICA/ELETRIFICAÇÃO E ILUMINAÇÃO EXTERNA",null,"UN",1,18.72,18.72]
["Composição Auxiliar"," 91919 ","SINAPI","CURVA 180 GRAUS PARA ELETRODUTO, PVC, ROSCÁVEL, DN 32 MM (1\"), PARA CIRCUITOS TERMINAIS, INSTALADA EM PAREDE - FORNECIMENTO E INSTALAÇÃO. AF_03/2023","INEL - INSTALAÇÃO ELÉTRICA/ELETRIFICAÇÃO E ILUMINAÇÃO EXTERNA",null,"UN",1,20.93,20.93]
["Composição Auxiliar"," 91933 ","SINAPI","CABO DE COBRE FLEXÍVEL ISOLADO, 10 MM², ANTI-CHAMA 0,6/1,0 KV, PARA CIRCUITOS TERMINAIS - FORNECIMENTO E INSTALAÇÃO. AF_03/2023","INEL - INSTALAÇÃO ELÉTRICA/ELETRIFICAÇÃO E ILUMINAÇÃO EXTERNA",null,"M",11,17.78,195.58]
["Composição Auxiliar"," 93659 ","SINAPI","DISJUNTOR MONOPOLAR TIPO DIN, CORRENTE NOMINAL DE 50A - FORNECIMENTO E INSTALAÇÃO. AF_10/2020","INEL - INSTALAÇÃO ELÉTRICA/ELETRIFICAÇÃO E ILUMINAÇÃO EXTERNA",null,"UN",1,25.76,25.76]
["Composição Auxiliar"," 96977 ","SINAPI","CORDOALHA DE COBRE NU 50 MM², ENTERRADA - FORNECIMENTO E INSTALAÇÃO. AF_08/2023","INEL - INSTALAÇÃO ELÉTRICA/ELETRIFICAÇÃO E ILUMINAÇÃO EXTERNA",null,"M",1.95,67.38,131.39]
["Composição Auxiliar"," 96986 ","SINAPI","HASTE DE ATERRAMENTO, DIÂMETRO 3/4\", COM 3 METROS - FORNECIMENTO E INSTALAÇÃO. AF_08/2023","INEL - INSTALAÇÃO ELÉTRICA/ELETRIFICAÇÃO E ILUMINAÇÃO EXTERNA",null,"UN",1,134.57,134.57]
["Insumo"," 00001094 ","SINAPI","ARMACAO VERTICAL COM HASTE E CONTRA-PINO, EM CHAPA DE ACO GALVANIZADO 3/16\", COM 1 ESTRIBO, SEM ISOLADOR","Material",null,"UN",1,17.57,17.57]
["Insumo"," 00003398 ","SINAPI","ISOLADOR DE PORCELANA, TIPO ROLDANA, DIMENSOES DE *72* X *72* MM, PARA USO EM BAIXA TENSAO","Material",null,"UN",1,5.92,5.92]
["Insumo"," 00004346 ","SINAPI","PARAFUSO DE FERRO POLIDO, SEXTAVADO, COM ROSCA PARCIAL, DIAMETRO 5/8\", COMPRIMENTO 6\", COM PORCA E ARRUELA DE PRESSAO MEDIA","Material",null,"UN",3,9.79,29.37]
["Insumo"," 00011267 ","SINAPI","ARRUELA LISA, REDONDA, DE LATAO POLIDO, DIAMETRO NOMINAL 5/8\", DIAMETRO EXTERNO = 34 MM, DIAMETRO DO FURO = 17 MM, ESPESSURA = *2,5* MM","Material",null,"UN",2,1.56,3.12]
["Insumo"," 00011864 ","SINAPI","CONECTOR METALICO TIPO PARAFUSO FENDIDO (SPLIT BOLT), PARA CABOS ATE 95 MM2","Material",null,"UN",1,44.14,44.14]
["Insumo"," 00011950 ","SINAPI","BUCHA DE NYLON SEM ABA S6, COM PARAFUSO DE 4,20 X 40 MM EM ACO ZINCADO COM ROSCA SOBERBA, CABECA CHATA E FENDA PHILLIPS","Material",null,"UN",4,0.2,0.8]
["Insumo"," 00014153 ","SINAPI","FITA METALICA PERFURADA, L = *18* MM, ROLO DE 30 M, CARGA RECOMENDADA = *30* KGF","Material",null,"UN",0.06,53.3,3.2]
["Insumo"," 00034643 ","SINAPI","CAIXA DE INSPECAO PARA ATERRAMENTO E PARA RAIOS, EM POLIPROPILENO,  DIAMETRO = 300 MM X ALTURA = 400 MM","Material",null,"UN",1,46.66,46.66]
["Insumo"," 00039808 ","SINAPI","CAIXA PARA MEDIDOR MONOFASICO, EM POLICARBONATO / TERMOPLASTICO, PARA ALOJAR 1 DISJUNTOR (PADRAO DA CONCESSIONARIA LOCAL)","Material",null,"UN",1,76.16,76.16]
["Insumo"," 00039996 ","SINAPI","VERGALHAO ZINCADO ROSCA TOTAL, 1/4 \" (6,3 MM)","Material",null,"M",0.1664,4.68,0.78]
["Insumo"," 00039997 ","SINAPI","PORCA ZINCADA, SEXTAVADA, DIAMETRO 1/4\"","Material",null,"UN",2,0.29,0.58]
[{"$nulls":4},"MO sem LS =>",296.87,"LS =>",0.04,"MO com LS =>",296.91]
[{"$nulls":4},"Valor do BDI =>",236.14,null,"Valor com BDI =>",null,1731]
[]
[null,"Código","Banco","Descrição","Tipo",null,"Und","Quant.","Valor Unit","Total"]
["Composição"," 93358 ","SINAPI","ESCAVAÇÃO MANUAL DE VALA COM PROFUNDIDADE MENOR OU IGUAL A 1,30 M. AF_02/2021","MOVT - MOVIMENTO DE TERRA",null,"m³",1,60.76,60.76]
["Composição Auxiliar"," 88316 ","SINAPI","SERVENTE COM ENCARGOS COMPLEMENTARES","SEDI - SERVIÇOS DIVERSOS",null,"H",3.956,15.36,60.76]
[{"$nulls":4},"MO sem LS =>",46.76,"LS =>",0,"MO com LS =>",46.76]
[{"$nulls":4},"Valor do BDI =>",12.66,null,"Valor com BDI =>",null,73.42]
[]
[null,"Código","Banco","Descrição","Tipo",null,"Und","Quant.","Valor Unit","Total"]
["Composição"," 93582 ","SINAPI","EXECUÇÃO DE CENTRAL DE ARMADURA EM CANTEIRO DE OBRA, NÃO INCLUSO MOBILIÁRIO E EQUIPAMENTOS. AF_04/2016","CANT - CANTEIRO DE OBRAS",null,"m²",1,256.03,256.03]
["Composição Auxiliar"," 101876 ","SINAPI","QUADRO DE DISTRIBUIÇÃO DE ENERGIA EM PVC, DE EMBUTIR, SEM BARRAMENTO, PARA 6 DISJUNTORES - FORNECIMENTO E INSTALAÇÃO. AF_10/2020","INEL - INSTALAÇÃO ELÉTRICA/ELETRIFICAÇÃO E ILUMINAÇÃO EXTERNA",null,"UN",0.0166,73.65,1.22]
["Composição Auxiliar"," 101891 ","SINAPI","DISJUNTOR MONOPOLAR TIPO NEMA, CORRENTE NOMINAL DE 35 ATÉ 50A - FORNECIMENTO E INSTALAÇÃO. AF_10/2020","INEL - INSTALAÇÃO ELÉTRICA/ELETRIFICAÇÃO E ILUMINAÇÃO EXTERNA",null,"UN",0.0828,29.93,2.48]
["Composição Auxiliar"," 88489 ","SINAPI","PINTURA LÁTEX ACRÍLICA PREMIUM, APLICAÇÃO MANUAL EM PAREDES, DUAS DEMÃOS. AF_04/2023","PINT - PINTURAS",null,"m²",0.4837,8.44,4.08]
["Composição Auxiliar"," 91170 ","SINAPI","FIXAÇÃO DE TUBOS HORIZONTAIS DE PVC, CPVC OU COBRE DIÂMETROS MENORES OU IGUAIS A 40 MM OU ELETROCALHAS ATÉ 150MM DE LARGURA, COM ABRAÇADEIRA METÁLICA RÍGIDA TIPO D 1/2\u0094, FIXADA EM PERFILADO EM LAJE. AF_05/2015","INHI - INSTALAÇÕES HIDROS SANITÁRIAS",null,"M",0.2219,10.08,2.24]
["Composição Auxiliar"," 91862 ","SINAPI","ELETRODUTO RÍGIDO ROSCÁVEL, PVC, DN 20 MM (1/2\"), PARA CIRCUITOS TERMINAIS, INSTALADO EM FORRO - FORNECIMENTO E INSTALAÇÃO. AF_03/2023","INEL - INSTALAÇÃO ELÉTRICA/ELETRIFICAÇÃO E ILUMINAÇÃO EXTERNA",null,"M",0.3397,9.19,3.12]
["Composição Auxiliar"," 91870 ","SINAPI","ELETRODUTO RÍGIDO ROSCÁVEL, PVC, DN 20 MM (1/2\"), PARA CIRCUITOS TERMINAIS, INSTALADO EM PAREDE - FORNECIMENTO E INSTALAÇÃO. AF_03/2023","INEL - INSTALAÇÃO ELÉTRICA/ELETRIFICAÇÃO E ILUMINAÇÃO EXTERNA",null,"M",0.2219,11.69,2.59]
["Composição Auxiliar"," 91924 ","SINAPI","CABO DE COBRE FLEXÍVEL ISOLADO, 1,5 MM², ANTI-CHAMA 450/750 V, PARA CIRCUITOS TERMINAIS - FORNECIMENTO E INSTALAÇÃO. AF_03/2023","INEL - INSTALAÇÃO ELÉTRICA/ELETRIFICAÇÃO E ILUMINAÇÃO EXTERNA",null,"M",0.9334,3.19,2.98]
["Composição Auxiliar"," 91926 ","SINAPI","CABO DE COBRE FLEXÍVEL ISOLADO, 2,5 MM², ANTI-CHAMA 450/750 V, PARA CIRCUITOS TERMINAIS - FORNECIMENTO E INSTALAÇÃO. AF_03/2023","INEL - INSTALAÇÃO ELÉTRICA/ELETRIFICAÇÃO E ILUMINAÇÃO EXTERNA",null,"M",0.9472,4.67,4.42]
["Composição Auxiliar"," 91959 ","SINAPI","INTERRUPTOR SIMPLES (2 MÓDULOS), 10A/250V, INCLUINDO SUPORTE E PLACA - FORNECIMENTO E INSTALAÇÃO. AF_03/2023","INEL - INSTALAÇÃO ELÉTRICA/ELETRIFICAÇÃO E ILUMINAÇÃO EXTERNA",null,"UN",0.0166,44.79,0.74]
["Composição Auxiliar"," 92000 ","SINAPI","TOMADA BAIXA DE EMBUTIR (1 MÓDULO), 2P+T 10 A, INCLUINDO SUPORTE E PLACA - FORNECIMENTO E INSTALAÇÃO. AF_03/2023","INEL - INSTALAÇÃO ELÉTRICA/ELETRIFICAÇÃO E ILUMINAÇÃO EXTERNA",null,"UN",0.0331,30.73,1.02]
["Composição Auxiliar"," 92001 ","SINAPI","TOMADA BAIXA DE EMBUTIR (1 MÓDULO), 2P+T 20 A, INCLUINDO SUPORTE E PLACA - FORNECIMENTO E INSTALAÇÃO. AF_03/2023","INEL - INSTALAÇÃO ELÉTRICA/ELETRIFICAÇÃO E ILUMINAÇÃO EXTERNA",null,"UN",0.0331,33.37,1.1]
["Composição Auxiliar"," 92543 ","SINAPI","TRAMA DE MADEIRA COMPOSTA POR TERÇAS PARA TELHADOS DE ATÉ 2 ÁGUAS PARA TELHA ONDULADA DE FIBROCIMENTO, METÁLICA, PLÁSTICA OU TERMOACÚSTICA, INCLUSO TRANSPORTE VERTICAL. AF_07/2019","COBE - COBERTURA",null,"m²",1.2467,14.55,18.14]
["Composição Auxiliar"," 92981 ","SINAPI","CABO DE COBRE FLEXÍVEL ISOLADO, 16 MM², ANTI-CHAMA 450/750 V, PARA DISTRIBUIÇÃO - FORNECIMENTO E INSTALAÇÃO. AF_12/2015","INEL - INSTALAÇÃO ELÉTRICA/ELETRIFICAÇÃO E ILUMINAÇÃO EXTERNA",null,"M",0.1656,18.49,3.06]
["Composição Auxiliar"," 93358 ","SINAPI","ESCAVAÇÃO MANUAL DE VALA COM PROFUNDIDADE MENOR OU IGUAL A 1,30 M. AF_02/2021","MOVT - MOVIMENTO DE TERRA",null,"m³",0.0013,60.76,0.08]
["Composição Auxiliar"," 94210 ","SINAPI","TELHAMENTO COM TELHA ONDULADA DE FIBROCIMENTO E = 6 MM, COM RECOBRIMENTO LATERAL DE 1 1/4 DE ONDA PARA TELHADO COM INCLINAÇÃO MÁXIMA DE 10°, COM ATÉ 2 ÁGUAS, INCLUSO IÇAMENTO. AF_07/2019","COBE - COBERTURA",null,"m²",1.2467,46.32,57.75]
["Composição Auxiliar"," 95241 ","SINAPI","LASTRO DE CONCRETO MAGRO, APLICADO EM PISOS, LAJES SOBRE SOLO OU RADIERS, ESPESSURA DE 5 CM. AF_07/2016","FUES - FUNDAÇÕES E ESTRUTURAS",null,"m²",1.2467,36.84,45.93]
["Composição Auxiliar"," 95805 ","SINAPI","CONDULETE DE PVC, TIPO B, PARA ELETRODUTO DE PVC SOLDÁVEL DN 25 MM (3/4''), APARENTE - FORNECIMENTO E INSTALAÇÃO. AF_10/2022","INEL - INSTALAÇÃO ELÉTRICA/ELETRIFICAÇÃO E ILUMINAÇÃO EXTERNA",null,"UN",0.0662,21.74,1.44]
["Composição Auxiliar"," 96985 ","SINAPI","HASTE DE ATERRAMENTO, DIÂMETRO 5/8\", COM 3 METROS - FORNECIMENTO E INSTALAÇÃO. AF_08/2023","INEL - INSTALAÇÃO ELÉTRICA/ELETRIFICAÇÃO E ILUMINAÇÃO EXTERNA",null,"UN",0.0331,90.34,2.99]
["Composição Auxiliar"," 97586 ","SINAPI","LUMINÁRIA TIPO CALHA, DE SOBREPOR, COM 2 LÂMPADAS TUBULARES FLUORESCENTES DE 36 W, COM REATOR DE PARTIDA RÁPIDA - FORNECIMENTO E INSTALAÇÃO. AF_02/2020","INEL - INSTALAÇÃO ELÉTRICA/ELETRIFICAÇÃO E ILUMINAÇÃO EXTERNA",null,"UN",0.1325,156.8,20.78]
["Composição Auxiliar"," 97886 ","SINAPI","CAIXA ENTERRADA ELÉTRICA RETANGULAR, EM ALVENARIA COM TIJOLOS CERÂMICOS MACIÇOS, FUNDO COM BRITA, DIMENSÕES INTERNAS: 0,3X0,3X0,3 M. AF_12/2020","INEL - INSTALAÇÃO ELÉTRICA/ELETRIFICAÇÃO E ILUMINAÇÃO EXTERNA",null,"UN",0.0331,165.35,5.47]
["Composição Auxiliar"," 98441 ","SINAPI","PAREDE DE MADEIRA COMPENSADA PARA CONSTRUÇÃO TEMPORÁRIA EM CHAPA SIMPLES, EXTERNA, COM ÁREA LÍQUIDA MAIOR OU IGUAL A 6 M², SEM VÃO. AF_05/2018","CANT - CANTEIRO DE OBRAS",null,"m²",0.0981,110.16,10.81]
["Composição Auxiliar"," 98442 ","SINAPI","PAREDE DE MADEIRA COMPENSADA PARA CONSTRUÇÃO TEMPORÁRIA EM CHAPA SIMPLES, EXTERNA, COM ÁREA LÍQUIDA MENOR QUE 6 M², SEM VÃO. AF_05/2018","CANT - CANTEIRO DE OBRAS",null,"m²",0.1129,112.69,12.72]
["Composição Auxiliar"," 98445 ","SINAPI","PAREDE DE MADEIRA COMPENSADA PARA CONSTRUÇÃO TEMPORÁRIA EM CHAPA SIMPLES, EXTERNA, COM ÁREA LÍQUIDA MAIOR OU IGUAL A 6 M², COM VÃO. AF_05/2018","CANT - CANTEIRO DE OBRAS",null,"m²",0.1532,130.46,19.99]
["Composição Auxiliar"," 98446 ","SINAPI","PAREDE DE MADEIRA COMPENSADA PARA CONSTRUÇÃO TEMPORÁRIA EM CHAPA SIMPLES, EXTERNA, COM ÁREA LÍQUIDA MENOR QUE 6 M², COM VÃO. AF_05/2018","CANT - CANTEIRO DE OBRAS",null,"m²",0.1195,165.23,19.74]
["Insumo"," 00010886 ","SINAPI","EXTINTOR DE INCENDIO PORTATIL COM CARGA DE AGUA PRESSURIZADA DE 10 L, CLASSE A","Material",null,"UN",0.0166,341.25,5.66]
["Insumo"," 00010891 ","SINAPI","EXTINTOR DE INCENDIO PORTATIL COM CARGA DE PO QUIMICO SECO (PQS) DE 4 KG, CLASSE BC","Material",null,"UN",0.0166,329.99,5.48]
[{"$nulls":4},"MO sem LS =>",44.04,"LS =>",0.03,"MO com LS =>",44.07]
[{"$nulls":4},"Valor do BDI =>",39.95,null,"Valor com BDI =>",null,295.98]
[]
[null,"Código","Banco","Descrição","Tipo",null,"Und","Quant.","Valor Unit","Total"]
["Composição"," 93584 ","SINAPI","EXECUÇÃO DE DEPÓSITO EM CANTEIRO DE OBRA EM CHAPA DE MADEIRA COMPENSADA, NÃO INCLUSO MOBILIÁRIO. AF_04/2016","CANT - CANTEIRO DE OBRAS",null,"m²",1,747.52,747.52]
["Composição Auxiliar"," 101165 ","SINAPI","ALVENARIA DE EMBASAMENTO COM BLOCO ESTRUTURAL DE CONCRETO, DE 14X19X29CM E ARGAMASSA DE ASSENTAMENTO COM PREPARO EM BETONEIRA. AF_05/2020","FUES - FUNDAÇÕES E ESTRUTURAS",null,"m³",0.0417,889.85,37.11]
["Composição Auxiliar"," 88489 ","SINAPI","PINTURA LÁTEX ACRÍLICA PREMIUM, APLICAÇÃO MANUAL EM PAREDES, DUAS DEMÃOS. AF_04/2023","PINT - PINTURAS",null,"m²",5.0649,8.44,42.75]
["Composição Auxiliar"," 91170 ","SINAPI","FIXAÇÃO DE TUBOS HORIZONTAIS DE PVC, CPVC OU COBRE DIÂMETROS MENORES OU IGUAIS A 40 MM OU ELETROCALHAS ATÉ 150MM DE LARGURA, COM ABRAÇADEIRA METÁLICA RÍGIDA TIPO D 1/2\u0094, FIXADA EM PERFILADO EM LAJE. AF_05/2015","INHI - INSTALAÇÕES HIDROS SANITÁRIAS",null,"M",0.1325,10.08,1.34]
["Composição Auxiliar"," 91173 ","SINAPI","FIXAÇÃO DE TUBOS VERTICAIS DE PPR DIÂMETROS MENORES OU IGUAIS A 40 MM COM ABRAÇADEIRA METÁLICA RÍGIDA TIPO D 1/2\", FIXADA EM PERFILADO EM ALVENARIA. AF_05/2015","INHI - INSTALAÇÕES HIDROS SANITÁRIAS",null,"M",0.1722,3.75,0.65]
["Composição Auxiliar"," 91341 ","SINAPI","PORTA EM ALUMÍNIO DE ABRIR TIPO VENEZIANA COM GUARNIÇÃO, FIXAÇÃO COM PARAFUSOS - FORNECIMENTO E INSTALAÇÃO. AF_12/2019","ESQV - ESQUADRIAS/FERRAGENS/VIDROS",null,"m²",0.153,695.85,106.47]
["Composição Auxiliar"," 91852 ","SINAPI","ELETRODUTO FLEXÍVEL CORRUGADO, PVC, DN 20 MM (1/2\"), PARA CIRCUITOS TERMINAIS, INSTALADO EM PAREDE - FORNECIMENTO E INSTALAÇÃO. AF_03/2023","INEL - INSTALAÇÃO ELÉTRICA/ELETRIFICAÇÃO E ILUMINAÇÃO EXTERNA",null,"M",0.0662,8.16,0.54]
["Composição Auxiliar"," 91862 ","SINAPI","ELETRODUTO RÍGIDO ROSCÁVEL, PVC, DN 20 MM (1/2\"), PARA CIRCUITOS TERMINAIS, INSTALADO EM FORRO - FORNECIMENTO E INSTALAÇÃO. AF_03/2023","INEL - INSTALAÇÃO ELÉTRICA/ELETRIFICAÇÃO E ILUMINAÇÃO EXTERNA",null,"M",0.1325,9.19,1.22]
["Composição Auxiliar"," 91870 ","SINAPI","ELETRODUTO RÍGIDO ROSCÁVEL, PVC, DN 20 MM (1/2\"), PARA CIRCUITOS TERMINAIS, INSTALADO EM PAREDE - FORNECIMENTO E INSTALAÇÃO. AF_03/2023","INEL - INSTALAÇÃO ELÉTRICA/ELETRIFICAÇÃO E ILUMINAÇÃO EXTERNA",null,"M",0.1722,11.69,2.01]
["Composição Auxiliar"," 91924 ","SINAPI","CABO DE COBRE FLEXÍVEL ISOLADO, 1,5 MM², ANTI-CHAMA 450/750 V, PARA CIRCUITOS TERMINAIS - FORNECIMENTO E INSTALAÇÃO. AF_03/2023","INEL - INSTALAÇÃO ELÉTRICA/ELETRIFICAÇÃO E ILUMINAÇÃO EXTERNA",null,"M",0.6755,3.19,2.15]
["Composição Auxiliar"," 92023 ","SINAPI","INTERRUPTOR SIMPLES (1 MÓDULO) COM 1 TOMADA DE EMBUTIR 2P+T 10 A, INCLUINDO SUPORTE E PLACA - FORNECIMENTO E INSTALAÇÃO. AF_03/2023","INEL - INSTALAÇÃO ELÉTRICA/ELETRIFICAÇÃO E ILUMINAÇÃO EXTERNA",null,"UN",0.0662,49.54,3.28]
["Composição Auxiliar"," 92543 ","SINAPI","TRAMA DE MADEIRA COMPOSTA POR TERÇAS PARA TELHADOS DE ATÉ 2 ÁGUAS PARA TELHA ONDULADA DE FIBROCIMENTO, METÁLICA, PLÁSTICA OU TERMOACÚSTICA, INCLUSO TRANSPORTE VERTICAL. AF_07/2019","COBE - COBERTURA",null,"m²",1.7192,14.55,25.01]
["Composição Auxiliar"," 93358 ","SINAPI","ESCAVAÇÃO MANUAL DE VALA COM PROFUNDIDADE MENOR OU IGUAL A 1,30 M. AF_02/2021","MOVT - MOVIMENTO DE TERRA",null,"m³",0.0404,60.76,2.45]
["Composição Auxiliar"," 93382 ","SINAPI","REATERRO MANUAL DE VALAS, COM COMPACTADOR DE SOLOS DE PERCUSSÃO. AF_08/2023","MOVT - MOVIMENTO DE TERRA",null,"m³",0.0106,18.84,0.2]
["Composição Auxiliar"," 94210 ","SINAPI","TELHAMENTO COM TELHA ONDULADA DE FIBROCIMENTO E = 6 MM, COM RECOBRIMENTO LATERAL DE 1 1/4 DE ONDA PARA TELHADO COM INCLINAÇÃO MÁXIMA DE 10°, COM ATÉ 2 ÁGUAS, INCLUSO IÇAMENTO. AF_07/2019","COBE - COBERTURA",null,"m²",1.7192,46.32,79.63]
["Composição Auxiliar"," 94559 ","SINAPI","JANELA DE AÇO TIPO BASCULANTE PARA VIDROS, COM BATENTE, FERRAGENS E PINTURA ANTICORROSIVA. EXCLUSIVE VIDROS, ACABAMENTO, ALIZAR E CONTRAMARCO. FORNECIMENTO E INSTALAÇÃO. AF_12/2019","ESQV - ESQUADRIAS/FERRAGENS/VIDROS",null,"m²",0.0662,621.44,41.14]
["Composição Auxiliar"," 95240 ","SINAPI","LASTRO DE CONCRETO MAGRO, APLICADO EM PISOS, LAJES SOBRE SOLO OU RADIERS, ESPESSURA DE 3 CM. AF_07/2016","FUES - FUNDAÇÕES E ESTRUTURAS",null,"m²",0.0093,22.1,0.21]
["Composição Auxiliar"," 95241 ","SINAPI","LASTRO DE CONCRETO MAGRO, APLICADO EM PISOS, LAJES SOBRE SOLO OU RADIERS, ESPESSURA DE 5 CM. AF_07/2016","FUES - FUNDAÇÕES E ESTRUTURAS",null,"m²",1.511,36.84,55.67]
["Composição Auxiliar"," 95805 ","SINAPI","CONDULETE DE PVC, TIPO B, PARA ELETRODUTO DE PVC SOLDÁVEL DN 25 MM (3/4''), APARENTE - FORNECIMENTO E INSTALAÇÃO. AF_10/2022","INEL - INSTALAÇÃO ELÉTRICA/ELETRIFICAÇÃO E ILUMINAÇÃO EXTERNA",null,"UN",0.1325,21.74,2.88]
["Composição Auxiliar"," 97586 ","SINAPI","LUMINÁRIA TIPO CALHA, DE SOBREPOR, COM 2 LÂMPADAS TUBULARES FLUORESCENTES DE 36 W, COM REATOR DE PARTIDA RÁPIDA - FORNECIMENTO E INSTALAÇÃO. AF_02/2020","INEL - INSTALAÇÃO ELÉTRICA/ELETRIFICAÇÃO E ILUMINAÇÃO EXTERNA",null,"UN",0.0662,156.8,10.38]
["Composição Auxiliar"," 98441 ","SINAPI","PAREDE DE MADEIRA COMPENSADA PARA CONSTRUÇÃO TEMPORÁRIA EM CHAPA SIMPLES, EXTERNA, COM ÁREA LÍQUIDA MAIOR OU IGUAL A 6 M², SEM VÃO. AF_05/2018","CANT - CANTEIRO DE OBRAS",null,"m²",0.5136,110.16,56.58]
["Composição Auxiliar"," 98442 ","SINAPI","PAREDE DE MADEIRA COMPENSADA PARA CONSTRUÇÃO TEMPORÁRIA EM CHAPA SIMPLES, EXTERNA, COM ÁREA LÍQUIDA MENOR QUE 6 M², SEM VÃO. AF_05/2018","CANT - CANTEIRO DE OBRAS",null,"m²",0.5911,112.69,66.61]
["Composição Auxiliar"," 98445 ","SINAPI","PAREDE DE MADEIRA COMPENSADA PARA CONSTRUÇÃO TEMPORÁRIA EM CHAPA SIMPLES, EXTERNA, COM ÁREA LÍQUIDA MAIOR OU IGUAL A 6 M², COM VÃO. AF_05/2018","CANT - CANTEIRO DE OBRAS",null,"m²",0.8023,130.46,104.67]
["Composição Auxiliar"," 98446 ","SINAPI","PAREDE DE MADEIRA COMPENSADA PARA CONSTRUÇÃO TEMPORÁRIA EM CHAPA SIMPLES, EXTERNA, COM ÁREA LÍQUIDA MENOR QUE 6 M², COM VÃO. AF_05/2018","CANT - CANTEIRO DE OBRAS",null,"m²",0.6255,165.23,103.35]
["Insumo"," 00011455 ","SINAPI","FERROLHO COM FECHO / TRINCO REDONDO, EM ACO GALVANIZADO / ZINCADO, DE SOBREPOR, COM COMPRIMENTO DE 8\" E ESPESSURA MINIMA DA CHAPA DE 1,50 MM","Material",null,"UN",0.0662,18.42,1.22]
[{"$nulls":4},"MO sem LS =>",132.7,"LS =>",0.01,"MO com LS =>",132.71]
[{"$nulls":4},"Valor do BDI =>",116.88,null,"Valor com BDI =>",null,864.4]
[]
[null,"Código","Banco","Descrição","Tipo",null,"Und","Quant.","Valor Unit","Total"]
["Composição"," 93210 ","SINAPI","EXECUÇÃO DE REFEITÓRIO EM CANTEIRO DE OBRA EM CHAPA DE MADEIRA COMPENSADA, NÃO INCLUSO MOBILIÁRIO E EQUIPAMENTOS. AF_02/2016","CANT - CANTEIRO DE OBRAS",null,"m²",1,532.84,532.84]
["Composição Auxiliar"," 101165 ","SINAPI","ALVENARIA DE EMBASAMENTO COM BLOCO ESTRUTURAL DE CONCRETO, DE 14X19X29CM E ARGAMASSA DE ASSENTAMENTO COM PREPARO EM BETONEIRA. AF_05/2020","FUES - FUNDAÇÕES E ESTRUTURAS",null,"m³",0.04,889.85,35.59]
["Composição Auxiliar"," 101876 ","SINAPI","QUADRO DE DISTRIBUIÇÃO DE ENERGIA EM PVC, DE EMBUTIR, SEM BARRAMENTO, PARA 6 DISJUNTORES - FORNECIMENTO E INSTALAÇÃO. AF_10/2020","INEL - INSTALAÇÃO ELÉTRICA/ELETRIFICAÇÃO E ILUMINAÇÃO EXTERNA",null,"UN",0.0268,73.65,1.97]
["Composição Auxiliar"," 101891 ","SINAPI","DISJUNTOR MONOPOLAR TIPO NEMA, CORRENTE NOMINAL DE 35 ATÉ 50A - FORNECIMENTO E INSTALAÇÃO. AF_10/2020","INEL - INSTALAÇÃO ELÉTRICA/ELETRIFICAÇÃO E ILUMINAÇÃO EXTERNA",null,"UN",0.1074,29.93,3.21]
["Composição Auxiliar"," 86934 ","SINAPI","BANCADA DE MÁRMORE SINTÉTICO 120 X 60CM, COM CUBA INTEGRADA, INCLUSO SIFÃO TIPO FLEXÍVEL EM PVC, VÁLVULA EM PLÁSTICO CROMADO TIPO AMERICANA E TORNEIRA CROMADA LONGA, DE PAREDE, PADRÃO POPULAR - FORNECIMENTO E INSTALAÇÃO. AF_01/2020","INHI - INSTALAÇÕES HIDROS SANITÁRIAS",null,"UN",0.0268,494.99,13.27]
["Composição Auxiliar"," 86943 ","SINAPI","LAVATÓRIO LOUÇA BRANCA SUSPENSO, 29,5 X 39CM OU EQUIVALENTE, PADRÃO POPULAR, INCLUSO SIFÃO FLEXÍVEL EM PVC, VÁLVULA E ENGATE FLEXÍVEL 30CM EM PLÁSTICO E TORNEIRA CROMADA DE MESA, PADRÃO POPULAR - FORNECIMENTO E INSTALAÇÃO. AF_01/2020","INHI - INSTALAÇÕES HIDROS SANITÁRIAS",null,"UN",0.0268,280.39,7.51]
["Composição Auxiliar"," 88262 ","SINAPI","CARPINTEIRO DE FORMAS COM ENCARGOS COMPLEMENTARES","SEDI - SERVIÇOS DIVERSOS",null,"H",1.1155,20.33,22.68]
["Composição Auxiliar"," 88489 ","SINAPI","PINTURA LÁTEX ACRÍLICA PREMIUM, APLICAÇÃO MANUAL EM PAREDES, DUAS DEMÃOS. AF_04/2023","PINT - PINTURAS",null,"m²",1.4293,8.44,12.06]
["Composição Auxiliar"," 89711 ","SINAPI","TUBO PVC, SERIE NORMAL, ESGOTO PREDIAL, DN 40 MM, FORNECIDO E INSTALADO EM RAMAL DE DESCARGA OU RAMAL DE ESGOTO SANITÁRIO. AF_08/2022","INHI - INSTALAÇÕES HIDROS SANITÁRIAS",null,"M",0.0886,17.54,1.55]
["Composição Auxiliar"," 89714 ","SINAPI","TUBO PVC, SERIE NORMAL, ESGOTO PREDIAL, DN 100 MM, FORNECIDO E INSTALADO EM RAMAL DE DESCARGA OU RAMAL DE ESGOTO SANITÁRIO. AF_08/2022","INHI - INSTALAÇÕES HIDROS SANITÁRIAS",null,"M",0.1423,31.88,4.54]
["Composição Auxiliar"," 89724 ","SINAPI","JOELHO 90 GRAUS, PVC, SERIE NORMAL, ESGOTO PREDIAL, DN 40 MM, JUNTA SOLDÁVEL, FORNECIDO E INSTALADO EM RAMAL DE DESCARGA OU RAMAL DE ESGOTO SANITÁRIO. AF_08/2022","INHI - INSTALAÇÕES HIDROS SANITÁRIAS",null,"UN",0.0537,8.37,0.45]
["Composição Auxiliar"," 89957 ","SINAPI","PONTO DE CONSUMO TERMINAL DE ÁGUA FRIA (SUBRAMAL) COM TUBULAÇÃO DE PVC, DN 25 MM, INSTALADO EM RAMAL DE ÁGUA, INCLUSOS RASGO E CHUMBAMENTO EM ALVENARIA. AF_12/2014","INHI - INSTALAÇÕES HIDROS SANITÁRIAS",null,"UN",0.0537,110.35,5.93]
["Composição Auxiliar"," 90822 ","SINAPI","PORTA DE MADEIRA PARA PINTURA, SEMI-OCA (LEVE OU MÉDIA), 80X210CM, ESPESSURA DE 3,5CM, INCLUSO DOBRADIÇAS - FORNECIMENTO E INSTALAÇÃO. AF_12/2019","ESQV - ESQUADRIAS/FERRAGENS/VIDROS",null,"UN",0.0268,340.71,9.13]
["Composição Auxiliar"," 91170 ","SINAPI","FIXAÇÃO DE TUBOS HORIZONTAIS DE PVC, CPVC OU COBRE DIÂMETROS MENORES OU IGUAIS A 40 MM OU ELETROCALHAS ATÉ 150MM DE LARGURA, COM ABRAÇADEIRA METÁLICA RÍGIDA TIPO D 1/2\u0094, FIXADA EM PERFILADO EM LAJE. AF_05/2015","INHI - INSTALAÇÕES HIDROS SANITÁRIAS",null,"M",0.3221,10.08,3.25]
["Composição Auxiliar"," 91173 ","SINAPI","FIXAÇÃO DE TUBOS VERTICAIS DE PPR DIÂMETROS MENORES OU IGUAIS A 40 MM COM ABRAÇADEIRA METÁLICA RÍGIDA TIPO D 1/2\", FIXADA EM PERFILADO EM ALVENARIA. AF_05/2015","INHI - INSTALAÇÕES HIDROS SANITÁRIAS",null,"M",0.5369,3.75,2.01]
["Composição Auxiliar"," 91862 ","SINAPI","ELETRODUTO RÍGIDO ROSCÁVEL, PVC, DN 20 MM (1/2\"), PARA CIRCUITOS TERMINAIS, INSTALADO EM FORRO - FORNECIMENTO E INSTALAÇÃO. AF_03/2023","INEL - INSTALAÇÃO ELÉTRICA/ELETRIFICAÇÃO E ILUMINAÇÃO EXTERNA",null,"M",0.3221,9.19,2.96]
["Composição Auxiliar"," 91870 ","SINAPI","ELETRODUTO RÍGIDO ROSCÁVEL, PVC, DN 20 MM (1/2\"), PARA CIRCUITOS TERMINAIS, INSTALADO EM PAREDE - FORNECIMENTO E INSTALAÇÃO. AF_03/2023","INEL - INSTALAÇÃO ELÉTRICA/ELETRIFICAÇÃO E ILUMINAÇÃO EXTERNA",null,"M",0.5369,11.69,6.28]
["Composição Auxiliar"," 91911 ","SINAPI","CURVA 90 GRAUS PARA ELETRODUTO, PVC, ROSCÁVEL, DN 20 MM (1/2\"), PARA CIRCUITOS TERMINAIS, INSTALADA EM PAREDE - FORNECIMENTO E INSTALAÇÃO. AF_03/2023","INEL - INSTALAÇÃO ELÉTRICA/ELETRIFICAÇÃO E ILUMINAÇÃO EXTERNA",null,"UN",0.1074,14.72,1.58]
["Composição Auxiliar"," 91924 ","SINAPI","CABO DE COBRE FLEXÍVEL ISOLADO, 1,5 MM², ANTI-CHAMA 450/750 V, PARA CIRCUITOS TERMINAIS - FORNECIMENTO E INSTALAÇÃO. AF_03/2023","INEL - INSTALAÇÃO ELÉTRICA/ELETRIFICAÇÃO E ILUMINAÇÃO EXTERNA",null,"M",0.8591,3.19,2.74]
["Composição Auxiliar"," 91926 ","SINAPI","CABO DE COBRE FLEXÍVEL ISOLADO, 2,5 MM², ANTI-CHAMA 450/750 V, PARA CIRCUITOS TERMINAIS - FORNECIMENTO E INSTALAÇÃO. AF_03/2023","INEL - INSTALAÇÃO ELÉTRICA/ELETRIFICAÇÃO E ILUMINAÇÃO EXTERNA",null,"M",2.5503,4.67,11.91]
["Composição Auxiliar"," 91937 ","SINAPI","CAIXA OCTOGONAL 3\" X 3\", PVC, INSTALADA EM LAJE - FORNECIMENTO E INSTALAÇÃO. AF_03/2023","INEL - INSTALAÇÃO ELÉTRICA/ELETRIFICAÇÃO E ILUMINAÇÃO EXTERNA",null,"UN",0.1611,14.25,2.3]
["Composição Auxiliar"," 92000 ","SINAPI","TOMADA BAIXA DE EMBUTIR (1 MÓDULO), 2P+T 10 A, INCLUINDO SUPORTE E PLACA - FORNECIMENTO E INSTALAÇÃO. AF_03/2023","INEL - INSTALAÇÃO ELÉTRICA/ELETRIFICAÇÃO E ILUMINAÇÃO EXTERNA",null,"UN",0.0268,30.73,0.82]
["Composição Auxiliar"," 92008 ","SINAPI","TOMADA BAIXA DE EMBUTIR (2 MÓDULOS), 2P+T 10 A, INCLUINDO SUPORTE E PLACA - FORNECIMENTO E INSTALAÇÃO. AF_03/2023","INEL - INSTALAÇÃO ELÉTRICA/ELETRIFICAÇÃO E ILUMINAÇÃO EXTERNA",null,"UN",0.1342,47.89,6.43]
["Composição Auxiliar"," 92023 ","SINAPI","INTERRUPTOR SIMPLES (1 MÓDULO) COM 1 TOMADA DE EMBUTIR 2P+T 10 A, INCLUINDO SUPORTE E PLACA - FORNECIMENTO E INSTALAÇÃO. AF_03/2023","INEL - INSTALAÇÃO ELÉTRICA/ELETRIFICAÇÃO E ILUMINAÇÃO EXTERNA",null,"UN",0.0268,49.54,1.33]
["Composição Auxiliar"," 92543 ","SINAPI","TRAMA DE MADEIRA COMPOSTA POR TERÇAS PARA TELHADOS DE ATÉ 2 ÁGUAS PARA TELHA ONDULADA DE FIBROCIMENTO, METÁLICA, PLÁSTICA OU TERMOACÚSTICA, INCLUSO TRANSPORTE VERTICAL. AF_07/2019","COBE - COBERTURA",null,"m²",1.451,14.55,21.11]
["Composição Auxiliar"," 93358 ","SINAPI","ESCAVAÇÃO MANUAL DE VALA COM PROFUNDIDADE MENOR OU IGUAL A 1,30 M. AF_02/2021","MOVT - MOVIMENTO DE TERRA",null,"m³",0.039,60.76,2.37]
["Composição Auxiliar"," 93382 ","SINAPI","REATERRO MANUAL DE VALAS, COM COMPACTADOR DE SOLOS DE PERCUSSÃO. AF_08/2023","MOVT - MOVIMENTO DE TERRA",null,"m³",0.01,18.84,0.19]
["Composição Auxiliar"," 94210 ","SINAPI","TELHAMENTO COM TELHA ONDULADA DE FIBROCIMENTO E = 6 MM, COM RECOBRIMENTO LATERAL DE 1 1/4 DE ONDA PARA TELHADO COM INCLINAÇÃO MÁXIMA DE 10°, COM ATÉ 2 ÁGUAS, INCLUSO IÇAMENTO. AF_07/2019","COBE - COBERTURA",null,"m²",1.451,46.32,67.21]
["Composição Auxiliar"," 95240 ","SINAPI","LASTRO DE CONCRETO MAGRO, APLICADO EM PISOS, LAJES SOBRE SOLO OU RADIERS, ESPESSURA DE 3 CM. AF_07/2016","FUES - FUNDAÇÕES E ESTRUTURAS",null,"m²",0.009,22.1,0.2]
["Composição Auxiliar"," 95241 ","SINAPI","LASTRO DE CONCRETO MAGRO, APLICADO EM PISOS, LAJES SOBRE SOLO OU RADIERS, ESPESSURA DE 5 CM. AF_07/2016","FUES - FUNDAÇÕES E ESTRUTURAS",null,"m²",1.451,36.84,53.45]
["Composição Auxiliar"," 95805 ","SINAPI","CONDULETE DE PVC, TIPO B, PARA ELETRODUTO DE PVC SOLDÁVEL DN 25 MM (3/4''), APARENTE - FORNECIMENTO E INSTALAÇÃO. AF_10/2022","INEL - INSTALAÇÃO ELÉTRICA/ELETRIFICAÇÃO E ILUMINAÇÃO EXTERNA",null,"UN",0.1879,21.74,4.08]
["Composição Auxiliar"," 95811 ","SINAPI","CONDULETE DE PVC, TIPO LB, PARA ELETRODUTO DE PVC SOLDÁVEL DN 25 MM (3/4''), APARENTE - FORNECIMENTO E INSTALAÇÃO. AF_10/2022","INEL - INSTALAÇÃO ELÉTRICA/ELETRIFICAÇÃO E ILUMINAÇÃO EXTERNA",null,"UN",0.0268,18.9,0.51]
["Composição Auxiliar"," 97586 ","SINAPI","LUMINÁRIA TIPO CALHA, DE SOBREPOR, COM 2 LÂMPADAS TUBULARES FLUORESCENTES DE 36 W, COM REATOR DE PARTIDA RÁPIDA - FORNECIMENTO E INSTALAÇÃO. AF_02/2020","INEL - INSTALAÇÃO ELÉTRICA/ELETRIFICAÇÃO E ILUMINAÇÃO EXTERNA",null,"UN",0.1611,156.8,25.26]
["Composição Auxiliar"," 97906 ","SINAPI","CAIXA ENTERRADA HIDRÁULICA RETANGULAR, EM ALVENARIA COM BLOCOS DE CONCRETO, DIMENSÕES INTERNAS: 0,6X0,6X0,6 M PARA REDE DE ESGOTO. AF_12/2020","INHI - INSTALAÇÕES HIDROS SANITÁRIAS",null,"UN",0.0268,425.52,11.4]
["Composição Auxiliar"," 98102 ","SINAPI","CAIXA DE GORDURA SIMPLES, CIRCULAR, EM CONCRETO PRÉ-MOLDADO, DIÂMETRO INTERNO = 0,4 M, ALTURA INTERNA = 0,4 M. AF_12/2020","INHI - INSTALAÇÕES HIDROS SANITÁRIAS",null,"UN",0.0268,176.2,4.72]
["Composição Auxiliar"," 98441 ","SINAPI","PAREDE DE MADEIRA COMPENSADA PARA CONSTRUÇÃO TEMPORÁRIA EM CHAPA SIMPLES, EXTERNA, COM ÁREA LÍQUIDA MAIOR OU IGUAL A 6 M², SEM VÃO. AF_05/2018","CANT - CANTEIRO DE OBRAS",null,"m²",0.1449,110.16,15.96]
["Composição Auxiliar"," 98442 ","SINAPI","PAREDE DE MADEIRA COMPENSADA PARA CONSTRUÇÃO TEMPORÁRIA EM CHAPA SIMPLES, EXTERNA, COM ÁREA LÍQUIDA MENOR QUE 6 M², SEM VÃO. AF_05/2018","CANT - CANTEIRO DE OBRAS",null,"m²",0.1668,112.69,18.8]
["Composição Auxiliar"," 98445 ","SINAPI","PAREDE DE MADEIRA COMPENSADA PARA CONSTRUÇÃO TEMPORÁRIA EM CHAPA SIMPLES, EXTERNA, COM ÁREA LÍQUIDA MAIOR OU IGUAL A 6 M², COM VÃO. AF_05/2018","CANT - CANTEIRO DE OBRAS",null,"m²",0.2264,130.46,29.54]
["Composição Auxiliar"," 98446 ","SINAPI","PAREDE DE MADEIRA COMPENSADA PARA CONSTRUÇÃO TEMPORÁRIA EM CHAPA SIMPLES, EXTERNA, COM ÁREA LÍQUIDA MENOR QUE 6 M², COM VÃO. AF_05/2018","CANT - CANTEIRO DE OBRAS",null,"m²",0.1765,165.23,29.16]
["Insumo"," 00003080 ","SINAPI","FECHADURA ESPELHO PARA PORTA EXTERNA, EM ACO INOX (MAQUINA, TESTA E CONTRA-TESTA) E EM ZAMAC (MACANETA, LINGUETA E TRINCOS) COM ACABAMENTO CROMADO, MAQUINA DE 40 MM, INCLUINDO CHAVE TIPO CILINDRO","Material",null,"CJ",0.0268,86,2.3]
["Insumo"," 00010886 ","SINAPI","EXTINTOR DE INCENDIO PORTATIL COM CARGA DE AGUA PRESSURIZADA DE 10 L, CLASSE A","Material",null,"UN",0.0268,341.25,9.15]
["Insumo"," 00010891 ","SINAPI","EXTINTOR DE INCENDIO PORTATIL COM CARGA DE PO QUIMICO SECO (PQS) DE 4 KG, CLASSE BC","Material",null,"UN",0.0268,329.99,8.84]
["Insumo"," 00011587 ","SINAPI","FORRO DE PVC LISO, BRANCO, REGUA DE 10 CM, ESPESSURA DE 8 MM A 10 MM (COM COLOCACAO / SEM ESTRUTURA METALICA)","Material",null,"m²",1,65.6,65.6]
["Insumo"," 00037525 ","SINAPI","TELA PLASTICA TECIDA LISTRADA BRANCA E LARANJA, TIPO GUARDA CORPO, EM POLIETILENO MONOFILADO, ROLO 1,20 X 50 M (L X C)","Equipamento",null,"M",1.2782,2.73,3.49]
[{"$nulls":4},"MO sem LS =>",107.86,"LS =>",0.04,"MO com LS =>",107.9]
[{"$nulls":4},"Valor do BDI =>",84.62,null,"Valor com BDI =>",null,617.46]
[]
[null,"Código","Banco","Descrição","Tipo",null,"Und","Quant.","Valor Unit","Total"]
["Composição"," 93212 ","SINAPI","EXECUÇÃO DE SANITÁRIO E VESTIÁRIO EM CANTEIRO DE OBRA EM CHAPA DE MADEIRA COMPENSADA, NÃO INCLUSO MOBILIÁRIO. AF_02/2016","CANT - CANTEIRO DE OBRAS",null,"m²",1,885.74,885.74]
["Composição Auxiliar"," 100860 ","SINAPI","CHUVEIRO ELÉTRICO COMUM CORPO PLÁSTICO, TIPO DUCHA \u0096 FORNECIMENTO E INSTALAÇÃO. AF_01/2020","INHI - INSTALAÇÕES HIDROS SANITÁRIAS",null,"UN",0.0696,87.45,6.09]
["Composição Auxiliar"," 101165 ","SINAPI","ALVENARIA DE EMBASAMENTO COM BLOCO ESTRUTURAL DE CONCRETO, DE 14X19X29CM E ARGAMASSA DE ASSENTAMENTO COM PREPARO EM BETONEIRA. AF_05/2020","FUES - FUNDAÇÕES E ESTRUTURAS",null,"m³",0.0286,889.85,25.45]
["Composição Auxiliar"," 101876 ","SINAPI","QUADRO DE DISTRIBUIÇÃO DE ENERGIA EM PVC, DE EMBUTIR, SEM BARRAMENTO, PARA 6 DISJUNTORES - FORNECIMENTO E INSTALAÇÃO. AF_10/2020","INEL - INSTALAÇÃO ELÉTRICA/ELETRIFICAÇÃO E ILUMINAÇÃO EXTERNA",null,"UN",0.0174,73.65,1.28]
["Composição Auxiliar"," 101891 ","SINAPI","DISJUNTOR MONOPOLAR TIPO NEMA, CORRENTE NOMINAL DE 35 ATÉ 50A - FORNECIMENTO E INSTALAÇÃO. AF_10/2020","INEL - INSTALAÇÃO ELÉTRICA/ELETRIFICAÇÃO E ILUMINAÇÃO EXTERNA",null,"UN",0.1044,29.93,3.12]
["Composição Auxiliar"," 103328 ","SINAPI","ALVENARIA DE VEDAÇÃO DE BLOCOS CERÂMICOS FURADOS NA HORIZONTAL DE 9X19X19 CM (ESPESSURA 9 CM) E ARGAMASSA DE ASSENTAMENTO COM PREPARO EM BETONEIRA. AF_12/2021","PARE - PAREDES/PAINEIS",null,"m²",0.4675,78.46,36.68]
["Composição Auxiliar"," 86888 ","SINAPI","VASO SANITÁRIO SIFONADO COM CAIXA ACOPLADA LOUÇA BRANCA - FORNECIMENTO E INSTALAÇÃO. AF_01/2020","INHI - INSTALAÇÕES HIDROS SANITÁRIAS",null,"UN",0.0522,461.06,24.07]
["Composição Auxiliar"," 86943 ","SINAPI","LAVATÓRIO LOUÇA BRANCA SUSPENSO, 29,5 X 39CM OU EQUIVALENTE, PADRÃO POPULAR, INCLUSO SIFÃO FLEXÍVEL EM PVC, VÁLVULA E ENGATE FLEXÍVEL 30CM EM PLÁSTICO E TORNEIRA CROMADA DE MESA, PADRÃO POPULAR - FORNECIMENTO E INSTALAÇÃO. AF_01/2020","INHI - INSTALAÇÕES HIDROS SANITÁRIAS",null,"UN",0.0522,280.39,14.64]
["Composição Auxiliar"," 87548 ","SINAPI","MASSA ÚNICA, PARA RECEBIMENTO DE PINTURA, EM ARGAMASSA TRAÇO 1:2:8, PREPARO MANUAL, APLICADA MANUALMENTE EM FACES INTERNAS DE PAREDES, ESPESSURA DE 10MM, COM EXECUÇÃO DE TALISCAS. AF_06/2014","REVE - REVESTIMENTO E TRATAMENTO DE SUPERFÍCIES",null,"m²",0.1894,23.75,4.5]
["Composição Auxiliar"," 87777 ","SINAPI","EMBOÇO OU MASSA ÚNICA EM ARGAMASSA TRAÇO 1:2:8, PREPARO MANUAL, APLICADA MANUALMENTE EM PANOS DE FACHADA COM PRESENÇA DE VÃOS, ESPESSURA DE 25 MM. AF_08/2022","REVE - REVESTIMENTO E TRATAMENTO DE SUPERFÍCIES",null,"m²",0.1681,48.13,8.09]
["Composição Auxiliar"," 87885 ","SINAPI","CHAPISCO APLICADO NO TETO OU EM ALVENARIA E ESTRUTURA, COM ROLO PARA TEXTURA ACRÍLICA. ARGAMASSA INDUSTRIALIZADA COM PREPARO EM MISTURADOR 300 KG. AF_10/2022","REVE - REVESTIMENTO E TRATAMENTO DE SUPERFÍCIES",null,"m²",0.7679,11.57,8.88]
["Composição Auxiliar"," 87903 ","SINAPI","CHAPISCO APLICADO EM ALVENARIA (COM PRESENÇA DE VÃOS) E ESTRUTURAS DE CONCRETO DE FACHADA, COM ROLO PARA TEXTURA ACRÍLICA.  ARGAMASSA INDUSTRIALIZADA COM PREPARO EM MISTURADOR 300 KG. AF_10/2022","REVE - REVESTIMENTO E TRATAMENTO DE SUPERFÍCIES",null,"m²",0.1681,13.32,2.24]
["Composição Auxiliar"," 88489 ","SINAPI","PINTURA LÁTEX ACRÍLICA PREMIUM, APLICAÇÃO MANUAL EM PAREDES, DUAS DEMÃOS. AF_04/2023","PINT - PINTURAS",null,"m²",2.4442,8.44,20.63]
["Composição Auxiliar"," 89171 ","SINAPI","(COMPOSIÇÃO REPRESENTATIVA) DO SERVIÇO DE REVESTIMENTO CERÂMICO PARA PISO COM PLACAS TIPO ESMALTADA EXTRA DE DIMENSÕES 35X35 CM, PARA EDIFICAÇÃO HABITACIONAL UNIFAMILIAR (CASA) E EDIFICAÇÃO PÚBLICA PADRÃO. AF_11/2014","PISO - PISOS",null,"m²",0.4628,69.33,32.09]
["Composição Auxiliar"," 89173 ","SINAPI","(COMPOSIÇÃO REPRESENTATIVA) DO SERVIÇO DE EMBOÇO/MASSA ÚNICA, APLICADO MANUALMENTE, TRAÇO 1:2:8, EM BETONEIRA DE 400L, PAREDES INTERNAS, COM EXECUÇÃO DE TALISCAS, EDIFICAÇÃO HABITACIONAL UNIFAMILIAR (CASAS) E EDIFICAÇÃO PÚBLICA PADRÃO. AF_12/2014","REVE - REVESTIMENTO E TRATAMENTO DE SUPERFÍCIES",null,"m²",0.7679,34.69,26.64]
["Composição Auxiliar"," 89709 ","SINAPI","RALO SIFONADO, PVC, DN 100 X 40 MM, JUNTA SOLDÁVEL, FORNECIDO E INSTALADO EM RAMAL DE DESCARGA OU EM RAMAL DE ESGOTO SANITÁRIO. AF_08/2022","INHI - INSTALAÇÕES HIDROS SANITÁRIAS",null,"UN",0.0696,19.77,1.38]
["Composição Auxiliar"," 89711 ","SINAPI","TUBO PVC, SERIE NORMAL, ESGOTO PREDIAL, DN 40 MM, FORNECIDO E INSTALADO EM RAMAL DE DESCARGA OU RAMAL DE ESGOTO SANITÁRIO. AF_08/2022","INHI - INSTALAÇÕES HIDROS SANITÁRIAS",null,"M",0.1631,17.54,2.86]
["Composição Auxiliar"," 89712 ","SINAPI","TUBO PVC, SERIE NORMAL, ESGOTO PREDIAL, DN 50 MM, FORNECIDO E INSTALADO EM RAMAL DE DESCARGA OU RAMAL DE ESGOTO SANITÁRIO. AF_08/2022","INHI - INSTALAÇÕES HIDROS SANITÁRIAS",null,"M",0.2235,22.92,5.12]
["Composição Auxiliar"," 89714 ","SINAPI","TUBO PVC, SERIE NORMAL, ESGOTO PREDIAL, DN 100 MM, FORNECIDO E INSTALADO EM RAMAL DE DESCARGA OU RAMAL DE ESGOTO SANITÁRIO. AF_08/2022","INHI - INSTALAÇÕES HIDROS SANITÁRIAS",null,"M",0.047,31.88,1.5]
["Composição Auxiliar"," 89724 ","SINAPI","JOELHO 90 GRAUS, PVC, SERIE NORMAL, ESGOTO PREDIAL, DN 40 MM, JUNTA SOLDÁVEL, FORNECIDO E INSTALADO EM RAMAL DE DESCARGA OU RAMAL DE ESGOTO SANITÁRIO. AF_08/2022","INHI - INSTALAÇÕES HIDROS SANITÁRIAS",null,"UN",0.174,8.37,1.46]
["Composição Auxiliar"," 89731 ","SINAPI","JOELHO 90 GRAUS, PVC, SERIE NORMAL, ESGOTO PREDIAL, DN 50 MM, JUNTA ELÁSTICA, FORNECIDO E INSTALADO EM RAMAL DE DESCARGA OU RAMAL DE ESGOTO SANITÁRIO. AF_08/2022","INHI - INSTALAÇÕES HIDROS SANITÁRIAS",null,"UN",0.0174,13.8,0.24]
["Composição Auxiliar"," 89748 ","SINAPI","CURVA CURTA 90 GRAUS, PVC, SERIE NORMAL, ESGOTO PREDIAL, DN 100 MM, JUNTA ELÁSTICA, FORNECIDO E INSTALADO EM RAMAL DE DESCARGA OU RAMAL DE ESGOTO SANITÁRIO. AF_08/2022","INHI - INSTALAÇÕES HIDROS SANITÁRIAS",null,"UN",0.0522,41.04,2.14]
["Composição Auxiliar"," 89784 ","SINAPI","TE, PVC, SERIE NORMAL, ESGOTO PREDIAL, DN 50 X 50 MM, JUNTA ELÁSTICA, FORNECIDO E INSTALADO EM RAMAL DE DESCARGA OU RAMAL DE ESGOTO SANITÁRIO. AF_08/2022","INHI - INSTALAÇÕES HIDROS SANITÁRIAS",null,"UN",0.0174,22.77,0.4]
["Composição Auxiliar"," 89957 ","SINAPI","PONTO DE CONSUMO TERMINAL DE ÁGUA FRIA (SUBRAMAL) COM TUBULAÇÃO DE PVC, DN 25 MM, INSTALADO EM RAMAL DE ÁGUA, INCLUSOS RASGO E CHUMBAMENTO EM ALVENARIA. AF_12/2014","INHI - INSTALAÇÕES HIDROS SANITÁRIAS",null,"UN",0.174,110.35,19.2]
["Composição Auxiliar"," 89970 ","SINAPI","KIT DE REGISTRO DE PRESSÃO BRUTO DE LATÃO ¾\", INCLUSIVE CONEXÕES, ROSCÁVEL, INSTALADO EM RAMAL DE ÁGUA FRIA - FORNECIMENTO E INSTALAÇÃO. AF_12/2014","INHI - INSTALAÇÕES HIDROS SANITÁRIAS",null,"UN",0.0696,44.52,3.1]
["Composição Auxiliar"," 90443 ","SINAPI","RASGO EM ALVENARIA PARA RAMAIS/ DISTRIBUIÇÃO COM DIAMETROS MENORES OU IGUAIS A 40 MM. AF_05/2015","INHI - INSTALAÇÕES HIDROS SANITÁRIAS",null,"M",0.0722,5.77,0.42]
["Composição Auxiliar"," 90466 ","SINAPI","CHUMBAMENTO LINEAR EM ALVENARIA PARA RAMAIS/DISTRIBUIÇÃO COM DIÂMETROS MENORES OU IGUAIS A 40 MM. AF_05/2015","INHI - INSTALAÇÕES HIDROS SANITÁRIAS",null,"M",0.0722,12.48,0.9]
["Composição Auxiliar"," 90822 ","SINAPI","PORTA DE MADEIRA PARA PINTURA, SEMI-OCA (LEVE OU MÉDIA), 80X210CM, ESPESSURA DE 3,5CM, INCLUSO DOBRADIÇAS - FORNECIMENTO E INSTALAÇÃO. AF_12/2019","ESQV - ESQUADRIAS/FERRAGENS/VIDROS",null,"UN",0.0348,340.71,11.86]
["Composição Auxiliar"," 91170 ","SINAPI","FIXAÇÃO DE TUBOS HORIZONTAIS DE PVC, CPVC OU COBRE DIÂMETROS MENORES OU IGUAIS A 40 MM OU ELETROCALHAS ATÉ 150MM DE LARGURA, COM ABRAÇADEIRA METÁLICA RÍGIDA TIPO D 1/2\u0094, FIXADA EM PERFILADO EM LAJE. AF_05/2015","INHI - INSTALAÇÕES HIDROS SANITÁRIAS",null,"M",0.4612,10.08,4.65]
["Composição Auxiliar"," 91173 ","SINAPI","FIXAÇÃO DE TUBOS VERTICAIS DE PPR DIÂMETROS MENORES OU IGUAIS A 40 MM COM ABRAÇADEIRA METÁLICA RÍGIDA TIPO D 1/2\", FIXADA EM PERFILADO EM ALVENARIA. AF_05/2015","INHI - INSTALAÇÕES HIDROS SANITÁRIAS",null,"M",0.1827,3.75,0.69]
["Composição Auxiliar"," 91305 ","SINAPI","FECHADURA DE EMBUTIR PARA PORTA DE BANHEIRO, COMPLETA, ACABAMENTO PADRÃO POPULAR, INCLUSO EXECUÇÃO DE FURO - FORNECIMENTO E INSTALAÇÃO. AF_12/2019","ESQV - ESQUADRIAS/FERRAGENS/VIDROS",null,"UN",0.0522,117.06,6.11]
["Composição Auxiliar"," 91862 ","SINAPI","ELETRODUTO RÍGIDO ROSCÁVEL, PVC, DN 20 MM (1/2\"), PARA CIRCUITOS TERMINAIS, INSTALADO EM FORRO - FORNECIMENTO E INSTALAÇÃO. AF_03/2023","INEL - INSTALAÇÃO ELÉTRICA/ELETRIFICAÇÃO E ILUMINAÇÃO EXTERNA",null,"M",0.3307,9.19,3.04]
["Composição Auxiliar"," 91863 ","SINAPI","ELETRODUTO RÍGIDO ROSCÁVEL, PVC, DN 25 MM (3/4\"), PARA CIRCUITOS TERMINAIS, INSTALADO EM FORRO - FORNECIMENTO E INSTALAÇÃO. AF_03/2023","INEL - INSTALAÇÃO ELÉTRICA/ELETRIFICAÇÃO E ILUMINAÇÃO EXTERNA",null,"M",0.1305,10.93,1.43]
["Composição Auxiliar"," 91870 ","SINAPI","ELETRODUTO RÍGIDO ROSCÁVEL, PVC, DN 20 MM (1/2\"), PARA CIRCUITOS TERMINAIS, INSTALADO EM PAREDE - FORNECIMENTO E INSTALAÇÃO. AF_03/2023","INEL - INSTALAÇÃO ELÉTRICA/ELETRIFICAÇÃO E ILUMINAÇÃO EXTERNA",null,"M",0.1566,11.69,1.83]
["Composição Auxiliar"," 91871 ","SINAPI","ELETRODUTO RÍGIDO ROSCÁVEL, PVC, DN 25 MM (3/4\"), PARA CIRCUITOS TERMINAIS, INSTALADO EM PAREDE - FORNECIMENTO E INSTALAÇÃO. AF_03/2023","INEL - INSTALAÇÃO ELÉTRICA/ELETRIFICAÇÃO E ILUMINAÇÃO EXTERNA",null,"M",0.0261,13.43,0.35]
["Composição Auxiliar"," 91875 ","SINAPI","LUVA PARA ELETRODUTO, PVC, ROSCÁVEL, DN 25 MM (3/4\"), PARA CIRCUITOS TERMINAIS, INSTALADA EM FORRO - FORNECIMENTO E INSTALAÇÃO. AF_03/2023","INEL - INSTALAÇÃO ELÉTRICA/ELETRIFICAÇÃO E ILUMINAÇÃO EXTERNA",null,"UN",0.0348,7.22,0.25]
["Composição Auxiliar"," 91882 ","SINAPI","LUVA PARA ELETRODUTO, PVC, ROSCÁVEL, DN 20 MM (1/2\"), PARA CIRCUITOS TERMINAIS, INSTALADA EM PAREDE - FORNECIMENTO E INSTALAÇÃO. AF_03/2023","INEL - INSTALAÇÃO ELÉTRICA/ELETRIFICAÇÃO E ILUMINAÇÃO EXTERNA",null,"UN",0.0348,8.68,0.3]
["Composição Auxiliar"," 91890 ","SINAPI","CURVA 90 GRAUS PARA ELETRODUTO, PVC, ROSCÁVEL, DN 25 MM (3/4\"), PARA CIRCUITOS TERMINAIS, INSTALADA EM FORRO - FORNECIMENTO E INSTALAÇÃO. AF_03/2023","INEL - INSTALAÇÃO ELÉTRICA/ELETRIFICAÇÃO E ILUMINAÇÃO EXTERNA",null,"UN",0.0174,11.91,0.21]
["Composição Auxiliar"," 91911 ","SINAPI","CURVA 90 GRAUS PARA ELETRODUTO, PVC, ROSCÁVEL, DN 20 MM (1/2\"), PARA CIRCUITOS TERMINAIS, INSTALADA EM PAREDE - FORNECIMENTO E INSTALAÇÃO. AF_03/2023","INEL - INSTALAÇÃO ELÉTRICA/ELETRIFICAÇÃO E ILUMINAÇÃO EXTERNA",null,"UN",0.0696,14.72,1.02]
["Composição Auxiliar"," 91924 ","SINAPI","CABO DE COBRE FLEXÍVEL ISOLADO, 1,5 MM², ANTI-CHAMA 450/750 V, PARA CIRCUITOS TERMINAIS - FORNECIMENTO E INSTALAÇÃO. AF_03/2023","INEL - INSTALAÇÃO ELÉTRICA/ELETRIFICAÇÃO E ILUMINAÇÃO EXTERNA",null,"M",1.253,3.19,4]
["Composição Auxiliar"," 91926 ","SINAPI","CABO DE COBRE FLEXÍVEL ISOLADO, 2,5 MM², ANTI-CHAMA 450/750 V, PARA CIRCUITOS TERMINAIS - FORNECIMENTO E INSTALAÇÃO. AF_03/2023","INEL - INSTALAÇÃO ELÉTRICA/ELETRIFICAÇÃO E ILUMINAÇÃO EXTERNA",null,"M",0.4699,4.67,2.19]
["Composição Auxiliar"," 91928 ","SINAPI","CABO DE COBRE FLEXÍVEL ISOLADO, 4 MM², ANTI-CHAMA 450/750 V, PARA CIRCUITOS TERMINAIS - FORNECIMENTO E INSTALAÇÃO. AF_03/2023","INEL - INSTALAÇÃO ELÉTRICA/ELETRIFICAÇÃO E ILUMINAÇÃO EXTERNA",null,"M",1.0442,7.29,7.61]
["Composição Auxiliar"," 91937 ","SINAPI","CAIXA OCTOGONAL 3\" X 3\", PVC, INSTALADA EM LAJE - FORNECIMENTO E INSTALAÇÃO. AF_03/2023","INEL - INSTALAÇÃO ELÉTRICA/ELETRIFICAÇÃO E ILUMINAÇÃO EXTERNA",null,"UN",0.1392,14.25,1.98]
["Composição Auxiliar"," 91959 ","SINAPI","INTERRUPTOR SIMPLES (2 MÓDULOS), 10A/250V, INCLUINDO SUPORTE E PLACA - FORNECIMENTO E INSTALAÇÃO. AF_03/2023","INEL - INSTALAÇÃO ELÉTRICA/ELETRIFICAÇÃO E ILUMINAÇÃO EXTERNA",null,"UN",0.0174,44.79,0.78]
["Composição Auxiliar"," 91967 ","SINAPI","INTERRUPTOR SIMPLES (3 MÓDULOS), 10A/250V, INCLUINDO SUPORTE E PLACA - FORNECIMENTO E INSTALAÇÃO. AF_03/2023","INEL - INSTALAÇÃO ELÉTRICA/ELETRIFICAÇÃO E ILUMINAÇÃO EXTERNA",null,"UN",0.0174,60.42,1.05]
["Composição Auxiliar"," 92000 ","SINAPI","TOMADA BAIXA DE EMBUTIR (1 MÓDULO), 2P+T 10 A, INCLUINDO SUPORTE E PLACA - FORNECIMENTO E INSTALAÇÃO. AF_03/2023","INEL - INSTALAÇÃO ELÉTRICA/ELETRIFICAÇÃO E ILUMINAÇÃO EXTERNA",null,"UN",0.0348,30.73,1.07]
["Composição Auxiliar"," 92543 ","SINAPI","TRAMA DE MADEIRA COMPOSTA POR TERÇAS PARA TELHADOS DE ATÉ 2 ÁGUAS PARA TELHA ONDULADA DE FIBROCIMENTO, METÁLICA, PLÁSTICA OU TERMOACÚSTICA, INCLUSO TRANSPORTE VERTICAL. AF_07/2019","COBE - COBERTURA",null,"m²",1.3566,14.55,19.74]
["Composição Auxiliar"," 92981 ","SINAPI","CABO DE COBRE FLEXÍVEL ISOLADO, 16 MM², ANTI-CHAMA 450/750 V, PARA DISTRIBUIÇÃO - FORNECIMENTO E INSTALAÇÃO. AF_12/2015","INEL - INSTALAÇÃO ELÉTRICA/ELETRIFICAÇÃO E ILUMINAÇÃO EXTERNA",null,"M",0.2611,18.49,4.83]
["Composição Auxiliar"," 93358 ","SINAPI","ESCAVAÇÃO MANUAL DE VALA COM PROFUNDIDADE MENOR OU IGUAL A 1,30 M. AF_02/2021","MOVT - MOVIMENTO DE TERRA",null,"m³",0.0279,60.76,1.7]
["Composição Auxiliar"," 93382 ","SINAPI","REATERRO MANUAL DE VALAS, COM COMPACTADOR DE SOLOS DE PERCUSSÃO. AF_08/2023","MOVT - MOVIMENTO DE TERRA",null,"m³",0.0072,18.84,0.14]
["Composição Auxiliar"," 94210 ","SINAPI","TELHAMENTO COM TELHA ONDULADA DE FIBROCIMENTO E = 6 MM, COM RECOBRIMENTO LATERAL DE 1 1/4 DE ONDA PARA TELHADO COM INCLINAÇÃO MÁXIMA DE 10°, COM ATÉ 2 ÁGUAS, INCLUSO IÇAMENTO. AF_07/2019","COBE - COBERTURA",null,"m²",1.3566,46.32,62.84]
["Composição Auxiliar"," 94559 ","SINAPI","JANELA DE AÇO TIPO BASCULANTE PARA VIDROS, COM BATENTE, FERRAGENS E PINTURA ANTICORROSIVA. EXCLUSIVE VIDROS, ACABAMENTO, ALIZAR E CONTRAMARCO. FORNECIMENTO E INSTALAÇÃO. AF_12/2019","ESQV - ESQUADRIAS/FERRAGENS/VIDROS",null,"m²",0.0905,621.44,56.24]
["Composição Auxiliar"," 95240 ","SINAPI","LASTRO DE CONCRETO MAGRO, APLICADO EM PISOS, LAJES SOBRE SOLO OU RADIERS, ESPESSURA DE 3 CM. AF_07/2016","FUES - FUNDAÇÕES E ESTRUTURAS",null,"m²",0.0064,22.1,0.14]
["Composição Auxiliar"," 95241 ","SINAPI","LASTRO DE CONCRETO MAGRO, APLICADO EM PISOS, LAJES SOBRE SOLO OU RADIERS, ESPESSURA DE 5 CM. AF_07/2016","FUES - FUNDAÇÕES E ESTRUTURAS",null,"m²",1.3328,36.84,49.1]
["Composição Auxiliar"," 95805 ","SINAPI","CONDULETE DE PVC, TIPO B, PARA ELETRODUTO DE PVC SOLDÁVEL DN 25 MM (3/4''), APARENTE - FORNECIMENTO E INSTALAÇÃO. AF_10/2022","INEL - INSTALAÇÃO ELÉTRICA/ELETRIFICAÇÃO E ILUMINAÇÃO EXTERNA",null,"UN",0.0174,21.74,0.38]
["Composição Auxiliar"," 95811 ","SINAPI","CONDULETE DE PVC, TIPO LB, PARA ELETRODUTO DE PVC SOLDÁVEL DN 25 MM (3/4''), APARENTE - FORNECIMENTO E INSTALAÇÃO. AF_10/2022","INEL - INSTALAÇÃO ELÉTRICA/ELETRIFICAÇÃO E ILUMINAÇÃO EXTERNA",null,"UN",0.0522,18.9,0.99]
["Composição Auxiliar"," 96985 ","SINAPI","HASTE DE ATERRAMENTO, DIÂMETRO 5/8\", COM 3 METROS - FORNECIMENTO E INSTALAÇÃO. AF_08/2023","INEL - INSTALAÇÃO ELÉTRICA/ELETRIFICAÇÃO E ILUMINAÇÃO EXTERNA",null,"UN",0.0522,90.34,4.72]
["Composição Auxiliar"," 97586 ","SINAPI","LUMINÁRIA TIPO CALHA, DE SOBREPOR, COM 2 LÂMPADAS TUBULARES FLUORESCENTES DE 36 W, COM REATOR DE PARTIDA RÁPIDA - FORNECIMENTO E INSTALAÇÃO. AF_02/2020","INEL - INSTALAÇÃO ELÉTRICA/ELETRIFICAÇÃO E ILUMINAÇÃO EXTERNA",null,"UN",0.1392,156.8,21.83]
["Composição Auxiliar"," 97886 ","SINAPI","CAIXA ENTERRADA ELÉTRICA RETANGULAR, EM ALVENARIA COM TIJOLOS CERÂMICOS MACIÇOS, FUNDO COM BRITA, DIMENSÕES INTERNAS: 0,3X0,3X0,3 M. AF_12/2020","INEL - INSTALAÇÃO ELÉTRICA/ELETRIFICAÇÃO E ILUMINAÇÃO EXTERNA",null,"UN",0.0522,165.35,8.63]
["Composição Auxiliar"," 97906 ","SINAPI","CAIXA ENTERRADA HIDRÁULICA RETANGULAR, EM ALVENARIA COM BLOCOS DE CONCRETO, DIMENSÕES INTERNAS: 0,6X0,6X0,6 M PARA REDE DE ESGOTO. AF_12/2020","INHI - INSTALAÇÕES HIDROS SANITÁRIAS",null,"UN",0.0348,425.52,14.81]
["Composição Auxiliar"," 98441 ","SINAPI","PAREDE DE MADEIRA COMPENSADA PARA CONSTRUÇÃO TEMPORÁRIA EM CHAPA SIMPLES, EXTERNA, COM ÁREA LÍQUIDA MAIOR OU IGUAL A 6 M², SEM VÃO. AF_05/2018","CANT - CANTEIRO DE OBRAS",null,"m²",0.2612,110.16,28.77]
["Composição Auxiliar"," 98442 ","SINAPI","PAREDE DE MADEIRA COMPENSADA PARA CONSTRUÇÃO TEMPORÁRIA EM CHAPA SIMPLES, EXTERNA, COM ÁREA LÍQUIDA MENOR QUE 6 M², SEM VÃO. AF_05/2018","CANT - CANTEIRO DE OBRAS",null,"m²",0.3007,112.69,33.89]
["Composição Auxiliar"," 98443 ","SINAPI","PAREDE DE MADEIRA COMPENSADA PARA CONSTRUÇÃO TEMPORÁRIA EM CHAPA SIMPLES, INTERNA, COM ÁREA LÍQUIDA MAIOR OU IGUAL A 6 M², SEM VÃO. AF_05/2018","CANT - CANTEIRO DE OBRAS",null,"m²",0.083,96.45,8.01]
["Composição Auxiliar"," 98444 ","SINAPI","PAREDE DE MADEIRA COMPENSADA PARA CONSTRUÇÃO TEMPORÁRIA EM CHAPA SIMPLES, INTERNA, COM ÁREA LÍQUIDA MENOR QUE 6 M², SEM VÃO. AF_05/2018","CANT - CANTEIRO DE OBRAS",null,"m²",0.0956,98.26,9.39]
["Composição Auxiliar"," 98445 ","SINAPI","PAREDE DE MADEIRA COMPENSADA PARA CONSTRUÇÃO TEMPORÁRIA EM CHAPA SIMPLES, EXTERNA, COM ÁREA LÍQUIDA MAIOR OU IGUAL A 6 M², COM VÃO. AF_05/2018","CANT - CANTEIRO DE OBRAS",null,"m²",0.4081,130.46,53.24]
["Composição Auxiliar"," 98446 ","SINAPI","PAREDE DE MADEIRA COMPENSADA PARA CONSTRUÇÃO TEMPORÁRIA EM CHAPA SIMPLES, EXTERNA, COM ÁREA LÍQUIDA MENOR QUE 6 M², COM VÃO. AF_05/2018","CANT - CANTEIRO DE OBRAS",null,"m²",0.3182,165.23,52.58]
["Composição Auxiliar"," 98447 ","SINAPI","PAREDE DE MADEIRA COMPENSADA PARA CONSTRUÇÃO TEMPORÁRIA EM CHAPA SIMPLES, INTERNA, COM ÁREA LÍQUIDA MAIOR OU IGUAL A 6 M², COM VÃO. AF_05/2018","CANT - CANTEIRO DE OBRAS",null,"m²",0.1297,111.46,14.46]
["Composição Auxiliar"," 98448 ","SINAPI","PAREDE DE MADEIRA COMPENSADA PARA CONSTRUÇÃO TEMPORÁRIA EM CHAPA SIMPLES, INTERNA, COM ÁREA LÍQUIDA MENOR QUE 6 M², COM VÃO. AF_05/2018","CANT - CANTEIRO DE OBRAS",null,"m²",0.1011,137.9,13.94]
["Composição Auxiliar"," 98679 ","SINAPI","PISO CIMENTADO, TRAÇO 1:3 (CIMENTO E AREIA), ACABAMENTO LISO, ESPESSURA 2,0 CM, PREPARO MECÂNICO DA ARGAMASSA. AF_09/2020","PISO - PISOS",null,"m²",0.5134,37.63,19.32]
["Insumo"," 00003080 ","SINAPI","FECHADURA ESPELHO PARA PORTA EXTERNA, EM ACO INOX (MAQUINA, TESTA E CONTRA-TESTA) E EM ZAMAC (MACANETA, LINGUETA E TRINCOS) COM ACABAMENTO CROMADO, MAQUINA DE 40 MM, INCLUINDO CHAVE TIPO CILINDRO","Material",null,"CJ",0.0348,86,2.99]
["Insumo"," 00003659 ","SINAPI","JUNCAO SIMPLES DE REDUCAO, PVC, DN 100 X 50 MM, SERIE NORMAL PARA ESGOTO PREDIAL","Material",null,"UN",0.0174,18.63,0.32]
["Insumo"," 00003670 ","SINAPI","JUNCAO SIMPLES, PVC, 45 GRAUS, DN 100 X 100 MM, SERIE NORMAL PARA ESGOTO PREDIAL","Material",null,"UN",0.0348,23.92,0.83]
["Insumo"," 00011587 ","SINAPI","FORRO DE PVC LISO, BRANCO, REGUA DE 10 CM, ESPESSURA DE 8 MM A 10 MM (COM COLOCACAO / SEM ESTRUTURA METALICA)","Material",null,"m²",0.9762,65.6,64.04]
["Insumo"," 00011697 ","SINAPI","MICTORIO COLETIVO ACO INOX (AISI 304), E = 0,8 MM, DE *100 X 40 X 30* CM (C X A X P)","Material",null,"UN",0.0174,882.69,15.36]
["Insumo"," 00011712 ","SINAPI","CAIXA SIFONADA, PVC, 150 X 150 X 50 MM, COM GRELHA QUADRADA, BRANCA (NBR 5688)","Material",null,"UN",0.0348,47.99,1.67]
["Insumo"," 00021112 ","SINAPI","VALVULA DE DESCARGA EM METAL CROMADO PARA MICTORIO COM ACIONAMENTO POR PRESSAO E FECHAMENTO AUTOMATICO","Material",null,"UN",0.0174,301.27,5.24]
["Insumo"," 00043777 ","SINAPI","PORTA DE MADEIRA, FOLHA LEVE (NBR 15930), DE 600 X 2100 MM, E = 35 MM, NUCLEO COLMEIA, CAPA LISA EM HDF, ACABAMENTO MELAMINICO EM PADRAO MADEIRA","Material",null,"UN",0.0447618,269.39,12.06]
[{"$nulls":4},"MO sem LS =>",174.42,"LS =>",0.05,"MO com LS =>",174.47]
[{"$nulls":4},"Valor do BDI =>",139.87,null,"Valor com BDI =>",null,1025.61]
[]
[null,"Código","Banco","Descrição","Tipo",null,"Und","Quant.","Valor Unit","Total"]
["Composição"," 0903789 ","SICRO3","Emboço com argamassa de cimento, cal hidratada e areia 1:2:8 com espessura de 2 cm - aplicação manual","",null,"m²",1,32.08,32.08]
["B","Código","Banco","Mão de Obra","Quantidade","Salário Hora",null,null,null,"Custo Horário"]
["Insumo","P9821","SICRO3","Pedreiro",0.47,null,null,null,23.0565,10.8366]
["Insumo","P9824","SICRO3","Servente",0.171,null,null,null,18.5436,3.171]
[{"$nulls":5},"Custo Horário da Mão de Obra =>",null,null,null,14.0076]
[{"$nulls":5},"Adc.M.O. - Ferramentas (0,0%) =>",null,null,null,0]
[{"$nulls":5},"Custo Horário de Execução =>",null,null,null,14.0076]
[{"$nulls":5},"Fator de Influencia da Chuva - FIC =>",null,null,null,0]
[{"$nulls":5},"Custo do FIC =>",null,null,null,0]
[{"$nulls":5},"Produção de Equipe =>",null,null,null,1]
[{"$nulls":5},"Custo Unitário de Execução =>",null,null,null,14.0076]
["D","Banco","Código","Atividades Auxiliares","Quantidade","Unidade","Preço Unitário",null,null,"Custo Horário"]
["Atividade Auxiliar","SICRO3",1109675,"Argamassa de cimento, cal hidratada e areia 1:2:8 - confecção em betoneira e lançamento manual - areia comercial",0.0376,"m³",480.55,null,null,18.0687]
[{"$nulls":5},"Custo Total das Atividades =>",null,null,null,18.0687]
[{"$nulls":4},"MO sem LS =>",15.77,"LS =>",0,"MO com LS =>",15.7701557177459]
[{"$nulls":4},"Valor do BDI =>",5.64,null,"Valor com BDI =>",null,37.72]
[]
[null,"Código","Banco","Descrição","Tipo",null,"Und","Quant.","Valor Unit","Total"]
["Composição"," 2003842 ","SICRO3","Enchimento de junta de concreto com argamassa asfáltica de densidade 1.700 kg/m³ - espessura de 1 cm","",null,"kg",1,63.87,63.87]
["B","Código","Banco","Mão de Obra","Quantidade","Salário Hora",null,null,null,"Custo Horário"]
["Insumo","P9824","SICRO3","Servente",2,null,null,null,18.5436,37.0872]
[{"$nulls":5},"Custo Horário da Mão de Obra =>",null,null,null,37.0872]
[{"$nulls":5},"Adc.M.O. - Ferramentas (0,0%) =>",null,null,null,0]
[{"$nulls":5},"Custo Horário de Execução =>",null,null,null,37.0872]
[{"$nulls":5},"Fator de Influencia da Chuva - FIC =>",null,null,null,0]
[{"$nulls":5},"Custo do FIC =>",null,null,null,0]
[{"$nulls":5},"Produção de Equipe =>",null,null,null,1]
[{"$nulls":5},"Custo Unitário de Execução =>",null,null,null,37.0872]
["C","Banco","Código","Material","Quantidade","Unidade","Preço Unitário",null,null,"Custo Horário"]
["Insumo","SICRO3","M2158","Argamassa asfáltica",1,"kg",26.7506,null,null,26.7506]
[{"$nulls":5},"Custo Total do Material =>",null,null,null,26.7506]
["E","Banco","Insumo","Tempos Fixos","Código","Quantidade","Unidade","Preço Unitário",null,"Custo Horário"]
["Tempo Fixo","SICRO3","M2158","Carga, manobra e descarga de materiais diversos em caminhão carroceria de 15 t - carga e descarga manuais",5914655,0.001,"t",31.9,null,0.0319]
[{"$nulls":5},"Custo Total dos Tempos Fixos =>",null,null,null,0.0319]
["F","Banco","Insumo","Momento de Transporte","Quantidade","Unidade","Distância Média de Transporte (DMT)",null,null,"Custo Horário"]
[{"$nulls":6},"LN","RP","P"]
["Momento de Transporte","SICRO3","M2158","Argamassa asfáltica - Caminhão carroceria com capacidade de 15 t - 188 kW",0.001,"tkm","5914449\n0,000\nR$ 1,14","5914464\n0,000\nR$ 0,91","5914479\n0,000\nR$ 0,71",0]
[{"$nulls":5},"Custo total dos Momentos de Transportes =>",null,null,null,0]
[{"$nulls":4},"MO sem LS =>",37.0965970945946,"LS =>",0,"MO com LS =>",37.0965970945946]
[{"$nulls":4},"Valor do BDI =>",11.56,null,"Valor com BDI =>",null,75.43]
[]
[null,"Código","Banco","Descrição","Tipo",null,"Und","Quant.","Valor Unit","Total"]
["Composição"," 4016096 ","SICRO3","Escavação e carga de material de jazida com escavadeira hidráulica de 1,56 m³","",null,"m³",1,1.53,1.53]
["A","Código","Banco","Equipamentos","Quantidade","Utilização",null,"Custo Operacional",null,"Custo Horário"]
[{"$nulls":5},"Operativa","Improdutiva","Operativa","Improdutiva"]
["Insumo","E9515","SICRO3","Escavadeira hidráulica sobre esteiras com caçamba com capacidade de 1,56 m³ - 118 kW",1,1,0,313.0892,141.725,313.0892]
[{"$nulls":5},"Custo Horário de Equipamentos =>",null,null,null,313.0892]
["B","Código","Banco","Mão de Obra","Quantidade","Salário Hora",null,null,null,"Custo Horário"]
["Insumo","P9824","SICRO3","Servente",1,null,null,null,18.5436,18.5436]
[{"$nulls":5},"Custo Horário da Mão de Obra =>",null,null,null,18.5436]
[{"$nulls":5},"Adc.M.O. - Ferramentas (0,0%) =>",null,null,null,0]
[{"$nulls":5},"Custo Horário de Execução =>",null,null,null,331.6328]
[{"$nulls":5},"Fator de Influencia da Chuva - FIC =>",null,null,null,0.0643]
[{"$nulls":5},"Custo do FIC =>",null,null,null,0.0926]
[{"$nulls":5},"Produção de Equipe =>",null,null,null,230.19]
[{"$nulls":5},"Custo Unitário de Execução =>",null,null,null,1.4407]
[{"$nulls":4},"MO sem LS =>",0.08,"LS =>",0,"MO com LS =>",0.0805578000781963]
[{"$nulls":4},"Valor do BDI =>",0.3,null,"Valor com BDI =>",null,1.83]
[]
[null,"Código","Banco","Descrição","Tipo",null,"Und","Quant.","Valor Unit","Total"]
["Composição"," 4805751 ","SICRO3","Escavação manual em material de 1ª categoria na profundidade de 1 a 2 m","",null,"m³",1,49.34,49.34]
["B","Código","Banco","Mão de Obra","Quantidade","Salário Hora",null,null,null,"Custo Horário"]
["Insumo","P9824","SICRO3","Servente",1,null,null,null,18.5436,18.5436]
[{"$nulls":5},"Custo Horário da Mão de Obra =>",null,null,null,18.5436]
[{"$nulls":5},"Adc.M.O. - Ferramentas (0,0%) =>",null,null,null,0]
[{"$nulls":5},"Custo Horário de Execução =>",null,null,null,18.5436]
[{"$nulls":5},"Fator de Influencia da Chuva - FIC =>",null,null,null,0.0643]
[{"$nulls":5},"Custo do FIC =>",null,null,null,2.9804]
[{"$nulls":5},"Produção de Equipe =>",null,null,null,0.4]
[{"$nulls":5},"Custo Unitário de Execução =>",null,null,null,46.359]
[{"$nulls":4},"MO sem LS =>",46.359,"LS =>",0,"MO com LS =>",46.359]
[{"$nulls":4},"Valor do BDI =>",9.7,null,"Valor com BDI =>",null,59.04]
[]
[null,"Código","Banco","Descrição","Tipo",null,"Und","Quant.","Valor Unit","Total"]
["Composição"," 4805750 ","SICRO3","Escavação manual em material de 1ª categoria na profundidade de até 1 m","",null,"m³",1,39.47,39.47]
["B","Código","Banco","Mão de Obra","Quantidade","Salário Hora",null,null,null,"Custo Horário"]
["Insumo","P9824","SICRO3","Servente",1,null,null,null,18.5436,18.5436]
[{"$nulls":5},"Custo Horário da Mão de Obra =>",null,null,null,18.5436]
[{"$nulls":5},"Adc.M.O. - Ferramentas (0,0%) =>",null,null,null,0]
[{"$nulls":5},"Custo Horário de Execução =>",null,null,null,18.5436]
[{"$nulls":5},"Fator de Influencia da Chuva - FIC =>",null,null,null,0.0643]
[{"$nulls":5},"Custo do FIC =>",null,null,null,2.3843]
[{"$nulls":5},"Produção de Equipe =>",null,null,null,0.5]
[{"$nulls":5},"Custo Unitário de Execução =>",null,null,null,37.0872]
[{"$nulls":4},"MO sem LS =>",37.0872,"LS =>",0,"MO com LS =>",37.0872]
[{"$nulls":4},"Valor do BDI =>",7.76,null,"Valor com BDI =>",null,47.23]
[]
[null,"Código","Banco","Descrição","Tipo",null,"Und","Quant.","Valor Unit","Total"]
["Composição"," 4805750 ","SICRO3","Escavação manual em material de 1ª categoria na profundidade de até 1 m","",null,"m³",1,39.47,39.47]
["B","Código","Banco","Mão de Obra","Quantidade","Salário Hora",null,null,null,"Custo Horário"]
["Insumo","P9824","SICRO3","Servente",1,null,null,null,18.5436,18.5436]
[{"$nulls":5},"Custo Horário da Mão de Obra =>",null,null,null,18.5436]
[{"$nulls":5},"Adc.M.O. - Ferramentas (0,0%) =>",null,null,null,0]
[{"$nulls":5},"Custo Horário de Execução =>",null,null,null,18.5436]
[{"$nulls":5},"Fator de Influencia da Chuva - FIC =>",null,null,null,0.0643]
[{"$nulls":5},"Custo do FIC =>",null,null,null,2.3843]
[{"$nulls":5},"Produção de Equipe =>",null,null,null,0.5]
[{"$nulls":5},"Custo Unitário de Execução =>",null,null,null,37.0872]
[{"$nulls":4},"MO sem LS =>",37.0872,"LS =>",0,"MO com LS =>",37.0872]
[{"$nulls":4},"Valor do BDI =>",7.76,null,"Valor com BDI =>",null,47.23]
[]
[null,"Código","Banco","Descrição","Tipo",null,"Und","Quant.","Valor Unit","Total"]
["Composição"," 5502986 ","SICRO3","Expurgo de jazida","",null,"m³",1,2.76,2.76]
["A","Código","Banco","Equipamentos","Quantidade","Utilização",null,"Custo Operacional",null,"Custo Horário"]
[{"$nulls":5},"Operativa","Improdutiva","Operativa","Improdutiva"]
["Insumo","E9540","SICRO3","Trator sobre esteiras com lâmina - 127 kW",1,1,0,266.8875,100.5727,266.8875]
[{"$nulls":5},"Custo Horário de Equipamentos =>",null,null,null,266.8875]
["B","Código","Banco","Mão de Obra","Quantidade","Salário Hora",null,null,null,"Custo Horário"]
["Insumo","P9824","SICRO3","Servente",1,null,null,null,18.5436,18.5436]
[{"$nulls":5},"Custo Horário da Mão de Obra =>",null,null,null,18.5436]
[{"$nulls":5},"Adc.M.O. - Ferramentas (0,0%) =>",null,null,null,0]
[{"$nulls":5},"Custo Horário de Execução =>",null,null,null,285.4311]
[{"$nulls":5},"Fator de Influencia da Chuva - FIC =>",null,null,null,0.0643]
[{"$nulls":5},"Custo do FIC =>",null,null,null,0.1666]
[{"$nulls":5},"Produção de Equipe =>",null,null,null,110.13]
[{"$nulls":5},"Custo Unitário de Execução =>",null,null,null,2.5918]
[{"$nulls":4},"MO sem LS =>",0.168379188232089,"LS =>",0,"MO com LS =>",0.168379188232089]
[{"$nulls":4},"Valor do BDI =>",0.54,null,"Valor com BDI =>",null,3.3]
[]
[null,"Código","Banco","Descrição","Tipo",null,"Und","Quant.","Valor Unit","Total"]
["Composição"," 91305 ","SINAPI","FECHADURA DE EMBUTIR PARA PORTA DE BANHEIRO, COMPLETA, ACABAMENTO PADRÃO POPULAR, INCLUSO EXECUÇÃO DE FURO - FORNECIMENTO E INSTALAÇÃO. AF_12/2019","ESQV - ESQUADRIAS/FERRAGENS/VIDROS",null,"UN",1,117.06,117.06]
["Composição Auxiliar"," 88261 ","SINAPI","CARPINTEIRO DE ESQUADRIA COM ENCARGOS COMPLEMENTARES","SEDI - SERVIÇOS DIVERSOS",null,"H",0.767,19.39,14.87]
["Composição Auxiliar"," 88316 ","SINAPI","SERVENTE COM ENCARGOS COMPLEMENTARES","SEDI - SERVIÇOS DIVERSOS",null,"H",0.384,15.36,5.9]
["Insumo"," 00003097 ","SINAPI","FECHADURA ROSETA REDONDA PARA PORTA DE BANHEIRO, EM ACO INOX (MAQUINA, TESTA E CONTRA-TESTA) E EM ZAMAC (MACANETA, LINGUETA E TRINCOS) COM ACABAMENTO CROMADO, MAQUINA DE 40 MM, INCLUINDO CHAVE TIPO TRANQUETA","Material",null,"CJ",1,96.29,96.29]
[{"$nulls":4},"MO sem LS =>",16.7,"LS =>",0,"MO com LS =>",16.7]
[{"$nulls":4},"Valor do BDI =>",17.97,null,"Valor com BDI =>",null,135.03]
[]
[null,"Código","Banco","Descrição","Tipo",null,"Und","Quant.","Valor Unit","Total"]
["Composição"," 91170 ","SINAPI","FIXAÇÃO DE TUBOS HORIZONTAIS DE PVC, CPVC OU COBRE DIÂMETROS MENORES OU IGUAIS A 40 MM OU ELETROCALHAS ATÉ 150MM DE LARGURA, COM ABRAÇADEIRA METÁLICA RÍGIDA TIPO D 1/2\u0094, FIXADA EM PERFILADO EM LAJE. AF_05/2015","INHI - INSTALAÇÕES HIDROS SANITÁRIAS",null,"M",1,10.08,10.08]
["Composição Auxiliar"," 88248 ","SINAPI","AUXILIAR DE ENCANADOR OU BOMBEIRO HIDRÁULICO COM ENCARGOS COMPLEMENTARES","SEDI - SERVIÇOS DIVERSOS",null,"H",0.048,16.46,0.79]
["Composição Auxiliar"," 88267 ","SINAPI","ENCANADOR OU BOMBEIRO HIDRÁULICO COM ENCARGOS COMPLEMENTARES","SEDI - SERVIÇOS DIVERSOS",null,"H",0.2114,19.94,4.22]
["Insumo"," 00000392 ","SINAPI","ABRACADEIRA EM ACO PARA AMARRACAO DE ELETRODUTOS, TIPO D, COM 1/2\" E PARAFUSO DE FIXACAO","Material",null,"UN",1.7857,2.84,5.07]
[{"$nulls":4},"MO sem LS =>",4.21,"LS =>",0,"MO com LS =>",4.21]
[{"$nulls":4},"Valor do BDI =>",1.76,null,"Valor com BDI =>",null,11.84]
[]
[null,"Código","Banco","Descrição","Tipo",null,"Und","Quant.","Valor Unit","Total"]
["Composição"," 91173 ","SINAPI","FIXAÇÃO DE TUBOS VERTICAIS DE PPR DIÂMETROS MENORES OU IGUAIS A 40 MM COM ABRAÇADEIRA METÁLICA RÍGIDA TIPO D 1/2\", FIXADA EM PERFILADO EM ALVENARIA. AF_05/2015","INHI - INSTALAÇÕES HIDROS SANITÁRIAS",null,"M",1,3.75,3.75]
["Composição Auxiliar"," 88248 ","SINAPI","AUXILIAR DE ENCANADOR OU BOMBEIRO HIDRÁULICO COM ENCARGOS COMPLEMENTARES","SEDI - SERVIÇOS DIVERSOS",null,"H",0.0179,16.46,0.29]
["Composição Auxiliar"," 88267 ","SINAPI","ENCANADOR OU BOMBEIRO HIDRÁULICO COM ENCARGOS COMPLEMENTARES","SEDI - SERVIÇOS DIVERSOS",null,"H",0.0789,19.94,1.57]
["Insumo"," 00000392 ","SINAPI","ABRACADEIRA EM ACO PARA AMARRACAO DE ELETRODUTOS, TIPO D, COM 1/2\" E PARAFUSO DE FIXACAO","Material",null,"UN",0.6667,2.84,1.89]
[{"$nulls":4},"MO sem LS =>",1.57,"LS =>",0,"MO com LS =>",1.57]
[{"$nulls":4},"Valor do BDI =>",0.66,null,"Valor com BDI =>",null,4.41]
[]
[null,"Código","Banco","Descrição","Tipo",null,"Und","Quant.","Valor Unit","Total"]
["Composição"," 3107997 ","SICRO3","Fôrmas de compensado resinado 10 mm - uso geral - utilização de 3 vezes - confecção, instalação e retirada","",null,"m²",1,72.72,72.72]
["A","Código","Banco","Equipamentos","Quantidade","Utilização",null,"Custo Operacional",null,"Custo Horário"]
[{"$nulls":5},"Operativa","Improdutiva","Operativa","Improdutiva"]
["Insumo","E9066","SICRO3","Grupo gerador - 14 kVA",0.04016,1,0,18.5357,4.8517,0.7444]
["Insumo","E9535","SICRO3","Serra circular com bancada - D = 30 cm - 4 kW",0.04016,1,0,24.3297,23.9654,0.9771]
[{"$nulls":5},"Custo Horário de Equipamentos =>",null,null,null,1.7215]
["B","Código","Banco","Mão de Obra","Quantidade","Salário Hora",null,null,null,"Custo Horário"]
["Insumo","P9801","SICRO3","Ajudante",0.7,null,null,null,20.0513,14.0359]
["Insumo","P9808","SICRO3","Carpinteiro",0.7,null,null,null,23.0682,16.1477]
[{"$nulls":5},"Custo Horário da Mão de Obra =>",null,null,null,30.1836]
[{"$nulls":5},"Adc.M.O. - Ferramentas (0,0%) =>",null,null,null,0]
[{"$nulls":5},"Custo Horário de Execução =>",null,null,null,31.9051]
[{"$nulls":5},"Fator de Influencia da Chuva - FIC =>",null,null,null,0]
[{"$nulls":5},"Custo do FIC =>",null,null,null,0]
[{"$nulls":5},"Produção de Equipe =>",null,null,null,1]
[{"$nulls":5},"Custo Unitário de Execução =>",null,null,null,31.9051]
["C","Banco","Código","Material","Quantidade","Unidade","Preço Unitário",null,null,"Custo Horário"]
["Insumo","SICRO3","M0284","Caibro de pinho - L = 7,5 cm e E = 7,5 cm",0.44922,"m",14.8398,null,null,6.6663]
["Insumo","SICRO3","M0446","Compensado resinado - E = 10 mm",0.4043,"m²",34.7882,null,null,14.0649]
["Insumo","SICRO3","M0560","Desmoldante para fôrmas de madeira",0.01852,"l",13.429,null,null,0.2487]
["Insumo","SICRO3","M0310","Peça de madeira - L = 7,5 cm e E = 2,5 cm",0.19908,"m",3.9625,null,null,0.7889]
["Insumo","SICRO3","M1205","Prego de ferro",0.20396,"kg",17.8434,null,null,3.6393]
["Insumo","SICRO3","M0290","Tábua - E = 2,5 cm e L = 10 cm",2.09003,"m",4.5617,null,null,9.5341]
["Insumo","SICRO3","M0286","Tábua - E = 2,5 cm e L = 30 cm",0.35938,"m",14.9909,null,null,5.3874]
[{"$nulls":5},"Custo Total do Material =>",null,null,null,40.3296]
["E","Banco","Insumo","Tempos Fixos","Código","Quantidade","Unidade","Preço Unitário",null,"Custo Horário"]
["Tempo Fixo","SICRO3","M0284","Carga, manobra e descarga de materiais diversos em caminhão carroceria de 15 t - carga e descarga manuais",5914655,0.00253,"t",31.9,null,0.0807]
["Tempo Fixo","SICRO3","M0446","Carga, manobra e descarga de materiais diversos em caminhão carroceria de 15 t - carga e descarga manuais",5914655,0.00404,"t",31.9,null,0.1289]
["Tempo Fixo","SICRO3","M0560","Carga, manobra e descarga de materiais diversos em caminhão carroceria de 15 t - carga e descarga manuais",5914655,2e-5,"t",31.9,null,0.0006]
["Tempo Fixo","SICRO3","M0310","Carga, manobra e descarga de materiais diversos em caminhão carroceria de 15 t - carga e descarga manuais",5914655,0.00037,"t",31.9,null,0.0118]
["Tempo Fixo","SICRO3","M1205","Carga, manobra e descarga de materiais diversos em caminhão carroceria de 15 t - carga e descarga manuais",5914655,0.0002,"t",31.9,null,0.0064]
["Tempo Fixo","SICRO3","M0290","Carga, manobra e descarga de materiais diversos em caminhão carroceria de 15 t - carga e descarga manuais",5914655,0.00523,"t",31.9,null,0.1668]
["Tempo Fixo","SICRO3","M0286","Carga, manobra e descarga de materiais diversos em caminhão carroceria de 15 t - carga e descarga manuais",5914655,0.0027,"t",31.9,null,0.0861]
[{"$nulls":5},"Custo Total dos Tempos Fixos =>",null,null,null,0.4813]
["F","Banco","Insumo","Momento de Transporte","Quantidade","Unidade","Distância Média de Transporte (DMT)",null,null,"Custo Horário"]
[{"$nulls":6},"LN","RP","P"]
["Momento de Transporte","SICRO3","M0284","Caibro de pinho - L = 7,5 cm e E = 7,5 cm - Caminhão carroceria com capacidade de 15 t - 188 kW",0.00253,"tkm","5914449\n0,000\nR$ 1,14","5914464\n0,000\nR$ 0,91","5914479\n0,000\nR$ 0,71",0]
["Momento de Transporte","SICRO3","M0446","Compensado resinado - E = 10 mm - Caminhão carroceria com capacidade de 15 t - 188 kW",0.00404,"tkm","5914449\n0,000\nR$ 1,14","5914464\n0,000\nR$ 0,91","5914479\n0,000\nR$ 0,71",0]
["Momento de Transporte","SICRO3","M0560","Desmoldante para fôrmas de madeira - Caminhão carroceria com capacidade de 15 t - 188 kW",2e-5,"tkm","5914449\n0,000\nR$ 1,14","5914464\n0,000\nR$ 0,91","5914479\n0,000\nR$ 0,71",0]
["Momento de Transporte","SICRO3","M0310","Peça de madeira - L = 7,5 cm e E = 2,5 cm - Caminhão carroceria com capacidade de 15 t - 188 kW",0.00037,"tkm","5914449\n0,000\nR$ 1,14","5914464\n0,000\nR$ 0,91","5914479\n0,000\nR$ 0,71",0]
["Momento de Transporte","SICRO3","M1205","Prego de ferro - Caminhão carroceria com capacidade de 15 t - 188 kW",0.0002,"tkm","5914449\n0,000\nR$ 1,14","5914464\n0,000\nR$ 0,91","5914479\n0,000\nR$ 0,71",0]
["Momento de Transporte","SICRO3","M0290","Tábua - E = 2,5 cm e L = 10 cm - Caminhão carroceria com capacidade de 15 t - 188 kW",0.00523,"tkm","5914449\n0,000\nR$ 1,14","5914464\n0,000\nR$ 0,91","5914479\n0,000\nR$ 0,71",0]
["Momento de Transporte","SICRO3","M0286","Tábua - E = 2,5 cm e L = 30 cm - Caminhão carroceria com capacidade de 15 t - 188 kW",0.0027,"tkm","5914449\n0,000\nR$ 1,14","5914464\n0,000\nR$ 0,91","5914479\n0,000\nR$ 0,71",0]
[{"$nulls":5},"Custo total dos Momentos de Transportes =>",null,null,null,0]
[{"$nulls":4},"MO sem LS =>",30.3254521574324,"LS =>",0,"MO com LS =>",30.3254521574324]
[{"$nulls":4},"Valor do BDI =>",12.5,null,"Valor com BDI =>",null,85.22]
[]
[null,"Código","Banco","Descrição","Tipo",null,"Und","Quant.","Valor Unit","Total"]
["Composição"," 3103302 ","SICRO3","Fôrmas de tábuas de pinho para dispositivos de drenagem - utilização de 3 vezes - confecção, instalação e retirada","",null,"m²",1,68.88,68.88]
["A","Código","Banco","Equipamentos","Quantidade","Utilização",null,"Custo Operacional",null,"Custo Horário"]
[{"$nulls":5},"Operativa","Improdutiva","Operativa","Improdutiva"]
["Insumo","E9066","SICRO3","Grupo gerador - 14 kVA",0.09372,1,0,18.5357,4.8517,1.7372]
["Insumo","E9535","SICRO3","Serra circular com bancada - D = 30 cm - 4 kW",0.09372,1,0,24.3297,23.9654,2.2802]
[{"$nulls":5},"Custo Horário de Equipamentos =>",null,null,null,4.0174]
["B","Código","Banco","Mão de Obra","Quantidade","Salário Hora",null,null,null,"Custo Horário"]
["Insumo","P9801","SICRO3","Ajudante",0.9,null,null,null,20.0513,18.0462]
["Insumo","P9808","SICRO3","Carpinteiro",0.9,null,null,null,23.0682,20.7614]
[{"$nulls":5},"Custo Horário da Mão de Obra =>",null,null,null,38.8076]
[{"$nulls":5},"Adc.M.O. - Ferramentas (0,0%) =>",null,null,null,0]
[{"$nulls":5},"Custo Horário de Execução =>",null,null,null,42.825]
[{"$nulls":5},"Fator de Influencia da Chuva - FIC =>",null,null,null,0]
[{"$nulls":5},"Custo do FIC =>",null,null,null,0]
[{"$nulls":5},"Produção de Equipe =>",null,null,null,1]
[{"$nulls":5},"Custo Unitário de Execução =>",null,null,null,42.825]
["C","Banco","Código","Material","Quantidade","Unidade","Preço Unitário",null,null,"Custo Horário"]
["Insumo","SICRO3","M0560","Desmoldante para fôrmas de madeira",0.01852,"l",13.429,null,null,0.2487]
["Insumo","SICRO3","M1205","Prego de ferro",0.02365,"kg",17.8434,null,null,0.422]
["Insumo","SICRO3","M0290","Tábua - E = 2,5 cm e L = 10 cm",1.21489,"m",4.5617,null,null,5.542]
["Insumo","SICRO3","M1429","Tábua de pinho de terceira - E = 2,5 cm",0.40427,"m²",48.0338,null,null,19.4186]
[{"$nulls":5},"Custo Total do Material =>",null,null,null,25.6313]
["E","Banco","Insumo","Tempos Fixos","Código","Quantidade","Unidade","Preço Unitário",null,"Custo Horário"]
["Tempo Fixo","SICRO3","M0560","Carga, manobra e descarga de materiais diversos em caminhão carroceria de 15 t - carga e descarga manuais",5914655,2e-5,"t",31.9,null,0.0006]
["Tempo Fixo","SICRO3","M1205","Carga, manobra e descarga de materiais diversos em caminhão carroceria de 15 t - carga e descarga manuais",5914655,2e-5,"t",31.9,null,0.0006]
["Tempo Fixo","SICRO3","M0290","Carga, manobra e descarga de materiais diversos em caminhão carroceria de 15 t - carga e descarga manuais",5914655,0.00304,"t",31.9,null,0.097]
["Tempo Fixo","SICRO3","M1429","Carga, manobra e descarga de materiais diversos em caminhão carroceria de 15 t - carga e descarga manuais",5914655,0.01011,"t",31.9,null,0.3225]
[{"$nulls":5},"Custo Total dos Tempos Fixos =>",null,null,null,0.4207]
["F","Banco","Insumo","Momento de Transporte","Quantidade","Unidade","Distância Média de Transporte (DMT)",null,null,"Custo Horário"]
[{"$nulls":6},"LN","RP","P"]
["Momento de Transporte","SICRO3","M0560","Desmoldante para fôrmas de madeira - Caminhão carroceria com capacidade de 15 t - 188 kW",2e-5,"tkm","5914449\n0,000\nR$ 1,14","5914464\n0,000\nR$ 0,91","5914479\n0,000\nR$ 0,71",0]
["Momento de Transporte","SICRO3","M1205","Prego de ferro - Caminhão carroceria com capacidade de 15 t - 188 kW",2e-5,"tkm","5914449\n0,000\nR$ 1,14","5914464\n0,000\nR$ 0,91","5914479\n0,000\nR$ 0,71",0]
["Momento de Transporte","SICRO3","M0290","Tábua - E = 2,5 cm e L = 10 cm - Caminhão carroceria com capacidade de 15 t - 188 kW",0.00304,"tkm","5914449\n0,000\nR$ 1,14","5914464\n0,000\nR$ 0,91","5914479\n0,000\nR$ 0,71",0]
["Momento de Transporte","SICRO3","M1429","Tábua de pinho de terceira - E = 2,5 cm - Caminhão carroceria com capacidade de 15 t - 188 kW",0.01011,"tkm","5914449\n0,000\nR$ 1,14","5914464\n0,000\nR$ 0,91","5914479\n0,000\nR$ 0,71",0]
[{"$nulls":5},"Custo total dos Momentos de Transportes =>",null,null,null,0]
[{"$nulls":4},"MO sem LS =>",38.93,"LS =>",0,"MO com LS =>",38.9314976777027]
[{"$nulls":4},"Valor do BDI =>",12.69,null,"Valor com BDI =>",null,81.57]
[]
[null,"Código","Banco","Descrição","Tipo",null,"Und","Quant.","Valor Unit","Total"]
["Composição"," 93282 ","SINAPI","GUINCHO ELÉTRICO DE COLUNA, CAPACIDADE 400 KG, COM MOTO FREIO, MOTOR TRIFÁSICO DE 1,25 CV - CHI DIURNO. AF_03/2016","CHOR - CUSTOS HORÁRIOS DE MÁQUINAS E EQUIPAMENTOS",null,"CHI",1,15.26,15.26]
["Composição Auxiliar"," 88295 ","SINAPI","OPERADOR DE GUINCHO COM ENCARGOS COMPLEMENTARES","SEDI - SERVIÇOS DIVERSOS",null,"H",1,14.87,14.87]
["Composição Auxiliar"," 93277 ","SINAPI","GUINCHO ELÉTRICO DE COLUNA, CAPACIDADE 400 KG, COM MOTO FREIO, MOTOR TRIFÁSICO DE 1,25 CV - DEPRECIAÇÃO. AF_03/2016","CHOR - CUSTOS HORÁRIOS DE MÁQUINAS E EQUIPAMENTOS",null,"H",1,0.32,0.32]
["Composição Auxiliar"," 93278 ","SINAPI","GUINCHO ELÉTRICO DE COLUNA, CAPACIDADE 400 KG, COM MOTO FREIO, MOTOR TRIFÁSICO DE 1,25 CV - JUROS. AF_03/2016","CHOR - CUSTOS HORÁRIOS DE MÁQUINAS E EQUIPAMENTOS",null,"H",1,0.07,0.07]
[{"$nulls":4},"MO sem LS =>",12.34,"LS =>",0,"MO com LS =>",12.34]
[{"$nulls":4},"Valor do BDI =>",3.19,null,"Valor com BDI =>",null,18.45]
[]
[null,"Código","Banco","Descrição","Tipo",null,"Und","Quant.","Valor Unit","Total"]
["Composição"," 93281 ","SINAPI","GUINCHO ELÉTRICO DE COLUNA, CAPACIDADE 400 KG, COM MOTO FREIO, MOTOR TRIFÁSICO DE 1,25 CV - CHP DIURNO. AF_03/2016","CHOR - CUSTOS HORÁRIOS DE MÁQUINAS E EQUIPAMENTOS",null,"CHP",1,16.27,16.27]
["Composição Auxiliar"," 88295 ","SINAPI","OPERADOR DE GUINCHO COM ENCARGOS COMPLEMENTARES","SEDI - SERVIÇOS DIVERSOS",null,"H",1,14.87,14.87]
["Composição Auxiliar"," 93277 ","SINAPI","GUINCHO ELÉTRICO DE COLUNA, CAPACIDADE 400 KG, COM MOTO FREIO, MOTOR TRIFÁSICO DE 1,25 CV - DEPRECIAÇÃO. AF_03/2016","CHOR - CUSTOS HORÁRIOS DE MÁQUINAS E EQUIPAMENTOS",null,"H",1,0.32,0.32]
["Composição Auxiliar"," 93278 ","SINAPI","GUINCHO ELÉTRICO DE COLUNA, CAPACIDADE 400 KG, COM MOTO FREIO, MOTOR TRIFÁSICO DE 1,25 CV - JUROS. AF_03/2016","CHOR - CUSTOS HORÁRIOS DE MÁQUINAS E EQUIPAMENTOS",null,"H",1,0.07,0.07]
["Composição Auxiliar"," 93279 ","SINAPI","GUINCHO ELÉTRICO DE COLUNA, CAPACIDADE 400 KG, COM MOTO FREIO, MOTOR TRIFÁSICO DE 1,25 CV - MANUTENÇÃO. AF_03/2016","CHOR - CUSTOS HORÁRIOS DE MÁQUINAS E EQUIPAMENTOS",null,"H",1,0.3,0.3]
["Composição Auxiliar"," 93280 ","SINAPI","GUINCHO ELÉTRICO DE COLUNA, CAPACIDADE 400 KG, COM MOTO FREIO, MOTOR TRIFÁSICO DE 1,25 CV - MATERIAIS NA OPERAÇÃO. AF_03/2016","CHOR - CUSTOS HORÁRIOS DE MÁQUINAS E EQUIPAMENTOS",null,"H",1,0.71,0.71]
[{"$nulls":4},"MO sem LS =>",12.34,"LS =>",0,"MO com LS =>",12.34]
[{"$nulls":4},"Valor do BDI =>",3.35,null,"Valor com BDI =>",null,19.62]
[]
[null,"Código","Banco","Descrição","Tipo",null,"Und","Quant.","Valor Unit","Total"]
["Composição"," 93277 ","SINAPI","GUINCHO ELÉTRICO DE COLUNA, CAPACIDADE 400 KG, COM MOTO FREIO, MOTOR TRIFÁSICO DE 1,25 CV - DEPRECIAÇÃO. AF_03/2016","CHOR - CUSTOS HORÁRIOS DE MÁQUINAS E EQUIPAMENTOS",null,"H",1,0.32,0.32]
["Insumo"," 00036487 ","SINAPI","GUINCHO ELETRICO DE COLUNA, CAPACIDADE 400 KG, COM MOTO FREIO, MOTOR TRIFASICO DE 1,25 CV","Equipamento",null,"UN",6.4e-5,5033.27,0.32]
[{"$nulls":4},"MO sem LS =>",0,"LS =>",0,"MO com LS =>",0]
[{"$nulls":4},"Valor do BDI =>",0.07,null,"Valor com BDI =>",null,0.39]
[]
[null,"Código","Banco","Descrição","Tipo",null,"Und","Quant.","Valor Unit","Total"]
["Composição"," 93278 ","SINAPI","GUINCHO ELÉTRICO DE COLUNA, CAPACIDADE 400 KG, COM MOTO FREIO, MOTOR TRIFÁSICO DE 1,25 CV - JUROS. AF_03/2016","CHOR - CUSTOS HORÁRIOS DE MÁQUINAS E EQUIPAMENTOS",null,"H",1,0.07,0.07]
["Insumo"," 00036487 ","SINAPI","GUINCHO ELETRICO DE COLUNA, CAPACIDADE 400 KG, COM MOTO FREIO, MOTOR TRIFASICO DE 1,25 CV","Equipamento",null,"UN",1.48e-5,5033.27,0.07]
[{"$nulls":4},"MO sem LS =>",0,"LS =>",0,"MO com LS =>",0]
[{"$nulls":4},"Valor do BDI =>",0.02,null,"Valor com BDI =>",null,0.09]
[]
[null,"Código","Banco","Descrição","Tipo",null,"Und","Quant.","Valor Unit","Total"]
["Composição"," 93279 ","SINAPI","GUINCHO ELÉTRICO DE COLUNA, CAPACIDADE 400 KG, COM MOTO FREIO, MOTOR TRIFÁSICO DE 1,25 CV - MANUTENÇÃO. AF_03/2016","CHOR - CUSTOS HORÁRIOS DE MÁQUINAS E EQUIPAMENTOS",null,"H",1,0.3,0.3]
["Insumo"," 00036487 ","SINAPI","GUINCHO ELETRICO DE COLUNA, CAPACIDADE 400 KG, COM MOTO FREIO, MOTOR TRIFASICO DE 1,25 CV","Equipamento",null,"UN",6e-5,5033.27,0.3]
[{"$nulls":4},"MO sem LS =>",0,"LS =>",0,"MO com LS =>",0]
[{"$nulls":4},"Valor do BDI =>",0.06,null,"Valor com BDI =>",null,0.36]
[]
[null,"Código","Banco","Descrição","Tipo",null,"Und","Quant.","Valor Unit","Total"]
["Composição"," 93280 ","SINAPI","GUINCHO ELÉTRICO DE COLUNA, CAPACIDADE 400 KG, COM MOTO FREIO, MOTOR TRIFÁSICO DE 1,25 CV - MATERIAIS NA OPERAÇÃO. AF_03/2016","CHOR - CUSTOS HORÁRIOS DE MÁQUINAS E EQUIPAMENTOS",null,"H",1,0.71,0.71]
["Insumo"," 00002705 ","SINAPI","ENERGIA ELETRICA ATE 2000 KWH INDUSTRIAL, SEM DEMANDA","Material",null,"KWH",0.78,0.91,0.71]
[{"$nulls":4},"MO sem LS =>",0,"LS =>",0,"MO com LS =>",0]
[{"$nulls":4},"Valor do BDI =>",0.1,null,"Valor com BDI =>",null,0.81]
[]
[null,"Código","Banco","Descrição","Tipo",null,"Und","Quant.","Valor Unit","Total"]
["Composição"," 5928 ","SINAPI","GUINDAUTO HIDRÁULICO, CAPACIDADE MÁXIMA DE CARGA 6200 KG, MOMENTO MÁXIMO DE CARGA 11,7 TM, ALCANCE MÁXIMO HORIZONTAL 9,70 M, INCLUSIVE CAMINHÃO TOCO PBT 16.000 KG, POTÊNCIA DE 189 CV - CHP DIURNO. AF_06/2014","CHOR - CUSTOS HORÁRIOS DE MÁQUINAS E EQUIPAMENTOS",null,"CHP",1,291.75,291.75]
["Composição Auxiliar"," 88286 ","SINAPI","MOTORISTA OPERADOR DE MUNCK COM ENCARGOS COMPLEMENTARES","SEDI - SERVIÇOS DIVERSOS",null,"H",1,21.46,21.46]
["Composição Auxiliar"," 89259 ","SINAPI","GUINDAUTO HIDRÁULICO, CAPACIDADE MÁXIMA DE CARGA 6200 KG, MOMENTO MÁXIMO DE CARGA 11,7 TM, ALCANCE MÁXIMO HORIZONTAL 9,70 M, INCLUSIVE CAMINHÃO TOCO PBT 16.000 KG, POTÊNCIA DE 189 CV - DEPRECIAÇÃO. AF_06/2014","CHOR - CUSTOS HORÁRIOS DE MÁQUINAS E EQUIPAMENTOS",null,"H",1,27.43,27.43]
["Composição Auxiliar"," 89260 ","SINAPI","GUINDAUTO HIDRÁULICO, CAPACIDADE MÁXIMA DE CARGA 6200 KG, MOMENTO MÁXIMO DE CARGA 11,7 TM, ALCANCE MÁXIMO HORIZONTAL 9,70 M, INCLUSIVE CAMINHÃO TOCO PBT 16.000 KG, POTÊNCIA DE 189 CV - JUROS. AF_06/2014","CHOR - CUSTOS HORÁRIOS DE MÁQUINAS E EQUIPAMENTOS",null,"H",1,10.16,10.16]
["Composição Auxiliar"," 89262 ","SINAPI","GUINDAUTO HIDRÁULICO, CAPACIDADE MÁXIMA DE CARGA 6200 KG, MOMENTO MÁXIMO DE CARGA 11,7 TM, ALCANCE MÁXIMO HORIZONTAL 9,70 M, INCLUSIVE CAMINHÃO TOCO PBT 16.000 KG, POTÊNCIA DE 189 CV - MANUTENÇÃO. AF_06/2014","CHOR - CUSTOS HORÁRIOS DE MÁQUINAS E EQUIPAMENTOS",null,"H",1,46.76,46.76]
["Composição Auxiliar"," 91466 ","SINAPI","GUINDAUTO HIDRÁULICO, CAPACIDADE MÁXIMA DE CARGA 6200 KG, MOMENTO MÁXIMO DE CARGA 11,7 TM, ALCANCE MÁXIMO HORIZONTAL 9,70 M, INCLUSIVE CAMINHÃO TOCO PBT 16.000 KG, POTÊNCIA DE 189 CV - IMPOSTOS E SEGUROS. AF_08/2015","CHOR - CUSTOS HORÁRIOS DE MÁQUINAS E EQUIPAMENTOS",null,"H",1,4.1,4.1]
["Composição Auxiliar"," 91467 ","SINAPI","GUINDAUTO HIDRÁULICO, CAPACIDADE MÁXIMA DE CARGA 6200 KG, MOMENTO MÁXIMO DE CARGA 11,7 TM, ALCANCE MÁXIMO HORIZONTAL 9,70 M, INCLUSIVE CAMINHÃO TOCO PBT 16.000 KG, POTÊNCIA DE 189 CV - MATERIAIS NA OPERAÇÃO. AF_08/2015","CHOR - CUSTOS HORÁRIOS DE MÁQUINAS E EQUIPAMENTOS",null,"H",1,181.84,181.84]
[{"$nulls":4},"MO sem LS =>",18.93,"LS =>",0,"MO com LS =>",18.93]
[{"$nulls":4},"Valor do BDI =>",48.65,null,"Valor com BDI =>",null,340.4]
[]
[null,"Código","Banco","Descrição","Tipo",null,"Und","Quant.","Valor Unit","Total"]
["Composição"," 89259 ","SINAPI","GUINDAUTO HIDRÁULICO, CAPACIDADE MÁXIMA DE CARGA 6200 KG, MOMENTO MÁXIMO DE CARGA 11,7 TM, ALCANCE MÁXIMO HORIZONTAL 9,70 M, INCLUSIVE CAMINHÃO TOCO PBT 16.000 KG, POTÊNCIA DE 189 CV - DEPRECIAÇÃO. AF_06/2014","CHOR - CUSTOS HORÁRIOS DE MÁQUINAS E EQUIPAMENTOS",null,"H",1,27.43,27.43]
["Insumo"," 00003363 ","SINAPI","GUINDAUTO HIDRAULICO, CAPACIDADE MAXIMA DE CARGA 6200 KG, MOMENTO MAXIMO DE CARGA 11,7 TM , ALCANCE MAXIMO HORIZONTAL  9,70 M, PARA MONTAGEM SOBRE CHASSI DE CAMINHAO PBT MINIMO 13000 KG (INCLUI MONTAGEM, NAO INCLUI CAMINHAO)","Equipamento",null,"UN",5.51e-5,136000,7.49]
["Insumo"," 00037752 ","SINAPI","CAMINHAO TOCO, PESO BRUTO TOTAL 16000 KG, CARGA UTIL MAXIMA 11030 KG, DISTANCIA ENTRE EIXOS 5,41 M, POTENCIA 185 CV (INCLUI CABINE E CHASSI, NAO INCLUI CARROCERIA)","Equipamento",null,"UN",3.43e-5,581472.95,19.94]
[{"$nulls":4},"MO sem LS =>",0,"LS =>",0,"MO com LS =>",0]
[{"$nulls":4},"Valor do BDI =>",5.74,null,"Valor com BDI =>",null,33.17]
[]
[null,"Código","Banco","Descrição","Tipo",null,"Und","Quant.","Valor Unit","Total"]
["Composição"," 91466 ","SINAPI","GUINDAUTO HIDRÁULICO, CAPACIDADE MÁXIMA DE CARGA 6200 KG, MOMENTO MÁXIMO DE CARGA 11,7 TM, ALCANCE MÁXIMO HORIZONTAL 9,70 M, INCLUSIVE CAMINHÃO TOCO PBT 16.000 KG, POTÊNCIA DE 189 CV - IMPOSTOS E SEGUROS. AF_08/2015","CHOR - CUSTOS HORÁRIOS DE MÁQUINAS E EQUIPAMENTOS",null,"H",1,4.1,4.1]
["Insumo"," 00003363 ","SINAPI","GUINDAUTO HIDRAULICO, CAPACIDADE MAXIMA DE CARGA 6200 KG, MOMENTO MAXIMO DE CARGA 11,7 TM , ALCANCE MAXIMO HORIZONTAL  9,70 M, PARA MONTAGEM SOBRE CHASSI DE CAMINHAO PBT MINIMO 13000 KG (INCLUI MONTAGEM, NAO INCLUI CAMINHAO)","Equipamento",null,"UN",5.8e-6,136000,0.79]
["Insumo"," 00037752 ","SINAPI","CAMINHAO TOCO, PESO BRUTO TOTAL 16000 KG, CARGA UTIL MAXIMA 11030 KG, DISTANCIA ENTRE EIXOS 5,41 M, POTENCIA 185 CV (INCLUI CABINE E CHASSI, NAO INCLUI CARROCERIA)","Equipamento",null,"UN",5.7e-6,581472.95,3.31]
[{"$nulls":4},"MO sem LS =>",0,"LS =>",0,"MO com LS =>",0]
[{"$nulls":4},"Valor do BDI =>",0.86,null,"Valor com BDI =>",null,4.96]
[]
[null,"Código","Banco","Descrição","Tipo",null,"Und","Quant.","Valor Unit","Total"]
["Composição"," 89260 ","SINAPI","GUINDAUTO HIDRÁULICO, CAPACIDADE MÁXIMA DE CARGA 6200 KG, MOMENTO MÁXIMO DE CARGA 11,7 TM, ALCANCE MÁXIMO HORIZONTAL 9,70 M, INCLUSIVE CAMINHÃO TOCO PBT 16.000 KG, POTÊNCIA DE 189 CV - JUROS. AF_06/2014","CHOR - CUSTOS HORÁRIOS DE MÁQUINAS E EQUIPAMENTOS",null,"H",1,10.16,10.16]
["Insumo"," 00003363 ","SINAPI","GUINDAUTO HIDRAULICO, CAPACIDADE MAXIMA DE CARGA 6200 KG, MOMENTO MAXIMO DE CARGA 11,7 TM , ALCANCE MAXIMO HORIZONTAL  9,70 M, PARA MONTAGEM SOBRE CHASSI DE CAMINHAO PBT MINIMO 13000 KG (INCLUI MONTAGEM, NAO INCLUI CAMINHAO)","Equipamento",null,"UN",1.44e-5,136000,1.96]
["Insumo"," 00037752 ","SINAPI","CAMINHAO TOCO, PESO BRUTO TOTAL 16000 KG, CARGA UTIL MAXIMA 11030 KG, DISTANCIA ENTRE EIXOS 5,41 M, POTENCIA 185 CV (INCLUI CABINE E CHASSI, NAO INCLUI CARROCERIA)","Equipamento",null,"UN",1.41e-5,581472.95,8.2]
[{"$nulls":4},"MO sem LS =>",0,"LS =>",0,"MO com LS =>",0]
[{"$nulls":4},"Valor do BDI =>",2.13,null,"Valor com BDI =>",null,12.29]
[]
[null,"Código","Banco","Descrição","Tipo",null,"Und","Quant.","Valor Unit","Total"]
["Composição"," 89262 ","SINAPI","GUINDAUTO HIDRÁULICO, CAPACIDADE MÁXIMA DE CARGA 6200 KG, MOMENTO MÁXIMO DE CARGA 11,7 TM, ALCANCE MÁXIMO HORIZONTAL 9,70 M, INCLUSIVE CAMINHÃO TOCO PBT 16.000 KG, POTÊNCIA DE 189 CV - MANUTENÇÃO. AF_06/2014","CHOR - CUSTOS HORÁRIOS DE MÁQUINAS E EQUIPAMENTOS",null,"H",1,46.76,46.76]
["Insumo"," 00003363 ","SINAPI","GUINDAUTO HIDRAULICO, CAPACIDADE MAXIMA DE CARGA 6200 KG, MOMENTO MAXIMO DE CARGA 11,7 TM , ALCANCE MAXIMO HORIZONTAL  9,70 M, PARA MONTAGEM SOBRE CHASSI DE CAMINHAO PBT MINIMO 13000 KG (INCLUI MONTAGEM, NAO INCLUI CAMINHAO)","Equipamento",null,"UN",6.89e-5,136000,9.37]
["Insumo"," 00037752 ","SINAPI","CAMINHAO TOCO, PESO BRUTO TOTAL 16000 KG, CARGA UTIL MAXIMA 11030 KG, DISTANCIA ENTRE EIXOS 5,41 M, POTENCIA 185 CV (INCLUI CABINE E CHASSI, NAO INCLUI CARROCERIA)","Equipamento",null,"UN",6.43e-5,581472.95,37.39]
[{"$nulls":4},"MO sem LS =>",0,"LS =>",0,"MO com LS =>",0]
[{"$nulls":4},"Valor do BDI =>",9.79,null,"Valor com BDI =>",null,56.55]
[]
[null,"Código","Banco","Descrição","Tipo",null,"Und","Quant.","Valor Unit","Total"]
["Composição"," 91467 ","SINAPI","GUINDAUTO HIDRÁULICO, CAPACIDADE MÁXIMA DE CARGA 6200 KG, MOMENTO MÁXIMO DE CARGA 11,7 TM, ALCANCE MÁXIMO HORIZONTAL 9,70 M, INCLUSIVE CAMINHÃO TOCO PBT 16.000 KG, POTÊNCIA DE 189 CV - MATERIAIS NA OPERAÇÃO. AF_08/2015","CHOR - CUSTOS HORÁRIOS DE MÁQUINAS E EQUIPAMENTOS",null,"H",1,181.84,181.84]
["Insumo"," 00004221 ","SINAPI","OLEO DIESEL COMBUSTIVEL COMUM","Material",null,"L",26.43,6.88,181.84]
[{"$nulls":4},"MO sem LS =>",0,"LS =>",0,"MO com LS =>",0]
[{"$nulls":4},"Valor do BDI =>",25.64,null,"Valor com BDI =>",null,207.48]
[]
[null,"Código","Banco","Descrição","Tipo",null,"Und","Quant.","Valor Unit","Total"]
["Composição"," 96986 ","SINAPI","HASTE DE ATERRAMENTO, DIÂMETRO 3/4\", COM 3 METROS - FORNECIMENTO E INSTALAÇÃO. AF_08/2023","INEL - INSTALAÇÃO ELÉTRICA/ELETRIFICAÇÃO E ILUMINAÇÃO EXTERNA",null,"UN",1,134.57,134.57]
["Composição Auxiliar"," 88247 ","SINAPI","AUXILIAR DE ELETRICISTA COM ENCARGOS COMPLEMENTARES","SEDI - SERVIÇOS DIVERSOS",null,"H",0.3882,20.5,7.96]
["Composição Auxiliar"," 88264 ","SINAPI","ELETRICISTA COM ENCARGOS COMPLEMENTARES","SEDI - SERVIÇOS DIVERSOS",null,"H",0.3882,22.56,8.76]
["Insumo"," 00003378 ","SINAPI","HASTE DE ATERRAMENTO EM ACO COM 3,00 M DE COMPRIMENTO E DN = 3/4\", REVESTIDA COM BAIXA CAMADA DE COBRE, SEM CONECTOR","Material",null,"UN",1,117.85,117.85]
[{"$nulls":4},"MO sem LS =>",13.84,"LS =>",0,"MO com LS =>",13.84]
[{"$nulls":4},"Valor do BDI =>",20.17,null,"Valor com BDI =>",null,154.74]
[]
[null,"Código","Banco","Descrição","Tipo",null,"Und","Quant.","Valor Unit","Total"]
["Composição"," 96985 ","SINAPI","HASTE DE ATERRAMENTO, DIÂMETRO 5/8\", COM 3 METROS - FORNECIMENTO E INSTALAÇÃO. AF_08/2023","INEL - INSTALAÇÃO ELÉTRICA/ELETRIFICAÇÃO E ILUMINAÇÃO EXTERNA",null,"UN",1,90.34,90.34]
["Composição Auxiliar"," 88247 ","SINAPI","AUXILIAR DE ELETRICISTA COM ENCARGOS COMPLEMENTARES","SEDI - SERVIÇOS DIVERSOS",null,"H",0.2484,20.5,5.09]
["Composição Auxiliar"," 88264 ","SINAPI","ELETRICISTA COM ENCARGOS COMPLEMENTARES","SEDI - SERVIÇOS DIVERSOS",null,"H",0.2484,22.56,5.6]
["Insumo"," 00003379 ","SINAPI","HASTE DE ATERRAMENTO EM ACO COM 3,00 M DE COMPRIMENTO E DN = 5/8\", REVESTIDA COM BAIXA CAMADA DE COBRE, SEM CONECTOR","Material",null,"UN",1,79.65,79.65]
[{"$nulls":4},"MO sem LS =>",8.85,"LS =>",0,"MO com LS =>",8.85]
[{"$nulls":4},"Valor do BDI =>",13.51,null,"Valor com BDI =>",null,103.85]
[]
[null,"Código","Banco","Descrição","Tipo",null,"Und","Quant.","Valor Unit","Total"]
["Composição"," 92023 ","SINAPI","INTERRUPTOR SIMPLES (1 MÓDULO) COM 1 TOMADA DE EMBUTIR 2P+T 10 A, INCLUINDO SUPORTE E PLACA - FORNECIMENTO E INSTALAÇÃO. AF_03/2023","INEL - INSTALAÇÃO ELÉTRICA/ELETRIFICAÇÃO E ILUMINAÇÃO EXTERNA",null,"UN",1,49.54,49.54]
["Composição Auxiliar"," 91946 ","SINAPI","SUPORTE PARAFUSADO COM PLACA DE ENCAIXE 4\" X 2\" MÉDIO (1,30 M DO PISO) PARA PONTO ELÉTRICO - FORNECIMENTO E INSTALAÇÃO. AF_03/2023","INEL - INSTALAÇÃO ELÉTRICA/ELETRIFICAÇÃO E ILUMINAÇÃO EXTERNA",null,"UN",1,10.86,10.86]
["Composição Auxiliar"," 92022 ","SINAPI","INTERRUPTOR SIMPLES (1 MÓDULO) COM 1 TOMADA DE EMBUTIR 2P+T 10 A, SEM SUPORTE E SEM PLACA - FORNECIMENTO E INSTALAÇÃO. AF_03/2023","INEL - INSTALAÇÃO ELÉTRICA/ELETRIFICAÇÃO E ILUMINAÇÃO EXTERNA",null,"UN",1,38.68,38.68]
[{"$nulls":4},"MO sem LS =>",21.89,"LS =>",0,"MO com LS =>",21.89]
[{"$nulls":4},"Valor do BDI =>",8.8,null,"Valor com BDI =>",null,58.34]
[]
[null,"Código","Banco","Descrição","Tipo",null,"Und","Quant.","Valor Unit","Total"]
["Composição"," 92022 ","SINAPI","INTERRUPTOR SIMPLES (1 MÓDULO) COM 1 TOMADA DE EMBUTIR 2P+T 10 A, SEM SUPORTE E SEM PLACA - FORNECIMENTO E INSTALAÇÃO. AF_03/2023","INEL - INSTALAÇÃO ELÉTRICA/ELETRIFICAÇÃO E ILUMINAÇÃO EXTERNA",null,"UN",1,38.68,38.68]
["Composição Auxiliar"," 88247 ","SINAPI","AUXILIAR DE ELETRICISTA COM ENCARGOS COMPLEMENTARES","SEDI - SERVIÇOS DIVERSOS",null,"H",0.486,20.5,9.96]
["Composição Auxiliar"," 88264 ","SINAPI","ELETRICISTA COM ENCARGOS COMPLEMENTARES","SEDI - SERVIÇOS DIVERSOS",null,"H",0.486,22.56,10.96]
["Insumo"," 00038101 ","SINAPI","TOMADA 2P+T 10A, 250V  (APENAS MODULO)","Material",null,"UN",1,9.45,9.45]
["Insumo"," 00038112 ","SINAPI","INTERRUPTOR SIMPLES 10A, 250V (APENAS MODULO)","Material",null,"UN",1,8.31,8.31]
[{"$nulls":4},"MO sem LS =>",17.33,"LS =>",0,"MO com LS =>",17.33]
[{"$nulls":4},"Valor do BDI =>",6.89,null,"Valor com BDI =>",null,45.57]
[]
[null,"Código","Banco","Descrição","Tipo",null,"Und","Quant.","Valor Unit","Total"]
["Composição"," 91959 ","SINAPI","INTERRUPTOR SIMPLES (2 MÓDULOS), 10A/250V, INCLUINDO SUPORTE E PLACA - FORNECIMENTO E INSTALAÇÃO. AF_03/2023","INEL - INSTALAÇÃO ELÉTRICA/ELETRIFICAÇÃO E ILUMINAÇÃO EXTERNA",null,"UN",1,44.79,44.79]
["Composição Auxiliar"," 91946 ","SINAPI","SUPORTE PARAFUSADO COM PLACA DE ENCAIXE 4\" X 2\" MÉDIO (1,30 M DO PISO) PARA PONTO ELÉTRICO - FORNECIMENTO E INSTALAÇÃO. AF_03/2023","INEL - INSTALAÇÃO ELÉTRICA/ELETRIFICAÇÃO E ILUMINAÇÃO EXTERNA",null,"UN",1,10.86,10.86]
["Composição Auxiliar"," 91958 ","SINAPI","INTERRUPTOR SIMPLES (2 MÓDULOS), 10A/250V, SEM SUPORTE E SEM PLACA - FORNECIMENTO E INSTALAÇÃO. AF_03/2023","INEL - INSTALAÇÃO ELÉTRICA/ELETRIFICAÇÃO E ILUMINAÇÃO EXTERNA",null,"UN",1,33.93,33.93]
[{"$nulls":4},"MO sem LS =>",18.89,"LS =>",0,"MO com LS =>",18.89]
[{"$nulls":4},"Valor do BDI =>",7.89,null,"Valor com BDI =>",null,52.68]
[]
[null,"Código","Banco","Descrição","Tipo",null,"Und","Quant.","Valor Unit","Total"]
["Composição"," 91958 ","SINAPI","INTERRUPTOR SIMPLES (2 MÓDULOS), 10A/250V, SEM SUPORTE E SEM PLACA - FORNECIMENTO E INSTALAÇÃO. AF_03/2023","INEL - INSTALAÇÃO ELÉTRICA/ELETRIFICAÇÃO E ILUMINAÇÃO EXTERNA",null,"UN",1,33.93,33.93]
["Composição Auxiliar"," 88247 ","SINAPI","AUXILIAR DE ELETRICISTA COM ENCARGOS COMPLEMENTARES","SEDI - SERVIÇOS DIVERSOS",null,"H",0.402,20.5,8.24]
["Composição Auxiliar"," 88264 ","SINAPI","ELETRICISTA COM ENCARGOS COMPLEMENTARES","SEDI - SERVIÇOS DIVERSOS",null,"H",0.402,22.56,9.07]
["Insumo"," 00038112 ","SINAPI","INTERRUPTOR SIMPLES 10A, 250V (APENAS MODULO)","Material",null,"UN",2,8.31,16.62]
[{"$nulls":4},"MO sem LS =>",14.33,"LS =>",0,"MO com LS =>",14.33]
[{"$nulls":4},"Valor do BDI =>",5.98,null,"Valor com BDI =>",null,39.91]
[]
[null,"Código","Banco","Descrição","Tipo",null,"Und","Quant.","Valor Unit","Total"]
["Composição"," 91967 ","SINAPI","INTERRUPTOR SIMPLES (3 MÓDULOS), 10A/250V, INCLUINDO SUPORTE E PLACA - FORNECIMENTO E INSTALAÇÃO. AF_03/2023","INEL - INSTALAÇÃO ELÉTRICA/ELETRIFICAÇÃO E ILUMINAÇÃO EXTERNA",null,"UN",1,60.42,60.42]
["Composição Auxiliar"," 91946 ","SINAPI","SUPORTE PARAFUSADO COM PLACA DE ENCAIXE 4\" X 2\" MÉDIO (1,30 M DO PISO) PARA PONTO ELÉTRICO - FORNECIMENTO E INSTALAÇÃO. AF_03/2023","INEL - INSTALAÇÃO ELÉTRICA/ELETRIFICAÇÃO E ILUMINAÇÃO EXTERNA",null,"UN",1,10.86,10.86]
["Composição Auxiliar"," 91966 ","SINAPI","INTERRUPTOR SIMPLES (3 MÓDULOS), 10A/250V, SEM SUPORTE E SEM PLACA - FORNECIMENTO E INSTALAÇÃO. AF_03/2023","INEL - INSTALAÇÃO ELÉTRICA/ELETRIFICAÇÃO E ILUMINAÇÃO EXTERNA",null,"UN",1,49.56,49.56]
[{"$nulls":4},"MO sem LS =>",24.96,"LS =>",0,"MO com LS =>",24.96]
[{"$nulls":4},"Valor do BDI =>",10.6,null,"Valor com BDI =>",null,71.02]
[]
[null,"Código","Banco","Descrição","Tipo",null,"Und","Quant.","Valor Unit","Total"]
["Composição"," 91966 ","SINAPI","INTERRUPTOR SIMPLES (3 MÓDULOS), 10A/250V, SEM SUPORTE E SEM PLACA - FORNECIMENTO E INSTALAÇÃO. AF_03/2023","INEL - INSTALAÇÃO ELÉTRICA/ELETRIFICAÇÃO E ILUMINAÇÃO EXTERNA",null,"UN",1,49.56,49.56]
["Composição Auxiliar"," 88247 ","SINAPI","AUXILIAR DE ELETRICISTA COM ENCARGOS COMPLEMENTARES","SEDI - SERVIÇOS DIVERSOS",null,"H",0.572,20.5,11.73]
["Composição Auxiliar"," 88264 ","SINAPI","ELETRICISTA COM ENCARGOS COMPLEMENTARES","SEDI - SERVIÇOS DIVERSOS",null,"H",0.572,22.56,12.9]
["Insumo"," 00038112 ","SINAPI","INTERRUPTOR SIMPLES 10A, 250V (APENAS MODULO)","Material",null,"UN",3,8.31,24.93]
[{"$nulls":4},"MO sem LS =>",20.4,"LS =>",0,"MO com LS =>",20.4]
[{"$nulls":4},"Valor do BDI =>",8.69,null,"Valor com BDI =>",null,58.25]
[]
[null,"Código","Banco","Descrição","Tipo",null,"Und","Quant.","Valor Unit","Total"]
["Composição"," 94559 ","SINAPI","JANELA DE AÇO TIPO BASCULANTE PARA VIDROS, COM BATENTE, FERRAGENS E PINTURA ANTICORROSIVA. EXCLUSIVE VIDROS, ACABAMENTO, ALIZAR E CONTRAMARCO. FORNECIMENTO E INSTALAÇÃO. AF_12/2019","ESQV - ESQUADRIAS/FERRAGENS/VIDROS",null,"m²",1,621.44,621.44]
["Composição Auxiliar"," 88309 ","SINAPI","PEDREIRO COM ENCARGOS COMPLEMENTARES","SEDI - SERVIÇOS DIVERSOS",null,"H",4.581,20.68,94.74]
["Composição Auxiliar"," 88316 ","SINAPI","SERVENTE COM ENCARGOS COMPLEMENTARES","SEDI - SERVIÇOS DIVERSOS",null,"H",2.291,15.36,35.19]
["Composição Auxiliar"," 88629 ","SINAPI","ARGAMASSA TRAÇO 1:3 (EM VOLUME DE CIMENTO E AREIA MÉDIA ÚMIDA), PREPARO MANUAL. AF_08/2019","SEDI - SERVIÇOS DIVERSOS",null,"m³",0.021,751.62,15.78]
["Insumo"," 00011190 ","SINAPI","JANELA BASCULANTE, ACO, COM BATENTE/REQUADRO, 60 X 60 CM (SEM VIDROS)","Material",null,"UN",2.778,171.25,475.73]
[{"$nulls":4},"MO sem LS =>",106.95,"LS =>",0,"MO com LS =>",106.95]
[{"$nulls":4},"Valor do BDI =>",96.88,null,"Valor com BDI =>",null,718.32]
[]
[null,"Código","Banco","Descrição","Tipo",null,"Und","Quant.","Valor Unit","Total"]
["Composição"," 88441 ","SINAPI","JARDINEIRO COM ENCARGOS COMPLEMENTARES","SEDI - SERVIÇOS DIVERSOS",null,"H",1,15.25,15.25]
["Composição Auxiliar"," 95390 ","SINAPI","CURSO DE CAPACITAÇÃO PARA JARDINEIRO (ENCARGOS COMPLEMENTARES) - HORISTA","SEDI - SERVIÇOS DIVERSOS",null,"H",1,0.06,0.06]
["Insumo"," 00037370 ","SINAPI","ALIMENTACAO - HORISTA (COLETADO CAIXA - ENCARGOS COMPLEMENTARES)","Outros",null,"H",1,0.01,0.01]
["Insumo"," 00037371 ","SINAPI","TRANSPORTE - HORISTA (COLETADO CAIXA - ENCARGOS COMPLEMENTARES)","Serviços",null,"H",1,0.54,0.54]
["Insumo"," 00037372 ","SINAPI","EXAMES - HORISTA (COLETADO CAIXA - ENCARGOS COMPLEMENTARES)","Outros",null,"H",1,1.14,1.14]
["Insumo"," 00037373 ","SINAPI","SEGURO - HORISTA (COLETADO CAIXA - ENCARGOS COMPLEMENTARES)","Taxas",null,"H",1,0.01,0.01]
["Insumo"," 00043465 ","SINAPI","FERRAMENTAS - FAMILIA PEDREIRO - HORISTA (ENCARGOS COMPLEMENTARES - COLETADO CAIXA)","Equipamento",null,"H",1,0.84,0.84]
["Insumo"," 00043489 ","SINAPI","EPI - FAMILIA PEDREIRO - HORISTA (ENCARGOS COMPLEMENTARES - COLETADO CAIXA)","Equipamento",null,"H",1,1.17,1.17]
["Insumo"," 00044503 ","SINAPI","JARDINEIRO (HORISTA)","Mão de Obra",null,"H",1,11.48,11.48]
[{"$nulls":4},"MO sem LS =>",11.54,"LS =>",0,"MO com LS =>",11.54]
[{"$nulls":4},"Valor do BDI =>",3.18,null,"Valor com BDI =>",null,18.43]
[]
[null,"Código","Banco","Descrição","Tipo",null,"Und","Quant.","Valor Unit","Total"]
["Composição"," 89366 ","SINAPI","JOELHO 90 GRAUS COM BUCHA DE LATÃO, PVC, SOLDÁVEL, DN 25MM, X 3/4  INSTALADO EM RAMAL OU SUB-RAMAL DE ÁGUA - FORNECIMENTO E INSTALAÇÃO. AF_06/2022","INHI - INSTALAÇÕES HIDROS SANITÁRIAS",null,"UN",1,14.16,14.16]
["Composição Auxiliar"," 88248 ","SINAPI","AUXILIAR DE ENCANADOR OU BOMBEIRO HIDRÁULICO COM ENCARGOS COMPLEMENTARES","SEDI - SERVIÇOS DIVERSOS",null,"H",0.1416,16.46,2.33]
["Composição Auxiliar"," 88267 ","SINAPI","ENCANADOR OU BOMBEIRO HIDRÁULICO COM ENCARGOS COMPLEMENTARES","SEDI - SERVIÇOS DIVERSOS",null,"H",0.1416,19.94,2.82]
["Insumo"," 00000122 ","SINAPI","ADESIVO PLASTICO PARA PVC, FRASCO COM *850* GR","Material",null,"UN",0.0059,60.47,0.36]
["Insumo"," 00003524 ","SINAPI","JOELHO PVC, SOLDAVEL, COM BUCHA DE LATAO, 90 GRAUS, 25 MM X 3/4\", PARA AGUA FRIA PREDIAL","Material",null,"UN",1,8.09,8.09]
["Insumo"," 00020083 ","SINAPI","SOLUCAO PREPARADORA / LIMPADORA PARA PVC, FRASCO COM 1000 CM3","Material",null,"UN",0.007,68.52,0.48]
["Insumo"," 00038383 ","SINAPI","LIXA D'AGUA EM FOLHA, GRAO 100","Material",null,"UN",0.0338,2.48,0.08]
[{"$nulls":4},"MO sem LS =>",4.29,"LS =>",0,"MO com LS =>",4.29]
[{"$nulls":4},"Valor do BDI =>",2.35,null,"Valor com BDI =>",null,16.51]
[]
[null,"Código","Banco","Descrição","Tipo",null,"Und","Quant.","Valor Unit","Total"]
["Composição"," 89724 ","SINAPI","JOELHO 90 GRAUS, PVC, SERIE NORMAL, ESGOTO PREDIAL, DN 40 MM, JUNTA SOLDÁVEL, FORNECIDO E INSTALADO EM RAMAL DE DESCARGA OU RAMAL DE ESGOTO SANITÁRIO. AF_08/2022","INHI - INSTALAÇÕES HIDROS SANITÁRIAS",null,"UN",1,8.37,8.37]
["Composição Auxiliar"," 88248 ","SINAPI","AUXILIAR DE ENCANADOR OU BOMBEIRO HIDRÁULICO COM ENCARGOS COMPLEMENTARES","SEDI - SERVIÇOS DIVERSOS",null,"H",0.127,16.46,2.09]
["Composição Auxiliar"," 88267 ","SINAPI","ENCANADOR OU BOMBEIRO HIDRÁULICO COM ENCARGOS COMPLEMENTARES","SEDI - SERVIÇOS DIVERSOS",null,"H",0.127,19.94,2.53]
["Insumo"," 00000122 ","SINAPI","ADESIVO PLASTICO PARA PVC, FRASCO COM *850* GR","Material",null,"UN",0.0099,60.47,0.6]
["Insumo"," 00003517 ","SINAPI","JOELHO PVC, SOLDAVEL, BB, 90 GRAUS, SEM ANEL, DN 40 MM, PARA ESGOTO PREDIAL SECUNDARIO","Material",null,"UN",1,2.1,2.1]
["Insumo"," 00020083 ","SINAPI","SOLUCAO PREPARADORA / LIMPADORA PARA PVC, FRASCO COM 1000 CM3","Material",null,"UN",0.015,68.52,1.03]
["Insumo"," 00038383 ","SINAPI","LIXA D'AGUA EM FOLHA, GRAO 100","Material",null,"UN",0.0071,2.48,0.02]
[{"$nulls":4},"MO sem LS =>",3.85,"LS =>",0.01,"MO com LS =>",3.86]
[{"$nulls":4},"Valor do BDI =>",1.5,null,"Valor com BDI =>",null,9.87]
[]
[null,"Código","Banco","Descrição","Tipo",null,"Und","Quant.","Valor Unit","Total"]
["Composição"," 89731 ","SINAPI","JOELHO 90 GRAUS, PVC, SERIE NORMAL, ESGOTO PREDIAL, DN 50 MM, JUNTA ELÁSTICA, FORNECIDO E INSTALADO EM RAMAL DE DESCARGA OU RAMAL DE ESGOTO SANITÁRIO. AF_08/2022","INHI - INSTALAÇÕES HIDROS SANITÁRIAS",null,"UN",1,13.8,13.8]
["Composição Auxiliar"," 88248 ","SINAPI","AUXILIAR DE ENCANADOR OU BOMBEIRO HIDRÁULICO COM ENCARGOS COMPLEMENTARES","SEDI - SERVIÇOS DIVERSOS",null,"H",0.1379,16.46,2.27]
["Composição Auxiliar"," 88267 ","SINAPI","ENCANADOR OU BOMBEIRO HIDRÁULICO COM ENCARGOS COMPLEMENTARES","SEDI - SERVIÇOS DIVERSOS",null,"H",0.1379,19.94,2.75]
["Insumo"," 00000296 ","SINAPI","ANEL BORRACHA PARA TUBO ESGOTO PREDIAL, DN 50 MM (NBR 5688)","Material",null,"UN",2,2.24,4.48]
["Insumo"," 00003526 ","SINAPI","JOELHO PVC, SOLDAVEL, PB, 90 GRAUS, DN 50 MM, PARA ESGOTO PREDIAL","Material",null,"UN",1,3.05,3.05]
["Insumo"," 00020078 ","SINAPI","PASTA LUBRIFICANTE PARA TUBOS E CONEXOES COM JUNTA ELASTICA, EMBALAGEM DE *400* GR (USO EM PVC, ACO, POLIETILENO E OUTROS)","Material",null,"UN",0.05,24.96,1.25]
[{"$nulls":4},"MO sem LS =>",4.18,"LS =>",0,"MO com LS =>",4.18]
[{"$nulls":4},"Valor do BDI =>",2.3,null,"Valor com BDI =>",null,16.1]
[]
[null,"Código","Banco","Descrição","Tipo",null,"Und","Quant.","Valor Unit","Total"]
["Composição"," 89362 ","SINAPI","JOELHO 90 GRAUS, PVC, SOLDÁVEL, DN 25MM, INSTALADO EM RAMAL OU SUB-RAMAL DE ÁGUA - FORNECIMENTO E INSTALAÇÃO. AF_06/2022","INHI - INSTALAÇÕES HIDROS SANITÁRIAS",null,"UN",1,7.32,7.32]
["Composição Auxiliar"," 88248 ","SINAPI","AUXILIAR DE ENCANADOR OU BOMBEIRO HIDRÁULICO COM ENCARGOS COMPLEMENTARES","SEDI - SERVIÇOS DIVERSOS",null,"H",0.152,16.46,2.5]
["Composição Auxiliar"," 88267 ","SINAPI","ENCANADOR OU BOMBEIRO HIDRÁULICO COM ENCARGOS COMPLEMENTARES","SEDI - SERVIÇOS DIVERSOS",null,"H",0.152,19.94,3.03]
["Insumo"," 00000122 ","SINAPI","ADESIVO PLASTICO PARA PVC, FRASCO COM *850* GR","Material",null,"UN",0.0071,60.47,0.43]
["Insumo"," 00003529 ","SINAPI","JOELHO PVC, SOLDAVEL, 90 GRAUS, 25 MM, COR MARROM, PARA AGUA FRIA PREDIAL","Material",null,"UN",1,0.73,0.73]
["Insumo"," 00020083 ","SINAPI","SOLUCAO PREPARADORA / LIMPADORA PARA PVC, FRASCO COM 1000 CM3","Material",null,"UN",0.008,68.52,0.55]
["Insumo"," 00038383 ","SINAPI","LIXA D'AGUA EM FOLHA, GRAO 100","Material",null,"UN",0.0338,2.48,0.08]
[{"$nulls":4},"MO sem LS =>",4.61,"LS =>",0,"MO com LS =>",4.61]
[{"$nulls":4},"Valor do BDI =>",1.41,null,"Valor com BDI =>",null,8.73]
[]
[null,"Código","Banco","Descrição","Tipo",null,"Und","Quant.","Valor Unit","Total"]
["Composição"," 95636 ","SINAPI","KIT CAVALETE PARA MEDIÇÃO DE ÁGUA - ENTRADA PRINCIPAL, EM AÇO GALVANIZADO DN 25 (1 )   FORNECIMENTO E INSTALAÇÃO (EXCLUSIVE HIDRÔMETRO). AF_11/2016","INHI - INSTALAÇÕES HIDROS SANITÁRIAS",null,"UN",1,336.45,336.45]
["Composição Auxiliar"," 88248 ","SINAPI","AUXILIAR DE ENCANADOR OU BOMBEIRO HIDRÁULICO COM ENCARGOS COMPLEMENTARES","SEDI - SERVIÇOS DIVERSOS",null,"H",3.2809,16.46,54]
["Composição Auxiliar"," 88267 ","SINAPI","ENCANADOR OU BOMBEIRO HIDRÁULICO COM ENCARGOS COMPLEMENTARES","SEDI - SERVIÇOS DIVERSOS",null,"H",3.2809,19.94,65.42]
["Insumo"," 00003148 ","SINAPI","FITA VEDA ROSCA EM ROLOS DE 18 MM X 50 M (L X C)","Material",null,"UN",0.1188,13.27,1.58]
["Insumo"," 00003472 ","SINAPI","COTOVELO 90 GRAUS DE FERRO GALVANIZADO, COM ROSCA BSP, DE 1\"","Material",null,"UN",4,17.11,68.44]
["Insumo"," 00004179 ","SINAPI","NIPLE DE FERRO GALVANIZADO, COM ROSCA BSP, DE 1\"","Material",null,"UN",2,12.69,25.38]
["Insumo"," 00006019 ","SINAPI","REGISTRO GAVETA BRUTO EM LATAO FORJADO, BITOLA 1 \" (REF 1509)","Material",null,"UN",1,57.58,57.58]
["Insumo"," 00006323 ","SINAPI","TE DE FERRO GALVANIZADO, DE 1\"","Material",null,"UN",1,23.72,23.72]
["Insumo"," 00007307 ","SINAPI","FUNDO ANTICORROSIVO PARA METAIS FERROSOS (ZARCAO)","Material",null,"L",0.0286,31.83,0.91]
["Insumo"," 00040626 ","SINAPI","TUBO ACO GALVANIZADO COM COSTURA, CLASSE MEDIA, DN 1\", E = 3,38 MM, PESO 2,50 KG/M (NBR 5580)","Material",null,"M",1.143,34.49,39.42]
[{"$nulls":4},"MO sem LS =>",99.54,"LS =>",0,"MO com LS =>",99.54]
[{"$nulls":4},"Valor do BDI =>",55.69,null,"Valor com BDI =>",null,392.14]
[]
[null,"Código","Banco","Descrição","Tipo",null,"Und","Quant.","Valor Unit","Total"]
["Composição"," 89970 ","SINAPI","KIT DE REGISTRO DE PRESSÃO BRUTO DE LATÃO ¾\", INCLUSIVE CONEXÕES, ROSCÁVEL, INSTALADO EM RAMAL DE ÁGUA FRIA - FORNECIMENTO E INSTALAÇÃO. AF_12/2014","INHI - INSTALAÇÕES HIDROS SANITÁRIAS",null,"UN",1,44.52,44.52]
["Composição Auxiliar"," 89351 ","SINAPI","REGISTRO DE PRESSÃO BRUTO, LATÃO,  ROSCÁVEL, 3/4'' - FORNECIMENTO E INSTALAÇÃO. AF_08/2021","INHI - INSTALAÇÕES HIDROS SANITÁRIAS",null,"UN",1,33.41,33.41]
["Composição Auxiliar"," 89383 ","SINAPI","ADAPTADOR CURTO COM BOLSA E ROSCA PARA REGISTRO, PVC, SOLDÁVEL, DN 25MM X 3/4 , INSTALADO EM RAMAL OU SUB-RAMAL DE ÁGUA - FORNECIMENTO E INSTALAÇÃO. AF_06/2022","INHI - INSTALAÇÕES HIDROS SANITÁRIAS",null,"UN",1,5.24,5.24]
["Composição Auxiliar"," 89385 ","SINAPI","LUVA SOLDÁVEL E COM ROSCA, PVC, SOLDÁVEL, DN 25MM X 3/4 , INSTALADO EM RAMAL OU SUB-RAMAL DE ÁGUA - FORNECIMENTO E INSTALAÇÃO. AF_06/2022","INHI - INSTALAÇÕES HIDROS SANITÁRIAS",null,"UN",1,5.87,5.87]
[{"$nulls":4},"MO sem LS =>",9.07,"LS =>",0.01,"MO com LS =>",9.08]
[{"$nulls":4},"Valor do BDI =>",7.05,null,"Valor com BDI =>",null,51.57]
[]
[null,"Código","Banco","Descrição","Tipo",null,"Und","Quant.","Valor Unit","Total"]
["Composição"," 95240 ","SINAPI","LASTRO DE CONCRETO MAGRO, APLICADO EM PISOS, LAJES SOBRE SOLO OU RADIERS, ESPESSURA DE 3 CM. AF_07/2016","FUES - FUNDAÇÕES E ESTRUTURAS",null,"m²",1,22.1,22.1]
["Composição Auxiliar"," 88309 ","SINAPI","PEDREIRO COM ENCARGOS COMPLEMENTARES","SEDI - SERVIÇOS DIVERSOS",null,"H",0.1631,20.68,3.37]
["Composição Auxiliar"," 88316 ","SINAPI","SERVENTE COM ENCARGOS COMPLEMENTARES","SEDI - SERVIÇOS DIVERSOS",null,"H",0.0444,15.36,0.68]
["Composição Auxiliar"," 94968 ","SINAPI","CONCRETO MAGRO PARA LASTRO, TRAÇO 1:4,5:4,5 (EM MASSA SECA DE CIMENTO/ AREIA MÉDIA/ BRITA 1) - PREPARO MECÂNICO COM BETONEIRA 600 L. AF_05/2021","FUES - FUNDAÇÕES E ESTRUTURAS",null,"m³",0.0339,532.38,18.05]
[{"$nulls":4},"MO sem LS =>",4.67,"LS =>",0,"MO com LS =>",4.67]
[{"$nulls":4},"Valor do BDI =>",3.55,null,"Valor com BDI =>",null,25.65]
[]
[null,"Código","Banco","Descrição","Tipo",null,"Und","Quant.","Valor Unit","Total"]
["Composição"," 95241 ","SINAPI","LASTRO DE CONCRETO MAGRO, APLICADO EM PISOS, LAJES SOBRE SOLO OU RADIERS, ESPESSURA DE 5 CM. AF_07/2016","FUES - FUNDAÇÕES E ESTRUTURAS",null,"m²",1,36.84,36.84]
["Composição Auxiliar"," 88309 ","SINAPI","PEDREIRO COM ENCARGOS COMPLEMENTARES","SEDI - SERVIÇOS DIVERSOS",null,"H",0.2718,20.68,5.62]
["Composição Auxiliar"," 88316 ","SINAPI","SERVENTE COM ENCARGOS COMPLEMENTARES","SEDI - SERVIÇOS DIVERSOS",null,"H",0.0741,15.36,1.14]
["Composição Auxiliar"," 94968 ","SINAPI","CONCRETO MAGRO PARA LASTRO, TRAÇO 1:4,5:4,5 (EM MASSA SECA DE CIMENTO/ AREIA MÉDIA/ BRITA 1) - PREPARO MECÂNICO COM BETONEIRA 600 L. AF_05/2021","FUES - FUNDAÇÕES E ESTRUTURAS",null,"m³",0.0565,532.38,30.08]
[{"$nulls":4},"MO sem LS =>",7.8,"LS =>",0,"MO com LS =>",7.8]
[{"$nulls":4},"Valor do BDI =>",5.91,null,"Valor com BDI =>",null,42.75]
[]
[null,"Código","Banco","Descrição","Tipo",null,"Und","Quant.","Valor Unit","Total"]
["Composição"," 86904 ","SINAPI","LAVATÓRIO LOUÇA BRANCA SUSPENSO, 29,5 X 39CM OU EQUIVALENTE, PADRÃO POPULAR - FORNECIMENTO E INSTALAÇÃO. AF_01/2020","INHI - INSTALAÇÕES HIDROS SANITÁRIAS",null,"UN",1,136.79,136.79]
["Composição Auxiliar"," 88267 ","SINAPI","ENCANADOR OU BOMBEIRO HIDRÁULICO COM ENCARGOS COMPLEMENTARES","SEDI - SERVIÇOS DIVERSOS",null,"H",0.387,19.94,7.72]
["Composição Auxiliar"," 88316 ","SINAPI","SERVENTE COM ENCARGOS COMPLEMENTARES","SEDI - SERVIÇOS DIVERSOS",null,"H",0.1886,15.36,2.9]
["Insumo"," 00004351 ","SINAPI","PARAFUSO NIQUELADO 3 1/2\" COM ACABAMENTO CROMADO PARA FIXAR PECA SANITARIA, INCLUI PORCA CEGA, ARRUELA E BUCHA DE NYLON TAMANHO S-8","Material",null,"UN",2,16.1,32.2]
["Insumo"," 00010425 ","SINAPI","LAVATORIO DE LOUCA BRANCA, SUSPENSO (SEM COLUNA), DIMENSOES *40 X 30* CM","Material",null,"UN",1,89.95,89.95]
["Insumo"," 00037329 ","SINAPI","REJUNTE EPOXI, QUALQUER COR","Material",null,"KG",0.0304,132.33,4.02]
[{"$nulls":4},"MO sem LS =>",8.77,"LS =>",0,"MO com LS =>",8.77]
[{"$nulls":4},"Valor do BDI =>",20.08,null,"Valor com BDI =>",null,156.87]
[]
[null,"Código","Banco","Descrição","Tipo",null,"Und","Quant.","Valor Unit","Total"]
["Composição"," 86943 ","SINAPI","LAVATÓRIO LOUÇA BRANCA SUSPENSO, 29,5 X 39CM OU EQUIVALENTE, PADRÃO POPULAR, INCLUSO SIFÃO FLEXÍVEL EM PVC, VÁLVULA E ENGATE FLEXÍVEL 30CM EM PLÁSTICO E TORNEIRA CROMADA DE MESA, PADRÃO POPULAR - FORNECIMENTO E INSTALAÇÃO. AF_01/2020","INHI - INSTALAÇÕES HIDROS SANITÁRIAS",null,"UN",1,280.39,280.39]
["Composição Auxiliar"," 86879 ","SINAPI","VÁLVULA EM PLÁSTICO 1\u0094 PARA PIA, TANQUE OU LAVATÓRIO, COM OU SEM LADRÃO - FORNECIMENTO E INSTALAÇÃO. AF_01/2020","INHI - INSTALAÇÕES HIDROS SANITÁRIAS",null,"UN",1,9,9]
["Composição Auxiliar"," 86883 ","SINAPI","SIFÃO DO TIPO FLEXÍVEL EM PVC 1  X 1.1/2  - FORNECIMENTO E INSTALAÇÃO. AF_01/2020","INHI - INSTALAÇÕES HIDROS SANITÁRIAS",null,"UN",1,12.11,12.11]
["Composição Auxiliar"," 86884 ","SINAPI","ENGATE FLEXÍVEL EM PLÁSTICO BRANCO, 1/2\u0094 X 30CM - FORNECIMENTO E INSTALAÇÃO. AF_01/2020","INHI - INSTALAÇÕES HIDROS SANITÁRIAS",null,"UN",1,9.85,9.85]
["Composição Auxiliar"," 86904 ","SINAPI","LAVATÓRIO LOUÇA BRANCA SUSPENSO, 29,5 X 39CM OU EQUIVALENTE, PADRÃO POPULAR - FORNECIMENTO E INSTALAÇÃO. AF_01/2020","INHI - INSTALAÇÕES HIDROS SANITÁRIAS",null,"UN",1,136.79,136.79]
["Composição Auxiliar"," 86906 ","SINAPI","TORNEIRA CROMADA DE MESA, 1/2\u0094 OU 3/4\u0094, PARA LAVATÓRIO, PADRÃO POPULAR - FORNECIMENTO E INSTALAÇÃO. AF_01/2020","INHI - INSTALAÇÕES HIDROS SANITÁRIAS",null,"UN",1,112.64,112.64]
[{"$nulls":4},"MO sem LS =>",18.18,"LS =>",0,"MO com LS =>",18.18]
[{"$nulls":4},"Valor do BDI =>",41.15,null,"Valor com BDI =>",null,321.54]
[]
[null,"Código","Banco","Descrição","Tipo",null,"Und","Quant.","Valor Unit","Total"]
["Composição"," 98525 ","SINAPI","LIMPEZA MECANIZADA DE CAMADA VEGETAL, VEGETAÇÃO E PEQUENAS ÁRVORES (DIÂMETRO DE TRONCO MENOR QUE 0,20 M), COM TRATOR DE ESTEIRAS.AF_05/2018","URBA - URBANIZAÇÃO",null,"m²",1,0.35,0.35]
["Composição Auxiliar"," 88316 ","SINAPI","SERVENTE COM ENCARGOS COMPLEMENTARES","SEDI - SERVIÇOS DIVERSOS",null,"H",0.003,15.36,0.05]
["Composição Auxiliar"," 88441 ","SINAPI","JARDINEIRO COM ENCARGOS COMPLEMENTARES","SEDI - SERVIÇOS DIVERSOS",null,"H",0.003,15.25,0.05]
["Composição Auxiliar"," 89031 ","SINAPI","TRATOR DE ESTEIRAS, POTÊNCIA 100 HP, PESO OPERACIONAL 9,4 T, COM LÂMINA 2,19 M3 - CHI DIURNO. AF_06/2014","CHOR - CUSTOS HORÁRIOS DE MÁQUINAS E EQUIPAMENTOS",null,"CHI",0.0024,58.98,0.14]
["Composição Auxiliar"," 89032 ","SINAPI","TRATOR DE ESTEIRAS, POTÊNCIA 100 HP, PESO OPERACIONAL 9,4 T, COM LÂMINA 2,19 M3 - CHP DIURNO. AF_06/2014","CHOR - CUSTOS HORÁRIOS DE MÁQUINAS E EQUIPAMENTOS",null,"CHP",0.0006,183.99,0.11]
[{"$nulls":4},"MO sem LS =>",0.11,"LS =>",0,"MO com LS =>",0.11]
[{"$nulls":4},"Valor do BDI =>",0.07,null,"Valor com BDI =>",null,0.42]
[]
[null,"Código","Banco","Descrição","Tipo",null,"Und","Quant.","Valor Unit","Total"]
["Composição"," 99059 ","SINAPI","LOCACAO CONVENCIONAL DE OBRA, UTILIZANDO GABARITO DE TÁBUAS CORRIDAS PONTALETADAS A CADA 2,00M -  2 UTILIZAÇÕES. AF_10/2018","SERT - SERVIÇOS TÉCNICOS",null,"M",1,44.35,44.35]
["Composição Auxiliar"," 88239 ","SINAPI","AJUDANTE DE CARPINTEIRO COM ENCARGOS COMPLEMENTARES","SEDI - SERVIÇOS DIVERSOS",null,"H",0.3563,16.91,6.03]
["Composição Auxiliar"," 88262 ","SINAPI","CARPINTEIRO DE FORMAS COM ENCARGOS COMPLEMENTARES","SEDI - SERVIÇOS DIVERSOS",null,"H",0.7125,20.33,14.49]
["Composição Auxiliar"," 91692 ","SINAPI","SERRA CIRCULAR DE BANCADA COM MOTOR ELÉTRICO POTÊNCIA DE 5HP, COM COIFA PARA DISCO 10\" - CHP DIURNO. AF_08/2015","CHOR - CUSTOS HORÁRIOS DE MÁQUINAS E EQUIPAMENTOS",null,"CHP",0.0039,18.77,0.07]
["Composição Auxiliar"," 91693 ","SINAPI","SERRA CIRCULAR DE BANCADA COM MOTOR ELÉTRICO POTÊNCIA DE 5HP, COM COIFA PARA DISCO 10\" - CHI DIURNO. AF_08/2015","CHOR - CUSTOS HORÁRIOS DE MÁQUINAS E EQUIPAMENTOS",null,"CHI",0.0168,17.46,0.29]
["Composição Auxiliar"," 94974 ","SINAPI","CONCRETO MAGRO PARA LASTRO, TRAÇO 1:4,5:4,5 (EM MASSA SECA DE CIMENTO/ AREIA MÉDIA/ BRITA 1) - PREPARO MANUAL. AF_05/2021","FUES - FUNDAÇÕES E ESTRUTURAS",null,"m³",0.0046,584.47,2.69]
["Composição Auxiliar"," 99062 ","SINAPI","MARCAÇÃO DE PONTOS EM GABARITO OU CAVALETE. AF_10/2018","SERT - SERVIÇOS TÉCNICOS",null,"UN",1.5,1.93,2.9]
["Insumo"," 00004417 ","SINAPI","SARRAFO NAO APARELHADO *2,5 X 7* CM, EM MACARANDUBA/MASSARANDUBA, ANGELIM, PEROBA-ROSA OU EQUIVALENTE DA REGIAO - BRUTA","Material",null,"M",0.7445,4.16,3.1]
["Insumo"," 00004433 ","SINAPI","CAIBRO NAO APARELHADO *6 X 6* CM, EM MACARANDUBA/MASSARANDUBA, ANGELIM OU EQUIVALENTE DA REGIAO - BRUTA","Material",null,"M",0.4125,14.96,6.17]
["Insumo"," 00005068 ","SINAPI","PREGO DE ACO POLIDO COM CABECA 17 X 21 (2 X 11)","Material",null,"KG",0.111,20.34,2.26]
["Insumo"," 00007356 ","SINAPI","TINTA LATEX ACRILICA PREMIUM, COR BRANCO FOSCO","Material",null,"L",0.0256,17.58,0.45]
["Insumo"," 00010567 ","SINAPI","TABUA *2,5 X 23* CM EM PINUS, MISTA OU EQUIVALENTE DA REGIAO - BRUTA","Material",null,"M",0.55,10.73,5.9]
[{"$nulls":4},"MO sem LS =>",19.65,"LS =>",0.01,"MO com LS =>",19.66]
[{"$nulls":4},"Valor do BDI =>",7.9,null,"Valor com BDI =>",null,52.25]
[]
[null,"Código","Banco","Descrição","Tipo",null,"Und","Quant.","Valor Unit","Total"]
["Composição"," 99061 ","SINAPI","LOCAÇÃO COM CAVALETE COM ALTURA DE 0,50 M - 2 UTILIZAÇÕES. AF_10/2018","SERT - SERVIÇOS TÉCNICOS",null,"UN",1,76.05,76.05]
["Composição Auxiliar"," 88239 ","SINAPI","AJUDANTE DE CARPINTEIRO COM ENCARGOS COMPLEMENTARES","SEDI - SERVIÇOS DIVERSOS",null,"H",0.8044,16.91,13.6]
["Composição Auxiliar"," 88262 ","SINAPI","CARPINTEIRO DE FORMAS COM ENCARGOS COMPLEMENTARES","SEDI - SERVIÇOS DIVERSOS",null,"H",1.6088,20.33,32.71]
["Composição Auxiliar"," 91692 ","SINAPI","SERRA CIRCULAR DE BANCADA COM MOTOR ELÉTRICO POTÊNCIA DE 5HP, COM COIFA PARA DISCO 10\" - CHP DIURNO. AF_08/2015","CHOR - CUSTOS HORÁRIOS DE MÁQUINAS E EQUIPAMENTOS",null,"CHP",0.0066,18.77,0.12]
["Composição Auxiliar"," 91693 ","SINAPI","SERRA CIRCULAR DE BANCADA COM MOTOR ELÉTRICO POTÊNCIA DE 5HP, COM COIFA PARA DISCO 10\" - CHI DIURNO. AF_08/2015","CHOR - CUSTOS HORÁRIOS DE MÁQUINAS E EQUIPAMENTOS",null,"CHI",0.0289,17.46,0.5]
["Composição Auxiliar"," 99062 ","SINAPI","MARCAÇÃO DE PONTOS EM GABARITO OU CAVALETE. AF_10/2018","SERT - SERVIÇOS TÉCNICOS",null,"UN",1,1.93,1.93]
["Insumo"," 00004433 ","SINAPI","CAIBRO NAO APARELHADO *6 X 6* CM, EM MACARANDUBA/MASSARANDUBA, ANGELIM OU EQUIVALENTE DA REGIAO - BRUTA","Material",null,"M",1.1,14.96,16.46]
["Insumo"," 00005068 ","SINAPI","PREGO DE ACO POLIDO COM CABECA 17 X 21 (2 X 11)","Material",null,"KG",0.0452,20.34,0.92]
["Insumo"," 00007356 ","SINAPI","TINTA LATEX ACRILICA PREMIUM, COR BRANCO FOSCO","Material",null,"L",0.029,17.58,0.51]
["Insumo"," 00010567 ","SINAPI","TABUA *2,5 X 23* CM EM PINUS, MISTA OU EQUIVALENTE DA REGIAO - BRUTA","Material",null,"M",0.8663,10.73,9.3]
[{"$nulls":4},"MO sem LS =>",39.83,"LS =>",0,"MO com LS =>",39.83]
[{"$nulls":4},"Valor do BDI =>",14.04,null,"Valor com BDI =>",null,90.09]
[]
[null,"Código","Banco","Descrição","Tipo",null,"Und","Quant.","Valor Unit","Total"]
["Composição"," 97586 ","SINAPI","LUMINÁRIA TIPO CALHA, DE SOBREPOR, COM 2 LÂMPADAS TUBULARES FLUORESCENTES DE 36 W, COM REATOR DE PARTIDA RÁPIDA - FORNECIMENTO E INSTALAÇÃO. AF_02/2020","INEL - INSTALAÇÃO ELÉTRICA/ELETRIFICAÇÃO E ILUMINAÇÃO EXTERNA",null,"UN",1,156.8,156.8]
["Composição Auxiliar"," 88247 ","SINAPI","AUXILIAR DE ELETRICISTA COM ENCARGOS COMPLEMENTARES","SEDI - SERVIÇOS DIVERSOS",null,"H",0.1727,20.5,3.54]
["Composição Auxiliar"," 88264 ","SINAPI","ELETRICISTA COM ENCARGOS COMPLEMENTARES","SEDI - SERVIÇOS DIVERSOS",null,"H",0.4144,22.56,9.35]
["Insumo"," 00003799 ","SINAPI","LUMINARIA DE SOBREPOR EM CHAPA DE ACO PARA 2 LAMPADAS FLUORESCENTES DE *36* W, ALETADA, COMPLETA (LAMPADAS E REATOR INCLUSOS)","Material",null,"UN",1,143.91,143.91]
[{"$nulls":4},"MO sem LS =>",10.72,"LS =>",0,"MO com LS =>",10.72]
[{"$nulls":4},"Valor do BDI =>",23.06,null,"Valor com BDI =>",null,179.86]
[]
[null,"Código","Banco","Descrição","Tipo",null,"Und","Quant.","Valor Unit","Total"]
["Composição"," 91882 ","SINAPI","LUVA PARA ELETRODUTO, PVC, ROSCÁVEL, DN 20 MM (1/2\"), PARA CIRCUITOS TERMINAIS, INSTALADA EM PAREDE - FORNECIMENTO E INSTALAÇÃO. AF_03/2023","INEL - INSTALAÇÃO ELÉTRICA/ELETRIFICAÇÃO E ILUMINAÇÃO EXTERNA",null,"UN",1,8.68,8.68]
["Composição Auxiliar"," 88247 ","SINAPI","AUXILIAR DE ELETRICISTA COM ENCARGOS COMPLEMENTARES","SEDI - SERVIÇOS DIVERSOS",null,"H",0.181,20.5,3.71]
["Composição Auxiliar"," 88264 ","SINAPI","ELETRICISTA COM ENCARGOS COMPLEMENTARES","SEDI - SERVIÇOS DIVERSOS",null,"H",0.181,22.56,4.08]
["Insumo"," 00001901 ","SINAPI","LUVA EM PVC RIGIDO ROSCAVEL, DE 1/2\", PARA ELETRODUTO","Material",null,"UN",1,0.89,0.89]
[{"$nulls":4},"MO sem LS =>",6.45,"LS =>",0,"MO com LS =>",6.45]
[{"$nulls":4},"Valor do BDI =>",1.76,null,"Valor com BDI =>",null,10.44]
[]
[null,"Código","Banco","Descrição","Tipo",null,"Und","Quant.","Valor Unit","Total"]
["Composição"," 91875 ","SINAPI","LUVA PARA ELETRODUTO, PVC, ROSCÁVEL, DN 25 MM (3/4\"), PARA CIRCUITOS TERMINAIS, INSTALADA EM FORRO - FORNECIMENTO E INSTALAÇÃO. AF_03/2023","INEL - INSTALAÇÃO ELÉTRICA/ELETRIFICAÇÃO E ILUMINAÇÃO EXTERNA",null,"UN",1,7.22,7.22]
["Composição Auxiliar"," 88247 ","SINAPI","AUXILIAR DE ELETRICISTA COM ENCARGOS COMPLEMENTARES","SEDI - SERVIÇOS DIVERSOS",null,"H",0.137,20.5,2.81]
["Composição Auxiliar"," 88264 ","SINAPI","ELETRICISTA COM ENCARGOS COMPLEMENTARES","SEDI - SERVIÇOS DIVERSOS",null,"H",0.137,22.56,3.09]
["Insumo"," 00001891 ","SINAPI","LUVA EM PVC RIGIDO ROSCAVEL, DE 3/4\", PARA ELETRODUTO","Material",null,"UN",1,1.32,1.32]
[{"$nulls":4},"MO sem LS =>",4.88,"LS =>",0,"MO com LS =>",4.88]
[{"$nulls":4},"Valor do BDI =>",1.42,null,"Valor com BDI =>",null,8.64]
[]
[null,"Código","Banco","Descrição","Tipo",null,"Und","Quant.","Valor Unit","Total"]
["Composição"," 91885 ","SINAPI","LUVA PARA ELETRODUTO, PVC, ROSCÁVEL, DN 32 MM (1\"), PARA CIRCUITOS TERMINAIS, INSTALADA EM PAREDE - FORNECIMENTO E INSTALAÇÃO. AF_03/2023","INEL - INSTALAÇÃO ELÉTRICA/ELETRIFICAÇÃO E ILUMINAÇÃO EXTERNA",null,"UN",1,11.27,11.27]
["Composição Auxiliar"," 88247 ","SINAPI","AUXILIAR DE ELETRICISTA COM ENCARGOS COMPLEMENTARES","SEDI - SERVIÇOS DIVERSOS",null,"H",0.219,20.5,4.49]
["Composição Auxiliar"," 88264 ","SINAPI","ELETRICISTA COM ENCARGOS COMPLEMENTARES","SEDI - SERVIÇOS DIVERSOS",null,"H",0.219,22.56,4.94]
["Insumo"," 00001892 ","SINAPI","LUVA EM PVC RIGIDO ROSCAVEL, DE 1\", PARA ELETRODUTO","Material",null,"UN",1,1.84,1.84]
[{"$nulls":4},"MO sem LS =>",7.81,"LS =>",0,"MO com LS =>",7.81]
[{"$nulls":4},"Valor do BDI =>",2.23,null,"Valor com BDI =>",null,13.5]
[]
[null,"Código","Banco","Descrição","Tipo",null,"Und","Quant.","Valor Unit","Total"]
["Composição"," 89385 ","SINAPI","LUVA SOLDÁVEL E COM ROSCA, PVC, SOLDÁVEL, DN 25MM X 3/4 , INSTALADO EM RAMAL OU SUB-RAMAL DE ÁGUA - FORNECIMENTO E INSTALAÇÃO. AF_06/2022","INHI - INSTALAÇÕES HIDROS SANITÁRIAS",null,"UN",1,5.87,5.87]
["Composição Auxiliar"," 88248 ","SINAPI","AUXILIAR DE ENCANADOR OU BOMBEIRO HIDRÁULICO COM ENCARGOS COMPLEMENTARES","SEDI - SERVIÇOS DIVERSOS",null,"H",0.0944,16.46,1.55]
["Composição Auxiliar"," 88267 ","SINAPI","ENCANADOR OU BOMBEIRO HIDRÁULICO COM ENCARGOS COMPLEMENTARES","SEDI - SERVIÇOS DIVERSOS",null,"H",0.0944,19.94,1.88]
["Insumo"," 00000122 ","SINAPI","ADESIVO PLASTICO PARA PVC, FRASCO COM *850* GR","Material",null,"UN",0.0059,60.47,0.36]
["Insumo"," 00003906 ","SINAPI","LUVA SOLDAVEL COM ROSCA, PVC, 25 MM X 3/4\", PARA AGUA FRIA PREDIAL","Material",null,"UN",1,1.52,1.52]
["Insumo"," 00020083 ","SINAPI","SOLUCAO PREPARADORA / LIMPADORA PARA PVC, FRASCO COM 1000 CM3","Material",null,"UN",0.007,68.52,0.48]
["Insumo"," 00038383 ","SINAPI","LIXA D'AGUA EM FOLHA, GRAO 100","Material",null,"UN",0.0315,2.48,0.08]
[{"$nulls":4},"MO sem LS =>",2.86,"LS =>",0.01,"MO com LS =>",2.87]
[{"$nulls":4},"Valor do BDI =>",1.07,null,"Valor com BDI =>",null,6.94]
[]
[null,"Código","Banco","Descrição","Tipo",null,"Und","Quant.","Valor Unit","Total"]
["Composição"," 0903845 ","SICRO3","Lastro de brita comercial - espalhamento mecânico","",null,"m³",1,207.02,207.02]
["A","Código","Banco","Equipamentos","Quantidade","Utilização",null,"Custo Operacional",null,"Custo Horário"]
[{"$nulls":5},"Operativa","Improdutiva","Operativa","Improdutiva"]
["Insumo","E9524","SICRO3","Motoniveladora - 93 kW",1,1,0,284.019,121.3244,284.019]
[{"$nulls":5},"Custo Horário de Equipamentos =>",null,null,null,284.019]
["B","Código","Banco","Mão de Obra","Quantidade","Salário Hora",null,null,null,"Custo Horário"]
["Insumo","P9824","SICRO3","Servente",1,null,null,null,18.5436,18.5436]
[{"$nulls":5},"Custo Horário da Mão de Obra =>",null,null,null,18.5436]
[{"$nulls":5},"Adc.M.O. - Ferramentas (0,0%) =>",null,null,null,0]
[{"$nulls":5},"Custo Horário de Execução =>",null,null,null,302.5626]
[{"$nulls":5},"Fator de Influencia da Chuva - FIC =>",null,null,null,0]
[{"$nulls":5},"Custo do FIC =>",null,null,null,0]
[{"$nulls":5},"Produção de Equipe =>",null,null,null,223.63]
[{"$nulls":5},"Custo Unitário de Execução =>",null,null,null,1.353]
["C","Banco","Código","Material","Quantidade","Unidade","Preço Unitário",null,null,"Custo Horário"]
["Insumo","SICRO3","M0192","Brita 2",1.05,"m³",193.3035,null,null,202.9687]
[{"$nulls":5},"Custo Total do Material =>",null,null,null,202.9687]
["E","Banco","Insumo","Tempos Fixos","Código","Quantidade","Unidade","Preço Unitário",null,"Custo Horário"]
["Tempo Fixo","SICRO3","M0192","Carga, manobra e descarga de agregados ou solos em caminhão basculante de 10 m³ - carga com carregadeira de 3,40 m³(exclusa) e descarga livre",5914647,1.575,"t",1.71,null,2.6933]
[{"$nulls":5},"Custo Total dos Tempos Fixos =>",null,null,null,2.6933]
["F","Banco","Insumo","Momento de Transporte","Quantidade","Unidade","Distância Média de Transporte (DMT)",null,null,"Custo Horário"]
[{"$nulls":6},"LN","RP","P"]
["Momento de Transporte","SICRO3","M0192","Brita 2 - Caminhão basculante com capacidade de 10 m³ - 188 kW",1.575,"tkm","5914359\n0,000\nR$ 1,23","5914374\n0,000\nR$ 0,98","5914389\n0,000\nR$ 0,77",0]
[{"$nulls":5},"Custo total dos Momentos de Transportes =>",null,null,null,0]
[{"$nulls":4},"MO sem LS =>",0.08,"LS =>",0,"MO com LS =>",0.0829208961230604]
[{"$nulls":4},"Valor do BDI =>",29.63,null,"Valor com BDI =>",null,236.65]
[]
[null,"Código","Banco","Descrição","Tipo",null,"Und","Quant.","Valor Unit","Total"]
["Composição"," 5502985 ","SICRO3","Limpeza mecanizada da camada vegetal","",null,"m²",1,0.49,0.49]
["A","Código","Banco","Equipamentos","Quantidade","Utilização",null,"Custo Operacional",null,"Custo Horário"]
[{"$nulls":5},"Operativa","Improdutiva","Operativa","Improdutiva"]
["Insumo","E9540","SICRO3","Trator sobre esteiras com lâmina - 127 kW",1,1,0,266.8875,100.5727,266.8875]
[{"$nulls":5},"Custo Horário de Equipamentos =>",null,null,null,266.8875]
["B","Código","Banco","Mão de Obra","Quantidade","Salário Hora",null,null,null,"Custo Horário"]
["Insumo","P9824","SICRO3","Servente",1,null,null,null,18.5436,18.5436]
[{"$nulls":5},"Custo Horário da Mão de Obra =>",null,null,null,18.5436]
[{"$nulls":5},"Adc.M.O. - Ferramentas (0,0%) =>",null,null,null,0]
[{"$nulls":5},"Custo Horário de Execução =>",null,null,null,285.4311]
[{"$nulls":5},"Fator de Influencia da Chuva - FIC =>",null,null,null,0.0643]
[{"$nulls":5},"Custo do FIC =>",null,null,null,0.0295]
[{"$nulls":5},"Produção de Equipe =>",null,null,null,622.95]
[{"$nulls":5},"Custo Unitário de Execução =>",null,null,null,0.4582]
[{"$nulls":4},"MO sem LS =>",0.0297673970623646,"LS =>",0,"MO com LS =>",0.0297673970623646]
[{"$nulls":4},"Valor do BDI =>",0.1,null,"Valor com BDI =>",null,0.59]
[]
[null,"Código","Banco","Descrição","Tipo",null,"Und","Quant.","Valor Unit","Total"]
["Composição"," 99062 ","SINAPI","MARCAÇÃO DE PONTOS EM GABARITO OU CAVALETE. AF_10/2018","SERT - SERVIÇOS TÉCNICOS",null,"UN",1,1.93,1.93]
["Composição Auxiliar"," 88239 ","SINAPI","AJUDANTE DE CARPINTEIRO COM ENCARGOS COMPLEMENTARES","SEDI - SERVIÇOS DIVERSOS",null,"H",0.0323,16.91,0.55]
["Composição Auxiliar"," 88262 ","SINAPI","CARPINTEIRO DE FORMAS COM ENCARGOS COMPLEMENTARES","SEDI - SERVIÇOS DIVERSOS",null,"H",0.0645,20.33,1.31]
["Insumo"," 00005068 ","SINAPI","PREGO DE ACO POLIDO COM CABECA 17 X 21 (2 X 11)","Material",null,"KG",0.0034,20.34,0.07]
[{"$nulls":4},"MO sem LS =>",1.51,"LS =>",0,"MO com LS =>",1.51]
[{"$nulls":4},"Valor do BDI =>",0.4,null,"Valor com BDI =>",null,2.33]
[]
[null,"Código","Banco","Descrição","Tipo",null,"Und","Quant.","Valor Unit","Total"]
["Composição"," 87548 ","SINAPI","MASSA ÚNICA, PARA RECEBIMENTO DE PINTURA, EM ARGAMASSA TRAÇO 1:2:8, PREPARO MANUAL, APLICADA MANUALMENTE EM FACES INTERNAS DE PAREDES, ESPESSURA DE 10MM, COM EXECUÇÃO DE TALISCAS. AF_06/2014","REVE - REVESTIMENTO E TRATAMENTO DE SUPERFÍCIES",null,"m²",1,23.75,23.75]
["Composição Auxiliar"," 87369 ","SINAPI","ARGAMASSA TRAÇO 1:2:8 (EM VOLUME DE CIMENTO, CAL E AREIA MÉDIA ÚMIDA) PARA EMBOÇO/MASSA ÚNICA/ASSENTAMENTO DE ALVENARIA DE VEDAÇÃO, PREPARO MANUAL. AF_08/2019","SEDI - SERVIÇOS DIVERSOS",null,"m³",0.0213,682.65,14.54]
["Composição Auxiliar"," 88309 ","SINAPI","PEDREIRO COM ENCARGOS COMPLEMENTARES","SEDI - SERVIÇOS DIVERSOS",null,"H",0.35,20.68,7.24]
["Composição Auxiliar"," 88316 ","SINAPI","SERVENTE COM ENCARGOS COMPLEMENTARES","SEDI - SERVIÇOS DIVERSOS",null,"H",0.128,15.36,1.97]
[{"$nulls":4},"MO sem LS =>",10.24,"LS =>",0,"MO com LS =>",10.24]
[{"$nulls":4},"Valor do BDI =>",4.22,null,"Valor com BDI =>",null,27.97]
[]
[null,"Código","Banco","Descrição","Tipo",null,"Und","Quant.","Valor Unit","Total"]
["Composição"," 87529 ","SINAPI","MASSA ÚNICA, PARA RECEBIMENTO DE PINTURA, EM ARGAMASSA TRAÇO 1:2:8, PREPARO MECÂNICO COM BETONEIRA 400L, APLICADA MANUALMENTE EM FACES INTERNAS DE PAREDES, ESPESSURA DE 20MM, COM EXECUÇÃO DE TALISCAS. AF_06/2014","REVE - REVESTIMENTO E TRATAMENTO DE SUPERFÍCIES",null,"m²",1,34.53,34.53]
["Composição Auxiliar"," 87292 ","SINAPI","ARGAMASSA TRAÇO 1:2:8 (EM VOLUME DE CIMENTO, CAL E AREIA MÉDIA ÚMIDA) PARA EMBOÇO/MASSA ÚNICA/ASSENTAMENTO DE ALVENARIA DE VEDAÇÃO, PREPARO MECÂNICO COM BETONEIRA 400 L. AF_08/2019","SEDI - SERVIÇOS DIVERSOS",null,"m³",0.0376,589.91,22.18]
["Composição Auxiliar"," 88309 ","SINAPI","PEDREIRO COM ENCARGOS COMPLEMENTARES","SEDI - SERVIÇOS DIVERSOS",null,"H",0.47,20.68,9.72]
["Composição Auxiliar"," 88316 ","SINAPI","SERVENTE COM ENCARGOS COMPLEMENTARES","SEDI - SERVIÇOS DIVERSOS",null,"H",0.171,15.36,2.63]
[{"$nulls":4},"MO sem LS =>",12.02,"LS =>",0.01,"MO com LS =>",12.03]
[{"$nulls":4},"Valor do BDI =>",5.88,null,"Valor com BDI =>",null,40.41]
[]
[null,"Código","Banco","Descrição","Tipo",null,"Und","Quant.","Valor Unit","Total"]
["Composição"," 88392 ","SINAPI","MISTURADOR DE ARGAMASSA, EIXO HORIZONTAL, CAPACIDADE DE MISTURA 300 KG, MOTOR ELÉTRICO POTÊNCIA 5 CV - CHI DIURNO. AF_05/2023","CHOR - CUSTOS HORÁRIOS DE MÁQUINAS E EQUIPAMENTOS",null,"CHI",1,1.14,1.14]
["Composição Auxiliar"," 88387 ","SINAPI","MISTURADOR DE ARGAMASSA, EIXO HORIZONTAL, CAPACIDADE DE MISTURA 300 KG, MOTOR ELÉTRICO POTÊNCIA 5 CV - DEPRECIAÇÃO. AF_05/2023","CHOR - CUSTOS HORÁRIOS DE MÁQUINAS E EQUIPAMENTOS",null,"H",1,0.91,0.91]
["Composição Auxiliar"," 88389 ","SINAPI","MISTURADOR DE ARGAMASSA, EIXO HORIZONTAL, CAPACIDADE DE MISTURA 300 KG, MOTOR ELÉTRICO POTÊNCIA 5 CV - JUROS. AF_05/2023","CHOR - CUSTOS HORÁRIOS DE MÁQUINAS E EQUIPAMENTOS",null,"H",1,0.23,0.23]
[{"$nulls":4},"MO sem LS =>",0,"LS =>",0,"MO com LS =>",0]
[{"$nulls":4},"Valor do BDI =>",0.24,null,"Valor com BDI =>",null,1.38]
[]
[null,"Código","Banco","Descrição","Tipo",null,"Und","Quant.","Valor Unit","Total"]
["Composição"," 88386 ","SINAPI","MISTURADOR DE ARGAMASSA, EIXO HORIZONTAL, CAPACIDADE DE MISTURA 300 KG, MOTOR ELÉTRICO POTÊNCIA 5 CV - CHP DIURNO. AF_05/2023","CHOR - CUSTOS HORÁRIOS DE MÁQUINAS E EQUIPAMENTOS",null,"CHP",1,5.06,5.06]
["Composição Auxiliar"," 88387 ","SINAPI","MISTURADOR DE ARGAMASSA, EIXO HORIZONTAL, CAPACIDADE DE MISTURA 300 KG, MOTOR ELÉTRICO POTÊNCIA 5 CV - DEPRECIAÇÃO. AF_05/2023","CHOR - CUSTOS HORÁRIOS DE MÁQUINAS E EQUIPAMENTOS",null,"H",1,0.91,0.91]
["Composição Auxiliar"," 88389 ","SINAPI","MISTURADOR DE ARGAMASSA, EIXO HORIZONTAL, CAPACIDADE DE MISTURA 300 KG, MOTOR ELÉTRICO POTÊNCIA 5 CV - JUROS. AF_05/2023","CHOR - CUSTOS HORÁRIOS DE MÁQUINAS E EQUIPAMENTOS",null,"H",1,0.23,0.23]
["Composição Auxiliar"," 88390 ","SINAPI","MISTURADOR DE ARGAMASSA, EIXO HORIZONTAL, CAPACIDADE DE MISTURA 300 KG, MOTOR ELÉTRICO POTÊNCIA 5 CV - MANUTENÇÃO. AF_05/2023","CHOR - CUSTOS HORÁRIOS DE MÁQUINAS E EQUIPAMENTOS",null,"H",1,1.07,1.07]
["Composição Auxiliar"," 88391 ","SINAPI","MISTURADOR DE ARGAMASSA, EIXO HORIZONTAL, CAPACIDADE DE MISTURA 300 KG, MOTOR ELÉTRICO POTÊNCIA 5 CV - MATERIAIS NA OPERAÇÃO. AF_05/2023","CHOR - CUSTOS HORÁRIOS DE MÁQUINAS E EQUIPAMENTOS",null,"H",1,2.85,2.85]
[{"$nulls":4},"MO sem LS =>",0,"LS =>",0,"MO com LS =>",0]
[{"$nulls":4},"Valor do BDI =>",0.87,null,"Valor com BDI =>",null,5.93]
[]
[null,"Código","Banco","Descrição","Tipo",null,"Und","Quant.","Valor Unit","Total"]
["Composição"," 88387 ","SINAPI","MISTURADOR DE ARGAMASSA, EIXO HORIZONTAL, CAPACIDADE DE MISTURA 300 KG, MOTOR ELÉTRICO POTÊNCIA 5 CV - DEPRECIAÇÃO. AF_05/2023","CHOR - CUSTOS HORÁRIOS DE MÁQUINAS E EQUIPAMENTOS",null,"H",1,0.91,0.91]
["Insumo"," 00037544 ","SINAPI","MISTURADOR DE ARGAMASSA, EIXO HORIZONTAL, CAPACIDADE DE MISTURA 300 KG, MOTOR ELETRICO TRIFASICO 220/380 V, POTENCIA 5 CV","Equipamento",null,"UN",6e-5,15240.29,0.91]
[{"$nulls":4},"MO sem LS =>",0,"LS =>",0,"MO com LS =>",0]
[{"$nulls":4},"Valor do BDI =>",0.19,null,"Valor com BDI =>",null,1.1]
[]
[null,"Código","Banco","Descrição","Tipo",null,"Und","Quant.","Valor Unit","Total"]
["Composição"," 88389 ","SINAPI","MISTURADOR DE ARGAMASSA, EIXO HORIZONTAL, CAPACIDADE DE MISTURA 300 KG, MOTOR ELÉTRICO POTÊNCIA 5 CV - JUROS. AF_05/2023","CHOR - CUSTOS HORÁRIOS DE MÁQUINAS E EQUIPAMENTOS",null,"H",1,0.23,0.23]
["Insumo"," 00037544 ","SINAPI","MISTURADOR DE ARGAMASSA, EIXO HORIZONTAL, CAPACIDADE DE MISTURA 300 KG, MOTOR ELETRICO TRIFASICO 220/380 V, POTENCIA 5 CV","Equipamento",null,"UN",1.48e-5,15240.29,0.23]
[{"$nulls":4},"MO sem LS =>",0,"LS =>",0,"MO com LS =>",0]
[{"$nulls":4},"Valor do BDI =>",0.05,null,"Valor com BDI =>",null,0.28]
[]
[null,"Código","Banco","Descrição","Tipo",null,"Und","Quant.","Valor Unit","Total"]
["Composição"," 88390 ","SINAPI","MISTURADOR DE ARGAMASSA, EIXO HORIZONTAL, CAPACIDADE DE MISTURA 300 KG, MOTOR ELÉTRICO POTÊNCIA 5 CV - MANUTENÇÃO. AF_05/2023","CHOR - CUSTOS HORÁRIOS DE MÁQUINAS E EQUIPAMENTOS",null,"H",1,1.07,1.07]
["Insumo"," 00037544 ","SINAPI","MISTURADOR DE ARGAMASSA, EIXO HORIZONTAL, CAPACIDADE DE MISTURA 300 KG, MOTOR ELETRICO TRIFASICO 220/380 V, POTENCIA 5 CV","Equipamento",null,"UN",7e-5,15240.29,1.07]
[{"$nulls":4},"MO sem LS =>",0,"LS =>",0,"MO com LS =>",0]
[{"$nulls":4},"Valor do BDI =>",0.22,null,"Valor com BDI =>",null,1.29]
[]
[null,"Código","Banco","Descrição","Tipo",null,"Und","Quant.","Valor Unit","Total"]
["Composição"," 88391 ","SINAPI","MISTURADOR DE ARGAMASSA, EIXO HORIZONTAL, CAPACIDADE DE MISTURA 300 KG, MOTOR ELÉTRICO POTÊNCIA 5 CV - MATERIAIS NA OPERAÇÃO. AF_05/2023","CHOR - CUSTOS HORÁRIOS DE MÁQUINAS E EQUIPAMENTOS",null,"H",1,2.85,2.85]
["Insumo"," 00002705 ","SINAPI","ENERGIA ELETRICA ATE 2000 KWH INDUSTRIAL, SEM DEMANDA","Material",null,"KWH",3.12799,0.91,2.85]
[{"$nulls":4},"MO sem LS =>",0,"LS =>",0,"MO com LS =>",0]
[{"$nulls":4},"Valor do BDI =>",0.41,null,"Valor com BDI =>",null,3.26]
[]
[null,"Código","Banco","Descrição","Tipo",null,"Und","Quant.","Valor Unit","Total"]
["Composição"," 88282 ","SINAPI","MOTORISTA DE CAMINHÃO COM ENCARGOS COMPLEMENTARES","SEDI - SERVIÇOS DIVERSOS",null,"H",1,19.22,19.22]
["Composição Auxiliar"," 95347 ","SINAPI","CURSO DE CAPACITAÇÃO PARA MOTORISTA DE CAMINHÃO (ENCARGOS COMPLEMENTARES) - HORISTA","SEDI - SERVIÇOS DIVERSOS",null,"H",1,0.09,0.09]
["Insumo"," 00004093 ","SINAPI","MOTORISTA DE CAMINHAO (HORISTA)","Mão de Obra",null,"H",1,16.6,16.6]
["Insumo"," 00037370 ","SINAPI","ALIMENTACAO - HORISTA (COLETADO CAIXA - ENCARGOS COMPLEMENTARES)","Outros",null,"H",1,0.01,0.01]
["Insumo"," 00037371 ","SINAPI","TRANSPORTE - HORISTA (COLETADO CAIXA - ENCARGOS COMPLEMENTARES)","Serviços",null,"H",1,0.54,0.54]
["Insumo"," 00037372 ","SINAPI","EXAMES - HORISTA (COLETADO CAIXA - ENCARGOS COMPLEMENTARES)","Outros",null,"H",1,1.14,1.14]
["Insumo"," 00037373 ","SINAPI","SEGURO - HORISTA (COLETADO CAIXA - ENCARGOS COMPLEMENTARES)","Taxas",null,"H",1,0.01,0.01]
["Insumo"," 00043464 ","SINAPI","FERRAMENTAS - FAMILIA OPERADOR ESCAVADEIRA - HORISTA (ENCARGOS COMPLEMENTARES - COLETADO CAIXA)","Equipamento",null,"H",1,0.01,0.01]
["Insumo"," 00043488 ","SINAPI","EPI - FAMILIA OPERADOR ESCAVADEIRA - HORISTA (ENCARGOS COMPLEMENTARES - COLETADO CAIXA)","Equipamento",null,"H",1,0.82,0.82]
[{"$nulls":4},"MO sem LS =>",16.69,"LS =>",0,"MO com LS =>",16.69]
[{"$nulls":4},"Valor do BDI =>",4.01,null,"Valor com BDI =>",null,23.23]
[]
[null,"Código","Banco","Descrição","Tipo",null,"Und","Quant.","Valor Unit","Total"]
["Composição"," 88286 ","SINAPI","MOTORISTA OPERADOR DE MUNCK COM ENCARGOS COMPLEMENTARES","SEDI - SERVIÇOS DIVERSOS",null,"H",1,21.46,21.46]
["Composição Auxiliar"," 95351 ","SINAPI","CURSO DE CAPACITAÇÃO PARA MOTORISTA OPERADOR DE MUNCK (ENCARGOS COMPLEMENTARES) - HORISTA","SEDI - SERVIÇOS DIVERSOS",null,"H",1,0.32,0.32]
["Insumo"," 00004096 ","SINAPI","MOTORISTA OPERADOR DE CAMINHAO COM MUNCK (HORISTA)","Mão de Obra",null,"H",1,18.61,18.61]
["Insumo"," 00037370 ","SINAPI","ALIMENTACAO - HORISTA (COLETADO CAIXA - ENCARGOS COMPLEMENTARES)","Outros",null,"H",1,0.01,0.01]
["Insumo"," 00037371 ","SINAPI","TRANSPORTE - HORISTA (COLETADO CAIXA - ENCARGOS COMPLEMENTARES)","Serviços",null,"H",1,0.54,0.54]
["Insumo"," 00037372 ","SINAPI","EXAMES - HORISTA (COLETADO CAIXA - ENCARGOS COMPLEMENTARES)","Outros",null,"H",1,1.14,1.14]
["Insumo"," 00037373 ","SINAPI","SEGURO - HORISTA (COLETADO CAIXA - ENCARGOS COMPLEMENTARES)","Taxas",null,"H",1,0.01,0.01]
["Insumo"," 00043464 ","SINAPI","FERRAMENTAS - FAMILIA OPERADOR ESCAVADEIRA - HORISTA (ENCARGOS COMPLEMENTARES - COLETADO CAIXA)","Equipamento",null,"H",1,0.01,0.01]
["Insumo"," 00043488 ","SINAPI","EPI - FAMILIA OPERADOR ESCAVADEIRA - HORISTA (ENCARGOS COMPLEMENTARES - COLETADO CAIXA)","Equipamento",null,"H",1,0.82,0.82]
[{"$nulls":4},"MO sem LS =>",18.93,"LS =>",0,"MO com LS =>",18.93]
[{"$nulls":4},"Valor do BDI =>",4.49,null,"Valor com BDI =>",null,25.95]
[]
[null,"Código","Banco","Descrição","Tipo",null,"Und","Quant.","Valor Unit","Total"]
["Composição"," 0903848 ","SICRO3","Muro em alvenaria de blocos de concreto com espessura de 0,20 m h = 1,0 m","",null,"m",1,165.52,165.52]
[{"$nulls":5},"Custo Horário de Execução =>",null,null,null,0]
[{"$nulls":5},"Fator de Influencia da Chuva - FIC =>",null,null,null,0]
[{"$nulls":5},"Custo do FIC =>",null,null,null,0]
[{"$nulls":5},"Produção de Equipe =>",null,null,null,1]
[{"$nulls":5},"Custo Unitário de Execução =>",null,null,null,0]
["D","Banco","Código","Atividades Auxiliares","Quantidade","Unidade","Preço Unitário",null,null,"Custo Horário"]
["Atividade Auxiliar","SICRO3",2009619,"Alvenaria de blocos de concreto 19 x 19 x 39 cm com espessura de 20 cm - areia comercial",1,"m²",110.09,null,null,110.09]
["Atividade Auxiliar","SICRO3",1107892,"Concreto fck = 20 MPa - confecção em betoneira e lançamento manual - areia e brita comerciais",0.075,"m³",569.02,null,null,42.6765]
["Atividade Auxiliar","SICRO3",1106057,"Concreto magro - confecção em betoneira e lançamento manual - areia e brita comerciais",0.015,"m³",554.16,null,null,8.3124]
["Atividade Auxiliar","SICRO3",4805751,"Escavação manual em material de 1ª categoria na profundidade de 1 a 2 m",0.09,"m³",49.34,null,null,4.4406]
[{"$nulls":5},"Custo Total das Atividades =>",null,null,null,165.5195]
[{"$nulls":4},"MO sem LS =>",52.9992530085541,"LS =>",0,"MO com LS =>",52.9992530085541]
[{"$nulls":4},"Valor do BDI =>",27.44,null,"Valor com BDI =>",null,192.96]
[]
[null,"Código","Banco","Descrição","Tipo",null,"Und","Quant.","Valor Unit","Total"]
["Composição"," 88377 ","SINAPI","OPERADOR DE BETONEIRA ESTACIONÁRIA/MISTURADOR COM ENCARGOS COMPLEMENTARES","SEDI - SERVIÇOS DIVERSOS",null,"H",1,14.5,14.5]
["Composição Auxiliar"," 95389 ","SINAPI","CURSO DE CAPACITAÇÃO PARA OPERADOR DE BETONEIRA ESTACIONÁRIA/MISTURADOR (ENCARGOS COMPLEMENTARES) - HORISTA","SEDI - SERVIÇOS DIVERSOS",null,"H",1,0.1,0.1]
["Insumo"," 00037370 ","SINAPI","ALIMENTACAO - HORISTA (COLETADO CAIXA - ENCARGOS COMPLEMENTARES)","Outros",null,"H",1,0.01,0.01]
["Insumo"," 00037371 ","SINAPI","TRANSPORTE - HORISTA (COLETADO CAIXA - ENCARGOS COMPLEMENTARES)","Serviços",null,"H",1,0.54,0.54]
["Insumo"," 00037372 ","SINAPI","EXAMES - HORISTA (COLETADO CAIXA - ENCARGOS COMPLEMENTARES)","Outros",null,"H",1,1.14,1.14]
["Insumo"," 00037373 ","SINAPI","SEGURO - HORISTA (COLETADO CAIXA - ENCARGOS COMPLEMENTARES)","Taxas",null,"H",1,0.01,0.01]
["Insumo"," 00037666 ","SINAPI","OPERADOR DE BETONEIRA ESTACIONARIA / MISTURADOR","Mão de Obra",null,"H",1,11.87,11.87]
["Insumo"," 00043464 ","SINAPI","FERRAMENTAS - FAMILIA OPERADOR ESCAVADEIRA - HORISTA (ENCARGOS COMPLEMENTARES - COLETADO CAIXA)","Equipamento",null,"H",1,0.01,0.01]
["Insumo"," 00043488 ","SINAPI","EPI - FAMILIA OPERADOR ESCAVADEIRA - HORISTA (ENCARGOS COMPLEMENTARES - COLETADO CAIXA)","Equipamento",null,"H",1,0.82,0.82]
[{"$nulls":4},"MO sem LS =>",11.97,"LS =>",0,"MO com LS =>",11.97]
[{"$nulls":4},"Valor do BDI =>",3.02,null,"Valor com BDI =>",null,17.52]
[]
[null,"Código","Banco","Descrição","Tipo",null,"Und","Quant.","Valor Unit","Total"]
["Composição"," 88294 ","SINAPI","OPERADOR DE ESCAVADEIRA COM ENCARGOS COMPLEMENTARES","SEDI - SERVIÇOS DIVERSOS",null,"H",1,19.33,19.33]
["Composição Auxiliar"," 95357 ","SINAPI","CURSO DE CAPACITAÇÃO PARA OPERADOR DE ESCAVADEIRA (ENCARGOS COMPLEMENTARES) - HORISTA","SEDI - SERVIÇOS DIVERSOS",null,"H",1,0.2,0.2]
["Insumo"," 00004234 ","SINAPI","OPERADOR DE ESCAVADEIRA","Mão de Obra",null,"H",1,16.6,16.6]
["Insumo"," 00037370 ","SINAPI","ALIMENTACAO - HORISTA (COLETADO CAIXA - ENCARGOS COMPLEMENTARES)","Outros",null,"H",1,0.01,0.01]
["Insumo"," 00037371 ","SINAPI","TRANSPORTE - HORISTA (COLETADO CAIXA - ENCARGOS COMPLEMENTARES)","Serviços",null,"H",1,0.54,0.54]
["Insumo"," 00037372 ","SINAPI","EXAMES - HORISTA (COLETADO CAIXA - ENCARGOS COMPLEMENTARES)","Outros",null,"H",1,1.14,1.14]
["Insumo"," 00037373 ","SINAPI","SEGURO - HORISTA (COLETADO CAIXA - ENCARGOS COMPLEMENTARES)","Taxas",null,"H",1,0.01,0.01]
["Insumo"," 00043464 ","SINAPI","FERRAMENTAS - FAMILIA OPERADOR ESCAVADEIRA - HORISTA (ENCARGOS COMPLEMENTARES - COLETADO CAIXA)","Equipamento",null,"H",1,0.01,0.01]
["Insumo"," 00043488 ","SINAPI","EPI - FAMILIA OPERADOR ESCAVADEIRA - HORISTA (ENCARGOS COMPLEMENTARES - COLETADO CAIXA)","Equipamento",null,"H",1,0.82,0.82]
[{"$nulls":4},"MO sem LS =>",16.8,"LS =>",0,"MO com LS =>",16.8]
[{"$nulls":4},"Valor do BDI =>",4.03,null,"Valor com BDI =>",null,23.36]
[]
[null,"Código","Banco","Descrição","Tipo",null,"Und","Quant.","Valor Unit","Total"]
["Composição"," 88295 ","SINAPI","OPERADOR DE GUINCHO COM ENCARGOS COMPLEMENTARES","SEDI - SERVIÇOS DIVERSOS",null,"H",1,14.87,14.87]
["Composição Auxiliar"," 95358 ","SINAPI","CURSO DE CAPACITAÇÃO PARA OPERADOR DE GUINCHO (ENCARGOS COMPLEMENTARES) - HORISTA","SEDI - SERVIÇOS DIVERSOS",null,"H",1,0.21,0.21]
["Insumo"," 00004253 ","SINAPI","OPERADOR DE GUINCHO OU GUINCHEIRO","Mão de Obra",null,"H",1,12.13,12.13]
["Insumo"," 00037370 ","SINAPI","ALIMENTACAO - HORISTA (COLETADO CAIXA - ENCARGOS COMPLEMENTARES)","Outros",null,"H",1,0.01,0.01]
["Insumo"," 00037371 ","SINAPI","TRANSPORTE - HORISTA (COLETADO CAIXA - ENCARGOS COMPLEMENTARES)","Serviços",null,"H",1,0.54,0.54]
["Insumo"," 00037372 ","SINAPI","EXAMES - HORISTA (COLETADO CAIXA - ENCARGOS COMPLEMENTARES)","Outros",null,"H",1,1.14,1.14]
["Insumo"," 00037373 ","SINAPI","SEGURO - HORISTA (COLETADO CAIXA - ENCARGOS COMPLEMENTARES)","Taxas",null,"H",1,0.01,0.01]
["Insumo"," 00043464 ","SINAPI","FERRAMENTAS - FAMILIA OPERADOR ESCAVADEIRA - HORISTA (ENCARGOS COMPLEMENTARES - COLETADO CAIXA)","Equipamento",null,"H",1,0.01,0.01]
["Insumo"," 00043488 ","SINAPI","EPI - FAMILIA OPERADOR ESCAVADEIRA - HORISTA (ENCARGOS COMPLEMENTARES - COLETADO CAIXA)","Equipamento",null,"H",1,0.82,0.82]
[{"$nulls":4},"MO sem LS =>",12.34,"LS =>",0,"MO com LS =>",12.34]
[{"$nulls":4},"Valor do BDI =>",3.1,null,"Valor com BDI =>",null,17.97]
[]
[null,"Código","Banco","Descrição","Tipo",null,"Und","Quant.","Valor Unit","Total"]
["Composição"," 88297 ","SINAPI","OPERADOR DE MÁQUINAS E EQUIPAMENTOS COM ENCARGOS COMPLEMENTARES","SEDI - SERVIÇOS DIVERSOS",null,"H",1,17.33,17.33]
["Composição Auxiliar"," 95360 ","SINAPI","CURSO DE CAPACITAÇÃO PARA OPERADOR DE MÁQUINAS E EQUIPAMENTOS (ENCARGOS COMPLEMENTARES) - HORISTA","SEDI - SERVIÇOS DIVERSOS",null,"H",1,0.18,0.18]
["Insumo"," 00004230 ","SINAPI","OPERADOR DE MAQUINAS E TRATORES DIVERSOS (TERRAPLANAGEM)","Mão de Obra",null,"H",1,14.62,14.62]
["Insumo"," 00037370 ","SINAPI","ALIMENTACAO - HORISTA (COLETADO CAIXA - ENCARGOS COMPLEMENTARES)","Outros",null,"H",1,0.01,0.01]
["Insumo"," 00037371 ","SINAPI","TRANSPORTE - HORISTA (COLETADO CAIXA - ENCARGOS COMPLEMENTARES)","Serviços",null,"H",1,0.54,0.54]
["Insumo"," 00037372 ","SINAPI","EXAMES - HORISTA (COLETADO CAIXA - ENCARGOS COMPLEMENTARES)","Outros",null,"H",1,1.14,1.14]
["Insumo"," 00037373 ","SINAPI","SEGURO - HORISTA (COLETADO CAIXA - ENCARGOS COMPLEMENTARES)","Taxas",null,"H",1,0.01,0.01]
["Insumo"," 00043464 ","SINAPI","FERRAMENTAS - FAMILIA OPERADOR ESCAVADEIRA - HORISTA (ENCARGOS COMPLEMENTARES - COLETADO CAIXA)","Equipamento",null,"H",1,0.01,0.01]
["Insumo"," 00043488 ","SINAPI","EPI - FAMILIA OPERADOR ESCAVADEIRA - HORISTA (ENCARGOS COMPLEMENTARES - COLETADO CAIXA)","Equipamento",null,"H",1,0.82,0.82]
[{"$nulls":4},"MO sem LS =>",14.8,"LS =>",0,"MO com LS =>",14.8]
[{"$nulls":4},"Valor do BDI =>",3.62,null,"Valor com BDI =>",null,20.95]
[]
[null,"Código","Banco","Descrição","Tipo",null,"Und","Quant.","Valor Unit","Total"]
["Composição"," 98445 ","SINAPI","PAREDE DE MADEIRA COMPENSADA PARA CONSTRUÇÃO TEMPORÁRIA EM CHAPA SIMPLES, EXTERNA, COM ÁREA LÍQUIDA MAIOR OU IGUAL A 6 M², COM VÃO. AF_05/2018","CANT - CANTEIRO DE OBRAS",null,"m²",1,130.46,130.46]
["Composição Auxiliar"," 88239 ","SINAPI","AJUDANTE DE CARPINTEIRO COM ENCARGOS COMPLEMENTARES","SEDI - SERVIÇOS DIVERSOS",null,"H",0.3647,16.91,6.17]
["Composição Auxiliar"," 88262 ","SINAPI","CARPINTEIRO DE FORMAS COM ENCARGOS COMPLEMENTARES","SEDI - SERVIÇOS DIVERSOS",null,"H",1.0941,20.33,22.24]
["Composição Auxiliar"," 91692 ","SINAPI","SERRA CIRCULAR DE BANCADA COM MOTOR ELÉTRICO POTÊNCIA DE 5HP, COM COIFA PARA DISCO 10\" - CHP DIURNO. AF_08/2015","CHOR - CUSTOS HORÁRIOS DE MÁQUINAS E EQUIPAMENTOS",null,"CHP",0.0119,18.77,0.22]
["Composição Auxiliar"," 91693 ","SINAPI","SERRA CIRCULAR DE BANCADA COM MOTOR ELÉTRICO POTÊNCIA DE 5HP, COM COIFA PARA DISCO 10\" - CHI DIURNO. AF_08/2015","CHOR - CUSTOS HORÁRIOS DE MÁQUINAS E EQUIPAMENTOS",null,"CHI",0.0518,17.46,0.9]
["Composição Auxiliar"," 94974 ","SINAPI","CONCRETO MAGRO PARA LASTRO, TRAÇO 1:4,5:4,5 (EM MASSA SECA DE CIMENTO/ AREIA MÉDIA/ BRITA 1) - PREPARO MANUAL. AF_05/2021","FUES - FUNDAÇÕES E ESTRUTURAS",null,"m³",0.0021,584.47,1.23]
["Insumo"," 00003992 ","SINAPI","TABUA APARELHADA *2,5 X 30* CM, EM MACARANDUBA/MASSARANDUBA, ANGELIM OU EQUIVALENTE DA REGIAO","Material",null,"M",1.8033,17.75,32.01]
["Insumo"," 00004433 ","SINAPI","CAIBRO NAO APARELHADO *6 X 6* CM, EM MACARANDUBA/MASSARANDUBA, ANGELIM OU EQUIVALENTE DA REGIAO - BRUTA","Material",null,"M",1.8033,14.96,26.98]
["Insumo"," 00005061 ","SINAPI","PREGO DE ACO POLIDO COM CABECA 18 X 27 (2 1/2 X 10)","Material",null,"KG",0.0628,20,1.26]
["Insumo"," 00043681 ","SINAPI","CHAPA/PAINEL DE MADEIRA COMPENSADA RESINADA (MADEIRITE RESINADO ROSA) PARA FORMA DE CONCRETO, DE 2200 x 1100 MM, E = 8 A 12 MM","Material",null,"m²",1.050038,37.57,39.45]
[{"$nulls":4},"MO sem LS =>",24.36,"LS =>",0.01,"MO com LS =>",24.37]
[{"$nulls":4},"Valor do BDI =>",20.46,null,"Valor com BDI =>",null,150.92]
[]
[null,"Código","Banco","Descrição","Tipo",null,"Und","Quant.","Valor Unit","Total"]
["Composição"," 98441 ","SINAPI","PAREDE DE MADEIRA COMPENSADA PARA CONSTRUÇÃO TEMPORÁRIA EM CHAPA SIMPLES, EXTERNA, COM ÁREA LÍQUIDA MAIOR OU IGUAL A 6 M², SEM VÃO. AF_05/2018","CANT - CANTEIRO DE OBRAS",null,"m²",1,110.16,110.16]
["Composição Auxiliar"," 88239 ","SINAPI","AJUDANTE DE CARPINTEIRO COM ENCARGOS COMPLEMENTARES","SEDI - SERVIÇOS DIVERSOS",null,"H",0.2512,16.91,4.25]
["Composição Auxiliar"," 88262 ","SINAPI","CARPINTEIRO DE FORMAS COM ENCARGOS COMPLEMENTARES","SEDI - SERVIÇOS DIVERSOS",null,"H",0.7535,20.33,15.32]
["Composição Auxiliar"," 91692 ","SINAPI","SERRA CIRCULAR DE BANCADA COM MOTOR ELÉTRICO POTÊNCIA DE 5HP, COM COIFA PARA DISCO 10\" - CHP DIURNO. AF_08/2015","CHOR - CUSTOS HORÁRIOS DE MÁQUINAS E EQUIPAMENTOS",null,"CHP",0.0082,18.77,0.15]
["Composição Auxiliar"," 91693 ","SINAPI","SERRA CIRCULAR DE BANCADA COM MOTOR ELÉTRICO POTÊNCIA DE 5HP, COM COIFA PARA DISCO 10\" - CHI DIURNO. AF_08/2015","CHOR - CUSTOS HORÁRIOS DE MÁQUINAS E EQUIPAMENTOS",null,"CHI",0.0359,17.46,0.63]
["Composição Auxiliar"," 94974 ","SINAPI","CONCRETO MAGRO PARA LASTRO, TRAÇO 1:4,5:4,5 (EM MASSA SECA DE CIMENTO/ AREIA MÉDIA/ BRITA 1) - PREPARO MANUAL. AF_05/2021","FUES - FUNDAÇÕES E ESTRUTURAS",null,"m³",0.0015,584.47,0.88]
["Insumo"," 00003992 ","SINAPI","TABUA APARELHADA *2,5 X 30* CM, EM MACARANDUBA/MASSARANDUBA, ANGELIM OU EQUIVALENTE DA REGIAO","Material",null,"M",1.6923,17.75,30.04]
["Insumo"," 00004433 ","SINAPI","CAIBRO NAO APARELHADO *6 X 6* CM, EM MACARANDUBA/MASSARANDUBA, ANGELIM OU EQUIVALENTE DA REGIAO - BRUTA","Material",null,"M",1.2308,14.96,18.41]
["Insumo"," 00005061 ","SINAPI","PREGO DE ACO POLIDO COM CABECA 18 X 27 (2 1/2 X 10)","Material",null,"KG",0.0517,20,1.03]
["Insumo"," 00043681 ","SINAPI","CHAPA/PAINEL DE MADEIRA COMPENSADA RESINADA (MADEIRITE RESINADO ROSA) PARA FORMA DE CONCRETO, DE 2200 x 1100 MM, E = 8 A 12 MM","Material",null,"m²",1.050038,37.57,39.45]
[{"$nulls":4},"MO sem LS =>",16.78,"LS =>",0,"MO com LS =>",16.78]
[{"$nulls":4},"Valor do BDI =>",16.97,null,"Valor com BDI =>",null,127.13]
[]
[null,"Código","Banco","Descrição","Tipo",null,"Und","Quant.","Valor Unit","Total"]
["Composição"," 98446 ","SINAPI","PAREDE DE MADEIRA COMPENSADA PARA CONSTRUÇÃO TEMPORÁRIA EM CHAPA SIMPLES, EXTERNA, COM ÁREA LÍQUIDA MENOR QUE 6 M², COM VÃO. AF_05/2018","CANT - CANTEIRO DE OBRAS",null,"m²",1,165.23,165.23]
["Composição Auxiliar"," 88239 ","SINAPI","AJUDANTE DE CARPINTEIRO COM ENCARGOS COMPLEMENTARES","SEDI - SERVIÇOS DIVERSOS",null,"H",0.6018,16.91,10.18]
["Composição Auxiliar"," 88262 ","SINAPI","CARPINTEIRO DE FORMAS COM ENCARGOS COMPLEMENTARES","SEDI - SERVIÇOS DIVERSOS",null,"H",1.8053,20.33,36.7]
["Composição Auxiliar"," 91692 ","SINAPI","SERRA CIRCULAR DE BANCADA COM MOTOR ELÉTRICO POTÊNCIA DE 5HP, COM COIFA PARA DISCO 10\" - CHP DIURNO. AF_08/2015","CHOR - CUSTOS HORÁRIOS DE MÁQUINAS E EQUIPAMENTOS",null,"CHP",0.017,18.77,0.32]
["Composição Auxiliar"," 91693 ","SINAPI","SERRA CIRCULAR DE BANCADA COM MOTOR ELÉTRICO POTÊNCIA DE 5HP, COM COIFA PARA DISCO 10\" - CHI DIURNO. AF_08/2015","CHOR - CUSTOS HORÁRIOS DE MÁQUINAS E EQUIPAMENTOS",null,"CHI",0.0744,17.46,1.3]
["Composição Auxiliar"," 94974 ","SINAPI","CONCRETO MAGRO PARA LASTRO, TRAÇO 1:4,5:4,5 (EM MASSA SECA DE CIMENTO/ AREIA MÉDIA/ BRITA 1) - PREPARO MANUAL. AF_05/2021","FUES - FUNDAÇÕES E ESTRUTURAS",null,"m³",0.0031,584.47,1.81]
["Insumo"," 00003992 ","SINAPI","TABUA APARELHADA *2,5 X 30* CM, EM MACARANDUBA/MASSARANDUBA, ANGELIM OU EQUIVALENTE DA REGIAO","Material",null,"M",1.9604,17.75,34.8]
["Insumo"," 00004433 ","SINAPI","CAIBRO NAO APARELHADO *6 X 6* CM, EM MACARANDUBA/MASSARANDUBA, ANGELIM OU EQUIVALENTE DA REGIAO - BRUTA","Material",null,"M",2.6139,14.96,39.1]
["Insumo"," 00005061 ","SINAPI","PREGO DE ACO POLIDO COM CABECA 18 X 27 (2 1/2 X 10)","Material",null,"KG",0.0784,20,1.57]
["Insumo"," 00043681 ","SINAPI","CHAPA/PAINEL DE MADEIRA COMPENSADA RESINADA (MADEIRITE RESINADO ROSA) PARA FORMA DE CONCRETO, DE 2200 x 1100 MM, E = 8 A 12 MM","Material",null,"m²",1.050038,37.57,39.45]
[{"$nulls":4},"MO sem LS =>",39.96,"LS =>",0,"MO com LS =>",39.96]
[{"$nulls":4},"Valor do BDI =>",26.66,null,"Valor com BDI =>",null,191.89]
[]
[null,"Código","Banco","Descrição","Tipo",null,"Und","Quant.","Valor Unit","Total"]
["Composição"," 98442 ","SINAPI","PAREDE DE MADEIRA COMPENSADA PARA CONSTRUÇÃO TEMPORÁRIA EM CHAPA SIMPLES, EXTERNA, COM ÁREA LÍQUIDA MENOR QUE 6 M², SEM VÃO. AF_05/2018","CANT - CANTEIRO DE OBRAS",null,"m²",1,112.69,112.69]
["Composição Auxiliar"," 88239 ","SINAPI","AJUDANTE DE CARPINTEIRO COM ENCARGOS COMPLEMENTARES","SEDI - SERVIÇOS DIVERSOS",null,"H",0.2844,16.91,4.81]
["Composição Auxiliar"," 88262 ","SINAPI","CARPINTEIRO DE FORMAS COM ENCARGOS COMPLEMENTARES","SEDI - SERVIÇOS DIVERSOS",null,"H",0.8532,20.33,17.35]
["Composição Auxiliar"," 91692 ","SINAPI","SERRA CIRCULAR DE BANCADA COM MOTOR ELÉTRICO POTÊNCIA DE 5HP, COM COIFA PARA DISCO 10\" - CHP DIURNO. AF_08/2015","CHOR - CUSTOS HORÁRIOS DE MÁQUINAS E EQUIPAMENTOS",null,"CHP",0.0076,18.77,0.14]
["Composição Auxiliar"," 91693 ","SINAPI","SERRA CIRCULAR DE BANCADA COM MOTOR ELÉTRICO POTÊNCIA DE 5HP, COM COIFA PARA DISCO 10\" - CHI DIURNO. AF_08/2015","CHOR - CUSTOS HORÁRIOS DE MÁQUINAS E EQUIPAMENTOS",null,"CHI",0.0332,17.46,0.58]
["Composição Auxiliar"," 94974 ","SINAPI","CONCRETO MAGRO PARA LASTRO, TRAÇO 1:4,5:4,5 (EM MASSA SECA DE CIMENTO/ AREIA MÉDIA/ BRITA 1) - PREPARO MANUAL. AF_05/2021","FUES - FUNDAÇÕES E ESTRUTURAS",null,"m³",0.0015,584.47,0.88]
["Insumo"," 00003992 ","SINAPI","TABUA APARELHADA *2,5 X 30* CM, EM MACARANDUBA/MASSARANDUBA, ANGELIM OU EQUIVALENTE DA REGIAO","Material",null,"M",1.6923,17.75,30.04]
["Insumo"," 00004433 ","SINAPI","CAIBRO NAO APARELHADO *6 X 6* CM, EM MACARANDUBA/MASSARANDUBA, ANGELIM OU EQUIVALENTE DA REGIAO - BRUTA","Material",null,"M",1.2308,14.96,18.41]
["Insumo"," 00005061 ","SINAPI","PREGO DE ACO POLIDO COM CABECA 18 X 27 (2 1/2 X 10)","Material",null,"KG",0.0517,20,1.03]
["Insumo"," 00043681 ","SINAPI","CHAPA/PAINEL DE MADEIRA COMPENSADA RESINADA (MADEIRITE RESINADO ROSA) PARA FORMA DE CONCRETO, DE 2200 x 1100 MM, E = 8 A 12 MM","Material",null,"m²",1.050038,37.57,39.45]
[{"$nulls":4},"MO sem LS =>",18.85,"LS =>",0,"MO com LS =>",18.85]
[{"$nulls":4},"Valor do BDI =>",17.5,null,"Valor com BDI =>",null,130.19]
[]
[null,"Código","Banco","Descrição","Tipo",null,"Und","Quant.","Valor Unit","Total"]
["Composição"," 98447 ","SINAPI","PAREDE DE MADEIRA COMPENSADA PARA CONSTRUÇÃO TEMPORÁRIA EM CHAPA SIMPLES, INTERNA, COM ÁREA LÍQUIDA MAIOR OU IGUAL A 6 M², COM VÃO. AF_05/2018","CANT - CANTEIRO DE OBRAS",null,"m²",1,111.46,111.46]
["Composição Auxiliar"," 88239 ","SINAPI","AJUDANTE DE CARPINTEIRO COM ENCARGOS COMPLEMENTARES","SEDI - SERVIÇOS DIVERSOS",null,"H",0.2014,16.91,3.41]
["Composição Auxiliar"," 88262 ","SINAPI","CARPINTEIRO DE FORMAS COM ENCARGOS COMPLEMENTARES","SEDI - SERVIÇOS DIVERSOS",null,"H",0.6043,20.33,12.29]
["Composição Auxiliar"," 91692 ","SINAPI","SERRA CIRCULAR DE BANCADA COM MOTOR ELÉTRICO POTÊNCIA DE 5HP, COM COIFA PARA DISCO 10\" - CHP DIURNO. AF_08/2015","CHOR - CUSTOS HORÁRIOS DE MÁQUINAS E EQUIPAMENTOS",null,"CHP",0.0119,18.77,0.22]
["Composição Auxiliar"," 91693 ","SINAPI","SERRA CIRCULAR DE BANCADA COM MOTOR ELÉTRICO POTÊNCIA DE 5HP, COM COIFA PARA DISCO 10\" - CHI DIURNO. AF_08/2015","CHOR - CUSTOS HORÁRIOS DE MÁQUINAS E EQUIPAMENTOS",null,"CHI",0.0518,17.46,0.9]
["Insumo"," 00003992 ","SINAPI","TABUA APARELHADA *2,5 X 30* CM, EM MACARANDUBA/MASSARANDUBA, ANGELIM OU EQUIVALENTE DA REGIAO","Material",null,"M",1.8033,17.75,32.01]
["Insumo"," 00004433 ","SINAPI","CAIBRO NAO APARELHADO *6 X 6* CM, EM MACARANDUBA/MASSARANDUBA, ANGELIM OU EQUIVALENTE DA REGIAO - BRUTA","Material",null,"M",1.4652,14.96,21.92]
["Insumo"," 00005061 ","SINAPI","PREGO DE ACO POLIDO COM CABECA 18 X 27 (2 1/2 X 10)","Material",null,"KG",0.0628,20,1.26]
["Insumo"," 00043681 ","SINAPI","CHAPA/PAINEL DE MADEIRA COMPENSADA RESINADA (MADEIRITE RESINADO ROSA) PARA FORMA DE CONCRETO, DE 2200 x 1100 MM, E = 8 A 12 MM","Material",null,"m²",1.050038,37.57,39.45]
[{"$nulls":4},"MO sem LS =>",13.79,"LS =>",0,"MO com LS =>",13.79]
[{"$nulls":4},"Valor do BDI =>",16.9,null,"Valor com BDI =>",null,128.36]
[]
[null,"Código","Banco","Descrição","Tipo",null,"Und","Quant.","Valor Unit","Total"]
["Composição"," 98443 ","SINAPI","PAREDE DE MADEIRA COMPENSADA PARA CONSTRUÇÃO TEMPORÁRIA EM CHAPA SIMPLES, INTERNA, COM ÁREA LÍQUIDA MAIOR OU IGUAL A 6 M², SEM VÃO. AF_05/2018","CANT - CANTEIRO DE OBRAS",null,"m²",1,96.45,96.45]
["Composição Auxiliar"," 88239 ","SINAPI","AJUDANTE DE CARPINTEIRO COM ENCARGOS COMPLEMENTARES","SEDI - SERVIÇOS DIVERSOS",null,"H",0.1309,16.91,2.21]
["Composição Auxiliar"," 88262 ","SINAPI","CARPINTEIRO DE FORMAS COM ENCARGOS COMPLEMENTARES","SEDI - SERVIÇOS DIVERSOS",null,"H",0.3926,20.33,7.98]
["Composição Auxiliar"," 91692 ","SINAPI","SERRA CIRCULAR DE BANCADA COM MOTOR ELÉTRICO POTÊNCIA DE 5HP, COM COIFA PARA DISCO 10\" - CHP DIURNO. AF_08/2015","CHOR - CUSTOS HORÁRIOS DE MÁQUINAS E EQUIPAMENTOS",null,"CHP",0.0082,18.77,0.15]
["Composição Auxiliar"," 91693 ","SINAPI","SERRA CIRCULAR DE BANCADA COM MOTOR ELÉTRICO POTÊNCIA DE 5HP, COM COIFA PARA DISCO 10\" - CHI DIURNO. AF_08/2015","CHOR - CUSTOS HORÁRIOS DE MÁQUINAS E EQUIPAMENTOS",null,"CHI",0.0359,17.46,0.63]
["Insumo"," 00003992 ","SINAPI","TABUA APARELHADA *2,5 X 30* CM, EM MACARANDUBA/MASSARANDUBA, ANGELIM OU EQUIVALENTE DA REGIAO","Material",null,"M",1.6923,17.75,30.04]
["Insumo"," 00004433 ","SINAPI","CAIBRO NAO APARELHADO *6 X 6* CM, EM MACARANDUBA/MASSARANDUBA, ANGELIM OU EQUIVALENTE DA REGIAO - BRUTA","Material",null,"M",1,14.96,14.96]
["Insumo"," 00005061 ","SINAPI","PREGO DE ACO POLIDO COM CABECA 18 X 27 (2 1/2 X 10)","Material",null,"KG",0.0517,20,1.03]
["Insumo"," 00043681 ","SINAPI","CHAPA/PAINEL DE MADEIRA COMPENSADA RESINADA (MADEIRITE RESINADO ROSA) PARA FORMA DE CONCRETO, DE 2200 x 1100 MM, E = 8 A 12 MM","Material",null,"m²",1.050038,37.57,39.45]
[{"$nulls":4},"MO sem LS =>",9,"LS =>",0,"MO com LS =>",9]
[{"$nulls":4},"Valor do BDI =>",14.39,null,"Valor com BDI =>",null,110.84]
[]
[null,"Código","Banco","Descrição","Tipo",null,"Und","Quant.","Valor Unit","Total"]
["Composição"," 98448 ","SINAPI","PAREDE DE MADEIRA COMPENSADA PARA CONSTRUÇÃO TEMPORÁRIA EM CHAPA SIMPLES, INTERNA, COM ÁREA LÍQUIDA MENOR QUE 6 M², COM VÃO. AF_05/2018","CANT - CANTEIRO DE OBRAS",null,"m²",1,137.9,137.9]
["Composição Auxiliar"," 88239 ","SINAPI","AJUDANTE DE CARPINTEIRO COM ENCARGOS COMPLEMENTARES","SEDI - SERVIÇOS DIVERSOS",null,"H",0.3683,16.91,6.23]
["Composição Auxiliar"," 88262 ","SINAPI","CARPINTEIRO DE FORMAS COM ENCARGOS COMPLEMENTARES","SEDI - SERVIÇOS DIVERSOS",null,"H",1.105,20.33,22.46]
["Composição Auxiliar"," 91692 ","SINAPI","SERRA CIRCULAR DE BANCADA COM MOTOR ELÉTRICO POTÊNCIA DE 5HP, COM COIFA PARA DISCO 10\" - CHP DIURNO. AF_08/2015","CHOR - CUSTOS HORÁRIOS DE MÁQUINAS E EQUIPAMENTOS",null,"CHP",0.017,18.77,0.32]
["Composição Auxiliar"," 91693 ","SINAPI","SERRA CIRCULAR DE BANCADA COM MOTOR ELÉTRICO POTÊNCIA DE 5HP, COM COIFA PARA DISCO 10\" - CHI DIURNO. AF_08/2015","CHOR - CUSTOS HORÁRIOS DE MÁQUINAS E EQUIPAMENTOS",null,"CHI",0.0744,17.46,1.3]
["Insumo"," 00003992 ","SINAPI","TABUA APARELHADA *2,5 X 30* CM, EM MACARANDUBA/MASSARANDUBA, ANGELIM OU EQUIVALENTE DA REGIAO","Material",null,"M",1.9604,17.75,34.8]
["Insumo"," 00004433 ","SINAPI","CAIBRO NAO APARELHADO *6 X 6* CM, EM MACARANDUBA/MASSARANDUBA, ANGELIM OU EQUIVALENTE DA REGIAO - BRUTA","Material",null,"M",2.1238,14.96,31.77]
["Insumo"," 00005061 ","SINAPI","PREGO DE ACO POLIDO COM CABECA 18 X 27 (2 1/2 X 10)","Material",null,"KG",0.0784,20,1.57]
["Insumo"," 00043681 ","SINAPI","CHAPA/PAINEL DE MADEIRA COMPENSADA RESINADA (MADEIRITE RESINADO ROSA) PARA FORMA DE CONCRETO, DE 2200 x 1100 MM, E = 8 A 12 MM","Material",null,"m²",1.050038,37.57,39.45]
[{"$nulls":4},"MO sem LS =>",24.84,"LS =>",0,"MO com LS =>",24.84]
[{"$nulls":4},"Valor do BDI =>",21.55,null,"Valor com BDI =>",null,159.45]
[]
[null,"Código","Banco","Descrição","Tipo",null,"Und","Quant.","Valor Unit","Total"]
["Composição"," 98444 ","SINAPI","PAREDE DE MADEIRA COMPENSADA PARA CONSTRUÇÃO TEMPORÁRIA EM CHAPA SIMPLES, INTERNA, COM ÁREA LÍQUIDA MENOR QUE 6 M², SEM VÃO. AF_05/2018","CANT - CANTEIRO DE OBRAS",null,"m²",1,98.26,98.26]
["Composição Auxiliar"," 88239 ","SINAPI","AJUDANTE DE CARPINTEIRO COM ENCARGOS COMPLEMENTARES","SEDI - SERVIÇOS DIVERSOS",null,"H",0.1548,16.91,2.62]
["Composição Auxiliar"," 88262 ","SINAPI","CARPINTEIRO DE FORMAS COM ENCARGOS COMPLEMENTARES","SEDI - SERVIÇOS DIVERSOS",null,"H",0.4644,20.33,9.44]
["Composição Auxiliar"," 91692 ","SINAPI","SERRA CIRCULAR DE BANCADA COM MOTOR ELÉTRICO POTÊNCIA DE 5HP, COM COIFA PARA DISCO 10\" - CHP DIURNO. AF_08/2015","CHOR - CUSTOS HORÁRIOS DE MÁQUINAS E EQUIPAMENTOS",null,"CHP",0.0076,18.77,0.14]
["Composição Auxiliar"," 91693 ","SINAPI","SERRA CIRCULAR DE BANCADA COM MOTOR ELÉTRICO POTÊNCIA DE 5HP, COM COIFA PARA DISCO 10\" - CHI DIURNO. AF_08/2015","CHOR - CUSTOS HORÁRIOS DE MÁQUINAS E EQUIPAMENTOS",null,"CHI",0.0332,17.46,0.58]
["Insumo"," 00003992 ","SINAPI","TABUA APARELHADA *2,5 X 30* CM, EM MACARANDUBA/MASSARANDUBA, ANGELIM OU EQUIVALENTE DA REGIAO","Material",null,"M",1.6923,17.75,30.04]
["Insumo"," 00004433 ","SINAPI","CAIBRO NAO APARELHADO *6 X 6* CM, EM MACARANDUBA/MASSARANDUBA, ANGELIM OU EQUIVALENTE DA REGIAO - BRUTA","Material",null,"M",1,14.96,14.96]
["Insumo"," 00005061 ","SINAPI","PREGO DE ACO POLIDO COM CABECA 18 X 27 (2 1/2 X 10)","Material",null,"KG",0.0517,20,1.03]
["Insumo"," 00043681 ","SINAPI","CHAPA/PAINEL DE MADEIRA COMPENSADA RESINADA (MADEIRITE RESINADO ROSA) PARA FORMA DE CONCRETO, DE 2200 x 1100 MM, E = 8 A 12 MM","Material",null,"m²",1.050038,37.57,39.45]
[{"$nulls":4},"MO sem LS =>",10.47,"LS =>",0,"MO com LS =>",10.47]
[{"$nulls":4},"Valor do BDI =>",14.77,null,"Valor com BDI =>",null,113.03]
[]
[null,"Código","Banco","Descrição","Tipo",null,"Und","Quant.","Valor Unit","Total"]
["Composição"," 88309 ","SINAPI","PEDREIRO COM ENCARGOS COMPLEMENTARES","SEDI - SERVIÇOS DIVERSOS",null,"H",1,20.68,20.68]
["Composição Auxiliar"," 95371 ","SINAPI","CURSO DE CAPACITAÇÃO PARA PEDREIRO (ENCARGOS COMPLEMENTARES) - HORISTA","SEDI - SERVIÇOS DIVERSOS",null,"H",1,0.37,0.37]
["Insumo"," 00004750 ","SINAPI","PEDREIRO (HORISTA)","Mão de Obra",null,"H",1,16.6,16.6]
["Insumo"," 00037370 ","SINAPI","ALIMENTACAO - HORISTA (COLETADO CAIXA - ENCARGOS COMPLEMENTARES)","Outros",null,"H",1,0.01,0.01]
["Insumo"," 00037371 ","SINAPI","TRANSPORTE - HORISTA (COLETADO CAIXA - ENCARGOS COMPLEMENTARES)","Serviços",null,"H",1,0.54,0.54]
["Insumo"," 00037372 ","SINAPI","EXAMES - HORISTA (COLETADO CAIXA - ENCARGOS COMPLEMENTARES)","Outros",null,"H",1,1.14,1.14]
["Insumo"," 00037373 ","SINAPI","SEGURO - HORISTA (COLETADO CAIXA - ENCARGOS COMPLEMENTARES)","Taxas",null,"H",1,0.01,0.01]
["Insumo"," 00043465 ","SINAPI","FERRAMENTAS - FAMILIA PEDREIRO - HORISTA (ENCARGOS COMPLEMENTARES - COLETADO CAIXA)","Equipamento",null,"H",1,0.84,0.84]
["Insumo"," 00043489 ","SINAPI","EPI - FAMILIA PEDREIRO - HORISTA (ENCARGOS COMPLEMENTARES - COLETADO CAIXA)","Equipamento",null,"H",1,1.17,1.17]
[{"$nulls":4},"MO sem LS =>",16.97,"LS =>",0,"MO com LS =>",16.97]
[{"$nulls":4},"Valor do BDI =>",4.32,null,"Valor com BDI =>",null,25]
[]
[null,"Código","Banco","Descrição","Tipo",null,"Und","Quant.","Valor Unit","Total"]
["Composição"," 97734 ","SINAPI","PEÇA RETANGULAR PRÉ-MOLDADA, VOLUME DE CONCRETO DE 10 A 30 LITROS, TAXA DE AÇO APROXIMADA DE 30KG/M³. AF_01/2018","FUES - FUNDAÇÕES E ESTRUTURAS",null,"m³",1,2735.78,2735.78]
["Composição Auxiliar"," 88239 ","SINAPI","AJUDANTE DE CARPINTEIRO COM ENCARGOS COMPLEMENTARES","SEDI - SERVIÇOS DIVERSOS",null,"H",1.192,16.91,20.16]
["Composição Auxiliar"," 88261 ","SINAPI","CARPINTEIRO DE ESQUADRIA COM ENCARGOS COMPLEMENTARES","SEDI - SERVIÇOS DIVERSOS",null,"H",5.96,19.39,115.56]
["Composição Auxiliar"," 88309 ","SINAPI","PEDREIRO COM ENCARGOS COMPLEMENTARES","SEDI - SERVIÇOS DIVERSOS",null,"H",31.5459,20.68,652.37]
["Composição Auxiliar"," 88316 ","SINAPI","SERVENTE COM ENCARGOS COMPLEMENTARES","SEDI - SERVIÇOS DIVERSOS",null,"H",31.5459,15.36,484.55]
["Composição Auxiliar"," 90586 ","SINAPI","VIBRADOR DE IMERSÃO, DIÂMETRO DE PONTEIRA 45MM, MOTOR ELÉTRICO TRIFÁSICO POTÊNCIA DE 2 CV - CHP DIURNO. AF_06/2015","CHOR - CUSTOS HORÁRIOS DE MÁQUINAS E EQUIPAMENTOS",null,"CHP",6.635,1.29,8.56]
["Composição Auxiliar"," 90587 ","SINAPI","VIBRADOR DE IMERSÃO, DIÂMETRO DE PONTEIRA 45MM, MOTOR ELÉTRICO TRIFÁSICO POTÊNCIA DE 2 CV - CHI DIURNO. AF_06/2015","CHOR - CUSTOS HORÁRIOS DE MÁQUINAS E EQUIPAMENTOS",null,"CHI",18.2462,0.5,9.12]
["Composição Auxiliar"," 91692 ","SINAPI","SERRA CIRCULAR DE BANCADA COM MOTOR ELÉTRICO POTÊNCIA DE 5HP, COM COIFA PARA DISCO 10\" - CHP DIURNO. AF_08/2015","CHOR - CUSTOS HORÁRIOS DE MÁQUINAS E EQUIPAMENTOS",null,"CHP",0.4877,18.77,9.15]
["Composição Auxiliar"," 91693 ","SINAPI","SERRA CIRCULAR DE BANCADA COM MOTOR ELÉTRICO POTÊNCIA DE 5HP, COM COIFA PARA DISCO 10\" - CHI DIURNO. AF_08/2015","CHOR - CUSTOS HORÁRIOS DE MÁQUINAS E EQUIPAMENTOS",null,"CHI",0.7043,17.46,12.3]
["Composição Auxiliar"," 92767 ","SINAPI","ARMAÇÃO DE LAJE DE ESTRUTURA CONVENCIONAL DE CONCRETO ARMADO UTILIZANDO AÇO CA-60 DE 4,2 MM - MONTAGEM. AF_06/2022","FUES - FUNDAÇÕES E ESTRUTURAS",null,"KG",27.8988,16.62,463.68]
["Composição Auxiliar"," 94971 ","SINAPI","CONCRETO FCK = 25MPA, TRAÇO 1:2,3:2,7 (EM MASSA SECA DE CIMENTO/ AREIA MÉDIA/ BRITA 1) - PREPARO MECÂNICO COM BETONEIRA 600 L. AF_05/2021","FUES - FUNDAÇÕES E ESTRUTURAS",null,"m³",1.2,679.15,814.98]
["Insumo"," 00001358 ","SINAPI","CHAPA/PAINEL DE MADEIRA COMPENSADA RESINADA (MADEIRITE RESINADO ROSA) PARA FORMA DE CONCRETO, DE 2200 x 1100 MM, E = 17 MM","Material",null,"m²",1.9404,59.63,115.71]
["Insumo"," 00002692 ","SINAPI","DESMOLDANTE PROTETOR PARA FORMAS DE MADEIRA, DE BASE OLEOSA EMULSIONADA EM AGUA","Material",null,"L",0.0833,13.39,1.12]
["Insumo"," 00004517 ","SINAPI","SARRAFO *2,5 X 7,5* CM EM PINUS, MISTA OU EQUIVALENTE DA REGIAO - BRUTA","Material",null,"M",5.6283,3.32,18.69]
["Insumo"," 00020247 ","SINAPI","PREGO DE ACO POLIDO COM CABECA 15 X 15 (1 1/4 X 13)","Material",null,"KG",0.4365,22.53,9.83]
[{"$nulls":4},"MO sem LS =>",1186.1,"LS =>",0.02,"MO com LS =>",1186.12]
[{"$nulls":4},"Valor do BDI =>",489.16,null,"Valor com BDI =>",null,3224.94]
[]
[null,"Código","Banco","Descrição","Tipo",null,"Und","Quant.","Valor Unit","Total"]
["Composição"," 97735 ","SINAPI","PEÇA RETANGULAR PRÉ-MOLDADA, VOLUME DE CONCRETO DE 30 A 100 LITROS, TAXA DE AÇO APROXIMADA DE 30KG/M³. AF_01/2018","FUES - FUNDAÇÕES E ESTRUTURAS",null,"m³",1,2358.84,2358.84]
["Composição Auxiliar"," 88239 ","SINAPI","AJUDANTE DE CARPINTEIRO COM ENCARGOS COMPLEMENTARES","SEDI - SERVIÇOS DIVERSOS",null,"H",0.7356,16.91,12.44]
["Composição Auxiliar"," 88261 ","SINAPI","CARPINTEIRO DE ESQUADRIA COM ENCARGOS COMPLEMENTARES","SEDI - SERVIÇOS DIVERSOS",null,"H",3.678,19.39,71.32]
["Composição Auxiliar"," 88309 ","SINAPI","PEDREIRO COM ENCARGOS COMPLEMENTARES","SEDI - SERVIÇOS DIVERSOS",null,"H",22.8884,20.68,473.33]
["Composição Auxiliar"," 88316 ","SINAPI","SERVENTE COM ENCARGOS COMPLEMENTARES","SEDI - SERVIÇOS DIVERSOS",null,"H",22.8884,15.36,351.57]
["Composição Auxiliar"," 90586 ","SINAPI","VIBRADOR DE IMERSÃO, DIÂMETRO DE PONTEIRA 45MM, MOTOR ELÉTRICO TRIFÁSICO POTÊNCIA DE 2 CV - CHP DIURNO. AF_06/2015","CHOR - CUSTOS HORÁRIOS DE MÁQUINAS E EQUIPAMENTOS",null,"CHP",4.7533,1.29,6.13]
["Composição Auxiliar"," 90587 ","SINAPI","VIBRADOR DE IMERSÃO, DIÂMETRO DE PONTEIRA 45MM, MOTOR ELÉTRICO TRIFÁSICO POTÊNCIA DE 2 CV - CHI DIURNO. AF_06/2015","CHOR - CUSTOS HORÁRIOS DE MÁQUINAS E EQUIPAMENTOS",null,"CHI",13.0715,0.5,6.54]
["Composição Auxiliar"," 91692 ","SINAPI","SERRA CIRCULAR DE BANCADA COM MOTOR ELÉTRICO POTÊNCIA DE 5HP, COM COIFA PARA DISCO 10\" - CHP DIURNO. AF_08/2015","CHOR - CUSTOS HORÁRIOS DE MÁQUINAS E EQUIPAMENTOS",null,"CHP",0.313,18.77,5.88]
["Composição Auxiliar"," 91693 ","SINAPI","SERRA CIRCULAR DE BANCADA COM MOTOR ELÉTRICO POTÊNCIA DE 5HP, COM COIFA PARA DISCO 10\" - CHI DIURNO. AF_08/2015","CHOR - CUSTOS HORÁRIOS DE MÁQUINAS E EQUIPAMENTOS",null,"CHI",0.4226,17.46,7.38]
["Composição Auxiliar"," 92767 ","SINAPI","ARMAÇÃO DE LAJE DE ESTRUTURA CONVENCIONAL DE CONCRETO ARMADO UTILIZANDO AÇO CA-60 DE 4,2 MM - MONTAGEM. AF_06/2022","FUES - FUNDAÇÕES E ESTRUTURAS",null,"KG",28.9369,16.62,480.93]
["Composição Auxiliar"," 94972 ","SINAPI","CONCRETO FCK = 30MPA, TRAÇO 1:2,1:2,5 (EM MASSA SECA DE CIMENTO/ AREIA MÉDIA/ BRITA 1) - PREPARO MECÂNICO COM BETONEIRA 600 L. AF_05/2021","FUES - FUNDAÇÕES E ESTRUTURAS",null,"m³",1.2,703.01,843.61]
["Insumo"," 00001358 ","SINAPI","CHAPA/PAINEL DE MADEIRA COMPENSADA RESINADA (MADEIRITE RESINADO ROSA) PARA FORMA DE CONCRETO, DE 2200 x 1100 MM, E = 17 MM","Material",null,"m²",1.3112,59.63,78.19]
["Insumo"," 00002692 ","SINAPI","DESMOLDANTE PROTETOR PARA FORMAS DE MADEIRA, DE BASE OLEOSA EMULSIONADA EM AGUA","Material",null,"L",0.0567,13.39,0.76]
["Insumo"," 00004517 ","SINAPI","SARRAFO *2,5 X 7,5* CM EM PINUS, MISTA OU EQUIVALENTE DA REGIAO - BRUTA","Material",null,"M",4.477,3.32,14.86]
["Insumo"," 00020247 ","SINAPI","PREGO DE ACO POLIDO COM CABECA 15 X 15 (1 1/4 X 13)","Material",null,"KG",0.2619,22.53,5.9]
[{"$nulls":4},"MO sem LS =>",891.29,"LS =>",0.03,"MO com LS =>",891.32]
[{"$nulls":4},"Valor do BDI =>",410.89,null,"Valor com BDI =>",null,2769.73]
[]
[null,"Código","Banco","Descrição","Tipo",null,"Und","Quant.","Valor Unit","Total"]
["Composição"," 88310 ","SINAPI","PINTOR COM ENCARGOS COMPLEMENTARES","SEDI - SERVIÇOS DIVERSOS",null,"H",1,21.92,21.92]
["Composição Auxiliar"," 95372 ","SINAPI","CURSO DE CAPACITAÇÃO PARA PINTOR (ENCARGOS COMPLEMENTARES) - HORISTA","SEDI - SERVIÇOS DIVERSOS",null,"H",1,0.26,0.26]
["Insumo"," 00004783 ","SINAPI","PINTOR (HORISTA)","Mão de Obra",null,"H",1,16.6,16.6]
["Insumo"," 00037370 ","SINAPI","ALIMENTACAO - HORISTA (COLETADO CAIXA - ENCARGOS COMPLEMENTARES)","Outros",null,"H",1,0.01,0.01]
["Insumo"," 00037371 ","SINAPI","TRANSPORTE - HORISTA (COLETADO CAIXA - ENCARGOS COMPLEMENTARES)","Serviços",null,"H",1,0.54,0.54]
["Insumo"," 00037372 ","SINAPI","EXAMES - HORISTA (COLETADO CAIXA - ENCARGOS COMPLEMENTARES)","Outros",null,"H",1,1.14,1.14]
["Insumo"," 00037373 ","SINAPI","SEGURO - HORISTA (COLETADO CAIXA - ENCARGOS COMPLEMENTARES)","Taxas",null,"H",1,0.01,0.01]
["Insumo"," 00043466 ","SINAPI","FERRAMENTAS - FAMILIA PINTOR - HORISTA (ENCARGOS COMPLEMENTARES - COLETADO CAIXA)","Equipamento",null,"H",1,1.68,1.68]
["Insumo"," 00043490 ","SINAPI","EPI - FAMILIA PINTOR - HORISTA (ENCARGOS COMPLEMENTARES - COLETADO CAIXA)","Equipamento",null,"H",1,1.68,1.68]
[{"$nulls":4},"MO sem LS =>",16.86,"LS =>",0,"MO com LS =>",16.86]
[{"$nulls":4},"Valor do BDI =>",4.57,null,"Valor com BDI =>",null,26.49]
[]
[null,"Código","Banco","Descrição","Tipo",null,"Und","Quant.","Valor Unit","Total"]
["Composição"," 88489 ","SINAPI","PINTURA LÁTEX ACRÍLICA PREMIUM, APLICAÇÃO MANUAL EM PAREDES, DUAS DEMÃOS. AF_04/2023","PINT - PINTURAS",null,"m²",1,8.44,8.44]
["Composição Auxiliar"," 88310 ","SINAPI","PINTOR COM ENCARGOS COMPLEMENTARES","SEDI - SERVIÇOS DIVERSOS",null,"H",0.1631,21.92,3.58]
["Composição Auxiliar"," 88316 ","SINAPI","SERVENTE COM ENCARGOS COMPLEMENTARES","SEDI - SERVIÇOS DIVERSOS",null,"H",0.0544,15.36,0.84]
["Insumo"," 00007356 ","SINAPI","TINTA LATEX ACRILICA PREMIUM, COR BRANCO FOSCO","Material",null,"L",0.2285,17.58,4.02]
[{"$nulls":4},"MO sem LS =>",3.39,"LS =>",0,"MO com LS =>",3.39]
[{"$nulls":4},"Valor do BDI =>",1.49,null,"Valor com BDI =>",null,9.93]
[]
[null,"Código","Banco","Descrição","Tipo",null,"Und","Quant.","Valor Unit","Total"]
["Composição"," 98679 ","SINAPI","PISO CIMENTADO, TRAÇO 1:3 (CIMENTO E AREIA), ACABAMENTO LISO, ESPESSURA 2,0 CM, PREPARO MECÂNICO DA ARGAMASSA. AF_09/2020","PISO - PISOS",null,"m²",1,37.63,37.63]
["Composição Auxiliar"," 87298 ","SINAPI","ARGAMASSA TRAÇO 1:3 (EM VOLUME DE CIMENTO E AREIA MÉDIA ÚMIDA) PARA CONTRAPISO, PREPARO MECÂNICO COM BETONEIRA 400 L. AF_08/2019","SEDI - SERVIÇOS DIVERSOS",null,"m³",0.031,803.87,24.92]
["Composição Auxiliar"," 88309 ","SINAPI","PEDREIRO COM ENCARGOS COMPLEMENTARES","SEDI - SERVIÇOS DIVERSOS",null,"H",0.354,20.68,7.32]
["Composição Auxiliar"," 88316 ","SINAPI","SERVENTE COM ENCARGOS COMPLEMENTARES","SEDI - SERVIÇOS DIVERSOS",null,"H",0.177,15.36,2.72]
["Insumo"," 00001379 ","SINAPI","CIMENTO PORTLAND COMPOSTO CP II-32","Material",null,"KG",0.5,1.04,0.52]
["Insumo"," 00003671 ","SINAPI","JUNTA PLASTICA DE DILATACAO PARA PISOS, COR CINZA, 17 X 3 MM (ALTURA X ESPESSURA)","Material",null,"M",1.67,1.29,2.15]
[{"$nulls":4},"MO sem LS =>",9.74,"LS =>",0,"MO com LS =>",9.74]
[{"$nulls":4},"Valor do BDI =>",6.19,null,"Valor com BDI =>",null,43.82]
[]
[null,"Código","Banco","Descrição","Tipo",null,"Und","Quant.","Valor Unit","Total"]
["Composição"," 89957 ","SINAPI","PONTO DE CONSUMO TERMINAL DE ÁGUA FRIA (SUBRAMAL) COM TUBULAÇÃO DE PVC, DN 25 MM, INSTALADO EM RAMAL DE ÁGUA, INCLUSOS RASGO E CHUMBAMENTO EM ALVENARIA. AF_12/2014","INHI - INSTALAÇÕES HIDROS SANITÁRIAS",null,"UN",1,110.35,110.35]
["Composição Auxiliar"," 89356 ","SINAPI","TUBO, PVC, SOLDÁVEL, DN 25MM, INSTALADO EM RAMAL OU SUB-RAMAL DE ÁGUA - FORNECIMENTO E INSTALAÇÃO. AF_06/2022","INHI - INSTALAÇÕES HIDROS SANITÁRIAS",null,"M",2.14,18.43,39.44]
["Composição Auxiliar"," 89362 ","SINAPI","JOELHO 90 GRAUS, PVC, SOLDÁVEL, DN 25MM, INSTALADO EM RAMAL OU SUB-RAMAL DE ÁGUA - FORNECIMENTO E INSTALAÇÃO. AF_06/2022","INHI - INSTALAÇÕES HIDROS SANITÁRIAS",null,"UN",1.18,7.32,8.64]
["Composição Auxiliar"," 89366 ","SINAPI","JOELHO 90 GRAUS COM BUCHA DE LATÃO, PVC, SOLDÁVEL, DN 25MM, X 3/4  INSTALADO EM RAMAL OU SUB-RAMAL DE ÁGUA - FORNECIMENTO E INSTALAÇÃO. AF_06/2022","INHI - INSTALAÇÕES HIDROS SANITÁRIAS",null,"UN",1,14.16,14.16]
["Composição Auxiliar"," 89395 ","SINAPI","TE, PVC, SOLDÁVEL, DN 25MM, INSTALADO EM RAMAL OU SUB-RAMAL DE ÁGUA - FORNECIMENTO E INSTALAÇÃO. AF_06/2022","INHI - INSTALAÇÕES HIDROS SANITÁRIAS",null,"UN",0.89,10.17,9.05]
["Composição Auxiliar"," 90443 ","SINAPI","RASGO EM ALVENARIA PARA RAMAIS/ DISTRIBUIÇÃO COM DIAMETROS MENORES OU IGUAIS A 40 MM. AF_05/2015","INHI - INSTALAÇÕES HIDROS SANITÁRIAS",null,"M",2.14,5.77,12.35]
["Composição Auxiliar"," 90466 ","SINAPI","CHUMBAMENTO LINEAR EM ALVENARIA PARA RAMAIS/DISTRIBUIÇÃO COM DIÂMETROS MENORES OU IGUAIS A 40 MM. AF_05/2015","INHI - INSTALAÇÕES HIDROS SANITÁRIAS",null,"M",2.14,12.48,26.71]
[{"$nulls":4},"MO sem LS =>",66.96,"LS =>",0,"MO com LS =>",66.96]
[{"$nulls":4},"Valor do BDI =>",21.04,null,"Valor com BDI =>",null,131.39]
[]
[null,"Código","Banco","Descrição","Tipo",null,"Und","Quant.","Valor Unit","Total"]
["Composição"," 90822 ","SINAPI","PORTA DE MADEIRA PARA PINTURA, SEMI-OCA (LEVE OU MÉDIA), 80X210CM, ESPESSURA DE 3,5CM, INCLUSO DOBRADIÇAS - FORNECIMENTO E INSTALAÇÃO. AF_12/2019","ESQV - ESQUADRIAS/FERRAGENS/VIDROS",null,"UN",1,340.71,340.71]
["Composição Auxiliar"," 88261 ","SINAPI","CARPINTEIRO DE ESQUADRIA COM ENCARGOS COMPLEMENTARES","SEDI - SERVIÇOS DIVERSOS",null,"H",1.546,19.39,29.98]
["Composição Auxiliar"," 88316 ","SINAPI","SERVENTE COM ENCARGOS COMPLEMENTARES","SEDI - SERVIÇOS DIVERSOS",null,"H",0.773,15.36,11.87]
["Insumo"," 00002432 ","SINAPI","DOBRADICA EM ACO/FERRO, 3 1/2\" X  3\", E= 1,9  A 2 MM, COM ANEL,  CROMADO OU ZINCADO, TAMPA BOLA, COM PARAFUSOS","Material",null,"UN",3,15.82,47.46]
["Insumo"," 00010555 ","SINAPI","PORTA DE MADEIRA, FOLHA MEDIA (NBR 15930) DE 800 X 2100 MM, DE 35 MM A 40 MM DE ESPESSURA, NUCLEO SEMI-SOLIDO (SARRAFEADO), CAPA LISA EM HDF, ACABAMENTO EM PRIMER PARA PINTURA","Material",null,"UN",1,249.82,249.82]
["Insumo"," 00011055 ","SINAPI","PARAFUSO ROSCA SOBERBA ZINCADO CABECA CHATA FENDA SIMPLES 3,5 X 25 MM (1 \")","Material",null,"UN",19.8,0.08,1.58]
[{"$nulls":4},"MO sem LS =>",33.66,"LS =>",0,"MO com LS =>",33.66]
[{"$nulls":4},"Valor do BDI =>",51,null,"Valor com BDI =>",null,391.71]
[]
[null,"Código","Banco","Descrição","Tipo",null,"Und","Quant.","Valor Unit","Total"]
["Composição"," 91341 ","SINAPI","PORTA EM ALUMÍNIO DE ABRIR TIPO VENEZIANA COM GUARNIÇÃO, FIXAÇÃO COM PARAFUSOS - FORNECIMENTO E INSTALAÇÃO. AF_12/2019","ESQV - ESQUADRIAS/FERRAGENS/VIDROS",null,"m²",1,695.85,695.85]
["Composição Auxiliar"," 88309 ","SINAPI","PEDREIRO COM ENCARGOS COMPLEMENTARES","SEDI - SERVIÇOS DIVERSOS",null,"H",0.3826,20.68,7.91]
["Composição Auxiliar"," 88316 ","SINAPI","SERVENTE COM ENCARGOS COMPLEMENTARES","SEDI - SERVIÇOS DIVERSOS",null,"H",0.191,15.36,2.93]
["Insumo"," 00000142 ","SINAPI","SELANTE ELASTICO MONOCOMPONENTE A BASE DE POLIURETANO (PU) PARA JUNTAS DIVERSAS","Material",null,"310ML",0.8829,66.81,58.99]
["Insumo"," 00007568 ","SINAPI","BUCHA DE NYLON SEM ABA S10, COM PARAFUSO DE 6,10 X 65 MM EM ACO ZINCADO COM ROSCA SOBERBA, CABECA CHATA E FENDA PHILLIPS","Material",null,"UN",4.8166,0.61,2.94]
["Insumo"," 00036888 ","SINAPI","GUARNICAO / MOLDURA / ARREMATE DE ACABAMENTO PARA ESQUADRIA, EM ALUMINIO PERFIL 25, ACABAMENTO ANODIZADO BRANCO OU BRILHANTE, PARA 1 FACE","Material",null,"M",6.8504,28.22,193.32]
["Insumo"," 00039025 ","SINAPI","PORTA DE ABRIR EM ALUMINIO TIPO VENEZIANA, ACABAMENTO ANODIZADO NATURAL, SEM GUARNICAO/ALIZAR/VISTA, 87 X 210 CM","Material",null,"UN",0.5473,785.23,429.76]
[{"$nulls":4},"MO sem LS =>",8.75,"LS =>",0,"MO com LS =>",8.75]
[{"$nulls":4},"Valor do BDI =>",99.18,null,"Valor com BDI =>",null,795.03]
[]
[null,"Código","Banco","Descrição","Tipo",null,"Und","Quant.","Valor Unit","Total"]
["Composição"," 101616 ","SINAPI","PREPARO DE FUNDO DE VALA COM LARGURA MENOR QUE 1,5 M (ACERTO DO SOLO NATURAL). AF_08/2020","MOVT - MOVIMENTO DE TERRA",null,"m²",1,4.62,4.62]
["Composição Auxiliar"," 88309 ","SINAPI","PEDREIRO COM ENCARGOS COMPLEMENTARES","SEDI - SERVIÇOS DIVERSOS",null,"H",0.102,20.68,2.11]
["Composição Auxiliar"," 88316 ","SINAPI","SERVENTE COM ENCARGOS COMPLEMENTARES","SEDI - SERVIÇOS DIVERSOS",null,"H",0.1531,15.36,2.35]
["Composição Auxiliar"," 91533 ","SINAPI","COMPACTADOR DE SOLOS DE PERCUSSÃO (SOQUETE) COM MOTOR A GASOLINA 4 TEMPOS, POTÊNCIA 4 CV - CHP DIURNO. AF_08/2015","CHOR - CUSTOS HORÁRIOS DE MÁQUINAS E EQUIPAMENTOS",null,"CHP",0.0036,24.92,0.09]
["Composição Auxiliar"," 91534 ","SINAPI","COMPACTADOR DE SOLOS DE PERCUSSÃO (SOQUETE) COM MOTOR A GASOLINA 4 TEMPOS, POTÊNCIA 4 CV - CHI DIURNO. AF_08/2015","CHOR - CUSTOS HORÁRIOS DE MÁQUINAS E EQUIPAMENTOS",null,"CHI",0.0036,18.21,0.07]
[{"$nulls":4},"MO sem LS =>",3.64,"LS =>",0,"MO com LS =>",3.64]
[{"$nulls":4},"Valor do BDI =>",0.96,null,"Valor com BDI =>",null,5.58]
[]
[null,"Código","Banco","Descrição","Tipo",null,"Und","Quant.","Valor Unit","Total"]
["Composição"," 101618 ","SINAPI","PREPARO DE FUNDO DE VALA COM LARGURA MENOR QUE 1,5 M, COM CAMADA DE AREIA, LANÇAMENTO MANUAL. AF_08/2020","MOVT - MOVIMENTO DE TERRA",null,"m³",1,212.4,212.4]
["Composição Auxiliar"," 88309 ","SINAPI","PEDREIRO COM ENCARGOS COMPLEMENTARES","SEDI - SERVIÇOS DIVERSOS",null,"H",2.0219,20.68,41.81]
["Composição Auxiliar"," 88316 ","SINAPI","SERVENTE COM ENCARGOS COMPLEMENTARES","SEDI - SERVIÇOS DIVERSOS",null,"H",3.0329,15.36,46.59]
["Composição Auxiliar"," 91533 ","SINAPI","COMPACTADOR DE SOLOS DE PERCUSSÃO (SOQUETE) COM MOTOR A GASOLINA 4 TEMPOS, POTÊNCIA 4 CV - CHP DIURNO. AF_08/2015","CHOR - CUSTOS HORÁRIOS DE MÁQUINAS E EQUIPAMENTOS",null,"CHP",0.0718,24.92,1.79]
["Composição Auxiliar"," 91534 ","SINAPI","COMPACTADOR DE SOLOS DE PERCUSSÃO (SOQUETE) COM MOTOR A GASOLINA 4 TEMPOS, POTÊNCIA 4 CV - CHI DIURNO. AF_08/2015","CHOR - CUSTOS HORÁRIOS DE MÁQUINAS E EQUIPAMENTOS",null,"CHI",0.0666,18.21,1.21]
["Insumo"," 00000370 ","SINAPI","AREIA MEDIA - POSTO JAZIDA/FORNECEDOR (RETIRADO NA JAZIDA, SEM TRANSPORTE)","Material",null,"m³",1.1,110,121]
[{"$nulls":4},"MO sem LS =>",72.21,"LS =>",0,"MO com LS =>",72.21]
[{"$nulls":4},"Valor do BDI =>",36.16,null,"Valor com BDI =>",null,248.56]
[]
[null,"Código","Banco","Descrição","Tipo",null,"Und","Quant.","Valor Unit","Total"]
["Composição"," 101619 ","SINAPI","PREPARO DE FUNDO DE VALA COM LARGURA MENOR QUE 1,5 M, COM CAMADA DE BRITA, LANÇAMENTO MANUAL. AF_08/2020","MOVT - MOVIMENTO DE TERRA",null,"m³",1,465.76,465.76]
["Composição Auxiliar"," 88309 ","SINAPI","PEDREIRO COM ENCARGOS COMPLEMENTARES","SEDI - SERVIÇOS DIVERSOS",null,"H",2.4938,20.68,51.57]
["Composição Auxiliar"," 88316 ","SINAPI","SERVENTE COM ENCARGOS COMPLEMENTARES","SEDI - SERVIÇOS DIVERSOS",null,"H",3.7407,15.36,57.46]
["Composição Auxiliar"," 91533 ","SINAPI","COMPACTADOR DE SOLOS DE PERCUSSÃO (SOQUETE) COM MOTOR A GASOLINA 4 TEMPOS, POTÊNCIA 4 CV - CHP DIURNO. AF_08/2015","CHOR - CUSTOS HORÁRIOS DE MÁQUINAS E EQUIPAMENTOS",null,"CHP",0.0718,24.92,1.79]
["Composição Auxiliar"," 91534 ","SINAPI","COMPACTADOR DE SOLOS DE PERCUSSÃO (SOQUETE) COM MOTOR A GASOLINA 4 TEMPOS, POTÊNCIA 4 CV - CHI DIURNO. AF_08/2015","CHOR - CUSTOS HORÁRIOS DE MÁQUINAS E EQUIPAMENTOS",null,"CHI",0.0666,18.21,1.21]
["Insumo"," 00004720 ","SINAPI","PEDRA BRITADA N. 0, OU PEDRISCO (4,8 A 9,5 MM) POSTO PEDREIRA/FORNECEDOR, SEM FRETE","Material",null,"m³",1.1,321.57,353.73]
[{"$nulls":4},"MO sem LS =>",88.58,"LS =>",0.01,"MO com LS =>",88.59]
[{"$nulls":4},"Valor do BDI =>",73.39,null,"Valor com BDI =>",null,539.15]
[]
[null,"Código","Banco","Descrição","Tipo",null,"Und","Quant.","Valor Unit","Total"]
["Composição"," 5212552 ","SICRO3","Pintura eletrostática a pó com tinta poliéster em chapa de aço","",null,"m²",1,17.46,17.46]
["A","Código","Banco","Equipamentos","Quantidade","Utilização",null,"Custo Operacional",null,"Custo Horário"]
[{"$nulls":5},"Operativa","Improdutiva","Operativa","Improdutiva"]
["Insumo","E9076","SICRO3","Equipamento para pintura eletrostática com cabine dupla de 7,00 kW e estufa de 80.000 kCal",1,1,0,42.4728,36.6135,42.4728]
["Insumo","E9753","SICRO3","Grupo gerador - 23 kVA",1,1,0,26.5783,5.4832,26.5783]
[{"$nulls":5},"Custo Horário de Equipamentos =>",null,null,null,69.0511]
["B","Código","Banco","Mão de Obra","Quantidade","Salário Hora",null,null,null,"Custo Horário"]
["Insumo","P9801","SICRO3","Ajudante",1,null,null,null,20.0513,20.0513]
["Insumo","P9822","SICRO3","Pintor",2,null,null,null,24.2877,48.5754]
[{"$nulls":5},"Custo Horário da Mão de Obra =>",null,null,null,68.6267]
[{"$nulls":5},"Adc.M.O. - Ferramentas (0,0%) =>",null,null,null,0]
[{"$nulls":5},"Custo Horário de Execução =>",null,null,null,137.6778]
[{"$nulls":5},"Fator de Influencia da Chuva - FIC =>",null,null,null,0]
[{"$nulls":5},"Custo do FIC =>",null,null,null,0]
[{"$nulls":5},"Produção de Equipe =>",null,null,null,19.15]
[{"$nulls":5},"Custo Unitário de Execução =>",null,null,null,7.1894]
["C","Banco","Código","Material","Quantidade","Unidade","Preço Unitário",null,null,"Custo Horário"]
["Insumo","SICRO3","M3153","Tinta em pó à base de resina poliéster",0.112,"kg",91.6797,null,null,10.2681]
[{"$nulls":5},"Custo Total do Material =>",null,null,null,10.2681]
["E","Banco","Insumo","Tempos Fixos","Código","Quantidade","Unidade","Preço Unitário",null,"Custo Horário"]
["Tempo Fixo","SICRO3","M3153","Carga, manobra e descarga de materiais diversos em caminhão carroceria de 15 t - carga e descarga manuais",5914655,0.00011,"t",31.9,null,0.0035]
[{"$nulls":5},"Custo Total dos Tempos Fixos =>",null,null,null,0.0035]
["F","Banco","Insumo","Momento de Transporte","Quantidade","Unidade","Distância Média de Transporte (DMT)",null,null,"Custo Horário"]
[{"$nulls":6},"LN","RP","P"]
["Momento de Transporte","SICRO3","M3153","Tinta em pó à base de resina poliéster - Caminhão carroceria com capacidade de 15 t - 188 kW",0.00011,"tkm","5914449\n0,000\nR$ 1,14","5914464\n0,000\nR$ 0,91","5914479\n0,000\nR$ 0,71",0]
[{"$nulls":5},"Custo total dos Momentos de Transportes =>",null,null,null,0]
[{"$nulls":4},"MO sem LS =>",3.58,"LS =>",0,"MO com LS =>",3.58467336708948]
[{"$nulls":4},"Valor do BDI =>",2.96,null,"Valor com BDI =>",null,20.42]
[]
[null,"Código","Banco","Descrição","Tipo",null,"Und","Quant.","Valor Unit","Total"]
["Composição"," 101876 ","SINAPI","QUADRO DE DISTRIBUIÇÃO DE ENERGIA EM PVC, DE EMBUTIR, SEM BARRAMENTO, PARA 6 DISJUNTORES - FORNECIMENTO E INSTALAÇÃO. AF_10/2020","INEL - INSTALAÇÃO ELÉTRICA/ELETRIFICAÇÃO E ILUMINAÇÃO EXTERNA",null,"UN",1,73.65,73.65]
["Composição Auxiliar"," 87367 ","SINAPI","ARGAMASSA TRAÇO 1:1:6 (EM VOLUME DE CIMENTO, CAL E AREIA MÉDIA ÚMIDA) PARA EMBOÇO/MASSA ÚNICA/ASSENTAMENTO DE ALVENARIA DE VEDAÇÃO, PREPARO MANUAL. AF_08/2019","SEDI - SERVIÇOS DIVERSOS",null,"m³",0.0044,699.34,3.08]
["Composição Auxiliar"," 88247 ","SINAPI","AUXILIAR DE ELETRICISTA COM ENCARGOS COMPLEMENTARES","SEDI - SERVIÇOS DIVERSOS",null,"H",0.3259,20.5,6.68]
["Composição Auxiliar"," 88264 ","SINAPI","ELETRICISTA COM ENCARGOS COMPLEMENTARES","SEDI - SERVIÇOS DIVERSOS",null,"H",0.3259,22.56,7.35]
["Insumo"," 00039795 ","SINAPI","QUADRO DE DISTRIBUICAO, SEM BARRAMENTO, EM PVC, DE EMBUTIR, PARA 6 DISJUNTORES NEMA OU 8 DISJUNTORES DIN","Material",null,"UN",1,56.54,56.54]
[{"$nulls":4},"MO sem LS =>",12.21,"LS =>",0,"MO com LS =>",12.21]
[{"$nulls":4},"Valor do BDI =>",11.42,null,"Valor com BDI =>",null,85.07]
[]
[null,"Código","Banco","Descrição","Tipo",null,"Und","Quant.","Valor Unit","Total"]
["Composição"," 89709 ","SINAPI","RALO SIFONADO, PVC, DN 100 X 40 MM, JUNTA SOLDÁVEL, FORNECIDO E INSTALADO EM RAMAL DE DESCARGA OU EM RAMAL DE ESGOTO SANITÁRIO. AF_08/2022","INHI - INSTALAÇÕES HIDROS SANITÁRIAS",null,"UN",1,19.77,19.77]
["Composição Auxiliar"," 88248 ","SINAPI","AUXILIAR DE ENCANADOR OU BOMBEIRO HIDRÁULICO COM ENCARGOS COMPLEMENTARES","SEDI - SERVIÇOS DIVERSOS",null,"H",0.1652,16.46,2.72]
["Composição Auxiliar"," 88267 ","SINAPI","ENCANADOR OU BOMBEIRO HIDRÁULICO COM ENCARGOS COMPLEMENTARES","SEDI - SERVIÇOS DIVERSOS",null,"H",0.1652,19.94,3.29]
["Insumo"," 00000122 ","SINAPI","ADESIVO PLASTICO PARA PVC, FRASCO COM *850* GR","Material",null,"UN",0.0049,60.47,0.3]
["Insumo"," 00011741 ","SINAPI","RALO SIFONADO CILINDRICO, PVC, 100 X 40 MM,  COM GRELHA REDONDA BRANCA","Material",null,"UN",1,12.86,12.86]
["Insumo"," 00020083 ","SINAPI","SOLUCAO PREPARADORA / LIMPADORA PARA PVC, FRASCO COM 1000 CM3","Material",null,"UN",0.0075,68.52,0.51]
["Insumo"," 00038383 ","SINAPI","LIXA D'AGUA EM FOLHA, GRAO 100","Material",null,"UN",0.036,2.48,0.09]
[{"$nulls":4},"MO sem LS =>",5.01,"LS =>",0,"MO com LS =>",5.01]
[{"$nulls":4},"Valor do BDI =>",3.2,null,"Valor com BDI =>",null,22.97]
[]
[null,"Código","Banco","Descrição","Tipo",null,"Und","Quant.","Valor Unit","Total"]
["Composição"," 90443 ","SINAPI","RASGO EM ALVENARIA PARA RAMAIS/ DISTRIBUIÇÃO COM DIAMETROS MENORES OU IGUAIS A 40 MM. AF_05/2015","INHI - INSTALAÇÕES HIDROS SANITÁRIAS",null,"M",1,5.77,5.77]
["Composição Auxiliar"," 88248 ","SINAPI","AUXILIAR DE ENCANADOR OU BOMBEIRO HIDRÁULICO COM ENCARGOS COMPLEMENTARES","SEDI - SERVIÇOS DIVERSOS",null,"H",0.066,16.46,1.09]
["Composição Auxiliar"," 88267 ","SINAPI","ENCANADOR OU BOMBEIRO HIDRÁULICO COM ENCARGOS COMPLEMENTARES","SEDI - SERVIÇOS DIVERSOS",null,"H",0.2348,19.94,4.68]
[{"$nulls":4},"MO sem LS =>",4.86,"LS =>",0,"MO com LS =>",4.86]
[{"$nulls":4},"Valor do BDI =>",1.21,null,"Valor com BDI =>",null,6.98]
[]
[null,"Código","Banco","Descrição","Tipo",null,"Und","Quant.","Valor Unit","Total"]
["Composição"," 93382 ","SINAPI","REATERRO MANUAL DE VALAS, COM COMPACTADOR DE SOLOS DE PERCUSSÃO. AF_08/2023","MOVT - MOVIMENTO DE TERRA",null,"m³",1,18.84,18.84]
["Composição Auxiliar"," 5901 ","SINAPI","CAMINHÃO PIPA 10.000 L TRUCADO, PESO BRUTO TOTAL 23.000 KG, CARGA ÚTIL MÁXIMA 15.935 KG, DISTÂNCIA ENTRE EIXOS 4,8 M, POTÊNCIA 230 CV, INCLUSIVE TANQUE DE AÇO PARA TRANSPORTE DE ÁGUA - CHP DIURNO. AF_06/2014","CHOR - CUSTOS HORÁRIOS DE MÁQUINAS E EQUIPAMENTOS",null,"CHP",0.0054,339.28,1.83]
["Composição Auxiliar"," 5903 ","SINAPI","CAMINHÃO PIPA 10.000 L TRUCADO, PESO BRUTO TOTAL 23.000 KG, CARGA ÚTIL MÁXIMA 15.935 KG, DISTÂNCIA ENTRE EIXOS 4,8 M, POTÊNCIA 230 CV, INCLUSIVE TANQUE DE AÇO PARA TRANSPORTE DE ÁGUA - CHI DIURNO. AF_06/2014","CHOR - CUSTOS HORÁRIOS DE MÁQUINAS E EQUIPAMENTOS",null,"CHI",0.0006,65.15,0.04]
["Composição Auxiliar"," 88316 ","SINAPI","SERVENTE COM ENCARGOS COMPLEMENTARES","SEDI - SERVIÇOS DIVERSOS",null,"H",0.7866,15.36,12.08]
["Composição Auxiliar"," 91533 ","SINAPI","COMPACTADOR DE SOLOS DE PERCUSSÃO (SOQUETE) COM MOTOR A GASOLINA 4 TEMPOS, POTÊNCIA 4 CV - CHP DIURNO. AF_08/2015","CHOR - CUSTOS HORÁRIOS DE MÁQUINAS E EQUIPAMENTOS",null,"CHP",0.1962,24.92,4.89]
[{"$nulls":4},"MO sem LS =>",12.3,"LS =>",0,"MO com LS =>",12.3]
[{"$nulls":4},"Valor do BDI =>",3.76,null,"Valor com BDI =>",null,22.6]
[]
[null,"Código","Banco","Descrição","Tipo",null,"Und","Quant.","Valor Unit","Total"]
["Composição"," 89351 ","SINAPI","REGISTRO DE PRESSÃO BRUTO, LATÃO,  ROSCÁVEL, 3/4'' - FORNECIMENTO E INSTALAÇÃO. AF_08/2021","INHI - INSTALAÇÕES HIDROS SANITÁRIAS",null,"UN",1,33.41,33.41]
["Composição Auxiliar"," 88248 ","SINAPI","AUXILIAR DE ENCANADOR OU BOMBEIRO HIDRÁULICO COM ENCARGOS COMPLEMENTARES","SEDI - SERVIÇOS DIVERSOS",null,"H",0.1102,16.46,1.81]
["Composição Auxiliar"," 88267 ","SINAPI","ENCANADOR OU BOMBEIRO HIDRÁULICO COM ENCARGOS COMPLEMENTARES","SEDI - SERVIÇOS DIVERSOS",null,"H",0.1102,19.94,2.2]
["Insumo"," 00003148 ","SINAPI","FITA VEDA ROSCA EM ROLOS DE 18 MM X 50 M (L X C)","Material",null,"UN",0.0106,13.27,0.14]
["Insumo"," 00011753 ","SINAPI","REGISTRO PRESSAO BRUTO EM LATAO FORJADO, BITOLA 3/4 \" (REF 1400)","Material",null,"UN",1,29.26,29.26]
[{"$nulls":4},"MO sem LS =>",3.34,"LS =>",0,"MO com LS =>",3.34]
[{"$nulls":4},"Valor do BDI =>",5,null,"Valor com BDI =>",null,38.41]
[]
[null,"Código","Banco","Descrição","Tipo",null,"Und","Quant.","Valor Unit","Total"]
["Composição"," 5679 ","SINAPI","RETROESCAVADEIRA SOBRE RODAS COM CARREGADEIRA, TRAÇÃO 4X4, POTÊNCIA LÍQ. 88 HP, CAÇAMBA CARREG. CAP. MÍN. 1 M3, CAÇAMBA RETRO CAP. 0,26 M3, PESO OPERACIONAL MÍN. 6.674 KG, PROFUNDIDADE ESCAVAÇÃO MÁX. 4,37 M - CHI DIURNO. AF_06/2014","CHOR - CUSTOS HORÁRIOS DE MÁQUINAS E EQUIPAMENTOS",null,"CHI",1,50.15,50.15]
["Composição Auxiliar"," 88294 ","SINAPI","OPERADOR DE ESCAVADEIRA COM ENCARGOS COMPLEMENTARES","SEDI - SERVIÇOS DIVERSOS",null,"H",1,19.33,19.33]
["Composição Auxiliar"," 88857 ","SINAPI","RETROESCAVADEIRA SOBRE RODAS COM CARREGADEIRA, TRAÇÃO 4X4, POTÊNCIA LÍQ. 88 HP, CAÇAMBA CARREG. CAP. MÍN. 1 M3, CAÇAMBA RETRO CAP. 0,26 M3, PESO OPERACIONAL MÍN. 6.674 KG, PROFUNDIDADE ESCAVAÇÃO MÁX. 4,37 M - DEPRECIAÇÃO. AF_06/2014","CHOR - CUSTOS HORÁRIOS DE MÁQUINAS E EQUIPAMENTOS",null,"H",1,24.38,24.38]
["Composição Auxiliar"," 88858 ","SINAPI","RETROESCAVADEIRA SOBRE RODAS COM CARREGADEIRA, TRAÇÃO 4X4, POTÊNCIA LÍQ. 88 HP, CAÇAMBA CARREG. CAP. MÍN. 1 M3, CAÇAMBA RETRO CAP. 0,26 M3, PESO OPERACIONAL MÍN. 6.674 KG, PROFUNDIDADE ESCAVAÇÃO MÁX. 4,37 M - JUROS. AF_06/2014","CHOR - CUSTOS HORÁRIOS DE MÁQUINAS E EQUIPAMENTOS",null,"H",1,6.44,6.44]
[{"$nulls":4},"MO sem LS =>",16.8,"LS =>",0,"MO com LS =>",16.8]
[{"$nulls":4},"Valor do BDI =>",10.48,null,"Valor com BDI =>",null,60.63]
[]
[null,"Código","Banco","Descrição","Tipo",null,"Und","Quant.","Valor Unit","Total"]
["Composição"," 5678 ","SINAPI","RETROESCAVADEIRA SOBRE RODAS COM CARREGADEIRA, TRAÇÃO 4X4, POTÊNCIA LÍQ. 88 HP, CAÇAMBA CARREG. CAP. MÍN. 1 M3, CAÇAMBA RETRO CAP. 0,26 M3, PESO OPERACIONAL MÍN. 6.674 KG, PROFUNDIDADE ESCAVAÇÃO MÁX. 4,37 M - CHP DIURNO. AF_06/2014","CHOR - CUSTOS HORÁRIOS DE MÁQUINAS E EQUIPAMENTOS",null,"CHP",1,139.32,139.32]
["Composição Auxiliar"," 53786 ","SINAPI","RETROESCAVADEIRA SOBRE RODAS COM CARREGADEIRA, TRAÇÃO 4X4, POTÊNCIA LÍQ. 88 HP, CAÇAMBA CARREG. CAP. MÍN. 1 M3, CAÇAMBA RETRO CAP. 0,26 M3, PESO OPERACIONAL MÍN. 6.674 KG, PROFUNDIDADE ESCAVAÇÃO MÁX. 4,37 M - MATERIAIS NA OPERAÇÃO. AF_06/2014","CHOR - CUSTOS HORÁRIOS DE MÁQUINAS E EQUIPAMENTOS",null,"H",1,58.69,58.69]
["Composição Auxiliar"," 5664 ","SINAPI","RETROESCAVADEIRA SOBRE RODAS COM CARREGADEIRA, TRAÇÃO 4X4, POTÊNCIA LÍQ. 88 HP, CAÇAMBA CARREG. CAP. MÍN. 1 M3, CAÇAMBA RETRO CAP. 0,26 M3, PESO OPERACIONAL MÍN. 6.674 KG, PROFUNDIDADE ESCAVAÇÃO MÁX. 4,37 M - MANUTENÇÃO. AF_06/2014","CHOR - CUSTOS HORÁRIOS DE MÁQUINAS E EQUIPAMENTOS",null,"H",1,30.48,30.48]
["Composição Auxiliar"," 88294 ","SINAPI","OPERADOR DE ESCAVADEIRA COM ENCARGOS COMPLEMENTARES","SEDI - SERVIÇOS DIVERSOS",null,"H",1,19.33,19.33]
["Composição Auxiliar"," 88857 ","SINAPI","RETROESCAVADEIRA SOBRE RODAS COM CARREGADEIRA, TRAÇÃO 4X4, POTÊNCIA LÍQ. 88 HP, CAÇAMBA CARREG. CAP. MÍN. 1 M3, CAÇAMBA RETRO CAP. 0,26 M3, PESO OPERACIONAL MÍN. 6.674 KG, PROFUNDIDADE ESCAVAÇÃO MÁX. 4,37 M - DEPRECIAÇÃO. AF_06/2014","CHOR - CUSTOS HORÁRIOS DE MÁQUINAS E EQUIPAMENTOS",null,"H",1,24.38,24.38]
["Composição Auxiliar"," 88858 ","SINAPI","RETROESCAVADEIRA SOBRE RODAS COM CARREGADEIRA, TRAÇÃO 4X4, POTÊNCIA LÍQ. 88 HP, CAÇAMBA CARREG. CAP. MÍN. 1 M3, CAÇAMBA RETRO CAP. 0,26 M3, PESO OPERACIONAL MÍN. 6.674 KG, PROFUNDIDADE ESCAVAÇÃO MÁX. 4,37 M - JUROS. AF_06/2014","CHOR - CUSTOS HORÁRIOS DE MÁQUINAS E EQUIPAMENTOS",null,"H",1,6.44,6.44]
[{"$nulls":4},"MO sem LS =>",16.8,"LS =>",0,"MO com LS =>",16.8]
[{"$nulls":4},"Valor do BDI =>",25.13,null,"Valor com BDI =>",null,164.45]
[]
[null,"Código","Banco","Descrição","Tipo",null,"Und","Quant.","Valor Unit","Total"]
["Composição"," 88857 ","SINAPI","RETROESCAVADEIRA SOBRE RODAS COM CARREGADEIRA, TRAÇÃO 4X4, POTÊNCIA LÍQ. 88 HP, CAÇAMBA CARREG. CAP. MÍN. 1 M3, CAÇAMBA RETRO CAP. 0,26 M3, PESO OPERACIONAL MÍN. 6.674 KG, PROFUNDIDADE ESCAVAÇÃO MÁX. 4,37 M - DEPRECIAÇÃO. AF_06/2014","CHOR - CUSTOS HORÁRIOS DE MÁQUINAS E EQUIPAMENTOS",null,"H",1,24.38,24.38]
["Insumo"," 00036531 ","SINAPI","RETROESCAVADEIRA SOBRE RODAS COM CARREGADEIRA, TRACAO 4 X 4, POTENCIA LIQUIDA 88 HP, PESO OPERACIONAL MINIMO DE 6674 KG, CAPACIDADE DA CARREGADEIRA DE 1,00 M3 E DA  RETROESCAVADEIRA MINIMA DE 0,26 M3, PROFUNDIDADE DE ESCAVACAO MAXIMA DE 4,37 M","Equipamento",null,"UN",5.6e-5,435365.82,24.38]
[{"$nulls":4},"MO sem LS =>",0,"LS =>",0,"MO com LS =>",0]
[{"$nulls":4},"Valor do BDI =>",5.1,null,"Valor com BDI =>",null,29.48]
[]
[null,"Código","Banco","Descrição","Tipo",null,"Und","Quant.","Valor Unit","Total"]
["Composição"," 88858 ","SINAPI","RETROESCAVADEIRA SOBRE RODAS COM CARREGADEIRA, TRAÇÃO 4X4, POTÊNCIA LÍQ. 88 HP, CAÇAMBA CARREG. CAP. MÍN. 1 M3, CAÇAMBA RETRO CAP. 0,26 M3, PESO OPERACIONAL MÍN. 6.674 KG, PROFUNDIDADE ESCAVAÇÃO MÁX. 4,37 M - JUROS. AF_06/2014","CHOR - CUSTOS HORÁRIOS DE MÁQUINAS E EQUIPAMENTOS",null,"H",1,6.44,6.44]
["Insumo"," 00036531 ","SINAPI","RETROESCAVADEIRA SOBRE RODAS COM CARREGADEIRA, TRACAO 4 X 4, POTENCIA LIQUIDA 88 HP, PESO OPERACIONAL MINIMO DE 6674 KG, CAPACIDADE DA CARREGADEIRA DE 1,00 M3 E DA  RETROESCAVADEIRA MINIMA DE 0,26 M3, PROFUNDIDADE DE ESCAVACAO MAXIMA DE 4,37 M","Equipamento",null,"UN",1.48e-5,435365.82,6.44]
[{"$nulls":4},"MO sem LS =>",0,"LS =>",0,"MO com LS =>",0]
[{"$nulls":4},"Valor do BDI =>",1.35,null,"Valor com BDI =>",null,7.79]
[]
[null,"Código","Banco","Descrição","Tipo",null,"Und","Quant.","Valor Unit","Total"]
["Composição"," 5664 ","SINAPI","RETROESCAVADEIRA SOBRE RODAS COM CARREGADEIRA, TRAÇÃO 4X4, POTÊNCIA LÍQ. 88 HP, CAÇAMBA CARREG. CAP. MÍN. 1 M3, CAÇAMBA RETRO CAP. 0,26 M3, PESO OPERACIONAL MÍN. 6.674 KG, PROFUNDIDADE ESCAVAÇÃO MÁX. 4,37 M - MANUTENÇÃO. AF_06/2014","CHOR - CUSTOS HORÁRIOS DE MÁQUINAS E EQUIPAMENTOS",null,"H",1,30.48,30.48]
["Insumo"," 00036531 ","SINAPI","RETROESCAVADEIRA SOBRE RODAS COM CARREGADEIRA, TRACAO 4 X 4, POTENCIA LIQUIDA 88 HP, PESO OPERACIONAL MINIMO DE 6674 KG, CAPACIDADE DA CARREGADEIRA DE 1,00 M3 E DA  RETROESCAVADEIRA MINIMA DE 0,26 M3, PROFUNDIDADE DE ESCAVACAO MAXIMA DE 4,37 M","Equipamento",null,"UN",7e-5,435365.82,30.48]
[{"$nulls":4},"MO sem LS =>",0,"LS =>",0,"MO com LS =>",0]
[{"$nulls":4},"Valor do BDI =>",6.38,null,"Valor com BDI =>",null,36.86]
[]
[null,"Código","Banco","Descrição","Tipo",null,"Und","Quant.","Valor Unit","Total"]
["Composição"," 53786 ","SINAPI","RETROESCAVADEIRA SOBRE RODAS COM CARREGADEIRA, TRAÇÃO 4X4, POTÊNCIA LÍQ. 88 HP, CAÇAMBA CARREG. CAP. MÍN. 1 M3, CAÇAMBA RETRO CAP. 0,26 M3, PESO OPERACIONAL MÍN. 6.674 KG, PROFUNDIDADE ESCAVAÇÃO MÁX. 4,37 M - MATERIAIS NA OPERAÇÃO. AF_06/2014","CHOR - CUSTOS HORÁRIOS DE MÁQUINAS E EQUIPAMENTOS",null,"H",1,58.69,58.69]
["Insumo"," 00004221 ","SINAPI","OLEO DIESEL COMBUSTIVEL COMUM","Material",null,"L",8.53,6.88,58.69]
[{"$nulls":4},"MO sem LS =>",0,"LS =>",0,"MO com LS =>",0]
[{"$nulls":4},"Valor do BDI =>",8.27,null,"Valor com BDI =>",null,66.96]
[]
[null,"Código","Banco","Descrição","Tipo",null,"Und","Quant.","Valor Unit","Total"]
["Composição"," 87247 ","SINAPI","REVESTIMENTO CERÂMICO PARA PISO COM PLACAS TIPO ESMALTADA EXTRA DE DIMENSÕES 35X35 CM APLICADA EM AMBIENTES DE ÁREA ENTRE 5 M2 E 10 M2. AF_02/2023_PE","PISO - PISOS",null,"m²",1,72.77,72.77]
["Composição Auxiliar"," 88256 ","SINAPI","AZULEJISTA OU LADRILHISTA COM ENCARGOS COMPLEMENTARES","SEDI - SERVIÇOS DIVERSOS",null,"H",0.4739,23.74,11.25]
["Composição Auxiliar"," 88316 ","SINAPI","SERVENTE COM ENCARGOS COMPLEMENTARES","SEDI - SERVIÇOS DIVERSOS",null,"H",0.161,15.36,2.47]
["Insumo"," 00001287 ","SINAPI","PISO EM CERAMICA ESMALTADA EXTRA, PEI MAIOR OU IGUAL A 4, FORMATO MENOR OU IGUAL A 2025 CM2","Material",null,"m²",1.0616,45,47.77]
["Insumo"," 00001381 ","SINAPI","ARGAMASSA COLANTE AC I PARA CERAMICAS","Material",null,"KG",9.1325,1.07,9.77]
["Insumo"," 00034357 ","SINAPI","REJUNTE CIMENTICIO, QUALQUER COR","Material",null,"KG",0.241,6.28,1.51]
[{"$nulls":4},"MO sem LS =>",11.39,"LS =>",0,"MO com LS =>",11.39]
[{"$nulls":4},"Valor do BDI =>",11.21,null,"Valor com BDI =>",null,83.98]
[]
[null,"Código","Banco","Descrição","Tipo",null,"Und","Quant.","Valor Unit","Total"]
["Composição"," 87248 ","SINAPI","REVESTIMENTO CERÂMICO PARA PISO COM PLACAS TIPO ESMALTADA EXTRA DE DIMENSÕES 35X35 CM APLICADA EM AMBIENTES DE ÁREA MAIOR QUE 10 M2. AF_02/2023_PE","PISO - PISOS",null,"m²",1,66.55,66.55]
["Composição Auxiliar"," 88256 ","SINAPI","AZULEJISTA OU LADRILHISTA COM ENCARGOS COMPLEMENTARES","SEDI - SERVIÇOS DIVERSOS",null,"H",0.2411,23.74,5.72]
["Composição Auxiliar"," 88316 ","SINAPI","SERVENTE COM ENCARGOS COMPLEMENTARES","SEDI - SERVIÇOS DIVERSOS",null,"H",0.129,15.36,1.98]
["Insumo"," 00001287 ","SINAPI","PISO EM CERAMICA ESMALTADA EXTRA, PEI MAIOR OU IGUAL A 4, FORMATO MENOR OU IGUAL A 2025 CM2","Material",null,"m²",1.0571,45,47.57]
["Insumo"," 00001381 ","SINAPI","ARGAMASSA COLANTE AC I PARA CERAMICAS","Material",null,"KG",9.1325,1.07,9.77]
["Insumo"," 00034357 ","SINAPI","REJUNTE CIMENTICIO, QUALQUER COR","Material",null,"KG",0.241,6.28,1.51]
[{"$nulls":4},"MO sem LS =>",6.35,"LS =>",0,"MO com LS =>",6.35]
[{"$nulls":4},"Valor do BDI =>",9.93,null,"Valor com BDI =>",null,76.48]
[]
[null,"Código","Banco","Descrição","Tipo",null,"Und","Quant.","Valor Unit","Total"]
["Composição"," 87246 ","SINAPI","REVESTIMENTO CERÂMICO PARA PISO COM PLACAS TIPO ESMALTADA EXTRA DE DIMENSÕES 35X35 CM APLICADA EM AMBIENTES DE ÁREA MENOR QUE 5 M2. AF_02/2023_PE","PISO - PISOS",null,"m²",1,78.98,78.98]
["Composição Auxiliar"," 88256 ","SINAPI","AZULEJISTA OU LADRILHISTA COM ENCARGOS COMPLEMENTARES","SEDI - SERVIÇOS DIVERSOS",null,"H",0.6797,23.74,16.14]
["Composição Auxiliar"," 88316 ","SINAPI","SERVENTE COM ENCARGOS COMPLEMENTARES","SEDI - SERVIÇOS DIVERSOS",null,"H",0.1893,15.36,2.91]
["Insumo"," 00001287 ","SINAPI","PISO EM CERAMICA ESMALTADA EXTRA, PEI MAIOR OU IGUAL A 4, FORMATO MENOR OU IGUAL A 2025 CM2","Material",null,"m²",1.081,45,48.65]
["Insumo"," 00001381 ","SINAPI","ARGAMASSA COLANTE AC I PARA CERAMICAS","Material",null,"KG",9.1325,1.07,9.77]
["Insumo"," 00034357 ","SINAPI","REJUNTE CIMENTICIO, QUALQUER COR","Material",null,"KG",0.241,6.28,1.51]
[{"$nulls":4},"MO sem LS =>",15.85,"LS =>",0,"MO com LS =>",15.85]
[{"$nulls":4},"Valor do BDI =>",12.45,null,"Valor com BDI =>",null,91.43]
[]
[null,"Código","Banco","Descrição","Tipo",null,"Und","Quant.","Valor Unit","Total"]
["Composição"," 0909617 ","SICRO3","Rampa para acesso do misturador de agregados para usina de asfalto a quente - inclusive demolição","",null,"un",1,22415.63,22415.63]
[{"$nulls":5},"Custo Horário de Execução =>",null,null,null,0]
[{"$nulls":5},"Fator de Influencia da Chuva - FIC =>",null,null,null,0]
[{"$nulls":5},"Custo do FIC =>",null,null,null,0]
[{"$nulls":5},"Produção de Equipe =>",null,null,null,1]
[{"$nulls":5},"Custo Unitário de Execução =>",null,null,null,0]
["D","Banco","Código","Atividades Auxiliares","Quantidade","Unidade","Preço Unitário",null,null,"Custo Horário"]
["Atividade Auxiliar","SICRO3",909620,"Alvenaria de blocos de concreto 19 x 19 x 39 cm com espessura de 20 cm com argamassa traço 1:0,5:3,5 - areia comercial",21.4291,"m²",112.48,null,null,2410.3452]
["Atividade Auxiliar","SICRO3",407819,"Armação em aço CA-50 - fornecimento, preparo e colocação",616.55,"kg",12.12,null,null,7472.586]
["Atividade Auxiliar","SICRO3",4805754,"Compactação manual com soquete vibratório",65.805,"m³",6.19,null,null,407.333]
["Atividade Auxiliar","SICRO3",1107892,"Concreto fck = 20 MPa - confecção em betoneira e lançamento manual - areia e brita comerciais",9.1,"m³",569.02,null,null,5178.082]
["Atividade Auxiliar","SICRO3",1106057,"Concreto magro - confecção em betoneira e lançamento manual - areia e brita comerciais",0.784,"m³",554.16,null,null,434.4614]
["Atividade Auxiliar","SICRO3",1619004,"Demolição mecânica de alvenaria com carregadeira de pneus",4.28582,"m³",7.24,null,null,31.0293]
["Atividade Auxiliar","SICRO3",1619003,"Demolição mecânica de concreto armado com escavadeira hidráulica",9.884,"m³",77.61,null,null,767.0972]
["Atividade Auxiliar","SICRO3",4805751,"Escavação manual em material de 1ª categoria na profundidade de 1 a 2 m",10.192,"m³",49.34,null,null,502.8733]
["Atividade Auxiliar","SICRO3",3107997,"Fôrmas de compensado resinado 10 mm - uso geral - utilização de 3 vezes - confecção, instalação e retirada",70.8,"m²",72.72,null,null,5148.576]
["Atividade Auxiliar","SICRO3",4815671,"Reaterro e compactação com soquete vibratório",4.30819,"m³",14.68,null,null,63.2442]
[{"$nulls":5},"Custo Total das Atividades =>",null,null,null,22415.6276]
[{"$nulls":4},"MO sem LS =>",6869.69980098584,"LS =>",0,"MO com LS =>",6869.69980098584]
[{"$nulls":4},"Valor do BDI =>",3712.87,null,"Valor com BDI =>",null,26128.5]
[]
[null,"Código","Banco","Descrição","Tipo",null,"Und","Quant.","Valor Unit","Total"]
["Composição"," 0909615 ","SICRO3","Rampa para acesso do misturador de agregados para usina de solos - inclusive demolição","",null,"un",1,17251.18,17251.18]
[{"$nulls":5},"Custo Horário de Execução =>",null,null,null,0]
[{"$nulls":5},"Fator de Influencia da Chuva - FIC =>",null,null,null,0]
[{"$nulls":5},"Custo do FIC =>",null,null,null,0]
[{"$nulls":5},"Produção de Equipe =>",null,null,null,1]
[{"$nulls":5},"Custo Unitário de Execução =>",null,null,null,0]
["D","Banco","Código","Atividades Auxiliares","Quantidade","Unidade","Preço Unitário",null,null,"Custo Horário"]
["Atividade Auxiliar","SICRO3",909620,"Alvenaria de blocos de concreto 19 x 19 x 39 cm com espessura de 20 cm com argamassa traço 1:0,5:3,5 - areia comercial",17.2066,"m²",112.48,null,null,1935.3984]
["Atividade Auxiliar","SICRO3",407819,"Armação em aço CA-50 - fornecimento, preparo e colocação",448.25,"kg",12.12,null,null,5432.79]
["Atividade Auxiliar","SICRO3",4805754,"Compactação manual com soquete vibratório",44.805,"m³",6.19,null,null,277.343]
["Atividade Auxiliar","SICRO3",1107892,"Concreto fck = 20 MPa - confecção em betoneira e lançamento manual - areia e brita comerciais",7.4,"m³",569.02,null,null,4210.748]
["Atividade Auxiliar","SICRO3",1106057,"Concreto magro - confecção em betoneira e lançamento manual - areia e brita comerciais",0.588,"m³",554.16,null,null,325.8461]
["Atividade Auxiliar","SICRO3",1619004,"Demolição mecânica de alvenaria com carregadeira de pneus",3.44132,"m³",7.24,null,null,24.9152]
["Atividade Auxiliar","SICRO3",1619003,"Demolição mecânica de concreto armado com escavadeira hidráulica",7.988,"m³",77.61,null,null,619.9487]
["Atividade Auxiliar","SICRO3",4805751,"Escavação manual em material de 1ª categoria na profundidade de 1 a 2 m",7.644,"m³",49.34,null,null,377.155]
["Atividade Auxiliar","SICRO3",3107997,"Fôrmas de compensado resinado 10 mm - uso geral - utilização de 3 vezes - confecção, instalação e retirada",55,"m²",72.72,null,null,3999.6]
["Atividade Auxiliar","SICRO3",4815671,"Reaterro e compactação com soquete vibratório",3.23115,"m³",14.68,null,null,47.4333]
[{"$nulls":5},"Custo Total das Atividades =>",null,null,null,17251.1777]
[{"$nulls":4},"MO sem LS =>",5216.22,"LS =>",0,"MO com LS =>",5216.22395417604]
[{"$nulls":4},"Valor do BDI =>",2854.52,null,"Valor com BDI =>",null,20105.7]
[]
[null,"Código","Banco","Descrição","Tipo",null,"Und","Quant.","Valor Unit","Total"]
["Composição"," 4815671 ","SICRO3","Reaterro e compactação com soquete vibratório","",null,"m³",1,14.68,14.68]
["A","Código","Banco","Equipamentos","Quantidade","Utilização",null,"Custo Operacional",null,"Custo Horário"]
[{"$nulls":5},"Operativa","Improdutiva","Operativa","Improdutiva"]
["Insumo","E9647","SICRO3","Compactador manual com soquete vibratório - 4,10 kW",1,1,0,8.6131,1.0989,8.6131]
[{"$nulls":5},"Custo Horário de Equipamentos =>",null,null,null,8.6131]
["B","Código","Banco","Mão de Obra","Quantidade","Salário Hora",null,null,null,"Custo Horário"]
["Insumo","P9824","SICRO3","Servente",2,null,null,null,18.5436,37.0872]
[{"$nulls":5},"Custo Horário da Mão de Obra =>",null,null,null,37.0872]
[{"$nulls":5},"Adc.M.O. - Ferramentas (0,0%) =>",null,null,null,0]
[{"$nulls":5},"Custo Horário de Execução =>",null,null,null,45.7003]
[{"$nulls":5},"Fator de Influencia da Chuva - FIC =>",null,null,null,0]
[{"$nulls":5},"Custo do FIC =>",null,null,null,0]
[{"$nulls":5},"Produção de Equipe =>",null,null,null,3.1125]
[{"$nulls":5},"Custo Unitário de Execução =>",null,null,null,14.6828]
[{"$nulls":4},"MO sem LS =>",11.9155662650602,"LS =>",0,"MO com LS =>",11.9155662650602]
[{"$nulls":4},"Valor do BDI =>",3.07,null,"Valor com BDI =>",null,17.75]
[]
[null,"Código","Banco","Descrição","Tipo",null,"Und","Quant.","Valor Unit","Total"]
["Composição"," 4011211 ","SICRO3","Reforço do subleito com material de jazida","",null,"m³",1,11.62,11.62]
["A","Código","Banco","Equipamentos","Quantidade","Utilização",null,"Custo Operacional",null,"Custo Horário"]
[{"$nulls":5},"Operativa","Improdutiva","Operativa","Improdutiva"]
["Insumo","E9571","SICRO3","Caminhão tanque com capacidade de 10.000 l - 188 kW",2,0.62,0.38,325.4515,82.4957,466.2566]
["Insumo","E9518","SICRO3","Grade de 24 discos rebocável de D = 60 cm (24”)",1,0.69,0.31,4.9411,3.4409,4.476]
["Insumo","E9524","SICRO3","Motoniveladora - 93 kW",1,0.99,0.01,284.019,121.3244,282.3921]
["Insumo","E9762","SICRO3","Rolo compactador de pneus autopropelido de 27 t - 85 kW",1,0.96,0.04,244.2479,116.2009,239.126]
["Insumo","E9685","SICRO3","Rolo compactador pé de carneiro vibratório autopropelido por pneus de 11,6 t - 82 kW",1,1,0,204.3191,87.6996,204.3191]
["Insumo","E9577","SICRO3","Trator agrícola sobre pneus - 77 kW",1,0.69,0.31,132.5229,44.2475,105.1575]
[{"$nulls":5},"Custo Horário de Equipamentos =>",null,null,null,1301.7273]
["B","Código","Banco","Mão de Obra","Quantidade","Salário Hora",null,null,null,"Custo Horário"]
["Insumo","P9824","SICRO3","Servente",1,null,null,null,18.5436,18.5436]
[{"$nulls":5},"Custo Horário da Mão de Obra =>",null,null,null,18.5436]
[{"$nulls":5},"Adc.M.O. - Ferramentas (0,0%) =>",null,null,null,0]
[{"$nulls":5},"Custo Horário de Execução =>",null,null,null,1320.2709]
[{"$nulls":5},"Fator de Influencia da Chuva - FIC =>",null,null,null,0.0643]
[{"$nulls":5},"Custo do FIC =>",null,null,null,0.3785]
[{"$nulls":5},"Produção de Equipe =>",null,null,null,224.27]
[{"$nulls":5},"Custo Unitário de Execução =>",null,null,null,5.887]
["D","Banco","Código","Atividades Auxiliares","Quantidade","Unidade","Preço Unitário",null,null,"Custo Horário"]
["Atividade Auxiliar","SICRO3",4016096,"Escavação e carga de material de jazida com escavadeira hidráulica de 1,56 m³",1.10027,"m³",1.53,null,null,1.6834]
[{"$nulls":5},"Custo Total das Atividades =>",null,null,null,1.6834]
["E","Banco","Insumo","Tempos Fixos","Código","Quantidade","Unidade","Preço Unitário",null,"Custo Horário"]
["Tempo Fixo","SICRO3",4016096,"Carga, manobra e descarga de agregados ou solos em caminhão basculante de 10 m³ - carga com escavadeira de 1,56 m³(exclusa) e descarga livre",5914354,2.06301,"t",1.78,null,3.6722]
[{"$nulls":5},"Custo Total dos Tempos Fixos =>",null,null,null,3.6722]
["F","Banco","Insumo","Momento de Transporte","Quantidade","Unidade","Distância Média de Transporte (DMT)",null,null,"Custo Horário"]
[{"$nulls":6},"LN","RP","P"]
["Momento de Transporte","SICRO3",4016096,"Escavação e carga de material de jazida com escavadeira hidráulica de 1,56 m³ - Caminhão basculante com capacidade de 10 m³ - 188 kW",2.06301,"tkm","5914359\n0,000\nR$ 1,23","5914374\n0,000\nR$ 0,98","5914389\n0,000\nR$ 0,77",0]
[{"$nulls":5},"Custo total dos Momentos de Transportes =>",null,null,null,0]
[{"$nulls":4},"MO sem LS =>",0.17,"LS =>",0,"MO com LS =>",0.171319595194645]
[{"$nulls":4},"Valor do BDI =>",2.63,null,"Valor com BDI =>",null,14.25]
[]
[null,"Código","Banco","Descrição","Tipo",null,"Und","Quant.","Valor Unit","Total"]
["Composição"," 4011209 ","SICRO3","Regularização do subleito","",null,"m²",1,1.16,1.16]
["A","Código","Banco","Equipamentos","Quantidade","Utilização",null,"Custo Operacional",null,"Custo Horário"]
[{"$nulls":5},"Operativa","Improdutiva","Operativa","Improdutiva"]
["Insumo","E9571","SICRO3","Caminhão tanque com capacidade de 10.000 l - 188 kW",2,0.51,0.49,325.4515,82.4957,412.8063]
["Insumo","E9518","SICRO3","Grade de 24 discos rebocável de D = 60 cm (24”)",1,0.69,0.31,4.9411,3.4409,4.476]
["Insumo","E9524","SICRO3","Motoniveladora - 93 kW",1,0.71,0.29,284.019,121.3244,236.8376]
["Insumo","E9762","SICRO3","Rolo compactador de pneus autopropelido de 27 t - 85 kW",1,0.96,0.04,244.2479,116.2009,239.126]
["Insumo","E9685","SICRO3","Rolo compactador pé de carneiro vibratório autopropelido por pneus de 11,6 t - 82 kW",1,1,0,204.3191,87.6996,204.3191]
["Insumo","E9577","SICRO3","Trator agrícola sobre pneus - 77 kW",1,0.69,0.31,132.5229,44.2475,105.1575]
[{"$nulls":5},"Custo Horário de Equipamentos =>",null,null,null,1202.7225]
["B","Código","Banco","Mão de Obra","Quantidade","Salário Hora",null,null,null,"Custo Horário"]
["Insumo","P9824","SICRO3","Servente",1,null,null,null,18.5436,18.5436]
[{"$nulls":5},"Custo Horário da Mão de Obra =>",null,null,null,18.5436]
[{"$nulls":5},"Adc.M.O. - Ferramentas (0,0%) =>",null,null,null,0]
[{"$nulls":5},"Custo Horário de Execução =>",null,null,null,1221.2661]
[{"$nulls":5},"Fator de Influencia da Chuva - FIC =>",null,null,null,0.0643]
[{"$nulls":5},"Custo do FIC =>",null,null,null,0.07]
[{"$nulls":5},"Produção de Equipe =>",null,null,null,1121.33]
[{"$nulls":5},"Custo Unitário de Execução =>",null,null,null,1.0891]
[{"$nulls":4},"MO sem LS =>",0.0165371478512124,"LS =>",0,"MO com LS =>",0.0165371478512124]
[{"$nulls":4},"Valor do BDI =>",0.29,null,"Valor com BDI =>",null,1.45]
[]
[null,"Código","Banco","Descrição","Tipo",null,"Und","Quant.","Valor Unit","Total"]
["Composição"," 91693 ","SINAPI","SERRA CIRCULAR DE BANCADA COM MOTOR ELÉTRICO POTÊNCIA DE 5HP, COM COIFA PARA DISCO 10\" - CHI DIURNO. AF_08/2015","CHOR - CUSTOS HORÁRIOS DE MÁQUINAS E EQUIPAMENTOS",null,"CHI",1,17.46,17.46]
["Composição Auxiliar"," 88297 ","SINAPI","OPERADOR DE MÁQUINAS E EQUIPAMENTOS COM ENCARGOS COMPLEMENTARES","SEDI - SERVIÇOS DIVERSOS",null,"H",1,17.33,17.33]
["Composição Auxiliar"," 91688 ","SINAPI","SERRA CIRCULAR DE BANCADA COM MOTOR ELÉTRICO POTÊNCIA DE 5HP, COM COIFA PARA DISCO 10\" - DEPRECIAÇÃO. AF_08/2015","CHOR - CUSTOS HORÁRIOS DE MÁQUINAS E EQUIPAMENTOS",null,"H",1,0.11,0.11]
["Composição Auxiliar"," 91689 ","SINAPI","SERRA CIRCULAR DE BANCADA COM MOTOR ELÉTRICO POTÊNCIA DE 5HP, COM COIFA PARA DISCO 10\" - JUROS. AF_08/2015","CHOR - CUSTOS HORÁRIOS DE MÁQUINAS E EQUIPAMENTOS",null,"H",1,0.02,0.02]
[{"$nulls":4},"MO sem LS =>",14.8,"LS =>",0,"MO com LS =>",14.8]
[{"$nulls":4},"Valor do BDI =>",3.64,null,"Valor com BDI =>",null,21.1]
[]
[null,"Código","Banco","Descrição","Tipo",null,"Und","Quant.","Valor Unit","Total"]
["Composição"," 91692 ","SINAPI","SERRA CIRCULAR DE BANCADA COM MOTOR ELÉTRICO POTÊNCIA DE 5HP, COM COIFA PARA DISCO 10\" - CHP DIURNO. AF_08/2015","CHOR - CUSTOS HORÁRIOS DE MÁQUINAS E EQUIPAMENTOS",null,"CHP",1,18.77,18.77]
["Composição Auxiliar"," 88297 ","SINAPI","OPERADOR DE MÁQUINAS E EQUIPAMENTOS COM ENCARGOS COMPLEMENTARES","SEDI - SERVIÇOS DIVERSOS",null,"H",1,17.33,17.33]
["Composição Auxiliar"," 91688 ","SINAPI","SERRA CIRCULAR DE BANCADA COM MOTOR ELÉTRICO POTÊNCIA DE 5HP, COM COIFA PARA DISCO 10\" - DEPRECIAÇÃO. AF_08/2015","CHOR - CUSTOS HORÁRIOS DE MÁQUINAS E EQUIPAMENTOS",null,"H",1,0.11,0.11]
["Composição Auxiliar"," 91689 ","SINAPI","SERRA CIRCULAR DE BANCADA COM MOTOR ELÉTRICO POTÊNCIA DE 5HP, COM COIFA PARA DISCO 10\" - JUROS. AF_08/2015","CHOR - CUSTOS HORÁRIOS DE MÁQUINAS E EQUIPAMENTOS",null,"H",1,0.02,0.02]
["Composição Auxiliar"," 91690 ","SINAPI","SERRA CIRCULAR DE BANCADA COM MOTOR ELÉTRICO POTÊNCIA DE 5HP, COM COIFA PARA DISCO 10\" - MANUTENÇÃO. AF_08/2015","CHOR - CUSTOS HORÁRIOS DE MÁQUINAS E EQUIPAMENTOS",null,"H",1,0.07,0.07]
["Composição Auxiliar"," 91691 ","SINAPI","SERRA CIRCULAR DE BANCADA COM MOTOR ELÉTRICO POTÊNCIA DE 5HP, COM COIFA PARA DISCO 10\" - MATERIAIS NA OPERAÇÃO. AF_08/2015","CHOR - CUSTOS HORÁRIOS DE MÁQUINAS E EQUIPAMENTOS",null,"H",1,1.24,1.24]
[{"$nulls":4},"MO sem LS =>",14.8,"LS =>",0,"MO com LS =>",14.8]
[{"$nulls":4},"Valor do BDI =>",3.83,null,"Valor com BDI =>",null,22.6]
[]
[null,"Código","Banco","Descrição","Tipo",null,"Und","Quant.","Valor Unit","Total"]
["Composição"," 91688 ","SINAPI","SERRA CIRCULAR DE BANCADA COM MOTOR ELÉTRICO POTÊNCIA DE 5HP, COM COIFA PARA DISCO 10\" - DEPRECIAÇÃO. AF_08/2015","CHOR - CUSTOS HORÁRIOS DE MÁQUINAS E EQUIPAMENTOS",null,"H",1,0.11,0.11]
["Insumo"," 00014618 ","SINAPI","SERRA CIRCULAR DE BANCADA COM MOTOR ELETRICO, POTENCIA DE *1600* W, PARA DISCO DE DIAMETRO DE 10\" (250 MM)","Material",null,"UN",7.2e-5,1487.56,0.11]
[{"$nulls":4},"MO sem LS =>",0,"LS =>",0,"MO com LS =>",0]
[{"$nulls":4},"Valor do BDI =>",0.02,null,"Valor com BDI =>",null,0.13]
[]
[null,"Código","Banco","Descrição","Tipo",null,"Und","Quant.","Valor Unit","Total"]
["Composição"," 91689 ","SINAPI","SERRA CIRCULAR DE BANCADA COM MOTOR ELÉTRICO POTÊNCIA DE 5HP, COM COIFA PARA DISCO 10\" - JUROS. AF_08/2015","CHOR - CUSTOS HORÁRIOS DE MÁQUINAS E EQUIPAMENTOS",null,"H",1,0.02,0.02]
["Insumo"," 00014618 ","SINAPI","SERRA CIRCULAR DE BANCADA COM MOTOR ELETRICO, POTENCIA DE *1600* W, PARA DISCO DE DIAMETRO DE 10\" (250 MM)","Material",null,"UN",1.48e-5,1487.56,0.02]
[{"$nulls":4},"MO sem LS =>",0,"LS =>",0,"MO com LS =>",0]
[{"$nulls":4},"Valor do BDI =>",0,null,"Valor com BDI =>",null,0.02]
[]
[null,"Código","Banco","Descrição","Tipo",null,"Und","Quant.","Valor Unit","Total"]
["Composição"," 91690 ","SINAPI","SERRA CIRCULAR DE BANCADA COM MOTOR ELÉTRICO POTÊNCIA DE 5HP, COM COIFA PARA DISCO 10\" - MANUTENÇÃO. AF_08/2015","CHOR - CUSTOS HORÁRIOS DE MÁQUINAS E EQUIPAMENTOS",null,"H",1,0.07,0.07]
["Insumo"," 00014618 ","SINAPI","SERRA CIRCULAR DE BANCADA COM MOTOR ELETRICO, POTENCIA DE *1600* W, PARA DISCO DE DIAMETRO DE 10\" (250 MM)","Material",null,"UN",5e-5,1487.56,0.07]
[{"$nulls":4},"MO sem LS =>",0,"LS =>",0,"MO com LS =>",0]
[{"$nulls":4},"Valor do BDI =>",0.01,null,"Valor com BDI =>",null,0.08]
[]
[null,"Código","Banco","Descrição","Tipo",null,"Und","Quant.","Valor Unit","Total"]
["Composição"," 91691 ","SINAPI","SERRA CIRCULAR DE BANCADA COM MOTOR ELÉTRICO POTÊNCIA DE 5HP, COM COIFA PARA DISCO 10\" - MATERIAIS NA OPERAÇÃO. AF_08/2015","CHOR - CUSTOS HORÁRIOS DE MÁQUINAS E EQUIPAMENTOS",null,"H",1,1.24,1.24]
["Insumo"," 00002705 ","SINAPI","ENERGIA ELETRICA ATE 2000 KWH INDUSTRIAL, SEM DEMANDA","Material",null,"KWH",1.36,0.91,1.24]
[{"$nulls":4},"MO sem LS =>",0,"LS =>",0,"MO com LS =>",0]
[{"$nulls":4},"Valor do BDI =>",0.18,null,"Valor com BDI =>",null,1.42]
[]
[null,"Código","Banco","Descrição","Tipo",null,"Und","Quant.","Valor Unit","Total"]
["Composição"," 88316 ","SINAPI","SERVENTE COM ENCARGOS COMPLEMENTARES","SEDI - SERVIÇOS DIVERSOS",null,"H",1,15.36,15.36]
["Composição Auxiliar"," 95378 ","SINAPI","CURSO DE CAPACITAÇÃO PARA SERVENTE (ENCARGOS COMPLEMENTARES) - HORISTA","SEDI - SERVIÇOS DIVERSOS",null,"H",1,0.26,0.26]
["Insumo"," 00006111 ","SINAPI","SERVENTE DE OBRAS","Mão de Obra",null,"H",1,11.56,11.56]
["Insumo"," 00037370 ","SINAPI","ALIMENTACAO - HORISTA (COLETADO CAIXA - ENCARGOS COMPLEMENTARES)","Outros",null,"H",1,0.01,0.01]
["Insumo"," 00037371 ","SINAPI","TRANSPORTE - HORISTA (COLETADO CAIXA - ENCARGOS COMPLEMENTARES)","Serviços",null,"H",1,0.54,0.54]
["Insumo"," 00037372 ","SINAPI","EXAMES - HORISTA (COLETADO CAIXA - ENCARGOS COMPLEMENTARES)","Outros",null,"H",1,1.14,1.14]
["Insumo"," 00037373 ","SINAPI","SEGURO - HORISTA (COLETADO CAIXA - ENCARGOS COMPLEMENTARES)","Taxas",null,"H",1,0.01,0.01]
["Insumo"," 00043467 ","SINAPI","FERRAMENTAS - FAMILIA SERVENTE - HORISTA (ENCARGOS COMPLEMENTARES - COLETADO CAIXA)","Equipamento",null,"H",1,0.59,0.59]
["Insumo"," 00043491 ","SINAPI","EPI - FAMILIA SERVENTE - HORISTA (ENCARGOS COMPLEMENTARES - COLETADO CAIXA)","Equipamento",null,"H",1,1.25,1.25]
[{"$nulls":4},"MO sem LS =>",11.82,"LS =>",0,"MO com LS =>",11.82]
[{"$nulls":4},"Valor do BDI =>",3.2,null,"Valor com BDI =>",null,18.56]
[]
[null,"Código","Banco","Descrição","Tipo",null,"Und","Quant.","Valor Unit","Total"]
["Composição"," 86883 ","SINAPI","SIFÃO DO TIPO FLEXÍVEL EM PVC 1  X 1.1/2  - FORNECIMENTO E INSTALAÇÃO. AF_01/2020","INHI - INSTALAÇÕES HIDROS SANITÁRIAS",null,"UN",1,12.11,12.11]
["Composição Auxiliar"," 88267 ","SINAPI","ENCANADOR OU BOMBEIRO HIDRÁULICO COM ENCARGOS COMPLEMENTARES","SEDI - SERVIÇOS DIVERSOS",null,"H",0.0845,19.94,1.68]
["Composição Auxiliar"," 88316 ","SINAPI","SERVENTE COM ENCARGOS COMPLEMENTARES","SEDI - SERVIÇOS DIVERSOS",null,"H",0.0266,15.36,0.41]
["Insumo"," 00003146 ","SINAPI","FITA VEDA ROSCA EM ROLOS DE 18 MM X 10 M (L X C)","Material",null,"UN",0.0332,3.6,0.12]
["Insumo"," 00044945 ","SINAPI","SIFAO / TUBO SINFONADO EXTENSIVEL/SANFONADO, UNIVERSAL/ SIMPLES, ENTRE *50 A 70* CM, DE PLASTICO BRANCO","Material",null,"UN",1,9.9,9.9]
[{"$nulls":4},"MO sem LS =>",1.74,"LS =>",0,"MO com LS =>",1.74]
[{"$nulls":4},"Valor do BDI =>",1.85,null,"Valor com BDI =>",null,13.96]
[]
[null,"Código","Banco","Descrição","Tipo",null,"Und","Quant.","Valor Unit","Total"]
["Composição"," 91946 ","SINAPI","SUPORTE PARAFUSADO COM PLACA DE ENCAIXE 4\" X 2\" MÉDIO (1,30 M DO PISO) PARA PONTO ELÉTRICO - FORNECIMENTO E INSTALAÇÃO. AF_03/2023","INEL - INSTALAÇÃO ELÉTRICA/ELETRIFICAÇÃO E ILUMINAÇÃO EXTERNA",null,"UN",1,10.86,10.86]
["Composição Auxiliar"," 88247 ","SINAPI","AUXILIAR DE ELETRICISTA COM ENCARGOS COMPLEMENTARES","SEDI - SERVIÇOS DIVERSOS",null,"H",0.128,20.5,2.62]
["Composição Auxiliar"," 88264 ","SINAPI","ELETRICISTA COM ENCARGOS COMPLEMENTARES","SEDI - SERVIÇOS DIVERSOS",null,"H",0.128,22.56,2.89]
["Insumo"," 00038094 ","SINAPI","ESPELHO / PLACA DE 3 POSTOS 4\" X 2\", PARA INSTALACAO DE TOMADAS E INTERRUPTORES","Material",null,"UN",1,3.52,3.52]
["Insumo"," 00038099 ","SINAPI","SUPORTE DE FIXACAO PARA ESPELHO / PLACA 4\" X 2\", PARA 3 MODULOS, PARA INSTALACAO DE TOMADAS E INTERRUPTORES (SOMENTE SUPORTE)","Material",null,"UN",1,1.83,1.83]
[{"$nulls":4},"MO sem LS =>",4.56,"LS =>",0,"MO com LS =>",4.56]
[{"$nulls":4},"Valor do BDI =>",1.91,null,"Valor com BDI =>",null,12.77]
[]
[null,"Código","Banco","Descrição","Tipo",null,"Und","Quant.","Valor Unit","Total"]
["Composição"," 0903860 ","SICRO3","Selador acrílico - camada de fundo com aplicação manual","",null,"m²",1,2.7,2.7]
["B","Código","Banco","Mão de Obra","Quantidade","Salário Hora",null,null,null,"Custo Horário"]
["Insumo","P9822","SICRO3","Pintor",0.039,null,null,null,24.2877,0.9472]
["Insumo","P9824","SICRO3","Servente",0.014,null,null,null,18.5436,0.2596]
[{"$nulls":5},"Custo Horário da Mão de Obra =>",null,null,null,1.2068]
[{"$nulls":5},"Adc.M.O. - Ferramentas (0,0%) =>",null,null,null,0]
[{"$nulls":5},"Custo Horário de Execução =>",null,null,null,1.2068]
[{"$nulls":5},"Fator de Influencia da Chuva - FIC =>",null,null,null,0]
[{"$nulls":5},"Custo do FIC =>",null,null,null,0]
[{"$nulls":5},"Produção de Equipe =>",null,null,null,1]
[{"$nulls":5},"Custo Unitário de Execução =>",null,null,null,1.2068]
["C","Banco","Código","Material","Quantidade","Unidade","Preço Unitário",null,null,"Custo Horário"]
["Insumo","SICRO3","M1369","Selador acrílico para pintura",0.16,"l",9.2912,null,null,1.4866]
[{"$nulls":5},"Custo Total do Material =>",null,null,null,1.4866]
["E","Banco","Insumo","Tempos Fixos","Código","Quantidade","Unidade","Preço Unitário",null,"Custo Horário"]
["Tempo Fixo","SICRO3","M1369","Carga, manobra e descarga de materiais diversos em caminhão carroceria de 15 t - carga e descarga manuais",5914655,0.00016,"t",31.9,null,0.0051]
[{"$nulls":5},"Custo Total dos Tempos Fixos =>",null,null,null,0.0051]
["F","Banco","Insumo","Momento de Transporte","Quantidade","Unidade","Distância Média de Transporte (DMT)",null,null,"Custo Horário"]
[{"$nulls":6},"LN","RP","P"]
["Momento de Transporte","SICRO3","M1369","Selador acrílico para pintura - Caminhão carroceria com capacidade de 15 t - 188 kW",0.00016,"tkm","5914449\n0,000\nR$ 1,14","5914464\n0,000\nR$ 0,91","5914479\n0,000\nR$ 0,71",0]
[{"$nulls":5},"Custo total dos Momentos de Transportes =>",null,null,null,0]
[{"$nulls":4},"MO sem LS =>",1.20833423513514,"LS =>",0,"MO com LS =>",1.20833423513514]
[{"$nulls":4},"Valor do BDI =>",0.46,null,"Valor com BDI =>",null,3.16]
[]
[null,"Código","Banco","Descrição","Tipo",null,"Und","Quant.","Valor Unit","Total"]
["Composição"," 98459 ","SINAPI","TAPUME COM TELHA METÁLICA. AF_05/2018","CANT - CANTEIRO DE OBRAS",null,"m²",1,82.08,82.08]
["Composição Auxiliar"," 88239 ","SINAPI","AJUDANTE DE CARPINTEIRO COM ENCARGOS COMPLEMENTARES","SEDI - SERVIÇOS DIVERSOS",null,"H",0.1897,16.91,3.21]
["Composição Auxiliar"," 88262 ","SINAPI","CARPINTEIRO DE FORMAS COM ENCARGOS COMPLEMENTARES","SEDI - SERVIÇOS DIVERSOS",null,"H",0.5691,20.33,11.57]
["Composição Auxiliar"," 91692 ","SINAPI","SERRA CIRCULAR DE BANCADA COM MOTOR ELÉTRICO POTÊNCIA DE 5HP, COM COIFA PARA DISCO 10\" - CHP DIURNO. AF_08/2015","CHOR - CUSTOS HORÁRIOS DE MÁQUINAS E EQUIPAMENTOS",null,"CHP",0.0044,18.77,0.08]
["Composição Auxiliar"," 91693 ","SINAPI","SERRA CIRCULAR DE BANCADA COM MOTOR ELÉTRICO POTÊNCIA DE 5HP, COM COIFA PARA DISCO 10\" - CHI DIURNO. AF_08/2015","CHOR - CUSTOS HORÁRIOS DE MÁQUINAS E EQUIPAMENTOS",null,"CHI",0.0191,17.46,0.33]
["Composição Auxiliar"," 94974 ","SINAPI","CONCRETO MAGRO PARA LASTRO, TRAÇO 1:4,5:4,5 (EM MASSA SECA DE CIMENTO/ AREIA MÉDIA/ BRITA 1) - PREPARO MANUAL. AF_05/2021","FUES - FUNDAÇÕES E ESTRUTURAS",null,"m³",0.0012,584.47,0.7]
["Insumo"," 00003992 ","SINAPI","TABUA APARELHADA *2,5 X 30* CM, EM MACARANDUBA/MASSARANDUBA, ANGELIM OU EQUIVALENTE DA REGIAO","Material",null,"M",1,17.75,17.75]
["Insumo"," 00004433 ","SINAPI","CAIBRO NAO APARELHADO *6 X 6* CM, EM MACARANDUBA/MASSARANDUBA, ANGELIM OU EQUIVALENTE DA REGIAO - BRUTA","Material",null,"M",1.2273,14.96,18.36]
["Insumo"," 00005061 ","SINAPI","PREGO DE ACO POLIDO COM CABECA 18 X 27 (2 1/2 X 10)","Material",null,"KG",0.0428,20,0.86]
["Insumo"," 00007243 ","SINAPI","TELHA TRAPEZOIDAL EM ACO ZINCADO, SEM PINTURA, ALTURA DE APROXIMADAMENTE 40 MM, ESPESSURA DE 0,50 MM E LARGURA UTIL DE 980 MM","Material",null,"m²",0.5853,49.92,29.22]
[{"$nulls":4},"MO sem LS =>",12.54,"LS =>",0,"MO com LS =>",12.54]
[{"$nulls":4},"Valor do BDI =>",12.64,null,"Valor com BDI =>",null,94.72]
[]
[null,"Código","Banco","Descrição","Tipo",null,"Und","Quant.","Valor Unit","Total"]
["Composição"," 89784 ","SINAPI","TE, PVC, SERIE NORMAL, ESGOTO PREDIAL, DN 50 X 50 MM, JUNTA ELÁSTICA, FORNECIDO E INSTALADO EM RAMAL DE DESCARGA OU RAMAL DE ESGOTO SANITÁRIO. AF_08/2022","INHI - INSTALAÇÕES HIDROS SANITÁRIAS",null,"UN",1,22.77,22.77]
["Composição Auxiliar"," 88248 ","SINAPI","AUXILIAR DE ENCANADOR OU BOMBEIRO HIDRÁULICO COM ENCARGOS COMPLEMENTARES","SEDI - SERVIÇOS DIVERSOS",null,"H",0.1839,16.46,3.03]
["Composição Auxiliar"," 88267 ","SINAPI","ENCANADOR OU BOMBEIRO HIDRÁULICO COM ENCARGOS COMPLEMENTARES","SEDI - SERVIÇOS DIVERSOS",null,"H",0.1839,19.94,3.67]
["Insumo"," 00000296 ","SINAPI","ANEL BORRACHA PARA TUBO ESGOTO PREDIAL, DN 50 MM (NBR 5688)","Material",null,"UN",3,2.24,6.72]
["Insumo"," 00007097 ","SINAPI","TE SANITARIO, PVC, DN 50 X 50 MM, SERIE NORMAL, PARA ESGOTO PREDIAL","Material",null,"UN",1,7.48,7.48]
["Insumo"," 00020078 ","SINAPI","PASTA LUBRIFICANTE PARA TUBOS E CONEXOES COM JUNTA ELASTICA, EMBALAGEM DE *400* GR (USO EM PVC, ACO, POLIETILENO E OUTROS)","Material",null,"UN",0.075,24.96,1.87]
[{"$nulls":4},"MO sem LS =>",5.58,"LS =>",0,"MO com LS =>",5.58]
[{"$nulls":4},"Valor do BDI =>",3.68,null,"Valor com BDI =>",null,26.45]
[]
[null,"Código","Banco","Descrição","Tipo",null,"Und","Quant.","Valor Unit","Total"]
["Composição"," 89395 ","SINAPI","TE, PVC, SOLDÁVEL, DN 25MM, INSTALADO EM RAMAL OU SUB-RAMAL DE ÁGUA - FORNECIMENTO E INSTALAÇÃO. AF_06/2022","INHI - INSTALAÇÕES HIDROS SANITÁRIAS",null,"UN",1,10.17,10.17]
["Composição Auxiliar"," 88248 ","SINAPI","AUXILIAR DE ENCANADOR OU BOMBEIRO HIDRÁULICO COM ENCARGOS COMPLEMENTARES","SEDI - SERVIÇOS DIVERSOS",null,"H",0.2026,16.46,3.33]
["Composição Auxiliar"," 88267 ","SINAPI","ENCANADOR OU BOMBEIRO HIDRÁULICO COM ENCARGOS COMPLEMENTARES","SEDI - SERVIÇOS DIVERSOS",null,"H",0.2026,19.94,4.04]
["Insumo"," 00000122 ","SINAPI","ADESIVO PLASTICO PARA PVC, FRASCO COM *850* GR","Material",null,"UN",0.0106,60.47,0.64]
["Insumo"," 00007139 ","SINAPI","TE SOLDAVEL, PVC, 90 GRAUS, 25 MM, PARA AGUA FRIA PREDIAL (NBR 5648)","Material",null,"UN",1,1.21,1.21]
["Insumo"," 00020083 ","SINAPI","SOLUCAO PREPARADORA / LIMPADORA PARA PVC, FRASCO COM 1000 CM3","Material",null,"UN",0.012,68.52,0.82]
["Insumo"," 00038383 ","SINAPI","LIXA D'AGUA EM FOLHA, GRAO 100","Material",null,"UN",0.0507,2.48,0.13]
[{"$nulls":4},"MO sem LS =>",6.15,"LS =>",0,"MO com LS =>",6.15]
[{"$nulls":4},"Valor do BDI =>",1.94,null,"Valor com BDI =>",null,12.11]
[]
[null,"Código","Banco","Descrição","Tipo",null,"Und","Quant.","Valor Unit","Total"]
["Composição"," 88323 ","SINAPI","TELHADISTA COM ENCARGOS COMPLEMENTARES","SEDI - SERVIÇOS DIVERSOS",null,"H",1,20.12,20.12]
["Composição Auxiliar"," 95385 ","SINAPI","CURSO DE CAPACITAÇÃO PARA TELHADISTA (ENCARGOS COMPLEMENTARES) - HORISTA","SEDI - SERVIÇOS DIVERSOS",null,"H",1,0.2,0.2]
["Insumo"," 00012869 ","SINAPI","TELHADOR (HORISTA)","Mão de Obra",null,"H",1,16.39,16.39]
["Insumo"," 00037370 ","SINAPI","ALIMENTACAO - HORISTA (COLETADO CAIXA - ENCARGOS COMPLEMENTARES)","Outros",null,"H",1,0.01,0.01]
["Insumo"," 00037371 ","SINAPI","TRANSPORTE - HORISTA (COLETADO CAIXA - ENCARGOS COMPLEMENTARES)","Serviços",null,"H",1,0.54,0.54]
["Insumo"," 00037372 ","SINAPI","EXAMES - HORISTA (COLETADO CAIXA - ENCARGOS COMPLEMENTARES)","Outros",null,"H",1,1.14,1.14]
["Insumo"," 00037373 ","SINAPI","SEGURO - HORISTA (COLETADO CAIXA - ENCARGOS COMPLEMENTARES)","Taxas",null,"H",1,0.01,0.01]
["Insumo"," 00043459 ","SINAPI","FERRAMENTAS - FAMILIA CARPINTEIRO DE FORMAS - HORISTA (ENCARGOS COMPLEMENTARES - COLETADO CAIXA)","Equipamento",null,"H",1,0.49,0.49]
["Insumo"," 00043483 ","SINAPI","EPI - FAMILIA CARPINTEIRO DE FORMAS - HORISTA (ENCARGOS COMPLEMENTARES - COLETADO CAIXA)","Equipamento",null,"H",1,1.34,1.34]
[{"$nulls":4},"MO sem LS =>",16.59,"LS =>",0,"MO com LS =>",16.59]
[{"$nulls":4},"Valor do BDI =>",4.2,null,"Valor com BDI =>",null,24.32]
[]
[null,"Código","Banco","Descrição","Tipo",null,"Und","Quant.","Valor Unit","Total"]
["Composição"," 94210 ","SINAPI","TELHAMENTO COM TELHA ONDULADA DE FIBROCIMENTO E = 6 MM, COM RECOBRIMENTO LATERAL DE 1 1/4 DE ONDA PARA TELHADO COM INCLINAÇÃO MÁXIMA DE 10°, COM ATÉ 2 ÁGUAS, INCLUSO IÇAMENTO. AF_07/2019","COBE - COBERTURA",null,"m²",1,46.32,46.32]
["Composição Auxiliar"," 88316 ","SINAPI","SERVENTE COM ENCARGOS COMPLEMENTARES","SEDI - SERVIÇOS DIVERSOS",null,"H",0.166,15.36,2.55]
["Composição Auxiliar"," 88323 ","SINAPI","TELHADISTA COM ENCARGOS COMPLEMENTARES","SEDI - SERVIÇOS DIVERSOS",null,"H",0.128,20.12,2.58]
["Composição Auxiliar"," 93281 ","SINAPI","GUINCHO ELÉTRICO DE COLUNA, CAPACIDADE 400 KG, COM MOTO FREIO, MOTOR TRIFÁSICO DE 1,25 CV - CHP DIURNO. AF_03/2016","CHOR - CUSTOS HORÁRIOS DE MÁQUINAS E EQUIPAMENTOS",null,"CHP",0.0053,16.27,0.09]
["Composição Auxiliar"," 93282 ","SINAPI","GUINCHO ELÉTRICO DE COLUNA, CAPACIDADE 400 KG, COM MOTO FREIO, MOTOR TRIFÁSICO DE 1,25 CV - CHI DIURNO. AF_03/2016","CHOR - CUSTOS HORÁRIOS DE MÁQUINAS E EQUIPAMENTOS",null,"CHI",0.0073,15.26,0.11]
["Insumo"," 00001607 ","SINAPI","CONJUNTO ARRUELAS DE VEDACAO 5/16\" PARA TELHA FIBROCIMENTO (UMA ARRUELA METALICA E UMA ARRUELA PVC - CONICAS)","Material",null,"CJ",1.26,0.28,0.35]
["Insumo"," 00004302 ","SINAPI","PARAFUSO ZINCADO ROSCA SOBERBA, CABECA SEXTAVADA, 5/16 \" X 250 MM, PARA FIXACAO DE TELHA EM MADEIRA","Material",null,"UN",1.26,4.28,5.39]
["Insumo"," 00007194 ","SINAPI","TELHA DE FIBROCIMENTO ONDULADA E = 6 MM, DE 2,44 X 1,10 M (SEM AMIANTO)","Material",null,"m²",1.357,25.98,35.25]
[{"$nulls":4},"MO sem LS =>",4.24,"LS =>",0,"MO com LS =>",4.24]
[{"$nulls":4},"Valor do BDI =>",6.92,null,"Valor com BDI =>",null,53.24]
[]
[null,"Código","Banco","Descrição","Tipo",null,"Und","Quant.","Valor Unit","Total"]
["Composição"," 92000 ","SINAPI","TOMADA BAIXA DE EMBUTIR (1 MÓDULO), 2P+T 10 A, INCLUINDO SUPORTE E PLACA - FORNECIMENTO E INSTALAÇÃO. AF_03/2023","INEL - INSTALAÇÃO ELÉTRICA/ELETRIFICAÇÃO E ILUMINAÇÃO EXTERNA",null,"UN",1,30.73,30.73]
["Composição Auxiliar"," 91946 ","SINAPI","SUPORTE PARAFUSADO COM PLACA DE ENCAIXE 4\" X 2\" MÉDIO (1,30 M DO PISO) PARA PONTO ELÉTRICO - FORNECIMENTO E INSTALAÇÃO. AF_03/2023","INEL - INSTALAÇÃO ELÉTRICA/ELETRIFICAÇÃO E ILUMINAÇÃO EXTERNA",null,"UN",1,10.86,10.86]
["Composição Auxiliar"," 91998 ","SINAPI","TOMADA BAIXA DE EMBUTIR (1 MÓDULO), 2P+T 10 A, SEM SUPORTE E SEM PLACA - FORNECIMENTO E INSTALAÇÃO. AF_03/2023","INEL - INSTALAÇÃO ELÉTRICA/ELETRIFICAÇÃO E ILUMINAÇÃO EXTERNA",null,"UN",1,19.87,19.87]
[{"$nulls":4},"MO sem LS =>",13.19,"LS =>",0,"MO com LS =>",13.19]
[{"$nulls":4},"Valor do BDI =>",5.43,null,"Valor com BDI =>",null,36.16]
[]
[null,"Código","Banco","Descrição","Tipo",null,"Und","Quant.","Valor Unit","Total"]
["Composição"," 91998 ","SINAPI","TOMADA BAIXA DE EMBUTIR (1 MÓDULO), 2P+T 10 A, SEM SUPORTE E SEM PLACA - FORNECIMENTO E INSTALAÇÃO. AF_03/2023","INEL - INSTALAÇÃO ELÉTRICA/ELETRIFICAÇÃO E ILUMINAÇÃO EXTERNA",null,"UN",1,19.87,19.87]
["Composição Auxiliar"," 88247 ","SINAPI","AUXILIAR DE ELETRICISTA COM ENCARGOS COMPLEMENTARES","SEDI - SERVIÇOS DIVERSOS",null,"H",0.242,20.5,4.96]
["Composição Auxiliar"," 88264 ","SINAPI","ELETRICISTA COM ENCARGOS COMPLEMENTARES","SEDI - SERVIÇOS DIVERSOS",null,"H",0.242,22.56,5.46]
["Insumo"," 00038101 ","SINAPI","TOMADA 2P+T 10A, 250V  (APENAS MODULO)","Material",null,"UN",1,9.45,9.45]
[{"$nulls":4},"MO sem LS =>",8.63,"LS =>",0,"MO com LS =>",8.63]
[{"$nulls":4},"Valor do BDI =>",3.52,null,"Valor com BDI =>",null,23.39]
[]
[null,"Código","Banco","Descrição","Tipo",null,"Und","Quant.","Valor Unit","Total"]
["Composição"," 92001 ","SINAPI","TOMADA BAIXA DE EMBUTIR (1 MÓDULO), 2P+T 20 A, INCLUINDO SUPORTE E PLACA - FORNECIMENTO E INSTALAÇÃO. AF_03/2023","INEL - INSTALAÇÃO ELÉTRICA/ELETRIFICAÇÃO E ILUMINAÇÃO EXTERNA",null,"UN",1,33.37,33.37]
["Composição Auxiliar"," 91946 ","SINAPI","SUPORTE PARAFUSADO COM PLACA DE ENCAIXE 4\" X 2\" MÉDIO (1,30 M DO PISO) PARA PONTO ELÉTRICO - FORNECIMENTO E INSTALAÇÃO. AF_03/2023","INEL - INSTALAÇÃO ELÉTRICA/ELETRIFICAÇÃO E ILUMINAÇÃO EXTERNA",null,"UN",1,10.86,10.86]
["Composição Auxiliar"," 91999 ","SINAPI","TOMADA BAIXA DE EMBUTIR (1 MÓDULO), 2P+T 20 A, SEM SUPORTE E SEM PLACA - FORNECIMENTO E INSTALAÇÃO. AF_03/2023","INEL - INSTALAÇÃO ELÉTRICA/ELETRIFICAÇÃO E ILUMINAÇÃO EXTERNA",null,"UN",1,22.51,22.51]
[{"$nulls":4},"MO sem LS =>",13.19,"LS =>",0,"MO com LS =>",13.19]
[{"$nulls":4},"Valor do BDI =>",5.8,null,"Valor com BDI =>",null,39.17]
[]
[null,"Código","Banco","Descrição","Tipo",null,"Und","Quant.","Valor Unit","Total"]
["Composição"," 91999 ","SINAPI","TOMADA BAIXA DE EMBUTIR (1 MÓDULO), 2P+T 20 A, SEM SUPORTE E SEM PLACA - FORNECIMENTO E INSTALAÇÃO. AF_03/2023","INEL - INSTALAÇÃO ELÉTRICA/ELETRIFICAÇÃO E ILUMINAÇÃO EXTERNA",null,"UN",1,22.51,22.51]
["Composição Auxiliar"," 88247 ","SINAPI","AUXILIAR DE ELETRICISTA COM ENCARGOS COMPLEMENTARES","SEDI - SERVIÇOS DIVERSOS",null,"H",0.242,20.5,4.96]
["Composição Auxiliar"," 88264 ","SINAPI","ELETRICISTA COM ENCARGOS COMPLEMENTARES","SEDI - SERVIÇOS DIVERSOS",null,"H",0.242,22.56,5.46]
["Insumo"," 00038102 ","SINAPI","TOMADA 2P+T 20A, 250V  (APENAS MODULO)","Material",null,"UN",1,12.09,12.09]
[{"$nulls":4},"MO sem LS =>",8.63,"LS =>",0,"MO com LS =>",8.63]
[{"$nulls":4},"Valor do BDI =>",3.89,null,"Valor com BDI =>",null,26.4]
[]
[null,"Código","Banco","Descrição","Tipo",null,"Und","Quant.","Valor Unit","Total"]
["Composição"," 92008 ","SINAPI","TOMADA BAIXA DE EMBUTIR (2 MÓDULOS), 2P+T 10 A, INCLUINDO SUPORTE E PLACA - FORNECIMENTO E INSTALAÇÃO. AF_03/2023","INEL - INSTALAÇÃO ELÉTRICA/ELETRIFICAÇÃO E ILUMINAÇÃO EXTERNA",null,"UN",1,47.89,47.89]
["Composição Auxiliar"," 91946 ","SINAPI","SUPORTE PARAFUSADO COM PLACA DE ENCAIXE 4\" X 2\" MÉDIO (1,30 M DO PISO) PARA PONTO ELÉTRICO - FORNECIMENTO E INSTALAÇÃO. AF_03/2023","INEL - INSTALAÇÃO ELÉTRICA/ELETRIFICAÇÃO E ILUMINAÇÃO EXTERNA",null,"UN",1,10.86,10.86]
["Composição Auxiliar"," 92006 ","SINAPI","TOMADA BAIXA DE EMBUTIR (2 MÓDULOS), 2P+T 10 A, SEM SUPORTE E SEM PLACA - FORNECIMENTO E INSTALAÇÃO. AF_03/2023","INEL - INSTALAÇÃO ELÉTRICA/ELETRIFICAÇÃO E ILUMINAÇÃO EXTERNA",null,"UN",1,37.03,37.03]
[{"$nulls":4},"MO sem LS =>",19.57,"LS =>",0,"MO com LS =>",19.57]
[{"$nulls":4},"Valor do BDI =>",8.38,null,"Valor com BDI =>",null,56.27]
[]
[null,"Código","Banco","Descrição","Tipo",null,"Und","Quant.","Valor Unit","Total"]
["Composição"," 92006 ","SINAPI","TOMADA BAIXA DE EMBUTIR (2 MÓDULOS), 2P+T 10 A, SEM SUPORTE E SEM PLACA - FORNECIMENTO E INSTALAÇÃO. AF_03/2023","INEL - INSTALAÇÃO ELÉTRICA/ELETRIFICAÇÃO E ILUMINAÇÃO EXTERNA",null,"UN",1,37.03,37.03]
["Composição Auxiliar"," 88247 ","SINAPI","AUXILIAR DE ELETRICISTA COM ENCARGOS COMPLEMENTARES","SEDI - SERVIÇOS DIVERSOS",null,"H",0.421,20.5,8.63]
["Composição Auxiliar"," 88264 ","SINAPI","ELETRICISTA COM ENCARGOS COMPLEMENTARES","SEDI - SERVIÇOS DIVERSOS",null,"H",0.421,22.56,9.5]
["Insumo"," 00038101 ","SINAPI","TOMADA 2P+T 10A, 250V  (APENAS MODULO)","Material",null,"UN",2,9.45,18.9]
[{"$nulls":4},"MO sem LS =>",15.01,"LS =>",0,"MO com LS =>",15.01]
[{"$nulls":4},"Valor do BDI =>",6.47,null,"Valor com BDI =>",null,43.5]
[]
[null,"Código","Banco","Descrição","Tipo",null,"Und","Quant.","Valor Unit","Total"]
["Composição"," 86906 ","SINAPI","TORNEIRA CROMADA DE MESA, 1/2\u0094 OU 3/4\u0094, PARA LAVATÓRIO, PADRÃO POPULAR - FORNECIMENTO E INSTALAÇÃO. AF_01/2020","INHI - INSTALAÇÕES HIDROS SANITÁRIAS",null,"UN",1,112.64,112.64]
["Composição Auxiliar"," 88267 ","SINAPI","ENCANADOR OU BOMBEIRO HIDRÁULICO COM ENCARGOS COMPLEMENTARES","SEDI - SERVIÇOS DIVERSOS",null,"H",0.096,19.94,1.91]
["Composição Auxiliar"," 88316 ","SINAPI","SERVENTE COM ENCARGOS COMPLEMENTARES","SEDI - SERVIÇOS DIVERSOS",null,"H",0.0303,15.36,0.47]
["Insumo"," 00003146 ","SINAPI","FITA VEDA ROSCA EM ROLOS DE 18 MM X 10 M (L X C)","Material",null,"UN",0.021,3.6,0.08]
["Insumo"," 00013415 ","SINAPI","TORNEIRA DE MESA/BANCADA, PARA LAVATORIO, FIXA, METALICA CROMADA, PADRAO POPULAR, 1/2 \" OU 3/4 \" (REF 1193)","Material",null,"UN",1,110.18,110.18]
[{"$nulls":4},"MO sem LS =>",1.98,"LS =>",0,"MO com LS =>",1.98]
[{"$nulls":4},"Valor do BDI =>",16.1,null,"Valor com BDI =>",null,128.74]
[]
[null,"Código","Banco","Descrição","Tipo",null,"Und","Quant.","Valor Unit","Total"]
["Composição"," 86911 ","SINAPI","TORNEIRA CROMADA LONGA, DE PAREDE, 1/2\u0094 OU 3/4\u0094, PARA PIA DE COZINHA, PADRÃO POPULAR - FORNECIMENTO E INSTALAÇÃO. AF_01/2020","INHI - INSTALAÇÕES HIDROS SANITÁRIAS",null,"UN",1,131.71,131.71]
["Composição Auxiliar"," 88267 ","SINAPI","ENCANADOR OU BOMBEIRO HIDRÁULICO COM ENCARGOS COMPLEMENTARES","SEDI - SERVIÇOS DIVERSOS",null,"H",0.1164,19.94,2.32]
["Composição Auxiliar"," 88316 ","SINAPI","SERVENTE COM ENCARGOS COMPLEMENTARES","SEDI - SERVIÇOS DIVERSOS",null,"H",0.0367,15.36,0.56]
["Insumo"," 00003146 ","SINAPI","FITA VEDA ROSCA EM ROLOS DE 18 MM X 10 M (L X C)","Material",null,"UN",0.021,3.6,0.08]
["Insumo"," 00013416 ","SINAPI","TORNEIRA METALICA CROMADA, RETA, DE PAREDE, PARA COZINHA, SEM BICO, SEM AREJADOR, PADRAO POPULAR, 1/2 \" OU 3/4 \" (REF 1158)","Material",null,"UN",1,128.75,128.75]
[{"$nulls":4},"MO sem LS =>",2.4,"LS =>",0,"MO com LS =>",2.4]
[{"$nulls":4},"Valor do BDI =>",18.83,null,"Valor com BDI =>",null,150.54]
[]
[null,"Código","Banco","Descrição","Tipo",null,"Und","Quant.","Valor Unit","Total"]
["Composição"," 92543 ","SINAPI","TRAMA DE MADEIRA COMPOSTA POR TERÇAS PARA TELHADOS DE ATÉ 2 ÁGUAS PARA TELHA ONDULADA DE FIBROCIMENTO, METÁLICA, PLÁSTICA OU TERMOACÚSTICA, INCLUSO TRANSPORTE VERTICAL. AF_07/2019","COBE - COBERTURA",null,"m²",1,14.55,14.55]
["Composição Auxiliar"," 88239 ","SINAPI","AJUDANTE DE CARPINTEIRO COM ENCARGOS COMPLEMENTARES","SEDI - SERVIÇOS DIVERSOS",null,"H",0.065,16.91,1.1]
["Composição Auxiliar"," 88262 ","SINAPI","CARPINTEIRO DE FORMAS COM ENCARGOS COMPLEMENTARES","SEDI - SERVIÇOS DIVERSOS",null,"H",0.118,20.33,2.4]
["Composição Auxiliar"," 93281 ","SINAPI","GUINCHO ELÉTRICO DE COLUNA, CAPACIDADE 400 KG, COM MOTO FREIO, MOTOR TRIFÁSICO DE 1,25 CV - CHP DIURNO. AF_03/2016","CHOR - CUSTOS HORÁRIOS DE MÁQUINAS E EQUIPAMENTOS",null,"CHP",0.0046,16.27,0.07]
["Composição Auxiliar"," 93282 ","SINAPI","GUINCHO ELÉTRICO DE COLUNA, CAPACIDADE 400 KG, COM MOTO FREIO, MOTOR TRIFÁSICO DE 1,25 CV - CHI DIURNO. AF_03/2016","CHOR - CUSTOS HORÁRIOS DE MÁQUINAS E EQUIPAMENTOS",null,"CHI",0.0064,15.26,0.1]
["Insumo"," 00004425 ","SINAPI","VIGA NAO APARELHADA *6 X 12* CM, EM MACARANDUBA/MASSARANDUBA, ANGELIM OU EQUIVALENTE DA REGIAO - BRUTA","Material",null,"M",0.634,16.18,10.26]
["Insumo"," 00040568 ","SINAPI","PREGO DE ACO POLIDO COM CABECA 22 X 48 (4 1/4 X 5)","Material",null,"KG",0.03,20.5,0.62]
[{"$nulls":4},"MO sem LS =>",2.99,"LS =>",0,"MO com LS =>",2.99]
[{"$nulls":4},"Valor do BDI =>",2.3,null,"Valor com BDI =>",null,16.85]
[]
[null,"Código","Banco","Descrição","Tipo",null,"Und","Quant.","Valor Unit","Total"]
["Composição"," 89031 ","SINAPI","TRATOR DE ESTEIRAS, POTÊNCIA 100 HP, PESO OPERACIONAL 9,4 T, COM LÂMINA 2,19 M3 - CHI DIURNO. AF_06/2014","CHOR - CUSTOS HORÁRIOS DE MÁQUINAS E EQUIPAMENTOS",null,"CHI",1,58.98,58.98]
["Composição Auxiliar"," 88324 ","SINAPI","TRATORISTA COM ENCARGOS COMPLEMENTARES","SEDI - SERVIÇOS DIVERSOS",null,"H",1,16.13,16.13]
["Composição Auxiliar"," 89029 ","SINAPI","TRATOR DE ESTEIRAS, POTÊNCIA 100 HP, PESO OPERACIONAL 9,4 T, COM LÂMINA 2,19 M3 - DEPRECIAÇÃO. AF_06/2014","CHOR - CUSTOS HORÁRIOS DE MÁQUINAS E EQUIPAMENTOS",null,"H",1,29.75,29.75]
["Composição Auxiliar"," 89030 ","SINAPI","TRATOR DE ESTEIRAS, POTÊNCIA 100 HP, PESO OPERACIONAL 9,4 T, COM LÂMINA 2,19 M3 - JUROS. AF_06/2014","CHOR - CUSTOS HORÁRIOS DE MÁQUINAS E EQUIPAMENTOS",null,"H",1,13.1,13.1]
[{"$nulls":4},"MO sem LS =>",13.6,"LS =>",0,"MO com LS =>",13.6]
[{"$nulls":4},"Valor do BDI =>",12.33,null,"Valor com BDI =>",null,71.31]
[]
[null,"Código","Banco","Descrição","Tipo",null,"Und","Quant.","Valor Unit","Total"]
["Composição"," 89032 ","SINAPI","TRATOR DE ESTEIRAS, POTÊNCIA 100 HP, PESO OPERACIONAL 9,4 T, COM LÂMINA 2,19 M3 - CHP DIURNO. AF_06/2014","CHOR - CUSTOS HORÁRIOS DE MÁQUINAS E EQUIPAMENTOS",null,"CHP",1,183.99,183.99]
["Composição Auxiliar"," 53817 ","SINAPI","TRATOR DE ESTEIRAS, POTÊNCIA 100 HP, PESO OPERACIONAL 9,4 T, COM LÂMINA 2,19 M3 - MATERIAIS NA OPERAÇÃO. AF_06/2014","CHOR - CUSTOS HORÁRIOS DE MÁQUINAS E EQUIPAMENTOS",null,"H",1,71.83,71.83]
["Composição Auxiliar"," 5724 ","SINAPI","TRATOR DE ESTEIRAS, POTÊNCIA 100 HP, PESO OPERACIONAL 9,4 T, COM LÂMINA 2,19 M3 - MANUTENÇÃO. AF_06/2014","CHOR - CUSTOS HORÁRIOS DE MÁQUINAS E EQUIPAMENTOS",null,"H",1,53.18,53.18]
["Composição Auxiliar"," 88324 ","SINAPI","TRATORISTA COM ENCARGOS COMPLEMENTARES","SEDI - SERVIÇOS DIVERSOS",null,"H",1,16.13,16.13]
["Composição Auxiliar"," 89029 ","SINAPI","TRATOR DE ESTEIRAS, POTÊNCIA 100 HP, PESO OPERACIONAL 9,4 T, COM LÂMINA 2,19 M3 - DEPRECIAÇÃO. AF_06/2014","CHOR - CUSTOS HORÁRIOS DE MÁQUINAS E EQUIPAMENTOS",null,"H",1,29.75,29.75]
["Composição Auxiliar"," 89030 ","SINAPI","TRATOR DE ESTEIRAS, POTÊNCIA 100 HP, PESO OPERACIONAL 9,4 T, COM LÂMINA 2,19 M3 - JUROS. AF_06/2014","CHOR - CUSTOS HORÁRIOS DE MÁQUINAS E EQUIPAMENTOS",null,"H",1,13.1,13.1]
[{"$nulls":4},"MO sem LS =>",13.6,"LS =>",0,"MO com LS =>",13.6]
[{"$nulls":4},"Valor do BDI =>",33.59,null,"Valor com BDI =>",null,217.58]
[]
[null,"Código","Banco","Descrição","Tipo",null,"Und","Quant.","Valor Unit","Total"]
["Composição"," 89029 ","SINAPI","TRATOR DE ESTEIRAS, POTÊNCIA 100 HP, PESO OPERACIONAL 9,4 T, COM LÂMINA 2,19 M3 - DEPRECIAÇÃO. AF_06/2014","CHOR - CUSTOS HORÁRIOS DE MÁQUINAS E EQUIPAMENTOS",null,"H",1,29.75,29.75]
["Insumo"," 00007622 ","SINAPI","TRATOR DE ESTEIRAS, POTENCIA DE 100 HP, PESO OPERACIONAL DE 9,4 T, COM LAMINA COM CAPACIDADE DE 2,19 M3","Equipamento",null,"UN",3.11e-5,956498.8,29.75]
[{"$nulls":4},"MO sem LS =>",0,"LS =>",0,"MO com LS =>",0]
[{"$nulls":4},"Valor do BDI =>",6.23,null,"Valor com BDI =>",null,35.98]
[]
[null,"Código","Banco","Descrição","Tipo",null,"Und","Quant.","Valor Unit","Total"]
["Composição"," 89030 ","SINAPI","TRATOR DE ESTEIRAS, POTÊNCIA 100 HP, PESO OPERACIONAL 9,4 T, COM LÂMINA 2,19 M3 - JUROS. AF_06/2014","CHOR - CUSTOS HORÁRIOS DE MÁQUINAS E EQUIPAMENTOS",null,"H",1,13.1,13.1]
["Insumo"," 00007622 ","SINAPI","TRATOR DE ESTEIRAS, POTENCIA DE 100 HP, PESO OPERACIONAL DE 9,4 T, COM LAMINA COM CAPACIDADE DE 2,19 M3","Equipamento",null,"UN",1.37e-5,956498.8,13.1]
[{"$nulls":4},"MO sem LS =>",0,"LS =>",0,"MO com LS =>",0]
[{"$nulls":4},"Valor do BDI =>",2.74,null,"Valor com BDI =>",null,15.84]
[]
[null,"Código","Banco","Descrição","Tipo",null,"Und","Quant.","Valor Unit","Total"]
["Composição"," 5724 ","SINAPI","TRATOR DE ESTEIRAS, POTÊNCIA 100 HP, PESO OPERACIONAL 9,4 T, COM LÂMINA 2,19 M3 - MANUTENÇÃO. AF_06/2014","CHOR - CUSTOS HORÁRIOS DE MÁQUINAS E EQUIPAMENTOS",null,"H",1,53.18,53.18]
["Insumo"," 00007622 ","SINAPI","TRATOR DE ESTEIRAS, POTENCIA DE 100 HP, PESO OPERACIONAL DE 9,4 T, COM LAMINA COM CAPACIDADE DE 2,19 M3","Equipamento",null,"UN",5.56e-5,956498.8,53.18]
[{"$nulls":4},"MO sem LS =>",0,"LS =>",0,"MO com LS =>",0]
[{"$nulls":4},"Valor do BDI =>",11.13,null,"Valor com BDI =>",null,64.31]
[]
[null,"Código","Banco","Descrição","Tipo",null,"Und","Quant.","Valor Unit","Total"]
["Composição"," 53817 ","SINAPI","TRATOR DE ESTEIRAS, POTÊNCIA 100 HP, PESO OPERACIONAL 9,4 T, COM LÂMINA 2,19 M3 - MATERIAIS NA OPERAÇÃO. AF_06/2014","CHOR - CUSTOS HORÁRIOS DE MÁQUINAS E EQUIPAMENTOS",null,"H",1,71.83,71.83]
["Insumo"," 00004221 ","SINAPI","OLEO DIESEL COMBUSTIVEL COMUM","Material",null,"L",10.44,6.88,71.83]
[{"$nulls":4},"MO sem LS =>",0,"LS =>",0,"MO com LS =>",0]
[{"$nulls":4},"Valor do BDI =>",10.13,null,"Valor com BDI =>",null,81.96]
[]
[null,"Código","Banco","Descrição","Tipo",null,"Und","Quant.","Valor Unit","Total"]
["Composição"," 88324 ","SINAPI","TRATORISTA COM ENCARGOS COMPLEMENTARES","SEDI - SERVIÇOS DIVERSOS",null,"H",1,16.13,16.13]
["Composição Auxiliar"," 95386 ","SINAPI","CURSO DE CAPACITAÇÃO PARA TRATORISTA (ENCARGOS COMPLEMENTARES) - HORISTA","SEDI - SERVIÇOS DIVERSOS",null,"H",1,0.16,0.16]
["Insumo"," 00004237 ","SINAPI","OPERADOR DE TRATOR - EXCLUSIVE AGROPECUARIA","Mão de Obra",null,"H",1,13.44,13.44]
["Insumo"," 00037370 ","SINAPI","ALIMENTACAO - HORISTA (COLETADO CAIXA - ENCARGOS COMPLEMENTARES)","Outros",null,"H",1,0.01,0.01]
["Insumo"," 00037371 ","SINAPI","TRANSPORTE - HORISTA (COLETADO CAIXA - ENCARGOS COMPLEMENTARES)","Serviços",null,"H",1,0.54,0.54]
["Insumo"," 00037372 ","SINAPI","EXAMES - HORISTA (COLETADO CAIXA - ENCARGOS COMPLEMENTARES)","Outros",null,"H",1,1.14,1.14]
["Insumo"," 00037373 ","SINAPI","SEGURO - HORISTA (COLETADO CAIXA - ENCARGOS COMPLEMENTARES)","Taxas",null,"H",1,0.01,0.01]
["Insumo"," 00043464 ","SINAPI","FERRAMENTAS - FAMILIA OPERADOR ESCAVADEIRA - HORISTA (ENCARGOS COMPLEMENTARES - COLETADO CAIXA)","Equipamento",null,"H",1,0.01,0.01]
["Insumo"," 00043488 ","SINAPI","EPI - FAMILIA OPERADOR ESCAVADEIRA - HORISTA (ENCARGOS COMPLEMENTARES - COLETADO CAIXA)","Equipamento",null,"H",1,0.82,0.82]
[{"$nulls":4},"MO sem LS =>",13.6,"LS =>",0,"MO com LS =>",13.6]
[{"$nulls":4},"Valor do BDI =>",3.36,null,"Valor com BDI =>",null,19.49]
[]
[null,"Código","Banco","Descrição","Tipo",null,"Und","Quant.","Valor Unit","Total"]
["Composição"," 89714 ","SINAPI","TUBO PVC, SERIE NORMAL, ESGOTO PREDIAL, DN 100 MM, FORNECIDO E INSTALADO EM RAMAL DE DESCARGA OU RAMAL DE ESGOTO SANITÁRIO. AF_08/2022","INHI - INSTALAÇÕES HIDROS SANITÁRIAS",null,"M",1,31.88,31.88]
["Composição Auxiliar"," 88248 ","SINAPI","AUXILIAR DE ENCANADOR OU BOMBEIRO HIDRÁULICO COM ENCARGOS COMPLEMENTARES","SEDI - SERVIÇOS DIVERSOS",null,"H",0.4444,16.46,7.31]
["Composição Auxiliar"," 88267 ","SINAPI","ENCANADOR OU BOMBEIRO HIDRÁULICO COM ENCARGOS COMPLEMENTARES","SEDI - SERVIÇOS DIVERSOS",null,"H",0.4444,19.94,8.86]
["Insumo"," 00009836 ","SINAPI","TUBO PVC  SERIE NORMAL, DN 100 MM, PARA ESGOTO  PREDIAL (NBR 5688)","Material",null,"M",1.0549,14.84,15.65]
["Insumo"," 00038383 ","SINAPI","LIXA D'AGUA EM FOLHA, GRAO 100","Material",null,"UN",0.0247,2.48,0.06]
[{"$nulls":4},"MO sem LS =>",13.48,"LS =>",0,"MO com LS =>",13.48]
[{"$nulls":4},"Valor do BDI =>",5.61,null,"Valor com BDI =>",null,37.49]
[]
[null,"Código","Banco","Descrição","Tipo",null,"Und","Quant.","Valor Unit","Total"]
["Composição"," 89711 ","SINAPI","TUBO PVC, SERIE NORMAL, ESGOTO PREDIAL, DN 40 MM, FORNECIDO E INSTALADO EM RAMAL DE DESCARGA OU RAMAL DE ESGOTO SANITÁRIO. AF_08/2022","INHI - INSTALAÇÕES HIDROS SANITÁRIAS",null,"M",1,17.54,17.54]
["Composição Auxiliar"," 88248 ","SINAPI","AUXILIAR DE ENCANADOR OU BOMBEIRO HIDRÁULICO COM ENCARGOS COMPLEMENTARES","SEDI - SERVIÇOS DIVERSOS",null,"H",0.293,16.46,4.82]
["Composição Auxiliar"," 88267 ","SINAPI","ENCANADOR OU BOMBEIRO HIDRÁULICO COM ENCARGOS COMPLEMENTARES","SEDI - SERVIÇOS DIVERSOS",null,"H",0.293,19.94,5.84]
["Insumo"," 00009835 ","SINAPI","TUBO PVC  SERIE NORMAL, DN 40 MM, PARA ESGOTO  PREDIAL (NBR 5688)","Material",null,"M",1.0549,6.48,6.84]
["Insumo"," 00038383 ","SINAPI","LIXA D'AGUA EM FOLHA, GRAO 100","Material",null,"UN",0.0163,2.48,0.04]
[{"$nulls":4},"MO sem LS =>",8.88,"LS =>",0,"MO com LS =>",8.88]
[{"$nulls":4},"Valor do BDI =>",3.21,null,"Valor com BDI =>",null,20.75]
[]
[null,"Código","Banco","Descrição","Tipo",null,"Und","Quant.","Valor Unit","Total"]
["Composição"," 89712 ","SINAPI","TUBO PVC, SERIE NORMAL, ESGOTO PREDIAL, DN 50 MM, FORNECIDO E INSTALADO EM RAMAL DE DESCARGA OU RAMAL DE ESGOTO SANITÁRIO. AF_08/2022","INHI - INSTALAÇÕES HIDROS SANITÁRIAS",null,"M",1,22.92,22.92]
["Composição Auxiliar"," 88248 ","SINAPI","AUXILIAR DE ENCANADOR OU BOMBEIRO HIDRÁULICO COM ENCARGOS COMPLEMENTARES","SEDI - SERVIÇOS DIVERSOS",null,"H",0.3182,16.46,5.24]
["Composição Auxiliar"," 88267 ","SINAPI","ENCANADOR OU BOMBEIRO HIDRÁULICO COM ENCARGOS COMPLEMENTARES","SEDI - SERVIÇOS DIVERSOS",null,"H",0.3182,19.94,6.34]
["Insumo"," 00009838 ","SINAPI","TUBO PVC SERIE NORMAL, DN 50 MM, PARA ESGOTO PREDIAL (NBR 5688)","Material",null,"M",1.0549,10.71,11.3]
["Insumo"," 00038383 ","SINAPI","LIXA D'AGUA EM FOLHA, GRAO 100","Material",null,"UN",0.0177,2.48,0.04]
[{"$nulls":4},"MO sem LS =>",9.65,"LS =>",0,"MO com LS =>",9.65]
[{"$nulls":4},"Valor do BDI =>",4.03,null,"Valor com BDI =>",null,26.95]
[]
[null,"Código","Banco","Descrição","Tipo",null,"Und","Quant.","Valor Unit","Total"]
["Composição"," 89402 ","SINAPI","TUBO, PVC, SOLDÁVEL, DN 25MM, INSTALADO EM RAMAL DE DISTRIBUIÇÃO DE ÁGUA - FORNECIMENTO E INSTALAÇÃO. AF_06/2022","INHI - INSTALAÇÕES HIDROS SANITÁRIAS",null,"M",1,10.24,10.24]
["Composição Auxiliar"," 88248 ","SINAPI","AUXILIAR DE ENCANADOR OU BOMBEIRO HIDRÁULICO COM ENCARGOS COMPLEMENTARES","SEDI - SERVIÇOS DIVERSOS",null,"H",0.1586,16.46,2.61]
["Composição Auxiliar"," 88267 ","SINAPI","ENCANADOR OU BOMBEIRO HIDRÁULICO COM ENCARGOS COMPLEMENTARES","SEDI - SERVIÇOS DIVERSOS",null,"H",0.1586,19.94,3.16]
["Insumo"," 00009868 ","SINAPI","TUBO PVC, SOLDAVEL, DE 25 MM, AGUA FRIA (NBR-5648)","Material",null,"M",1.0493,4.17,4.38]
["Insumo"," 00038383 ","SINAPI","LIXA D'AGUA EM FOLHA, GRAO 100","Material",null,"UN",0.037,2.48,0.09]
[{"$nulls":4},"MO sem LS =>",4.81,"LS =>",0,"MO com LS =>",4.81]
[{"$nulls":4},"Valor do BDI =>",1.84,null,"Valor com BDI =>",null,12.08]
[]
[null,"Código","Banco","Descrição","Tipo",null,"Und","Quant.","Valor Unit","Total"]
["Composição"," 89356 ","SINAPI","TUBO, PVC, SOLDÁVEL, DN 25MM, INSTALADO EM RAMAL OU SUB-RAMAL DE ÁGUA - FORNECIMENTO E INSTALAÇÃO. AF_06/2022","INHI - INSTALAÇÕES HIDROS SANITÁRIAS",null,"M",1,18.43,18.43]
["Composição Auxiliar"," 88248 ","SINAPI","AUXILIAR DE ENCANADOR OU BOMBEIRO HIDRÁULICO COM ENCARGOS COMPLEMENTARES","SEDI - SERVIÇOS DIVERSOS",null,"H",0.38,16.46,6.25]
["Composição Auxiliar"," 88267 ","SINAPI","ENCANADOR OU BOMBEIRO HIDRÁULICO COM ENCARGOS COMPLEMENTARES","SEDI - SERVIÇOS DIVERSOS",null,"H",0.38,19.94,7.58]
["Insumo"," 00009868 ","SINAPI","TUBO PVC, SOLDAVEL, DE 25 MM, AGUA FRIA (NBR-5648)","Material",null,"M",1.0493,4.17,4.38]
["Insumo"," 00038383 ","SINAPI","LIXA D'AGUA EM FOLHA, GRAO 100","Material",null,"UN",0.0886,2.48,0.22]
[{"$nulls":4},"MO sem LS =>",11.53,"LS =>",0,"MO com LS =>",11.53]
[{"$nulls":4},"Valor do BDI =>",3.54,null,"Valor com BDI =>",null,21.97]
[]
[null,"Código","Banco","Descrição","Tipo",null,"Und","Quant.","Valor Unit","Total"]
["Composição"," 0903818 ","SICRO3","Tinta látex - duas camadas com aplicação manual","",null,"m²",1,12.25,12.25]
["B","Código","Banco","Mão de Obra","Quantidade","Salário Hora",null,null,null,"Custo Horário"]
["Insumo","P9822","SICRO3","Pintor",0.344,null,null,null,24.2877,8.355]
["Insumo","P9824","SICRO3","Servente",0.086,null,null,null,18.5436,1.5947]
[{"$nulls":5},"Custo Horário da Mão de Obra =>",null,null,null,9.9497]
[{"$nulls":5},"Adc.M.O. - Ferramentas (0,0%) =>",null,null,null,0]
[{"$nulls":5},"Custo Horário de Execução =>",null,null,null,9.9497]
[{"$nulls":5},"Fator de Influencia da Chuva - FIC =>",null,null,null,0]
[{"$nulls":5},"Custo do FIC =>",null,null,null,0]
[{"$nulls":5},"Produção de Equipe =>",null,null,null,1]
[{"$nulls":5},"Custo Unitário de Execução =>",null,null,null,9.9497]
["C","Banco","Código","Material","Quantidade","Unidade","Preço Unitário",null,null,"Custo Horário"]
["Insumo","SICRO3","M1575","Tinta látex à base de resina acrílica",0.2,"l",11.4736,null,null,2.2947]
[{"$nulls":5},"Custo Total do Material =>",null,null,null,2.2947]
["E","Banco","Insumo","Tempos Fixos","Código","Quantidade","Unidade","Preço Unitário",null,"Custo Horário"]
["Tempo Fixo","SICRO3","M1575","Carga, manobra e descarga de materiais diversos em caminhão carroceria de 15 t - carga e descarga manuais",5914655,0.00025,"t",31.9,null,0.008]
[{"$nulls":5},"Custo Total dos Tempos Fixos =>",null,null,null,0.008]
["F","Banco","Insumo","Momento de Transporte","Quantidade","Unidade","Distância Média de Transporte (DMT)",null,null,"Custo Horário"]
[{"$nulls":6},"LN","RP","P"]
["Momento de Transporte","SICRO3","M1575","Tinta látex à base de resina acrílica - Caminhão carroceria com capacidade de 15 t - 188 kW",0.00025,"tkm","5914449\n0,000\nR$ 1,14","5914464\n0,000\nR$ 0,91","5914479\n0,000\nR$ 0,71",0]
[{"$nulls":5},"Custo total dos Momentos de Transportes =>",null,null,null,0]
[{"$nulls":4},"MO sem LS =>",9.95,"LS =>",0,"MO com LS =>",9.95206767364865]
[{"$nulls":4},"Valor do BDI =>",2.41,null,"Valor com BDI =>",null,14.66]
[]
[null,"Código","Banco","Descrição","Tipo",null,"Und","Quant.","Valor Unit","Total"]
["Composição"," 5914359 ","SICRO3","Transporte com caminhão basculante de 10 m³ - rodovia em leito natural","",null,"tkm",1,1.23,1.23]
["A","Código","Banco","Equipamentos","Quantidade","Utilização",null,"Custo Operacional",null,"Custo Horário"]
[{"$nulls":5},"Operativa","Improdutiva","Operativa","Improdutiva"]
["Insumo","E9579","SICRO3","Caminhão basculante com capacidade de 10 m³ - 188 kW",1,1,0,287.9617,88.3516,287.9617]
[{"$nulls":5},"Custo Horário de Equipamentos =>",null,null,null,287.9617]
[{"$nulls":5},"Custo Horário de Execução =>",null,null,null,287.9617]
[{"$nulls":5},"Fator de Influencia da Chuva - FIC =>",null,null,null,0.0643]
[{"$nulls":5},"Custo do FIC =>",null,null,null,0.0744]
[{"$nulls":5},"Produção de Equipe =>",null,null,null,249]
[{"$nulls":5},"Custo Unitário de Execução =>",null,null,null,1.1565]
[{"$nulls":4},"MO sem LS =>",0,"LS =>",0,"MO com LS =>",0]
[{"$nulls":4},"Valor do BDI =>",0.24,null,"Valor com BDI =>",null,1.47]
[]
[null,"Código","Banco","Descrição","Tipo",null,"Und","Quant.","Valor Unit","Total"]
["Composição"," 5914359 ","SICRO3","Transporte com caminhão basculante de 10 m³ - rodovia em leito natural","",null,"tkm",1,1.23,1.23]
["A","Código","Banco","Equipamentos","Quantidade","Utilização",null,"Custo Operacional",null,"Custo Horário"]
[{"$nulls":5},"Operativa","Improdutiva","Operativa","Improdutiva"]
["Insumo","E9579","SICRO3","Caminhão basculante com capacidade de 10 m³ - 188 kW",1,1,0,287.9617,88.3516,287.9617]
[{"$nulls":5},"Custo Horário de Equipamentos =>",null,null,null,287.9617]
[{"$nulls":5},"Custo Horário de Execução =>",null,null,null,287.9617]
[{"$nulls":5},"Fator de Influencia da Chuva - FIC =>",null,null,null,0.0643]
[{"$nulls":5},"Custo do FIC =>",null,null,null,0.0744]
[{"$nulls":5},"Produção de Equipe =>",null,null,null,249]
[{"$nulls":5},"Custo Unitário de Execução =>",null,null,null,1.1565]
[{"$nulls":4},"MO sem LS =>",0,"LS =>",0,"MO com LS =>",0]
[{"$nulls":4},"Valor do BDI =>",0.24,null,"Valor com BDI =>",null,1.47]
[]
[null,"Código","Banco","Descrição","Tipo",null,"Und","Quant.","Valor Unit","Total"]
["Composição"," 5914374 ","SICRO3","Transporte com caminhão basculante de 10 m³ - rodovia em revestimento primário","",null,"tkm",1,0.98,0.98]
["A","Código","Banco","Equipamentos","Quantidade","Utilização",null,"Custo Operacional",null,"Custo Horário"]
[{"$nulls":5},"Operativa","Improdutiva","Operativa","Improdutiva"]
["Insumo","E9579","SICRO3","Caminhão basculante com capacidade de 10 m³ - 188 kW",1,1,0,287.9617,88.3516,287.9617]
[{"$nulls":5},"Custo Horário de Equipamentos =>",null,null,null,287.9617]
[{"$nulls":5},"Custo Horário de Execução =>",null,null,null,287.9617]
[{"$nulls":5},"Fator de Influencia da Chuva - FIC =>",null,null,null,0.0643]
[{"$nulls":5},"Custo do FIC =>",null,null,null,0.0595]
[{"$nulls":5},"Produção de Equipe =>",null,null,null,311.25]
[{"$nulls":5},"Custo Unitário de Execução =>",null,null,null,0.9252]
[{"$nulls":4},"MO sem LS =>",0,"LS =>",0,"MO com LS =>",0]
[{"$nulls":4},"Valor do BDI =>",0.19,null,"Valor com BDI =>",null,1.17]
[]
[null,"Código","Banco","Descrição","Tipo",null,"Und","Quant.","Valor Unit","Total"]
["Composição"," 5914389 ","SICRO3","Transporte com caminhão basculante de 10 m³ - rodovia pavimentada","",null,"tkm",1,0.77,0.77]
["A","Código","Banco","Equipamentos","Quantidade","Utilização",null,"Custo Operacional",null,"Custo Horário"]
[{"$nulls":5},"Operativa","Improdutiva","Operativa","Improdutiva"]
["Insumo","E9579","SICRO3","Caminhão basculante com capacidade de 10 m³ - 188 kW",1,1,0,287.9617,88.3516,287.9617]
[{"$nulls":5},"Custo Horário de Equipamentos =>",null,null,null,287.9617]
[{"$nulls":5},"Custo Horário de Execução =>",null,null,null,287.9617]
[{"$nulls":5},"Fator de Influencia da Chuva - FIC =>",null,null,null,0]
[{"$nulls":5},"Custo do FIC =>",null,null,null,0]
[{"$nulls":5},"Produção de Equipe =>",null,null,null,373.5]
[{"$nulls":5},"Custo Unitário de Execução =>",null,null,null,0.771]
[{"$nulls":4},"MO sem LS =>",0,"LS =>",0,"MO com LS =>",0]
[{"$nulls":4},"Valor do BDI =>",0.16,null,"Valor com BDI =>",null,0.93]
[]
[null,"Código","Banco","Descrição","Tipo",null,"Und","Quant.","Valor Unit","Total"]
["Composição"," 5914314 ","SICRO3","Transporte com caminhão basculante de 6 m³ - rodovia em leito natural","",null,"tkm",1,1.32,1.32]
["A","Código","Banco","Equipamentos","Quantidade","Utilização",null,"Custo Operacional",null,"Custo Horário"]
[{"$nulls":5},"Operativa","Improdutiva","Operativa","Improdutiva"]
["Insumo","E9506","SICRO3","Caminhão basculante com capacidade de 6 m³ - 136 kW",1,1,0,185.7572,70.6163,185.7572]
[{"$nulls":5},"Custo Horário de Equipamentos =>",null,null,null,185.7572]
[{"$nulls":5},"Custo Horário de Execução =>",null,null,null,185.7572]
[{"$nulls":5},"Fator de Influencia da Chuva - FIC =>",null,null,null,0.0643]
[{"$nulls":5},"Custo do FIC =>",null,null,null,0.0799]
[{"$nulls":5},"Produção de Equipe =>",null,null,null,149.4]
[{"$nulls":5},"Custo Unitário de Execução =>",null,null,null,1.2434]
[{"$nulls":4},"MO sem LS =>",0,"LS =>",0,"MO com LS =>",0]
[{"$nulls":4},"Valor do BDI =>",0.26,null,"Valor com BDI =>",null,1.58]
[]
[null,"Código","Banco","Descrição","Tipo",null,"Und","Quant.","Valor Unit","Total"]
["Composição"," 5914329 ","SICRO3","Transporte com caminhão basculante de 6 m³ - rodovia em revestimento primário","",null,"tkm",1,1.06,1.06]
["A","Código","Banco","Equipamentos","Quantidade","Utilização",null,"Custo Operacional",null,"Custo Horário"]
[{"$nulls":5},"Operativa","Improdutiva","Operativa","Improdutiva"]
["Insumo","E9506","SICRO3","Caminhão basculante com capacidade de 6 m³ - 136 kW",1,1,0,185.7572,70.6163,185.7572]
[{"$nulls":5},"Custo Horário de Equipamentos =>",null,null,null,185.7572]
[{"$nulls":5},"Custo Horário de Execução =>",null,null,null,185.7572]
[{"$nulls":5},"Fator de Influencia da Chuva - FIC =>",null,null,null,0.0643]
[{"$nulls":5},"Custo do FIC =>",null,null,null,0.0639]
[{"$nulls":5},"Produção de Equipe =>",null,null,null,186.75]
[{"$nulls":5},"Custo Unitário de Execução =>",null,null,null,0.9947]
[{"$nulls":4},"MO sem LS =>",0,"LS =>",0,"MO com LS =>",0]
[{"$nulls":4},"Valor do BDI =>",0.21,null,"Valor com BDI =>",null,1.27]
[]
[null,"Código","Banco","Descrição","Tipo",null,"Und","Quant.","Valor Unit","Total"]
["Composição"," 5914344 ","SICRO3","Transporte com caminhão basculante de 6 m³ - rodovia pavimentada","",null,"tkm",1,0.83,0.83]
["A","Código","Banco","Equipamentos","Quantidade","Utilização",null,"Custo Operacional",null,"Custo Horário"]
[{"$nulls":5},"Operativa","Improdutiva","Operativa","Improdutiva"]
["Insumo","E9506","SICRO3","Caminhão basculante com capacidade de 6 m³ - 136 kW",1,1,0,185.7572,70.6163,185.7572]
[{"$nulls":5},"Custo Horário de Equipamentos =>",null,null,null,185.7572]
[{"$nulls":5},"Custo Horário de Execução =>",null,null,null,185.7572]
[{"$nulls":5},"Fator de Influencia da Chuva - FIC =>",null,null,null,0]
[{"$nulls":5},"Custo do FIC =>",null,null,null,0]
[{"$nulls":5},"Produção de Equipe =>",null,null,null,224.1]
[{"$nulls":5},"Custo Unitário de Execução =>",null,null,null,0.8289]
[{"$nulls":4},"MO sem LS =>",0,"LS =>",0,"MO com LS =>",0]
[{"$nulls":4},"Valor do BDI =>",0.17,null,"Valor com BDI =>",null,1]
[]
[null,"Código","Banco","Descrição","Tipo",null,"Und","Quant.","Valor Unit","Total"]
["Composição"," 5914584 ","SICRO3","Transporte com caminhão carroceria com capacidade de 7 t e com guindauto de 20 t.m - rodovia em leito natural","",null,"tkm",1,2.76,2.76]
["A","Código","Banco","Equipamentos","Quantidade","Utilização",null,"Custo Operacional",null,"Custo Horário"]
[{"$nulls":5},"Operativa","Improdutiva","Operativa","Improdutiva"]
["Insumo","E9686","SICRO3","Caminhão carroceria com guindauto com capacidade de 20 t.m - 136 kW",1,1,0,304.9047,112.6425,304.9047]
[{"$nulls":5},"Custo Horário de Equipamentos =>",null,null,null,304.9047]
[{"$nulls":5},"Custo Horário de Execução =>",null,null,null,304.9047]
[{"$nulls":5},"Fator de Influencia da Chuva - FIC =>",null,null,null,0.0643]
[{"$nulls":5},"Custo do FIC =>",null,null,null,0.1668]
[{"$nulls":5},"Produção de Equipe =>",null,null,null,117.53]
[{"$nulls":5},"Custo Unitário de Execução =>",null,null,null,2.5943]
[{"$nulls":4},"MO sem LS =>",0,"LS =>",0,"MO com LS =>",0]
[{"$nulls":4},"Valor do BDI =>",0.54,null,"Valor com BDI =>",null,3.3]
[]
[null,"Código","Banco","Descrição","Tipo",null,"Und","Quant.","Valor Unit","Total"]
["Composição"," 5914599 ","SICRO3","Transporte com caminhão carroceria com capacidade de 7 t e com guindauto de 20 t.m - rodovia em revestimento primário","",null,"tkm",1,2.21,2.21]
["A","Código","Banco","Equipamentos","Quantidade","Utilização",null,"Custo Operacional",null,"Custo Horário"]
[{"$nulls":5},"Operativa","Improdutiva","Operativa","Improdutiva"]
["Insumo","E9686","SICRO3","Caminhão carroceria com guindauto com capacidade de 20 t.m - 136 kW",1,1,0,304.9047,112.6425,304.9047]
[{"$nulls":5},"Custo Horário de Equipamentos =>",null,null,null,304.9047]
[{"$nulls":5},"Custo Horário de Execução =>",null,null,null,304.9047]
[{"$nulls":5},"Fator de Influencia da Chuva - FIC =>",null,null,null,0.0643]
[{"$nulls":5},"Custo do FIC =>",null,null,null,0.1334]
[{"$nulls":5},"Produção de Equipe =>",null,null,null,146.91]
[{"$nulls":5},"Custo Unitário de Execução =>",null,null,null,2.0755]
[{"$nulls":4},"MO sem LS =>",0,"LS =>",0,"MO com LS =>",0]
[{"$nulls":4},"Valor do BDI =>",0.43,null,"Valor com BDI =>",null,2.64]
[]
[null,"Código","Banco","Descrição","Tipo",null,"Und","Quant.","Valor Unit","Total"]
["Composição"," 5914599 ","SICRO3","Transporte com caminhão carroceria com capacidade de 7 t e com guindauto de 20 t.m - rodovia em revestimento primário","",null,"tkm",1,2.21,2.21]
["A","Código","Banco","Equipamentos","Quantidade","Utilização",null,"Custo Operacional",null,"Custo Horário"]
[{"$nulls":5},"Operativa","Improdutiva","Operativa","Improdutiva"]
["Insumo","E9686","SICRO3","Caminhão carroceria com guindauto com capacidade de 20 t.m - 136 kW",1,1,0,304.9047,112.6425,304.9047]
[{"$nulls":5},"Custo Horário de Equipamentos =>",null,null,null,304.9047]
[{"$nulls":5},"Custo Horário de Execução =>",null,null,null,304.9047]
[{"$nulls":5},"Fator de Influencia da Chuva - FIC =>",null,null,null,0.0643]
[{"$nulls":5},"Custo do FIC =>",null,null,null,0.1334]
[{"$nulls":5},"Produção de Equipe =>",null,null,null,146.91]
[{"$nulls":5},"Custo Unitário de Execução =>",null,null,null,2.0755]
[{"$nulls":4},"MO sem LS =>",0,"LS =>",0,"MO com LS =>",0]
[{"$nulls":4},"Valor do BDI =>",0.43,null,"Valor com BDI =>",null,2.64]
[]
[null,"Código","Banco","Descrição","Tipo",null,"Und","Quant.","Valor Unit","Total"]
["Composição"," 5914614 ","SICRO3","Transporte com caminhão carroceria com capacidade de 7 t e com guindauto de 20 t.m - rodovia pavimentada","",null,"tkm",1,1.73,1.73]
["A","Código","Banco","Equipamentos","Quantidade","Utilização",null,"Custo Operacional",null,"Custo Horário"]
[{"$nulls":5},"Operativa","Improdutiva","Operativa","Improdutiva"]
["Insumo","E9686","SICRO3","Caminhão carroceria com guindauto com capacidade de 20 t.m - 136 kW",1,1,0,304.9047,112.6425,304.9047]
[{"$nulls":5},"Custo Horário de Equipamentos =>",null,null,null,304.9047]
[{"$nulls":5},"Custo Horário de Execução =>",null,null,null,304.9047]
[{"$nulls":5},"Fator de Influencia da Chuva - FIC =>",null,null,null,0]
[{"$nulls":5},"Custo do FIC =>",null,null,null,0]
[{"$nulls":5},"Produção de Equipe =>",null,null,null,176.29]
[{"$nulls":5},"Custo Unitário de Execução =>",null,null,null,1.7296]
[{"$nulls":4},"MO sem LS =>",0,"LS =>",0,"MO com LS =>",0]
[{"$nulls":4},"Valor do BDI =>",0.36,null,"Valor com BDI =>",null,2.09]
[]
[null,"Código","Banco","Descrição","Tipo",null,"Und","Quant.","Valor Unit","Total"]
["Composição"," 5914614 ","SICRO3","Transporte com caminhão carroceria com capacidade de 7 t e com guindauto de 20 t.m - rodovia pavimentada","",null,"tkm",1,1.73,1.73]
["A","Código","Banco","Equipamentos","Quantidade","Utilização",null,"Custo Operacional",null,"Custo Horário"]
[{"$nulls":5},"Operativa","Improdutiva","Operativa","Improdutiva"]
["Insumo","E9686","SICRO3","Caminhão carroceria com guindauto com capacidade de 20 t.m - 136 kW",1,1,0,304.9047,112.6425,304.9047]
[{"$nulls":5},"Custo Horário de Equipamentos =>",null,null,null,304.9047]
[{"$nulls":5},"Custo Horário de Execução =>",null,null,null,304.9047]
[{"$nulls":5},"Fator de Influencia da Chuva - FIC =>",null,null,null,0]
[{"$nulls":5},"Custo do FIC =>",null,null,null,0]
[{"$nulls":5},"Produção de Equipe =>",null,null,null,176.29]
[{"$nulls":5},"Custo Unitário de Execução =>",null,null,null,1.7296]
[{"$nulls":4},"MO sem LS =>",0,"LS =>",0,"MO com LS =>",0]
[{"$nulls":4},"Valor do BDI =>",0.36,null,"Valor com BDI =>",null,2.09]
[]
[null,"Código","Banco","Descrição","Tipo",null,"Und","Quant.","Valor Unit","Total"]
["Composição"," 5914449 ","SICRO3","Transporte com caminhão carroceria de 15 t - rodovia em leito natural","",null,"tkm",1,1.14,1.14]
["A","Código","Banco","Equipamentos","Quantidade","Utilização",null,"Custo Operacional",null,"Custo Horário"]
[{"$nulls":5},"Operativa","Improdutiva","Operativa","Improdutiva"]
["Insumo","E9592","SICRO3","Caminhão carroceria com capacidade de 15 t - 188 kW",1,1,0,266.3866,77.4133,266.3866]
[{"$nulls":5},"Custo Horário de Equipamentos =>",null,null,null,266.3866]
[{"$nulls":5},"Custo Horário de Execução =>",null,null,null,266.3866]
[{"$nulls":5},"Fator de Influencia da Chuva - FIC =>",null,null,null,0.0643]
[{"$nulls":5},"Custo do FIC =>",null,null,null,0.0689]
[{"$nulls":5},"Produção de Equipe =>",null,null,null,248.59]
[{"$nulls":5},"Custo Unitário de Execução =>",null,null,null,1.0716]
[{"$nulls":4},"MO sem LS =>",0,"LS =>",0,"MO com LS =>",0]
[{"$nulls":4},"Valor do BDI =>",0.22,null,"Valor com BDI =>",null,1.36]
[]
[null,"Código","Banco","Descrição","Tipo",null,"Und","Quant.","Valor Unit","Total"]
["Composição"," 5914464 ","SICRO3","Transporte com caminhão carroceria de 15 t - rodovia em revestimento primário","",null,"tkm",1,0.91,0.91]
["A","Código","Banco","Equipamentos","Quantidade","Utilização",null,"Custo Operacional",null,"Custo Horário"]
[{"$nulls":5},"Operativa","Improdutiva","Operativa","Improdutiva"]
["Insumo","E9592","SICRO3","Caminhão carroceria com capacidade de 15 t - 188 kW",1,1,0,266.3866,77.4133,266.3866]
[{"$nulls":5},"Custo Horário de Equipamentos =>",null,null,null,266.3866]
[{"$nulls":5},"Custo Horário de Execução =>",null,null,null,266.3866]
[{"$nulls":5},"Fator de Influencia da Chuva - FIC =>",null,null,null,0.0643]
[{"$nulls":5},"Custo do FIC =>",null,null,null,0.0551]
[{"$nulls":5},"Produção de Equipe =>",null,null,null,310.73]
[{"$nulls":5},"Custo Unitário de Execução =>",null,null,null,0.8573]
[{"$nulls":4},"MO sem LS =>",0,"LS =>",0,"MO com LS =>",0]
[{"$nulls":4},"Valor do BDI =>",0.18,null,"Valor com BDI =>",null,1.09]
[]
[null,"Código","Banco","Descrição","Tipo",null,"Und","Quant.","Valor Unit","Total"]
["Composição"," 5914479 ","SICRO3","Transporte com caminhão carroceria de 15 t - rodovia pavimentada","",null,"tkm",1,0.71,0.71]
["A","Código","Banco","Equipamentos","Quantidade","Utilização",null,"Custo Operacional",null,"Custo Horário"]
[{"$nulls":5},"Operativa","Improdutiva","Operativa","Improdutiva"]
["Insumo","E9592","SICRO3","Caminhão carroceria com capacidade de 15 t - 188 kW",1,1,0,266.3866,77.4133,266.3866]
[{"$nulls":5},"Custo Horário de Equipamentos =>",null,null,null,266.3866]
[{"$nulls":5},"Custo Horário de Execução =>",null,null,null,266.3866]
[{"$nulls":5},"Fator de Influencia da Chuva - FIC =>",null,null,null,0]
[{"$nulls":5},"Custo do FIC =>",null,null,null,0]
[{"$nulls":5},"Produção de Equipe =>",null,null,null,372.88]
[{"$nulls":5},"Custo Unitário de Execução =>",null,null,null,0.7144]
[{"$nulls":4},"MO sem LS =>",0,"LS =>",0,"MO com LS =>",0]
[{"$nulls":4},"Valor do BDI =>",0.15,null,"Valor com BDI =>",null,0.86]
[]
[null,"Código","Banco","Descrição","Tipo",null,"Und","Quant.","Valor Unit","Total"]
["Composição"," 5914364 ","SICRO3","Transporte de cimento ou cal hidratada a granel com caminhão silo de 30 m³ - rodovia em leito natural","",null,"tkm",1,0.93,0.93]
["A","Código","Banco","Equipamentos","Quantidade","Utilização",null,"Custo Operacional",null,"Custo Horário"]
[{"$nulls":5},"Operativa","Improdutiva","Operativa","Improdutiva"]
["Insumo","E9146","SICRO3","Caminhão silo com capacidade de 30 m³ - 265 kW",1,1,0,455.2289,110.3061,455.2289]
[{"$nulls":5},"Custo Horário de Equipamentos =>",null,null,null,455.2289]
[{"$nulls":5},"Custo Horário de Execução =>",null,null,null,455.2289]
[{"$nulls":5},"Fator de Influencia da Chuva - FIC =>",null,null,null,0.0643]
[{"$nulls":5},"Custo do FIC =>",null,null,null,0.056]
[{"$nulls":5},"Produção de Equipe =>",null,null,null,522.9]
[{"$nulls":5},"Custo Unitário de Execução =>",null,null,null,0.8706]
[{"$nulls":4},"MO sem LS =>",0,"LS =>",0,"MO com LS =>",0]
[{"$nulls":4},"Valor do BDI =>",0.18,null,"Valor com BDI =>",null,1.11]
[]
[null,"Código","Banco","Descrição","Tipo",null,"Und","Quant.","Valor Unit","Total"]
["Composição"," 5914365 ","SICRO3","Transporte de cimento ou cal hidratada a granel com caminhão silo de 30 m³ - rodovia em revestimento primário","",null,"tkm",1,0.74,0.74]
["A","Código","Banco","Equipamentos","Quantidade","Utilização",null,"Custo Operacional",null,"Custo Horário"]
[{"$nulls":5},"Operativa","Improdutiva","Operativa","Improdutiva"]
["Insumo","E9146","SICRO3","Caminhão silo com capacidade de 30 m³ - 265 kW",1,1,0,455.2289,110.3061,455.2289]
[{"$nulls":5},"Custo Horário de Equipamentos =>",null,null,null,455.2289]
[{"$nulls":5},"Custo Horário de Execução =>",null,null,null,455.2289]
[{"$nulls":5},"Fator de Influencia da Chuva - FIC =>",null,null,null,0.0643]
[{"$nulls":5},"Custo do FIC =>",null,null,null,0.0448]
[{"$nulls":5},"Produção de Equipe =>",null,null,null,653.63]
[{"$nulls":5},"Custo Unitário de Execução =>",null,null,null,0.6965]
[{"$nulls":4},"MO sem LS =>",0,"LS =>",0,"MO com LS =>",0]
[{"$nulls":4},"Valor do BDI =>",0.15,null,"Valor com BDI =>",null,0.89]
[]
[null,"Código","Banco","Descrição","Tipo",null,"Und","Quant.","Valor Unit","Total"]
["Composição"," 5914366 ","SICRO3","Transporte de cimento ou cal hidratada a granel com caminhão silo de 30 m³ - rodovia pavimentada","",null,"tkm",1,0.58,0.58]
["A","Código","Banco","Equipamentos","Quantidade","Utilização",null,"Custo Operacional",null,"Custo Horário"]
[{"$nulls":5},"Operativa","Improdutiva","Operativa","Improdutiva"]
["Insumo","E9146","SICRO3","Caminhão silo com capacidade de 30 m³ - 265 kW",1,1,0,455.2289,110.3061,455.2289]
[{"$nulls":5},"Custo Horário de Equipamentos =>",null,null,null,455.2289]
[{"$nulls":5},"Custo Horário de Execução =>",null,null,null,455.2289]
[{"$nulls":5},"Fator de Influencia da Chuva - FIC =>",null,null,null,0]
[{"$nulls":5},"Custo do FIC =>",null,null,null,0]
[{"$nulls":5},"Produção de Equipe =>",null,null,null,784.35]
[{"$nulls":5},"Custo Unitário de Execução =>",null,null,null,0.5804]
[{"$nulls":4},"MO sem LS =>",0,"LS =>",0,"MO com LS =>",0]
[{"$nulls":4},"Valor do BDI =>",0.12,null,"Valor com BDI =>",null,0.7]
[]
[null,"Código","Banco","Descrição","Tipo",null,"Und","Quant.","Valor Unit","Total"]
["Composição"," 5914618 ","SICRO3","Transporte de água com caminhão tanque de 13.000 l - rodovia em revestimento primário","",null,"tkm",1,1.29,1.29]
["A","Código","Banco","Equipamentos","Quantidade","Utilização",null,"Custo Operacional",null,"Custo Horário"]
[{"$nulls":5},"Operativa","Improdutiva","Operativa","Improdutiva"]
["Insumo","E9680","SICRO3","Caminhão tanque com capacidade de 13.000 l - 188 kW",1,1,0,327.9554,83.8928,327.9554]
[{"$nulls":5},"Custo Horário de Equipamentos =>",null,null,null,327.9554]
[{"$nulls":5},"Custo Horário de Execução =>",null,null,null,327.9554]
[{"$nulls":5},"Fator de Influencia da Chuva - FIC =>",null,null,null,0.0643]
[{"$nulls":5},"Custo do FIC =>",null,null,null,0.0782]
[{"$nulls":5},"Produção de Equipe =>",null,null,null,269.75]
[{"$nulls":5},"Custo Unitário de Execução =>",null,null,null,1.2158]
[{"$nulls":4},"MO sem LS =>",0,"LS =>",0,"MO com LS =>",0]
[{"$nulls":4},"Valor do BDI =>",0.25,null,"Valor com BDI =>",null,1.54]
[]
[null,"Código","Banco","Descrição","Tipo",null,"Und","Quant.","Valor Unit","Total"]
["Composição"," 6416078 ","SICRO3","Usinagem de concreto asfáltico - faixa C - areia e brita comerciais","",null,"t",1,209.66,209.66]
["A","Código","Banco","Equipamentos","Quantidade","Utilização",null,"Custo Operacional",null,"Custo Horário"]
[{"$nulls":5},"Operativa","Improdutiva","Operativa","Improdutiva"]
["Insumo","E9559","SICRO3","Aquecedor de fluido térmico - 12 kW",1,1,0,70.8534,40.593,70.8534]
["Insumo","E9584","SICRO3","Carregadeira de pneus com capacidade de 1,72 m³ - 113 kW",1,0.8,0.2,191.3272,92.4548,171.5527]
["Insumo","E9021","SICRO3","Grupo gerador - 456 kVA",1,1,0,406.2013,24.3148,406.2013]
["Insumo","E9558","SICRO3","Tanque de estocagem de asfalto com capacidade de 30.000 l",2,1,0,57.8953,39.5467,115.7906]
["Insumo","E9689","SICRO3","Usina de asfalto a quente gravimétrica com capacidade de 100/140 t/h - 260 kW",1,1,0,1178.6155,621.8798,1178.6155]
[{"$nulls":5},"Custo Horário de Equipamentos =>",null,null,null,1943.0135]
["B","Código","Banco","Mão de Obra","Quantidade","Salário Hora",null,null,null,"Custo Horário"]
["Insumo","P9824","SICRO3","Servente",4,null,null,null,18.5436,74.1744]
[{"$nulls":5},"Custo Horário da Mão de Obra =>",null,null,null,74.1744]
[{"$nulls":5},"Adc.M.O. - Ferramentas (0,0%) =>",null,null,null,0]
[{"$nulls":5},"Custo Horário de Execução =>",null,null,null,2017.1879]
[{"$nulls":5},"Fator de Influencia da Chuva - FIC =>",null,null,null,0]
[{"$nulls":5},"Custo do FIC =>",null,null,null,0]
[{"$nulls":5},"Produção de Equipe =>",null,null,null,99.6]
[{"$nulls":5},"Custo Unitário de Execução =>",null,null,null,20.2529]
["C","Banco","Código","Material","Quantidade","Unidade","Preço Unitário",null,null,"Custo Horário"]
["Insumo","SICRO3","M0028","Areia média",0.32475,"m³",153.4422,null,null,49.8304]
["Insumo","SICRO3","M0005","Brita 0",0.06245,"m³",204.7649,null,null,12.7876]
["Insumo","SICRO3","M0191","Brita 1",0.06245,"m³",197.5941,null,null,12.3398]
["Insumo","SICRO3","M0344","Cal hidratada - a granel",56.2,"kg",0.6753,null,null,37.9519]
["Insumo","SICRO3","M1943","Cimento asfáltico de petróleo - CAP 50/70",0.06323,"t",3.7236,null,null,0.2354]
["Insumo","SICRO3","M1941","Óleo tipo A1",8,"l",5.7809,null,null,46.2472]
["Insumo","SICRO3","M1103","Pedrisco",0.13739,"m³",200.3632,null,null,27.5279]
[{"$nulls":5},"Custo Total do Material =>",null,null,null,186.9202]
["E","Banco","Insumo","Tempos Fixos","Código","Quantidade","Unidade","Preço Unitário",null,"Custo Horário"]
["Tempo Fixo","SICRO3","M0028","Carga, manobra e descarga de agregados ou solos em caminhão basculante de 10 m³ - carga com carregadeira de 3,40 m³(exclusa) e descarga livre",5914647,0.48713,"t",1.71,null,0.833]
["Tempo Fixo","SICRO3","M0005","Carga, manobra e descarga de agregados ou solos em caminhão basculante de 10 m³ - carga com carregadeira de 3,40 m³(exclusa) e descarga livre",5914647,0.09368,"t",1.71,null,0.1602]
["Tempo Fixo","SICRO3","M0191","Carga, manobra e descarga de agregados ou solos em caminhão basculante de 10 m³ - carga com carregadeira de 3,40 m³(exclusa) e descarga livre",5914647,0.09368,"t",1.71,null,0.1602]
["Tempo Fixo","SICRO3","M0344","Carga, manobra e descarga de cimento ou cal hidratada a granel em caminhão silo de 30 m³",5914363,0.0562,"t",17.41,null,0.9784]
["Tempo Fixo","SICRO3","M1103","Carga, manobra e descarga de agregados ou solos em caminhão basculante de 10 m³ - carga com carregadeira de 3,40 m³(exclusa) e descarga livre",5914647,0.20609,"t",1.71,null,0.3524]
[{"$nulls":5},"Custo Total dos Tempos Fixos =>",null,null,null,2.4842]
["F","Banco","Insumo","Momento de Transporte","Quantidade","Unidade","Distância Média de Transporte (DMT)",null,null,"Custo Horário"]
[{"$nulls":6},"LN","RP","P"]
["Momento de Transporte","SICRO3","M0028","Areia média - Caminhão basculante com capacidade de 10 m³ - 188 kW",0.48713,"tkm","5914359\n0,000\nR$ 1,23","5914374\n0,000\nR$ 0,98","5914389\n0,000\nR$ 0,77",0]
["Momento de Transporte","SICRO3","M0005","Brita 0 - Caminhão basculante com capacidade de 10 m³ - 188 kW",0.09368,"tkm","5914359\n0,000\nR$ 1,23","5914374\n0,000\nR$ 0,98","5914389\n0,000\nR$ 0,77",0]
["Momento de Transporte","SICRO3","M0191","Brita 1 - Caminhão basculante com capacidade de 10 m³ - 188 kW",0.09368,"tkm","5914359\n0,000\nR$ 1,23","5914374\n0,000\nR$ 0,98","5914389\n0,000\nR$ 0,77",0]
["Momento de Transporte","SICRO3","M0344","Cal hidratada - a granel - Caminhão silo com capacidade de 30 m³ - 265 kW",0.0562,"tkm","5914364\n0,000\nR$ 0,93","5914365\n0,000\nR$ 0,74","5914366\n0,000\nR$ 0,58",0]
["Momento de Transporte","SICRO3","M1103","Pedrisco - Caminhão basculante com capacidade de 10 m³ - 188 kW",0.20609,"tkm","5914359\n0,000\nR$ 1,23","5914374\n0,000\nR$ 0,98","5914389\n0,000\nR$ 0,77",0]
[{"$nulls":5},"Custo total dos Momentos de Transportes =>",null,null,null,0]
[{"$nulls":4},"MO sem LS =>",0.74,"LS =>",0,"MO com LS =>",0.744722891566265]
[{"$nulls":4},"Valor do BDI =>",31.55,null,"Valor com BDI =>",null,241.21]
[]
[null,"Código","Banco","Descrição","Tipo",null,"Und","Quant.","Valor Unit","Total"]
["Composição"," 6416153 ","SICRO3","Usinagem de solo areia (70% - 30%) - material de jazida e areia extraída","",null,"m³",1,16.66,16.66]
["A","Código","Banco","Equipamentos","Quantidade","Utilização",null,"Custo Operacional",null,"Custo Horário"]
[{"$nulls":5},"Operativa","Improdutiva","Operativa","Improdutiva"]
["Insumo","E9511","SICRO3","Carregadeira de pneus com capacidade de 3,40 m³ - 195 kW",1,0.98,0.02,427.0724,204.5992,422.6229]
["Insumo","E9779","SICRO3","Grupo gerador - 113 kVA",1,1,0,104.2564,8.6766,104.2564]
["Insumo","E9615","SICRO3","Usina misturadora de solos com capacidade de 300 t/h - 44 kW",1,1,0,210.4219,137.4256,210.4219]
[{"$nulls":5},"Custo Horário de Equipamentos =>",null,null,null,737.3012]
["B","Código","Banco","Mão de Obra","Quantidade","Salário Hora",null,null,null,"Custo Horário"]
["Insumo","P9824","SICRO3","Servente",3,null,null,null,18.5436,55.6308]
[{"$nulls":5},"Custo Horário da Mão de Obra =>",null,null,null,55.6308]
[{"$nulls":5},"Adc.M.O. - Ferramentas (0,0%) =>",null,null,null,0]
[{"$nulls":5},"Custo Horário de Execução =>",null,null,null,792.932]
[{"$nulls":5},"Fator de Influencia da Chuva - FIC =>",null,null,null,0]
[{"$nulls":5},"Custo do FIC =>",null,null,null,0]
[{"$nulls":5},"Produção de Equipe =>",null,null,null,120.7]
[{"$nulls":5},"Custo Unitário de Execução =>",null,null,null,6.5694]
["D","Banco","Código","Atividades Auxiliares","Quantidade","Unidade","Preço Unitário",null,null,"Custo Horário"]
["Atividade Auxiliar","SICRO3",4816020,"Areia extraída com draga de sucção tipo bomba",0.4126,"m³",11.41,null,null,4.7078]
["Atividade Auxiliar","SICRO3",4016096,"Escavação e carga de material de jazida com escavadeira hidráulica de 1,56 m³",0.77019,"m³",1.53,null,null,1.1784]
[{"$nulls":5},"Custo Total das Atividades =>",null,null,null,5.8862]
["E","Banco","Insumo","Tempos Fixos","Código","Quantidade","Unidade","Preço Unitário",null,"Custo Horário"]
["Tempo Fixo","SICRO3",4816020,"Carga, manobra e descarga de agregados ou solos em caminhão basculante de 10 m³ - carga com carregadeira de 3,40 m³ edescarga livre",5915407,0.6189,"t",2.64,null,1.6339]
["Tempo Fixo","SICRO3",4016096,"Carga, manobra e descarga de agregados ou solos em caminhão basculante de 10 m³ - carga com escavadeira de 1,56 m³(exclusa) e descarga livre",5914354,1.44411,"t",1.78,null,2.5705]
[{"$nulls":5},"Custo Total dos Tempos Fixos =>",null,null,null,4.2044]
["F","Banco","Insumo","Momento de Transporte","Quantidade","Unidade","Distância Média de Transporte (DMT)",null,null,"Custo Horário"]
[{"$nulls":6},"LN","RP","P"]
["Momento de Transporte","SICRO3",4816020,"Areia extraída com draga de sucção tipo bomba - Caminhão basculante com capacidade de 10 m³ - 188 kW",0.6189,"tkm","5914359\n0,000\nR$ 1,23","5914374\n0,000\nR$ 0,98","5914389\n0,000\nR$ 0,77",0]
["Momento de Transporte","SICRO3",4016096,"Escavação e carga de material de jazida com escavadeira hidráulica de 1,56 m³ - Caminhão basculante com capacidade de 10 m³ - 188 kW",1.44411,"tkm","5914359\n0,000\nR$ 1,23","5914374\n0,000\nR$ 0,98","5914389\n0,000\nR$ 0,77",0]
[{"$nulls":5},"Custo total dos Momentos de Transportes =>",null,null,null,0]
[{"$nulls":4},"MO sem LS =>",1.54,"LS =>",0,"MO com LS =>",1.54309146849293]
[{"$nulls":4},"Valor do BDI =>",3.74,null,"Valor com BDI =>",null,20.4]
[]
[null,"Código","Banco","Descrição","Tipo",null,"Und","Quant.","Valor Unit","Total"]
["Composição"," 86888 ","SINAPI","VASO SANITÁRIO SIFONADO COM CAIXA ACOPLADA LOUÇA BRANCA - FORNECIMENTO E INSTALAÇÃO. AF_01/2020","INHI - INSTALAÇÕES HIDROS SANITÁRIAS",null,"UN",1,461.06,461.06]
["Composição Auxiliar"," 88267 ","SINAPI","ENCANADOR OU BOMBEIRO HIDRÁULICO COM ENCARGOS COMPLEMENTARES","SEDI - SERVIÇOS DIVERSOS",null,"H",0.7791,19.94,15.54]
["Composição Auxiliar"," 88316 ","SINAPI","SERVENTE COM ENCARGOS COMPLEMENTARES","SEDI - SERVIÇOS DIVERSOS",null,"H",0.4384,15.36,6.73]
["Insumo"," 00004384 ","SINAPI","PARAFUSO NIQUELADO COM ACABAMENTO CROMADO PARA FIXAR PECA SANITARIA, INCLUI PORCA CEGA, ARRUELA E BUCHA DE NYLON TAMANHO S-10","Material",null,"UN",2,21.71,43.42]
["Insumo"," 00006138 ","SINAPI","ANEL DE VEDACAO, PVC FLEXIVEL, 100 MM, PARA SAIDA DE BACIA / VASO SANITARIO","Material",null,"UN",1,12.34,12.34]
["Insumo"," 00010422 ","SINAPI","BACIA SANITARIA (VASO) COM CAIXA ACOPLADA, SIFAO APARENTE, DE LOUCA BRANCA (SEM ASSENTO)","Material",null,"UN",1,371.37,371.37]
["Insumo"," 00037329 ","SINAPI","REJUNTE EPOXI, QUALQUER COR","Material",null,"KG",0.0881,132.33,11.66]
[{"$nulls":4},"MO sem LS =>",18.35,"LS =>",0,"MO com LS =>",18.35]
[{"$nulls":4},"Valor do BDI =>",66.74,null,"Valor com BDI =>",null,527.8]
[]
[null,"Código","Banco","Descrição","Tipo",null,"Und","Quant.","Valor Unit","Total"]
["Composição"," 86931 ","SINAPI","VASO SANITÁRIO SIFONADO COM CAIXA ACOPLADA LOUÇA BRANCA, INCLUSO ENGATE FLEXÍVEL EM PLÁSTICO BRANCO, 1/2  X 40CM - FORNECIMENTO E INSTALAÇÃO. AF_01/2020","INHI - INSTALAÇÕES HIDROS SANITÁRIAS",null,"UN",1,472.47,472.47]
["Composição Auxiliar"," 86885 ","SINAPI","ENGATE FLEXÍVEL EM PLÁSTICO BRANCO, 1/2\u0094 X 40CM - FORNECIMENTO E INSTALAÇÃO. AF_01/2020","INHI - INSTALAÇÕES HIDROS SANITÁRIAS",null,"UN",1,11.41,11.41]
["Composição Auxiliar"," 86888 ","SINAPI","VASO SANITÁRIO SIFONADO COM CAIXA ACOPLADA LOUÇA BRANCA - FORNECIMENTO E INSTALAÇÃO. AF_01/2020","INHI - INSTALAÇÕES HIDROS SANITÁRIAS",null,"UN",1,461.06,461.06]
[{"$nulls":4},"MO sem LS =>",21.5,"LS =>",0,"MO com LS =>",21.5]
[{"$nulls":4},"Valor do BDI =>",68.61,null,"Valor com BDI =>",null,541.08]
[]
[null,"Código","Banco","Descrição","Tipo",null,"Und","Quant.","Valor Unit","Total"]
["Composição"," 90587 ","SINAPI","VIBRADOR DE IMERSÃO, DIÂMETRO DE PONTEIRA 45MM, MOTOR ELÉTRICO TRIFÁSICO POTÊNCIA DE 2 CV - CHI DIURNO. AF_06/2015","CHOR - CUSTOS HORÁRIOS DE MÁQUINAS E EQUIPAMENTOS",null,"CHI",1,0.5,0.5]
["Composição Auxiliar"," 90582 ","SINAPI","VIBRADOR DE IMERSÃO, DIÂMETRO DE PONTEIRA 45MM, MOTOR ELÉTRICO TRIFÁSICO POTÊNCIA DE 2 CV - DEPRECIAÇÃO. AF_06/2015","CHOR - CUSTOS HORÁRIOS DE MÁQUINAS E EQUIPAMENTOS",null,"H",1,0.41,0.41]
["Composição Auxiliar"," 90583 ","SINAPI","VIBRADOR DE IMERSÃO, DIÂMETRO DE PONTEIRA 45MM, MOTOR ELÉTRICO TRIFÁSICO POTÊNCIA DE 2 CV - JUROS. AF_06/2015","CHOR - CUSTOS HORÁRIOS DE MÁQUINAS E EQUIPAMENTOS",null,"H",1,0.09,0.09]
[{"$nulls":4},"MO sem LS =>",0,"LS =>",0,"MO com LS =>",0]
[{"$nulls":4},"Valor do BDI =>",0.11,null,"Valor com BDI =>",null,0.61]
[]
[null,"Código","Banco","Descrição","Tipo",null,"Und","Quant.","Valor Unit","Total"]
["Composição"," 90586 ","SINAPI","VIBRADOR DE IMERSÃO, DIÂMETRO DE PONTEIRA 45MM, MOTOR ELÉTRICO TRIFÁSICO POTÊNCIA DE 2 CV - CHP DIURNO. AF_06/2015","CHOR - CUSTOS HORÁRIOS DE MÁQUINAS E EQUIPAMENTOS",null,"CHP",1,1.29,1.29]
["Composição Auxiliar"," 90582 ","SINAPI","VIBRADOR DE IMERSÃO, DIÂMETRO DE PONTEIRA 45MM, MOTOR ELÉTRICO TRIFÁSICO POTÊNCIA DE 2 CV - DEPRECIAÇÃO. AF_06/2015","CHOR - CUSTOS HORÁRIOS DE MÁQUINAS E EQUIPAMENTOS",null,"H",1,0.41,0.41]
["Composição Auxiliar"," 90583 ","SINAPI","VIBRADOR DE IMERSÃO, DIÂMETRO DE PONTEIRA 45MM, MOTOR ELÉTRICO TRIFÁSICO POTÊNCIA DE 2 CV - JUROS. AF_06/2015","CHOR - CUSTOS HORÁRIOS DE MÁQUINAS E EQUIPAMENTOS",null,"H",1,0.09,0.09]
["Composição Auxiliar"," 90584 ","SINAPI","VIBRADOR DE IMERSÃO, DIÂMETRO DE PONTEIRA 45MM, MOTOR ELÉTRICO TRIFÁSICO POTÊNCIA DE 2 CV - MANUTENÇÃO. AF_06/2015","CHOR - CUSTOS HORÁRIOS DE MÁQUINAS E EQUIPAMENTOS",null,"H",1,0.32,0.32]
["Composição Auxiliar"," 90585 ","SINAPI","VIBRADOR DE IMERSÃO, DIÂMETRO DE PONTEIRA 45MM, MOTOR ELÉTRICO TRIFÁSICO POTÊNCIA DE 2 CV - MATERIAIS NA OPERAÇÃO. AF_06/2015","CHOR - CUSTOS HORÁRIOS DE MÁQUINAS E EQUIPAMENTOS",null,"H",1,0.47,0.47]
[{"$nulls":4},"MO sem LS =>",0,"LS =>",0,"MO com LS =>",0]
[{"$nulls":4},"Valor do BDI =>",0.25,null,"Valor com BDI =>",null,1.54]
[]
[null,"Código","Banco","Descrição","Tipo",null,"Und","Quant.","Valor Unit","Total"]
["Composição"," 90582 ","SINAPI","VIBRADOR DE IMERSÃO, DIÂMETRO DE PONTEIRA 45MM, MOTOR ELÉTRICO TRIFÁSICO POTÊNCIA DE 2 CV - DEPRECIAÇÃO. AF_06/2015","CHOR - CUSTOS HORÁRIOS DE MÁQUINAS E EQUIPAMENTOS",null,"H",1,0.41,0.41]
["Insumo"," 00013896 ","SINAPI","VIBRADOR DE IMERSAO, DIAMETRO DA PONTEIRA DE *45* MM, COM MOTOR ELETRICO TRIFASICO DE 2 HP (2 CV)","Equipamento",null,"UN",0.000128,3202.6,0.41]
[{"$nulls":4},"MO sem LS =>",0,"LS =>",0,"MO com LS =>",0]
[{"$nulls":4},"Valor do BDI =>",0.09,null,"Valor com BDI =>",null,0.5]
[]
[null,"Código","Banco","Descrição","Tipo",null,"Und","Quant.","Valor Unit","Total"]
["Composição"," 90583 ","SINAPI","VIBRADOR DE IMERSÃO, DIÂMETRO DE PONTEIRA 45MM, MOTOR ELÉTRICO TRIFÁSICO POTÊNCIA DE 2 CV - JUROS. AF_06/2015","CHOR - CUSTOS HORÁRIOS DE MÁQUINAS E EQUIPAMENTOS",null,"H",1,0.09,0.09]
["Insumo"," 00013896 ","SINAPI","VIBRADOR DE IMERSAO, DIAMETRO DA PONTEIRA DE *45* MM, COM MOTOR ELETRICO TRIFASICO DE 2 HP (2 CV)","Equipamento",null,"UN",2.96e-5,3202.6,0.09]
[{"$nulls":4},"MO sem LS =>",0,"LS =>",0,"MO com LS =>",0]
[{"$nulls":4},"Valor do BDI =>",0.02,null,"Valor com BDI =>",null,0.11]
[]
[null,"Código","Banco","Descrição","Tipo",null,"Und","Quant.","Valor Unit","Total"]
["Composição"," 90584 ","SINAPI","VIBRADOR DE IMERSÃO, DIÂMETRO DE PONTEIRA 45MM, MOTOR ELÉTRICO TRIFÁSICO POTÊNCIA DE 2 CV - MANUTENÇÃO. AF_06/2015","CHOR - CUSTOS HORÁRIOS DE MÁQUINAS E EQUIPAMENTOS",null,"H",1,0.32,0.32]
["Insumo"," 00013896 ","SINAPI","VIBRADOR DE IMERSAO, DIAMETRO DA PONTEIRA DE *45* MM, COM MOTOR ELETRICO TRIFASICO DE 2 HP (2 CV)","Equipamento",null,"UN",0.0001,3202.6,0.32]
[{"$nulls":4},"MO sem LS =>",0,"LS =>",0,"MO com LS =>",0]
[{"$nulls":4},"Valor do BDI =>",0.07,null,"Valor com BDI =>",null,0.39]
[]
[null,"Código","Banco","Descrição","Tipo",null,"Und","Quant.","Valor Unit","Total"]
["Composição"," 90585 ","SINAPI","VIBRADOR DE IMERSÃO, DIÂMETRO DE PONTEIRA 45MM, MOTOR ELÉTRICO TRIFÁSICO POTÊNCIA DE 2 CV - MATERIAIS NA OPERAÇÃO. AF_06/2015","CHOR - CUSTOS HORÁRIOS DE MÁQUINAS E EQUIPAMENTOS",null,"H",1,0.47,0.47]
["Insumo"," 00002705 ","SINAPI","ENERGIA ELETRICA ATE 2000 KWH INDUSTRIAL, SEM DEMANDA","Material",null,"KWH",0.52,0.91,0.47]
[{"$nulls":4},"MO sem LS =>",0,"LS =>",0,"MO com LS =>",0]
[{"$nulls":4},"Valor do BDI =>",0.07,null,"Valor com BDI =>",null,0.54]
[]
[null,"Código","Banco","Descrição","Tipo",null,"Und","Quant.","Valor Unit","Total"]
["Composição"," 86879 ","SINAPI","VÁLVULA EM PLÁSTICO 1\u0094 PARA PIA, TANQUE OU LAVATÓRIO, COM OU SEM LADRÃO - FORNECIMENTO E INSTALAÇÃO. AF_01/2020","INHI - INSTALAÇÕES HIDROS SANITÁRIAS",null,"UN",1,9,9]
["Composição Auxiliar"," 88267 ","SINAPI","ENCANADOR OU BOMBEIRO HIDRÁULICO COM ENCARGOS COMPLEMENTARES","SEDI - SERVIÇOS DIVERSOS",null,"H",0.1232,19.94,2.46]
["Composição Auxiliar"," 88316 ","SINAPI","SERVENTE COM ENCARGOS COMPLEMENTARES","SEDI - SERVIÇOS DIVERSOS",null,"H",0.0388,15.36,0.6]
["Insumo"," 00003146 ","SINAPI","FITA VEDA ROSCA EM ROLOS DE 18 MM X 10 M (L X C)","Material",null,"UN",0.0332,3.6,0.12]
["Insumo"," 00006153 ","SINAPI","VALVULA EM PLASTICO BRANCO PARA TANQUE OU LAVATORIO 1 \", SEM UNHO E SEM LADRAO","Material",null,"UN",1,5.82,5.82]
[{"$nulls":4},"MO sem LS =>",2.54,"LS =>",0,"MO com LS =>",2.54]
[{"$nulls":4},"Valor do BDI =>",1.47,null,"Valor com BDI =>",null,10.47]
[]
[null,"Código","Banco","Descrição","Tipo",null,"Und","Quant.","Valor Unit","Total"]
["Composição"," 86880 ","SINAPI","VÁLVULA EM PLÁSTICO CROMADO TIPO AMERICANA 3.1/2\u0094 X 1.1/2\u0094 SEM ADAPTADOR PARA PIA - FORNECIMENTO E INSTALAÇÃO. AF_01/2020","INHI - INSTALAÇÕES HIDROS SANITÁRIAS",null,"UN",1,27.04,27.04]
["Composição Auxiliar"," 88267 ","SINAPI","ENCANADOR OU BOMBEIRO HIDRÁULICO COM ENCARGOS COMPLEMENTARES","SEDI - SERVIÇOS DIVERSOS",null,"H",0.1232,19.94,2.46]
["Composição Auxiliar"," 88316 ","SINAPI","SERVENTE COM ENCARGOS COMPLEMENTARES","SEDI - SERVIÇOS DIVERSOS",null,"H",0.0388,15.36,0.6]
["Insumo"," 00003146 ","SINAPI","FITA VEDA ROSCA EM ROLOS DE 18 MM X 10 M (L X C)","Material",null,"UN",0.048,3.6,0.17]
["Insumo"," 00006155 ","SINAPI","VALVULA EM PLASTICO CROMADO TIPO AMERICANA PARA PIA DE COZINHA 3.1/2 \" X 1.1/2 \", SEM ADAPTADOR","Material",null,"UN",1,23.81,23.81]

{"sheet":"Cronograma","index":3,"n_rows":29,"n_cols":14,"rows_kept":29,"cut":false,"hidden":false,"merged":[[4,1,5,1],[6,1,7,1],[8,1,9,1],[10,1,11,1],[12,1,13,1],[14,1,15,1],[16,1,17,1],[18,1,19,1],[20,1,21,1],[22,1,23,1],[4,2,5,2],[6,2,7,2],[8,2,9,2],[10,2,11,2],[12,2,13,2],[14,2,15,2],[16,2,17,2],[18,2,19,2],[20,2,21,2],[22,2,23,2],[0,1,1,2],[25,1,26,2],[27,1,28,2]]}
[null,"CRONOGRAMA FÍSICO-FINANCEIRO"]
[]
[]
[null,null,null,"Mês 1","Mês 2","Mês 3","Mês 4","Mês 5","Mês 6","Mês 7","Mês 8","Mês 9","Mês 10"]
[null,"SERVIÇOS PRELIMINARES",{"$f":"'Resumo do Orçamento'!I7","v":752968.78763613},{"$f":"D6*$C$5","v":376484.393818065},376484.393818065,0,0,0,0,0,0,0,0,752968.78763613]
[null,null,null,0.5,0.5,0,0,0,0,0,0,0,0,{"$f":"SUM(D6:M6)","v":1}]
[null,"ADMINISTRAÇÃO LOCAL",{"$f":"'Resumo do Orçamento'!I8","v":896462.67603},{"$f":"D8*$C$7","v":98610.8943633},{"$f":"E8*$C$7","v":89646.267603},89646.267603,125504.7746442,134469.4014045,98610.8943633,89646.267603,89646.267603,44823.1338015,35858.5070412,896462.67603]
[null,null,null,0.11,0.1,0.1,0.14,0.15,0.11,0.1,0.1,0.05,0.04,{"$f":"SUM(D8:M8)","v":1}]
[null,"MOBILIZAÇÃO E DESMOBIOLIZAÇÃO",{"$f":"'Resumo do Orçamento'!I9","v":470887.053516},{"$f":"D10*$C$9","v":235443.526758},{"$f":"E10*$C$9","v":0},0,0,0,0,0,0,0,235443.526758,470887.053516]
[null,null,null,0.5,0,0,0,0,0,0,0,0,0.5,{"$f":"SUM(D10:M10)","v":1}]
[null,"TERRAPLANAGEM",{"$f":"'Resumo do Orçamento'!I10","v":2205834.40019796},{"$f":"D12*$C$11","v":110291.720009898},{"$f":"E12*$C$11","v":176466.752015837},772042.040069286,882333.760079184,264700.128023755,0,0,0,0,0,2205834.40019796]
[null,null,null,0.05,0.08,0.35,0.4,0.12,0,0,0,0,0,{"$f":"SUM(D12:M12)","v":1}]
[null,"PAVIMENTAÇÃO",{"$f":"'Resumo do Orçamento'!I11","v":6500844.82118376},{"$f":"D14*$C$13","v":0},{"$f":"E14*$C$13","v":0},520067.585694701,780101.378542051,1300168.96423675,1300168.96423675,1300168.96423675,1300168.96423675,0,0,6500844.82118376]
[null,null,null,0,0,0.08,0.12,0.2,0.2,0.2,0.2,0,0,{"$f":"SUM(D14:M14)","v":1}]
[null,"RECAPEAMENTO - BR-156",{"$f":"'Resumo do Orçamento'!I12","v":396682.705671278},{"$f":"D16*$C$15","v":0},{"$f":"E16*$C$15","v":0},0,0,0,0,0,0,238009.623402767,158673.082268511,396682.705671278]
[null,null,null,0,0,0,0,0,0,0,0,0.6,0.4,{"$f":"SUM(D16:M16)","v":1}]
[null,"DRENAGEM SUPERFICIAL",{"$f":"'Resumo do Orçamento'!I13","v":492247.17735969},{"$f":"D18*$C$17","v":0},{"$f":"E18*$C$17","v":0},0,0,0,196898.870943876,98449.435471938,98449.435471938,49224.717735969,49224.717735969,492247.17735969]
[null,null,null,0,0,0,0,0,0.4,0.2,0.2,0.1,0.1,{"$f":"SUM(D18:M18)","v":1}]
[null,"PASSEIO PÚBLICO",{"$f":"'Resumo do Orçamento'!I14","v":160029.97184016},{"$f":"D20*$C$19","v":0},{"$f":"E20*$C$19","v":0},0,0,0,0,0,48008.991552048,64011.988736064,48008.991552048,160029.97184016]
[null,null,null,0,0,0,0,0,0,0,0.3,0.4,0.3,{"$f":"SUM(D20:M20)","v":1}]
[null,"SINALIZAÇÃO",{"$f":"'Resumo do Orçamento'!I15","v":126045.26124201},{"$f":"D22*$C$21","v":0},{"$f":"E22*$C$21","v":0},0,0,0,0,0,0,63022.630621005,63022.630621005,126045.26124201]
[null,null,null,0,0,0,0,0,0,0,0,0.5,0.5,{"$f":"SUM(D22:M22)","v":1}]
[null,"DRENAGEM PROFUNDA",{"$f":"'Resumo do Orçamento'!I16","v":919915.98824832},{"$f":"D24*$C$23","v":0},{"$f":"E24*$C$23","v":73593.2790598656},248377.316827046,275974.796474496,321970.595886912,0,0,0,0,0,919915.98824832]
[null,null,null,0,0.08,0.27,0.3,0.35,0,0,0,0,0,{"$f":"SUM(D24:M24)","v":1}]
[]
[null,"NO MÊS",null,{"$f":"D5+D7+D9+D11+D13+D15+D17+D19+D21+D23","v":820830.534949263},716190.692496767,1630133.21019403,2063914.70973993,2021309.08955192,1595678.72954393,1488264.66731169,1536273.65886374,459092.094297305,590231.455976733,{"$f":"SUM(D26:M26)","v":12921918.8429253}]
[null,null,null,{"$f":"D26/SUM($C$5:$C$24)","v":0.0635223409872028},{"$f":"E26/SUM($C$5:$C$24)","v":0.0554244846452412},0.126152565265996,0.159721999095352,0.156424840158981,0.123486205798108,0.115173658448297,0.118888972879197,0.0355281672852059,0.0456767654364183,{"$f":"SUM(D27:M27)","v":1}]
[null,"ACUMULADO",null,{"$f":"D26","v":820830.534949263},{"$f":"D28+E26","v":1537021.22744603},3167154.43764006,5231069.14737999,7252378.23693191,8848056.96647584,10336321.6337875,11872595.2926513,12331687.3869486,12921918.8429253]
[null,null,null,{"$f":"D27","v":0.0635223409872028},{"$f":"D29+E27","v":0.118946825632444},0.24509939089844,0.404821389993792,0.561246230152773,0.684732435950881,0.799906094399178,0.918795067278376,0.954323234563581,1]

{"sheet":"Encargos","index":4,"n_rows":47,"n_cols":6,"rows_kept":47,"cut":false,"hidden":false,"merged":[[5,0,5,10],[8,0,8,5],[11,0,11,5],[22,0,22,5],[34,0,34,5],[41,0,41,5],[45,0,45,5],[46,0,46,1],[9,2,10,2],[9,3,10,3],[9,4,10,4],[9,5,10,5],[9,0,10,1]]}
[]
[]
[]
[]
[]
["OBJETO: COMPLEMENTAÇÃO DOS ESTUDOS PRELIMINARES E CONSOLIDAÇÃO DO PROJETO RODOVIÁRIO DO RAMAL DO MANGA/AP"]
["LOCAL: OIAPOQUE-AP"]
["DATA: VIGENCIA 12/2022"]
[]
[null,null,"HORISTA","MENSALISTA","HORISTA","MENSALISTA"]
[]
["GRUPO A"]
["A1","INSS",0,0,20,20]
["A2","SESI",1.5,1.5,1.5,1.5]
["A3","SENAI",1,1,1,1]
["A4","INCRA",0.2,0.2,0.2,0.2]
["A5","SEBRAE",0.6,0.6,0.6,0.6]
["A6","Salário Educação",2.5,2.5,2.5,2.5]
["A7","Seguro Contra Acidentes de Trabalho",3,3,3,3]
["A8","FGTS",8,8,8,8]
["A9","SECONCI",1,1,0,0]
["A","Total",{"$f":"SUM(C13:C21)","v":17.8},{"$f":"SUM(D13:D21)","v":17.8},{"$f":"SUM(E13:E21)","v":36.8},{"$f":"SUM(F13:F21)","v":36.8}]
["GRUPO B"]
["B1","Repouso Semanal Remunerado",17.88,"-",18.12,"-"]
["B2","Feriados",3.94,"-",4.83,"-"]
["B3","Auxílio-enfermidade",0.91,0.69,0.89,0.66]
["B4","13° salário",10.98,8.33,11.2,8.33]
["B5","Licença-paternidade",0.07,0.06,0.07,0.05]
["B6","Faltas Justificadas",0.73,0.56,0.75,0.56]
["B7","Dias de chuva",1.45,"-",2.03,"-"]
["B8","Auxílio Acidente de Trabalho",0.11,0.09,0.11,0.08]
["B9","Férias Gozadas",11.35,8.62,12.77,9.5]
["B10","Salário Maternidade",0.03,0.03,0.04,0.03]
["B","Total ",{"$f":"SUM(C24:C33)","v":47.45},{"$f":"SUM(D24:D33)","v":18.38},{"$f":"SUM(E24:E33)","v":50.81},{"$f":"SUM(F24:F33)","v":19.21}]
["GRUPO C"]
["C1","Aviso Prévio Indenizado",6.76,5.14,4.06,3.02]
["C2","Aviso Prévio Trabalhado",0.16,0.12,0.1,0.07]
["C3","Férias Indenizadas",2.28,1.73,1.62,1.21]
["C4","Depósito Rescisão Sem Justa Causa",3.81,2.89,2.07,1.54]
["C5","Indenização Adicional",0.57,0.43,0.34,0.25]
["C","Total ",{"$f":"SUM(C36:C40)","v":13.58},{"$f":"SUM(D36:D40)","v":10.31},{"$f":"SUM(E36:E40)","v":8.19},{"$f":"SUM(F36:F40)","v":6.09}]
["GRUPO D"]
["D1","Reincidência de A sobre B",8.45,3.27,18.7,7.07]
["D2","Reincidência de Grupo A sobre Aviso Prévio Trabalhado e Reincidência do FGTS sobre Aviso Prévio Indenizado",0.57,0.43,0.36,0.27]
["D","Total",{"$f":"SUM(C43:C44)","v":9.02},{"$f":"SUM(D43:D44)","v":3.7},{"$f":"SUM(E43:E44)","v":19.06},{"$f":"SUM(F43:F44)","v":7.34}]
[]
["T O T A L (%)",null,{"$f":"C22+C34+C41+C45","v":87.85},{"$f":"D22+D34+D41+D45","v":50.19},{"$f":"E22+E34+E41+E45","v":114.86},{"$f":"F22+F34+F41+F45","v":69.44}]

{"sheet":"Mob_Desmob","index":5,"n_rows":55,"n_cols":19,"rows_kept":55,"cut":false,"hidden":false,"merged":[[1,0,1,11],[2,0,2,11],[6,0,6,11],[11,1,11,2],[12,1,12,2],[13,1,13,2],[14,1,14,2],[15,1,15,2],[16,1,16,2],[17,1,17,2],[18,1,18,2],[19,1,19,2],[20,1,20,2],[21,1,21,2],[22,1,22,2],[23,1,23,2],[24,1,24,2],[49,9,49,10],[50,1,50,6],[50,8,50,10],[51,1,51,6],[51,8,51,9],[52,1,52,6],[52,8,52,10],[53,1,53,6],[53,8,53,10],[54,1,54,6],[54,8,54,10],[33,0,48,0],[33,1,48,1],[8,3,9,3],[30,3,31,3],[8,4,9,4],[30,4,31,4],[25,5,26,9],[27,5,29,9]]}
[]
["CODEVASF – Companhia de Desenvolvimento do Vale do São Francisco"]
["OBJETO: COMPLEMENTAÇÃO DOS ESTUDOS PRELIMINARES E CONSOLIDAÇÃO DO PROJETO RODOVIÁRIO DO RAMAL DO MANGA, NO ESTADO DO AMAPÁ - CODESAFV"]
["LOCAL: OIAPOQUE-AP"]
[]
[]
["MOBILIZAÇÃO E DESMOBILIZAÇÃO DE PESSOAL, VEÍCULOS E EQUIPAMENTOS PESADOS"]
[]
[1,null,"MOBILIZAÇÃO","UNID.","QUANT.","Fator Relacionado","Fator de Utilização do Veículo",null,"Custo Horário do Veículo","CUST. MOB. E DESMOB.","CUST. MOB. E DESMOB.","CUST. MOB. E DESMOB."]
["1.1",null,"VEÍCULOS LEVES E CAMINHÕES COMUNS",null,null,"K (1 ou 2)","FU",null,"CH","CMob (PAV.)","CMob (Rev. Prim.)","CMob total"]
["SICRO"]
[" E9592 ","Caminhão carroceria com capacidade de 15 t - 188 kW",null,"CHP",1,1,1,null,286.24,2223.13,629.73,2852.86,9.96667132476244]
[" E9579 ","Caminhão basculante com capacidade de 10 m³ - 188 kW",null,"CHP",1,1,1,null,309.2,2401.45,680.24,3081.69,9.96665588615783]
[" E9506 ","Caminhão basculante com capacidade de 6 m³ - 136 kW",null,"CHP",1,1,1,null,196.59,1526.85,432.5,1959.35,9.96668192685284]
[" E9571 ","Caminhão tanque com capacidade de 10.000 l - 188 kW",null,"CHP",2,1,1,null,352.95,5482.49,1552.98,7035.47,{"$error":"#DIV/0!"}]
[" E9667 ","Caminhão basculante com capacidade de 14 m³ - 188 kW",null,"CHP",8,1,1,null,314.24,19524.78,5530.62,25055.4,9.96666560590631]
[" E9509 ","Caminhão tanque distribuidor de asfalto com capacidade de 6.000 l - 7 kW/136 kW",null,"CHP",1,1,1,null,281.6,2187.09,619.52,2806.61,9.96665482954545]
[" E9680 ","Caminhão tanque com capacidade de 13.000 l - 188 kW",null,"CHP",1,1,1,null,355.46,2760.74,782.01,3542.75,9.96666291565858]
[" E9686 ","Caminhão carroceria com guindauto com capacidade de 20 t.m - 136 kW",null,"CHP",1,1,1,null,323.94,2515.93,712.67,3228.6,9.96666049268383]
[" E9687 ","Caminhão carroceria com capacidade de 5 t - 115 kW",null,"CHP",1,1,1,null,156.59,1216.18,344.5,1560.68,9.96666453796539]
[" E9644 ","Caminhão demarcador de faixas com sistema de pintura a frio - 28 kW/115 kW",null,"CHP",1,1,1,null,389.74,3026.98,857.43,3884.41,9.96667008775081]
[" E9041 ","Caminhão carroceria com guindauto com capacidade de 45 t.m - 188 kW",null,"CHP",1,1,1,null,427.37,3319.24,940.21,4259.45,9.96665652713106]
[" E9575 ","Caminhão basculante com caçamba estanque com capacidade de 14 m³ - 188 kW",null,"CHP",1,1,1,null,314.24,2440.6,691.33,3131.93,9.96668151731161]
[" E9512 ","Veículo leve - 53 kW",null,"CHP",1,1,1,null,55.3,429.5,121.66,551.16,9.96672694394213]
["E9684","Veículo leve picape 4 x 4 com capacidade de 1,10 t - 147 kW",null,"CHP",1,1,1,null,115.32,895.65,253.7,1149.35,9.96661463753035]
[null,null,"Dados Considerados","UNID.","QUANT.","Custos de Mobilização e Desmobilização: \nCMob = ((DM x K x FU)/V) x CH"]
[null,null,"Distância de Mobilização (Pavimentado)","km",466]
[null,null,"Distância de Mobilização (Rev. Prim.)","km",110,"DNIT - Manual de Custos de ingraestrutura de Trasnportes - Volume 09 - Mobilização e Desmobilização - CGCIT"]
[null,null,"Veloc. Média de Transp. (Pavimentado)","km/h",60]
[null,null,"Veloc. Média de Transp. (Rev. Prim.)","km/h",50,{"$nulls":5},"SUB-TOTAL 1.1",64099.71]
[null,null,"MOBILIZAÇÃO","UNID.","QUANT.","Fator Relacionado","Fator de Utilização do Veículo",null,"Custo Horário do Veículo","CUST. MOB. E DESMOB.","CUST. MOB. E DESMOB.","CUST. MOB. E DESMOB."]
["1.2",null,"VEÍCULOS LEVES E CAMINHÕES COMUNS",null,null,"K (1 ou 2)","FU",null,"CH","Cmob (PAV.)","Cmob (Rev. Prim.)","Cmob total"]
["SICRO"]
["E9665","Cavalo mecânico com semirreboque com capacidade de 22 t - 240 kW","Trator sobre esteiras com lâmina - 127 kW -  E9540 ","CHP",1,2,0.5,null,409.4723,3180.23,900.84,4081.07,9.96665708522896]
[null,null,"Motoniveladora - 93 kW -  E9524 ","CHP",2,2,1,null,409.4723,6360.47,1801.68,8162.15,9.96666929606716]
[null,null,"Carregadeira de pneus com capacidade de 1,72 m³ - 113 kW -  E9584 ","CHP",2,2,0.5,null,409.4723,3180.23,900.84,4081.07,4.98332854261448]
[null,null,"Escavadeira hidráulica com martelo hidráulico de 520 kg - 75 kW -  E9127 ","CHP",1,2,1,null,409.4723,6360.47,1801.68,8162.15,19.9333385921343]
[null,null,"Escavadeira hidráulica sobre esteiras com caçamba com capacidade de 1,56 m³ - 118 kW -  E9515 ","CHP",1,2,1,null,409.4723,6360.47,1801.68,8162.15,19.9333385921343]
[null,null,"Rolo compactador de pneus autopropelido de 27 t - 85 kW -  E9762 ","CHP",2,2,1,null,409.4723,6360.47,1801.68,8162.15,9.96666929606716]
[null,null,"Rolo compactador pé de carneiro vibratório autopropelido por pneus de 11,6 t - 82 kW -  E9685 ","CHP",2,2,0.5,null,409.4723,3180.23,900.84,4081.07,4.98332854261448]
[null,null,"Trator agrícola sobre pneus - 77 kW -  E9577 ","CHP",2,2,0.5,null,409.4723,3180.23,900.84,4081.07,4.98332854261448]
[null,null,"Trator sobre esteiras com lâmina - 259 kW -  E9541 ","CHP",2,2,1,null,409.4723,6360.47,1801.68,8162.15,9.96666929606716]
[null,null,"Tanque de estocagem de asfalto com capacidade de 30.000 l -  E9558 ","CHP",1,2,1,null,409.4723,6360.47,1801.68,8162.15,19.9333385921343]
[null,null,"Usina de asfalto a quente gravimétrica com capacidade de 100/140 t/h - 260 kW -  E9689 ","CHP",1,2,4,null,409.4723,25441.88,7206.71,32648.59,79.7333299468609]
[null,null,"Vibroacabadora de asfalto sobre esteiras - 82 kW -  E9545 ","CHP",1,2,0.5,null,409.4723,3180.23,900.84,4081.07,9.96665708522896]
[null,null,"Retroescavadeira de pneus - capacidade da caçamba da pá-carregadeira de 0,76 m³ e da -  E9526 ","CHP",1,2,0.5,null,409.4723,3180.23,900.84,4081.07,9.96665708522896]
[null,null,"Carregadeira de pneus com capacidade de 3,40 m³ - 195 kW -  E9511 ","CHP",1,2,0.5,null,409.4723,3180.23,900.84,4081.07,9.96665708522896]
[null,null,"Usina misturadora de solos com capacidade de 300 t/h - 44 kW -  E9615 ","CHP",1,2,2,null,409.4723,12720.94,3603.36,16324.3,39.8666771842686]
[null,null,"Distribuidor de agregados sobre pneus autopropelido - 130 kW -  E9514 ","CHP",1,2,0.5,null,409.4723,3180.23,900.84,4081.07,9.96665708522896]
["Dados da Formula, onde:",{"$nulls":8},"SUB-TOTAL 1.2",null,130594.35,274.083301849722]
["DM","Representa a distância de mobilização, em quilômetros (km)",{"$nulls":6},"TOTAL",null,null,194694.06,{"$nulls":6},360]
["K","Representa o fator relacionado à necessidade de retorno do veículo a sua origem 1 (não Retorna), 2 (retorna)"]
["FU","Representa o fator de utilização do veículo transportador (Tabela 02 - Manual de Custos de instraetrutura de transporte - Volume 09 - Mobilização e Desmobilização - DNIT), ",{"$nulls":6},"TOTAL MOBILIZAÇÃO  R$",null,null,194694.06]
["V","Representa a velocidade média de transporte, em km/h - (Tabela 01 - Manual de Custos de instraetrutura de transporte - Volume 09 - Mobilização e Desmobilização - DNIT)",{"$nulls":6},"DESMOBILIZAÇÃO = MOBILIZAÇÃO  R$",null,null,194694.06]
["CH","Representa o custo horário do veículo transportador (SICRO)",{"$nulls":6},"TOTAL MOB. / DESMOB.",null,null,389388.12]

{"sheet":"Insumos Betuminosos","index":6,"n_rows":68,"n_cols":14,"rows_kept":68,"cut":false,"hidden":false,"merged":[[1,0,1,12],[2,0,2,12],[7,0,7,12],[8,0,8,1],[8,2,8,12],[9,0,9,1],[9,2,9,12],[10,0,10,1],[10,2,10,12],[11,0,11,12],[12,0,12,12],[13,2,13,4],[13,6,13,9],[13,11,13,12],[14,0,14,12],[15,0,15,12],[16,0,16,12],[17,0,17,12],[18,0,18,6],[19,0,19,4],[20,0,20,12],[21,0,21,2],[21,3,21,6],[22,0,22,2],[22,3,22,6],[23,0,23,2],[23,3,23,6],[24,0,24,2],[24,3,24,6],[25,0,25,2],[25,3,25,6],[26,0,26,6],[27,0,27,12],[28,0,28,2],[29,0,29,4],[30,0,30,12],[31,0,31,12],[32,0,32,12],[33,0,33,12],[34,0,34,12],[35,0,35,12],[36,4,36,12],[37,1,37,2],[37,3,37,9],[37,10,37,11],[38,4,38,9],[39,4,39,9],[40,0,40,12],[41,4,41,12],[42,1,42,2],[42,3,42,9],[42,10,42,11],[43,4,43,9],[44,4,44,9],[45,0,45,12],[46,4,46,12],[47,1,47,2],[47,3,47,9],[47,10,47,11],[48,4,48,9],[49,4,49,9],[50,0,50,12],[51,0,51,12],[52,1,52,8],[52,9,52,10],[53,1,53,8],[53,9,53,10],[54,1,54,8],[54,9,54,10],[55,1,55,8],[55,9,55,10],[56,0,56,12],[57,0,57,12],[58,0,58,12],[59,0,59,2],[59,4,59,6],[60,0,60,1],[60,4,60,5],[61,0,61,1],[61,4,61,5],[62,0,62,12],[63,6,63,12],[64,6,64,8],[64,9,64,10],[64,11,64,12],[65,1,65,5],[65,6,65,8],[65,9,65,10],[65,11,65,12],[66,1,66,5],[66,6,66,8],[66,9,66,10],[66,11,66,12],[67,1,67,5],[67,6,67,8],[67,9,67,10],[67,11,67,12],[37,0,38,0],[42,0,43,0],[47,0,48,0],[63,0,64,0],[59,3,61,3],[37,12,38,12],[42,12,43,12],[47,12,48,12],[18,11,19,12],[59,8,61,12],[63,1,64,5]]}
[]
["CODEVASF – Companhia de Desenvolvimento do Vale do São Francisco"]
["OBJETO: COMPLEMENTAÇÃO DOS ESTUDOS PRELIMINARES E CONSOLIDAÇÃO DO PROJETO RODOVIÁRIO DO RAMAL DO MANGA, NO ESTADO DO AMAPÁ - CODESAFV"]
["LOCAL: OIAPOQUE-AP"]
[]
[]
[{"$nulls":7},{"$error":"#DIV/0!"}]
["PLANILHA DE CÁLCULO DOS PREÇOS DOS INSUMOS BETUMINOSOS"]
["OBRA:",null,"PAVIMENTAÇÃO ASFÁLTICA NO RAMAL DO MANGA"]
["ENDEREÇO:",null,"MUNICÍPIO DO OIAPOQUE/AP"]
["REFINARIA:",null,"Petrobras LUBNOR - Refinaria Lubrificantes e Derivados do Nordeste"]
["METODOLOGIA DE CÁLCULO DE ACORDO COM A PORTARIA DNIT Nº 1078 DE 11 DE AGOSTO DE 2015"]
["DADOS DE ENTRADA"]
["UF - OBRA:","AMAPÁ","DATA-BASE:",null,null,"2023-08-01",{"$nulls":4},18,"ICMS"]
[]
["CÁLCULO DO CUSTO UNITÁRIO DO INSUMO COM ICMS (CI)"]
["CI → custo unitário do insumo com ICMS (R$/kg)     C → custo do produto sem ICMS (preço ANP)     ICMS → Alíquota do ICMS na unidade federativa da obra"]
["CÁLCULO DO CUSTO DE TRANSPORTE (CT)"]
["ÍNDICE DE REAJUSTAMENTO",{"$nulls":7},"jul/14","2023-08-01","Ir"]
["Índice de Obras Rodoviárias - Pavimentação - Série",{"$nulls":4},157972,"- Col. 37",null,270.237,555.551,2.03354462934387]
[]
["Natureza do Transporte",null,null,"Equações Tarifárias de Transporte",{"$nulls":4},"D","CD","CT"]
["RP - Rodovia Pavimentada",null,null,"CD = (26,939 + 0,253 x D) / 1000 por Kg",{"$nulls":4},1987,0.52965,1.3134962352829]
["RRP - Rodovia em Revestim. Primário",null,null,"CD = (26,939 + 0,299 x D) / 1000 por Kg",{"$nulls":4},110,0.059829,0.148371880035384]
["RLN - Rodovia em Leito Natural",null,null,"CD = (26,939 + 0,412 x D) / 1000 por Kg"]
["TRASNPORTE FLUVIAL",null,null,"CD = (14,0630 + 0,1925 x D) / 1000 por Kg",{"$nulls":4},505,0.1112755,0.275955726100676]
["TOTAL",{"$nulls":7},2602,0.7007545,1.73782384141896]
["(1) Equações Tafifárias conforme DNIT"]
["CD → Custo Direto do Transporte"]
["D → Distância de transporte entre a origem do material até a usina de asfalto"]
["CT → Custo total de transporte (R$/kg)"]
["Ir → índice de reajustamento entre o período jul/14 e a última data-base disponível"]
["CÁLCULO DO PREÇO DO INSUMO (SEM BDI)"]
["PI → Preço do insumo betuminoso sem BDI (R$/kg)"]
["*Para o custo por tonelada multiplicar o valor obtido por 1000"]
["INSUMOS"]
["SIGLA","CM 30",null,"INSUMO","ASFALTOS DILUÍDOS CM-30"]
["ESTADO/\nREGIÃO","CUSTO (R$/Kg)",null,"REFINARIA",{"$nulls":6},"TRANSPORTE",null,"PI (ton)"]
[null,"C","CI","D (km)","LOCALIZAÇÃO",{"$nulls":5},"CD (R$/kg)","CT (R$/kg)"]
["NORTE",4.04322,4.93075609756097,2602,"Canteiro de Obra no Oiapoque-AP",{"$nulls":5},0.6409255,1.73782384141896,{"$f":"Planilha2!W35","v":6108.93599904928},"**Usado como referência o Processo 3131/2023, pavimentação do município de Porto Grande/AP"]
[{"$nulls":13},"**Valor obtido usando a metodologia de cálculo que considera o menor valor entre o binário (preço do transporte e preço do material insumo asfáltico)"]
["SIGLA","RR 1C",null,"INSUMO","EMULSÕES ASFÁLTICAS RR-1C"]
["ESTADO/\nREGIÃO","CUSTO (R$/Kg)",null,"REFINARIA",{"$nulls":6},"TRANSPORTE",null,"PI (ton)"]
[null,"C","CI","D (km)","LOCALIZAÇÃO",{"$nulls":5},"CD (R$/kg)","CT (R$/kg)"]
["NORTE",3.0677,3.74109756097561,2602,"Canteiro de Obra no Oiapoque-AP",{"$nulls":5},0.6409255,1.73782384141896,{"$f":"Planilha2!W42","v":5059.938728999},"**Usado como referência o Processo 3131/2023, pavimentação do município de Porto Grande/AP"]
[{"$nulls":13},"**Valor obtido usando a metodologia de cálculo que considera o menor valor entre o binário (preço do transporte e preço do material insumo asfáltico)"]
["SIGLA","CAP 50 70",null,"INSUMO","CIMENTOS ASFÁLTICOS CAP-50-70"]
["ESTADO/\nREGIÃO","CUSTO (R$/Kg)",null,"REFINARIA",{"$nulls":6},"TRANSPORTE",null,"PI (ton)"]
[null,"C","CI","D (km)","LOCALIZAÇÃO",{"$nulls":5},"CD (R$/kg)","CT (R$/kg)"]
["NORTE",3.72358,4.54095121951219,2602,"Canteiro de Obra no Oiapoque-AP",{"$nulls":5},0.6409255,1.73782384141896,{"$f":"Planilha2!W17","v":5735.17243027447},"**Usado como referência o Processo 3131/2023, pavimentação do município de Porto Grande/AP"]
[{"$nulls":13},"**Valor obtido usando a metodologia de cálculo que considera o menor valor entre o binário (preço do transporte e preço do material insumo asfáltico)"]
["PREÇO FINAL A SER CONSIDERADO PARA O CÁLCULO DO BDI"]
["SIGLA","INSUMO",{"$nulls":7},"ESTADO",null,"VALOR / ton","VALOR / Kg"]
[{"$f":"B37","v":"CM 30"},{"$f":"E37","v":"ASFALTOS DILUÍDOS CM-30"},{"$nulls":7},"AMAPÁ-AP",null,{"$f":"M40","v":6108.93599904928},{"$f":"L54/1000","v":6.10893599904928}]
[{"$f":"B42","v":"RR 1C"},{"$f":"E42","v":"EMULSÕES ASFÁLTICAS RR-1C"},{"$nulls":7},"AMAPÁ-AP",null,{"$f":"M45","v":5059.938728999},{"$f":"L55/1000","v":5.059938728999}]
[{"$f":"B47","v":"CAP 50 70"},{"$f":"E47","v":"CIMENTOS ASFÁLTICOS CAP-50-70"},{"$nulls":7},"AMAPÁ-AP",null,{"$f":"M50","v":5735.17243027447},5.73517243027447]
[]
["CÁLCULO DO PREÇO FINAL DO INSUMO (C/ BDI)"]
[]
["BDI DA OBRA",null,null,null,"BDI INSUMOS BETUMINOSOS"]
["ONERADO:",null,null,null,"ONERADO:"]
["DESONERADO:",null,null,null,"DESONERADO:"]
["(*) BDI para insumos betuminosos =15% conforme Portaria do DNIT nº 1078 de 11 de agosto de 2015 (caso onerado)"]
["SIGLA","INSUMO",{"$nulls":4},"PREÇO FINAL (POR TONELADA) A CONSIDERAR NO ORÇAMENTO"]
[{"$nulls":6},"ESTADO",null,null,"ONERADO",null,"DESONERADO"]
["CM 30","ASFALTOS DILUÍDOS CM-30",{"$nulls":4},"AMAPÁ-AP",{"$nulls":4},{"$f":"L54","v":6108.93599904928}]
["RR 2C",{"$f":"B55","v":"EMULSÕES ASFÁLTICAS RR-1C"},{"$nulls":4},"AMAPÁ-AP",{"$nulls":4},{"$f":"L55","v":5059.938728999}]
["CAP 50 70","CIMENTOS ASFÁLTICOS CAP-50-70",{"$nulls":4},"AMAPÁ-AP",{"$nulls":4},5735.17243027447]

{"sheet":"BDI - Material","index":7,"n_rows":40,"n_cols":11,"rows_kept":40,"cut":false,"hidden":false,"merged":[[0,2,0,5],[1,1,1,10],[2,1,2,10],[5,3,5,10],[6,1,6,10],[7,1,7,10],[8,1,8,10],[10,5,10,10],[11,5,11,10],[12,5,12,10],[13,5,13,10],[14,5,14,10],[15,5,15,10],[16,5,16,10],[33,1,33,10],[41,1,41,10],[42,1,42,10],[43,1,43,10],[44,1,44,10],[45,1,45,10],[35,1,37,10]]}
[]
[null,"CODEVASF – Companhia de Desenvolvimento do Vale do São Francisco"]
[null,"OBJETO: COMPLEMENTAÇÃO DOS ESTUDOS PRELIMINARES E CONSOLIDAÇÃO DO PROJETO RODOVIÁRIO DO RAMAL DO MANGA, NO ESTADO DO AMAPÁ - CODESAFV"]
[null,"LOCAL: OIAPOQUE-AP"]
[]
[]
[null,"DEMONSTRATIVO BDI"]
[]
[null,"Cálculo do BDI  - CONSTRUÇÃO DE RODOVIAS"]
[]
[null,"Item","1º quartil","3º quartil","Adotado","Identificação"]
[null,"AC",1.5,4.49,2.5,"Administração Central"]
[null,"S e G",0.3,0.82,0.5,"Seguro e Garantia"]
[null,"R",0.56,0.89,0.5,"Risco"]
[null,"DF",0.85,1.11,1,"Despesas Financeiras"]
[null,"L",3.5,6.22,6,"Lucro"]
[null,"T",null,null,{"$f":"C29","v":3.65},"Tributos *"]
[]
[null,null,null,"TOTAL",{"$f":"SUM(E12:E17)/100","v":0.1415},"BDI A SER ADOTADO"]
[]
[null,"Verificação:",{"$f":"E19","v":0.1415},"←  limite 11,10% a 16,80% - ACÓRDÃO Nº 2622/2013 - TCU"]
[null,null,""]
[]
[null,"* TRIBUTOS","%"]
[null,"PIS",0.65]
[null,"COFINS",3]
[null,"CPRB",0]
[null,"ISS",0]
[null,"Total",3.65]
[]
[null,"Declaramos que, conforme legislação tributária municipal, a base de cálculo do ISS é de",{"$nulls":8},1]
[null,"sobre o valor da obra e a alíquota do ISS aplicável no Município é de ",{"$nulls":5},0.05,null,"← (limitado a 5,00%)"]
[]
[null,"FÓRMULA"]
[]
[null,"BDI calculado pela expressão:\nBDI = { [ (1+AC+S+R+G) x (1+DF) x (1+L) / (1-T)] -1}"]
[]
[]
[]
[null,"DATA: OUTUBRO DE 2023"]

{"sheet":"Planilha2","index":8,"n_rows":47,"n_cols":24,"rows_kept":47,"cut":false,"hidden":false,"merged":[[2,1,2,8],[3,1,3,8],[4,1,4,8],[5,1,5,8],[6,1,6,22],[7,1,7,19],[10,4,10,5],[10,6,10,7],[11,15,11,16],[14,3,14,6],[14,7,14,8],[14,18,14,19],[10,1,12,1],[16,2,21,2],[27,2,32,2],[34,2,39,2],[41,2,46,2],[10,10,12,10]]}
{"$rows_empty":10}
[null,"ÍNDICE DE PAVIMENTAÇÃO DNIT",null,null,"TIPOLOGIA DO MATERIAL",null,"LIGANTE BETUMINOSO",null,null,null,"IMPOSTOS","COFINS",0.0065,0.0065]
[null,null,"DATA INICIAL",null,null,"2014-07-01","ÍNDICE INICIAL",270.237,null,null,null,"PIS",0.03,0.03,null,"LEGENDA"]
[null,null,"DATA FINAL",null,null,"2023-08-01","ÍNDICE FINAL",555.551,null,null,null," ICMS",0.18,0.18,null,"ENTRADA DE DADOS"]
[]
[null,"DATA-BASE","PRODUTOS","LOCALIDADES",null,null,null,"CUSTO ANP (R$/Kg)",null,"CUSTO ANP","IMPOSTOS DO PRODUTO","CUSTO DO PRODUTO COM IMPOSTOS","DMT's","DMT's","CUSTO DO TRANSPORTE TOTAL","ICMS","ATUALIZAÇÃO DO CUSTO DE TRANSPORTE","CUSTO DO TRANSPORTE RODOVIA PAVIMENTADA COM IMPOSTOS E ATUALIZAÇÃO MONETÁRIA","PEDÁGIO ",null,"TOTAL TRANSPORTE","TOTAL PRODUTO","TOTAL GERAL"]
[null,"2023-08-01",null,"REFINARIAS","ENDEREÇO","ORIGEM\nREFINARIAS / DISTRIBUIDORAS","DESTINO","ESTADO","REGIÃO","R$/t","R$/t","R$/t","KM","KM","R$/t","R$/t","R$/t","R$/t","CUSTO POR EIXO","R$/t","R$/t","R$/t","R$/t"]
[null,1,"CAP 50/70","Refinaria Abreu e Lima","Rodovia PE 60, Km 10 - Ipojuca - PE CEP:55590-000","MANAUS-AM","Oiapoque -AP",3.74317243027447,3.7235845471949,3743.17243027447,1034.33,4777.50243027447,610,1100,381.99,83.85,491.83,957.67,0,0,957.67,4777.50243027447,5735.17243027447,{"$f":"C17","v":"CAP 50/70"}]
[null,2,null,"Refinaria Potiguar Clara Camarão","Rodovia RN 221, KM 25 - Guamaré - RN CEP:59598-000","FORTALEZA - CE","Oiapoque -AP",3.31956015703144,3.36285188756966,3319.56015703144,917.27,4236.83015703144,2042,515,650.51,142.79,837.55,1630.85,0,0,1630.85,4236.83015703144,5867.68015703144]
[null,3,null,"Complexo Petroquímico do Rio de Janeiro (Comperj)","Rodovia Estadual RJ-116 - Km 5,2 - Acesso A-1, s/n, Complemento Sambaetiba - Zona Urbana do 4º Distrito de Itaboraí - RJ CEP:24841-203","GUAMARÉ - RN","Oiapoque -AP","-",3.36285188756966,3362.85188756966,929.24,4292.09188756966,2447,515,752.97,165.28,969.48,1887.73,0,0,1887.73,4292.09188756966,6179.82188756966]
[null,4,null,null,null,"IPOJUCA - PE","Oiapoque -AP","-",3.36285188756966,3362.85188756966,929.24,4292.09188756966,2624,515,797.75,175.11,1027.13,1999.99,0,0,1999.99,4292.09188756966,6292.08188756966]
[null,5,null,null,null,"SÃO FRANCISCO DO CONDE - BA","Oiapoque -AP",3.50274576065079,3.36285188756966,3502.74576065079,967.89,4470.63576065079,2660,515,806.86,177.11,1038.86,2022.83,19.8,1.4253675554448,2024.25536755544,4470.63576065079,6494.89112820624]
[null,6,null,null,null,"BETIM - MG","Oiapoque -AP",3.18358773955653,3.13508393507166,3183.58773955653,879.7,4063.28773955653,3262,515,959.17,210.54,1234.97,2404.68,707.4,50.9244953899826,2455.60449538998,4063.28773955653,6518.89223494652]
[{"$nulls":14},{"$error":"#N/A"},null,null,{"$error":"#N/A"}]
[{"$nulls":14},{"$error":"#N/A"},null,null,{"$error":"#N/A"}]
[{"$nulls":14},{"$error":"#N/A"},null,null,{"$error":"#N/A"}]
[{"$nulls":14},{"$error":"#N/A"},null,null,{"$error":"#N/A"}]
[{"$nulls":14},{"$error":"#N/A"},null,null,{"$error":"#N/A"}]
[null,1,"CAP MODIF. C/ POLÍMERO 60/85","Refinaria Abreu e Lima","Rodovia PE 60, Km 10 - Ipojuca - PE CEP:55590-000",{"$error":"#REF!"},"Palmas - TO",2.26189494832031,2.353413905075,2261.89494832031,393.19,2655.08494832031,1181,1181,{"$error":"#N/A"},44.41,202.55,{"$error":"#N/A"},102,102,674.69,2655.08494832031,3329.77494832031]
[null,2,null,"Refinaria Potiguar Clara Camarão","Rodovia RN 221, KM 25 - Guamaré - RN CEP:59598-000","UBERLANDIA - MG","Palmas - TO",2.26189494832031,2.353413905075,2261.89494832031,393.19,2655.08494832031,1182,1182,{"$error":"#N/A"},44.45,202.71,{"$error":"#N/A"},102,102,675.14,2655.08494832031,3330.22494832031]
[null,3,null,"Complexo Petroquímico do Rio de Janeiro (Comperj)","Rodovia Estadual RJ-116 - Km 5,2 - Acesso A-1, s/n, Complemento Sambaetiba - Zona Urbana do 4º Distrito de Itaboraí - RJ CEP:24841-203","GOIANIRA - GO","Palmas - TO","",2.55520695524326,2555.20695524326,444.18,2999.38695524326,814,814,{"$error":"#N/A"},31.75,144.81,{"$error":"#N/A"},0,0,409.44,2999.38695524326,3408.82695524326]
[null,4,null,null,null,"BRASÍLIA - DF","Palmas - TO","",2.55520695524326,2555.20695524326,444.18,2999.38695524326,822,822,{"$error":"#N/A"},32.03,146.07,{"$error":"#N/A"},0,0,413,2999.38695524326,3412.38695524326]
[null,5,null,null,null,"APARECIDA DE GOIANIA - GO","Palmas - TO","",2.55520695524326,2555.20695524326,444.18,2999.38695524326,842,842,{"$error":"#N/A"},32.72,149.22,{"$error":"#N/A"},0,0,421.9,2999.38695524326,3421.28695524326]
[null,6,null,null,null,"ANÁPOLIS - GO","Palmas - TO","",2.55520695524326,2555.20695524326,444.18,2999.38695524326,950,950,{"$error":"#N/A"},36.44,166.21,{"$error":"#N/A"},0,0,469.93,2999.38695524326,3469.31695524326]
[]
[null,1,"CM-30","Refinaria Abreu e Lima","Rodovia PE 60, Km 10 - Ipojuca - PE CEP:55590-000","MANAUS-AM","Oiapoque -AP","-",4.04321599904928,4043.21599904928,1117.24,5160.45599904928,610,1100,378.33,83.04,487.11,948.48,0,0,948.48,5160.45599904928,6108.93599904928,{"$f":"C35","v":"CM-30"}]
[null,2,null,"Refinaria Potiguar Clara Camarão","Rodovia RN 221, KM 25 - Guamaré - RN CEP:59598-000","FORTALEZA - CE","Oiapoque -AP",4.10090170940862,4.10090170940862,4100.90170940862,1133.18,5234.08170940862,2042,515,646.85,141.99,832.85,1621.69,0,0,1621.69,5234.08170940862,6855.77170940862]
[null,3,null,"Complexo Petroquímico do Rio de Janeiro (Comperj)","Rodovia Estadual RJ-116 - Km 5,2 - Acesso A-1, s/n, Complemento Sambaetiba - Zona Urbana do 4º Distrito de Itaboraí - RJ CEP:24841-203","GUAMARÉ - RN","Oiapoque -AP","-",4.10090170940862,4100.90170940862,1133.18,5234.08170940862,2447,515,749.31,164.48,964.77,1878.56,0,0,1878.56,5234.08170940862,7112.64170940862]
[null,4,null,null,null,"IPOJUCA - PE","Oiapoque -AP","-",4.10090170940862,4100.90170940862,1133.18,5234.08170940862,2624,515,794.09,174.31,1022.42,1990.82,0,0,1990.82,5234.08170940862,7224.90170940862]
[null,5,null,null,null,"SÃO FRANCISCO DO CONDE - BA","Oiapoque -AP","-",4.10090170940862,4100.90170940862,1133.18,5234.08170940862,2660,515,803.2,176.31,1034.15,2013.66,19.8,1.52521008403361,2015.18521008403,5234.08170940862,7249.26691949266]
[null,6,null,null,null,"BETIM - MG","Oiapoque -AP","-",3.96429794879298,3964.29794879298,1095.43,5059.72794879298,3262,515,955.51,209.74,1230.26,2395.51,707.4,54.4915966386555,2450.00159663866,5059.72794879298,7509.72954543163]
[]
[null,1,"RR1-C","Refinaria Abreu e Lima","Rodovia PE 60, Km 10 - Ipojuca - PE CEP:55590-000","UBERLANDIA - MG","Oiapoque -AP",2.2195011659738,2.25043172800875,2219.5011659738,613.3,2832.80116597379,2910,515,866.45,190.19,1115.59,2172.23,653.4,54.9075630252101,2227.13756302521,2832.80116597379,5059.938728999,{"$f":"C42","v":"RR1-C"}]
[null,2,null,"Refinaria Potiguar Clara Camarão","Rodovia RN 221, KM 25 - Guamaré - RN CEP:59598-000","DUQUE DE CAXIAS - RJ","Oiapoque -AP","-",2.25043172800875,2250.43172800875,621.85,2872.28172800875,3670,515,1058.73,232.4,1363.16,2654.29,1047.6,88.0336134453781,2742.32361344538,2872.28172800875,5614.60534145413]
[null,3,null,"Complexo Petroquímico do Rio de Janeiro (Comperj)","Rodovia Estadual RJ-116 - Km 5,2 - Acesso A-1, s/n, Complemento Sambaetiba - Zona Urbana do 4º Distrito de Itaboraí - RJ CEP:24841-203","SARZEDO - MG","Oiapoque -AP",2.2195011659738,2.25043172800875,2219.5011659738,613.3,2832.80116597379,3272,515,958.04,210.3,1233.52,2401.86,707.4,59.4453781512605,2461.30537815126,2832.80116597379,5294.10654412506]
[null,4,null,"Refinaria Abreu e Lima","Rodovia PE 60, Km 10 - Ipojuca - PE CEP:55590-000","ANÁPOLIS - GO","Oiapoque -AP",2.65694600650762,2.74672914694304,2656.94600650762,734.18,3391.12600650762,2520,515,767.78,168.53,988.54,1924.85,490.2,41.1932773109244,1966.04327731092,3391.12600650762,5357.16928381854]
[null,5,null,"Refinaria Potiguar Clara Camarão","Rodovia RN 221, KM 25 - Guamaré - RN CEP:59598-000","GOIANIRA - GO","Oiapoque -AP",2.65694600650762,2.74672914694304,2656.94600650762,734.18,3391.12600650762,2550,515,775.37,170.2,998.32,1943.89,490.2,41.1932773109244,1985.08327731092,3391.12600650762,5376.20928381854]
[null,6,null,"Complexo Petroquímico do Rio de Janeiro (Comperj)","Rodovia Estadual RJ-116 - Km 5,2 - Acesso A-1, s/n, Complemento Sambaetiba - Zona Urbana do 4º Distrito de Itaboraí - RJ CEP:24841-203","APARECIDA DE GOIANIA - GO","Oiapoque -AP",2.65694600650762,2.74672914694304,2656.94600650762,734.18,3391.12600650762,2574,515,781.44,171.53,1006.13,1959.1,490.2,41.1932773109244,2000.29327731092,3391.12600650762,5391.41928381854]

{"sheet":"BDI - Padrão","index":9,"n_rows":35,"n_cols":11,"rows_kept":35,"cut":false,"hidden":false,"merged":[[0,2,0,5],[1,1,1,10],[2,1,2,10],[4,4,4,10],[5,3,5,10],[6,1,6,10],[7,1,7,10],[8,1,8,10],[10,5,10,10],[11,5,11,10],[12,5,12,10],[13,5,13,10],[14,5,14,10],[15,5,15,10],[16,5,16,10],[32,1,32,10],[38,1,38,10],[39,1,39,10],[40,1,40,10],[41,1,41,10],[34,1,36,10]]}
[]
[null,"CODEVASF – Companhia de Desenvolvimento do Vale do São Francisco"]
[null,"OBJETO: COMPLEMENTAÇÃO DOS ESTUDOS PRELIMINARES E CONSOLIDAÇÃO DO PROJETO RODOVIÁRIO DO RAMAL DO MANGA, NO ESTADO DO AMAPÁ - CODESAFV"]
[null,"LOCAL: OIAPOQUE-AP"]
[]
[]
[null,"QUADRO DE COMPOSIÇÃO DA TAXA DE BDI"]
[]
[null,"Cálculo do BDI  - CONSTRUÇÃO DE RODOVIAS"]
[]
[null,"Item","1º quartil","3º quartil","Adotado","Identificação"]
[null,"AC",3.8,4.67,3.8,"Administração Central"]
[null,"S e G",0.32,0.74,0.32,"Seguro e Garantia"]
[null,"R",0.5,0.97,0.5,"Risco"]
[null,"DF",1.02,1.21,1.02,"Despesas Financeiras"]
[null,"L",6.64,8.69,6.64,"Lucro"]
[null,"T",null,null,{"$f":"C29","v":8.65},"Tributos *"]
[]
[null,null,null,"TOTAL",{"$f":"SUM(E12:E17)/100","v":0.2093},"BDI A SER ADOTADO"]
[null,"Verificação:",{"$f":"E19","v":0.2093},"←  limite 19,60% a 24,23% - ACÓRDÃO Nº 2622/2013 - TCU"]
[null,null,""]
[]
[null,"* TRIBUTOS","%"]
[null,"PIS",0.65]
[null,"COFINS",3]
[null,"CPRB",0]
[null,"ISS",5]
[null,"FE",0]
[null,"Total",8.65]
[null,"Declaramos que, conforme legislação tributária municipal, a base de cálculo do ISS é de",{"$nulls":8},1]
[null,"sobre o valor da obra e a alíquota do ISS aplicável no Município é de ",{"$nulls":5},0.05,null,"← (limitado a 5,00%)"]
[]
[null,"FÓRMULA"]
[]
[null,"BDI calculado pela expressão:\nBDI = { [ (1+AC+S+R+G) x (1+DF) x (1+L) / (1-T)] -1}"]